{"text_format":"2","workbook":"xlsx","n_sheets":38,"sheets":["ORCAMENTO_RESUMO","ORCAMENTO_CONSOLIDADO (2)","Manutenção de canteiro","Mao_de_Obra_VALORES_ADICIONAIS","MC - VALORES ADICIONAIS","Moveis_Equipamentos","CPU_Móveis e Equipamentos","Mobilizacao_Desmobilizacao","CPU_MOBILIZAÇAO","CPU_DESMOBILIZAÇAO","Canteiros","Mao_de_Obra","Mao_de_Obra (Total)","Mem_Calculo_EQUIPE","SEGURANÇA DE BARRAGENS","Mao_de_Obra (SEG.BARRAGENS)","MEM_CALCULO_SEG DE BARRAGENS","CPU_SALARIOS","Encargos Sociais e Benefícios","CPU_Viagens","Frentes_Moveis","Viagens_Diárias","Materiais_Consumo","Veiculos","Mem_Calculo_VEICULOS","CPU_VEÍCULOS","Equipamentos","CPU_EQUIPAMENTOS_","Ferramentas","Instrumentos","CPU_Instrumentos","CPU_MANUTENCAO_CANTEIRO","Sobressalentes ","Serviços Especializados","SERVIÇOS ADICIONAIS","Custos Administração","CPU_MATRIZ DE RISCO","Despesas Fiscais"],"not_rendered":{"charts":0,"images":5,"macros":0,"external_links":5,"defined_names":109,"comments":2,"pivot_tables":0},"unopened":[],"bounds":{"document_bytes":16777216,"sheet_cells":100000,"run_cost":"one","rows_first":2000,"rows_last":500,"rows_between":2000,"halvings":0,"cell_chars":16384,"cell_head_chars":4096},"cells_cut":0,"cells_raw":0,"read":"whole","date_system":"1900"}

{"sheet":"ORCAMENTO_RESUMO","index":0,"n_rows":59,"n_cols":18,"rows_kept":59,"cut":false,"hidden":false,"merged":[[4,0,5,4],[0,2,0,4],[1,2,1,4],[2,2,2,4],[7,0,7,2],[59,0,59,2],[59,3,59,4],[56,0,56,2],[57,0,57,2],[56,3,56,4],[57,3,57,4],[58,0,58,2],[58,3,58,4]]}
[null,null,"Ministério do Desenvolvimento Regional  - MDR",null,null,4367736.12]
[null,null,"Companhia de Desenvolvimento dos Vales do São Francisco e do Parnaíba",null,null,{"$f":"D22","v":1686680}]
[null,null,"Gerência de Operação do PISF - Centro de Controle e Operação (AD / GOI / CCO)",null,null,{"$f":"F1-F2","v":2681056.12}]
[]
["TERMO DE REFERÊNCIA PARA CONTRATAÇÃO DOS RECURSOS NECESSÁRIOS À OPERAÇÃO E MANUTENÇÃO DAS INFRAESTRUTURAS DO EIXO LESTE DO PISF - PROJETO DE INTEGRAÇÃO DO SÃO FRANCISCO COM AS BACIAS HIDROGRÁFICAS DO NORDESTE SETENTRIONAL",{"$nulls":12},{"$f":"E8/12","v":2091024.0736666666}]
[]
[{"$nulls":5},{"$f":"E8-F8","v":{"$error":"#REF!"}},{"$f":"F8-G8","v":{"$error":"#REF!"}},{"$nulls":5},6.9999999999999999E-4,{"$f":"$E$8*M7","v":17564.602218799999},null,{"$f":"$N$5*M7","v":1463.7168515666667},null,{"$f":"P7/$E$8","v":5.833333333333334E-5}]
["ORÇAMENTO CONSOLIDADO",null,null,"TOTAL - (R$)",{"$f":"SUBTOTAL(9,D12:D55)","v":25092288.884},{"$f":"#REF!","v":{"$error":"#REF!"}},{"$f":"H11","v":{"$error":"#REF!"}},{"$nulls":5},1E-3,{"$f":"$E$8*M8","v":25092.288884000001},null,{"$f":"$N$5*M8","v":2091.0240736666665},null,{"$f":"P8/$E$8","v":8.3333333333333331E-5}]
[{"$nulls":5},{"$f":"#REF!","v":{"$error":"#REF!"}},{"$f":"F9-F8","v":{"$error":"#REF!"}},{"$nulls":5},2E-3,{"$f":"$E$8*M9","v":50184.577768000003},null,{"$f":"$N$5*M9","v":4182.048147333333},null,{"$f":"P9/$E$8","v":1.6666666666666666E-4}]
[{"$nulls":5},{"$f":"#REF!","v":{"$error":"#REF!"}},{"$f":"F10-G8","v":{"$error":"#REF!"}},{"$nulls":5},4.0000000000000001E-3,{"$f":"$E$8*M10","v":100369.15553600001},null,{"$f":"$N$5*M10","v":8364.0962946666659},null,{"$f":"P10/$E$8","v":3.3333333333333332E-4}]
["ITEM","CÓDIGO","DESCRIÇÃO","R$ TOTAL","%",null,null,{"$f":"SUM(H12:H56)","v":{"$error":"#REF!"}},{"$nulls":4},0.02,{"$f":"$E$8*M11","v":501845.77768},null,{"$f":"$N$5*M11","v":41820.481473333333},null,{"$f":"P11/$E$8","v":1.6666666666666668E-3}]
["1.",null,{"$f":"'ORCAMENTO_CONSOLIDADO (2)'!C11","v":"MOBILIZAÇÃO E DESMOBILIZAÇAO"},{"$f":"SUBTOTAL(9,D13:D14)","v":175646.56},{"$f":"ROUND(D12/E$8,4)","v":7.0000000000000001E-3},null,{"$f":"C12","v":"MOBILIZAÇÃO E DESMOBILIZAÇAO"},{"$f":"SUMIF(#REF!,G12,#REF!)","v":{"$error":"#REF!"}},{"$nulls":4},{"$f":"D16+D22+D33+D41","v":15724388.506000001},{"$f":"$E$8*M12","v":394560898916801.19},null,{"$f":"$N$5*M12","v":32880074909733.434},null,{"$f":"P12/$E$8","v":1310365.7088333336}]
["1.1",null,{"$f":"VLOOKUP(A13&\".\",'ORCAMENTO_CONSOLIDADO (2)'!A$10:C$800,3,FALSE)","v":"MOBILIZAÇÃO (Máquinas, Equipamentos, Ferramentas, Instrumentos, Materiais, Mobiliário)"},{"$f":"SUMIF('ORCAMENTO_CONSOLIDADO (2)'!A$10:A$800,A13&\".\",'ORCAMENTO_CONSOLIDADO (2)'!G$10:G$800)","v":87823.28},3.5000000000000001E-3,{"$f":"E8-63248004.44","v":-38155715.555999994},null,{"$f":"SUMIF(#REF!,G13,#REF!)","v":{"$error":"#REF!"}},{"$nulls":4},{"$f":"M12*1.2","v":18869266.207200002},{"$f":"$E$8*M13","v":473473078700161.44},null,{"$f":"$N$5*M13","v":39456089891680.117},null,{"$f":"P13/$E$8","v":1572438.8506}]
["1.2",null,{"$f":"VLOOKUP(A14&\".\",'ORCAMENTO_CONSOLIDADO (2)'!A$10:C$800,3,FALSE)","v":"DESMOBILIZAÇÃO (Máquinas, Equip., Ferramentas, Instrumentos, Materiais, Mobiliário)"},{"$f":"SUMIF('ORCAMENTO_CONSOLIDADO (2)'!A$10:A$800,A14&\".\",'ORCAMENTO_CONSOLIDADO (2)'!G$10:G$800)","v":87823.28},3.5000000000000001E-3,null,null,{"$f":"SUMIF(#REF!,G14,#REF!)","v":{"$error":"#REF!"}},{"$nulls":4},0.1,{"$f":"$E$8*M14","v":2509228.8884000001},null,{"$f":"$N$5*M14","v":209102.40736666668},null,{"$f":"P14/$E$8","v":8.3333333333333332E-3}]
["2.",null,{"$f":"'ORCAMENTO_CONSOLIDADO (2)'!C18","v":"MOBILIÁRIO E EQUIPAMENTOS DE ESCRITÓRIO"},{"$f":"'ORCAMENTO_CONSOLIDADO (2)'!G18","v":184500.5},7.4000000000000003E-3,null,{"$f":"C15","v":"MOBILIÁRIO E EQUIPAMENTOS DE ESCRITÓRIO"},{"$f":"SUMIF(#REF!,G15,#REF!)","v":{"$error":"#REF!"}}]
["3.",null,{"$f":"'ORCAMENTO_CONSOLIDADO (2)'!C74","v":"EQUIPE - MÃO DE OBRA"},{"$f":"SUBTOTAL(9,D17:D18)","v":8861882.3000000007},0.35320000000000001,null,{"$f":"C16","v":"EQUIPE - MÃO DE OBRA"},{"$f":"SUMIF(#REF!,G16,#REF!)","v":{"$error":"#REF!"}}]
["3.1",null,{"$f":"VLOOKUP(A17&\".\",'ORCAMENTO_CONSOLIDADO (2)'!A$10:C$800,3,FALSE)","v":"SALÁRIOS FIXOS"},{"$f":"SUMIF('ORCAMENTO_CONSOLIDADO (2)'!A$10:A$800,A17&\".\",'ORCAMENTO_CONSOLIDADO (2)'!G$10:G$800)","v":8230842.7000000011},0.32800000000000001]
["3.2",null,{"$f":"VLOOKUP(A18&\".\",'ORCAMENTO_CONSOLIDADO (2)'!A$10:C$800,3,FALSE)","v":"VALORES ADICIONAIS"},{"$f":"SUMIF('ORCAMENTO_CONSOLIDADO (2)'!A$10:A$800,A18&\".\",'ORCAMENTO_CONSOLIDADO (2)'!G$10:G$800)","v":631039.59999999974},2.5100000000000001E-2]
["4.",null,{"$f":"'ORCAMENTO_CONSOLIDADO (2)'!C139","v":"VIAGENS / DIÁRIAS"},{"$f":"SUBTOTAL(109,D20:D21)","v":32217.360000000001},1.2999999999999999E-3,null,{"$f":"C19","v":"VIAGENS / DIÁRIAS"},{"$f":"SUMIF(#REF!,G19,#REF!)","v":{"$error":"#REF!"}}]
["4.1",null,{"$f":"VLOOKUP(A20&\".\",'ORCAMENTO_CONSOLIDADO (2)'!A$10:C$800,3,FALSE)","v":"DESPESAS COM VIAGENS COMERCIAIS"},{"$f":"SUMIF('ORCAMENTO_CONSOLIDADO (2)'!A$10:A$800,A20&\".\",'ORCAMENTO_CONSOLIDADO (2)'!G$10:G$800)","v":13239.36},5.0000000000000001E-4,null,null,{"$f":"SUMIF(#REF!,G20,#REF!)","v":{"$error":"#REF!"}}]
["4.2",null,{"$f":"VLOOKUP(A21&\".\",'ORCAMENTO_CONSOLIDADO (2)'!A$10:C$800,3,FALSE)","v":"DESPESAS COM DIÁRIAS"},{"$f":"SUMIF('ORCAMENTO_CONSOLIDADO (2)'!A$10:A$800,A21&\".\",'ORCAMENTO_CONSOLIDADO (2)'!G$10:G$800)","v":18978},8.0000000000000004E-4,null,null,{"$f":"SUMIF(#REF!,G21,#REF!)","v":{"$error":"#REF!"}}]
["5.",null,{"$f":"'ORCAMENTO_CONSOLIDADO (2)'!C147","v":"VEÍCULOS AUTOMOTORES"},{"$f":"'ORCAMENTO_CONSOLIDADO (2)'!G147","v":1686680},6.7199999999999996E-2,null,{"$f":"C22","v":"VEÍCULOS AUTOMOTORES"},{"$f":"SUMIF(#REF!,G22,#REF!)","v":{"$error":"#REF!"}}]
["6.",null,{"$f":"'ORCAMENTO_CONSOLIDADO (2)'!C154","v":"FRENTES MÓVEIS DE LIMPEZA E CONSERVAÇÃO"},{"$f":"'ORCAMENTO_CONSOLIDADO (2)'!G154","v":80012.160000000003},3.2000000000000002E-3,null,{"$f":"C23","v":"FRENTES MÓVEIS DE LIMPEZA E CONSERVAÇÃO"},{"$f":"SUMIF(#REF!,G23,#REF!)","v":{"$error":"#REF!"}}]
["7.",null,{"$f":"'ORCAMENTO_CONSOLIDADO (2)'!C159","v":"MATERIAL DE CONSUMO - ALMOXARIFADOS"},{"$f":"SUBTOTAL(109,D25:D28)","v":2757360.818},0.1099,null,{"$f":"C24","v":"MATERIAL DE CONSUMO - ALMOXARIFADOS"},{"$f":"SUMIF(#REF!,G24,#REF!)","v":{"$error":"#REF!"}},{"$f":"D24+D48","v":3546657.798}]
["7.1",null,{"$f":"VLOOKUP(A25&\".\",'ORCAMENTO_CONSOLIDADO (2)'!A$10:C$800,3,FALSE)","v":"MATERIAL DE CONSUMO - MECÂNICA"},{"$f":"SUMIF('ORCAMENTO_CONSOLIDADO (2)'!A$10:A$800,A25&\".\",'ORCAMENTO_CONSOLIDADO (2)'!G$10:G$800)","v":729720.95},2.9100000000000001E-2,null,null,{"$f":"SUMIF(#REF!,G25,#REF!)","v":{"$error":"#REF!"}}]
["7.2",null,{"$f":"VLOOKUP(A26&\".\",'ORCAMENTO_CONSOLIDADO (2)'!A$10:C$800,3,FALSE)","v":"MATERIAL DE CONSUMO - ELÉTRICA"},{"$f":"SUMIF('ORCAMENTO_CONSOLIDADO (2)'!A$10:A$800,A26&\".\",'ORCAMENTO_CONSOLIDADO (2)'!G$10:G$800)","v":294586.5},1.17E-2,null,null,{"$f":"SUMIF(#REF!,G26,#REF!)","v":{"$error":"#REF!"}}]
["7.3",null,{"$f":"VLOOKUP(A27&\".\",'ORCAMENTO_CONSOLIDADO (2)'!A$10:C$800,3,FALSE)","v":"MATERIAL DE CONSUMO - CIVIL"},{"$f":"SUMIF('ORCAMENTO_CONSOLIDADO (2)'!A$10:A$800,A27&\".\",'ORCAMENTO_CONSOLIDADO (2)'!G$10:G$800)","v":1573603.308},6.2700000000000006E-2,null,null,{"$f":"SUMIF(#REF!,G27,#REF!)","v":{"$error":"#REF!"}}]
["7.4",null,{"$f":"VLOOKUP(A28&\".\",'ORCAMENTO_CONSOLIDADO (2)'!A$10:C$800,3,FALSE)","v":"MANUTENÇÃO DE CANTEIRO - ESCRITÓRIO"},{"$f":"SUMIF('ORCAMENTO_CONSOLIDADO (2)'!A$10:A$800,A28&\".\",'ORCAMENTO_CONSOLIDADO (2)'!G$10:G$800)","v":159450.06},6.4000000000000003E-3,null,null,{"$f":"SUMIF(#REF!,G28,#REF!)","v":{"$error":"#REF!"}}]
["8.",null,{"$f":"'ORCAMENTO_CONSOLIDADO (2)'!C325","v":"FERRAMENTAS"},{"$f":"SUBTOTAL(109,D30:D32)","v":434473.7},1.7299999999999999E-2,null,{"$f":"C29","v":"FERRAMENTAS"},{"$f":"SUMIF(#REF!,G29,#REF!)","v":{"$error":"#REF!"}}]
["8.1",null,{"$f":"VLOOKUP(A30&\".\",'ORCAMENTO_CONSOLIDADO (2)'!A$10:C$800,3,FALSE)","v":"FERRAMENTAS - MECÂNICA"},{"$f":"SUMIF('ORCAMENTO_CONSOLIDADO (2)'!A$10:A$800,A30&\".\",'ORCAMENTO_CONSOLIDADO (2)'!G$10:G$800)","v":68428.169999999984},2.7000000000000001E-3,null,null,{"$f":"SUMIF(#REF!,G30,#REF!)","v":{"$error":"#REF!"}}]
["8.2",null,{"$f":"VLOOKUP(A31&\".\",'ORCAMENTO_CONSOLIDADO (2)'!A$10:C$800,3,FALSE)","v":"FERRAMENTAS - ELÉTRICA"},{"$f":"SUMIF('ORCAMENTO_CONSOLIDADO (2)'!A$10:A$800,A31&\".\",'ORCAMENTO_CONSOLIDADO (2)'!G$10:G$800)","v":242747.55},9.7000000000000003E-3,null,null,{"$f":"SUMIF(#REF!,G31,#REF!)","v":{"$error":"#REF!"}}]
["8.3",null,{"$f":"VLOOKUP(A32&\".\",'ORCAMENTO_CONSOLIDADO (2)'!A$10:C$800,3,FALSE)","v":"FERRAMENTAS - CIVIL"},{"$f":"SUMIF('ORCAMENTO_CONSOLIDADO (2)'!A$10:A$800,A32&\".\",'ORCAMENTO_CONSOLIDADO (2)'!G$10:G$800)","v":123297.98000000003},4.8999999999999998E-3,null,null,{"$f":"SUMIF(#REF!,G32,#REF!)","v":{"$error":"#REF!"}}]
["9.",null,{"$f":"'ORCAMENTO_CONSOLIDADO (2)'!C536","v":"EQUIPAMENTOS"},{"$f":"SUBTOTAL(109,D34:D36)","v":3579720.4500000016},0.14269999999999999,null,{"$f":"C33","v":"EQUIPAMENTOS"},{"$f":"SUMIF(#REF!,G33,#REF!)","v":{"$error":"#REF!"}},{"$f":"D33+D41","v":5175826.2060000021}]
["9.1",null,{"$f":"VLOOKUP(A34&\".\",'ORCAMENTO_CONSOLIDADO (2)'!A$10:C$800,3,FALSE)","v":"EQUIPAMENTOS - MECÂNICA"},{"$f":"SUMIF('ORCAMENTO_CONSOLIDADO (2)'!A$10:A$800,A34&\".\",'ORCAMENTO_CONSOLIDADO (2)'!G$10:G$800)","v":28123.869999999995},1.1000000000000001E-3,null,null,{"$f":"SUMIF(#REF!,G34,#REF!)","v":{"$error":"#REF!"}}]
["9.2",null,{"$f":"VLOOKUP(A35&\".\",'ORCAMENTO_CONSOLIDADO (2)'!A$10:C$800,3,FALSE)","v":"EQUIPAMENTOS - ELÉTRICA"},{"$f":"SUMIF('ORCAMENTO_CONSOLIDADO (2)'!A$10:A$800,A35&\".\",'ORCAMENTO_CONSOLIDADO (2)'!G$10:G$800)","v":10890},4.0000000000000002E-4,null,null,{"$f":"SUMIF(#REF!,G35,#REF!)","v":{"$error":"#REF!"}}]
["9.3",null,{"$f":"VLOOKUP(A36&\".\",'ORCAMENTO_CONSOLIDADO (2)'!A$10:C$800,3,FALSE)","v":"EQUIPAMENTOS - CIVIL"},{"$f":"SUMIF('ORCAMENTO_CONSOLIDADO (2)'!A$10:A$800,A36&\".\",'ORCAMENTO_CONSOLIDADO (2)'!G$10:G$800)","v":3540706.5800000015},0.1411,null,null,{"$f":"SUMIF(#REF!,G36,#REF!)","v":{"$error":"#REF!"}}]
["10.",null,{"$f":"'ORCAMENTO_CONSOLIDADO (2)'!C635","v":"INSTRUMENTOS"},{"$f":"SUBTOTAL(109,D38:D40)","v":153689.02000000002},6.1000000000000004E-3,null,{"$f":"C37","v":"INSTRUMENTOS"},{"$f":"SUMIF(#REF!,G37,#REF!)","v":{"$error":"#REF!"}}]
["10.1",null,{"$f":"VLOOKUP(A38&\".\",'ORCAMENTO_CONSOLIDADO (2)'!A$10:C$800,3,FALSE)","v":"INSTRUMENTOS - MECÂNICA"},{"$f":"SUMIF('ORCAMENTO_CONSOLIDADO (2)'!A$10:A$800,A38&\".\",'ORCAMENTO_CONSOLIDADO (2)'!G$10:G$800)","v":12906.059999999998},5.0000000000000001E-4,null,null,{"$f":"SUMIF(#REF!,G38,#REF!)","v":{"$error":"#REF!"}}]
["10.2",null,{"$f":"VLOOKUP(A39&\".\",'ORCAMENTO_CONSOLIDADO (2)'!A$10:C$800,3,FALSE)","v":"INSTRUMENTOS - ELÉTRICA"},{"$f":"SUMIF('ORCAMENTO_CONSOLIDADO (2)'!A$10:A$800,A39&\".\",'ORCAMENTO_CONSOLIDADO (2)'!G$10:G$800)","v":87902.13},3.5000000000000001E-3,null,null,{"$f":"SUMIF(#REF!,G39,#REF!)","v":{"$error":"#REF!"}}]
["10.3",null,{"$f":"VLOOKUP(A40&\".\",'ORCAMENTO_CONSOLIDADO (2)'!A$10:C$800,3,FALSE)","v":"INSTRUMENTOS - CIVIL"},{"$f":"SUMIF('ORCAMENTO_CONSOLIDADO (2)'!A$10:A$800,A40&\".\",'ORCAMENTO_CONSOLIDADO (2)'!G$10:G$800)","v":52880.83},{"$f":"ROUND(D40/E$8,4)","v":2.0999999999999999E-3},null,null,{"$f":"SUMIF(#REF!,G40,#REF!)","v":{"$error":"#REF!"}}]
["11.",null,{"$f":"'ORCAMENTO_CONSOLIDADO (2)'!C676","v":"SEGURANÇA E MANUTENÇÃO DE BARRAGENS"},{"$f":"SUBTOTAL(109,D42:D44)","v":1596105.7560000001},6.3600000000000004E-2,null,{"$f":"C41","v":"SEGURANÇA E MANUTENÇÃO DE BARRAGENS"},{"$f":"SUMIF(#REF!,G41,#REF!)","v":{"$error":"#REF!"}}]
["11.1",null,{"$f":"VLOOKUP(A42&\".\",'ORCAMENTO_CONSOLIDADO (2)'!A$10:C$800,3,FALSE)","v":"MÃO DE OBRA - SEGURANÇA DE BARRAGENS"},{"$f":"SUMIF('ORCAMENTO_CONSOLIDADO (2)'!A$10:A$800,A42&\".\",'ORCAMENTO_CONSOLIDADO (2)'!G$10:G$800)","v":677863.5},2.7E-2]
["11.2",null,{"$f":"VLOOKUP(A43&\".\",'ORCAMENTO_CONSOLIDADO (2)'!A$10:C$800,3,FALSE)","v":"EQUIPAMENTOS - SEGURANÇA DE BARRAGENS"},{"$f":"SUMIF('ORCAMENTO_CONSOLIDADO (2)'!A$10:A$800,A43&\".\",'ORCAMENTO_CONSOLIDADO (2)'!G$10:G$800)","v":846983.99999999988},3.3799999999999997E-2]
["11.3",null,{"$f":"VLOOKUP(A44&\".\",'ORCAMENTO_CONSOLIDADO (2)'!A$10:C$800,3,FALSE)","v":"VEÍCULOS - SEGURANÇA DE BARRAGENS"},{"$f":"SUMIF('ORCAMENTO_CONSOLIDADO (2)'!A$10:A$800,A44&\".\",'ORCAMENTO_CONSOLIDADO (2)'!G$10:G$800)","v":71258.255999999994},2.8E-3]
["12.",null,{"$f":"'ORCAMENTO_CONSOLIDADO (2)'!C700","v":"SERVIÇOS ADICIONAIS"},{"$f":"SUBTOTAL(109,D46:D47)","v":62491.799999999996},2.5000000000000001E-3,{"$f":"#REF!","v":{"$error":"#REF!"}},{"$f":"#REF!","v":{"$error":"#REF!"}},{"$f":"#REF!","v":{"$error":"#REF!"}}]
["12.1",null,{"$f":"VLOOKUP(A46&\".\",'ORCAMENTO_CONSOLIDADO (2)'!A$10:C$800,3,FALSE)","v":"FORNECIMENTO DE ÁGUA POTÁVEL PARA CANTEIRO"},{"$f":"SUMIF('ORCAMENTO_CONSOLIDADO (2)'!A$10:A$800,A46&\".\",'ORCAMENTO_CONSOLIDADO (2)'!G$10:G$800)","v":14715.78},5.9999999999999995E-4]
["12.2",null,{"$f":"VLOOKUP(A47&\".\",'ORCAMENTO_CONSOLIDADO (2)'!A$10:C$800,3,FALSE)","v":"ANÁLISES DE EFLUENTES"},{"$f":"SUMIF('ORCAMENTO_CONSOLIDADO (2)'!A$10:A$800,A47&\".\",'ORCAMENTO_CONSOLIDADO (2)'!G$10:G$800)","v":47776.02},{"$f":"ROUND(D47/E$8,4)","v":1.9E-3}]
["13.",null,{"$f":"'ORCAMENTO_CONSOLIDADO (2)'!C707","v":"AQUISIÇÃO DE PEÇAS SOBRESSALENTES PISF - EIXOS LESTE"},{"$f":"SUBTOTAL(109,D49:D52)","v":789296.9800000001},3.15E-2]
["13.1",null,{"$f":"VLOOKUP(A49&\".\",'ORCAMENTO_CONSOLIDADO (2)'!A$10:C$800,3,FALSE)","v":"SOBRESSALENTES - MECÂNICA"},{"$f":"SUMIF('ORCAMENTO_CONSOLIDADO (2)'!A$10:A$800,A49&\".\",'ORCAMENTO_CONSOLIDADO (2)'!G$10:G$800)","v":397956.22000000003},1.5900000000000001E-2]
["13.2",null,{"$f":"VLOOKUP(A50&\".\",'ORCAMENTO_CONSOLIDADO (2)'!A$10:C$800,3,FALSE)","v":"SOBRESSALENTES - ELÉTRICA"},{"$f":"SUMIF('ORCAMENTO_CONSOLIDADO (2)'!A$10:A$800,A50&\".\",'ORCAMENTO_CONSOLIDADO (2)'!G$10:G$800)","v":338227.01000000007},1.35E-2,{"$f":"SUMIF(#REF!,C50&\".\",#REF!)","v":{"$error":"#REF!"}},{"$f":"ROUND(F50/G$8,4)","v":{"$error":"#REF!"}},{"$f":"SUMIF(#REF!,E50&\".\",#REF!)","v":{"$error":"#REF!"}}]
["13.3",null,{"$f":"VLOOKUP(A51&\".\",'ORCAMENTO_CONSOLIDADO (2)'!A$10:C$800,3,FALSE)","v":"Peças para reposições nas manutenções preventivas e corretivas dos condicionadores de ar"},{"$f":"SUMIF('ORCAMENTO_CONSOLIDADO (2)'!A$10:A$800,A51&\".\",'ORCAMENTO_CONSOLIDADO (2)'!G$10:G$800)","v":25755.24},1E-3]
["13.4",null,{"$f":"VLOOKUP(A52&\".\",'ORCAMENTO_CONSOLIDADO (2)'!A$10:C$800,3,FALSE)","v":"PEÇAS PARA MANUTENÇÃO GERADOR - MECÂNICA"},{"$f":"SUMIF('ORCAMENTO_CONSOLIDADO (2)'!A$10:A$800,A52&\".\",'ORCAMENTO_CONSOLIDADO (2)'!G$10:G$800)","v":27358.510000000002},1.1000000000000001E-3]
["14.",null,{"$f":"'ORCAMENTO_CONSOLIDADO (2)'!C784","v":"SERVIÇOS ESPECIALIZADOS (EIXO LESTE)"},{"$f":"SUBTOTAL(109,D54:D54)","v":21421.5},8.9999999999999998E-4]
["14.1",null,{"$f":"VLOOKUP(A54&\".\",'ORCAMENTO_CONSOLIDADO (2)'!A$10:C$800,3,FALSE)","v":"Serviços de recarga de extintores de incêndio (EB / SE / Canteiros)"},{"$f":"SUMIF('ORCAMENTO_CONSOLIDADO (2)'!A$10:A$800,A54&\".\",'ORCAMENTO_CONSOLIDADO (2)'!G$10:G$800)","v":21421.5},8.9999999999999998E-4]
["15.",null,{"$f":"'ORCAMENTO_CONSOLIDADO (2)'!C796","v":"CUSTOS INDIRETOS"},{"$f":"SUMIF('ORCAMENTO_CONSOLIDADO (2)'!A$10:A$800,A55,'ORCAMENTO_CONSOLIDADO (2)'!G$10:G$800)","v":4676789.9800000004},0.18640000000000001,{"$nulls":7},{"$f":"D53+D48+D45+D41+D37+D33+D29+D24+D23+D22+D19+D15+D12","v":11553616.604000002}]
[{"$nulls":6},{"$f":"C55","v":"CUSTOS INDIRETOS"},{"$f":"SUMIF(#REF!,G56,#REF!)","v":{"$error":"#REF!"}}]
["NOME DO INFORMANTE:",null,null,"QUALIFICAÇÃO:"]
[]
["ASSINATURA:",null,null,"DATA:"]

{"sheet":"ORCAMENTO_CONSOLIDADO (2)","index":1,"n_rows":806,"n_cols":16,"rows_kept":806,"cut":false,"hidden":false,"merged":[[805,0,805,7],[806,0,806,7],[807,0,807,7],[802,0,802,5],[802,6,802,7],[803,0,803,5],[803,6,803,7],[804,0,804,5],[804,6,804,7],[801,0,801,5],[801,6,801,7],[0,2,0,7],[1,2,1,7],[2,2,2,7],[4,0,5,7],[6,0,6,4]]}
[null,null,"Ministério do Desenvolvimento Regional  - MDR",{"$nulls":5},70000000,null,6,null,45318771.981999986]
[null,null,"Companhia de Desenvolvimento dos Vales do São Francisco e do Parnaíba",{"$nulls":5},{"$f":"G7-I1","v":-44907711.116000012}]
[null,null,"Gerência de Operação do PISF - Centro de Controle e Operação (AD / GOI / CCO)"]
[]
[{"$f":"ORCAMENTO_RESUMO!A5","v":"TERMO DE REFERÊNCIA PARA CONTRATAÇÃO DOS RECURSOS NECESSÁRIOS À OPERAÇÃO E MANUTENÇÃO DAS INFRAESTRUTURAS DO EIXO LESTE DO PISF - PROJETO DE INTEGRAÇÃO DO SÃO FRANCISCO COM AS BACIAS HIDROGRÁFICAS DO NORDESTE SETENTRIONAL"}]
[]
["ORÇAMENTO CONSOLIDADO",{"$nulls":4},"TOTAL - (R$)",{"$f":"SUBTOTAL(9,G11:G799)","v":25092288.883999988},null,118869609.74000004,88777364.980000004,"SUBTOTAL(9;G11:G874)",{"$nulls":4},25092288.883999988]
[]
["ITEM","CÓDIGO","DESCRIÇÃO","UNID.","QUANTID.","R$ UNIT.","R$ TOTAL","%"]
[]
["1.",null,{"$f":"Mobilizacao_Desmobilizacao!C13","v":"MOBILIZAÇÃO E DESMOBILIZAÇAO"},null,null,null,{"$f":"SUBTOTAL(9,G12:G17)","v":175646.56},{"$f":"ROUND(G11/G$7,4)","v":7.0000000000000001E-3}]
["1.1.",null,{"$f":"Mobilizacao_Desmobilizacao!C15","v":"MOBILIZAÇÃO (Máquinas, Equipamentos, Ferramentas, Instrumentos, Materiais, Mobiliário)"},null,null,null,{"$f":"SUBTOTAL(9,G13:G14)","v":87823.28},{"$f":"ROUND(G12/G$7,4)","v":3.5000000000000001E-3}]
["1.1.1",null,{"$f":"Mobilizacao_Desmobilizacao!C16","v":"Mobilização da Equipe - Canteiro apoio geral (Floresta/PE)"},{"$f":"Mobilizacao_Desmobilizacao!D16","v":"un"},{"$f":"Mobilizacao_Desmobilizacao!E16","v":1},{"$f":"Mobilizacao_Desmobilizacao!F16","v":12983.83},{"$f":"ROUND(E13*F13,2)","v":12983.83},{"$f":"ROUND(G13/G$7,4)","v":5.0000000000000001E-4},1]
["1.1.2",null,{"$f":"Mobilizacao_Desmobilizacao!C17","v":"Mobilização da Equipe - Canteiro central (Sertânia/PE)"},{"$f":"Mobilizacao_Desmobilizacao!D17","v":"un"},{"$f":"Mobilizacao_Desmobilizacao!E17","v":1},{"$f":"Mobilizacao_Desmobilizacao!F17","v":74839.45},{"$f":"ROUND(E14*F14,2)","v":74839.45},3.0000000000000001E-3,1]
["1.2.",null,{"$f":"Mobilizacao_Desmobilizacao!C20","v":"DESMOBILIZAÇÃO (Máquinas, Equip., Ferramentas, Instrumentos, Materiais, Mobiliário)"},null,null,null,{"$f":"SUBTOTAL(9,G16:G17)","v":87823.28},3.5000000000000001E-3]
["1.2.1",null,{"$f":"Mobilizacao_Desmobilizacao!C21","v":"Desmobilização da Equipe - Canteiro apoio geral (Floresta/PE)"},{"$f":"Mobilizacao_Desmobilizacao!D21","v":"un"},{"$f":"Mobilizacao_Desmobilizacao!E21","v":1},{"$f":"Mobilizacao_Desmobilizacao!F21","v":12983.83},{"$f":"ROUND(E16*F16,2)","v":12983.83},5.0000000000000001E-4,1]
["1.2.2",null,{"$f":"Mobilizacao_Desmobilizacao!C22","v":"Desmobilização da Equipe - Canteiro central (Sertânia/PE)"},{"$f":"Mobilizacao_Desmobilizacao!D22","v":"un"},{"$f":"Mobilizacao_Desmobilizacao!E22","v":1},{"$f":"Mobilizacao_Desmobilizacao!F22","v":74839.45},74839.45,3.0000000000000001E-3,1]
["2.",null,{"$f":"Moveis_Equipamentos!C13","v":"MOBILIÁRIO E EQUIPAMENTOS DE ESCRITÓRIO"},null,null,null,{"$f":"SUBTOTAL(9,G19:G73)","v":184500.5},{"$f":"ROUND(G18/G$7,4)","v":7.4000000000000003E-3}]
["2.1",{"$f":"Moveis_Equipamentos!B14","v":"E209300236-EMBASA/BA"},{"$f":"Moveis_Equipamentos!C14","v":"Aluguel de impressora colorida-Laser com cartuchos-formatos A4 e A3 (inclusive suprimentos)"},{"$f":"Moveis_Equipamentos!D14","v":"un x mês"},{"$f":"Moveis_Equipamentos!E14","v":108},{"$f":"Moveis_Equipamentos!F14","v":225.08},{"$f":"Moveis_Equipamentos!G14","v":24308.639999999999},{"$f":"ROUND(G19/G$7,4)","v":1E-3},288]
["2.2",{"$f":"Moveis_Equipamentos!B15","v":"I8612-SEINFRA/CE"},{"$f":"Moveis_Equipamentos!C15","v":"Aluguel de Plotter (inclusive suprimentos)"},{"$f":"Moveis_Equipamentos!D15","v":"un x mês"},{"$f":"Moveis_Equipamentos!E15","v":12},{"$f":"Moveis_Equipamentos!F15","v":320},{"$f":"Moveis_Equipamentos!G15","v":3840},{"$f":"ROUND(G20/G$7,4)","v":2.0000000000000001E-4},36]
["2.3",{"$f":"Moveis_Equipamentos!B16","v":" I8610-SEINFRA/CE"},{"$f":"Moveis_Equipamentos!C16","v":"Servidor para backup - EQUIPAMENTO SIMILAR"},{"$f":"Moveis_Equipamentos!D16","v":"un x mês"},{"$f":"Moveis_Equipamentos!E16","v":12},{"$f":"Moveis_Equipamentos!F16","v":170},{"$f":"Moveis_Equipamentos!G16","v":2040},1E-4,36]
["2.4",{"$f":"Moveis_Equipamentos!B17","v":" I8610-SEINFRA/CE"},{"$f":"Moveis_Equipamentos!C17","v":"Desktop com software-tipo 1 (i7, 1T, 8GB, monitor 19\", S.O. Windows 10 e Office última versão) - EQUIPAMENTO SIMILAR"},{"$f":"Moveis_Equipamentos!D17","v":"un x mês"},{"$f":"Moveis_Equipamentos!E17","v":210},{"$f":"Moveis_Equipamentos!F17","v":170},{"$f":"Moveis_Equipamentos!G17","v":35700},1.4E-3,540]
["2.5",{"$f":"Moveis_Equipamentos!B18","v":" I8610-SEINFRA/CE"},{"$f":"Moveis_Equipamentos!C18","v":"Notebook-tipo 1 (i7, 1T, 8GB, S.O. Windows 10 e Office última versão) - EQUIPAMENTO SIMILAR"},{"$f":"Moveis_Equipamentos!D18","v":"un x mês"},{"$f":"Moveis_Equipamentos!E18","v":216},{"$f":"Moveis_Equipamentos!F18","v":170},{"$f":"Moveis_Equipamentos!G18","v":36720},1.5E-3,528]
["2.6",{"$f":"Moveis_Equipamentos!B19","v":"COT_ANTE"},{"$f":"Moveis_Equipamentos!C19","v":"Kit Antena Digital 4K Externa Log 16 elementos Mastro 45cm e cabo coaxial 12m"},{"$f":"Moveis_Equipamentos!D19","v":"un x mês"},{"$f":"Moveis_Equipamentos!E19","v":6},{"$f":"Moveis_Equipamentos!F19","v":1.6603333333333337},{"$f":"Moveis_Equipamentos!G19","v":9.9600000000000009},0,12]
["2.7",{"$f":"Moveis_Equipamentos!B20","v":"I0123-SEINFRA/CE"},{"$f":"Moveis_Equipamentos!C20","v":"Armário de escritório"},{"$f":"Moveis_Equipamentos!D20","v":"un x mês"},{"$f":"Moveis_Equipamentos!E20","v":342},{"$f":"Moveis_Equipamentos!F20","v":7.1783333333333337},{"$f":"Moveis_Equipamentos!G20","v":2454.9899999999998},1E-4,804]
["2.8",{"$f":"Moveis_Equipamentos!B21","v":"73.72.07-SUDECAP/MG"},{"$f":"Moveis_Equipamentos!C21","v":"Bebedouro industrial (canteiro)"},{"$f":"Moveis_Equipamentos!D21","v":"un x mês"},{"$f":"Moveis_Equipamentos!E21","v":12},{"$f":"Moveis_Equipamentos!F21","v":54.484333333333332},{"$f":"Moveis_Equipamentos!G21","v":653.80999999999995},0,36]
["2.9",{"$f":"Moveis_Equipamentos!B22","v":"11534-ORSE/SE"},{"$f":"Moveis_Equipamentos!C22","v":"Cadeira giratória, com braço, tipo executiva"},{"$f":"Moveis_Equipamentos!D22","v":"un x mês"},{"$f":"Moveis_Equipamentos!E22","v":702},{"$f":"Moveis_Equipamentos!F22","v":9.3333333333333339},{"$f":"Moveis_Equipamentos!G22","v":6552},2.9999999999999997E-4,2112]
["2.10",{"$f":"Moveis_Equipamentos!B23","v":"11543-ORSE"},{"$f":"Moveis_Equipamentos!C23","v":"Cadeira de plástico sem braço, cor branca"},{"$f":"Moveis_Equipamentos!D23","v":"un x mês"},{"$f":"Moveis_Equipamentos!E23","v":138},{"$f":"Moveis_Equipamentos!F23","v":0.70000000000000007},{"$f":"Moveis_Equipamentos!G23","v":96.6},0,504]
["2.11",{"$f":"Moveis_Equipamentos!B24","v":"COT_CAM_FOTO"},{"$f":"Moveis_Equipamentos!C24","v":"Câmera fotográfica digital 20 mp 5x HD"},{"$f":"Moveis_Equipamentos!D24","v":"un x mês"},{"$f":"Moveis_Equipamentos!E24","v":12},{"$f":"Moveis_Equipamentos!F24","v":26.577333333333339},{"$f":"Moveis_Equipamentos!G24","v":318.93},0,36]
["2.12",{"$f":"Moveis_Equipamentos!B25","v":"COT - CAR - LIX"},{"$f":"Moveis_Equipamentos!C25","v":"Lixeira Carro Coletor 120L"},{"$f":"Moveis_Equipamentos!D25","v":"un x mês"},{"$f":"Moveis_Equipamentos!E25","v":24},{"$f":"Moveis_Equipamentos!F25","v":11.799999999999999},{"$f":"Moveis_Equipamentos!G25","v":283.2},0,72]
["2.13",{"$f":"Moveis_Equipamentos!B26","v":"COT_CESTO"},{"$f":"Moveis_Equipamentos!C26","v":"Cestos Telado de lixo 9,6L"},{"$f":"Moveis_Equipamentos!D26","v":"un x mês"},{"$f":"Moveis_Equipamentos!E26","v":48},{"$f":"Moveis_Equipamentos!F26","v":0.44966666666666671},{"$f":"Moveis_Equipamentos!G26","v":21.58},0,144]
["2.14",{"$f":"Moveis_Equipamentos!B27","v":"39555-SINAPI/PE"},{"$f":"Moveis_Equipamentos!C27","v":"Condicionador de ar 12.000 BTU"},{"$f":"Moveis_Equipamentos!D27","v":"un x mês"},{"$f":"Moveis_Equipamentos!E27","v":246},{"$f":"Moveis_Equipamentos!F27","v":67.233666666666679},{"$f":"Moveis_Equipamentos!G27","v":16539.48},6.9999999999999999E-4,624]
["2.15",{"$f":"Moveis_Equipamentos!B28","v":"COT_GPS"},{"$f":"Moveis_Equipamentos!C28","v":"GPS com cabo e software (conforme especificação)"},{"$f":"Moveis_Equipamentos!D28","v":"un x mês"},{"$f":"Moveis_Equipamentos!E28","v":12},{"$f":"Moveis_Equipamentos!F28","v":142.06666666666669},{"$f":"Moveis_Equipamentos!G28","v":1704.8},1E-4,36]
["2.16",{"$f":"Moveis_Equipamentos!B29","v":"COT_MESA_REUN"},{"$f":"Moveis_Equipamentos!C29","v":"Mesa de reunião 10 lugares com 10 cadeiras"},{"$f":"Moveis_Equipamentos!D29","v":"un x mês"},{"$f":"Moveis_Equipamentos!E29","v":42},{"$f":"Moveis_Equipamentos!F29","v":138.035},{"$f":"Moveis_Equipamentos!G29","v":5797.47},2.0000000000000001E-4,108]
["2.17",{"$f":"Moveis_Equipamentos!B30","v":"COT_MESA_PVC"},{"$f":"Moveis_Equipamentos!C30","v":"Mesa retangular em Polipropileno 119x75cm"},{"$f":"Moveis_Equipamentos!D30","v":"un x mês"},{"$f":"Moveis_Equipamentos!E30","v":36},{"$f":"Moveis_Equipamentos!F30","v":7.2663333333333346},{"$f":"Moveis_Equipamentos!G30","v":261.58999999999997},0,108]
["2.18",{"$f":"Moveis_Equipamentos!B31","v":"COT_MESA_ESCR"},{"$f":"Moveis_Equipamentos!C31","v":"Mesas de escritório com gavetas (conforme especificação)"},{"$f":"Moveis_Equipamentos!D31","v":"un x mês"},{"$f":"Moveis_Equipamentos!E31","v":702},{"$f":"Moveis_Equipamentos!F31","v":14.059333333333333},{"$f":"Moveis_Equipamentos!G31","v":9869.65},4.0000000000000002E-4,2112]
["2.19",{"$f":"Moveis_Equipamentos!B32","v":"F030000293-EMBASA/BA"},{"$f":"Moveis_Equipamentos!C32","v":"Projetor multimídia (Datashow)"},{"$f":"Moveis_Equipamentos!D32","v":"un x mês"},{"$f":"Moveis_Equipamentos!E32","v":12},{"$f":"Moveis_Equipamentos!F32","v":52.927},{"$f":"Moveis_Equipamentos!G32","v":635.12},0,36]
["2.20",{"$f":"Moveis_Equipamentos!B33","v":"COT_RACK"},{"$f":"Moveis_Equipamentos!C33","v":"Rack para TV até 60 Polegadas 1 Porta"},{"$f":"Moveis_Equipamentos!D33","v":"un x mês"},{"$f":"Moveis_Equipamentos!E33","v":12},{"$f":"Moveis_Equipamentos!F33","v":8.9629999999999992},{"$f":"Moveis_Equipamentos!G33","v":107.56},0,36]
["2.21",{"$f":"Moveis_Equipamentos!B34","v":"I0122-SEINFRA/CE"},{"$f":"Moveis_Equipamentos!C34","v":"Armário de cozinha completo"},{"$f":"Moveis_Equipamentos!D34","v":"un x mês"},{"$f":"Moveis_Equipamentos!E34","v":12},{"$f":"Moveis_Equipamentos!F34","v":18.338333333333335},{"$f":"Moveis_Equipamentos!G34","v":220.06},0,36]
["2.22",{"$f":"Moveis_Equipamentos!B35","v":"COT_MES_06"},{"$f":"Moveis_Equipamentos!C35","v":"Conjunto de Mesa 1,40 com Tampo MDP com 6 cadeiras"},{"$f":"Moveis_Equipamentos!D35","v":"un x mês"},{"$f":"Moveis_Equipamentos!E35","v":12},{"$f":"Moveis_Equipamentos!F35","v":30.193666666666669},{"$f":"Moveis_Equipamentos!G35","v":362.32},0,36]
["2.23",{"$f":"Moveis_Equipamentos!B36","v":"10231-ORSE/SE"},{"$f":"Moveis_Equipamentos!C36","v":"Fogão "},{"$f":"Moveis_Equipamentos!D36","v":"un x mês"},{"$f":"Moveis_Equipamentos!E36","v":12},{"$f":"Moveis_Equipamentos!F36","v":20.493666666666666},{"$f":"Moveis_Equipamentos!G36","v":245.92},0,36]
["2.24",{"$f":"Moveis_Equipamentos!B37","v":"029028-IOPES"},{"$f":"Moveis_Equipamentos!C37","v":"Cilindro de Gás de Cozinha 45 kg"},{"$f":"Moveis_Equipamentos!D37","v":"un x mês"},{"$f":"Moveis_Equipamentos!E37","v":30},{"$f":"Moveis_Equipamentos!F37","v":19.111000000000001},{"$f":"Moveis_Equipamentos!G37","v":573.33000000000004},0,84]
["2.25",{"$f":"Moveis_Equipamentos!B38","v":"4226-SINAPI/PE"},{"$f":"Moveis_Equipamentos!C38","v":"Gás de cozinha-GLP (kg)"},{"$f":"Moveis_Equipamentos!D38","v":"un x mês"},{"$f":"Moveis_Equipamentos!E38","v":1350},{"$f":"Moveis_Equipamentos!F38","v":7.97},{"$f":"Moveis_Equipamentos!G38","v":10759.5},4.0000000000000002E-4,3780]
["2.26",{"$f":"Moveis_Equipamentos!B39","v":"F020000716-EMBASA/BA"},{"$f":"Moveis_Equipamentos!C39","v":"Geladeira 280 litros"},{"$f":"Moveis_Equipamentos!D39","v":"un x mês"},{"$f":"Moveis_Equipamentos!E39","v":12},{"$f":"Moveis_Equipamentos!F39","v":26.311000000000003},{"$f":"Moveis_Equipamentos!G39","v":315.73},0,36]
["2.27",{"$f":"Moveis_Equipamentos!B40","v":"COT_MICROOND"},{"$f":"Moveis_Equipamentos!C40","v":"Forno Microondas 20L"},{"$f":"Moveis_Equipamentos!D40","v":"un x mês"},{"$f":"Moveis_Equipamentos!E40","v":12},{"$f":"Moveis_Equipamentos!F40","v":15.199000000000003},{"$f":"Moveis_Equipamentos!G40","v":182.39},0,36]
["2.28",{"$f":"Moveis_Equipamentos!B41","v":"COT_FAQUEI"},{"$f":"Moveis_Equipamentos!C41","v":"Faqueiro com 24 peças"},{"$f":"Moveis_Equipamentos!D41","v":"un x mês"},{"$f":"Moveis_Equipamentos!E41","v":204},{"$f":"Moveis_Equipamentos!F41","v":1.43},{"$f":"Moveis_Equipamentos!G41","v":291.72000000000003},0,780]
["2.29",{"$f":"Moveis_Equipamentos!B42","v":"COT_PRATO"},{"$f":"Moveis_Equipamentos!C42","v":"Pratos rasos redondo em cerâmica"},{"$f":"Moveis_Equipamentos!D42","v":"un x mês"},{"$f":"Moveis_Equipamentos!E42","v":468},{"$f":"Moveis_Equipamentos!F42","v":0.38666666666666666},{"$f":"Moveis_Equipamentos!G42","v":180.96},0,1584]
["2.30",{"$f":"Moveis_Equipamentos!B43","v":"COT_COPO"},{"$f":"Moveis_Equipamentos!C43","v":"Conjunto  copos em vidro 350ml com 8 unidades"},{"$f":"Moveis_Equipamentos!D43","v":"un x mês"},{"$f":"Moveis_Equipamentos!E43","v":24},{"$f":"Moveis_Equipamentos!F43","v":0.94300000000000006},{"$f":"Moveis_Equipamentos!G43","v":22.63},0,72]
["2.31",{"$f":"Moveis_Equipamentos!B44","v":"COT_TELEVISOR"},{"$f":"Moveis_Equipamentos!C44","v":"Smart Tv LED 32\""},{"$f":"Moveis_Equipamentos!D44","v":"un x mês"},{"$f":"Moveis_Equipamentos!E44","v":42},{"$f":"Moveis_Equipamentos!F44","v":42.557333333333339},{"$f":"Moveis_Equipamentos!G44","v":1787.41},1E-4,108]
["2.32",{"$f":"Moveis_Equipamentos!B45","v":"AP_JANTAR"},{"$f":"Moveis_Equipamentos!C45","v":"Aparelho de jantar para 06 pessoas"},{"$f":"Moveis_Equipamentos!D45","v":"un x mês"},{"$f":"Moveis_Equipamentos!E45","v":78},{"$f":"Moveis_Equipamentos!F45","v":10.269666666666666},{"$f":"Moveis_Equipamentos!G45","v":801.03},0,264]
["2.33",{"$f":"Moveis_Equipamentos!B46","v":"11645-ORSE/SE"},{"$f":"Moveis_Equipamentos!C46","v":"Armário para vestiário, em aço, com 12 portas, com cadeado"},{"$f":"Moveis_Equipamentos!D46","v":"un x mês"},{"$f":"Moveis_Equipamentos!E46","v":12},{"$f":"Moveis_Equipamentos!F46","v":66.981333333333339},{"$f":"Moveis_Equipamentos!G46","v":803.78},0,36]
["2.34",{"$f":"Moveis_Equipamentos!B47","v":"COT_CHAP"},{"$f":"Moveis_Equipamentos!C47","v":"Chapa gás 65 cm para grelhar"},{"$f":"Moveis_Equipamentos!D47","v":"un x mês"},{"$f":"Moveis_Equipamentos!E47","v":12},{"$f":"Moveis_Equipamentos!F47","v":28.334666666666667},{"$f":"Moveis_Equipamentos!G47","v":340.02},0,36]
["2.35",{"$f":"Moveis_Equipamentos!B48","v":"08600-ORSE/SE"},{"$f":"Moveis_Equipamentos!C48","v":"Coifa"},{"$f":"Moveis_Equipamentos!D48","v":"un x mês"},{"$f":"Moveis_Equipamentos!E48","v":12},{"$f":"Moveis_Equipamentos!F48","v":63.272333333333336},{"$f":"Moveis_Equipamentos!G48","v":759.27},0,36]
["2.36",{"$f":"Moveis_Equipamentos!B49","v":"COT_UTENS"},{"$f":"Moveis_Equipamentos!C49","v":"Conjunto de utensílios gadgets inox para cozinha"},{"$f":"Moveis_Equipamentos!D49","v":"un x mês"},{"$f":"Moveis_Equipamentos!E49","v":12},{"$f":"Moveis_Equipamentos!F49","v":1.8906666666666669},{"$f":"Moveis_Equipamentos!G49","v":22.69},0,36]
["2.37",{"$f":"Moveis_Equipamentos!B50","v":"COT_FOGAO"},{"$f":"Moveis_Equipamentos!C50","v":"Fogão industrial 6 bocas 30x30 baixa pressão perfil 5"},{"$f":"Moveis_Equipamentos!D50","v":"un x mês"},{"$f":"Moveis_Equipamentos!E50","v":12},{"$f":"Moveis_Equipamentos!F50","v":40.115333333333332},{"$f":"Moveis_Equipamentos!G50","v":481.38},0,36]
["2.38",{"$f":"Moveis_Equipamentos!B51","v":"COT_FORNO"},{"$f":"Moveis_Equipamentos!C51","v":"Forno elétrico 46L 1500W"},{"$f":"Moveis_Equipamentos!D51","v":"un x mês"},{"$f":"Moveis_Equipamentos!E51","v":12},{"$f":"Moveis_Equipamentos!F51","v":17.974666666666668},{"$f":"Moveis_Equipamentos!G51","v":215.7},0,36]
["2.39",{"$f":"Moveis_Equipamentos!B52","v":"F020000719-EMBASA/BA"},{"$f":"Moveis_Equipamentos!C52","v":"Freezer 246 l"},{"$f":"Moveis_Equipamentos!D52","v":"un x mês"},{"$f":"Moveis_Equipamentos!E52","v":12},{"$f":"Moveis_Equipamentos!F52","v":39.466333333333331},{"$f":"Moveis_Equipamentos!G52","v":473.6},0,36]
["2.40",{"$f":"Moveis_Equipamentos!B53","v":"\t10232-ORSE/SE"},{"$f":"Moveis_Equipamentos!C53","v":"Geladeira industrial 300 litros"},{"$f":"Moveis_Equipamentos!D53","v":"un x mês"},{"$f":"Moveis_Equipamentos!E53","v":12},{"$f":"Moveis_Equipamentos!F53","v":55.957666666666675},{"$f":"Moveis_Equipamentos!G53","v":671.49},0,36]
["2.41",{"$f":"Moveis_Equipamentos!B54","v":"COT_PANEL"},{"$f":"Moveis_Equipamentos!C54","v":"Conjunto de panelas antiaderente com 7 peças"},{"$f":"Moveis_Equipamentos!D54","v":"un x mês"},{"$f":"Moveis_Equipamentos!E54","v":12},{"$f":"Moveis_Equipamentos!F54","v":9.6663333333333341},{"$f":"Moveis_Equipamentos!G54","v":116},0,36]
["2.42",{"$f":"Moveis_Equipamentos!B55","v":"COT_LIQUID"},{"$f":"Moveis_Equipamentos!C55","v":"Liquidificadores industriais alta rotação 2L"},{"$f":"Moveis_Equipamentos!D55","v":"un x mês"},{"$f":"Moveis_Equipamentos!E55","v":12},{"$f":"Moveis_Equipamentos!F55","v":14.060666666666668},{"$f":"Moveis_Equipamentos!G55","v":168.73},0,36]
["2.43",{"$f":"Moveis_Equipamentos!B56","v":"COT_MAQ_LAVA_LOUCA"},{"$f":"Moveis_Equipamentos!C56","v":"Máquina de lavar louças industrial B.30 "},{"$f":"Moveis_Equipamentos!D56","v":"un x mês"},{"$f":"Moveis_Equipamentos!E56","v":12},{"$f":"Moveis_Equipamentos!F56","v":485.45100000000002},{"$f":"Moveis_Equipamentos!G56","v":5825.41},2.0000000000000001E-4,36]
["2.44",{"$f":"Moveis_Equipamentos!B57","v":"COT_MAQ_LAVA_ROUPA"},{"$f":"Moveis_Equipamentos!C57","v":"Máquina de Lavar roupa 11kg "},{"$f":"Moveis_Equipamentos!D57","v":"un x mês"},{"$f":"Moveis_Equipamentos!E57","v":12},{"$f":"Moveis_Equipamentos!F57","v":54.866666666666674},{"$f":"Moveis_Equipamentos!G57","v":658.4},0,36]
["2.45",{"$f":"Moveis_Equipamentos!B58","v":"COT_MESA_BUF"},{"$f":"Moveis_Equipamentos!C58","v":"Carrinho Buffet Térmico Self Service Inox 8 cubas"},{"$f":"Moveis_Equipamentos!D58","v":"un x mês"},{"$f":"Moveis_Equipamentos!E58","v":12},{"$f":"Moveis_Equipamentos!F58","v":69.38133333333333},{"$f":"Moveis_Equipamentos!G58","v":832.58},0,36]
["2.46",{"$f":"Moveis_Equipamentos!B59","v":"COT_MESA_REFEIT"},{"$f":"Moveis_Equipamentos!C59","v":"Mesa de refeitório 10 lugares com cadeiras MDF branco de 25mm"},{"$f":"Moveis_Equipamentos!D59","v":"un x mês"},{"$f":"Moveis_Equipamentos!E59","v":30},{"$f":"Moveis_Equipamentos!F59","v":118.81099999999999},{"$f":"Moveis_Equipamentos!G59","v":3564.33},1E-4,108]
["2.47",{"$f":"Moveis_Equipamentos!B60","v":"COT_REFRESQUEIRA"},{"$f":"Moveis_Equipamentos!C60","v":"Refresqueira BBS2 Inox"},{"$f":"Moveis_Equipamentos!D60","v":"un x mês"},{"$f":"Moveis_Equipamentos!E60","v":12},{"$f":"Moveis_Equipamentos!F60","v":82.656999999999996},{"$f":"Moveis_Equipamentos!G60","v":991.88},0,36]
["2.48",{"$f":"Moveis_Equipamentos!B61","v":"COT_TABUA"},{"$f":"Moveis_Equipamentos!C61","v":"Tábuas para carnes 19x35x1,6cm"},{"$f":"Moveis_Equipamentos!D61","v":"un x mês"},{"$f":"Moveis_Equipamentos!E61","v":12},{"$f":"Moveis_Equipamentos!F61","v":0.73},{"$f":"Moveis_Equipamentos!G61","v":8.76},0,36]
["2.49",{"$f":"Moveis_Equipamentos!B62","v":"COT_CAMA_BOX"},{"$f":"Moveis_Equipamentos!C62","v":"Cama box conjugada solteiro"},{"$f":"Moveis_Equipamentos!D62","v":"un x mês"},{"$f":"Moveis_Equipamentos!E62","v":168},{"$f":"Moveis_Equipamentos!F62","v":9.5453333333333337},{"$f":"Moveis_Equipamentos!G62","v":1603.62},1E-4,528]
["2.50",{"$f":"Moveis_Equipamentos!B63","v":"COT_GUARDA_ROUPA"},{"$f":"Moveis_Equipamentos!C63","v":"Guarda-Roupa solteiro 4 Portas"},{"$f":"Moveis_Equipamentos!D63","v":"un x mês"},{"$f":"Moveis_Equipamentos!E63","v":12},{"$f":"Moveis_Equipamentos!F63","v":9.9636666666666684},{"$f":"Moveis_Equipamentos!G63","v":119.56},0,36]
["2.51",{"$f":"Moveis_Equipamentos!B64","v":"COT_ROUPA_CAMA"},{"$f":"Moveis_Equipamentos!C64","v":"Jogo de roupa de cama solteiro 100% Algodão"},{"$f":"Moveis_Equipamentos!D64","v":"un x mês"},{"$f":"Moveis_Equipamentos!E64","v":336},{"$f":"Moveis_Equipamentos!F64","v":4.746666666666667},{"$f":"Moveis_Equipamentos!G64","v":1594.88},1E-4,1056]
["2.52",{"$f":"Moveis_Equipamentos!B65","v":"COT_ROUPA_BANHO"},{"$f":"Moveis_Equipamentos!C65","v":"Jogo de Roupa de banho 5 Peças"},{"$f":"Moveis_Equipamentos!D65","v":"un x mês"},{"$f":"Moveis_Equipamentos!E65","v":168},{"$f":"Moveis_Equipamentos!F65","v":7.2530000000000001},{"$f":"Moveis_Equipamentos!G65","v":1218.5},0,528]
["2.53",{"$f":"Moveis_Equipamentos!B66","v":"COT_SOFA"},{"$f":"Moveis_Equipamentos!C66","v":"Conjunto de sofá 2 e 3 lugares"},{"$f":"Moveis_Equipamentos!D66","v":"un x mês"},{"$f":"Moveis_Equipamentos!E66","v":12},{"$f":"Moveis_Equipamentos!F66","v":30.961333333333339},{"$f":"Moveis_Equipamentos!G66","v":371.54},0,36]
[]
[]
["3.",null,{"$f":"Mao_de_Obra!C13","v":"EQUIPE - MÃO DE OBRA"},null,null,null,{"$f":"SUBTOTAL(9,G75:G137)","v":8861882.2999999989},{"$f":"ROUND(G74/G$7,4)","v":0.35320000000000001}]
["3.1.",null,"SALÁRIOS FIXOS",null,null,null,{"$f":"SUBTOTAL(9,G76:G113)","v":8230842.7000000011},0.32800000000000001]
["3.1.1",{"$f":"Mao_de_Obra!B14","v":"A1"},{"$f":"Mao_de_Obra!C14","v":"Almoxarife"},{"$f":"Mao_de_Obra!D14","v":"homem x mês"},{"$f":"Mao_de_Obra!E14","v":6},{"$f":"Mao_de_Obra!F14","v":4191.83},{"$f":"Mao_de_Obra!G14","v":25150.98},1E-3,12]
["3.1.2",{"$f":"Mao_de_Obra!B15","v":"A1"},{"$f":"Mao_de_Obra!C15","v":"Auxiliar Administrativo"},{"$f":"Mao_de_Obra!D15","v":"homem x mês"},{"$f":"Mao_de_Obra!E15","v":6},{"$f":"Mao_de_Obra!F15","v":4191.83},{"$f":"Mao_de_Obra!G15","v":25150.98},1E-3,48]
["3.1.3",{"$f":"Mao_de_Obra!B16","v":"A9"},{"$f":"Mao_de_Obra!C16","v":"Auxiliar de serviços gerais"},{"$f":"Mao_de_Obra!D16","v":"homem x mês"},{"$f":"Mao_de_Obra!E16","v":36},{"$f":"Mao_de_Obra!F16","v":3231.03},{"$f":"Mao_de_Obra!G16","v":116317.08},4.5999999999999999E-3,144]
["3.1.4",{"$f":"Mao_de_Obra!B17","v":"T3"},{"$f":"Mao_de_Obra!C17","v":"Auxiliar de Topografia"},{"$f":"Mao_de_Obra!D17","v":"homem x mês"},{"$f":"Mao_de_Obra!E17","v":12},{"$f":"Mao_de_Obra!F17","v":4673.62},{"$f":"Mao_de_Obra!G17","v":56083.44},2.2000000000000001E-3,24]
["3.1.5",{"$f":"Mao_de_Obra!B18","v":"A8"},{"$f":"Mao_de_Obra!C18","v":"Carpinteiro"},{"$f":"Mao_de_Obra!D18","v":"homem x mês"},{"$f":"Mao_de_Obra!E18","v":12},{"$f":"Mao_de_Obra!F18","v":3964.86},{"$f":"Mao_de_Obra!G18","v":47578.32},1.9E-3,36]
["3.1.6",{"$f":"Mao_de_Obra!B19","v":"CA"},{"$f":"Mao_de_Obra!C19","v":"Coordenador - Chefe de Escritório"},{"$f":"Mao_de_Obra!D19","v":"homem x mês"},{"$f":"Mao_de_Obra!E19","v":6},{"$f":"Mao_de_Obra!F19","v":15604.75},{"$f":"Mao_de_Obra!G19","v":93628.5},3.7000000000000002E-3,12]
["3.1.7",{"$f":"Mao_de_Obra!B20","v":"P0"},{"$f":"Mao_de_Obra!C20","v":"Coordenador - Engenheiro Sênior (Civil / Eletricista / Mecânico) "},{"$f":"Mao_de_Obra!D20","v":"homem x mês"},{"$f":"Mao_de_Obra!E20","v":6},{"$f":"Mao_de_Obra!F20","v":30381.93},{"$f":"Mao_de_Obra!G20","v":182291.58},7.3000000000000001E-3,12]
["3.1.8",{"$f":"Mao_de_Obra!B21","v":"P1"},{"$f":"Mao_de_Obra!C21","v":"Coordenador Manutenção - Engenheiro Pleno (Civil / Eletricista / Mecânico) "},{"$f":"Mao_de_Obra!D21","v":"homem x mês"},{"$f":"Mao_de_Obra!E21","v":6},{"$f":"Mao_de_Obra!F21","v":22362.89},{"$f":"Mao_de_Obra!G21","v":134177.34},5.3E-3,12]
["3.1.9",{"$f":"Mao_de_Obra!B22","v":"P1"},{"$f":"Mao_de_Obra!C22","v":"Coordenador Operação - Engenheiro Pleno (Civil / Eletricista / Mecânico) "},{"$f":"Mao_de_Obra!D22","v":"homem x mês"},{"$f":"Mao_de_Obra!E22","v":6},{"$f":"Mao_de_Obra!F22","v":22362.89},{"$f":"Mao_de_Obra!G22","v":134177.34},5.3E-3,12]
["3.1.10",{"$f":"Mao_de_Obra!B23","v":"A5"},{"$f":"Mao_de_Obra!C23","v":"Eletricista"},{"$f":"Mao_de_Obra!D23","v":"homem x mês"},{"$f":"Mao_de_Obra!E23","v":12},{"$f":"Mao_de_Obra!F23","v":4038.06},{"$f":"Mao_de_Obra!G23","v":48456.72},1.9E-3,36]
["3.1.11",{"$f":"Mao_de_Obra!B24","v":"A5"},{"$f":"Mao_de_Obra!C24","v":"Eletricista (inclusive adicional de periculosidade)"},{"$f":"Mao_de_Obra!D24","v":"homem x mês"},{"$f":"Mao_de_Obra!E24","v":18},{"$f":"Mao_de_Obra!F24","v":5249.48},{"$f":"Mao_de_Obra!G24","v":94490.64},3.8E-3,168]
["3.1.12",{"$f":"Mao_de_Obra!B25","v":"P1"},{"$f":"Mao_de_Obra!C25","v":"Engenheiro de Segurança e Medicina do Trabalho (inclusive adicional de periculosidade)"},{"$f":"Mao_de_Obra!D25","v":"homem x mês"},{"$f":"Mao_de_Obra!E25","v":6},{"$f":"Mao_de_Obra!F25","v":29071.759999999998},{"$f":"Mao_de_Obra!G25","v":174430.56},7.0000000000000001E-3,12]
["3.1.13",{"$f":"Mao_de_Obra!B26","v":"P2"},{"$f":"Mao_de_Obra!C26","v":"Engenheiro Junior "},{"$f":"Mao_de_Obra!D26","v":"homem x mês"},{"$f":"Mao_de_Obra!E26","v":24},{"$f":"Mao_de_Obra!F26","v":18890.87},{"$f":"Mao_de_Obra!G26","v":453380.88},1.8100000000000002E-2,72]
["3.1.14",{"$f":"Mao_de_Obra!B27","v":"P1"},{"$f":"Mao_de_Obra!C27","v":"Engenheiro Pleno "},{"$f":"Mao_de_Obra!D27","v":"homem x mês"},{"$f":"Mao_de_Obra!E27","v":36},{"$f":"Mao_de_Obra!F27","v":22362.89},{"$f":"Mao_de_Obra!G27","v":805064.04},3.2099999999999997E-2,144]
["3.1.15",{"$f":"Mao_de_Obra!B28","v":"A7"},{"$f":"Mao_de_Obra!C28","v":"Ferreiro"},{"$f":"Mao_de_Obra!D28","v":"homem x mês"},{"$f":"Mao_de_Obra!E28","v":6},{"$f":"Mao_de_Obra!F28","v":3986.62},{"$f":"Mao_de_Obra!G28","v":23919.72},1E-3,36]
["3.1.16",{"$f":"Mao_de_Obra!B29","v":"P1"},{"$f":"Mao_de_Obra!C29","v":"Geólogo  (Geotecnia)"},{"$f":"Mao_de_Obra!D29","v":"homem x mês"},{"$f":"Mao_de_Obra!E29","v":6},{"$f":"Mao_de_Obra!F29","v":22362.89},{"$f":"Mao_de_Obra!G29","v":134177.34},5.3E-3,12]
["3.1.17",{"$f":"Mao_de_Obra!B30","v":"P2"},{"$f":"Mao_de_Obra!C30","v":"Médico do Trabalho"},{"$f":"Mao_de_Obra!D30","v":"homem x mês"},{"$f":"Mao_de_Obra!E30","v":6},{"$f":"Mao_de_Obra!F30","v":18890.87},{"$f":"Mao_de_Obra!G30","v":113345.22},4.4999999999999997E-3,12]
["3.1.18",{"$f":"Mao_de_Obra!B31","v":"A3"},{"$f":"Mao_de_Obra!C31","v":"Motorista"},{"$f":"Mao_de_Obra!D31","v":"homem x mês"},{"$f":"Mao_de_Obra!E31","v":6},{"$f":"Mao_de_Obra!F31","v":5309.43},{"$f":"Mao_de_Obra!G31","v":31856.58},1.2999999999999999E-3,12]
["3.1.19",{"$f":"Mao_de_Obra!B32","v":"A6"},{"$f":"Mao_de_Obra!C32","v":"Pedreiro"},{"$f":"Mao_de_Obra!D32","v":"homem x mês"},{"$f":"Mao_de_Obra!E32","v":24},{"$f":"Mao_de_Obra!F32","v":4004.23},{"$f":"Mao_de_Obra!G32","v":96101.52},3.8E-3,84]
["3.1.20",{"$f":"Mao_de_Obra!B33","v":"A11"},{"$f":"Mao_de_Obra!C33","v":"Servente"},{"$f":"Mao_de_Obra!D33","v":"homem x mês"},{"$f":"Mao_de_Obra!E33","v":360},{"$f":"Mao_de_Obra!F33","v":3244.27},{"$f":"Mao_de_Obra!G33","v":1167937.2},4.65E-2,1488]
["3.1.21",{"$f":"Mao_de_Obra!B34","v":"T2"},{"$f":"Mao_de_Obra!C34","v":"Técnico Automação - Especialista em SDSC (inclusive adicional de periculosidade)"},{"$f":"Mao_de_Obra!D34","v":"homem x mês"},{"$f":"Mao_de_Obra!E34","v":6},{"$f":"Mao_de_Obra!F34","v":8560.93},{"$f":"Mao_de_Obra!G34","v":51365.58},2E-3,12]
["3.1.22",{"$f":"Mao_de_Obra!B35","v":"T3"},{"$f":"Mao_de_Obra!C35","v":"Técnico Auxiliar"},{"$f":"Mao_de_Obra!D35","v":"homem x mês"},{"$f":"Mao_de_Obra!E35","v":36},{"$f":"Mao_de_Obra!F35","v":4673.62},{"$f":"Mao_de_Obra!G35","v":168250.32},6.7000000000000002E-3,144]
["3.1.23",{"$f":"Mao_de_Obra!B36","v":"T3"},{"$f":"Mao_de_Obra!C36","v":"Técnico Auxiliar (inclusive adicional de periculosidade)"},{"$f":"Mao_de_Obra!D36","v":"homem x mês"},{"$f":"Mao_de_Obra!E36","v":18},{"$f":"Mao_de_Obra!F36","v":6075.71},{"$f":"Mao_de_Obra!G36","v":109362.78},4.4000000000000003E-3]
["3.1.24",{"$f":"Mao_de_Obra!B37","v":"T2"},{"$f":"Mao_de_Obra!C37","v":"Técnico de Segurança e Medicina do Trabalho (inclusive adicional de periculosidade)"},{"$f":"Mao_de_Obra!D37","v":"homem x mês"},{"$f":"Mao_de_Obra!E37","v":6},{"$f":"Mao_de_Obra!F37","v":8560.93},{"$f":"Mao_de_Obra!G37","v":51365.58},2E-3,24]
["3.1.25",{"$f":"Mao_de_Obra!B38","v":"T2"},{"$f":"Mao_de_Obra!C38","v":"Tecnico Edificações"},{"$f":"Mao_de_Obra!D38","v":"homem x mês"},{"$f":"Mao_de_Obra!E38","v":12},{"$f":"Mao_de_Obra!F38","v":6585.33},{"$f":"Mao_de_Obra!G38","v":79023.960000000006},3.0999999999999999E-3,36]
["3.1.26",{"$f":"Mao_de_Obra!B39","v":"T2"},{"$f":"Mao_de_Obra!C39","v":"Técnico - Cadista"},{"$f":"Mao_de_Obra!D39","v":"homem x mês"},{"$f":"Mao_de_Obra!E39","v":6},{"$f":"Mao_de_Obra!F39","v":6585.33},{"$f":"Mao_de_Obra!G39","v":39511.980000000003},1.6000000000000001E-3,36]
["3.1.27",{"$f":"Mao_de_Obra!B40","v":"T2"},{"$f":"Mao_de_Obra!C40","v":"Técnico Pleno - Eletrotécnico - Diurno (inclusive adicional de periculosidade)"},{"$f":"Mao_de_Obra!D40","v":"homem x mês"},{"$f":"Mao_de_Obra!E40","v":72},{"$f":"Mao_de_Obra!F40","v":8560.93},{"$f":"Mao_de_Obra!G40","v":616386.96},2.46E-2,288]
["3.1.28",{"$f":"Mao_de_Obra!B41","v":"T2"},{"$f":"Mao_de_Obra!C41","v":"Técnico Pleno - Eletrotécnico -  Noturno (inclusive adicional de periculosidade)"},{"$f":"Mao_de_Obra!D41","v":"homem x mês"},{"$f":"Mao_de_Obra!E41","v":72},{"$f":"Mao_de_Obra!F41","v":10476.090181818181},{"$f":"Mao_de_Obra!G41","v":754278.49},3.0099999999999998E-2,288]
["3.1.29",{"$f":"Mao_de_Obra!B42","v":"T2"},{"$f":"Mao_de_Obra!C42","v":"Técnico Junior - Mecânico - Diurno (inclusive adicional de periculosidade)"},{"$f":"Mao_de_Obra!D42","v":"homem x mês"},{"$f":"Mao_de_Obra!E42","v":72},{"$f":"Mao_de_Obra!F42","v":8560.93},{"$f":"Mao_de_Obra!G42","v":616386.96},2.46E-2,144]
["3.1.30",{"$f":"Mao_de_Obra!B43","v":"T2"},{"$f":"Mao_de_Obra!C43","v":"Técnico Junior - Mecânico - Noturno (inclusive adicional de periculosidade)"},{"$f":"Mao_de_Obra!D43","v":"homem x mês"},{"$f":"Mao_de_Obra!E43","v":72},{"$f":"Mao_de_Obra!F43","v":10476.090181818181},{"$f":"Mao_de_Obra!G43","v":754278.49},3.0099999999999998E-2,144]
["3.1.31",{"$f":"Mao_de_Obra!B44","v":"T2"},{"$f":"Mao_de_Obra!C44","v":"Técnico Pleno "},{"$f":"Mao_de_Obra!D44","v":"homem x mês"},{"$f":"Mao_de_Obra!E44","v":60},{"$f":"Mao_de_Obra!F44","v":6585.33},{"$f":"Mao_de_Obra!G44","v":395119.8},1.5699999999999999E-2,168]
["3.1.32",{"$f":"Mao_de_Obra!B45","v":"T2"},{"$f":"Mao_de_Obra!C45","v":"Técnico Pleno (inclusive adicional de periculosidade)"},{"$f":"Mao_de_Obra!D45","v":"homem x mês"},{"$f":"Mao_de_Obra!E45","v":18},{"$f":"Mao_de_Obra!F45","v":8560.93},{"$f":"Mao_de_Obra!G45","v":154096.74},6.1000000000000004E-3,60]
["3.1.33",{"$f":"Mao_de_Obra!B46","v":"T1"},{"$f":"Mao_de_Obra!C46","v":"Técnico Pleno - Analista em Tecnologia da Informação"},{"$f":"Mao_de_Obra!D46","v":"homem x mês"},{"$f":"Mao_de_Obra!E46","v":6},{"$f":"Mao_de_Obra!F46","v":6585.33},{"$f":"Mao_de_Obra!G46","v":39511.980000000003},1.6000000000000001E-3,96]
["3.1.34",{"$f":"Mao_de_Obra!B47","v":"T0"},{"$f":"Mao_de_Obra!C47","v":"Técnico - Profissional Sênior (N. Médio/Especializado)"},{"$f":"Mao_de_Obra!D47","v":"homem x mês"},{"$f":"Mao_de_Obra!E47","v":18},{"$f":"Mao_de_Obra!F47","v":10135.129999999999},{"$f":"Mao_de_Obra!G47","v":182432.34},7.3000000000000001E-3,12]
["3.1.35",{"$f":"Mao_de_Obra!B48","v":"T2"},{"$f":"Mao_de_Obra!C48","v":"Técnico Telecomunicações/Eletrônica (inclusive adicional de periculosidade)"},{"$f":"Mao_de_Obra!D48","v":"homem x mês"},{"$f":"Mao_de_Obra!E48","v":6},{"$f":"Mao_de_Obra!F48","v":8560.93},{"$f":"Mao_de_Obra!G48","v":51365.58},2E-3,12]
["3.1.36",{"$f":"Mao_de_Obra!B49","v":"TS"},{"$f":"Mao_de_Obra!C49","v":"Topógrafo"},{"$f":"Mao_de_Obra!D49","v":"homem x mês"},{"$f":"Mao_de_Obra!E49","v":6},{"$f":"Mao_de_Obra!F49","v":7178.1},{"$f":"Mao_de_Obra!G49","v":43068.6},1.6999999999999999E-3,72]
["3.1.37",{"$f":"Mao_de_Obra!B50","v":"A10"},{"$f":"Mao_de_Obra!C50","v":"Vigia diurno "},{"$f":"Mao_de_Obra!D50","v":"homem x mês"},{"$f":"Mao_de_Obra!E50","v":24},{"$f":"Mao_de_Obra!F50","v":3222.21},{"$f":"Mao_de_Obra!G50","v":77333.039999999994},3.0999999999999999E-3,72]
["3.1.38",{"$f":"Mao_de_Obra!B51","v":"A10"},{"$f":"Mao_de_Obra!C51","v":"Vigia noturno"},{"$f":"Mao_de_Obra!D51","v":"homem x mês"},{"$f":"Mao_de_Obra!E51","v":24},{"$f":"Mao_de_Obra!F51","v":3749.4807272727276},{"$f":"Mao_de_Obra!G51","v":89987.54},3.5999999999999999E-3]
[]
["3.2.",null,"VALORES ADICIONAIS",null,null,null,{"$f":"SUBTOTAL(9,G116:G137)","v":631039.59999999974},{"$f":"ROUND(G115/G$7,4)","v":2.5100000000000001E-2}]
["3.2.1.",null,"ADICIONAL DE PERICULOSIDADE PARA OS ENGENHEIROS E COORDENADORES",null,null,null,{"$f":"SUBTOTAL(9,G117:G121)","v":530012.64999999991},2.1100000000000001E-2]
["3.2.1.1",{"$f":"Mao_de_Obra_VALORES_ADICIONAIS!C15","v":"P1"},{"$f":"Mao_de_Obra_VALORES_ADICIONAIS!B15","v":"Engenheiro Pleno"},"homem x mês",{"$f":"Mao_de_Obra_VALORES_ADICIONAIS!G15","v":42},{"$f":"Mao_de_Obra_VALORES_ADICIONAIS!N15","v":6708.8669999999993},{"$f":"Mao_de_Obra_VALORES_ADICIONAIS!S15","v":281772.40999999997},1.12E-2,12]
["3.2.1.2",{"$f":"Mao_de_Obra_VALORES_ADICIONAIS!C16","v":"P2"},{"$f":"Mao_de_Obra_VALORES_ADICIONAIS!B16","v":"Engenheiro Júnior"},"homem x mês",{"$f":"Mao_de_Obra_VALORES_ADICIONAIS!G16","v":18},{"$f":"Mao_de_Obra_VALORES_ADICIONAIS!N16","v":5667.2609999999995},{"$f":"Mao_de_Obra_VALORES_ADICIONAIS!S16","v":102010.7},4.1000000000000003E-3,12]
["3.2.1.3",{"$f":"Mao_de_Obra_VALORES_ADICIONAIS!C17","v":"T0"},{"$f":"Mao_de_Obra_VALORES_ADICIONAIS!B17","v":"Técnico Sênior"},"homem x mês",{"$f":"Mao_de_Obra_VALORES_ADICIONAIS!G17","v":12},{"$f":"Mao_de_Obra_VALORES_ADICIONAIS!N17","v":3040.5389999999998},{"$f":"Mao_de_Obra_VALORES_ADICIONAIS!S17","v":36486.47},1.5E-3,12]
["3.2.1.4",{"$f":"Mao_de_Obra_VALORES_ADICIONAIS!C18","v":"T2"},{"$f":"Mao_de_Obra_VALORES_ADICIONAIS!B18","v":"Técnico Pleno"},"homem x mês",{"$f":"Mao_de_Obra_VALORES_ADICIONAIS!G18","v":30},{"$f":"Mao_de_Obra_VALORES_ADICIONAIS!N18","v":1975.5989999999999},{"$f":"Mao_de_Obra_VALORES_ADICIONAIS!S18","v":59267.97},2.3999999999999998E-3,12]
["3.2.1.5",{"$f":"Mao_de_Obra_VALORES_ADICIONAIS!C19","v":"T3"},{"$f":"Mao_de_Obra_VALORES_ADICIONAIS!B19","v":"Técnico Auxiliar"},"homem x mês",{"$f":"Mao_de_Obra_VALORES_ADICIONAIS!G19","v":36},{"$f":"Mao_de_Obra_VALORES_ADICIONAIS!N19","v":1402.086},{"$f":"Mao_de_Obra_VALORES_ADICIONAIS!S19","v":50475.1},2E-3,12]
["3.2.2.",null,"MÃO DE OBRA - HORA EXTRA 50%",null,null,null,{"$f":"SUBTOTAL(9,G123:G129)","v":48356.77},1.9E-3]
["3.2.2.1",{"$f":"Mao_de_Obra_VALORES_ADICIONAIS!C21","v":"P1"},{"$f":"Mao_de_Obra_VALORES_ADICIONAIS!B21","v":"Engenheiro Pleno - Hora Extra 50% - C/ Periculosidade"},"Homem x Hora",{"$f":"Mao_de_Obra_VALORES_ADICIONAIS!G21","v":192},{"$f":"Mao_de_Obra_VALORES_ADICIONAIS!N21","v":82.590218749999991},{"$f":"Mao_de_Obra_VALORES_ADICIONAIS!S21","v":15857.32},5.9999999999999995E-4,960,{"$f":"F123*E123","v":15857.321999999998}]
["3.2.2.2",{"$f":"Mao_de_Obra_VALORES_ADICIONAIS!C22","v":"T2"},{"$f":"Mao_de_Obra_VALORES_ADICIONAIS!B22","v":"Técnico Pleno - Hora Extra 50% - C/ Periculosidade"},"Homem x Hora",{"$f":"Mao_de_Obra_VALORES_ADICIONAIS!G22","v":192},{"$f":"Mao_de_Obra_VALORES_ADICIONAIS!N22","v":24.320821022727273},{"$f":"Mao_de_Obra_VALORES_ADICIONAIS!S22","v":4669.6000000000004},2.0000000000000001E-4,4719.96,{"$f":"F124*E124","v":4669.5976363636364}]
["3.2.2.3",{"$f":"Mao_de_Obra_VALORES_ADICIONAIS!C23","v":"T2"},{"$f":"Mao_de_Obra_VALORES_ADICIONAIS!B23","v":"Técnico Júnior- Hora Extra 50%"},"Homem x Hora",{"$f":"Mao_de_Obra_VALORES_ADICIONAIS!G23","v":192},{"$f":"Mao_de_Obra_VALORES_ADICIONAIS!N23","v":18.708323863636362},{"$f":"Mao_de_Obra_VALORES_ADICIONAIS!S23","v":3592},1E-4,144,3591.9981818181814]
["3.2.2.4",{"$f":"Mao_de_Obra_VALORES_ADICIONAIS!C24","v":"T2"},{"$f":"Mao_de_Obra_VALORES_ADICIONAIS!B24","v":"Técnico Júnior- Hora Extra 50% - C/ Periculosidade"},"Homem x Hora",{"$f":"Mao_de_Obra_VALORES_ADICIONAIS!G24","v":192},{"$f":"Mao_de_Obra_VALORES_ADICIONAIS!N24","v":24.320821022727273},{"$f":"Mao_de_Obra_VALORES_ADICIONAIS!S24","v":4669.6000000000004},2.0000000000000001E-4,144,4669.5976363636364]
["3.2.2.5",{"$f":"Mao_de_Obra_VALORES_ADICIONAIS!C25","v":"T3"},{"$f":"Mao_de_Obra_VALORES_ADICIONAIS!B25","v":"Técnico Auxiliar - Hora Extra 50% - C/ Periculosidade"},"Homem x Hora",{"$f":"Mao_de_Obra_VALORES_ADICIONAIS!G25","v":192},{"$f":"Mao_de_Obra_VALORES_ADICIONAIS!N25","v":17.260528409090909},{"$f":"Mao_de_Obra_VALORES_ADICIONAIS!S25","v":3314.02},1E-4,3888,3314.0214545454546]
["3.2.2.6",{"$f":"Mao_de_Obra_VALORES_ADICIONAIS!C26","v":"T3"},{"$f":"Mao_de_Obra_VALORES_ADICIONAIS!B26","v":"Auxiliar - Hora Extra 50% - C/ Periculosidade"},"Homem x Hora",{"$f":"Mao_de_Obra_VALORES_ADICIONAIS!G26","v":192},{"$f":"Mao_de_Obra_VALORES_ADICIONAIS!N26","v":17.260528409090909},{"$f":"Mao_de_Obra_VALORES_ADICIONAIS!S26","v":3314.02},1E-4,336,3314.0214545454546]
["3.2.2.7",{"$f":"Mao_de_Obra_VALORES_ADICIONAIS!C27","v":"A11"},{"$f":"Mao_de_Obra_VALORES_ADICIONAIS!B27","v":"Servente - Hora Extra 50% - C/ Periculosidade"},"Homem x Hora",{"$f":"Mao_de_Obra_VALORES_ADICIONAIS!G27","v":1080},{"$f":"Mao_de_Obra_VALORES_ADICIONAIS!N27","v":11.981678977272727},{"$f":"Mao_de_Obra_VALORES_ADICIONAIS!S27","v":12940.21},5.0000000000000001E-4,7560,12940.213295454545]
["3.2.3.",null,"MÃO DE OBRA - HORA EXTRA 100%",null,null,null,{"$f":"SUBTOTAL(9,G131:G137)","v":52670.179999999993},2.0999999999999999E-3]
["3.2.3.1",{"$f":"Mao_de_Obra_VALORES_ADICIONAIS!C29","v":"P1"},{"$f":"Mao_de_Obra_VALORES_ADICIONAIS!B29","v":"Engenheiro Pleno - Hora Extra 100% - C/ Periculosidade"},"Homem x Hora",{"$f":"Mao_de_Obra_VALORES_ADICIONAIS!G29","v":96},{"$f":"Mao_de_Obra_VALORES_ADICIONAIS!N29","v":165.18043749999998},{"$f":"Mao_de_Obra_VALORES_ADICIONAIS!S29","v":15857.32},5.9999999999999995E-4,384]
["3.2.3.2",{"$f":"Mao_de_Obra_VALORES_ADICIONAIS!C30","v":"T2"},{"$f":"Mao_de_Obra_VALORES_ADICIONAIS!B30","v":"Técnico Pleno - Hora Extra 100% - C/ Periculosidade"},"Homem x Hora",{"$f":"Mao_de_Obra_VALORES_ADICIONAIS!G30","v":96},{"$f":"Mao_de_Obra_VALORES_ADICIONAIS!N30","v":48.641642045454546},{"$f":"Mao_de_Obra_VALORES_ADICIONAIS!S30","v":4669.6000000000004},2.0000000000000001E-4,1872]
["3.2.3.3",{"$f":"Mao_de_Obra_VALORES_ADICIONAIS!C31","v":"T2"},{"$f":"Mao_de_Obra_VALORES_ADICIONAIS!B31","v":"Técnico Júnior- Hora Extra 100%"},"Homem x Hora",{"$f":"Mao_de_Obra_VALORES_ADICIONAIS!G31","v":96},{"$f":"Mao_de_Obra_VALORES_ADICIONAIS!N31","v":37.416647727272725},{"$f":"Mao_de_Obra_VALORES_ADICIONAIS!S31","v":3592},1E-4,144]
["3.2.3.4",{"$f":"Mao_de_Obra_VALORES_ADICIONAIS!C32","v":"T2"},{"$f":"Mao_de_Obra_VALORES_ADICIONAIS!B32","v":"Técnico Júnior- Hora Extra 100% - C/ Periculosidade"},"Homem x Hora",{"$f":"Mao_de_Obra_VALORES_ADICIONAIS!G32","v":96},{"$f":"Mao_de_Obra_VALORES_ADICIONAIS!N32","v":48.641642045454546},{"$f":"Mao_de_Obra_VALORES_ADICIONAIS!S32","v":4669.6000000000004},2.0000000000000001E-4,144]
["3.2.3.5",{"$f":"Mao_de_Obra_VALORES_ADICIONAIS!C33","v":"T3"},{"$f":"Mao_de_Obra_VALORES_ADICIONAIS!B33","v":"Técnico Auxiliar - Hora Extra 100% - C/ Periculosidade"},"Homem x Hora",{"$f":"Mao_de_Obra_VALORES_ADICIONAIS!G33","v":96},{"$f":"Mao_de_Obra_VALORES_ADICIONAIS!N33","v":34.521056818181819},{"$f":"Mao_de_Obra_VALORES_ADICIONAIS!S33","v":3314.02},1E-4,1248]
["3.2.3.6",{"$f":"Mao_de_Obra_VALORES_ADICIONAIS!C34","v":"T3"},{"$f":"Mao_de_Obra_VALORES_ADICIONAIS!B34","v":"Auxiliar - Hora Extra 100% - C/ Periculosidade"},"Homem x Hora",{"$f":"Mao_de_Obra_VALORES_ADICIONAIS!G34","v":96},{"$f":"Mao_de_Obra_VALORES_ADICIONAIS!N34","v":34.521056818181819},{"$f":"Mao_de_Obra_VALORES_ADICIONAIS!S34","v":3314.02},1E-4,144]
["3.2.3.7",{"$f":"Mao_de_Obra_VALORES_ADICIONAIS!C35","v":"A11"},{"$f":"Mao_de_Obra_VALORES_ADICIONAIS!B35","v":"Servente - Hora Extra 100% - C/ Periculosidade"},"Homem x Hora",{"$f":"Mao_de_Obra_VALORES_ADICIONAIS!G35","v":720},{"$f":"Mao_de_Obra_VALORES_ADICIONAIS!N35","v":23.963357954545454},{"$f":"Mao_de_Obra_VALORES_ADICIONAIS!S35","v":17253.62},6.9999999999999999E-4,3024]
[]
["4.",null,{"$f":"Viagens_Diárias!C13","v":"VIAGENS / DIÁRIAS"},null,null,null,{"$f":"SUBTOTAL(9,G140:G146)","v":32217.360000000001},{"$f":"ROUND(G139/G$7,4)","v":1.2999999999999999E-3}]
["4.1.",null,{"$f":"Viagens_Diárias!C15","v":"DESPESAS COM VIAGENS COMERCIAIS"},null,null,null,{"$f":"SUBTOTAL(9,G141:G142)","v":13239.36},5.0000000000000001E-4]
["4.1.1",null,{"$f":"Viagens_Diárias!C16","v":"Viagem por via aerea"},{"$f":"Viagens_Diárias!D16","v":"un"},{"$f":"Viagens_Diárias!E16","v":6},{"$f":"Viagens_Diárias!F16","v":1148.97},{"$f":"ROUND(E141*F141,2)","v":6893.82},2.9999999999999997E-4,48]
["4.1.2",null,{"$f":"Viagens_Diárias!C17","v":"Viagem por via terrestre (comercial)"},{"$f":"Viagens_Diárias!D17","v":"un"},{"$f":"Viagens_Diárias!E17","v":18},{"$f":"Viagens_Diárias!F17","v":352.53},6345.54,2.9999999999999997E-4,144]
["4.2.",null,{"$f":"Viagens_Diárias!C20","v":"DESPESAS COM DIÁRIAS"},null,null,null,{"$f":"SUBTOTAL(9,G144:G145)","v":18978},8.0000000000000004E-4]
["4.2.1",null,{"$f":"Viagens_Diárias!C21","v":"Diárias nacionais"},{"$f":"Viagens_Diárias!D21","v":"un"},{"$f":"Viagens_Diárias!E21","v":6},{"$f":"Viagens_Diárias!F21","v":295},1770,1E-4,48]
["4.2.2",null,{"$f":"Viagens_Diárias!C22","v":"Diárias regionais"},{"$f":"Viagens_Diárias!D22","v":"un"},{"$f":"Viagens_Diárias!E22","v":72},{"$f":"Viagens_Diárias!F22","v":239},17208,6.9999999999999999E-4,144]
[]
["5.",null,{"$f":"Veiculos!C12","v":"VEÍCULOS AUTOMOTORES"},null,null,null,{"$f":"SUBTOTAL(9,G148:G152)","v":1686680},{"$f":"ROUND(G147/G$7,4)","v":6.7199999999999996E-2}]
["5.1",{"$f":"Veiculos!B13","v":"B3"},{"$f":"Veiculos!C13","v":"TIPO HATCH 1.6 FLEX (110 CV)"},{"$f":"Veiculos!D13","v":"un x mês"},{"$f":"Veiculos!E13","v":90},{"$f":"Veiculos!F13","v":4471.8906666666662},402470.16,1.6E-2,456,{"$f":"E148/12","v":7.5}]
["5.2",{"$f":"Veiculos!B14","v":"B4"},{"$f":"Veiculos!C14","v":"TIPO SEDAN 1.6 FLEX (115CV)"},{"$f":"Veiculos!D14","v":"un x mês"},{"$f":"Veiculos!E14","v":6},{"$f":"Veiculos!F14","v":4471.8906666666662},26831.34,1.1000000000000001E-3,12,{"$f":"E149/12","v":0.5}]
["5.3",{"$f":"Veiculos!B15","v":"B11"},{"$f":"Veiculos!C15","v":"Veículo Tipo Pick Up Cabine Dupla 4 x 4 (163 CV)"},{"$f":"Veiculos!D15","v":"un x mês"},{"$f":"Veiculos!E15","v":114},{"$f":"Veiculos!F15","v":7404.485333333334},844111.33,3.3599999999999998E-2,324,9.5]
["5.4",{"$f":"Veiculos!B16","v":"B8"},{"$f":"Veiculos!C16","v":"Veículo - Tipo Ônibus - 45 assentos (218 CV) - COM MOTORISTA"},{"$f":"Veiculos!D16","v":"un x mês"},{"$f":"Veiculos!E16","v":18},{"$f":"Veiculos!F16","v":19830.69463111111},356952.5,1.4200000000000001E-2,48,1.5]
["5.5",{"$f":"Veiculos!B17","v":"B1"},{"$f":"Veiculos!C17","v":"NXR BROS 160"},{"$f":"Veiculos!D17","v":"un x mês"},{"$f":"Veiculos!E17","v":18},{"$f":"Veiculos!F17","v":3128.5925925925926},56314.67,2.2000000000000001E-3,36,1.5]
[]
["6.",null,{"$f":"Frentes_Moveis!C13","v":"FRENTES MÓVEIS DE LIMPEZA E CONSERVAÇÃO"},null,null,null,{"$f":"SUBTOTAL(9,G155:G157)","v":80012.160000000003},{"$f":"ROUND(G154/G$7,4)","v":3.2000000000000002E-3}]
["6.1",{"$f":"Frentes_Moveis!B14","v":"Banco de Preços (PREGÃO ELETRÔNICO - MUNICÍPIO DE FÁTIMA/BA, 05/2022)"},{"$f":"Frentes_Moveis!C14","v":"Tenda Piramidal 5m x 5m (para refeitório)"},{"$f":"Frentes_Moveis!D14","v":"un x mês"},{"$f":"Frentes_Moveis!E14","v":48},{"$f":"Frentes_Moveis!F14","v":301.97000000000003},14494.56,{"$f":"ROUND(G155/G$7,4)","v":5.9999999999999995E-4},216]
["6.2",{"$f":"Frentes_Moveis!B15","v":"F099722405/EMBASA"},{"$f":"Frentes_Moveis!C15","v":"Tenda Piramidal 3m x 3m "},{"$f":"Frentes_Moveis!D15","v":"un x mês"},{"$f":"Frentes_Moveis!E15","v":48},{"$f":"Frentes_Moveis!F15","v":150},7200,{"$f":"ROUND(G156/G$7,4)","v":2.9999999999999997E-4},216]
["6.3",{"$f":"Frentes_Moveis!B16","v":"10390 - ORSE/SE"},{"$f":"Frentes_Moveis!C16","v":"Banheiro Químico, com 03 limpezas semanais"},{"$f":"Frentes_Moveis!D16","v":"un x mês"},{"$f":"Frentes_Moveis!E16","v":120},{"$f":"Frentes_Moveis!F16","v":485.98},58317.599999999999,{"$f":"ROUND(G157/G$7,4)","v":2.3E-3},360]
[]
["7.",null,{"$f":"Materiais_Consumo!C12","v":"MATERIAL DE CONSUMO - ALMOXARIFADOS"},null,null,null,{"$f":"SUBTOTAL(9,G160:G324)","v":2757360.8180000004},{"$f":"ROUND(G159/G$7,4)","v":0.1099}]
["7.1.",null,{"$f":"Materiais_Consumo!C14","v":"MATERIAL DE CONSUMO - MECÂNICA"},null,null,null,{"$f":"SUBTOTAL(9,G161:G212)","v":729720.95},2.9100000000000001E-2]
["7.1.1",{"$f":"Materiais_Consumo!B15","v":"04791 - SINAPI"},{"$f":"Materiais_Consumo!C15","v":"Adesivo Acrílico / Cola de contato"},{"$f":"Materiais_Consumo!D15","v":"un"},{"$f":"Materiais_Consumo!E15","v":480},{"$f":"Materiais_Consumo!F15","v":39.85},{"$f":"Materiais_Consumo!G15","v":19128},8.0000000000000004E-4,480]
["7.1.2",{"$f":"Materiais_Consumo!B16","v":"05318 - SINAPI"},{"$f":"Materiais_Consumo!C16","v":"Água Raz - galão  5 l"},{"$f":"Materiais_Consumo!D16","v":"un"},{"$f":"Materiais_Consumo!E16","v":112},{"$f":"Materiais_Consumo!F16","v":114.5},{"$f":"Materiais_Consumo!G16","v":12824},5.0000000000000001E-4,112]
["7.1.3",{"$f":"Materiais_Consumo!B17","v":"\t000312/SBC"},{"$f":"Materiais_Consumo!C17","v":"Alcool Comum 90º GL"},{"$f":"Materiais_Consumo!D17","v":"l"},{"$f":"Materiais_Consumo!E17","v":1200},{"$f":"Materiais_Consumo!F17","v":8.69},{"$f":"Materiais_Consumo!G17","v":10428},4.0000000000000002E-4,1200]
["7.1.4",null,{"$f":"Materiais_Consumo!C18","v":"Antiferrugem aerosol WD-40 - tubo de 300 ml"},{"$f":"Materiais_Consumo!D18","v":"un"},{"$f":"Materiais_Consumo!E18","v":289},{"$f":"Materiais_Consumo!F18","v":23.92},{"$f":"Materiais_Consumo!G18","v":6912.88},2.9999999999999997E-4,289]
["7.1.5",{"$f":"Materiais_Consumo!B19","v":"Banco de preços (NºPregão:142022 / UASG:926687 - Serviço Autonomo de Agua e Esgoto de Volta Redonda SAAE VR RJ, Pregão Eletrônico, 04/2022)"},{"$f":"Materiais_Consumo!C19","v":"Antiespumante – antiespumante a base de silicone"},{"$f":"Materiais_Consumo!D19","v":"l"},{"$f":"Materiais_Consumo!E19","v":223},{"$f":"Materiais_Consumo!F19","v":25},{"$f":"Materiais_Consumo!G19","v":5575},2.0000000000000001E-4,223]
["7.1.6",{"$f":"Materiais_Consumo!B20","v":"43132 - SINAPI"},{"$f":"Materiais_Consumo!C20","v":"Arame recozido n.º 18"},{"$f":"Materiais_Consumo!D20","v":"kg"},{"$f":"Materiais_Consumo!E20","v":2400},{"$f":"Materiais_Consumo!F20","v":27.6},{"$f":"Materiais_Consumo!G20","v":66240},2.5999999999999999E-3,2400]
["7.1.7",{"$f":"Materiais_Consumo!B21","v":"00122 - SINAPI"},{"$f":"Materiais_Consumo!C21","v":"Cola de PVC com 850 g"},{"$f":"Materiais_Consumo!D21","v":"un"},{"$f":"Materiais_Consumo!E21","v":144},{"$f":"Materiais_Consumo!F21","v":60.78},{"$f":"Materiais_Consumo!G21","v":8752.32},2.9999999999999997E-4,144]
["7.1.8",{"$f":"Materiais_Consumo!B22","v":"Banco de preços (DEPART.DE OBRAS E SERV.PUBLICOS\nPrefeitura Municipal de Ubiretama/RS, Dispensa por Limite - 01/2022)"},{"$f":"Materiais_Consumo!C22","v":"Cola Ultra Gray 70g"},{"$f":"Materiais_Consumo!D22","v":"un"},{"$f":"Materiais_Consumo!E22","v":144},{"$f":"Materiais_Consumo!F22","v":46},{"$f":"Materiais_Consumo!G22","v":6624},2.9999999999999997E-4,144]
["7.1.9",{"$f":"Materiais_Consumo!B23","v":"Banco de preços (PREFEITURA MUNICIPAL DE QUEIROZ, PREGÃO PRESENCIAL - 80/2021)"},{"$f":"Materiais_Consumo!C23","v":"Cola para junta de motores com 73g"},{"$f":"Materiais_Consumo!D23","v":"un"},{"$f":"Materiais_Consumo!E23","v":1200},{"$f":"Materiais_Consumo!F23","v":11.1},{"$f":"Materiais_Consumo!G23","v":13320},5.0000000000000001E-4,1200]
["7.1.10",{"$f":"Materiais_Consumo!B24","v":"Banco de preços (FUNDO MUNICIPAL DE ASSISTÊNCIA SOCIAL\nPrefeitura Municipal de Hulha Negra/RS, Dispensa por Limite - 05/2022)"},{"$f":"Materiais_Consumo!C24","v":"Convertedor de ferrugem 500 ml"},{"$f":"Materiais_Consumo!D24","v":"un"},{"$f":"Materiais_Consumo!E24","v":445},{"$f":"Materiais_Consumo!F24","v":33},{"$f":"Materiais_Consumo!G24","v":14685},5.9999999999999995E-4,445]
["7.1.11",{"$f":"Materiais_Consumo!B25","v":"038200 - SINAPI"},{"$f":"Materiais_Consumo!C25","v":"Corda de bombeiro 12mm em nylon trançado (rolo de 100,00m)"},{"$f":"Materiais_Consumo!D25","v":"m"},{"$f":"Materiais_Consumo!E25","v":3200},{"$f":"Materiais_Consumo!F25","v":7.26},{"$f":"Materiais_Consumo!G25","v":23232},8.9999999999999998E-4,3200]
["7.1.12",{"$f":"Materiais_Consumo!B26","v":"004221 - SINAPI"},{"$f":"Materiais_Consumo!C26","v":"Diesel comum (l)"},{"$f":"Materiais_Consumo!D26","v":"l"},{"$f":"Materiais_Consumo!E26","v":480},{"$f":"Materiais_Consumo!F26","v":6.85},{"$f":"Materiais_Consumo!G26","v":3288},1E-4,4800]
["7.1.13",{"$f":"Materiais_Consumo!B27","v":"044533 - SINAPI"},{"$f":"Materiais_Consumo!C27","v":"Disco corte abrasivo 7\" x 1/8\" x 7/8\""},{"$f":"Materiais_Consumo!D27","v":"un"},{"$f":"Materiais_Consumo!E27","v":434},{"$f":"Materiais_Consumo!F27","v":30.85},{"$f":"Materiais_Consumo!G27","v":13388.9},5.0000000000000001E-4,434]
["7.1.14",{"$f":"Materiais_Consumo!B28","v":"044531 - SINAPI"},{"$f":"Materiais_Consumo!C28","v":"Disco de corte diamantado - 7\", para esmerilhadeira, segmentado, para concreto"},{"$f":"Materiais_Consumo!D28","v":"un"},{"$f":"Materiais_Consumo!E28","v":108},{"$f":"Materiais_Consumo!F28","v":127.83},{"$f":"Materiais_Consumo!G28","v":13805.64},5.9999999999999995E-4,434]
["7.1.15",{"$f":"Materiais_Consumo!B29","v":"044495 - SINAPI"},{"$f":"Materiais_Consumo!C29","v":"Disco de corte para estrutura metálica 300 x 3,2 x 19,05 mm"},{"$f":"Materiais_Consumo!D29","v":"un"},{"$f":"Materiais_Consumo!E29","v":434},{"$f":"Materiais_Consumo!F29","v":32.67},{"$f":"Materiais_Consumo!G29","v":14178.78},5.9999999999999995E-4,434]
["7.1.16",{"$f":"Materiais_Consumo!B30","v":"044533 - SINAPI"},{"$f":"Materiais_Consumo!C30","v":"Disco de desbaste para estrutura metálica de 9\" x 1/4\" x 7/8\" ( 225 x 6,25 x 21,87 mm)"},{"$f":"Materiais_Consumo!D30","v":"un"},{"$f":"Materiais_Consumo!E30","v":434},{"$f":"Materiais_Consumo!F30","v":30.85},{"$f":"Materiais_Consumo!G30","v":13388.9},5.0000000000000001E-4,434]
["7.1.17",{"$f":"Materiais_Consumo!B31","v":"010997 - SINAPI"},{"$f":"Materiais_Consumo!C31","v":"Eletrodos Revestido AWS-E7018, DN 4 mm"},{"$f":"Materiais_Consumo!D31","v":"kg"},{"$f":"Materiais_Consumo!E31","v":320},{"$f":"Materiais_Consumo!F31","v":37.950000000000003},{"$f":"Materiais_Consumo!G31","v":12144},5.0000000000000001E-4,320]
["7.1.18",null,{"$f":"Materiais_Consumo!C32","v":"SOLDA-ELETRODO OK 4600 AWS 6013 6,0mm 1/4\""},{"$f":"Materiais_Consumo!D32","v":"kg"},{"$f":"Materiais_Consumo!E32","v":320},{"$f":"Materiais_Consumo!F32","v":71.73},{"$f":"Materiais_Consumo!G32","v":22953.599999999999},8.9999999999999998E-4,320]
["7.1.19",{"$f":"Materiais_Consumo!B33","v":"000012 - SINAPI"},{"$f":"Materiais_Consumo!C33","v":"Escova de aço para remoção da graxa envelhecida dos cabos de aço"},{"$f":"Materiais_Consumo!D33","v":"un"},{"$f":"Materiais_Consumo!E33","v":160},{"$f":"Materiais_Consumo!F33","v":11.88},{"$f":"Materiais_Consumo!G33","v":1900.8},1E-4,160]
["7.1.20",{"$f":"Materiais_Consumo!B34","v":"000013 - SINAPI"},{"$f":"Materiais_Consumo!C34","v":"Estopa - embalagem 20 kg"},{"$f":"Materiais_Consumo!D34","v":"kg"},{"$f":"Materiais_Consumo!E34","v":294},{"$f":"Materiais_Consumo!F34","v":18.29},{"$f":"Materiais_Consumo!G34","v":5377.26},2.0000000000000001E-4,294]
["7.1.21",{"$f":"Materiais_Consumo!B35","v":"000404 - SINAPI"},{"$f":"Materiais_Consumo!C35","v":"Fita auto fusão 19 mm x 10 m"},{"$f":"Materiais_Consumo!D35","v":"un"},{"$f":"Materiais_Consumo!E35","v":194},{"$f":"Materiais_Consumo!F35","v":23.8},{"$f":"Materiais_Consumo!G35","v":4617.2},2.0000000000000001E-4,194]
["7.1.22",{"$f":"Materiais_Consumo!B36","v":"012815 - SINAPI"},{"$f":"Materiais_Consumo!C36","v":"Fita crepe adesiva 25mm x 50mm "},{"$f":"Materiais_Consumo!D36","v":"un"},{"$f":"Materiais_Consumo!E36","v":194},{"$f":"Materiais_Consumo!F36","v":8.86},{"$f":"Materiais_Consumo!G36","v":1718.84},1E-4,194]
["7.1.23",{"$f":"Materiais_Consumo!B37","v":"020111 - SINAPI"},{"$f":"Materiais_Consumo!C37","v":"Fita isolante 19 mm x 20 m"},{"$f":"Materiais_Consumo!D37","v":"un"},{"$f":"Materiais_Consumo!E37","v":194},{"$f":"Materiais_Consumo!F37","v":17.5},{"$f":"Materiais_Consumo!G37","v":3395},1E-4,194]
["7.1.24",null,{"$f":"Materiais_Consumo!C38","v":"Graxa a base de lítio NGLI 2"},{"$f":"Materiais_Consumo!D38","v":"kg"},{"$f":"Materiais_Consumo!E38","v":478},{"$f":"Materiais_Consumo!F38","v":48.12},{"$f":"Materiais_Consumo!G38","v":23001.360000000001},8.9999999999999998E-4,478]
["7.1.25",null,{"$f":"Materiais_Consumo!C39","v":"Graxa a base de lítio NGLI 3"},{"$f":"Materiais_Consumo!D39","v":"kg"},{"$f":"Materiais_Consumo!E39","v":478},{"$f":"Materiais_Consumo!F39","v":91.18},{"$f":"Materiais_Consumo!G39","v":43584.04},1.6999999999999999E-3,478]
["7.1.26",null,{"$f":"Materiais_Consumo!C40","v":"Graxa com dissulfeto de molibidênio (MoS2) - Lata 500 g"},{"$f":"Materiais_Consumo!D40","v":"un"},{"$f":"Materiais_Consumo!E40","v":478},{"$f":"Materiais_Consumo!F40","v":41.85},{"$f":"Materiais_Consumo!G40","v":20004.3},8.0000000000000004E-4,478]
["7.1.27",null,{"$f":"Materiais_Consumo!C41","v":"Graxa GMA - 2"},{"$f":"Materiais_Consumo!D41","v":"kg"},{"$f":"Materiais_Consumo!E41","v":478},{"$f":"Materiais_Consumo!F41","v":45.58},{"$f":"Materiais_Consumo!G41","v":21787.24},8.9999999999999998E-4,478]
["7.1.28",null,{"$f":"Materiais_Consumo!C42","v":"Graxa de Alta Resistência a Carga, Pressão LGEP 2/1. Aplicação: Engrenagens de roda e engrenagens expostas"},{"$f":"Materiais_Consumo!D42","v":"kg"},{"$f":"Materiais_Consumo!E42","v":478},{"$f":"Materiais_Consumo!F42","v":115.41},{"$f":"Materiais_Consumo!G42","v":55165.98},2.2000000000000001E-3,478]
["7.1.29",null,{"$f":"Materiais_Consumo!C43","v":"Hidróxido de Cálcio P.A. 500 g"},{"$f":"Materiais_Consumo!D43","v":"kg"},{"$f":"Materiais_Consumo!E43","v":600},{"$f":"Materiais_Consumo!F43","v":32.67},{"$f":"Materiais_Consumo!G43","v":19602},8.0000000000000004E-4,600]
["7.1.30",null,{"$f":"Materiais_Consumo!C44","v":"Hipoclorito de Sódio 12% 5000 ml"},{"$f":"Materiais_Consumo!D44","v":"kg"},{"$f":"Materiais_Consumo!E44","v":1200},{"$f":"Materiais_Consumo!F44","v":6.75},{"$f":"Materiais_Consumo!G44","v":8100},2.9999999999999997E-4,1200]
["7.1.31",{"$f":"Materiais_Consumo!B45","v":"8216 - ORSE"},{"$f":"Materiais_Consumo!C45","v":"Lâmina de serra para metal  Starret ou similar"},{"$f":"Materiais_Consumo!D45","v":"un"},{"$f":"Materiais_Consumo!E45","v":667},{"$f":"Materiais_Consumo!F45","v":10.5},{"$f":"Materiais_Consumo!G45","v":7003.5},2.9999999999999997E-4,667]
["7.1.32",null,{"$f":"Materiais_Consumo!C46","v":"Lençol de borracha manta 3/16” 4,8mm"},{"$f":"Materiais_Consumo!D46","v":"m²"},{"$f":"Materiais_Consumo!E46","v":400},{"$f":"Materiais_Consumo!F46","v":153.52000000000001},{"$f":"Materiais_Consumo!G46","v":61408},2.3999999999999998E-3,400]
["7.1.33",null,{"$f":"Materiais_Consumo!C47","v":"Líquido penetrante visível lavável à água (Ensaios de Líquido Penetrante)"},{"$f":"Materiais_Consumo!D47","v":"un"},{"$f":"Materiais_Consumo!E47","v":98},{"$f":"Materiais_Consumo!F47","v":37.36},{"$f":"Materiais_Consumo!G47","v":3661.28},1E-4,98]
["7.1.34",{"$f":"Materiais_Consumo!B48","v":"003767 - SINAPI"},{"$f":"Materiais_Consumo!C48","v":"Lixa nº120"},{"$f":"Materiais_Consumo!D48","v":"un"},{"$f":"Materiais_Consumo!E48","v":2400},{"$f":"Materiais_Consumo!F48","v":0.74},{"$f":"Materiais_Consumo!G48","v":1776},1E-4,2400]
["7.1.35",null,{"$f":"Materiais_Consumo!C49","v":"Lona de borracha com alma 1,0 – 4,8 mm esp."},{"$f":"Materiais_Consumo!D49","v":"m"},{"$f":"Materiais_Consumo!E49","v":45},{"$f":"Materiais_Consumo!F49","v":125.37},{"$f":"Materiais_Consumo!G49","v":5641.65},2.0000000000000001E-4,45]
["7.1.36",{"$f":"Materiais_Consumo!B50","v":"003777 - SINAPI/PE"},{"$f":"Materiais_Consumo!C50","v":"Lona plástica - 4 x 100 m - 12 kg"},{"$f":"Materiais_Consumo!D50","v":"m²"},{"$f":"Materiais_Consumo!E50","v":3200},{"$f":"Materiais_Consumo!F50","v":1.69},{"$f":"Materiais_Consumo!G50","v":5408},2.0000000000000001E-4,3200]
["7.1.37",{"$f":"Materiais_Consumo!B51","v":"037459 - SINAPI"},{"$f":"Materiais_Consumo!C51","v":"Mangueira Cristal, Lisa PVC transparente, 3/4\" x 2 mm"},{"$f":"Materiais_Consumo!D51","v":"m"},{"$f":"Materiais_Consumo!E51","v":1600},{"$f":"Materiais_Consumo!F51","v":7.02},{"$f":"Materiais_Consumo!G51","v":11232},4.0000000000000002E-4,1600]
["7.1.38",null,{"$f":"Materiais_Consumo!C52","v":"Mangueira FLG-62/1 0 - 150 PSI 1/4\" NPT"},{"$f":"Materiais_Consumo!D52","v":"m"},{"$f":"Materiais_Consumo!E52","v":800},{"$f":"Materiais_Consumo!F52","v":5.1100000000000003},{"$f":"Materiais_Consumo!G52","v":4088},2.0000000000000001E-4,800]
["7.1.39",{"$f":"Materiais_Consumo!B53","v":"7696 - ORSE"},{"$f":"Materiais_Consumo!C53","v":"Massa calafetar cinza-Durepox ou similiar"},{"$f":"Materiais_Consumo!D53","v":"kg"},{"$f":"Materiais_Consumo!E53","v":334},{"$f":"Materiais_Consumo!F53","v":26.37},{"$f":"Materiais_Consumo!G53","v":8807.58},4.0000000000000002E-4,334]
["7.1.40",null,{"$f":"Materiais_Consumo!C54","v":"Óleo - Translação pórtico e ponte e direção do carro - 20 l -  Óleo EP 220"},{"$f":"Materiais_Consumo!D54","v":"l"},{"$f":"Materiais_Consumo!E54","v":334},{"$f":"Materiais_Consumo!F54","v":44.27},{"$f":"Materiais_Consumo!G54","v":14786.18},5.9999999999999995E-4,334]
["7.1.41",null,{"$f":"Materiais_Consumo!C55","v":"Óleo Hidràulico para os componentes não protegido dos Servomotor Hidráulico - Óleo EP 320"},{"$f":"Materiais_Consumo!D55","v":"l"},{"$f":"Materiais_Consumo!E55","v":334},{"$f":"Materiais_Consumo!F55","v":42.63},{"$f":"Materiais_Consumo!G55","v":14238.42},5.9999999999999995E-4,334]
["7.1.42",null,{"$f":"Materiais_Consumo!C56","v":"Óleo Lubrificante Redutor - Óleo SAE 90"},{"$f":"Materiais_Consumo!D56","v":"l"},{"$f":"Materiais_Consumo!E56","v":334},{"$f":"Materiais_Consumo!F56","v":47.83},{"$f":"Materiais_Consumo!G56","v":15975.22},5.9999999999999995E-4,334]
["7.1.43",null,{"$f":"Materiais_Consumo!C57","v":"Óleo lubrificante, para engrenagem., EP-5, viscosidade (CSt) ( - 40ºC) = 22 - tambor 20 l"},{"$f":"Materiais_Consumo!D57","v":"l"},{"$f":"Materiais_Consumo!E57","v":334},{"$f":"Materiais_Consumo!F57","v":34.380000000000003},{"$f":"Materiais_Consumo!G57","v":11482.92},5.0000000000000001E-4,334]
["7.1.44",null,{"$f":"Materiais_Consumo!C58","v":"PAC – Policloreto de alumínio (5 l)"},{"$f":"Materiais_Consumo!D58","v":"l"},{"$f":"Materiais_Consumo!E58","v":967},{"$f":"Materiais_Consumo!F58","v":14.96},{"$f":"Materiais_Consumo!G58","v":14466.32},5.9999999999999995E-4,967]
["7.1.45",null,{"$f":"Materiais_Consumo!C59","v":"Papelão grafitado 1,50 m x 1,60 m Esp 2.4"},{"$f":"Materiais_Consumo!D59","v":"un"},{"$f":"Materiais_Consumo!E59","v":30},{"$f":"Materiais_Consumo!F59","v":491.4},{"$f":"Materiais_Consumo!G59","v":14742},5.9999999999999995E-4,30]
["7.1.46",null,{"$f":"Materiais_Consumo!C60","v":"Pasta de Limpeza Uso Geral Limptek 500 gramas"},{"$f":"Materiais_Consumo!D60","v":"kg"},{"$f":"Materiais_Consumo!E60","v":400},{"$f":"Materiais_Consumo!F60","v":22.46},{"$f":"Materiais_Consumo!G60","v":8984},4.0000000000000002E-4,400]
["7.1.47",null,{"$f":"Materiais_Consumo!C61","v":"Querosene para limpeza "},{"$f":"Materiais_Consumo!D61","v":"l"},{"$f":"Materiais_Consumo!E61","v":240},{"$f":"Materiais_Consumo!F61","v":20.03},{"$f":"Materiais_Consumo!G61","v":4807.2},2.0000000000000001E-4,240]
["7.1.48",null,{"$f":"Materiais_Consumo!C62","v":"Revelador não aquoso D70 (Ensaios de Líquido Penetrante)"},{"$f":"Materiais_Consumo!D62","v":"un"},{"$f":"Materiais_Consumo!E62","v":98},{"$f":"Materiais_Consumo!F62","v":35.659999999999997},{"$f":"Materiais_Consumo!G62","v":3494.68},1E-4,98]
["7.1.49",null,{"$f":"Materiais_Consumo!C63","v":"Sílica Gel Branca - Pacote De 1kg - Grânulos De 4-8 Mm"},{"$f":"Materiais_Consumo!D63","v":"kg"},{"$f":"Materiais_Consumo!E63","v":98},{"$f":"Materiais_Consumo!F63","v":52.28},{"$f":"Materiais_Consumo!G63","v":5123.4399999999996},2.0000000000000001E-4,98]
["7.1.50",{"$f":"Materiais_Consumo!B64","v":"039961 - SINAPI"},{"$f":"Materiais_Consumo!C64","v":"Silicone (acético branca) - Tubo de 280g"},{"$f":"Materiais_Consumo!D64","v":"un"},{"$f":"Materiais_Consumo!E64","v":480},{"$f":"Materiais_Consumo!F64","v":27.5},{"$f":"Materiais_Consumo!G64","v":13200},5.0000000000000001E-4,480]
["7.1.51",null,{"$f":"Materiais_Consumo!C65","v":"Trava Parafusos de Alta Resistência 120 com 10g"},{"$f":"Materiais_Consumo!D65","v":"un"},{"$f":"Materiais_Consumo!E65","v":192},{"$f":"Materiais_Consumo!F65","v":19.559999999999999},{"$f":"Materiais_Consumo!G65","v":3755.52},1E-4,192]
["7.1.52",{"$f":"Materiais_Consumo!B66","v":"Banco de preços (FUNDO MUNICIPAL DE CULTURA\nSECRETARIA DE CULTURA E TURISMO\nPrefeitura Municipal de Leme/SP, Dispensa por Limite - 04/2022)"},{"$f":"Materiais_Consumo!C66","v":"Vaselina sólida anti-inflamável 500g"},{"$f":"Materiais_Consumo!D66","v":"kg"},{"$f":"Materiais_Consumo!E66","v":120},{"$f":"Materiais_Consumo!F66","v":54.3},{"$f":"Materiais_Consumo!G66","v":6516},2.9999999999999997E-4,480]
["7.2.",null,{"$f":"Materiais_Consumo!C70","v":"MATERIAL DE CONSUMO - ELÉTRICA"},null,null,null,{"$f":"SUBTOTAL(9,G214:G264)","v":294586.5},1.17E-2]
["7.2.1",{"$f":"Materiais_Consumo!B71","v":"00181 - ORSE"},{"$f":"Materiais_Consumo!C71","v":"Anilha Identificação - 0,5 a 6mm² (pacote com 100 unidades)"},{"$f":"Materiais_Consumo!D71","v":"un"},{"$f":"Materiais_Consumo!E71","v":10},{"$f":"Materiais_Consumo!F71","v":5},{"$f":"Materiais_Consumo!G71","v":50},0,10]
["7.2.2",{"$f":"Materiais_Consumo!B72","v":"00181 - ORSE"},{"$f":"Materiais_Consumo!C72","v":"Anilha Identificação - 10 a 16mm² (pacote com 100 unidades)"},{"$f":"Materiais_Consumo!D72","v":"un"},{"$f":"Materiais_Consumo!E72","v":10},{"$f":"Materiais_Consumo!F72","v":5},{"$f":"Materiais_Consumo!G72","v":50},0,10]
["7.2.3",{"$f":"Materiais_Consumo!B73","v":"03875 - ORSE"},{"$f":"Materiais_Consumo!C73","v":"Anilha Identificação - 25 a 70mm² (pacote com 100 unidades)"},{"$f":"Materiais_Consumo!D73","v":"un"},{"$f":"Materiais_Consumo!E73","v":10},{"$f":"Materiais_Consumo!F73","v":57},{"$f":"Materiais_Consumo!G73","v":570},0,10]
["7.2.4",{"$f":"Materiais_Consumo!B74","v":"03875 - ORSE"},{"$f":"Materiais_Consumo!C74","v":"Anilha Identificação - 95 a 120mm² (pacote com 100 unidades)"},{"$f":"Materiais_Consumo!D74","v":"un"},{"$f":"Materiais_Consumo!E74","v":10},{"$f":"Materiais_Consumo!F74","v":57},{"$f":"Materiais_Consumo!G74","v":570},0,10]
["7.2.5",{"$f":"Materiais_Consumo!B75","v":"03531 - ORSE"},{"$f":"Materiais_Consumo!C75","v":"Ar comprimido seco  Aerossol 300ml"},{"$f":"Materiais_Consumo!D75","v":"un"},{"$f":"Materiais_Consumo!E75","v":100},{"$f":"Materiais_Consumo!F75","v":44.97},{"$f":"Materiais_Consumo!G75","v":4497},2.0000000000000001E-4,100]
["7.2.6",{"$f":"Materiais_Consumo!B76","v":"00993 - SINAPI"},{"$f":"Materiais_Consumo!C76","v":"Cabo cobre flexível classe 4 ou 5 isolação PVC/A M 1,68 e cobertura PVC-ST1 antichama BWF-B 0,6/1 kV 1,5mm²"},{"$f":"Materiais_Consumo!D76","v":"m"},{"$f":"Materiais_Consumo!E76","v":500},{"$f":"Materiais_Consumo!F76","v":2.69},{"$f":"Materiais_Consumo!G76","v":1345},1E-4,500]
["7.2.7",{"$f":"Materiais_Consumo!B77","v":"01022 - SINAPI"},{"$f":"Materiais_Consumo!C77","v":"Cabo cobre flexível classe 4 ou 5 isolação PVC/A M 1,68 e cobertura PVC-ST1 antichama BWF-B 0,6/1 kV 2,5mm²"},{"$f":"Materiais_Consumo!D77","v":"m"},{"$f":"Materiais_Consumo!E77","v":1000},{"$f":"Materiais_Consumo!F77","v":3.73},{"$f":"Materiais_Consumo!G77","v":3730},{"$f":"ROUND(G220/G$7,4)","v":1E-4},1000]
["7.2.8",{"$f":"Materiais_Consumo!B78","v":"01003 - SINAPI"},{"$f":"Materiais_Consumo!C78","v":"Cabo cobre flexível classe 4 ou 5 isolação PVC/A M 1,68 e cobertura PVC-ST1 antichama BWF-B 0,6/1 kV 4mm²"},{"$f":"Materiais_Consumo!D78","v":"m"},{"$f":"Materiais_Consumo!E78","v":1000},{"$f":"Materiais_Consumo!F78","v":5.76},{"$f":"Materiais_Consumo!G78","v":5760},2.0000000000000001E-4,1000]
["7.2.9",{"$f":"Materiais_Consumo!B79","v":"00994 - SINAPI"},{"$f":"Materiais_Consumo!C79","v":"Cabo cobre flexível classe 4 ou 5 isolação PVC/A M 1,68 e cobertura PVC-ST1 antichama BWF-B 0,6/1 kV 6mm²"},{"$f":"Materiais_Consumo!D79","v":"m"},{"$f":"Materiais_Consumo!E79","v":1000},{"$f":"Materiais_Consumo!F79","v":7.3},{"$f":"Materiais_Consumo!G79","v":7300},2.9999999999999997E-4,1000]
["7.2.10",{"$f":"Materiais_Consumo!B80","v":"01020 - SINAPI"},{"$f":"Materiais_Consumo!C80","v":"Cabo cobre flexível classe 4 ou 5 isolação PVC/A M 1,68 e cobertura PVC-ST1 antichama BWF-B 0,6/1 kV 10mm²"},{"$f":"Materiais_Consumo!D80","v":"m"},{"$f":"Materiais_Consumo!E80","v":500},{"$f":"Materiais_Consumo!F80","v":11.7},{"$f":"Materiais_Consumo!G80","v":5850},2.0000000000000001E-4,500]
["7.2.11",{"$f":"Materiais_Consumo!B81","v":"00995 - SINAPI"},{"$f":"Materiais_Consumo!C81","v":"Cabo cobre flexível classe 4 ou 5 isolação PVC/A M 1,68 e cobertura PVC-ST1 antichama BWF-B 0,6/1 kV 16mm²"},{"$f":"Materiais_Consumo!D81","v":"m"},{"$f":"Materiais_Consumo!E81","v":500},{"$f":"Materiais_Consumo!F81","v":17.95},{"$f":"Materiais_Consumo!G81","v":8975},4.0000000000000002E-4,500]
["7.2.12",{"$f":"Materiais_Consumo!B82","v":"00996 - SINAPI"},{"$f":"Materiais_Consumo!C82","v":"Cabo cobre flexível classe 4 ou 5 isolação PVC/A M 1,68 e cobertura PVC-ST1 antichama BWF-B 0,6/1 kV 25mm²"},{"$f":"Materiais_Consumo!D82","v":"m"},{"$f":"Materiais_Consumo!E82","v":500},{"$f":"Materiais_Consumo!F82","v":27.33},{"$f":"Materiais_Consumo!G82","v":13665},5.0000000000000001E-4,500]
["7.2.13",{"$f":"Materiais_Consumo!B83","v":"01019 - SINAPI"},{"$f":"Materiais_Consumo!C83","v":"Cabo cobre flexível classe 4 ou 5 isolação PVC/A M 1,68 e cobertura PVC-ST1 antichama BWF-B 0,6/1 kV 35mm²"},{"$f":"Materiais_Consumo!D83","v":"m"},{"$f":"Materiais_Consumo!E83","v":500},{"$f":"Materiais_Consumo!F83","v":37.67},{"$f":"Materiais_Consumo!G83","v":18835},8.0000000000000004E-4,500]
["7.2.14",{"$f":"Materiais_Consumo!B84","v":"01018 - SINAPI"},{"$f":"Materiais_Consumo!C84","v":"Cabo cobre flexível classe 4 ou 5 isolação PVC/A M 1,68 e cobertura PVC-ST1 antichama BWF-B 0,6/1 kV 50mm²"},{"$f":"Materiais_Consumo!D84","v":"m"},{"$f":"Materiais_Consumo!E84","v":500},{"$f":"Materiais_Consumo!F84","v":53.69},{"$f":"Materiais_Consumo!G84","v":26845},1.1000000000000001E-3,500]
["7.2.15",{"$f":"Materiais_Consumo!B85","v":"00977 - SINAPI"},{"$f":"Materiais_Consumo!C85","v":"Cabo cobre flexível classe 4 ou 5 isolação PVC/A M 1,68 e cobertura PVC-ST1 antichama BWF-B 0,6/1 kV 70mm²"},{"$f":"Materiais_Consumo!D85","v":"m"},{"$f":"Materiais_Consumo!E85","v":500},{"$f":"Materiais_Consumo!F85","v":74.38},{"$f":"Materiais_Consumo!G85","v":37190},1.5E-3,500]
["7.2.16",{"$f":"Materiais_Consumo!B86","v":"00998 - SINAPI"},{"$f":"Materiais_Consumo!C86","v":"Cabo cobre flexível classe 4 ou 5 isolação PVC/A M 1,68 e cobertura PVC-ST1 antichama BWF-B 0,6/1 kV 95mm²"},{"$f":"Materiais_Consumo!D86","v":"m"},{"$f":"Materiais_Consumo!E86","v":200},{"$f":"Materiais_Consumo!F86","v":98.81},{"$f":"Materiais_Consumo!G86","v":19762},8.0000000000000004E-4,200]
["7.2.17",{"$f":"Materiais_Consumo!B87","v":"01017 - SINAPI"},{"$f":"Materiais_Consumo!C87","v":"Cabo cobre flexível classe 4 ou 5 isolação PVC/A M 1,68 e cobertura PVC-ST1 antichama BWF-B 0,6/1 kV 120mm²"},{"$f":"Materiais_Consumo!D87","v":"m"},{"$f":"Materiais_Consumo!E87","v":200},{"$f":"Materiais_Consumo!F87","v":128.62},{"$f":"Materiais_Consumo!G87","v":25724},1E-3,200]
["7.2.18",{"$f":"Materiais_Consumo!B88","v":"00863 - SINAPI"},{"$f":"Materiais_Consumo!C88","v":"Cabo de cobre nu, eletrolítico, têmpera meio duro, #35mm² (m)"},{"$f":"Materiais_Consumo!D88","v":"m"},{"$f":"Materiais_Consumo!E88","v":200},{"$f":"Materiais_Consumo!F88","v":38.409999999999997},{"$f":"Materiais_Consumo!G88","v":7682},2.9999999999999997E-4,200]
["7.2.19",{"$f":"Materiais_Consumo!B89","v":"00867 - SINAPI"},{"$f":"Materiais_Consumo!C89","v":"Cabo de cobre nu, eletrolítico, têmpera meio duro, #50mm² (m)"},{"$f":"Materiais_Consumo!D89","v":"m"},{"$f":"Materiais_Consumo!E89","v":200},{"$f":"Materiais_Consumo!F89","v":53.49},{"$f":"Materiais_Consumo!G89","v":10698},4.0000000000000002E-4,200]
["7.2.20",{"$f":"Materiais_Consumo!B90","v":"00864 - SINAPI"},{"$f":"Materiais_Consumo!C90","v":"Cabo de cobre nu, eletrolítico, têmpera meio duro, #70mm² (m)"},{"$f":"Materiais_Consumo!D90","v":"m"},{"$f":"Materiais_Consumo!E90","v":200},{"$f":"Materiais_Consumo!F90","v":75.36},{"$f":"Materiais_Consumo!G90","v":15072},5.9999999999999995E-4,200]
["7.2.21",{"$f":"Materiais_Consumo!B91","v":"09720 - ORSE"},{"$f":"Materiais_Consumo!C91","v":"Conector para haste aterramento #35mm² GTDU"},{"$f":"Materiais_Consumo!D91","v":"un"},{"$f":"Materiais_Consumo!E91","v":25},{"$f":"Materiais_Consumo!F91","v":54.5},{"$f":"Materiais_Consumo!G91","v":1362.5},1E-4,25]
["7.2.22",{"$f":"Materiais_Consumo!B92","v":"09720 - ORSE"},{"$f":"Materiais_Consumo!C92","v":"Conector para haste aterramento #50mm² GTDU"},{"$f":"Materiais_Consumo!D92","v":"un"},{"$f":"Materiais_Consumo!E92","v":20},{"$f":"Materiais_Consumo!F92","v":54.5},{"$f":"Materiais_Consumo!G92","v":1090},0,20]
["7.2.23",{"$f":"Materiais_Consumo!B93","v":"09720 - ORSE"},{"$f":"Materiais_Consumo!C93","v":"Conector para haste aterramento #70mm² GTDU"},{"$f":"Materiais_Consumo!D93","v":"un"},{"$f":"Materiais_Consumo!E93","v":20},{"$f":"Materiais_Consumo!F93","v":54.5},{"$f":"Materiais_Consumo!G93","v":1090},0,20]
["7.2.24",{"$f":"Materiais_Consumo!B94","v":"11602 - ORSE"},{"$f":"Materiais_Consumo!C94","v":"Filtro de ventiladores de painéis"},{"$f":"Materiais_Consumo!D94","v":"un"},{"$f":"Materiais_Consumo!E94","v":180},{"$f":"Materiais_Consumo!F94","v":38.39},{"$f":"Materiais_Consumo!G94","v":6910.2},2.9999999999999997E-4,180]
["7.2.25",null,{"$f":"Materiais_Consumo!C95","v":"Filtro dos motores do eixo leste EBV6 (fabricante Aeroglass (670x280x25mm)"},{"$f":"Materiais_Consumo!D95","v":"un"},{"$f":"Materiais_Consumo!E95","v":48},{"$f":"Materiais_Consumo!F95","v":168},{"$f":"Materiais_Consumo!G95","v":8064},2.9999999999999997E-4,48]
["7.2.26",null,{"$f":"Materiais_Consumo!C96","v":"Filtro dos motores do eixo leste EBV5 (fabricante Aeroglass (750x225x25mm)"},{"$f":"Materiais_Consumo!D96","v":"un"},{"$f":"Materiais_Consumo!E96","v":48},{"$f":"Materiais_Consumo!F96","v":161},{"$f":"Materiais_Consumo!G96","v":7728},2.9999999999999997E-4,48]
["7.2.27",null,{"$f":"Materiais_Consumo!C97","v":"Filtro dos motores do eixo leste EBV1, 2, 3 e 4 (fabricante Aeroglass-modelo FMT_C2015 inox - 345x925x25mm)"},{"$f":"Materiais_Consumo!D97","v":"un"},{"$f":"Materiais_Consumo!E97","v":64},{"$f":"Materiais_Consumo!F97","v":230},{"$f":"Materiais_Consumo!G97","v":14720},5.9999999999999995E-4,64]
["7.2.28",{"$f":"Materiais_Consumo!B98","v":"02643 - ORSE"},{"$f":"Materiais_Consumo!C98","v":"Fita isolante de borracha autofusão impermeável à prova dágua , até 69 kV (alta tensão)- 19mm x 10m"},{"$f":"Materiais_Consumo!D98","v":"un"},{"$f":"Materiais_Consumo!E98","v":200},{"$f":"Materiais_Consumo!F98","v":12.6},{"$f":"Materiais_Consumo!G98","v":2520},1E-4,200]
["7.2.29",{"$f":"Materiais_Consumo!B99","v":"020111 - SINAPI"},{"$f":"Materiais_Consumo!C99","v":"Fita isolante adesiva antichama 19mm x 20m"},{"$f":"Materiais_Consumo!D99","v":"un"},{"$f":"Materiais_Consumo!E99","v":280},{"$f":"Materiais_Consumo!F99","v":17.5},{"$f":"Materiais_Consumo!G99","v":4900},2.0000000000000001E-4,280]
["7.2.30",{"$f":"Materiais_Consumo!B100","v":"01118 - ORSE"},{"$f":"Materiais_Consumo!C100","v":"Interruptor simples com 01 tecla"},{"$f":"Materiais_Consumo!D100","v":"un"},{"$f":"Materiais_Consumo!E100","v":4},{"$f":"Materiais_Consumo!F100","v":9.6},{"$f":"Materiais_Consumo!G100","v":38.4},0,4]
["7.2.31",{"$f":"Materiais_Consumo!B101","v":"01119 - ORSE"},{"$f":"Materiais_Consumo!C101","v":"Interruptor simples com 02 teclas"},{"$f":"Materiais_Consumo!D101","v":"un"},{"$f":"Materiais_Consumo!E101","v":4},{"$f":"Materiais_Consumo!F101","v":6.2},{"$f":"Materiais_Consumo!G101","v":24.8},0,4]
["7.2.32",{"$f":"Materiais_Consumo!B102","v":"38070 - SINAPI"},{"$f":"Materiais_Consumo!C102","v":"Interruptor tipo three-way (paralelos) com 02 teclas"},{"$f":"Materiais_Consumo!D102","v":"un"},{"$f":"Materiais_Consumo!E102","v":4},{"$f":"Materiais_Consumo!F102","v":18.02},{"$f":"Materiais_Consumo!G102","v":72.08},0,4]
["7.2.33",null,{"$f":"Materiais_Consumo!C103","v":"Limpador de contatos elétricos 300ml"},{"$f":"Materiais_Consumo!D103","v":"un"},{"$f":"Materiais_Consumo!E103","v":84},{"$f":"Materiais_Consumo!F103","v":13.19},{"$f":"Materiais_Consumo!G103","v":1107.96},0,84]
["7.2.34",null,{"$f":"Materiais_Consumo!C104","v":"Pano para limpeza (Rolo Tipo Perfex 20 cm x 300 metros)"},{"$f":"Materiais_Consumo!D104","v":"un"},{"$f":"Materiais_Consumo!E104","v":50},{"$f":"Materiais_Consumo!F104","v":141.16999999999999},{"$f":"Materiais_Consumo!G104","v":7058.5},2.9999999999999997E-4,50]
["7.2.35",{"$f":"Materiais_Consumo!B105","v":"11443 - ORSE"},{"$f":"Materiais_Consumo!C105","v":"Pincel - kit 03 pincéis 1/2\" 1\" 1.1/2\""},{"$f":"Materiais_Consumo!D105","v":"un"},{"$f":"Materiais_Consumo!E105","v":76},{"$f":"Materiais_Consumo!F105","v":8.5500000000000007},{"$f":"Materiais_Consumo!G105","v":649.79999999999995},0,76]
["7.2.36",{"$f":"Materiais_Consumo!B106","v":"Banco de preços (NºPregão:202022 / UASG:926430 - GOVERNO DO ESTADO DO AMAZONAS\nDEFENSORIA PUBLICA DO ESTADO DO AMAZONAS, Pregão Eletrônico - 05/2022)"},{"$f":"Materiais_Consumo!C106","v":"Sabão líquido neutro (5 l)"},{"$f":"Materiais_Consumo!D106","v":"un"},{"$f":"Materiais_Consumo!E106","v":54},{"$f":"Materiais_Consumo!F106","v":16.72},{"$f":"Materiais_Consumo!G106","v":902.88},0,54]
["7.2.37",{"$f":"Materiais_Consumo!B107","v":"02922 - ORSE"},{"$f":"Materiais_Consumo!C107","v":"Solvente/Desengraxante de alta rigidez dielétrica  1l"},{"$f":"Materiais_Consumo!D107","v":"un"},{"$f":"Materiais_Consumo!E107","v":36},{"$f":"Materiais_Consumo!F107","v":25.38},{"$f":"Materiais_Consumo!G107","v":913.68},0,36]
["7.2.38",{"$f":"Materiais_Consumo!B108","v":"12377 - ORSE*"},{"$f":"Materiais_Consumo!C108","v":"Terminal isolado tipo agulha para condutores de 0,5 a 1,5mm² (pct c/ 100)"},{"$f":"Materiais_Consumo!D108","v":"un"},{"$f":"Materiais_Consumo!E108","v":100},{"$f":"Materiais_Consumo!F108","v":60},{"$f":"Materiais_Consumo!G108","v":6000},2.0000000000000001E-4,100]
["7.2.39",{"$f":"Materiais_Consumo!B109","v":"12377 - ORSE*"},{"$f":"Materiais_Consumo!C109","v":"Terminal isolado tipo agulha para condutores de 1,5 a 2,5 mm² (pct c/ 100)"},{"$f":"Materiais_Consumo!D109","v":"un"},{"$f":"Materiais_Consumo!E109","v":100},{"$f":"Materiais_Consumo!F109","v":60},{"$f":"Materiais_Consumo!G109","v":6000},2.0000000000000001E-4,100]
["7.2.40",{"$f":"Materiais_Consumo!B110","v":"07948 - ORSE*"},{"$f":"Materiais_Consumo!C110","v":"Terminal isolado tipo agulha para condutores de 4 a 6 mm² (pct c/ 100)"},{"$f":"Materiais_Consumo!D110","v":"un"},{"$f":"Materiais_Consumo!E110","v":100},{"$f":"Materiais_Consumo!F110","v":56.999999999999993},{"$f":"Materiais_Consumo!G110","v":5700},2.0000000000000001E-4,100]
["7.2.41",{"$f":"Materiais_Consumo!B111","v":"04669 - ORSE"},{"$f":"Materiais_Consumo!C111","v":"Terminal de compressão – 10mm²"},{"$f":"Materiais_Consumo!D111","v":"un"},{"$f":"Materiais_Consumo!E111","v":200},{"$f":"Materiais_Consumo!F111","v":1.1499999999999999},{"$f":"Materiais_Consumo!G111","v":230},0,200]
["7.2.42",{"$f":"Materiais_Consumo!B112","v":"04670 - ORSE"},{"$f":"Materiais_Consumo!C112","v":"Terminal de compressão – 16mm²"},{"$f":"Materiais_Consumo!D112","v":"un"},{"$f":"Materiais_Consumo!E112","v":200},{"$f":"Materiais_Consumo!F112","v":1.36},{"$f":"Materiais_Consumo!G112","v":272},0,200]
["7.2.43",{"$f":"Materiais_Consumo!B113","v":"02676 - ORSE"},{"$f":"Materiais_Consumo!C113","v":"Terminal de compressão – 25mm²"},{"$f":"Materiais_Consumo!D113","v":"un"},{"$f":"Materiais_Consumo!E113","v":100},{"$f":"Materiais_Consumo!F113","v":1.88},{"$f":"Materiais_Consumo!G113","v":188},0,100]
["7.2.44",{"$f":"Materiais_Consumo!B114","v":"02677 - ORSE"},{"$f":"Materiais_Consumo!C114","v":"Terminal de compressão – 35mm²"},{"$f":"Materiais_Consumo!D114","v":"un"},{"$f":"Materiais_Consumo!E114","v":100},{"$f":"Materiais_Consumo!F114","v":2.12},{"$f":"Materiais_Consumo!G114","v":212},0,100]
["7.2.45",{"$f":"Materiais_Consumo!B115","v":"03559 - ORSE"},{"$f":"Materiais_Consumo!C115","v":"Terminal de compressão – 50mm²"},{"$f":"Materiais_Consumo!D115","v":"un"},{"$f":"Materiais_Consumo!E115","v":100},{"$f":"Materiais_Consumo!F115","v":3.69},{"$f":"Materiais_Consumo!G115","v":369},0,100]
["7.2.46",{"$f":"Materiais_Consumo!B116","v":"06911 - ORSE"},{"$f":"Materiais_Consumo!C116","v":"Terminal de compressão – 70mm²"},{"$f":"Materiais_Consumo!D116","v":"un"},{"$f":"Materiais_Consumo!E116","v":100},{"$f":"Materiais_Consumo!F116","v":4.5999999999999996},{"$f":"Materiais_Consumo!G116","v":460},0,100]
["7.2.47",{"$f":"Materiais_Consumo!B117","v":"03153 - ORSE"},{"$f":"Materiais_Consumo!C117","v":"Terminal de compressão – 95mm²"},{"$f":"Materiais_Consumo!D117","v":"un"},{"$f":"Materiais_Consumo!E117","v":50},{"$f":"Materiais_Consumo!F117","v":5.66},{"$f":"Materiais_Consumo!G117","v":283},0,50]
["7.2.48",{"$f":"Materiais_Consumo!B118","v":"04673 - ORSE"},{"$f":"Materiais_Consumo!C118","v":"Terminal de compressão – 120mm²"},{"$f":"Materiais_Consumo!D118","v":"un"},{"$f":"Materiais_Consumo!E118","v":50},{"$f":"Materiais_Consumo!F118","v":7.96},{"$f":"Materiais_Consumo!G118","v":398},0,50]
["7.2.49",{"$f":"Materiais_Consumo!B119","v":"01587 - SINAPI"},{"$f":"Materiais_Consumo!C119","v":"Terminal de pressão – 35mm²"},{"$f":"Materiais_Consumo!D119","v":"un"},{"$f":"Materiais_Consumo!E119","v":50},{"$f":"Materiais_Consumo!F119","v":7.13},{"$f":"Materiais_Consumo!G119","v":356.5},0,50]
["7.2.50",{"$f":"Materiais_Consumo!B120","v":"01588 - SINAPI"},{"$f":"Materiais_Consumo!C120","v":"Terminal de pressão – 50mm²"},{"$f":"Materiais_Consumo!D120","v":"un"},{"$f":"Materiais_Consumo!E120","v":40},{"$f":"Materiais_Consumo!F120","v":9.7899999999999991},{"$f":"Materiais_Consumo!G120","v":391.6},0,40]
["7.2.51",{"$f":"Materiais_Consumo!B121","v":"01589 - SINAPI"},{"$f":"Materiais_Consumo!C121","v":"Terminal de pressão – 70mm²"},{"$f":"Materiais_Consumo!D121","v":"un"},{"$f":"Materiais_Consumo!E121","v":40},{"$f":"Materiais_Consumo!F121","v":10.09},{"$f":"Materiais_Consumo!G121","v":403.6},0,40]
["7.3.",null,{"$f":"Materiais_Consumo!C125","v":"MATERIAL DE CONSUMO - CIVIL"},null,null,null,{"$f":"SUBTOTAL(9,G266:G320)","v":1573603.308},6.2700000000000006E-2]
["7.3.1",{"$f":"Materiais_Consumo!B126","v":"00034 - SINAPI"},{"$f":"Materiais_Consumo!C126","v":"Aço D=10 mm CA 50"},{"$f":"Materiais_Consumo!D126","v":"kg"},{"$f":"Materiais_Consumo!E126","v":1556},{"$f":"Materiais_Consumo!F126","v":11.42},{"$f":"ROUND(E266*F266,2)","v":17769.52},6.9999999999999999E-4,1556]
["7.3.2",{"$f":"Materiais_Consumo!B127","v":"00043055 - SINAPI"},{"$f":"Materiais_Consumo!C127","v":"Aço D=12 mm CA 50"},{"$f":"Materiais_Consumo!D127","v":"kg"},{"$f":"Materiais_Consumo!E127","v":1556},{"$f":"Materiais_Consumo!F127","v":9.89},15388.84,5.9999999999999995E-4,1556]
["7.3.3",{"$f":"Materiais_Consumo!B128","v":"00043059  - SINAPI"},{"$f":"Materiais_Consumo!C128","v":"Aço D=5.0 mm CA 60"},{"$f":"Materiais_Consumo!D128","v":"kg"},{"$f":"Materiais_Consumo!E128","v":1556},{"$f":"Materiais_Consumo!F128","v":10.8},16804.8,6.9999999999999999E-4,1556]
["7.3.4",{"$f":"Materiais_Consumo!B129","v":"00032 - SINAPI"},{"$f":"Materiais_Consumo!C129","v":"Aço D=6.3 mm CA 50"},{"$f":"Materiais_Consumo!D129","v":"kg"},{"$f":"Materiais_Consumo!E129","v":1556},{"$f":"Materiais_Consumo!F129","v":12.04},18734.240000000002,6.9999999999999999E-4,1556]
["7.3.5",{"$f":"Materiais_Consumo!B130","v":"00033 - SINAPI"},{"$f":"Materiais_Consumo!C130","v":"Aço D=8.0 mm CA 50"},{"$f":"Materiais_Consumo!D130","v":"kg"},{"$f":"Materiais_Consumo!E130","v":1556},{"$f":"Materiais_Consumo!F130","v":12.11},18843.16,8.0000000000000004E-4,1556]
["7.3.6",{"$f":"Materiais_Consumo!B131","v":"00340 - SINAPI"},{"$f":"Materiais_Consumo!C131","v":"Arame farpado nº. 16 galvanizado Simples"},{"$f":"Materiais_Consumo!D131","v":"m"},{"$f":"Materiais_Consumo!E131","v":2223},{"$f":"Materiais_Consumo!F131","v":1.52},3378.96,1E-4,2223]
["7.3.7",{"$f":"Materiais_Consumo!B132","v":"43131 - SINAPI"},{"$f":"Materiais_Consumo!C132","v":"Arame galvanizado 8BWG, d=4,19mm"},{"$f":"Materiais_Consumo!D132","v":"kg"},{"$f":"Materiais_Consumo!E132","v":240},{"$f":"Materiais_Consumo!F132","v":32.06},7694.4,2.9999999999999997E-4,240]
["7.3.8",{"$f":"Materiais_Consumo!B133","v":"43132 - SINAPI"},{"$f":"Materiais_Consumo!C133","v":"Arame recozido n.º 18"},{"$f":"Materiais_Consumo!D133","v":"kg"},{"$f":"Materiais_Consumo!E133","v":134},{"$f":"Materiais_Consumo!F133","v":27.6},3698.4,1E-4,134]
["7.3.9",{"$f":"Materiais_Consumo!B134","v":"00367 - SINAPI"},{"$f":"Materiais_Consumo!C134","v":"Areia grossa comercial, posto em obra"},{"$f":"Materiais_Consumo!D134","v":"m³"},{"$f":"Materiais_Consumo!E134","v":491.7405040000001},{"$f":"Materiais_Consumo!F134","v":116.5},57287.77,2.3E-3,491.7405040000001]
["7.3.10",{"$f":"Materiais_Consumo!B135","v":"00000134 - SINAPI"},{"$f":"Materiais_Consumo!C135","v":"Argamassa para grauteamento "},{"$f":"Materiais_Consumo!D135","v":"kg"},{"$f":"Materiais_Consumo!E135","v":1112},{"$f":"Materiais_Consumo!F135","v":2.04},2268.48,1E-4,1112]
["7.3.11",{"$f":"Materiais_Consumo!B136","v":"004729 - SINAPI"},{"$f":"Materiais_Consumo!C136","v":"Pedra britada comercial (n.º 0 a 5)"},{"$f":"Materiais_Consumo!D136","v":"m³"},{"$f":"Materiais_Consumo!E136","v":574.26389800000004},{"$f":"Materiais_Consumo!F136","v":84.22},48364.51,1.9E-3,574.26389800000004]
["7.3.12",{"$f":"Materiais_Consumo!B137","v":"04513 - SINAPI"},{"$f":"Materiais_Consumo!C137","v":"Caibro de 5x5cm "},{"$f":"Materiais_Consumo!D137","v":"m"},{"$f":"Materiais_Consumo!E137","v":1334},{"$f":"Materiais_Consumo!F137","v":7.29},9724.86,4.0000000000000002E-4,1334]
["7.3.13",{"$f":"Materiais_Consumo!B138","v":"001106 - SINAPI"},{"$f":"Materiais_Consumo!C138","v":"Cal hidratada"},{"$f":"Materiais_Consumo!D138","v":"kg"},{"$f":"Materiais_Consumo!E138","v":92897},{"$f":"Materiais_Consumo!F138","v":1.18},109618.46,4.4000000000000003E-3,92897]
["7.3.14",{"$f":"Materiais_Consumo!B139","v":"001379 - SINAPI"},{"$f":"Materiais_Consumo!C139","v":"Cimento CPII-32"},{"$f":"Materiais_Consumo!D139","v":"kg"},{"$f":"Materiais_Consumo!E139","v":226100},{"$f":"Materiais_Consumo!F139","v":0.6},135660,5.4000000000000003E-3,226100]
["7.3.15",{"$f":"Materiais_Consumo!B140","v":"001358 - SINAPI"},{"$f":"Materiais_Consumo!C140","v":"Compensado resinado 17mm"},{"$f":"Materiais_Consumo!D140","v":"m²"},{"$f":"Materiais_Consumo!E140","v":96},{"$f":"Materiais_Consumo!F140","v":55.12},5291.52,2.0000000000000001E-4,96]
["7.3.16",{"$f":"Materiais_Consumo!B141","v":"002692 - SINAPI"},{"$f":"Materiais_Consumo!C141","v":"Desmoldante"},{"$f":"Materiais_Consumo!D141","v":"l"},{"$f":"Materiais_Consumo!E141","v":86},{"$f":"Materiais_Consumo!F141","v":8.34},717.24,0,86]
["7.3.17",{"$f":"Materiais_Consumo!B142","v":"020111 - SINAPI"},{"$f":"Materiais_Consumo!C142","v":"Fita isolante adesiva antichama 19mm x 20m"},{"$f":"Materiais_Consumo!D142","v":"un"},{"$f":"Materiais_Consumo!E142","v":16},{"$f":"Materiais_Consumo!F142","v":17.5},280,{"$f":"ROUND(G282/G$7,4)","v":0},16]
["7.3.18",{"$f":"Materiais_Consumo!B143","v":" M2018 - SICRO3/PE"},{"$f":"Materiais_Consumo!C143","v":"Gastalho 10x2,5cm"},{"$f":"Materiais_Consumo!D143","v":"m"},{"$f":"Materiais_Consumo!E143","v":1334},{"$f":"Materiais_Consumo!F143","v":4.8},6403.2,2.9999999999999997E-4,1334]
["7.3.19",{"$f":"Materiais_Consumo!B144","v":"005076 - SINAPI"},{"$f":"Materiais_Consumo!C144","v":"Grampo para cerca galvanizado 1 x 9"},{"$f":"Materiais_Consumo!D144","v":"kg"},{"$f":"Materiais_Consumo!E144","v":96},{"$f":"Materiais_Consumo!F144","v":25.69},2466.2399999999998,1E-4,96]
["7.3.20",{"$f":"Materiais_Consumo!B145","v":"003681 - SINAPI"},{"$f":"Materiais_Consumo!C145","v":"Junta de dilatação (O-22 ou similar)"},{"$f":"Materiais_Consumo!D145","v":"m"},{"$f":"Materiais_Consumo!E145","v":268},{"$f":"Materiais_Consumo!F145","v":109.82},29431.759999999998,1.1999999999999999E-3,268]
["7.3.21",{"$f":"Materiais_Consumo!B146","v":"014077 - SINAPI"},{"$f":"Materiais_Consumo!C146","v":"Junta de dilatação - Perfil elastomerico pre-formado em epmd, para junta de dilatacao de pisos com pouca solicitacao, 15 mm de largura, movimentacao de 11 a 19 mm"},{"$f":"Materiais_Consumo!D146","v":"m"},{"$f":"Materiais_Consumo!E146","v":268},{"$f":"Materiais_Consumo!F146","v":168.36},45120.480000000003,1.8E-3,268]
["7.3.22",{"$f":"Materiais_Consumo!B147","v":"38780 - SINAPI/PE"},{"$f":"Materiais_Consumo!C147","v":"Lâmpada fluorescente compacta, branca 20 W, base E27 (127/220 V)"},{"$f":"Materiais_Consumo!D147","v":"un"},{"$f":"Materiais_Consumo!E147","v":134},{"$f":"Materiais_Consumo!F147","v":17.260000000000002},2312.84,1E-4,134]
["7.3.23",{"$f":"Materiais_Consumo!B148","v":"038780 - SINAPI"},{"$f":"Materiais_Consumo!C148","v":"Lâmpada fluorecente de 20W"},{"$f":"Materiais_Consumo!D148","v":"un"},{"$f":"Materiais_Consumo!E148","v":134},{"$f":"Materiais_Consumo!F148","v":17.260000000000002},2312.84,1E-4,134]
["7.3.24",{"$f":"Materiais_Consumo!B149","v":"003751 - SINAPI"},{"$f":"Materiais_Consumo!C149","v":"Lâmpada vapor mercúrio 400 W (base E40)"},{"$f":"Materiais_Consumo!D149","v":"un"},{"$f":"Materiais_Consumo!E149","v":16},{"$f":"Materiais_Consumo!F149","v":59.23},947.68,0,16]
["7.3.25",{"$f":"Materiais_Consumo!B150","v":"003767 - SINAPI"},{"$f":"Materiais_Consumo!C150","v":"Lixa nº120"},{"$f":"Materiais_Consumo!D150","v":"un"},{"$f":"Materiais_Consumo!E150","v":40},{"$f":"Materiais_Consumo!F150","v":0.74},29.6,0,40]
["7.3.26",{"$f":"Materiais_Consumo!B151","v":"003777 - SINAPI"},{"$f":"Materiais_Consumo!C151","v":"Lona plástica - 4 x 100m - 12kg"},{"$f":"Materiais_Consumo!D151","v":"m²"},{"$f":"Materiais_Consumo!E151","v":2400},{"$f":"Materiais_Consumo!F151","v":1.69},4056,2.0000000000000001E-4,2400]
["7.3.27",{"$f":"Materiais_Consumo!B152","v":"025865 - SINAPI"},{"$f":"Materiais_Consumo!C152","v":"Manta termoplástica PEAD, geomembrana lisa, e=2 mm"},{"$f":"Materiais_Consumo!D152","v":"m²"},{"$f":"Materiais_Consumo!E152","v":12062.8},{"$f":"Materiais_Consumo!F152","v":57.23},690354.04,2.75E-2,12062.8]
["7.3.28",{"$f":"Materiais_Consumo!B153","v":"004047 - SINAPI"},{"$f":"Materiais_Consumo!C153","v":"Massa corrida - latão 18 l"},{"$f":"Materiais_Consumo!D153","v":"un"},{"$f":"Materiais_Consumo!E153","v":23},{"$f":"Materiais_Consumo!F153","v":54},1242,0,23]
["7.3.29",{"$f":"Materiais_Consumo!B154","v":"2866 - ORSE"},{"$f":"Materiais_Consumo!C154","v":"Mastique elástico base silicone"},{"$f":"Materiais_Consumo!D154","v":"l"},{"$f":"Materiais_Consumo!E154","v":1565.5751},{"$f":"Materiais_Consumo!F154","v":159.63},{"$f":"ROUND(E294*F294,2)-0.002","v":249912.74799999999},0.01,4126]
["7.3.30",{"$f":"Materiais_Consumo!B155","v":"00036799  - SINAPI"},{"$f":"Materiais_Consumo!C155","v":"Mourão de concreto reto para cercas"},{"$f":"Materiais_Consumo!D155","v":"un"},{"$f":"Materiais_Consumo!E155","v":112},{"$f":"Materiais_Consumo!F155","v":64.930000000000007},7272.16,2.9999999999999997E-4,112]
["7.3.31",null,{"$f":"Materiais_Consumo!C156","v":"Perfil para fixação das geomembrana Barra de 6m "},{"$f":"Materiais_Consumo!D156","v":"m"},{"$f":"Materiais_Consumo!E156","v":134},{"$f":"Materiais_Consumo!F156","v":154.88999999999999},20755.259999999998,8.0000000000000004E-4,134]
["7.3.32",{"$f":"Materiais_Consumo!B157","v":"11442 - ORSE"},{"$f":"Materiais_Consumo!C157","v":"Pincel 1\""},{"$f":"Materiais_Consumo!D157","v":"un"},{"$f":"Materiais_Consumo!E157","v":89},{"$f":"Materiais_Consumo!F157","v":4.9400000000000004},439.66,0,89]
["7.3.33",{"$f":"Materiais_Consumo!B158","v":"005075 - SINAPI"},{"$f":"Materiais_Consumo!C158","v":"Prego 18x30"},{"$f":"Materiais_Consumo!D158","v":"kg"},{"$f":"Materiais_Consumo!E158","v":214},{"$f":"Materiais_Consumo!F158","v":25.43},5442.02,2.0000000000000001E-4,214]
["7.3.34",{"$f":"Materiais_Consumo!B159","v":"038390 - SINAPI"},{"$f":"Materiais_Consumo!C159","v":"Rolo de lã de carneiro - 20cm "},{"$f":"Materiais_Consumo!D159","v":"un"},{"$f":"Materiais_Consumo!E159","v":89},{"$f":"Materiais_Consumo!F159","v":34.82},3098.98,1E-4,89]
["7.3.35",{"$f":"Materiais_Consumo!B160","v":"038393 - SINAPI"},{"$f":"Materiais_Consumo!C160","v":"Rolo de espuma poliéster 23 cm com cabo"},{"$f":"Materiais_Consumo!D160","v":"un"},{"$f":"Materiais_Consumo!E160","v":89},{"$f":"Materiais_Consumo!F160","v":15.7},1397.3,1E-4,89]
["7.3.36",{"$f":"Materiais_Consumo!B161","v":"012296 - SINAPI"},{"$f":"Materiais_Consumo!C161","v":"Soquete de porcelana base E27, para uso ao tempo, para lâmpadas"},{"$f":"Materiais_Consumo!D161","v":"un"},{"$f":"Materiais_Consumo!E161","v":16},{"$f":"Materiais_Consumo!F161","v":3.97},63.52,0,16]
["7.3.37",{"$f":"Materiais_Consumo!B162","v":"00006194 - SINAPI"},{"$f":"Materiais_Consumo!C162","v":"Tábua de madeira não aparelhada *2,5 X 15 CM (1 X 6 \") pinus, mista ou equivalente da região"},{"$f":"Materiais_Consumo!D162","v":"m"},{"$f":"Materiais_Consumo!E162","v":223},{"$f":"Materiais_Consumo!F162","v":7.89},1759.47,1E-4,223]
["7.3.38",{"$f":"Materiais_Consumo!B163","v":"005318 - SINAPI*"},{"$f":"Materiais_Consumo!C163","v":"Thinner/águarras - 5 l"},{"$f":"Materiais_Consumo!D163","v":"un"},{"$f":"Materiais_Consumo!E163","v":9},{"$f":"Materiais_Consumo!F163","v":114.5},1030.5,0,9]
["7.3.39",{"$f":"Materiais_Consumo!B164","v":"07258 - SINAPI"},{"$f":"Materiais_Consumo!C164","v":"Tijolo comum (5,5x10x20) cm"},{"$f":"Materiais_Consumo!D164","v":"un"},{"$f":"Materiais_Consumo!E164","v":10667},{"$f":"Materiais_Consumo!F164","v":0.43},4586.8100000000004,2.0000000000000001E-4,10667]
["7.3.40",{"$f":"Materiais_Consumo!B165","v":"00154 - SINAPI"},{"$f":"Materiais_Consumo!C165","v":"Tinta Alcatrão de Hulha -  galão de 3,6 litros"},{"$f":"Materiais_Consumo!D165","v":"l"},{"$f":"Materiais_Consumo!E165","v":9},{"$f":"Materiais_Consumo!F165","v":88.01},792.09,0,9]
["7.3.41",{"$f":"Materiais_Consumo!B166","v":"02232/ORSE"},{"$f":"Materiais_Consumo!C166","v":"Tinta Latex  PVA"},{"$f":"Materiais_Consumo!D166","v":"l"},{"$f":"Materiais_Consumo!E166","v":221},{"$f":"Materiais_Consumo!F166","v":15.14},3345.94,1E-4,221]
["7.3.42",{"$f":"Materiais_Consumo!B167","v":"38386 - SINAPI"},{"$f":"Materiais_Consumo!C167","v":"Trincha de 2 \""},{"$f":"Materiais_Consumo!D167","v":"un"},{"$f":"Materiais_Consumo!E167","v":89},{"$f":"Materiais_Consumo!F167","v":5.08},452.12,0,89]
["7.3.43",{"$f":"Materiais_Consumo!B168","v":"38400 - SINAPI"},{"$f":"Materiais_Consumo!C168","v":"Vassourão 40cm com cabo"},{"$f":"Materiais_Consumo!D168","v":"un"},{"$f":"Materiais_Consumo!E168","v":110},{"$f":"Materiais_Consumo!F168","v":19.149999999999999},2106.5,1E-4,110]
["7.3.44",{"$f":"Materiais_Consumo!B169","v":"12001 - SINAPI"},{"$f":"Materiais_Consumo!C169","v":"CAIXA OCTOGONAL DE FUNDO MOVEL, EM PVC, DE 4\" X 4\", PARA ELETRODUTO FLEXIVEL CORRUGADO"},{"$f":"Materiais_Consumo!D169","v":"un"},{"$f":"Materiais_Consumo!E169","v":12},{"$f":"Materiais_Consumo!F169","v":7.46},89.52,0,12]
["7.3.45",{"$f":"Materiais_Consumo!B170","v":"1872 - SINAPI"},{"$f":"Materiais_Consumo!C170","v":"CAIXA DE PASSAGEM, EM PVC, DE 4\" X 2\", PARA ELETRODUTO FLEXIVEL CORRUGADO"},{"$f":"Materiais_Consumo!D170","v":"un"},{"$f":"Materiais_Consumo!E170","v":96},{"$f":"Materiais_Consumo!F170","v":2.88},276.48,0,96]
["7.3.46",{"$f":"Materiais_Consumo!B171","v":"2688 - SINAPI"},{"$f":"Materiais_Consumo!C171","v":"ELETRODUTO PVC FLEXIVEL CORRUGADO, COR AMARELA, DE 25 MM"},{"$f":"Materiais_Consumo!D171","v":"m"},{"$f":"Materiais_Consumo!E171","v":500},{"$f":"Materiais_Consumo!F171","v":2.81},1405,1E-4,500]
["7.3.47",{"$f":"Materiais_Consumo!B172","v":"7528 - SINAPI"},{"$f":"Materiais_Consumo!C172","v":"TOMADA 2P+T 10A, 250V, CONJUNTO MONTADO PARA EMBUTIR 4\" X 2\" (PLACA + SUPORTE + MODULO)"},{"$f":"Materiais_Consumo!D172","v":"un"},{"$f":"Materiais_Consumo!E172","v":96},{"$f":"Materiais_Consumo!F172","v":9.9},950.4,0,96]
["7.3.48",{"$f":"Materiais_Consumo!B173","v":"38062 - SINAPI"},{"$f":"Materiais_Consumo!C173","v":"INTERRUPTOR SIMPLES 10A, 250V, CONJUNTO MONTADO PARA EMBUTIR 4\" X 2\" (PLACA + SUPORTE + MODULO)"},{"$f":"Materiais_Consumo!D173","v":"un"},{"$f":"Materiais_Consumo!E173","v":12},{"$f":"Materiais_Consumo!F173","v":7.6},91.2,0,12]
["7.3.49",{"$f":"Materiais_Consumo!B174","v":"0000345 - SINAPI"},{"$f":"Materiais_Consumo!C174","v":"ARAME GALVANIZADO 18 BWG, D = 1,24MM (0,009 KG/M)"},{"$f":"Materiais_Consumo!D174","v":"Kg"},{"$f":"Materiais_Consumo!E174","v":6.2400000000000011},{"$f":"Materiais_Consumo!F174","v":39.369999999999997},245.67,0,6.2400000000000011]
["7.3.50",{"$f":"Materiais_Consumo!B175","v":"00003315 - SINAPI"},{"$f":"Materiais_Consumo!C175","v":"GESSO EM PO PARA REVESTIMENTOS/MOLDURAS/SANCAS E USO GERAL"},{"$f":"Materiais_Consumo!D175","v":"kg"},{"$f":"Materiais_Consumo!E175","v":248.70144000000002},{"$f":"Materiais_Consumo!F175","v":0.7},174.09,0,248.70144000000002]
["7.3.51",{"$f":"Materiais_Consumo!B176","v":"00004812 - SINAPI"},{"$f":"Materiais_Consumo!C176","v":"PLACA DE GESSO PARA FORRO, *60 X 60* CM, ESPESSURA DE 12 MM (SEM COLOCACAO)"},{"$f":"Materiais_Consumo!D176","v":"m²"},{"$f":"Materiais_Consumo!E176","v":249.60000000000002},{"$f":"Materiais_Consumo!F176","v":9.84},2456.06,1E-4,249.60000000000002]
["7.3.52",{"$f":"Materiais_Consumo!B177","v":"00020250 - SINAPI"},{"$f":"Materiais_Consumo!C177","v":"SISAL EM FIBRA"},{"$f":"Materiais_Consumo!D177","v":"Kg"},{"$f":"Materiais_Consumo!E177","v":1.9468800000000002},{"$f":"Materiais_Consumo!F177","v":11},21.42,0,1.9468800000000002]
["7.3.53",{"$f":"Materiais_Consumo!B178","v":"00040547 - SINAPI"},{"$f":"Materiais_Consumo!C178","v":"PARAFUSO ZINCADO, AUTOBROCANTE, FLANGEADO, 4,2 MM X 19 MM"},{"$f":"Materiais_Consumo!D178","v":"Cento"},{"$f":"Materiais_Consumo!E178","v":7.6876800000000012},{"$f":"Materiais_Consumo!F178","v":32.19},247.47,0,7.6876800000000012]
["7.3.54",{"$f":"Materiais_Consumo!B179","v":"39484 - SINAPI"},{"$f":"Materiais_Consumo!C179","v":"KIT PORTA PRONTA DE MADEIRA, FOLHA LEVE (NBR 15930) DE 800 X 2100 MM, DE 35 MM A 40 MM DE ESPESSURA, COM MARCO EM ACO, NUCLEO COLMEIA, CAPA LISA EM HDF, ACABAMENTO MELAMINICO BRANCO (INCLUI MARCO, ALIZARES, DOBRADICAS E FECHADURA)"},{"$f":"Materiais_Consumo!D179","v":"un"},{"$f":"Materiais_Consumo!E179","v":12},{"$f":"Materiais_Consumo!F179","v":431},5172,2.0000000000000001E-4,12]
["7.3.55",{"$f":"Materiais_Consumo!B180","v":"031443 - IOPES"},{"$f":"Materiais_Consumo!C180","v":"JANELA DE CORRER EM ALUMINIO, 100 X 150 CM (A X L), 4 FLS, SEM BANDEIRA, ACABAMENTO ACET OU BRILHANTE, COM VIDRO, COM GUARNICAO PARA 1 FACE"},{"$f":"Materiais_Consumo!D180","v":"m²"},{"$f":"Materiais_Consumo!E180","v":7.1999999999999993},{"$f":"Materiais_Consumo!F180","v":530.15},3817.08,2.0000000000000001E-4,7.1999999999999993]
[]
["7.4.",null,{"$f":"Materiais_Consumo!C184","v":"MANUTENÇÃO DE CANTEIRO - ESCRITÓRIO"},null,null,null,{"$f":"SUBTOTAL(9,G323)","v":159450.06},6.4000000000000003E-3]
["7.4.1",null,{"$f":"Materiais_Consumo!C185","v":"Taxa de manutenção de canteiros, incluindo despesas com material de expediente, material de limpeza, água, energia, comunicação, entre outras"},"%",1,{"$f":"Materiais_Consumo!G185","v":159450.06},{"$f":"ROUND(E323*F323,2)","v":159450.06},{"$f":"ROUND(G323/G$7,4)","v":6.4000000000000003E-3},12]
[]
["8.",null,{"$f":"Ferramentas!C12","v":"FERRAMENTAS"},null,null,null,{"$f":"SUBTOTAL(9,G326:G534)","v":434473.6999999999},{"$f":"ROUND(G325/G$7,4)","v":1.7299999999999999E-2}]
["8.1.",null,{"$f":"Ferramentas!C14","v":"FERRAMENTAS - MECÂNICA"},null,null,null,{"$f":"SUBTOTAL(9,G327:G408)","v":68428.169999999984},2.7000000000000001E-3]
["8.1.1",null,{"$f":"Ferramentas!C15","v":"Alavanca para mecânico 38,4 cm "},{"$f":"Ferramentas!D15","v":"un"},{"$f":"Ferramentas!E15","v":6},{"$f":"Ferramentas!F15","v":255.68},1534.08,1E-4,6]
["8.1.2",{"$f":"Ferramentas!B16","v":"11240 - ORSE"},{"$f":"Ferramentas!C16","v":"Alicate de bico com isolamento para 1000V"},{"$f":"Ferramentas!D16","v":"un"},{"$f":"Ferramentas!E16","v":9},{"$f":"Ferramentas!F16","v":43.9},395.1,0,9]
["8.1.3",{"$f":"Ferramentas!B17","v":"38470 - SINAPI"},{"$f":"Ferramentas!C17","v":"Alicate de corte diagonal"},{"$f":"Ferramentas!D17","v":"um"},{"$f":"Ferramentas!E17","v":9},{"$f":"Ferramentas!F17","v":45.9},413.1,0,9]
["8.1.4",{"$f":"Ferramentas!B18","v":"38471 - SINAPI"},{"$f":"Ferramentas!C18","v":"Alicate para anéis externo pontas retas"},{"$f":"Ferramentas!D18","v":"un"},{"$f":"Ferramentas!E18","v":9},{"$f":"Ferramentas!F18","v":108.29},974.61,0,9]
["8.1.5",{"$f":"Ferramentas!B19","v":"38471 - SINAPI"},{"$f":"Ferramentas!C19","v":"Alicate para anéis externos ponta curva 90°"},{"$f":"Ferramentas!D19","v":"un"},{"$f":"Ferramentas!E19","v":9},{"$f":"Ferramentas!F19","v":108.29},974.61,0,9]
["8.1.6",{"$f":"Ferramentas!B20","v":"38471 - SINAPI"},{"$f":"Ferramentas!C20","v":"Alicate para anéis internos"},{"$f":"Ferramentas!D20","v":"un"},{"$f":"Ferramentas!E20","v":9},{"$f":"Ferramentas!F20","v":108.29},974.61,0,9]
["8.1.7",null,{"$f":"Ferramentas!C21","v":"Alicate de pressão modelo curvo reto, 10\", 250mm"},{"$f":"Ferramentas!D21","v":"un"},{"$f":"Ferramentas!E21","v":9},{"$f":"Ferramentas!F21","v":46.04},414.36,0,9]
["8.1.8",{"$f":"Ferramentas!B22","v":"11240 - ORSE"},{"$f":"Ferramentas!C22","v":"Alicate universal, 8\", com isolação 1000 V"},{"$f":"Ferramentas!D22","v":"un"},{"$f":"Ferramentas!E22","v":9},{"$f":"Ferramentas!F22","v":43.9},395.1,0,9]
["8.1.9",{"$f":"Ferramentas!B23","v":"10585 - ORSE"},{"$f":"Ferramentas!C23","v":"Arco de Serra manual (com serra)"},{"$f":"Ferramentas!D23","v":"un"},{"$f":"Ferramentas!E23","v":6},{"$f":"Ferramentas!F23","v":21.25},127.5,0,6]
["8.1.10",null,{"$f":"Ferramentas!C24","v":"Cabo de força T com encaixe de ½”, ¾” e 1” para soquetes "},{"$f":"Ferramentas!D24","v":"un"},{"$f":"Ferramentas!E24","v":6},{"$f":"Ferramentas!F24","v":304.87},1829.22,1E-4,6]
["8.1.11",{"$f":"Ferramentas!B25","v":"5090 - SINAPI"},{"$f":"Ferramentas!C25","v":"Cadeado 30mm"},{"$f":"Ferramentas!D25","v":"un"},{"$f":"Ferramentas!E25","v":9},{"$f":"Ferramentas!F25","v":22},198,0,9]
["8.1.12",{"$f":"Ferramentas!B26","v":"00425 - ORSE"},{"$f":"Ferramentas!C26","v":"Cadeado 40mm"},{"$f":"Ferramentas!D26","v":"un"},{"$f":"Ferramentas!E26","v":9},{"$f":"Ferramentas!F26","v":23.55},211.95,0,9]
["8.1.13",null,{"$f":"Ferramentas!C27","v":"Calibrador de folgas de 0,03 mm - 0,50 mm 17 Lâminas (Jogo)"},{"$f":"Ferramentas!D27","v":"un"},{"$f":"Ferramentas!E27","v":6},{"$f":"Ferramentas!F27","v":86.56},519.36,0,6]
["8.1.14",null,{"$f":"Ferramentas!C28","v":"Canivete sem ponta inox com lâmina larga"},{"$f":"Ferramentas!D28","v":"un"},{"$f":"Ferramentas!E28","v":9},{"$f":"Ferramentas!F28","v":30.9},278.10000000000002,0,9]
["8.1.15",null,{"$f":"Ferramentas!C29","v":"Chave ajustável oxidada n.º 08"},{"$f":"Ferramentas!D29","v":"un"},{"$f":"Ferramentas!E29","v":9},{"$f":"Ferramentas!F29","v":64.86},583.74,0,9]
["8.1.16",null,{"$f":"Ferramentas!C30","v":"Chave combinada 1\" x 5/16\""},{"$f":"Ferramentas!D30","v":"un"},{"$f":"Ferramentas!E30","v":9},{"$f":"Ferramentas!F30","v":99.24},893.16,0,9]
["8.1.17",null,{"$f":"Ferramentas!C31","v":"Chave combinada 22 mm"},{"$f":"Ferramentas!D31","v":"un"},{"$f":"Ferramentas!E31","v":9},{"$f":"Ferramentas!F31","v":29.78},268.02,0,9]
["8.1.18",null,{"$f":"Ferramentas!C32","v":"Chave combinada n.º 5/16\""},{"$f":"Ferramentas!D32","v":"un"},{"$f":"Ferramentas!E32","v":9},{"$f":"Ferramentas!F32","v":14.29},128.61000000000001,0,9]
["8.1.19",null,{"$f":"Ferramentas!C33","v":"Chave cruzada 8 x 150"},{"$f":"Ferramentas!D33","v":"un"},{"$f":"Ferramentas!E33","v":9},{"$f":"Ferramentas!F33","v":12.8},115.2,0,9]
["8.1.20",null,{"$f":"Ferramentas!C34","v":"Chave de boca 3/4\" x 25/32\""},{"$f":"Ferramentas!D34","v":"un"},{"$f":"Ferramentas!E34","v":9},{"$f":"Ferramentas!F34","v":26.65},239.85,0,9]
["8.1.21",null,{"$f":"Ferramentas!C35","v":"Chave de boca 5/16\" x 1/4\""},{"$f":"Ferramentas!D35","v":"un"},{"$f":"Ferramentas!E35","v":9},{"$f":"Ferramentas!F35","v":14.89},134.01,0,9]
["8.1.22",null,{"$f":"Ferramentas!C36","v":"Chave de fenda 1/4x10"},{"$f":"Ferramentas!D36","v":"un"},{"$f":"Ferramentas!E36","v":9},{"$f":"Ferramentas!F36","v":14.18},127.62,0,9]
["8.1.23",null,{"$f":"Ferramentas!C37","v":"Chave de fenda 1/8x3"},{"$f":"Ferramentas!D37","v":"un"},{"$f":"Ferramentas!E37","v":9},{"$f":"Ferramentas!F37","v":7.1},63.9,0,9]
["8.1.24",null,{"$f":"Ferramentas!C38","v":"Chave de fenda 3/16x6"},{"$f":"Ferramentas!D38","v":"un"},{"$f":"Ferramentas!E38","v":9},{"$f":"Ferramentas!F38","v":8.27},74.430000000000007,0,9]
["8.1.25",null,{"$f":"Ferramentas!C39","v":"Chave de fenda 3/8x10"},{"$f":"Ferramentas!D39","v":"un"},{"$f":"Ferramentas!E39","v":9},{"$f":"Ferramentas!F39","v":22.65},203.85,0,9]
["8.1.26",null,{"$f":"Ferramentas!C40","v":"Chave de fenda 8x150"},{"$f":"Ferramentas!D40","v":"un"},{"$f":"Ferramentas!E40","v":9},{"$f":"Ferramentas!F40","v":15.57},140.13,0,9]
["8.1.27",null,{"$f":"Ferramentas!C41","v":"Chave de fenda cruzada (Philips) 1/4\" x 1. 1/2\""},{"$f":"Ferramentas!D41","v":"un"},{"$f":"Ferramentas!E41","v":9},{"$f":"Ferramentas!F41","v":15.62},140.58000000000001,0,9]
["8.1.28",null,{"$f":"Ferramentas!C42","v":"Chave de fenda tipo toco 1/4\" x 1. 1/2\""},{"$f":"Ferramentas!D42","v":"un"},{"$f":"Ferramentas!E42","v":9},{"$f":"Ferramentas!F42","v":12.59},113.31,0,9]
["8.1.29",null,{"$f":"Ferramentas!C43","v":"Chave grifo americana n.º 8 200mm"},{"$f":"Ferramentas!D43","v":"un"},{"$f":"Ferramentas!E43","v":6},{"$f":"Ferramentas!F43","v":54.54},327.24,0,6]
["8.1.30",null,{"$f":"Ferramentas!C44","v":"Chave grifo americana n.º 18 450mm"},{"$f":"Ferramentas!D44","v":"un"},{"$f":"Ferramentas!E44","v":6},{"$f":"Ferramentas!F44","v":138.34},830.04,0,6]
["8.1.31",null,{"$f":"Ferramentas!C45","v":"Chave Philips"},{"$f":"Ferramentas!D45","v":"un"},{"$f":"Ferramentas!E45","v":9},{"$f":"Ferramentas!F45","v":15.24},137.16,0,9]
["8.1.32",null,{"$f":"Ferramentas!C46","v":"Chave soquete tipo canhão 1/2\""},{"$f":"Ferramentas!D46","v":"un"},{"$f":"Ferramentas!E46","v":3},{"$f":"Ferramentas!F46","v":28.13},84.39,0,3]
["8.1.33",null,{"$f":"Ferramentas!C47","v":"Chave soquete tipo canhão 1/4\""},{"$f":"Ferramentas!D47","v":"un"},{"$f":"Ferramentas!E47","v":3},{"$f":"Ferramentas!F47","v":18.149999999999999},54.45,0,3]
["8.1.34",null,{"$f":"Ferramentas!C48","v":"Chave soquete tipo canhão 11/32\""},{"$f":"Ferramentas!D48","v":"un"},{"$f":"Ferramentas!E48","v":3},{"$f":"Ferramentas!F48","v":23.9},71.7,0,3]
["8.1.35",null,{"$f":"Ferramentas!C49","v":"Chave soquete tipo canhão 3/8\""},{"$f":"Ferramentas!D49","v":"un"},{"$f":"Ferramentas!E49","v":3},{"$f":"Ferramentas!F49","v":24.94},74.819999999999993,0,3]
["8.1.36",null,{"$f":"Ferramentas!C50","v":"Chave soquete tipo canhão 7/16\""},{"$f":"Ferramentas!D50","v":"un"},{"$f":"Ferramentas!E50","v":3},{"$f":"Ferramentas!F50","v":32.17},96.51,0,3]
["8.1.37",null,{"$f":"Ferramentas!C51","v":"Chave soquete tipo canhão 9/16\""},{"$f":"Ferramentas!D51","v":"un"},{"$f":"Ferramentas!E51","v":3},{"$f":"Ferramentas!F51","v":26.21},78.63,0,3]
["8.1.38",{"$f":"Ferramentas!B52","v":"12 - SINAPI"},{"$f":"Ferramentas!C52","v":"Escova de aço, com cabo, *4 X 15* fileiras de cerdas"},{"$f":"Ferramentas!D52","v":"un"},{"$f":"Ferramentas!E52","v":3},{"$f":"Ferramentas!F52","v":135.44},406.32,0,3]
["8.1.39",{"$f":"Ferramentas!B53","v":"04725 - ORSE"},{"$f":"Ferramentas!C53","v":"Espátula n.º 38A-23"},{"$f":"Ferramentas!D53","v":"un"},{"$f":"Ferramentas!E53","v":9},{"$f":"Ferramentas!F53","v":18.5},166.5,0,9]
["8.1.40",{"$f":"Ferramentas!B54","v":"38380 - SINAPI"},{"$f":"Ferramentas!C54","v":"Esquadro Profissional 12\" (em aço)"},{"$f":"Ferramentas!D54","v":"un"},{"$f":"Ferramentas!E54","v":6},{"$f":"Ferramentas!F54","v":37.83},226.98,0,6]
["8.1.41",null,{"$f":"Ferramentas!C55","v":"Extensão elétrica 20m 2x2,50mm com carretel"},{"$f":"Ferramentas!D55","v":"un"},{"$f":"Ferramentas!E55","v":6},{"$f":"Ferramentas!F55","v":302.85000000000002},1817.1,1E-4,6]
["8.1.42",null,{"$f":"Ferramentas!C56","v":"Faca reta desencapadora com isolamento para 1000V"},{"$f":"Ferramentas!D56","v":"un"},{"$f":"Ferramentas!E56","v":9},{"$f":"Ferramentas!F56","v":125.84},1132.56,0,9]
["8.1.43",null,{"$f":"Ferramentas!C57","v":"Funil para troca de óleo"},{"$f":"Ferramentas!D57","v":"un"},{"$f":"Ferramentas!E57","v":6},{"$f":"Ferramentas!F57","v":30.45},182.7,0,6]
["8.1.44",null,{"$f":"Ferramentas!C58","v":"Jogo de broca de aço de 6 a 19mm (concreto parede)"},{"$f":"Ferramentas!D58","v":"un"},{"$f":"Ferramentas!E58","v":9},{"$f":"Ferramentas!F58","v":117.4},1056.5999999999999,0,9]
["8.1.45",null,{"$f":"Ferramentas!C59","v":"Jogo de soquete Estriado de 1/2 Pol. Com 22 peças "},{"$f":"Ferramentas!D59","v":"un"},{"$f":"Ferramentas!E59","v":6},{"$f":"Ferramentas!F59","v":332.52},1995.12,1E-4,6]
["8.1.46",null,{"$f":"Ferramentas!C60","v":"Jogo de chave combinada de nº 6 a nº 50"},{"$f":"Ferramentas!D60","v":"un"},{"$f":"Ferramentas!E60","v":9},{"$f":"Ferramentas!F60","v":907.32},8165.88,2.9999999999999997E-4,9]
["8.1.47",null,{"$f":"Ferramentas!C61","v":"Jogo de chave hexagonal (Allen) em polegada"},{"$f":"Ferramentas!D61","v":"un"},{"$f":"Ferramentas!E61","v":9},{"$f":"Ferramentas!F61","v":74.319999999999993},668.88,0,9]
["8.1.48",null,{"$f":"Ferramentas!C62","v":"Jogo de chave hexagonal (Allen) nº 03 a 17mm"},{"$f":"Ferramentas!D62","v":"un"},{"$f":"Ferramentas!E62","v":9},{"$f":"Ferramentas!F62","v":87.63},788.67,0,9]
["8.1.49",null,{"$f":"Ferramentas!C63","v":"Jogo de chave Phillips com isolamento para 1000V"},{"$f":"Ferramentas!D63","v":"un"},{"$f":"Ferramentas!E63","v":9},{"$f":"Ferramentas!F63","v":206.74},1860.66,1E-4,9]
["8.1.50",null,{"$f":"Ferramentas!C64","v":"Jogo de chave soquete 22 mm a 50 mm"},{"$f":"Ferramentas!D64","v":"un"},{"$f":"Ferramentas!E64","v":6},{"$f":"Ferramentas!F64","v":919.84},5519.04,2.0000000000000001E-4,6]
["8.1.51",null,{"$f":"Ferramentas!C65","v":"Jogo de chaves de fenda com isolamento para 1000V"},{"$f":"Ferramentas!D65","v":"un"},{"$f":"Ferramentas!E65","v":9},{"$f":"Ferramentas!F65","v":120.88},1087.92,0,9]
["8.1.52",null,{"$f":"Ferramentas!C66","v":"Jogo para Reparo de Rosca Postiça Master M5xM12"},{"$f":"Ferramentas!D66","v":"un"},{"$f":"Ferramentas!E66","v":6},{"$f":"Ferramentas!F66","v":331.57},1989.42,1E-4,6]
["8.1.53",{"$f":"Ferramentas!B67","v":"11400/ORSE"},{"$f":"Ferramentas!C67","v":"Lanterna grande - 10 Million"},{"$f":"Ferramentas!D67","v":"un"},{"$f":"Ferramentas!E67","v":6},{"$f":"Ferramentas!F67","v":31.52},189.12,0,6]
["8.1.54",{"$f":"Ferramentas!B68","v":"10592/ORSE"},{"$f":"Ferramentas!C68","v":"Lima chata paralela murça 6\""},{"$f":"Ferramentas!D68","v":"un"},{"$f":"Ferramentas!E68","v":9},{"$f":"Ferramentas!F68","v":34.47},310.23,0,9]
["8.1.55",{"$f":"Ferramentas!B69","v":"J040001106/EMBASA"},{"$f":"Ferramentas!C69","v":"Lima paralela bastarda 6\""},{"$f":"Ferramentas!D69","v":"un"},{"$f":"Ferramentas!E69","v":9},{"$f":"Ferramentas!F69","v":28.6},257.39999999999998,0,9]
["8.1.56",null,{"$f":"Ferramentas!C70","v":"Lima redonda murça 6\""},{"$f":"Ferramentas!D70","v":"un"},{"$f":"Ferramentas!E70","v":9},{"$f":"Ferramentas!F70","v":26.48},238.32,0,9]
["8.1.57",null,{"$f":"Ferramentas!C71","v":"Kit Estojo de Limas Murça 19 peças"},{"$f":"Ferramentas!D71","v":"un"},{"$f":"Ferramentas!E71","v":9},{"$f":"Ferramentas!F71","v":73.89},665.01,0,9]
["8.1.58",null,{"$f":"Ferramentas!C72","v":"Mala de ferramenta com 05 gavetas"},{"$f":"Ferramentas!D72","v":"un"},{"$f":"Ferramentas!E72","v":9},{"$f":"Ferramentas!F72","v":168.32},1514.88,1E-4,9]
["8.1.59",{"$f":"Ferramentas!B73","v":"4729 - ORSE"},{"$f":"Ferramentas!C73","v":"Marreta 1kg"},{"$f":"Ferramentas!D73","v":"un"},{"$f":"Ferramentas!E73","v":9},{"$f":"Ferramentas!F73","v":28.8},259.2,0,9]
["8.1.60",{"$f":"Ferramentas!B74","v":"J02000073/EMBASA"},{"$f":"Ferramentas!C74","v":"Marreta 2 kg com cabo de fibra"},{"$f":"Ferramentas!D74","v":"un"},{"$f":"Ferramentas!E74","v":6},{"$f":"Ferramentas!F74","v":17.100000000000001},102.6,0,6]
["8.1.61",{"$f":"Ferramentas!B75","v":"J020000076/EMBASA"},{"$f":"Ferramentas!C75","v":"Marreta de 5kg com cabo de madeira"},{"$f":"Ferramentas!D75","v":"un"},{"$f":"Ferramentas!E75","v":6},{"$f":"Ferramentas!F75","v":19.739999999999998},118.44,0,6]
["8.1.62",{"$f":"Ferramentas!B76","v":"J030000145/EMBASA"},{"$f":"Ferramentas!C76","v":"Martelo bola  1kg cabo em madeira "},{"$f":"Ferramentas!D76","v":"un"},{"$f":"Ferramentas!E76","v":9},{"$f":"Ferramentas!F76","v":42.9},386.1,0,9]
["8.1.63",{"$f":"Ferramentas!B77","v":"11265/ORSE"},{"$f":"Ferramentas!C77","v":"Martelo de borracha 32 Cm"},{"$f":"Ferramentas!D77","v":"un"},{"$f":"Ferramentas!E77","v":9},{"$f":"Ferramentas!F77","v":11.5},103.5,{"$f":"ROUND(G389/G$7,4)","v":0},9]
["8.1.64",null,{"$f":"Ferramentas!C78","v":"Nível a laser com base magnética e tripé"},{"$f":"Ferramentas!D78","v":"un"},{"$f":"Ferramentas!E78","v":6},{"$f":"Ferramentas!F78","v":408.64},2451.84,1E-4,6]
["8.1.65",null,{"$f":"Ferramentas!C79","v":"Nível de mão – metálico e magnético"},{"$f":"Ferramentas!D79","v":"un"},{"$f":"Ferramentas!E79","v":6},{"$f":"Ferramentas!F79","v":40.39},242.34,0,6]
["8.1.66",null,{"$f":"Ferramentas!C80","v":"Pe De Cabra, 900 Mm, Sextavado, Pintado"},{"$f":"Ferramentas!D80","v":"un"},{"$f":"Ferramentas!E80","v":6},{"$f":"Ferramentas!F80","v":62.67},376.02,0,6]
["8.1.67",{"$f":"Ferramentas!B81","v":"38377 - SINAPI"},{"$f":"Ferramentas!C81","v":"Prumo de centro"},{"$f":"Ferramentas!D81","v":"un"},{"$f":"Ferramentas!E81","v":6},{"$f":"Ferramentas!F81","v":47.85},287.10000000000002,0,6]
["8.1.68",null,{"$f":"Ferramentas!C82","v":"Punção de centro 100 x 4 mm"},{"$f":"Ferramentas!D82","v":"un"},{"$f":"Ferramentas!E82","v":9},{"$f":"Ferramentas!F82","v":17.87},160.83000000000001,0,9]
["8.1.69",null,{"$f":"Ferramentas!C83","v":"Punção de centro 150 x 6 mm"},{"$f":"Ferramentas!D83","v":"un"},{"$f":"Ferramentas!E83","v":9},{"$f":"Ferramentas!F83","v":19.170000000000002},172.53,0,9]
["8.1.70",{"$f":"Ferramentas!B84","v":"J030000058/EMBASA"},{"$f":"Ferramentas!C84","v":"CONJUNTO DE SACA-PINOS"},{"$f":"Ferramentas!D84","v":"un"},{"$f":"Ferramentas!E84","v":9},{"$f":"Ferramentas!F84","v":169.57},1526.13,1E-4,9]
["8.1.71",null,{"$f":"Ferramentas!C85","v":"Saca pino 08mm"},{"$f":"Ferramentas!D85","v":"un"},{"$f":"Ferramentas!E85","v":9},{"$f":"Ferramentas!F85","v":0},0,0,9]
["8.1.72",null,{"$f":"Ferramentas!C86","v":"Saca pino 17 mm"},{"$f":"Ferramentas!D86","v":"un"},{"$f":"Ferramentas!E86","v":9},{"$f":"Ferramentas!F86","v":0},0,0,9]
["8.1.73",null,{"$f":"Ferramentas!C87","v":"Saca pino paralelo 150x4"},{"$f":"Ferramentas!D87","v":"un"},{"$f":"Ferramentas!E87","v":9},{"$f":"Ferramentas!F87","v":0},0,0,9]
["8.1.74",null,{"$f":"Ferramentas!C88","v":"Saca pino paralelo 150x6"},{"$f":"Ferramentas!D88","v":"un"},{"$f":"Ferramentas!E88","v":9},{"$f":"Ferramentas!F88","v":0},0,0,9]
["8.1.75",null,{"$f":"Ferramentas!C89","v":"Saca pino paralelo 150x8"},{"$f":"Ferramentas!D89","v":"un"},{"$f":"Ferramentas!E89","v":9},{"$f":"Ferramentas!F89","v":0},0,0,9]
["8.1.76",null,{"$f":"Ferramentas!C90","v":"Saca polia 10\""},{"$f":"Ferramentas!D90","v":"un"},{"$f":"Ferramentas!E90","v":3},{"$f":"Ferramentas!F90","v":1449.71},4349.13,2.0000000000000001E-4,3]
["8.1.77",null,{"$f":"Ferramentas!C91","v":"Soquete Sextavado Quadra 1\" 65 mm"},{"$f":"Ferramentas!D91","v":"un"},{"$f":"Ferramentas!E91","v":3},{"$f":"Ferramentas!F91","v":343.68},1031.04,0,3]
["8.1.78",null,{"$f":"Ferramentas!C92","v":"Soquete Sextavado Quadra 1\" 70 mm"},{"$f":"Ferramentas!D92","v":"un"},{"$f":"Ferramentas!E92","v":3},{"$f":"Ferramentas!F92","v":313.25},939.75,0,3]
["8.1.79",null,{"$f":"Ferramentas!C93","v":"Soquete Sextavado Quadra 1\" 75/55 mm"},{"$f":"Ferramentas!D93","v":"un"},{"$f":"Ferramentas!E93","v":3},{"$f":"Ferramentas!F93","v":429.92},1289.76,1E-4,3]
["8.1.80",{"$f":"Ferramentas!B94","v":"11271/ORSE"},{"$f":"Ferramentas!C94","v":"Talhadeira De Aço Com Empunhadura De Proteção 10''"},{"$f":"Ferramentas!D94","v":"un"},{"$f":"Ferramentas!E94","v":9},{"$f":"Ferramentas!F94","v":29.69},267.20999999999998,0,9]
["8.1.81",null,{"$f":"Ferramentas!C95","v":"Torquímetro de estalo 50 - 400 N.m"},{"$f":"Ferramentas!D95","v":"un"},{"$f":"Ferramentas!E95","v":3},{"$f":"Ferramentas!F95","v":3163.81},9491.43,4.0000000000000002E-4,3]
["8.1.82",null,{"$f":"Ferramentas!C96","v":"Trena Metálica 8 m"},{"$f":"Ferramentas!D96","v":"un"},{"$f":"Ferramentas!E96","v":6},{"$f":"Ferramentas!F96","v":68.81},412.86,0,6]
["8.2.",null,{"$f":"Ferramentas!C99","v":"FERRAMENTAS - ELÉTRICA"},null,null,null,{"$f":"SUBTOTAL(9,G410:G477)","v":242747.55},9.7000000000000003E-3]
["8.2.1",null,{"$f":"Ferramentas!C100","v":"Adaptador universal de tomadas"},{"$f":"Ferramentas!D100","v":"un"},{"$f":"Ferramentas!E100","v":46},{"$f":"Ferramentas!F100","v":10.039999999999999},461.84,0,46]
["8.2.2",null,{"$f":"Ferramentas!C101","v":"Alavanca reta, 1,75 m"},{"$f":"Ferramentas!D101","v":"un"},{"$f":"Ferramentas!E101","v":10},{"$f":"Ferramentas!F101","v":470.8},{"$f":"ROUND(E411*F411,2)","v":4708},2.0000000000000001E-4,10]
["8.2.3",null,{"$f":"Ferramentas!C102","v":"Alicate bico chato/pato, 6\""},{"$f":"Ferramentas!D102","v":"un"},{"$f":"Ferramentas!E102","v":13},{"$f":"Ferramentas!F102","v":36.119999999999997},469.56,0,13]
["8.2.4",{"$f":"Ferramentas!B103","v":"38470 - SINAPI"},{"$f":"Ferramentas!C103","v":"Alicate cortador de cabos diagonal, 6\""},{"$f":"Ferramentas!D103","v":"un"},{"$f":"Ferramentas!E103","v":23},{"$f":"Ferramentas!F103","v":45.9},1055.7,0,23]
["8.2.5",null,{"$f":"Ferramentas!C104","v":"Alicate cortador de cabos frontal, 6\""},{"$f":"Ferramentas!D104","v":"un"},{"$f":"Ferramentas!E104","v":13},{"$f":"Ferramentas!F104","v":267.36},3475.68,1E-4,13]
["8.2.6",null,{"$f":"Ferramentas!C105","v":"Alicate/Tesoura cortador manual de cabos de até 300mm², 225mm"},{"$f":"Ferramentas!D105","v":"un"},{"$f":"Ferramentas!E105","v":13},{"$f":"Ferramentas!F105","v":1062.75},13815.75,5.9999999999999995E-4,13]
["8.2.7",{"$f":"Ferramentas!B106","v":"38547 - SINAPI"},{"$f":"Ferramentas!C106","v":"Alicate crimpador, RJ-11/RJ-45, 200mm"},{"$f":"Ferramentas!D106","v":"un"},{"$f":"Ferramentas!E106","v":2},{"$f":"Ferramentas!F106","v":125.25},250.5,0,2]
["8.2.8",{"$f":"Ferramentas!B107","v":"38547 - SINAPI"},{"$f":"Ferramentas!C107","v":"Alicate crimpador,  RG-59 e RG-6, 130mm"},{"$f":"Ferramentas!D107","v":"un"},{"$f":"Ferramentas!E107","v":2},{"$f":"Ferramentas!F107","v":125.25},250.5,0,2]
["8.2.9",{"$f":"Ferramentas!B108","v":"11272 - ORSE"},{"$f":"Ferramentas!C108","v":"Alicate crimpador para terminais 1,0 a 10mm², 220mm"},{"$f":"Ferramentas!D108","v":"un"},{"$f":"Ferramentas!E108","v":13},{"$f":"Ferramentas!F108","v":97.93},1273.0899999999999,1E-4,13]
["8.2.10",{"$f":"Ferramentas!B109","v":"11272 - ORSE"},{"$f":"Ferramentas!C109","v":"Alicate crimpador para terminais 10 a 120mm², 620mm"},{"$f":"Ferramentas!D109","v":"un"},{"$f":"Ferramentas!E109","v":1},{"$f":"Ferramentas!F109","v":97.93},97.93,0,1]
["8.2.11",{"$f":"Ferramentas!B110","v":"11272 - ORSE"},{"$f":"Ferramentas!C110","v":"Alicate crimpador 11\", 280mm"},{"$f":"Ferramentas!D110","v":"un"},{"$f":"Ferramentas!E110","v":2},{"$f":"Ferramentas!F110","v":97.93},195.86,0,2]
["8.2.12",null,{"$f":"Ferramentas!C111","v":"Alicate crimpador, hidráulico, prensa terminal,  com matriz de 10 a 300mm²"},{"$f":"Ferramentas!D111","v":"un"},{"$f":"Ferramentas!E111","v":1},{"$f":"Ferramentas!F111","v":835.33},835.33,0,1]
["8.2.13",{"$f":"Ferramentas!B112","v":"11275 - ORSE"},{"$f":"Ferramentas!C112","v":"Alicate de pressão, 10\", 250mm"},{"$f":"Ferramentas!D112","v":"un"},{"$f":"Ferramentas!E112","v":13},{"$f":"Ferramentas!F112","v":59.25},770.25,0,13]
["8.2.14",{"$f":"Ferramentas!B113","v":"11240 - ORSE"},{"$f":"Ferramentas!C113","v":"Alicate profissional universal, 8\". Material: Cromo Vanadium"},{"$f":"Ferramentas!D113","v":"un"},{"$f":"Ferramentas!E113","v":13},{"$f":"Ferramentas!F113","v":43.9},570.70000000000005,0,13]
["8.2.15",{"$f":"Ferramentas!B114","v":"11240 - ORSE"},{"$f":"Ferramentas!C114","v":"Alicate universal, 8\", com isolação 1000 V"},{"$f":"Ferramentas!D114","v":"un"},{"$f":"Ferramentas!E114","v":10},{"$f":"Ferramentas!F114","v":43.9},439,0,10]
["8.2.16",{"$f":"Ferramentas!B115","v":"10585 - ORSE"},{"$f":"Ferramentas!C115","v":"Arco de Serra manual (com serra)"},{"$f":"Ferramentas!D115","v":"un"},{"$f":"Ferramentas!E115","v":23},{"$f":"Ferramentas!F115","v":21.25},488.75,0,23]
["8.2.17",null,{"$f":"Ferramentas!C116","v":"Aspirador de Pó / Liquidos 2 Motores de 1200W 220V AA280 "},{"$f":"Ferramentas!D116","v":"un"},{"$f":"Ferramentas!E116","v":2},{"$f":"Ferramentas!F116","v":2181.69},4363.38,2.0000000000000001E-4,2]
["8.2.18",null,{"$f":"Ferramentas!C117","v":"Bastão isolante universal Ø 38 mm, 6 m, com 2 cabeçotes"},{"$f":"Ferramentas!D117","v":"un"},{"$f":"Ferramentas!E117","v":2},{"$f":"Ferramentas!F117","v":1530.51},3061.02,1E-4,2]
["8.2.19",null,{"$f":"Ferramentas!C118","v":"Bastão de resgate - 35 kV, 220 mm"},{"$f":"Ferramentas!D118","v":"un"},{"$f":"Ferramentas!E118","v":2},{"$f":"Ferramentas!F118","v":1170.68},2341.36,1E-4,2]
["8.2.20",null,{"$f":"Ferramentas!C119","v":"Chave de boca ajustável 8\""},{"$f":"Ferramentas!D119","v":"un"},{"$f":"Ferramentas!E119","v":10},{"$f":"Ferramentas!F119","v":36.909999999999997},369.1,0,10]
["8.2.21",null,{"$f":"Ferramentas!C120","v":"Chave de boca ajustável 12\""},{"$f":"Ferramentas!D120","v":"un"},{"$f":"Ferramentas!E120","v":10},{"$f":"Ferramentas!F120","v":115.7},1157,0,10]
["8.2.22",null,{"$f":"Ferramentas!C121","v":"Chave de boca ajustável 18\""},{"$f":"Ferramentas!D121","v":"un"},{"$f":"Ferramentas!E121","v":10},{"$f":"Ferramentas!F121","v":429.6},4296,2.0000000000000001E-4,27]
["8.2.23",{"$f":"Ferramentas!B122","v":"00425 - ORSE"},{"$f":"Ferramentas!C122","v":"Cadeado 40mm"},{"$f":"Ferramentas!D122","v":"un"},{"$f":"Ferramentas!E122","v":27},{"$f":"Ferramentas!F122","v":23.55},635.85,0,6]
["8.2.24",null,{"$f":"Ferramentas!C123","v":"Caixa de ferramentas para eletricista NR10 com 34 peças - Equipes de Manutenção"},{"$f":"Ferramentas!D123","v":"un"},{"$f":"Ferramentas!E123","v":6},{"$f":"Ferramentas!F123","v":5562.35},33374.1,1.2999999999999999E-3,6]
["8.2.25",null,{"$f":"Ferramentas!C124","v":"Caixa de ferramentas para eletricista NR10 com 34 peças para operadores EB"},{"$f":"Ferramentas!D124","v":"un"},{"$f":"Ferramentas!E124","v":6},{"$f":"Ferramentas!F124","v":5562.35},33374.1,1.2999999999999999E-3,2]
["8.2.26",null,{"$f":"Ferramentas!C125","v":"Caixa de ferramentas com 40 peças (Para técnicos de automação e telecom)"},{"$f":"Ferramentas!D125","v":"un"},{"$f":"Ferramentas!E125","v":2},{"$f":"Ferramentas!F125","v":2314.2600000000002},4628.5200000000004,2.0000000000000001E-4,13]
["8.2.27",null,{"$f":"Ferramentas!C126","v":"Caixa de ferramentas tipo sanfonada, confeccionada  em chapa de aço, com rodas e puxador"},{"$f":"Ferramentas!D126","v":"un"},{"$f":"Ferramentas!E126","v":13},{"$f":"Ferramentas!F126","v":148.93},1936.09,1E-4,2]
["8.2.28",null,{"$f":"Ferramentas!C127","v":"Câmera fotográfica digital 20MP, 5x Zoom Óptico"},{"$f":"Ferramentas!D127","v":"un"},{"$f":"Ferramentas!E127","v":2},{"$f":"Ferramentas!F127","v":849.64},1699.28,1E-4,10]
["8.2.29",null,{"$f":"Ferramentas!C128","v":"Chave com catraca 4 bocas 8x9x10x11 mm (Ref. 44637101 ou similar)"},{"$f":"Ferramentas!D128","v":"un"},{"$f":"Ferramentas!E128","v":10},{"$f":"Ferramentas!F128","v":199.97},1999.7,1E-4,2]
["8.2.30",null,{"$f":"Ferramentas!C129","v":"Conjunto de aterramento rápido e temporário para cubículos até 35kV"},{"$f":"Ferramentas!D129","v":"un"},{"$f":"Ferramentas!E129","v":2},{"$f":"Ferramentas!F129","v":3394.48},6788.96,2.9999999999999997E-4,2]
["8.2.31",null,{"$f":"Ferramentas!C130","v":"Conjunto de aterramento rápido e temporário para redes isoladas até 1kV"},{"$f":"Ferramentas!D130","v":"un"},{"$f":"Ferramentas!E130","v":2},{"$f":"Ferramentas!F130","v":1090.55},2181.1,1E-4,2]
["8.2.32",null,{"$f":"Ferramentas!C131","v":"Conjunto de aterramento temporário até 15 kV"},{"$f":"Ferramentas!D131","v":"un"},{"$f":"Ferramentas!E131","v":2},{"$f":"Ferramentas!F131","v":3853.03},7706.06,2.9999999999999997E-4,10]
["8.2.33",null,{"$f":"Ferramentas!C132","v":"Conjunto de chaves básicas para eletricista com 06 peças"},{"$f":"Ferramentas!D132","v":"un"},{"$f":"Ferramentas!E132","v":10},{"$f":"Ferramentas!F132","v":105.17},1051.7,0,23]
["8.2.34",null,{"$f":"Ferramentas!C133","v":"Detector de Tensão por contato 1kV"},{"$f":"Ferramentas!D133","v":"un"},{"$f":"Ferramentas!E133","v":15},{"$f":"Ferramentas!F133","v":715.66},10734.9,4.0000000000000002E-4,13]
["8.2.35",null,{"$f":"Ferramentas!C134","v":"Detector unipolar de tensão por aproximação - 10 KV"},{"$f":"Ferramentas!D134","v":"un"},{"$f":"Ferramentas!E134","v":5},{"$f":"Ferramentas!F134","v":1435.99},7179.95,2.9999999999999997E-4,10]
["8.2.36",null,{"$f":"Ferramentas!C135","v":"Encerado de lona (3x2 m)"},{"$f":"Ferramentas!D135","v":"un"},{"$f":"Ferramentas!E135","v":5},{"$f":"Ferramentas!F135","v":49.13},245.65,0,10]
["8.2.37",{"$f":"Ferramentas!B136","v":"38477/SINAPI"},{"$f":"Ferramentas!C136","v":"Escada perfil \"U\" de fibra de vidro extensiva - altura esticada 8,40 m - 15 kV"},{"$f":"Ferramentas!D136","v":"un"},{"$f":"Ferramentas!E136","v":5},{"$f":"Ferramentas!F136","v":1153.4100000000001},5767.05,2.0000000000000001E-4,2]
["8.2.38",{"$f":"Ferramentas!B137","v":"Banco de Preços (Pregão Eletrônico - FUND.P/CONSERV.PROD.FLORESTAL DO EST.SP\nGOVERNO DO ESTADO DE SÃO PAULO), 04/2022"},{"$f":"Ferramentas!C137","v":"Escada de fibra de vidro tipo \"A\" - 10 degraus"},{"$f":"Ferramentas!D137","v":"un"},{"$f":"Ferramentas!E137","v":2},{"$f":"Ferramentas!F137","v":2710},5420,2.0000000000000001E-4,10]
["8.2.39",{"$f":"Ferramentas!B138","v":"12 - SINAPI"},{"$f":"Ferramentas!C138","v":"Escova com cerdas de aço para condutores"},{"$f":"Ferramentas!D138","v":"un"},{"$f":"Ferramentas!E138","v":10},{"$f":"Ferramentas!F138","v":11.88},118.8,0,10]
["8.2.40",null,{"$f":"Ferramentas!C139","v":"Ferramenta universal para bastão de manobra - Cabeçote para grampo de aterramento"},{"$f":"Ferramentas!D139","v":"un"},{"$f":"Ferramentas!E139","v":2},{"$f":"Ferramentas!F139","v":263.06},526.12,0,2]
["8.2.41",null,{"$f":"Ferramentas!C140","v":"Fumigador para apicultura"},{"$f":"Ferramentas!D140","v":"un"},{"$f":"Ferramentas!E140","v":10},{"$f":"Ferramentas!F140","v":208.21},2082.1,1E-4,10]
["8.2.42",{"$f":"Ferramentas!B141","v":"11248/ORSE"},{"$f":"Ferramentas!C141","v":"Furadeira elétrica de impacto 1/2\" Ø 13mm, 800W, 1050 A, 2800 rpm e 220V"},{"$f":"Ferramentas!D141","v":"un"},{"$f":"Ferramentas!E141","v":10},{"$f":"Ferramentas!F141","v":246},2460,1E-4,3]
["8.2.43",{"$f":"Ferramentas!B142","v":"Licitação - Banco de preços (SECRETARIA DA SEGURANCA PUBLICA\nSãO PAULO-06/2022)"},{"$f":"Ferramentas!C142","v":"Jogo de chave canhão com 12 unidades"},{"$f":"Ferramentas!D142","v":"un"},{"$f":"Ferramentas!E142","v":10},{"$f":"Ferramentas!F142","v":229},2290,1E-4,10]
["8.2.44",null,{"$f":"Ferramentas!C143","v":"Jogo de chave combinada com 16 unidades (sextavado/boca fixa) de 1/4\" a 1.1/4\" (6,35 mm a 31,75 mm)"},{"$f":"Ferramentas!D143","v":"un"},{"$f":"Ferramentas!E143","v":10},{"$f":"Ferramentas!F143","v":653.17999999999995},6531.8,{"$f":"ROUND(G453/G$7,4)","v":2.9999999999999997E-4},10]
["8.2.45",null,{"$f":"Ferramentas!C144","v":"Jogo de soquetes estriado com encaixe 1/2\" com 38 soquetes - 10-32mmn"},{"$f":"Ferramentas!D144","v":"un"},{"$f":"Ferramentas!E144","v":10},{"$f":"Ferramentas!F144","v":436.95},4369.5,2.0000000000000001E-4,2]
["8.2.46",null,{"$f":"Ferramentas!C145","v":"Jogo de chaves biela 12 peças tipo L 8 a 19mm"},{"$f":"Ferramentas!D145","v":"un"},{"$f":"Ferramentas!E145","v":10},{"$f":"Ferramentas!F145","v":225.28},2252.8000000000002,1E-4,10]
["8.2.47",null,{"$f":"Ferramentas!C146","v":"Jogo de chave de fenda e philips com haste protegida para eletricista com 07 peças"},{"$f":"Ferramentas!D146","v":"un"},{"$f":"Ferramentas!E146","v":10},{"$f":"Ferramentas!F146","v":531.11},5311.1,2.0000000000000001E-4,2]
["8.2.48",null,{"$f":"Ferramentas!C147","v":"Kit de reparo eletrônico (ferro de solda, sugador de placa de circuito impresso, componentes sobressalentes)"},{"$f":"Ferramentas!D147","v":"un"},{"$f":"Ferramentas!E147","v":2},{"$f":"Ferramentas!F147","v":206.08},412.16,0,2]
["8.2.49",null,{"$f":"Ferramentas!C148","v":"Kit ferramenta fibra óptica (clivador +alicate decapador + alicate stripper + bolsa + 2 chaves allen + recipiente para álcool + guia) + Medidor de potência para fibra óptica (Power Meter Medidor Potência Fibra Óptica + Caneta Laser 10W)"},{"$f":"Ferramentas!D148","v":"un"},{"$f":"Ferramentas!E148","v":2},{"$f":"Ferramentas!F148","v":378.32},756.64,0,2]
["8.2.50",null,{"$f":"Ferramentas!C149","v":"Kit ferramentas telecom ( tipo TRAMONTINA PRO 44970053 ou similar)"},{"$f":"Ferramentas!D149","v":"un"},{"$f":"Ferramentas!E149","v":2},{"$f":"Ferramentas!F149","v":2326.59},4653.18,2.0000000000000001E-4,10]
["8.2.51",{"$f":"Ferramentas!B150","v":"11396 - ORSE"},{"$f":"Ferramentas!C150","v":"Lanterna tática grande - 5.500.000 lumens"},{"$f":"Ferramentas!D150","v":"un"},{"$f":"Ferramentas!E150","v":10},{"$f":"Ferramentas!F150","v":16.579999999999998},165.8,0,1]
["8.2.52",{"$f":"Ferramentas!B151","v":"10592/ORSE"},{"$f":"Ferramentas!C151","v":"Lima chata murça 8\" com cabo"},{"$f":"Ferramentas!D151","v":"un"},{"$f":"Ferramentas!E151","v":1},{"$f":"Ferramentas!F151","v":34.47},34.47,0,1]
["8.2.53",{"$f":"Ferramentas!B152","v":"J040001106/EMBASA"},{"$f":"Ferramentas!C152","v":"Lima chata bastarda 10\""},{"$f":"Ferramentas!D152","v":"un"},{"$f":"Ferramentas!E152","v":1},{"$f":"Ferramentas!F152","v":28.6},28.6,0,13]
["8.2.54",{"$f":"Ferramentas!B153","v":"036147/SINAPI"},{"$f":"Ferramentas!C153","v":"Luva isolante classe 00 - 2,5kV"},{"$f":"Ferramentas!D153","v":"un"},{"$f":"Ferramentas!E153","v":13},{"$f":"Ferramentas!F153","v":410.4},5335.2,2.0000000000000001E-4,13]
["8.2.55",{"$f":"Ferramentas!B154","v":"\tB.07.000.049767/CPOS"},{"$f":"Ferramentas!C154","v":"Luva isolante classe 3 - 30kV"},{"$f":"Ferramentas!D154","v":"un"},{"$f":"Ferramentas!E154","v":13},{"$f":"Ferramentas!F154","v":527.09},6852.17,2.9999999999999997E-4,10]
["8.2.56",{"$f":"Ferramentas!B155","v":"J020000076/EMBASA"},{"$f":"Ferramentas!C155","v":"Marreta de 5kg com cabo de madeira"},{"$f":"Ferramentas!D155","v":"un"},{"$f":"Ferramentas!E155","v":10},{"$f":"Ferramentas!F155","v":19.739999999999998},197.4,0,1]
["8.2.57",null,{"$f":"Ferramentas!C156","v":"Martelete Perfurador/Rompedor Profissional 220V, 800W, 870 RPM"},{"$f":"Ferramentas!D156","v":"un"},{"$f":"Ferramentas!E156","v":1},{"$f":"Ferramentas!F156","v":1017.75},1017.75,0,10]
["8.2.58",{"$f":"Ferramentas!B157","v":"J030000145/EMBASA"},{"$f":"Ferramentas!C157","v":"Martelo-bola 1kg com cabo de madeira"},{"$f":"Ferramentas!D157","v":"un"},{"$f":"Ferramentas!E157","v":10},{"$f":"Ferramentas!F157","v":42.9},429,0,10]
["8.2.59",{"$f":"Ferramentas!B158","v":"11244/ORSE"},{"$f":"Ferramentas!C158","v":"Martelo universal (de unha) 25mm com cabo de madeira"},{"$f":"Ferramentas!D158","v":"un"},{"$f":"Ferramentas!E158","v":10},{"$f":"Ferramentas!F158","v":37.9},379,0,1]
["8.2.60",{"$f":"Ferramentas!B159","v":"31.41.36/SUDECAP"},{"$f":"Ferramentas!C159","v":"Pá-de-bico com cabo de madeira"},{"$f":"Ferramentas!D159","v":"un"},{"$f":"Ferramentas!E159","v":10},{"$f":"Ferramentas!F159","v":27.95},279.5,0,10]
["8.2.61",{"$f":"Ferramentas!B160","v":"11248/ORSE"},{"$f":"Ferramentas!C160","v":"Parafusadeira/Furadeira elétrica com fio - 220V, 400W"},{"$f":"Ferramentas!D160","v":"un"},{"$f":"Ferramentas!E160","v":10},{"$f":"Ferramentas!F160","v":246},2460,1E-4,2]
["8.2.62",null,{"$f":"Ferramentas!C161","v":"Punho saca fusível NH tamanho 000 a 4, 1kV"},{"$f":"Ferramentas!D161","v":"un"},{"$f":"Ferramentas!E161","v":10},{"$f":"Ferramentas!F161","v":209.04},2090.4,1E-4,2]
["8.2.63",null,{"$f":"Ferramentas!C162","v":"Soprador Costal 2T 59,2CC à Gasolina"},{"$f":"Ferramentas!D162","v":"un"},{"$f":"Ferramentas!E162","v":2},{"$f":"Ferramentas!F162","v":1642.94},3285.88,1E-4,1]
["8.2.64",null,{"$f":"Ferramentas!C163","v":"Soprador térmico 2000W, 220V"},{"$f":"Ferramentas!D163","v":"un"},{"$f":"Ferramentas!E163","v":1},{"$f":"Ferramentas!F163","v":531.33000000000004},531.33000000000004,0,1]
["8.2.65",{"$f":"Ferramentas!B164","v":"I2587/SEINFRA"},{"$f":"Ferramentas!C164","v":"Talha manual Tirfor 1.600kgf/cm² com alavanca"},{"$f":"Ferramentas!D164","v":"un"},{"$f":"Ferramentas!E164","v":1},{"$f":"Ferramentas!F164","v":2694},2694,1E-4,6]
["8.2.66",null,{"$f":"Ferramentas!C165","v":"Testador de bastão de manobra para isolador"},{"$f":"Ferramentas!D165","v":"un"},{"$f":"Ferramentas!E165","v":1},{"$f":"Ferramentas!F165","v":4950},{"$f":"ROUND(E475*F475,2)","v":4950},2.0000000000000001E-4,2]
["8.2.67",null,{"$f":"Ferramentas!C166","v":"Teste de Bateria Digital com Impressora Térmica Embutida"},{"$f":"Ferramentas!D166","v":"un"},{"$f":"Ferramentas!E166","v":6},{"$f":"Ferramentas!F166","v":1779.9},10679.4,4.0000000000000002E-4]
["8.2.68",null,{"$f":"Ferramentas!C167","v":"Testador Teste Crimpagem Cabo Rede Lan Rj45 Rj11"},{"$f":"Ferramentas!D167","v":"un"},{"$f":"Ferramentas!E167","v":2},{"$f":"Ferramentas!F167","v":52.07},104.14,0]
[]
["8.3.",null,{"$f":"Ferramentas!C170","v":"FERRAMENTAS - CIVIL"},null,null,null,{"$f":"SUBTOTAL(9,G480:G534)","v":123297.98000000003},{"$f":"ROUND(G479/G$7,4)","v":4.8999999999999998E-3}]
["8.3.1",null,{"$f":"Ferramentas!C171","v":" Alavanca sextavada ponta pá curva para construção civil"},{"$f":"Ferramentas!D171","v":"un"},{"$f":"Ferramentas!E171","v":29},{"$f":"Ferramentas!F171","v":181.03},{"$f":"ROUND(E480*F480,2)","v":5249.87},2.0000000000000001E-4,59]
["8.3.2",null,{"$f":"Ferramentas!C172","v":" Ansinho curvo robusto 12 dentes com cabo de madeira"},{"$f":"Ferramentas!D172","v":"un"},{"$f":"Ferramentas!E172","v":29},{"$f":"Ferramentas!F172","v":40.229999999999997},1166.67,0,59]
["8.3.3",{"$f":"Ferramentas!B173","v":"10585 - ORSE"},{"$f":"Ferramentas!C173","v":"Arco de Serra manual (com serra)"},{"$f":"Ferramentas!D173","v":"un"},{"$f":"Ferramentas!E173","v":12},{"$f":"Ferramentas!F173","v":21.25},255,0,12]
["8.3.4",{"$f":"Ferramentas!B174","v":"10 - SINAPI"},{"$f":"Ferramentas!C174","v":" Balde 10 l "},{"$f":"Ferramentas!D174","v":"un"},{"$f":"Ferramentas!E174","v":57},{"$f":"Ferramentas!F174","v":12.14},691.98,0,118]
["8.3.5",null,{"$f":"Ferramentas!C175","v":"Binóculo Profissional Ampliação 8 à 24x 50mm"},{"$f":"Ferramentas!D175","v":"un"},{"$f":"Ferramentas!E175","v":10},{"$f":"Ferramentas!F175","v":204.37},2043.7,1E-4,10]
["8.3.6",null,{"$f":"Ferramentas!C176","v":"Câmera fotográfica digital 20MP, 5x Zoom Óptico"},{"$f":"Ferramentas!D176","v":"un"},{"$f":"Ferramentas!E176","v":6},{"$f":"Ferramentas!F176","v":797.32},4783.92,2.0000000000000001E-4,6]
["8.3.7",null,{"$f":"Ferramentas!C177","v":" Carrinho para transporte de motor de popa até 40 Hp"},{"$f":"Ferramentas!D177","v":"un"},{"$f":"Ferramentas!E177","v":12},{"$f":"Ferramentas!F177","v":350.35},4204.2,2.0000000000000001E-4,12]
["8.3.8",{"$f":"Ferramentas!B178","v":"2711 - SINAPI"},{"$f":"Ferramentas!C178","v":" Carro de mão "},{"$f":"Ferramentas!D178","v":"un"},{"$f":"Ferramentas!E178","v":114},{"$f":"Ferramentas!F178","v":238},27132,1.1000000000000001E-3,236]
["8.3.9",null,{"$f":"Ferramentas!C179","v":" Cavador articulado com cabo de madeira 110cm"},{"$f":"Ferramentas!D179","v":"un"},{"$f":"Ferramentas!E179","v":29},{"$f":"Ferramentas!F179","v":62.75},1819.75,1E-4,59]
["8.3.10",null,{"$f":"Ferramentas!C180","v":" Chibanca metálica com cabo de madeira"},{"$f":"Ferramentas!D180","v":"un"},{"$f":"Ferramentas!E180","v":100},{"$f":"Ferramentas!F180","v":113.28},11328,5.0000000000000001E-4,207]
["8.3.11",{"$f":"Ferramentas!B181","v":"J040001052/EMBASA"},{"$f":"Ferramentas!C181","v":" Colher de pedreiro nº 9 "},{"$f":"Ferramentas!D181","v":"un"},{"$f":"Ferramentas!E181","v":2},{"$f":"Ferramentas!F181","v":13.76},27.52,0,7]
["8.3.12",null,{"$f":"Ferramentas!C182","v":" Conjunto de ferramentas básicas para encanador "},{"$f":"Ferramentas!D182","v":"un"},{"$f":"Ferramentas!E182","v":3},{"$f":"Ferramentas!F182","v":424.23},1272.69,1E-4,3]
["8.3.13",null,{"$f":"Ferramentas!C183","v":" Conjunto de ferramentas básicas para pedreiro "},{"$f":"Ferramentas!D183","v":"un"},{"$f":"Ferramentas!E183","v":2},{"$f":"Ferramentas!F183","v":223.21},446.42,0,7]
["8.3.14",{"$f":"Ferramentas!B184","v":"38200/COMPESA"}," Corda de bombeiro semi estática em nylon trançado (rolo de 100 m) ",{"$f":"Ferramentas!D184","v":"un"},{"$f":"Ferramentas!E184","v":5},{"$f":"Ferramentas!F184","v":640.24},3201.2,1E-4,9]
["8.3.15",null,{"$f":"Ferramentas!C185","v":" Desempenadeira de aço dentada "},{"$f":"Ferramentas!D185","v":"un"},{"$f":"Ferramentas!E185","v":5},{"$f":"Ferramentas!F185","v":23.06},115.3,0,9]
["8.3.16",{"$f":"Ferramentas!B186","v":"4174/ORSE"},{"$f":"Ferramentas!C186","v":" Desempenadeira de aço lisa "},{"$f":"Ferramentas!D186","v":"un"},{"$f":"Ferramentas!E186","v":5},{"$f":"Ferramentas!F186","v":10.8},54,0,9]
["8.3.17",{"$f":"Ferramentas!B187","v":"M0076/SICRO3"},{"$f":"Ferramentas!C187","v":" Disco corte abrasivo 18\" para aço 178x1,6x22,2mm"},{"$f":"Ferramentas!D187","v":"un"},{"$f":"Ferramentas!E187","v":3},{"$f":"Ferramentas!F187","v":15.36},46.08,0,6]
["8.3.18",{"$f":"Ferramentas!B188","v":"38403 - SINAPI"},{"$f":"Ferramentas!C188","v":" Enxada estreita de 240 x 230 mm, sem cabo "},{"$f":"Ferramentas!D188","v":"un"},{"$f":"Ferramentas!E188","v":100},{"$f":"Ferramentas!F188","v":58.96},5896,2.0000000000000001E-4,207]
["8.3.19",{"$f":"Ferramentas!B189","v":"38477 - SINAPI"},{"$f":"Ferramentas!C189","v":" Escada articulada multifuncional 16 degraus "},{"$f":"Ferramentas!D189","v":"un"},{"$f":"Ferramentas!E189","v":7},{"$f":"Ferramentas!F189","v":1254.9100000000001},8784.3700000000008,4.0000000000000002E-4,12]
["8.3.20",{"$f":"Ferramentas!B190","v":"12 - SINAPI"},{"$f":"Ferramentas!C190","v":"Escova de aco, com cabo, *4 x 15* fileiras de cerdas "},{"$f":"Ferramentas!D190","v":"un"},{"$f":"Ferramentas!E190","v":7},{"$f":"Ferramentas!F190","v":11.88},83.16,0,12]
["8.3.21",{"$f":"Ferramentas!B191","v":"38367 - SINAPI"},{"$f":"Ferramentas!C191","v":"Espátula aço inox, 8cm - cabo de madeira "},{"$f":"Ferramentas!D191","v":"un"},{"$f":"Ferramentas!E191","v":7},{"$f":"Ferramentas!F191","v":23.81},166.67,0,12]
["8.3.22",{"$f":"Ferramentas!B192","v":"38368 - SINAPI"},{"$f":"Ferramentas!C192","v":"Espátula de plástico lisa, largura 10 cm "},{"$f":"Ferramentas!D192","v":"un"},{"$f":"Ferramentas!E192","v":7},{"$f":"Ferramentas!F192","v":7.76},54.32,0,12]
["8.3.23",{"$f":"Ferramentas!B193","v":"D249722458/EMBASA"},{"$f":"Ferramentas!C193","v":" Esponja de limpeza "},{"$f":"Ferramentas!D193","v":"un"},{"$f":"Ferramentas!E193","v":60},{"$f":"Ferramentas!F193","v":3.9},234,0,105]
["8.3.24",{"$f":"Ferramentas!B194","v":"38380 - SINAPI"},{"$f":"Ferramentas!C194","v":"Esquadro 90º x 30cm (12\") "},{"$f":"Ferramentas!D194","v":"un"},{"$f":"Ferramentas!E194","v":3},{"$f":"Ferramentas!F194","v":37.83},113.49,0,6]
["8.3.25",{"$f":"Ferramentas!B195","v":"J020000046/EMBASA"},{"$f":"Ferramentas!C195","v":" Estrovenga com cabo de madeira"},{"$f":"Ferramentas!D195","v":"un"},{"$f":"Ferramentas!E195","v":100},{"$f":"Ferramentas!F195","v":32.9},3290,1E-4,207]
["8.3.26",null,{"$f":"Ferramentas!C196","v":"Facão para mato, 18 pol"},{"$f":"Ferramentas!D196","v":"un"},{"$f":"Ferramentas!E196","v":102},{"$f":"Ferramentas!F196","v":30.55},3116.1,1E-4,211]
["8.3.27",{"$f":"Ferramentas!B197","v":"J020000052/EMBASA"},{"$f":"Ferramentas!C197","v":"Foice 33mm com cabo de madeira"},{"$f":"Ferramentas!D197","v":"un"},{"$f":"Ferramentas!E197","v":102},{"$f":"Ferramentas!F197","v":47.9},4885.8,2.0000000000000001E-4,211]
["8.3.28",null,{"$f":"Ferramentas!C198","v":" Fumigador para apicultura "},{"$f":"Ferramentas!D198","v":"un"},{"$f":"Ferramentas!E198","v":14},{"$f":"Ferramentas!F198","v":198.45},2778.3,1E-4,30]
["8.3.29",{"$f":"Ferramentas!B199","v":"11400/ORSE"},{"$f":"Ferramentas!C199","v":" Lanterna grande - 10 Million "},{"$f":"Ferramentas!D199","v":"un"},{"$f":"Ferramentas!E199","v":12},{"$f":"Ferramentas!F199","v":31.52},378.24,0,12]
["8.3.30",{"$f":"Ferramentas!B200","v":"J020000061/EMBASA"},{"$f":"Ferramentas!C200","v":" Machado lâmica 3,5 cabo de madeira 90 cm"},{"$f":"Ferramentas!D200","v":"un"},{"$f":"Ferramentas!E200","v":43},{"$f":"Ferramentas!F200","v":42.43},1824.49,1E-4,89]
["8.3.31",{"$f":"Ferramentas!B201","v":"M2462/SICRO"},{"$f":"Ferramentas!C201","v":" Mangueira de ¾ 50 MTS "},{"$f":"Ferramentas!D201","v":"un"},{"$f":"Ferramentas!E201","v":9},{"$f":"Ferramentas!F201","v":303.5},2731.5,1E-4,15]
["8.3.32",{"$f":"Ferramentas!B202","v":"00037458/SINAPI"},{"$f":"Ferramentas!C202","v":" Mangueira de nível 5/16x1,3mm"},{"$f":"Ferramentas!D202","v":"un"},{"$f":"Ferramentas!E202","v":10},{"$f":"Ferramentas!F202","v":45},450,0,18]
["8.3.33",{"$f":"Ferramentas!B203","v":"11269 - ORSE"},{"$f":"Ferramentas!C203","v":" Marreta de 1/2 kg com cabo "},{"$f":"Ferramentas!D203","v":"un"},{"$f":"Ferramentas!E203","v":11},{"$f":"Ferramentas!F203","v":13.52},148.72,0,24]
["8.3.34",{"$f":"Ferramentas!B204","v":"J020000073/EMBASA"},{"$f":"Ferramentas!C204","v":" Marreta oitavada de 2kg com cabo de madeira"},{"$f":"Ferramentas!D204","v":"un"},{"$f":"Ferramentas!E204","v":11},{"$f":"Ferramentas!F204","v":17.100000000000001},188.1,0,24]
["8.3.35",{"$f":"Ferramentas!B205","v":"J020000076/EMBASA"},{"$f":"Ferramentas!C205","v":"Marreta de 5kg com cabo de madeira"},{"$f":"Ferramentas!D205","v":"un"},{"$f":"Ferramentas!E205","v":11},{"$f":"Ferramentas!F205","v":19.739999999999998},217.14,0,24]
["8.3.36",{"$f":"Ferramentas!B206","v":"11244/ORSE"},{"$f":"Ferramentas!C206","v":" Martelo com unha 25mm"},{"$f":"Ferramentas!D206","v":"un"},{"$f":"Ferramentas!E206","v":11},{"$f":"Ferramentas!F206","v":37.9},416.9,0,24]
["8.3.37",{"$f":"Ferramentas!B207","v":"11265/ORSE"},{"$f":"Ferramentas!C207","v":" Martelo de borracha 32 Cm"},{"$f":"Ferramentas!D207","v":"un"},{"$f":"Ferramentas!E207","v":3},{"$f":"Ferramentas!F207","v":11.5},34.5,0,5]
["8.3.38",null,{"$f":"Ferramentas!C208","v":" Nível c/ bolha ajustável de inclinação, bolha fixa e prumo – 250mm "},{"$f":"Ferramentas!D208","v":"un"},{"$f":"Ferramentas!E208","v":3},{"$f":"Ferramentas!F208","v":62.88},188.64,0,5]
["8.3.39",{"$f":"Ferramentas!B209","v":"10789/ORSE"},{"$f":"Ferramentas!C209","v":" Nível de bolha de madeira "},{"$f":"Ferramentas!D209","v":"un"},{"$f":"Ferramentas!E209","v":3},{"$f":"Ferramentas!F209","v":16.5},49.5,0,5]
["8.3.40",{"$f":"Ferramentas!B210","v":"10788/ORSE"},{"$f":"Ferramentas!C210","v":" Pá quadrada com cabo de madeira"},{"$f":"Ferramentas!D210","v":"un"},{"$f":"Ferramentas!E210","v":100},{"$f":"Ferramentas!F210","v":36.9},3690,1E-4,207]
["8.3.41",null,{"$f":"Ferramentas!C211","v":" Pé-de-cabra 3/4x60cm"},{"$f":"Ferramentas!D211","v":"un"},{"$f":"Ferramentas!E211","v":29},{"$f":"Ferramentas!F211","v":66.709999999999994},1934.59,1E-4,59]
["8.3.42",{"$f":"Ferramentas!B212","v":"830101/IOPES"},{"$f":"Ferramentas!C212","v":" Picareta 4 libras com cabo 90 cm"},{"$f":"Ferramentas!D212","v":"un"},{"$f":"Ferramentas!E212","v":100},{"$f":"Ferramentas!F212","v":111.33},11133,4.0000000000000002E-4,207]
["8.3.43",{"$f":"Ferramentas!B213","v":"038394/SINAPI"},{"$f":"Ferramentas!C213","v":" Pistola para pintura pulverizadora 1L"},{"$f":"Ferramentas!D213","v":"un"},{"$f":"Ferramentas!E213","v":3},{"$f":"Ferramentas!F213","v":317.52999999999997},952.59,0,5]
["8.3.44",{"$f":"Ferramentas!B214","v":"4720/ORSE"},{"$f":"Ferramentas!C214","v":" Ponteiro de aço liso 3/4"},{"$f":"Ferramentas!D214","v":"un"},{"$f":"Ferramentas!E214","v":29},{"$f":"Ferramentas!F214","v":21.48},622.91999999999996,0,59]
["8.3.45",{"$f":"Ferramentas!B215","v":"38377 - SINAPI"},{"$f":"Ferramentas!C215","v":" Prumo de centro "},{"$f":"Ferramentas!D215","v":"un"},{"$f":"Ferramentas!E215","v":3},{"$f":"Ferramentas!F215","v":44.03},132.09,0,5]
["8.3.46",{"$f":"Ferramentas!B216","v":"38376 - SINAPI"},{"$f":"Ferramentas!C216","v":" Prumo de parede "},{"$f":"Ferramentas!D216","v":"un"},{"$f":"Ferramentas!E216","v":3},{"$f":"Ferramentas!F216","v":50.2},150.6,0,5]
["8.3.47",{"$f":"Ferramentas!B217","v":"31.42.17/SUDECAP"},{"$f":"Ferramentas!C217","v":" Rastelo (ASG) de plástico com cabo"},{"$f":"Ferramentas!D217","v":"un"},{"$f":"Ferramentas!E217","v":29},{"$f":"Ferramentas!F217","v":32.99},956.71,0,59]
["8.3.48",{"$f":"Ferramentas!B218","v":"8606/ORSE"},{"$f":"Ferramentas!C218","v":"Refletor redondo em alumínio anodizado para lâmpada vapor de mercúrio/sódio, corpo em aluminio com pintura epoxi, para lâmpada E-27 de 300 W, com suporte redondo e alça regulável para fixação. "},{"$f":"Ferramentas!D218","v":"un"},{"$f":"Ferramentas!E218","v":30},{"$f":"Ferramentas!F218","v":63.8},1914,1E-4,30]
["8.3.49",null,{"$f":"Ferramentas!C219","v":" Régua de alumínio - 2,00m "},{"$f":"Ferramentas!D219","v":"un"},{"$f":"Ferramentas!E219","v":3},{"$f":"Ferramentas!F219","v":40.44},121.32,0,5]
["8.3.50",{"$f":"Ferramentas!B220","v":"10577/ORSE"},{"$f":"Ferramentas!C220","v":" Serrote madeira 40cm "},{"$f":"Ferramentas!D220","v":"un"},{"$f":"Ferramentas!E220","v":11},{"$f":"Ferramentas!F220","v":30},330,0,24]
["8.3.51",{"$f":"Ferramentas!B221","v":"4728/ORSE"},{"$f":"Ferramentas!C221","v":" Talhadeira de aço chato 10\" "},{"$f":"Ferramentas!D221","v":"un"},{"$f":"Ferramentas!E221","v":29},{"$f":"Ferramentas!F221","v":13.85},401.65,0,59]
["8.3.52",null,{"$f":"Ferramentas!C222","v":" Torqueza 8\""},{"$f":"Ferramentas!D222","v":"un"},{"$f":"Ferramentas!E222","v":15},{"$f":"Ferramentas!F222","v":22.62},339.3,0,15]
["8.3.53",{"$f":"Ferramentas!B223","v":"078296/SBC"},{"$f":"Ferramentas!C223","v":"Trena Metálica 8 m"},{"$f":"Ferramentas!D223","v":"un"},{"$f":"Ferramentas!E223","v":20},{"$f":"Ferramentas!F223","v":26},520,0,20]
["8.3.54",{"$f":"Ferramentas!B224","v":"83.25.53/SUDECAP"},{"$f":"Ferramentas!C224","v":" Trena de Fita 20m "},{"$f":"Ferramentas!D224","v":"un"},{"$f":"Ferramentas!E224","v":3},{"$f":"Ferramentas!F224","v":35.369999999999997},106.11,0,3]
["8.3.55",{"$f":"Ferramentas!B225","v":"F099703003/EMBASA"},{"$f":"Ferramentas!C225","v":" Trena de Fita 50m "},{"$f":"Ferramentas!D225","v":"un"},{"$f":"Ferramentas!E225","v":3},{"$f":"Ferramentas!F225","v":41.62},124.86,0,3]
[]
["9.",null,{"$f":"Equipamentos!C14","v":"EQUIPAMENTOS"},null,null,null,{"$f":"SUBTOTAL(9,G537:G634)","v":3579720.4500000016},{"$f":"ROUND(G536/G$7,4)","v":0.14269999999999999}]
["9.1.",null,{"$f":"Equipamentos!C16","v":"EQUIPAMENTOS - MECÂNICA"},null,null,null,{"$f":"SUBTOTAL(9,G538:G581)","v":28123.869999999995},1.1000000000000001E-3]
["9.1.1",{"$f":"Equipamentos!B17","v":"COT_AFER"},{"$f":"Equipamentos!C17","v":"Aferidor de manômetro de 0 a 150 bar "},{"$f":"Equipamentos!D17","v":"un x mês"},{"$f":"Equipamentos!E17","v":6},{"$f":"Equipamentos!F17","v":33.332500000000003},200,0,12]
["9.1.2",{"$f":"Equipamentos!B18","v":"COT_ALMO_FLEX"},{"$f":"Equipamentos!C18","v":"Almotolia de bico flexível 500ml"},{"$f":"Equipamentos!D18","v":"un x mês"},{"$f":"Equipamentos!E18","v":18},{"$f":"Equipamentos!F18","v":0.81187500000000001},14.61,0,36]
["9.1.3",{"$f":"Equipamentos!B19","v":"COT_ALMO_RIG"},{"$f":"Equipamentos!C19","v":"Almotolia de bico rígido 500ml"},{"$f":"Equipamentos!D19","v":"un x mês"},{"$f":"Equipamentos!E19","v":18},{"$f":"Equipamentos!F19","v":1.1468749999999999},20.64,0,36]
["9.1.4",{"$f":"Equipamentos!B20","v":"\t4154/ORSE"},{"$f":"Equipamentos!C20","v":"Andaime metálico tipo fachadeiro Dim: Largura= 1,20m / Altura por peça= 2,00m. (Altura Total=10m - 5 peças por conjunto)"},{"$f":"Equipamentos!D20","v":"m² x mês"},{"$f":"Equipamentos!E20","v":864},{"$f":"Equipamentos!F20","v":8.8166666666666664},7617.6,2.9999999999999997E-4,1728]
["9.1.5",{"$f":"Equipamentos!B21","v":"COT_BANC_OFIC"},{"$f":"Equipamentos!C21","v":"Bancada para oficina (Dim: 1,2m x 2,5m) "},{"$f":"Equipamentos!D21","v":"un x mês"},{"$f":"Equipamentos!E21","v":36},{"$f":"Equipamentos!F21","v":42.156874999999999},1517.65,1E-4,72]
["9.1.6",{"$f":"Equipamentos!B22","v":"COT_BOMB_GRAX"},{"$f":"Equipamentos!C22","v":"Bomba de graxa manual 5kg "},{"$f":"Equipamentos!D22","v":"un x mês"},{"$f":"Equipamentos!E22","v":18},{"$f":"Equipamentos!F22","v":5.7049999999999992},102.69,0,36]
["9.1.7",{"$f":"Equipamentos!B23","v":"13914 - SINAPI/PE"},{"$f":"Equipamentos!C23","v":"Talha Manual de Corrente com Alavanca 1,5 t Elevação 1,5m (Catraca 1,5 ton) "},{"$f":"Equipamentos!D23","v":"un x mês"},{"$f":"Equipamentos!E23","v":6},{"$f":"Equipamentos!F23","v":16.124375000000001},{"$f":"ROUND(E544*F544,2)","v":96.75},0,12]
["9.1.8",{"$f":"Equipamentos!B24","v":"COT_CHAV_46"},{"$f":"Equipamentos!C24","v":"Chave de impacto 46mm boca/estria "},{"$f":"Equipamentos!D24","v":"un x mês"},{"$f":"Equipamentos!E24","v":12},{"$f":"Equipamentos!F24","v":2.6360416666666668},31.63,0,24]
["9.1.9",{"$f":"Equipamentos!B25","v":"COT_CHAV_55"},{"$f":"Equipamentos!C25","v":"Chave de impacto 55mm boca/estria "},{"$f":"Equipamentos!D25","v":"un x mês"},{"$f":"Equipamentos!E25","v":12},{"$f":"Equipamentos!F25","v":5.5},66,0,24]
["9.1.10",{"$f":"Equipamentos!B26","v":"COT_CHAV_60"},{"$f":"Equipamentos!C26","v":"Chave de impacto 60mm boca/estria "},{"$f":"Equipamentos!D26","v":"un x mês"},{"$f":"Equipamentos!E26","v":12},{"$f":"Equipamentos!F26","v":3.4639861111111112},41.57,0,24]
["9.1.11",{"$f":"Equipamentos!B27","v":"COT_CHAV_65"},{"$f":"Equipamentos!C27","v":"Chave de impacto 65mm boca/estria "},{"$f":"Equipamentos!D27","v":"un x mês"},{"$f":"Equipamentos!E27","v":12},{"$f":"Equipamentos!F27","v":3.6160416666666673},43.39,0,24]
["9.1.12",{"$f":"Equipamentos!B28","v":"COT_CHAV_70"},{"$f":"Equipamentos!C28","v":"Chave de impacto 70mm boca/estria "},{"$f":"Equipamentos!D28","v":"un x mês"},{"$f":"Equipamentos!E28","v":12},{"$f":"Equipamentos!F28","v":6.6712500000000006},80.06,0,24]
["9.1.13",{"$f":"Equipamentos!B29","v":"COT_CHAV_75"},{"$f":"Equipamentos!C29","v":"Chave de impacto 75mm boca/estria"},{"$f":"Equipamentos!D29","v":"un x mês"},{"$f":"Equipamentos!E29","v":24},{"$f":"Equipamentos!F29","v":5.9000624999999998},141.6,0,48]
["9.1.14",{"$f":"Equipamentos!B30","v":"COT_CHAV_85"},{"$f":"Equipamentos!C30","v":"Chave de impacto 85mm boca/estria"},{"$f":"Equipamentos!D30","v":"un x mês"},{"$f":"Equipamentos!E30","v":24},{"$f":"Equipamentos!F30","v":10.089381944444446},242.15,0,48]
["9.1.15",{"$f":"Equipamentos!B31","v":"COT_CINT_3T"},{"$f":"Equipamentos!C31","v":"Cinta para elevação de carga (comprimento: 3m / capacidade de carga: 3t)"},{"$f":"Equipamentos!D31","v":"un x mês"},{"$f":"Equipamentos!E31","v":12},{"$f":"Equipamentos!F31","v":2.3052083333333333},27.66,0,24]
["9.1.16",{"$f":"Equipamentos!B32","v":"COT_CINT_20T"},{"$f":"Equipamentos!C32","v":"Cinta para elevação de carga  (comprimento: 6m / capacidade de carga: 20t)"},{"$f":"Equipamentos!D32","v":"un x mês"},{"$f":"Equipamentos!E32","v":12},{"$f":"Equipamentos!F32","v":27.415625000000002},328.99,0,24]
["9.1.17",{"$f":"Equipamentos!B33","v":"COT_CORT"},{"$f":"Equipamentos!C33","v":"Cortador a frio para tubos - Cortador Tubo Ferro Ferrari 1/8\" - 2\""},{"$f":"Equipamentos!D33","v":"un x mês"},{"$f":"Equipamentos!E33","v":12},{"$f":"Equipamentos!F33","v":21.441666666666666},257.3,0,24]
["9.1.18",{"$f":"Equipamentos!B34","v":"COT_CURV"},{"$f":"Equipamentos!C34","v":"Curvador de tubos (Até 1”) - Curvador e Dobrador De Tubos Manual"},{"$f":"Equipamentos!D34","v":"un x mês"},{"$f":"Equipamentos!E34","v":12},{"$f":"Equipamentos!F34","v":46.574583333333329},558.9,0,24]
["9.1.19",{"$f":"Equipamentos!B35","v":"38476 - SINAPI/PE"},{"$f":"Equipamentos!C35","v":"Escada de abrir com 2 x 8 degraus (2,40m) em alumínio "},{"$f":"Equipamentos!D35","v":"un x mês"},{"$f":"Equipamentos!E35","v":24},{"$f":"Equipamentos!F35","v":5.2312777777777777},125.55,0,48]
["9.1.20",{"$f":"Equipamentos!B36","v":"38477 - SINAPI/PE"},{"$f":"Equipamentos!C36","v":"Escada de marinheiro extensível em duraluníno com 10 x 20 degraus (3,00m / 6,00m) "},{"$f":"Equipamentos!D36","v":"un x mês"},{"$f":"Equipamentos!E36","v":18},{"$f":"Equipamentos!F36","v":16.506138888888888},297.11,0,36]
["9.1.21",{"$f":"Equipamentos!B37","v":"COT_ESCA_07"},{"$f":"Equipamentos!C37","v":"Escada metálica de 07 degraus "},{"$f":"Equipamentos!D37","v":"un x mês"},{"$f":"Equipamentos!E37","v":18},{"$f":"Equipamentos!F37","v":7.6102083333333335},136.97999999999999,0,36]
["9.1.22",{"$f":"Equipamentos!B38","v":"COT_ESCA_16"},{"$f":"Equipamentos!C38","v":"Escada articulada multifuncional 4x4 16 degraus"},{"$f":"Equipamentos!D38","v":"un x mês"},{"$f":"Equipamentos!E38","v":6},{"$f":"Equipamentos!F38","v":18.894166666666667},113.37,0,12]
["9.1.23",{"$f":"Equipamentos!B39","v":"COT_ESME"},{"$f":"Equipamentos!C39","v":"Esmerilhadeira angular de 4 ½” "},{"$f":"Equipamentos!D39","v":"un x mês"},{"$f":"Equipamentos!E39","v":12},{"$f":"Equipamentos!F39","v":7.2718750000000005},87.26,0,24]
["9.1.24",{"$f":"Equipamentos!B40","v":"11359 - SINAPI/PE"},{"$f":"Equipamentos!C40","v":"Esmerilhadeira angular de 7” "},{"$f":"Equipamentos!D40","v":"un x mês"},{"$f":"Equipamentos!E40","v":12},{"$f":"Equipamentos!F40","v":14.229166666666666},170.75,0,24]
["9.1.25",{"$f":"Equipamentos!B41","v":"I9376 - SEINFRA/CE"},{"$f":"Equipamentos!C41","v":"Furadeira Manual 650W 1050 – 1450 RPM 220V Ø 13mm"},{"$f":"Equipamentos!D41","v":"un x mês"},{"$f":"Equipamentos!E41","v":12},{"$f":"Equipamentos!F41","v":18.8125},225.75,0,24]
["9.1.26",{"$f":"Equipamentos!B42","v":"COT_INDU"},{"$f":"Equipamentos!C42","v":"Indutor elétrico para aquecimento de rolamentos (JM 500) "},{"$f":"Equipamentos!D42","v":"un x mês"},{"$f":"Equipamentos!E42","v":6},{"$f":"Equipamentos!F42","v":356.93395833333335},2141.6,1E-4,24]
["9.1.27",{"$f":"Equipamentos!B43","v":"COT_LIXA"},{"$f":"Equipamentos!C43","v":"Lixadeira 4 1/2\" "},{"$f":"Equipamentos!D43","v":"un x mês"},{"$f":"Equipamentos!E43","v":12},{"$f":"Equipamentos!F43","v":9.0208333333333339},108.25,0,24]
["9.1.28",{"$f":"Equipamentos!B44","v":"COT_MACA_20T"},{"$f":"Equipamentos!C44","v":"Macaco de comando a distância 20 t - Macaco Hidráulico 20 Toneladas Tipo Garrafa"},{"$f":"Equipamentos!D44","v":"un x mês"},{"$f":"Equipamentos!E44","v":12},{"$f":"Equipamentos!F44","v":16.825833333333332},201.91,0,24]
["9.1.29",{"$f":"Equipamentos!B45","v":"COT_MACA_50T"},{"$f":"Equipamentos!C45","v":"Macaco de comando a distância 50 t - Macaco Hidráulico 50 Toneladas Tipo Garrafa"},{"$f":"Equipamentos!D45","v":"un x mês"},{"$f":"Equipamentos!E45","v":12},{"$f":"Equipamentos!F45","v":33.685000000000002},404.22,0,24]
["9.1.30",{"$f":"Equipamentos!B46","v":"COT_MACA_2T"},{"$f":"Equipamentos!C46","v":"Macaco tipo elevador capacidade de 2 t - Macaco Hidráulico 2 Toneladas tipo Garrafa"},{"$f":"Equipamentos!D46","v":"un x mês"},{"$f":"Equipamentos!E46","v":12},{"$f":"Equipamentos!F46","v":4.0841666666666665},49.01,0,24]
["9.1.31",{"$f":"Equipamentos!B47","v":"COT_MACA_GIR"},{"$f":"Equipamentos!C47","v":"Macaco tipo girafa de 2 t - Guincho Hidráulico 2 Toneladas com Prolongador"},{"$f":"Equipamentos!D47","v":"un x mês"},{"$f":"Equipamentos!E47","v":12},{"$f":"Equipamentos!F47","v":93.251250000000013},1119.02,0,24]
["9.1.32",{"$f":"Equipamentos!B48","v":"40403 - SINAPI/PE"},{"$f":"Equipamentos!C48","v":"Máquina de solda elétrica de 250 A com kit."},{"$f":"Equipamentos!D48","v":"un x mês"},{"$f":"Equipamentos!E48","v":12},{"$f":"Equipamentos!F48","v":9.5043749999999996},114.05,0,72]
["9.1.33",{"$f":"Equipamentos!B49","v":"COT_MORS"},{"$f":"Equipamentos!C49","v":"Morsa para bancada nº 08 "},{"$f":"Equipamentos!D49","v":"un x mês"},{"$f":"Equipamentos!E49","v":36},{"$f":"Equipamentos!F49","v":9.2993749999999995},334.78,0,12]
["9.1.34",{"$f":"Equipamentos!B50","v":"E9630-DNIT/PE"},{"$f":"Equipamentos!C50","v":"Conjunto Motor bomba 7,5 CV, 380 V, Q=75,6 m3/h e H=17 mca. (Poço de rebaixamento da EBV-3)"},{"$f":"Equipamentos!D50","v":"un x mês"},{"$f":"Equipamentos!E50","v":6},{"$f":"Equipamentos!F50","v":121.5728},729.44,0,12]
["9.1.35",{"$f":"Equipamentos!B51","v":"COT_BOMB_SUB"},{"$f":"Equipamentos!C51","v":"Bomba Submersível 5 Cv Trifásica 380V, Q=2 - 52 m3/h e H= 3-25 mca.(Poço de rebaixamento do Res. de areias (Estrutura de Controle)"},{"$f":"Equipamentos!D51","v":"un x mês"},{"$f":"Equipamentos!E51","v":6},{"$f":"Equipamentos!F51","v":294.84479166666665},1769.07,1E-4,72]
["9.1.36",{"$f":"Equipamentos!B52","v":"COT_MOTO_ESMER"},{"$f":"Equipamentos!C52","v":"Motoesmeril de 1cv - 3.500 RPM "},{"$f":"Equipamentos!D52","v":"un x mês"},{"$f":"Equipamentos!E52","v":36},{"$f":"Equipamentos!F52","v":22.247291666666666},800.9,0,12]
["9.1.37",{"$f":"Equipamentos!B53","v":"COT_MULT"},{"$f":"Equipamentos!C53","v":"Multiplicador de Torque Manual 2700 N.m/2000 lb.ft CDI GA190"},{"$f":"Equipamentos!D53","v":"un x mês"},{"$f":"Equipamentos!E53","v":6},{"$f":"Equipamentos!F53","v":66.740833333333327},400.45,0,12]
["9.1.38",{"$f":"Equipamentos!B54","v":"E9552 - DNIT/PE"},{"$f":"Equipamentos!C54","v":"Nível de precisão  "},{"$f":"Equipamentos!D54","v":"un x mês"},{"$f":"Equipamentos!E54","v":6},{"$f":"Equipamentos!F54","v":314.94480000000004},1889.67,1E-4,24]
["9.1.39",{"$f":"Equipamentos!B55","v":"COT_PARA"},{"$f":"Equipamentos!C55","v":"Parafusadeira elétrica a bateria "},{"$f":"Equipamentos!D55","v":"un x mês"},{"$f":"Equipamentos!E55","v":12},{"$f":"Equipamentos!F55","v":19.770416666666666},237.25,0,24]
["9.1.40",{"$f":"Equipamentos!B56","v":"COT_PREN"},{"$f":"Equipamentos!C56","v":"Prensa hidráulica de 10 ton "},{"$f":"Equipamentos!D56","v":"un x mês"},{"$f":"Equipamentos!E56","v":12},{"$f":"Equipamentos!F56","v":30.559374999999999},366.71,0,24]
["9.1.41",{"$f":"Equipamentos!B57","v":"E9207-DNIT/PE"},{"$f":"Equipamentos!C57","v":"Retífica elétrica "},{"$f":"Equipamentos!D57","v":"un x mês"},{"$f":"Equipamentos!E57","v":12},{"$f":"Equipamentos!F57","v":128.99680000000001},1547.96,1E-4,12]
["9.1.42",{"$f":"Equipamentos!B58","v":"E9748-DNIT/PE"},{"$f":"Equipamentos!C58","v":"Rosqueadeira ( para tubos de ½” a 4”) -Rosqueadeira Elétrica 1/2 A 4 Pol. 750w 220v-Br Motors-Brr124bsp"},{"$f":"Equipamentos!D58","v":"un x mês"},{"$f":"Equipamentos!E58","v":6},{"$f":"Equipamentos!F58","v":115.97280000000001},695.84,0,24]
["9.1.43",{"$f":"Equipamentos!B59","v":"10740 - SINAPI/PE"},{"$f":"Equipamentos!C59","v":"Talha capacidade 3t"},{"$f":"Equipamentos!D59","v":"un x mês"},{"$f":"Equipamentos!E59","v":12},{"$f":"Equipamentos!F59","v":126.28473611111112},1515.42,1E-4,24]
["9.1.44",{"$f":"Equipamentos!B60","v":"COT_TIFO"},{"$f":"Equipamentos!C60","v":"Tifor 3t"},{"$f":"Equipamentos!D60","v":"un x mês"},{"$f":"Equipamentos!E60","v":12},{"$f":"Equipamentos!F60","v":96.029583333333335},1152.3599999999999,0]
[]
["9.2.",null,{"$f":"Equipamentos!C63","v":"EQUIPAMENTOS - ELÉTRICA"},null,null,null,{"$f":"SUBTOTAL(9,G584:G593)","v":10890},{"$f":"ROUND(G583/G$7,4)","v":4.0000000000000002E-4}]
["9.2.1",{"$f":"Equipamentos!B64","v":"COT_ANAL"},{"$f":"Equipamentos!C64","v":"Analisador de grandezas elétricas trifásico, display LCD colorido 5,6\", TRMS 1.000 V, corrente 3.000A "},{"$f":"Equipamentos!D64","v":"un x mês"},{"$f":"Equipamentos!E64","v":6},{"$f":"Equipamentos!F64","v":730.68708333333336},{"$f":"ROUND(E584*F584,2)","v":4384.12},2.0000000000000001E-4,12]
["9.2.2",{"$f":"Equipamentos!B65","v":"COT_BANC_TESTE"},{"$f":"Equipamentos!C65","v":"Bancada de teste, amperimetro 150A, voltímetro 40V "},{"$f":"Equipamentos!D65","v":"un x mês"},{"$f":"Equipamentos!E65","v":6},{"$f":"Equipamentos!F65","v":125.45375},752.72,0,12]
["9.2.3",{"$f":"Equipamentos!B66","v":"COT_BANC_PROT"},{"$f":"Equipamentos!C66","v":"Bancada protegida contra eletricidade estática "},{"$f":"Equipamentos!D66","v":"un x mês"},{"$f":"Equipamentos!E66","v":6},{"$f":"Equipamentos!F66","v":67.108333333333334},402.65,0,12]
["9.2.4",{"$f":"Equipamentos!B67","v":"COT_DATA"},{"$f":"Equipamentos!C67","v":"Data Logger de 4 a 20 mA (verificação de intermitência em instrumentação) "},{"$f":"Equipamentos!D67","v":"un x mês"},{"$f":"Equipamentos!E67","v":6},{"$f":"Equipamentos!F67","v":23.011041666666667},138.07,0,12]
["9.2.5",{"$f":"Equipamentos!B68","v":"13761 - SINAPI/PE"},{"$f":"Equipamentos!C68","v":"Estação de solda com temperatura ajustável e proteção antiestático "},{"$f":"Equipamentos!D68","v":"un x mês"},{"$f":"Equipamentos!E68","v":6},{"$f":"Equipamentos!F68","v":317.95999999999998},1907.76,1E-4,12]
["9.2.6",{"$f":"Equipamentos!B69","v":"10236 - ORSE/SE"},{"$f":"Equipamentos!C69","v":"Fonte de alimentação com tensão variável de 0 a 30Vcc de 3 A "},{"$f":"Equipamentos!D69","v":"un x mês"},{"$f":"Equipamentos!E69","v":6},{"$f":"Equipamentos!F69","v":4.020833333333333},24.13,0,12]
["9.2.7",{"$f":"Equipamentos!B70","v":"COT_FONT"},{"$f":"Equipamentos!C70","v":"Fonte de bancada 12 V "},{"$f":"Equipamentos!D70","v":"un x mês"},{"$f":"Equipamentos!E70","v":6},{"$f":"Equipamentos!F70","v":15.290416666666667},91.74,0,12]
["9.2.8",{"$f":"Equipamentos!B71","v":"I9376 - SEINFRA/CE"},{"$f":"Equipamentos!C71","v":"Furadeira Manual 650W 1050 – 1450 RPM 220V Ø 13mm"},{"$f":"Equipamentos!D71","v":"un x mês"},{"$f":"Equipamentos!E71","v":6},{"$f":"Equipamentos!F71","v":18.8125},112.88,0,12]
["9.2.9",{"$f":"Equipamentos!B72","v":"COT_GERA"},{"$f":"Equipamentos!C72","v":"Gerador de corrente e tensão de 0 a 20 mA e 0 a 10V, precisão de 0,1% "},{"$f":"Equipamentos!D72","v":"un x mês"},{"$f":"Equipamentos!E72","v":6},{"$f":"Equipamentos!F72","v":3.4647916666666667},20.79,0,12]
["9.2.10",{"$f":"Equipamentos!B73","v":"COT_TTR "},{"$f":"Equipamentos!C73","v":"TTR - medidor digital de relação de espiras, escala de medição 0,8000:1 a 8.000,0: 1 "},{"$f":"Equipamentos!D73","v":"un x mês"},{"$f":"Equipamentos!E73","v":6},{"$f":"Equipamentos!F73","v":509.18916666666672},3055.14,1E-4,12]
["9.3.",null,{"$f":"Equipamentos!C76","v":"EQUIPAMENTOS - CIVIL"},null,null,null,{"$f":"SUBTOTAL(109,G595:G633)","v":3540706.5800000015},0.1411]
["9.3.1",{"$f":"Equipamentos!B78","v":"E9630-DNIT/PE"},{"$f":"Equipamentos!C78","v":"Bomba submersível com capacidade de 75 m³/h - 3,6 kW"},{"$f":"Equipamentos!D78","v":"un x mês"},{"$f":"Equipamentos!E78","v":12},{"$f":"Equipamentos!F78","v":121.5728},1458.87,1E-4,24]
["9.3.2",{"$f":"Equipamentos!B79","v":"\t4154/ORSE"},{"$f":"Equipamentos!C79","v":"Andaime metálico tipo fachadeiro Dim: Largura= 1,20m / Altura por peça= 2,00m. (Altura Total=10m - 5 peças por conjunto)"},{"$f":"Equipamentos!D79","v":"m² x mês"},{"$f":"Equipamentos!E79","v":432},{"$f":"Equipamentos!F79","v":8.8166666666666664},3808.8,2.0000000000000001E-4,1728]
["9.3.3",{"$f":"Equipamentos!B80","v":"E9519 - DNIT/PE"},{"$f":"Equipamentos!C80","v":"Betoneira com motor a gasolina com capacidade de 600 l - 10 kW"},{"$f":"Equipamentos!D80","v":"un x mês"},{"$f":"Equipamentos!E80","v":12},{"$f":"Equipamentos!F80","v":2292.605},27511.26,1.1000000000000001E-3,36]
["9.3.4",{"$f":"Equipamentos!B81","v":"746 - SINAPI/PE"},{"$f":"Equipamentos!C81","v":"Lavadora de alta pressão a diesel, partida elétrica, motor de 10 hp"},{"$f":"Equipamentos!D81","v":"un x mês"},{"$f":"Equipamentos!E81","v":6},{"$f":"Equipamentos!F81","v":51.6},309.60000000000002,0,12]
["9.3.5",{"$f":"Equipamentos!B82","v":"36503 - SINAPI/PE"},{"$f":"Equipamentos!C82","v":"MOTOBOMBA TRASH (PARA AGUA SUJA) AUTO ESCORVANTE, MOTOR GASOLINA DE 6,41 HP, DIAMETROS DE SUCCAO X RECALQUE: 3\" X 3\", HM/Q: 10/60 A 23/0"},{"$f":"Equipamentos!D82","v":"un x mês"},{"$f":"Equipamentos!E82","v":12},{"$f":"Equipamentos!F82","v":468.32000000000005},5619.84,2.0000000000000001E-4,24]
["9.3.6",{"$f":"Equipamentos!B83","v":"E9630-DNIT/PE"},{"$f":"Equipamentos!C83","v":"Bomba submersível com capacidade de 75 m³/h - 3,6 kW"},{"$f":"Equipamentos!D83","v":"un x mês"},{"$f":"Equipamentos!E83","v":12},{"$f":"Equipamentos!F83","v":121.5728},1458.87,1E-4,48]
["9.3.7",{"$f":"Equipamentos!B84","v":"E9579-DNIT/PE"},{"$f":"Equipamentos!C84","v":"CAMINHÃO BASCULANTE 10 M3, TRUCADO CABINE SIMPLES, PESO BRUTO TOTAL 23.000 KG, CARGA ÚTIL MÁXIMA 15.935 KG, DISTÂNCIA ENTRE EIXOS 4,80 M, POTÊNCIA 230 CV INCLUSIVE CAÇAMBA METÁLICA "},{"$f":"Equipamentos!D84","v":"un x mês"},{"$f":"Equipamentos!E84","v":24},{"$f":"Equipamentos!F84","v":23076.58},553837.92000000004,2.2100000000000002E-2,72]
["9.3.8",{"$f":"Equipamentos!B85","v":"E9592-DNIT/PE"},{"$f":"Equipamentos!C85","v":"CAMINHÃO TRUCADO (C/ TERCEIRO EIXO) ELETRÔNICO - POTÊNCIA 231CV - PBT = 22000KG - DIST. ENTRE EIXOS 5170 MM - INCLUI CARROCERIA FIXA ABERTA DE MADEIRA"},{"$f":"Equipamentos!D85","v":"un x mês"},{"$f":"Equipamentos!E85","v":24},{"$f":"Equipamentos!F85","v":30208.587800000001},725006.11,2.8899999999999999E-2,72]
["9.3.9",{"$f":"Equipamentos!B86","v":"E9509-DNIT/PE"},{"$f":"Equipamentos!C86","v":"Caminhão Comboio para lubrificação e abastecimento (melosa), convencional totalmente equipado (Capacidade de Combustível: 5.000 l, Capacidade de Lubrificante: 500 l, Capacidade de Graxa: 200 kg, Capacidade de Água: 300 l, Recipiente para Óleo Usado: 200 l, Compressor de Ar e Bomba- d’agua)."},{"$f":"Equipamentos!D86","v":"un x mês"},{"$f":"Equipamentos!E86","v":6},{"$f":"Equipamentos!F86","v":26471.532500000001},158829.20000000001,6.3E-3,12]
["9.3.10",{"$f":"Equipamentos!B87","v":"E9686-DNIT/PE"},{"$f":"Equipamentos!C87","v":"Caminhão guindauto com capacidade de carga até 10,0 t."},{"$f":"Equipamentos!D87","v":"un x mês"},{"$f":"Equipamentos!E87","v":12},{"$f":"Equipamentos!F87","v":32393.054459999999},388716.65,1.55E-2,36]
["9.3.11",{"$f":"Equipamentos!B88","v":"6259 - SINAPI/PE"},{"$f":"Equipamentos!C88","v":"Caminhão tanque, capacidade de volume  6000 l e potência 136,0 hp ."},{"$f":"Equipamentos!D88","v":"un x mês"},{"$f":"Equipamentos!E88","v":30},{"$f":"Equipamentos!F88","v":21482.239999999998},644467.19999999995,2.5700000000000001E-2,36]
["9.3.12",{"$f":"Equipamentos!B89","v":"89883-SINAPI/PE"},{"$f":"Equipamentos!C89","v":"Cavalo Mecânico com Reboque M. Benz Randon LS-1634/45 29,5 t, ou similar"},{"$f":"Equipamentos!D89","v":"un x mês"},{"$f":"Equipamentos!E89","v":6},{"$f":"Equipamentos!F89","v":31798.02},190788.12,7.6E-3,12]
["9.3.13",{"$f":"Equipamentos!B90","v":"E9107-DNIT/PE"},{"$f":"Equipamentos!C90","v":"Compactador de solo a percussão (soquete), com motor gasolina de 4 tempos, peso entre 55 e 65 kg, força de impacto de 1.000 a 1.500 kgf, frequência de 600 a 700 golpes por minuto,velocidade de trabalho entre 10 e 15 m/min, potência entre 2 e 3 hp."},{"$f":"Equipamentos!D90","v":"un x mês"},{"$f":"Equipamentos!E90","v":6},{"$f":"Equipamentos!F90","v":289.58839999999998},1737.53,1E-4,108]
["9.3.14",{"$f":"Equipamentos!B91","v":"E9556-DNIT/PE"},{"$f":"Equipamentos!C91","v":"Compactador de solo, tipo placa vibratória reversível, com motor a diesel, peso entre 700 e 820 kg, força centrífuga entre 6.200 e 10.000 kgf, largura de trabalho entre 650 e 720 mm, frequência de vibração entre 3.000 e 3.500 rpm, velocidade de trabalho entre 25 e 30 m/min, potência entre 13,0 e 15,0 hp."},{"$f":"Equipamentos!D91","v":"un x mês"},{"$f":"Equipamentos!E91","v":6},{"$f":"Equipamentos!F91","v":296.74560000000002},1780.47,1E-4,60]
["9.3.15",{"$f":"Equipamentos!B92","v":"E9513-DNIT/PE"},{"$f":"Equipamentos!C92","v":"Compressor de ar rebocável, vazão 400 pcm, pressão efetiva de trabalho 102 psi, motor diesel, potência 110 cv."},{"$f":"Equipamentos!D92","v":"un x mês"},{"$f":"Equipamentos!E92","v":3},{"$f":"Equipamentos!F92","v":7046.0660000000007},21138.2,8.0000000000000004E-4,12]
["9.3.16",{"$f":"Equipamentos!B93","v":"COT_CONJ_30"},{"$f":"Equipamentos!C93","v":"Conjunto motorbomba com 30 kW de potência no motor elétrico (25 mca x 0,1 m³/s) para esgotamento, com respectivos mangotes de sucção e descarga a serem especificados em função dos diâmetros. "},{"$f":"Equipamentos!D93","v":"un x mês"},{"$f":"Equipamentos!E93","v":3},{"$f":"Equipamentos!F93","v":998.55416666666667},2995.66,1E-4,12]
["9.3.17",{"$f":"Equipamentos!B94","v":"36483 - SINAPI/PE"},{"$f":"Equipamentos!C94","v":"ESCAVADEIRA HIDRAULICA SOBRE ESTEIRAS CACAMBA 0,40 A 1,20 M3, PESO OPERACIONAL 21,19 T, POTENCIA LIQUIDA 173 HP"},{"$f":"Equipamentos!D94","v":"un x mês"},{"$f":"Equipamentos!E94","v":6},{"$f":"Equipamentos!F94","v":19454.96},116729.76,4.7000000000000002E-3,24]
["9.3.18",{"$f":"Equipamentos!B95","v":"E9066-DNIT/PE"},{"$f":"Equipamentos!C95","v":"Grupo gerador de 13/14 KVA, 220v, trifásico, silenciado, com 100 metros de cabos e 01 QTA. "},{"$f":"Equipamentos!D95","v":"un x mês"},{"$f":"Equipamentos!E95","v":6},{"$f":"Equipamentos!F95","v":1497.7885999999999},8986.73,4.0000000000000002E-4,12]
["9.3.19",{"$f":"Equipamentos!B96","v":"E9776 - DNIT/PE"},{"$f":"Equipamentos!C96","v":"Grupo gerador de 145/160 kVA"},{"$f":"Equipamentos!D96","v":"un x mês"},{"$f":"Equipamentos!E96","v":6},{"$f":"Equipamentos!F96","v":4392.9344000000001},26357.61,1.1000000000000001E-3,24]
["9.3.20",{"$f":"Equipamentos!B97","v":"E9778 - DNIT/PE"},{"$f":"Equipamentos!C97","v":"Grupo gerador de 310/340 kVA"},{"$f":"Equipamentos!D97","v":"un x mês"},{"$f":"Equipamentos!E97","v":6},{"$f":"Equipamentos!F97","v":5895.3267999999998},35371.96,1.4E-3,36]
["9.3.21",{"$f":"Equipamentos!B98","v":"E9535 - DNIT/PE"},{"$f":"Equipamentos!C98","v":"Serra circular de bancada, modelo pica-pau, diâmetro de 350 mm. Características do motor: trifásico, potência de 5 hp, frequência de 60 H."},{"$f":"Equipamentos!D98","v":"un x mês"},{"$f":"Equipamentos!E98","v":12},{"$f":"Equipamentos!F98","v":137.33000000000001},1647.96,1E-4,36]
["9.3.22",{"$f":"Equipamentos!B99","v":"40403 - SINAPI/PE"},{"$f":"Equipamentos!C99","v":"Máquina de solda elétrica de 250 A com kit."},{"$f":"Equipamentos!D99","v":"un x mês"},{"$f":"Equipamentos!E99","v":12},{"$f":"Equipamentos!F99","v":9.5043749999999996},114.05,0,36]
["9.3.23",{"$f":"Equipamentos!B100","v":"E9568-DNIT/PE"},{"$f":"Equipamentos!C100","v":"Furadeira elétrica profissional."},{"$f":"Equipamentos!D100","v":"un x mês"},{"$f":"Equipamentos!E100","v":12},{"$f":"Equipamentos!F100","v":30.907599999999999},370.89,0,36]
["9.3.24",{"$f":"Equipamentos!B101","v":"13192 - SINAPI/PE"},{"$f":"Equipamentos!C101","v":"Lixadeira elétrica angular para concreto, potência 1.400 W, prato diamantado de 5''."},{"$f":"Equipamentos!D101","v":"un x mês"},{"$f":"Equipamentos!E101","v":12},{"$f":"Equipamentos!F101","v":88.70270833333332},1064.43,0,36]
["9.3.25",{"$f":"Equipamentos!B102","v":"14619 - SINAPI/PE"},{"$f":"Equipamentos!C102","v":"Máquina para corte com disco abrasivo de diâmetro de 18'' (450 mm), com motor elétrico trifásico de 10 cv."},{"$f":"Equipamentos!D102","v":"un x mês"},{"$f":"Equipamentos!E102","v":12},{"$f":"Equipamentos!F102","v":250.73854166666669},3008.86,1E-4,36]
["9.3.26",{"$f":"Equipamentos!B103","v":"40703 - SINAPI/PE"},{"$f":"Equipamentos!C103","v":"Martelete rompedor 33 kg."},{"$f":"Equipamentos!D103","v":"un x mês"},{"$f":"Equipamentos!E103","v":6},{"$f":"Equipamentos!F103","v":180.44},1082.6400000000001,0,24]
["9.3.27",{"$f":"Equipamentos!B104","v":"36533 - SINAPI/PE"},{"$f":"Equipamentos!C104","v":"Martelo demolidor pneumático manual, com redução de vibração, peso de 31,5 kg."},{"$f":"Equipamentos!D104","v":"un x mês"},{"$f":"Equipamentos!E104","v":12},{"$f":"Equipamentos!F104","v":258.12093750000003},3097.45,1E-4,24]
["9.3.28",{"$f":"Equipamentos!B105","v":"13227 - SINAPI/PE"},{"$f":"Equipamentos!C105","v":"MOTONIVELADORA POTENCIA BASICA LIQUIDA (PRIMEIRA MARCHA) 171 HP, PESO BRUTO 14768 KG, LARGURA DA LAMINA DE 3,7 M"},{"$f":"Equipamentos!D105","v":"un x mês"},{"$f":"Equipamentos!E105","v":6},{"$f":"Equipamentos!F105","v":31868.480000000003},191210.88,7.6E-3,12]
["9.3.29",{"$f":"Equipamentos!B106","v":"E9585 - DNIT/PE"},{"$f":"Equipamentos!C106","v":"Motoserra portátil com motor a gosolina de 60 cc."},{"$f":"Equipamentos!D106","v":"un x mês"},{"$f":"Equipamentos!E106","v":18},{"$f":"Equipamentos!F106","v":263.25979999999998},4738.68,2.0000000000000001E-4,72]
["9.3.30",{"$f":"Equipamentos!B107","v":"11651 - SINAPI/PE"},{"$f":"Equipamentos!C107","v":"Perfuratriz pneumática manual de peso médio, 18 kg, comprimento de curso de 6 m, diâmetro do pistão de 5,5 cm"},{"$f":"Equipamentos!D107","v":"un x mês"},{"$f":"Equipamentos!E107","v":3},{"$f":"Equipamentos!F107","v":301.2},903.6,0,72]
["9.3.31",{"$f":"Equipamentos!B108","v":"E9526-DNIT/PE"},{"$f":"Equipamentos!C108","v":"Retroescavadeira sobre rodas com carregadeira, tração 4x4, potência líquida 72 hp, peso operacional mínimo de 7.140 kg, capacidade mínima da carregadeira de 0,79 m³ e da retroescavadeira mínima de 0,18 m³, profundidade de escavação máxima de 4,50 m."},{"$f":"Equipamentos!D108","v":"un x mês"},{"$f":"Equipamentos!E108","v":24},{"$f":"Equipamentos!F108","v":15896.36434},381512.74,1.52E-2,36]
["9.3.32",{"$f":"Equipamentos!B109","v":"E9089 - DNIT/PE"},{"$f":"Equipamentos!C109","v":"Roçadeira costal com motor a gasolina de  32 cc."},{"$f":"Equipamentos!D109","v":"un x mês"},{"$f":"Equipamentos!E109","v":24},{"$f":"Equipamentos!F109","v":342.8612},8228.67,2.9999999999999997E-4,36]
["9.3.33",{"$f":"Equipamentos!B110","v":"COT - SOLD"},{"$f":"Equipamentos!C110","v":"Soldador manual para mantas Leister Triac-st"},{"$f":"Equipamentos!D110","v":"un x mês"},{"$f":"Equipamentos!E110","v":12},{"$f":"Equipamentos!F110","v":101.95541666666666},1223.47,0,36]
["9.3.34",{"$f":"Equipamentos!B111","v":"COT_TORR"},{"$f":"Equipamentos!C111","v":"Torre de iluminação 4000 W"},{"$f":"Equipamentos!D111","v":"un x mês"},{"$f":"Equipamentos!E111","v":12},{"$f":"Equipamentos!F111","v":1239.09671875},14869.16,5.9999999999999995E-4,12]
["9.3.35",{"$f":"Equipamentos!B112","v":"COT - TRIT"},{"$f":"Equipamentos!C112","v":"Triturador de Galhos e Resíduos TR-500G à Gasolina Motor 13HP"},{"$f":"Equipamentos!D112","v":"un x mês"},{"$f":"Equipamentos!E112","v":24},{"$f":"Equipamentos!F112","v":418.16041666666666},10035.85,4.0000000000000002E-4,36]
["9.3.36",{"$f":"Equipamentos!B113","v":"39628 - SINAPI/PE"},{"$f":"Equipamentos!C113","v":"Motor a diesel para vibrador de imersão de 4,7 cv."},{"$f":"Equipamentos!D113","v":"un x mês"},{"$f":"Equipamentos!E113","v":6},{"$f":"Equipamentos!F113","v":77.413749999999993},464.48,0,36]
["9.3.37",{"$f":"Equipamentos!B114","v":"39399 - SINAPI/PE"},{"$f":"Equipamentos!C114","v":"Vibrador de imersão, com ponteira de 35 mm, mangote de 5 m, sem motor."},{"$f":"Equipamentos!D114","v":"un x mês"},{"$f":"Equipamentos!E114","v":2},{"$f":"Equipamentos!F114","v":33.634166666666665},67.27,0,36]
["9.3.38",{"$f":"Equipamentos!B115","v":"39400 - SINAPI/PE"},{"$f":"Equipamentos!C115","v":"Vibrador de imersão, com ponteira de 45 mm, mangote de 5 m, sem motor."},{"$f":"Equipamentos!D115","v":"un x mês"},{"$f":"Equipamentos!E115","v":2},{"$f":"Equipamentos!F115","v":36.558958333333329},73.12,0]
["9.3.39",{"$f":"Equipamentos!B116","v":"39401 - SINAPI/PE"},{"$f":"Equipamentos!C116","v":"Vibrador de imersão, com ponteira de 60 mm, mangote de 5 m, sem motor."},{"$f":"Equipamentos!D116","v":"un x mês"},{"$f":"Equipamentos!E116","v":2},{"$f":"Equipamentos!F116","v":41.010416666666664},82.02,0]
[]
["10.",null,{"$f":"Instrumentos!C13","v":"INSTRUMENTOS"},null,null,null,{"$f":"SUBTOTAL(109,G636:G674)","v":153689.01999999999},{"$f":"ROUND(G635/G$7,4)","v":6.1000000000000004E-3}]
["10.1.",null,{"$f":"Instrumentos!C15","v":"INSTRUMENTOS - MECÂNICA"},null,null,null,{"$f":"SUBTOTAL(109,G637:G649)","v":12906.059999999998},5.0000000000000001E-4]
["10.1.1",null,{"$f":"Instrumentos!C16","v":"Analisador de vibração VIB 496FFY VIBOTRON"},{"$f":"Instrumentos!D16","v":"un x mês"},{"$f":"Instrumentos!E16","v":6},{"$f":"Instrumentos!F16","v":524.0916666666667},{"$f":"ROUND(E637*F637,2)","v":3144.55},1E-4,12]
["10.1.2",{"$f":"Instrumentos!B17","v":"Banco de preços (NºPregão:102022 / UASG:153029, MINISTÉRIO DA EDUCAÇÃO\nUniversidade Tecnológica Federal do Paraná\nUTFPR - Campus Medianeira - Pregão Eletrônico, 06/2022)"},{"$f":"Instrumentos!C17","v":"Base magnética para relógio comparador"},{"$f":"Instrumentos!D17","v":"un x mês"},{"$f":"Instrumentos!E17","v":24},{"$f":"Instrumentos!F17","v":17.833333333333332},428,0,48]
["10.1.3",{"$f":"Instrumentos!B18","v":"Banco de preços (NºPregão:282022 / UASG:984723, PREFEITURA MUNICIPAL DE JOÃO MONLEVADE/MG - Pregão Eletrônico, 07/2022)"},{"$f":"Instrumentos!C18","v":"Estetoscópio Kent"},{"$f":"Instrumentos!D18","v":"un x mês"},{"$f":"Instrumentos!E18","v":12},{"$f":"Instrumentos!F18","v":12.166666666666666},146,0,24]
["10.1.4",null,{"$f":"Instrumentos!C19","v":"Micrômetro 100 à 200 externo"},{"$f":"Instrumentos!D19","v":"un x mês"},{"$f":"Instrumentos!E19","v":12},{"$f":"Instrumentos!F19","v":55.650666666666666},667.81,0,24]
["10.1.5",{"$f":"Instrumentos!B20","v":"Banco de preços (NºPregão:752021 / UASG:168008, MINISTÉRIO DA DEFESA\nComando do Exército\nIndustria de Material Belico do Brasil/FE/RJ - Pregão Eletrônico, 01/2022)"},{"$f":"Instrumentos!C20","v":"Micrômetro externo 0 – 100mm"},{"$f":"Instrumentos!D20","v":"un x mês"},{"$f":"Instrumentos!E20","v":12},{"$f":"Instrumentos!F20","v":23.400000000000002},280.8,0,24]
["10.1.6",{"$f":"Instrumentos!B21","v":"Banco de preços (NºPregão:222022 / UASG:153178 - MINISTÉRIO DA EDUCAÇÃO\nUniversidade Tecnológica Federal do Paraná\nUTFPR - Campus Ponta Grossa, Pregão Eletrônico - 07/2022)"},{"$f":"Instrumentos!C21","v":"Micrômetro interno 50 – 800mm"},{"$f":"Instrumentos!D21","v":"un x mês"},{"$f":"Instrumentos!E21","v":12},{"$f":"Instrumentos!F21","v":121.08333333333333},1453,1E-4,24]
["10.1.7",null,{"$f":"Instrumentos!C22","v":"Nível ótico (Topcon AT-B2) ou similar"},{"$f":"Instrumentos!D22","v":"un x mês"},{"$f":"Instrumentos!E22","v":6},{"$f":"Instrumentos!F22","v":115},690,0,12]
["10.1.8",{"$f":"Instrumentos!B23","v":"Banco de preços (NºPregão:252022 / UASG:154043, MINISTÉRIO DA EDUCAÇÃO\nUniversidade Federal de Uberlândia - Pregão Eletrônico, 06/2022)"},{"$f":"Instrumentos!C23","v":"Paquímetro digital 0 – 150mm/0,01mm"},{"$f":"Instrumentos!D23","v":"un x mês"},{"$f":"Instrumentos!E23","v":12},{"$f":"Instrumentos!F23","v":6.6583333333333341},79.900000000000006,0,24]
["10.1.9",null,{"$f":"Instrumentos!C24","v":"Paquímetro universal 0 - 650mm/0,02mm"},{"$f":"Instrumentos!D24","v":"un x mês"},{"$f":"Instrumentos!E24","v":12},{"$f":"Instrumentos!F24","v":116.69133333333333},1400.3,1E-4,24]
["10.1.10",{"$f":"Instrumentos!B25","v":"Banco de preços (NºPregão:832021 / UASG:742050, MINISTÉRIO DA DEFESA\nCOMANDO DA MARINHA\nCentro de Intendência Tecnológico da Marinha em São Paulo - Pregão Eletrônico, 01/2022)"},{"$f":"Instrumentos!C25","v":"Relógio comparador 0 – 10/0,01mm digital"},{"$f":"Instrumentos!D25","v":"un x mês"},{"$f":"Instrumentos!E25","v":24},{"$f":"Instrumentos!F25","v":8.7593333333333323},210.22,0,48]
["10.1.11",{"$f":"Instrumentos!B26","v":"Banco de preços (NºPregão:62022 / UASG:158445, MINISTÉRIO DA EDUCAÇÃO\nSECRETARIA DE EDUCAÇÃO PROFISSIONAL E TECNOLÓGICA\nInstituto Federal de Educação, Ciência e Tecnologia do Amazonas\nCampus Manaus Centro - Pregão Eletrônico, 07/2022)"},{"$f":"Instrumentos!C26","v":"Tacômetro digital 0,1 - 1,0 RPM DT - 2234 A"},{"$f":"Instrumentos!D26","v":"un x mês"},{"$f":"Instrumentos!E26","v":6},{"$f":"Instrumentos!F26","v":13.064000000000002},78.38,0,12]
["10.1.12",{"$f":"Instrumentos!B27","v":"Banco de preços (NºPregão:7982021 / UASG:925373 - GOVERNO DO ESTADO DE RONDONIA\nSuperintendência Estadual de Compras e Licitações, Pregão Eletrônico - 01/2022)"},{"$f":"Instrumentos!C27","v":"Termômetro mira laser escala de -20 a 500ºC"},{"$f":"Instrumentos!D27","v":"un x mês"},{"$f":"Instrumentos!E27","v":6},{"$f":"Instrumentos!F27","v":12.786333333333333},76.72,0,12]
["10.1.13",null,{"$f":"Instrumentos!C28","v":"Termovisor, com resolução Infravermelha de 120 x 90, Sensibilidade Térmica menor que 0,10 ºC, frequência da imagem de 9 Hz e faixa de temperatura –20 a 250 °C. "},{"$f":"Instrumentos!D28","v":"un x mês"},{"$f":"Instrumentos!E28","v":18},{"$f":"Instrumentos!F28","v":236.13233333333335},4250.38,2.0000000000000001E-4,36]
["10.2.",null,{"$f":"Instrumentos!C31","v":"INSTRUMENTOS - ELÉTRICA"},null,null,null,{"$f":"SUBTOTAL(109,G651:G669)","v":87902.13},3.5000000000000001E-3]
["10.2.1",null,{"$f":"Instrumentos!C32","v":"Alicate Amperímetro (mod. 381 CA/CC True-rms 1000V CAT III (ou similar)"},{"$f":"Instrumentos!D32","v":"un x mês"},{"$f":"Instrumentos!E32","v":78},{"$f":"Instrumentos!F32","v":188.74099999999999},14721.8,5.9999999999999995E-4,156]
["10.2.2",{"$f":"Instrumentos!B33","v":"Banco de preços (UNIVERSIDADE ESTADUAL DE CAMPINAS\nSECR. DESENV. ECONOMICO\nCAMPINAS - Dispensa de Licitação, 01/2022)"},{"$f":"Instrumentos!C33","v":"Alicate amperímetro CA/CC de 600V, digital, CAT III FLUKE 305"},{"$f":"Instrumentos!D33","v":"un x mês"},{"$f":"Instrumentos!E33","v":60},{"$f":"Instrumentos!F33","v":32.175000000000004},1930.5,1E-4,120]
["10.2.3",null,{"$f":"Instrumentos!C34","v":"Alicate Medidor de qualidade de energia (mod. Fluke 345 ou  similar) "},{"$f":"Instrumentos!D34","v":"un x mês"},{"$f":"Instrumentos!E34","v":12},{"$f":"Instrumentos!F34","v":895.4616666666667},10745.54,4.0000000000000002E-4,24]
["10.2.4",null,{"$f":"Instrumentos!C35","v":"Boroscópio Digital Tela LCD 2,7 Pol. com Câmera de Inspeção e Saída USB "},{"$f":"Instrumentos!D35","v":"un x mês"},{"$f":"Instrumentos!E35","v":12},{"$f":"Instrumentos!F35","v":66.413333333333341},796.96,0,24]
["10.2.5",null,{"$f":"Instrumentos!C36","v":"Calibrador de processos multifunção digital (mod. Fluke 725 ou  similar) "},{"$f":"Instrumentos!D36","v":"un x mês"},{"$f":"Instrumentos!E36","v":12},{"$f":"Instrumentos!F36","v":916.66666666666663},11000,4.0000000000000002E-4,120]
["10.2.6",null,{"$f":"Instrumentos!C37","v":"Fasímetro, digital, categoria IV, 40~700Vca, 600V "},{"$f":"Instrumentos!D37","v":"un x mês"},{"$f":"Instrumentos!E37","v":60},{"$f":"Instrumentos!F37","v":66.572666666666677},3994.36,2.0000000000000001E-4,12]
["10.2.7",null,{"$f":"Instrumentos!C38","v":"Freqüencímetro gitital de bancada , 1GHz de 8 dígitos "},{"$f":"Instrumentos!D38","v":"un x mês"},{"$f":"Instrumentos!E38","v":6},{"$f":"Instrumentos!F38","v":32.847333333333331},197.08,0,12]
["10.2.8",null,{"$f":"Instrumentos!C39","v":"Medidor de distância, laser, amplitude de medição 1mm a 80m "},{"$f":"Instrumentos!D39","v":"un x mês"},{"$f":"Instrumentos!E39","v":6},{"$f":"Instrumentos!F39","v":40.501666666666665},243.01,0,12]
["10.2.9",null,{"$f":"Instrumentos!C40","v":"Medidor de resistência de aterramento e resistividade do solo (Faixa de medição de 0,02Ω a 300KΩ; Alcance de até 2 K Ω) com 02 pinças "},{"$f":"Instrumentos!D40","v":"un x mês"},{"$f":"Instrumentos!E40","v":6},{"$f":"Instrumentos!F40","v":776.61800000000005},4659.71,2.0000000000000001E-4,12]
["10.2.10",null,{"$f":"Instrumentos!C41","v":"Medidor de vazão portátil tipo Clamp-on "},{"$f":"Instrumentos!D41","v":"un x mês"},{"$f":"Instrumentos!E41","v":6},{"$f":"Instrumentos!F41","v":442},2652,1E-4,24]
["10.2.11",null,{"$f":"Instrumentos!C42","v":"Megôhmetro digital de 15 kV, alcance de até 1 TΩ, Interface USB, IP54 "},{"$f":"Instrumentos!D42","v":"un x mês"},{"$f":"Instrumentos!E42","v":12},{"$f":"Instrumentos!F42","v":518.33333333333337},6220,2.0000000000000001E-4,156]
["10.2.12",null,{"$f":"Instrumentos!C43","v":"Multímetro digital, tensão DC/AC 50,000 mV a 1000V, 0,4% (True/RMS), frequencia 99,999Hz a 999,99KHz  \"FLUKE-87-V\" com pontas prova TWIST GUARD"},{"$f":"Instrumentos!D43","v":"un x mês"},{"$f":"Instrumentos!E43","v":78},{"$f":"Instrumentos!F43","v":172.35933333333332},13444.03,5.0000000000000001E-4,156]
["10.2.13",null,{"$f":"Instrumentos!C44","v":"Multímetro digital para teste de equipotencialização (medições de baixas resistências), 100V, 10A, 0,1 Ω a 50 Ω "},{"$f":"Instrumentos!D44","v":"un x mês"},{"$f":"Instrumentos!E44","v":78},{"$f":"Instrumentos!F44","v":65.166666666666671},5083,2.0000000000000001E-4,12]
["10.2.14",{"$f":"Instrumentos!B45","v":"Banco de preços (NºPregão:42022 / UASG:784810, MINISTÉRIO DA DEFESA\nCOMANDO DA MARINHA\nCentro de Intendencia da Marinha em Belem - Pregão Eletrônico, 03/2022)"},{"$f":"Instrumentos!C45","v":"Osciloscópio portátil com frequência de trabalho de 100Mhz, LCD Colorido 7”,  CAT II 600V "},{"$f":"Instrumentos!D45","v":"un x mês"},{"$f":"Instrumentos!E45","v":6},{"$f":"Instrumentos!F45","v":79.833333333333329},479,0,24]
["10.2.15",null,{"$f":"Instrumentos!C46","v":"Power Meter (Medidor Potência Fibra Óptica) potência 1310 nm, 1490 nm e 1550 nm  + Caneta Laser 10w "},{"$f":"Instrumentos!D46","v":"un x mês"},{"$f":"Instrumentos!E46","v":12},{"$f":"Instrumentos!F46","v":5.5350000000000001},66.42,0,156]
["10.2.16",{"$f":"Instrumentos!B47","v":"Banco de preços (NºPregão:7982021 / UASG:925373, GOVERNO DO ESTADO DE RONDONIA\nSuperintendência Estadual de Compras e Licitações - Pregão Eletrônico, 01/2022)"},{"$f":"Instrumentos!C47","v":"Termômetro mira laser escala de -30ºC a 500ºc "},{"$f":"Instrumentos!D47","v":"un x mês"},{"$f":"Instrumentos!E47","v":78},{"$f":"Instrumentos!F47","v":12.786333333333333},997.33,0,36]
["10.2.17",{"$f":"Instrumentos!B48","v":"Banco de preços (NºPregão:22022 / UASG:156654, HOSPITAL DAS CLÍNICAS DA UNIVERSIDADE FEDERAL DE UBERLÂNDIA - Pregão Eletrônico, 01/2022)"},{"$f":"Instrumentos!C48","v":"Termovisor -20ºC a 350ºC, com camera de 5 megapixels, visor LCD de 3,5 polegadas "},{"$f":"Instrumentos!D48","v":"un x mês"},{"$f":"Instrumentos!E48","v":18},{"$f":"Instrumentos!F48","v":236.13233333333335},4250.38,2.0000000000000001E-4,24]
["10.2.18",null,{"$f":"Instrumentos!C49","v":"Testador de cabos RJ45 / 11, frequencia 200kHz, display LCD 3 ½ digitos, 600V "},{"$f":"Instrumentos!D49","v":"un x mês"},{"$f":"Instrumentos!E49","v":12},{"$f":"Instrumentos!F49","v":49.790333333333336},597.48,0,156]
["10.2.19",null,{"$f":"Instrumentos!C50","v":"Verificador elétrico de tensão 1000V, sem contato com cabo (mod. T6-1000 Fluke ou similar) "},{"$f":"Instrumentos!D50","v":"un x mês"},{"$f":"Instrumentos!E50","v":78},{"$f":"Instrumentos!F50","v":74.660666666666671},5823.53,2.0000000000000001E-4]
["10.3.",{"$f":"Equipamentos!B153","v":"COT_BANC_TESTE"},{"$f":"Instrumentos!C53","v":"INSTRUMENTOS - CIVIL"},null,null,null,{"$f":"SUBTOTAL(109,G671:G674)","v":52880.83},2.0999999999999999E-3]
["10.3.1",{"$f":"Instrumentos!B54","v":"H019701007/EMBASA"},{"$f":"Instrumentos!C54","v":"GPS Geodésico portátil com visor 65K de cores legível sob luz solar, à prova d'água, geocaching informatizado e recurso de mapeamento ampliados."},{"$f":"Instrumentos!D54","v":"un x mês"},{"$f":"Instrumentos!E54","v":6},{"$f":"Instrumentos!F54","v":133.33333333333334},{"$f":"ROUND(E671*F671,2)","v":800},0,12]
["10.3.2",{"$f":"Instrumentos!B55","v":"Banco de preços - NºPregão:12021 / UASG:154849 - 01/2022 (MINISTÉRIO DA EDUCAÇÃO\nSecretaria Executiva\nSubsecretaria de Planejamento e Orçamento\nInstituto Federal de Educação, Ciência e Tecnologia de Pernambuco\n/Campus Cabo de Santo Agostinho)"},{"$f":"Instrumentos!C55","v":"Estação Total com leitura direta de 1 segundo e precisão de 2\". Prumo óptico na alidade. Interface com principais softwares do mercado, à prova d'água e poeira conforme norma internacional: IEC529. Com kit completo, inclusive tripé com pernas extensíveis."},{"$f":"Instrumentos!D55","v":"un x mês"},{"$f":"Instrumentos!E55","v":6},{"$f":"Instrumentos!F55","v":662.83333333333337},3977,2.0000000000000001E-4,12]
["10.3.3",null,{"$f":"Instrumentos!C56","v":"Nível automático com precisão de ± 1,0 mm/km duplo de nivelamento, aumento de imagem 32 vezes, limbo horizontal com escala de 1º, abertura da objetiva 45 mm, foco mínimo 1,60 m. Com tripé e mira."},{"$f":"Instrumentos!D56","v":"un x mês"},{"$f":"Instrumentos!E56","v":6},{"$f":"Instrumentos!F56","v":60.638333333333343},363.83,0,12]
["10.3.4",null,{"$f":"Instrumentos!C57","v":"(GNSS GPS Geodésico modo RTK Precisão horizontal 8mm + 1ppm e Precisão Vertical 15mm + 1ppm modelo CHC X91+)"},{"$f":"Instrumentos!D57","v":"un x mês"},{"$f":"Instrumentos!E57","v":6},{"$f":"Instrumentos!F57","v":7956.666666666667},{"$f":"ROUND(E674*F674,2)","v":47740},{"$f":"ROUND(G674/G$7,4)","v":1.9E-3}]
[]
["11.",null,"SEGURANÇA E MANUTENÇÃO DE BARRAGENS",null,null,null,{"$f":"SUBTOTAL(109,G677:G698)","v":1596105.7559999998}]
["11.1.",null,{"$f":"'SEGURANÇA DE BARRAGENS'!C10","v":"MÃO DE OBRA - SEGURANÇA DE BARRAGENS"},null,null,null,{"$f":"SUBTOTAL(109,G678:G686)","v":677863.5},{"$f":"ROUND(G677/G$7,4)","v":2.7E-2}]
["11.1.1",{"$f":"'Mao_de_Obra (SEG.BARRAGENS)'!B13","v":"P1"},{"$f":"'Mao_de_Obra (SEG.BARRAGENS)'!C13","v":"Engenheiro Pleno  - Esp. Em Seg. de Barragem"},{"$f":"'Mao_de_Obra (SEG.BARRAGENS)'!D13","v":"homem x mês"},{"$f":"'Mao_de_Obra (SEG.BARRAGENS)'!E13","v":6},{"$f":"'Mao_de_Obra (SEG.BARRAGENS)'!F13","v":22362.89},{"$f":"'Mao_de_Obra (SEG.BARRAGENS)'!G13","v":134177.34},4.0000000000000001E-3,12]
["11.1.2",{"$f":"'Mao_de_Obra (SEG.BARRAGENS)'!B14","v":"P1"},{"$f":"'Mao_de_Obra (SEG.BARRAGENS)'!C14","v":"Engenheiro. Civil  (Geotecnico)"},{"$f":"'Mao_de_Obra (SEG.BARRAGENS)'!D14","v":"homem x mês"},{"$f":"'Mao_de_Obra (SEG.BARRAGENS)'!E14","v":6},{"$f":"'Mao_de_Obra (SEG.BARRAGENS)'!F14","v":22362.89},{"$f":"'Mao_de_Obra (SEG.BARRAGENS)'!G14","v":134177.34},4.0000000000000001E-3,12]
["11.1.3",{"$f":"'Mao_de_Obra (SEG.BARRAGENS)'!B15","v":"P2"},{"$f":"'Mao_de_Obra (SEG.BARRAGENS)'!C15","v":"Engenheiro Junior - Civil"},{"$f":"'Mao_de_Obra (SEG.BARRAGENS)'!D15","v":"homem x mês"},{"$f":"'Mao_de_Obra (SEG.BARRAGENS)'!E15","v":6},{"$f":"'Mao_de_Obra (SEG.BARRAGENS)'!F15","v":18890.87},{"$f":"'Mao_de_Obra (SEG.BARRAGENS)'!G15","v":113345.22},2.5999999999999999E-3,12]
["11.1.4",{"$f":"'Mao_de_Obra (SEG.BARRAGENS)'!B16","v":"A1"},{"$f":"'Mao_de_Obra (SEG.BARRAGENS)'!C16","v":"Assistente Administrativo (Assistente social)"},{"$f":"'Mao_de_Obra (SEG.BARRAGENS)'!D16","v":"homem x mês"},{"$f":"'Mao_de_Obra (SEG.BARRAGENS)'!E16","v":12},{"$f":"'Mao_de_Obra (SEG.BARRAGENS)'!F16","v":4191.83},{"$f":"'Mao_de_Obra (SEG.BARRAGENS)'!G16","v":50301.96},2.7000000000000001E-3,24]
["11.1.5",{"$f":"'Mao_de_Obra (SEG.BARRAGENS)'!B17","v":"AS"},{"$f":"'Mao_de_Obra (SEG.BARRAGENS)'!C17","v":"Assistente Administrativo (administrativo)"},{"$f":"'Mao_de_Obra (SEG.BARRAGENS)'!D17","v":"homem x mês"},{"$f":"'Mao_de_Obra (SEG.BARRAGENS)'!E17","v":12},{"$f":"'Mao_de_Obra (SEG.BARRAGENS)'!F17","v":6837.22},{"$f":"'Mao_de_Obra (SEG.BARRAGENS)'!G17","v":82046.64},2.7000000000000001E-3,24]
["11.1.6",{"$f":"'Mao_de_Obra (SEG.BARRAGENS)'!B18","v":"A1"},{"$f":"'Mao_de_Obra (SEG.BARRAGENS)'!C18","v":"Auxiliar Administrativo"},{"$f":"'Mao_de_Obra (SEG.BARRAGENS)'!D18","v":"homem x mês"},{"$f":"'Mao_de_Obra (SEG.BARRAGENS)'!E18","v":6},{"$f":"'Mao_de_Obra (SEG.BARRAGENS)'!F18","v":4191.83},{"$f":"'Mao_de_Obra (SEG.BARRAGENS)'!G18","v":25150.98},6.9999999999999999E-4,12]
["11.1.7",{"$f":"'Mao_de_Obra (SEG.BARRAGENS)'!B19","v":"TS"},{"$f":"'Mao_de_Obra (SEG.BARRAGENS)'!C19","v":"Topógrafo "},{"$f":"'Mao_de_Obra (SEG.BARRAGENS)'!D19","v":"homem x mês"},{"$f":"'Mao_de_Obra (SEG.BARRAGENS)'!E19","v":6},{"$f":"'Mao_de_Obra (SEG.BARRAGENS)'!F19","v":7178.1},{"$f":"'Mao_de_Obra (SEG.BARRAGENS)'!G19","v":43068.6},3.0999999999999999E-3,24]
["11.1.8",{"$f":"'Mao_de_Obra (SEG.BARRAGENS)'!B20","v":"T3"},{"$f":"'Mao_de_Obra (SEG.BARRAGENS)'!C20","v":"Auxiliar de Topografia"},{"$f":"'Mao_de_Obra (SEG.BARRAGENS)'!D20","v":"homem x mês"},{"$f":"'Mao_de_Obra (SEG.BARRAGENS)'!E20","v":12},{"$f":"'Mao_de_Obra (SEG.BARRAGENS)'!F20","v":4673.62},{"$f":"'Mao_de_Obra (SEG.BARRAGENS)'!G20","v":56083.44},1.6999999999999999E-3,48]
["11.1.9",{"$f":"'Mao_de_Obra (SEG.BARRAGENS)'!B21","v":"T2"},{"$f":"'Mao_de_Obra (SEG.BARRAGENS)'!C21","v":"Técnico Pleno"},{"$f":"'Mao_de_Obra (SEG.BARRAGENS)'!D21","v":"homem x mês"},{"$f":"'Mao_de_Obra (SEG.BARRAGENS)'!E21","v":6},{"$f":"'Mao_de_Obra (SEG.BARRAGENS)'!F21","v":6585.33},{"$f":"'Mao_de_Obra (SEG.BARRAGENS)'!G21","v":39511.980000000003},1.1999999999999999E-3,12]
["11.2.",null,{"$f":"'SEGURANÇA DE BARRAGENS'!C26","v":"EQUIPAMENTOS - SEGURANÇA DE BARRAGENS"},null,null,null,{"$f":"SUBTOTAL(109,G688:G695)","v":846983.99999999988},{"$f":"ROUND(G687/G$7,4)","v":3.3799999999999997E-2}]
["11.2.1",{"$f":"'SEGURANÇA DE BARRAGENS'!B30","v":"E9763-DNIT/PE"},{"$f":"'SEGURANÇA DE BARRAGENS'!C30","v":"Grupo Gerador - 32,0 kVA, 220 V, trifásico, silenciado, com 100 metros de cabos e 01 QTA. "},{"$f":"'SEGURANÇA DE BARRAGENS'!D30","v":"un x mês"},{"$f":"'SEGURANÇA DE BARRAGENS'!E30","v":6},{"$f":"'SEGURANÇA DE BARRAGENS'!F30","v":1506.5272},{"$f":"'SEGURANÇA DE BARRAGENS'!G30","v":9039.16},{"$f":"ROUND(G688/G$7,4)","v":4.0000000000000002E-4},12]
["11.2.2",{"$f":"'SEGURANÇA DE BARRAGENS'!B31","v":"13227 - SINAPI/PE"},{"$f":"'SEGURANÇA DE BARRAGENS'!C31","v":"MOTONIVELADORA POTENCIA BASICA LIQUIDA (PRIMEIRA MARCHA) 171 HP, PESO BRUTO 14768 KG, LARGURA DA LAMINA DE 3,7 M"},{"$f":"'SEGURANÇA DE BARRAGENS'!D31","v":"un x mês"},{"$f":"'SEGURANÇA DE BARRAGENS'!E31","v":6},{"$f":"'SEGURANÇA DE BARRAGENS'!F31","v":31868.480000000003},{"$f":"'SEGURANÇA DE BARRAGENS'!G31","v":191210.88},7.6E-3,12]
["11.2.3",{"$f":"'SEGURANÇA DE BARRAGENS'!B32","v":"36483 - SINAPI/PE"},{"$f":"'SEGURANÇA DE BARRAGENS'!C32","v":"ESCAVADEIRA HIDRAULICA SOBRE ESTEIRAS CACAMBA 0,40 A 1,20 M3, PESO OPERACIONAL 21,19 T, POTENCIA LIQUIDA 173 HP"},{"$f":"'SEGURANÇA DE BARRAGENS'!D32","v":"un x mês"},{"$f":"'SEGURANÇA DE BARRAGENS'!E32","v":6},{"$f":"'SEGURANÇA DE BARRAGENS'!F32","v":19454.96},{"$f":"'SEGURANÇA DE BARRAGENS'!G32","v":116729.76},4.7000000000000002E-3,12]
["11.2.4",{"$f":"'SEGURANÇA DE BARRAGENS'!B33","v":"E9540-DNIT/PE"},{"$f":"'SEGURANÇA DE BARRAGENS'!C33","v":"Trator de esteiras, potência de 150 hp, peso operacional de 16,7 t, com roda motriz elevada e lâmina com contato de 3,18 m³."},{"$f":"'SEGURANÇA DE BARRAGENS'!D33","v":"un x mês"},{"$f":"'SEGURANÇA DE BARRAGENS'!E33","v":6},{"$f":"'SEGURANÇA DE BARRAGENS'!F33","v":19437.7788},{"$f":"'SEGURANÇA DE BARRAGENS'!G33","v":116626.67},4.5999999999999999E-3,12]
["11.2.5",{"$f":"'SEGURANÇA DE BARRAGENS'!B34","v":"89883-SINAPI/PE"},{"$f":"'SEGURANÇA DE BARRAGENS'!C34","v":"Cavalo Mecânico com Reboque M. Benz Randon LS-1634/45 29,5 t, ou similar"},{"$f":"'SEGURANÇA DE BARRAGENS'!D34","v":"un x mês"},{"$f":"'SEGURANÇA DE BARRAGENS'!E34","v":6},{"$f":"'SEGURANÇA DE BARRAGENS'!F34","v":31798.02},{"$f":"'SEGURANÇA DE BARRAGENS'!G34","v":190788.12},7.6E-3,12]
["11.2.6",{"$f":"'SEGURANÇA DE BARRAGENS'!B35","v":"E9685-DNIT/PE"},{"$f":"'SEGURANÇA DE BARRAGENS'!C35","v":"Rolo compactador pé-de-carneiro vibratório, potência 125 hp, peso operacional sem/com lastro 11,95/13,30 t, impacto dinâmico 38,5/22,5 t, largura de trabalho 2,15 m."},{"$f":"'SEGURANÇA DE BARRAGENS'!D35","v":"un x mês"},{"$f":"'SEGURANÇA DE BARRAGENS'!E35","v":6},{"$f":"'SEGURANÇA DE BARRAGENS'!F35","v":14012.3244},{"$f":"'SEGURANÇA DE BARRAGENS'!G35","v":84073.95},3.3999999999999998E-3,12]
["11.2.7",{"$f":"'SEGURANÇA DE BARRAGENS'!B36","v":"E9043-DNIT/PE"},{"$f":"'SEGURANÇA DE BARRAGENS'!C36","v":"Embarcação de alumínio com comprimento de 6 m e motor de popa - 18,60 kW (inclusive barqueiro)"},{"$f":"'SEGURANÇA DE BARRAGENS'!D36","v":"un x mês"},{"$f":"'SEGURANÇA DE BARRAGENS'!E36","v":18},{"$f":"'SEGURANÇA DE BARRAGENS'!F36","v":5928.2506999999996},{"$f":"'SEGURANÇA DE BARRAGENS'!G36","v":106708.51},4.3E-3,36]
["11.2.8",{"$f":"'SEGURANÇA DE BARRAGENS'!B37","v":"A9382-DNIT/PE"},{"$f":"'SEGURANÇA DE BARRAGENS'!C37","v":"Dolly intermediário com 2 eixos para semirreboque (para embarcação)"},{"$f":"'SEGURANÇA DE BARRAGENS'!D37","v":"un x mês"},{"$f":"'SEGURANÇA DE BARRAGENS'!E37","v":18},{"$f":"'SEGURANÇA DE BARRAGENS'!F37","v":1767.0525999999998},{"$f":"'SEGURANÇA DE BARRAGENS'!G37","v":31806.95},1.2999999999999999E-3,36]
["11.3.",null,{"$f":"'SEGURANÇA DE BARRAGENS'!C41","v":"VEÍCULOS - SEGURANÇA DE BARRAGENS"},null,null,null,{"$f":"SUBTOTAL(109,G697:G698)","v":71258.255999999994},{"$f":"ROUND(G696/G$7,4)","v":2.8E-3}]
["11.3.1",{"$f":"'SEGURANÇA DE BARRAGENS'!B45","v":"B4"},{"$f":"'SEGURANÇA DE BARRAGENS'!C45","v":"TIPO SEDAN 1.6 FLEX (115CV)"},{"$f":"'SEGURANÇA DE BARRAGENS'!D45","v":"un x mês"},{"$f":"'SEGURANÇA DE BARRAGENS'!E45","v":6},{"$f":"'SEGURANÇA DE BARRAGENS'!F45","v":4471.8906666666662},{"$f":"'SEGURANÇA DE BARRAGENS'!G45","v":26831.343999999997},{"$f":"ROUND(G697/G$7,4)","v":1.1000000000000001E-3},24]
["11.3.2",{"$f":"'SEGURANÇA DE BARRAGENS'!B46","v":"B11"},{"$f":"'SEGURANÇA DE BARRAGENS'!C46","v":"Veículo Tipo Pick Up Cabine Dupla 4 x 4 (163 CV)"},{"$f":"'SEGURANÇA DE BARRAGENS'!D46","v":"un x mês"},{"$f":"'SEGURANÇA DE BARRAGENS'!E46","v":6},{"$f":"'SEGURANÇA DE BARRAGENS'!F46","v":7404.485333333334},{"$f":"'SEGURANÇA DE BARRAGENS'!G46","v":44426.912000000004},1.8E-3,24]
[]
["12.",null,{"$f":"'SERVIÇOS ADICIONAIS'!C13:G13","v":"SERVIÇOS ADICIONAIS"},null,null,null,{"$f":"SUBTOTAL(109,G701:G706)","v":62491.799999999996},{"$f":"ROUND(G700/G$7,4)","v":2.5000000000000001E-3}]
["12.1.",null,{"$f":"'SERVIÇOS ADICIONAIS'!C15","v":"FORNECIMENTO DE ÁGUA POTÁVEL PARA CANTEIRO"},null,null,null,{"$f":"SUBTOTAL(109,G702:G703)","v":14715.78},{"$f":"ROUND(G701/G$7,4)","v":5.9999999999999995E-4}]
["12.1.1",{"$f":"'SERVIÇOS ADICIONAIS'!B16","v":"I8949/SEINFRA"},{"$f":"'SERVIÇOS ADICIONAIS'!C16","v":"Estação de tratamento de água"},{"$f":"'SERVIÇOS ADICIONAIS'!D16","v":"un x mês"},{"$f":"'SERVIÇOS ADICIONAIS'!E16","v":12},{"$f":"'SERVIÇOS ADICIONAIS'!F16","v":995.84333333333336},{"$f":"'SERVIÇOS ADICIONAIS'!G16","v":11950.12},{"$f":"ROUND(G702/G$7,4)","v":5.0000000000000001E-4},12]
["12.1.2",{"$f":"'SERVIÇOS ADICIONAIS'!B17","v":"220497/SEDOP"},{"$f":"'SERVIÇOS ADICIONAIS'!C17","v":"Poço Tubular"},{"$f":"'SERVIÇOS ADICIONAIS'!D17","v":"un x mês"},{"$f":"'SERVIÇOS ADICIONAIS'!E17","v":12},{"$f":"'SERVIÇOS ADICIONAIS'!F17","v":230.47183333333336},{"$f":"'SERVIÇOS ADICIONAIS'!G17","v":2765.66},1E-4,12]
["12.2.",null,{"$f":"'SERVIÇOS ADICIONAIS'!C20","v":"ANÁLISES DE EFLUENTES"},null,null,null,{"$f":"SUBTOTAL(109,G705:G706)","v":47776.02},{"$f":"ROUND(G704/G$7,4)","v":1.9E-3}]
["12.2.1",{"$f":"'SERVIÇOS ADICIONAIS'!B21","v":"COT - AQA"},{"$f":"'SERVIÇOS ADICIONAIS'!C21","v":"Análise de Efluentes - Conama nº 357 e Resolução ANA nº 85/18 "},{"$f":"'SERVIÇOS ADICIONAIS'!D21","v":"un x mês"},{"$f":"'SERVIÇOS ADICIONAIS'!E21","v":6},{"$f":"'SERVIÇOS ADICIONAIS'!F21","v":7962.67},{"$f":"'SERVIÇOS ADICIONAIS'!G21","v":47776.02},{"$f":"ROUND(G705/G$7,4)","v":1.9E-3}]
[]
["13.",null,{"$f":"'Sobressalentes '!C13","v":"AQUISIÇÃO DE PEÇAS SOBRESSALENTES PISF - EIXOS LESTE"},null,null,null,{"$f":"SUBTOTAL(9,G708:G782)","v":789296.9800000001},{"$f":"ROUND(G707/G$7,4)","v":3.15E-2}]
["13.1.",null,{"$f":"'Sobressalentes '!C14","v":"SOBRESSALENTES - MECÂNICA"},null,null,null,{"$f":"SUBTOTAL(9,G709:G735)","v":397956.22000000003},1.5900000000000001E-2]
["13.1.1",null,{"$f":"'Sobressalentes '!C15","v":"Barra Roscada M-16 _ plicação: Vedação das juntas Dresser. Especificação: Aço inox A304"},{"$f":"'Sobressalentes '!D15","v":"mt"},{"$f":"'Sobressalentes '!E15","v":80},{"$f":"'Sobressalentes '!F15","v":191.26},{"$f":"'Sobressalentes '!G15","v":15300.8},5.9999999999999995E-4,80]
["13.1.2",null,{"$f":"'Sobressalentes '!C16","v":"Borracha de vedação _ Especificação: Vedante trapezidal 50x25x20x6 - EPDM Shore A70"},{"$f":"'Sobressalentes '!D16","v":"mt"},{"$f":"'Sobressalentes '!E16","v":50},{"$f":"'Sobressalentes '!F16","v":22.89},{"$f":"'Sobressalentes '!G16","v":1144.5},0,50]
["13.1.3",null,{"$f":"'Sobressalentes '!C17","v":"Borracha Neoprene 5mm _ Especificação: 2,5m x 20m (Junta de válvulas)"},{"$f":"'Sobressalentes '!D17","v":"mtr"},{"$f":"'Sobressalentes '!E17","v":20},{"$f":"'Sobressalentes '!F17","v":695.77},{"$f":"'Sobressalentes '!G17","v":13915.4},5.9999999999999995E-4,20]
["13.1.4",null,{"$f":"'Sobressalentes '!C18","v":"Cavalete porta escova (mola)"},{"$f":"'Sobressalentes '!D18","v":"pç"},{"$f":"'Sobressalentes '!E18","v":10},{"$f":"'Sobressalentes '!F18","v":278.16000000000003},{"$f":"'Sobressalentes '!G18","v":2781.6},1E-4,10]
["13.1.5",null,{"$f":"'Sobressalentes '!C19","v":"Escova de aterramento do eixo _ Dimensões 10x25x40mm (AxLxC) - (Ref.: J12 item WEG 10169828) (Metal Grafite)"},{"$f":"'Sobressalentes '!D19","v":"pç"},{"$f":"'Sobressalentes '!E19","v":12},{"$f":"'Sobressalentes '!F19","v":358.63},{"$f":"'Sobressalentes '!G19","v":4303.5600000000004},2.0000000000000001E-4,12]
["13.1.6",null,{"$f":"'Sobressalentes '!C20","v":"Escova para o motor 6,9kV _ Escova Carvão J12  dimen.32x25x64mm (Ref. Felca FCE-100A)"},{"$f":"'Sobressalentes '!D20","v":"pç"},{"$f":"'Sobressalentes '!E20","v":96},{"$f":"'Sobressalentes '!F20","v":354.03},{"$f":"'Sobressalentes '!G20","v":33986.879999999997},1.4E-3,96]
["13.1.7",null,{"$f":"'Sobressalentes '!C21","v":"Filtro de ar do motor (entrada de ar) EBV-1, 2, 3 _  Especificação: Filtro de ar 345x925x25mm.Modelo Aeroglass FMT-C"},{"$f":"'Sobressalentes '!D21","v":"pç"},{"$f":"'Sobressalentes '!E21","v":16},{"$f":"'Sobressalentes '!F21","v":174.63},{"$f":"'Sobressalentes '!G21","v":2794.08},1E-4,16]
["13.1.8",null,{"$f":"'Sobressalentes '!C22","v":"Filtro de ar do motor (entrada de ar) EBV-5 _  Especificação: Filtro de ar 670x280x25mm.Modelo Aeroglass FMT-C"},{"$f":"'Sobressalentes '!D22","v":"pç"},{"$f":"'Sobressalentes '!E22","v":16},{"$f":"'Sobressalentes '!F22","v":105.38},{"$f":"'Sobressalentes '!G22","v":1686.08},1E-4,16]
["13.1.9",null,{"$f":"'Sobressalentes '!C23","v":"Filtro de ar do motor (entrada de ar) EBV-6 _  Especificação: Filtro de ar 750x225x25mm.Modelo Aeroglass FMT-C"},{"$f":"'Sobressalentes '!D23","v":"pç"},{"$f":"'Sobressalentes '!E23","v":16},{"$f":"'Sobressalentes '!F23","v":71.33},{"$f":"'Sobressalentes '!G23","v":1141.28},0,16]
["13.1.10",null,{"$f":"'Sobressalentes '!C24","v":"Filtro de ar para caixa coletora (porta escovas) _ Especificação: Filtro de ar 330x185x50mm.Modelo Aeroglass PD-U GALV"},{"$f":"'Sobressalentes '!D24","v":"pç"},{"$f":"'Sobressalentes '!E24","v":36},{"$f":"'Sobressalentes '!F24","v":67.33},{"$f":"'Sobressalentes '!G24","v":2423.88},1E-4,36]
["13.1.11",null,{"$f":"'Sobressalentes '!C25","v":"Filtro de ar para caixa coletora (porta escovas) _ Especificação: Filtro de ar 450x400x50mm.Modelo Aeroglass PD-U GALV"},{"$f":"'Sobressalentes '!D25","v":"pç"},{"$f":"'Sobressalentes '!E25","v":24},{"$f":"'Sobressalentes '!F25","v":90.29},{"$f":"'Sobressalentes '!G25","v":2166.96},1E-4,24]
["13.1.12",null,{"$f":"'Sobressalentes '!C26","v":"Gaxeta grafitada ¾” Quadrada."},{"$f":"'Sobressalentes '!D26","v":"mt"},{"$f":"'Sobressalentes '!E26","v":60},{"$f":"'Sobressalentes '!F26","v":48.74},{"$f":"'Sobressalentes '!G26","v":2924.4},1E-4,60]
["13.1.13",null,{"$f":"'Sobressalentes '!C27","v":"Gaxeta grafitada 1” Quadrada"},{"$f":"'Sobressalentes '!D27","v":"mt"},{"$f":"'Sobressalentes '!E27","v":396},{"$f":"'Sobressalentes '!F27","v":41.81},{"$f":"'Sobressalentes '!G27","v":16556.759999999998},6.9999999999999999E-4,396]
["13.1.14",null,{"$f":"'Sobressalentes '!C28","v":"Óleo lubrificante ISO VG-46"},{"$f":"'Sobressalentes '!D28","v":"lt"},{"$f":"'Sobressalentes '!E28","v":200},{"$f":"'Sobressalentes '!F28","v":30.58},{"$f":"'Sobressalentes '!G28","v":6116},2.0000000000000001E-4,600]
["13.1.15",null,{"$f":"'Sobressalentes '!C29","v":"Óleo lubrificante ISO VG-68"},{"$f":"'Sobressalentes '!D29","v":"lt"},{"$f":"'Sobressalentes '!E29","v":1400},{"$f":"'Sobressalentes '!F29","v":20.48},{"$f":"'Sobressalentes '!G29","v":28672},1.1000000000000001E-3,200]
["13.1.16",null,{"$f":"'Sobressalentes '!C30","v":"O'ring Ø10 - Especificação: O'ring Ø10 x 370 - Shore 70A SBR"},{"$f":"'Sobressalentes '!D30","v":"mt"},{"$f":"'Sobressalentes '!E30","v":40},{"$f":"'Sobressalentes '!F30","v":196.67},{"$f":"'Sobressalentes '!G30","v":7866.8},2.9999999999999997E-4,40]
["13.1.17",null,{"$f":"'Sobressalentes '!C31","v":"O'ring Ø8 - Especificação: O'ring Ø8 x 370 - Shore 70A SBR"},{"$f":"'Sobressalentes '!D31","v":"mt"},{"$f":"'Sobressalentes '!E31","v":20},{"$f":"'Sobressalentes '!F31","v":105.33},{"$f":"'Sobressalentes '!G31","v":2106.6},1E-4,20]
["13.1.18",{"$f":"'Sobressalentes '!B32","v":"421/COMPESA"},{"$f":"'Sobressalentes '!C32","v":"Pòrca M-16 _ Especificação: Aço inox A304"},{"$f":"'Sobressalentes '!D32","v":"pç"},{"$f":"'Sobressalentes '!E32","v":240},{"$f":"'Sobressalentes '!F32","v":11.93},{"$f":"'Sobressalentes '!G32","v":2863.2},1E-4,240]
["13.1.19",null,{"$f":"'Sobressalentes '!C33","v":"PT 100 _ Especificação: Modelo T 01628 531166"},{"$f":"'Sobressalentes '!D33","v":"pç"},{"$f":"'Sobressalentes '!E33","v":12},{"$f":"'Sobressalentes '!F33","v":3861.75},{"$f":"'Sobressalentes '!G33","v":46341},1.8E-3,12]
["13.1.20",null,{"$f":"'Sobressalentes '!C34","v":"PT 100 _ Especificação: Modelo TR10-D CC22 2RØ11QD"},{"$f":"'Sobressalentes '!D34","v":"pç"},{"$f":"'Sobressalentes '!E34","v":16},{"$f":"'Sobressalentes '!F34","v":3861.75},{"$f":"'Sobressalentes '!G34","v":61788},2.5000000000000001E-3,96]
["13.1.21",null,{"$f":"'Sobressalentes '!C35","v":"Sensor de fluxo _ Especificação: Modelo FC10B02"},{"$f":"'Sobressalentes '!D35","v":"pç"},{"$f":"'Sobressalentes '!E35","v":24},{"$f":"'Sobressalentes '!F35","v":1059.9000000000001},{"$f":"'Sobressalentes '!G35","v":25437.599999999999},1E-3,24]
["13.1.22",null,{"$f":"'Sobressalentes '!C36","v":"Sensor de nível do óleo mancal -  Especificação: Modelo HNS 3228-5-0410-000"},{"$f":"'Sobressalentes '!D36","v":"pç"},{"$f":"'Sobressalentes '!E36","v":12},{"$f":"'Sobressalentes '!F36","v":745.85},{"$f":"'Sobressalentes '!G36","v":8950.2000000000007},4.0000000000000002E-4,12]
["13.1.23",null,{"$f":"'Sobressalentes '!C37","v":"Sensor de nível do óleo mancal - Especificação: Modelo VB400-12GM+V1"},{"$f":"'Sobressalentes '!D37","v":"pç"},{"$f":"'Sobressalentes '!E37","v":12},{"$f":"'Sobressalentes '!F37","v":745.85},{"$f":"'Sobressalentes '!G37","v":8950.2000000000007},4.0000000000000002E-4,12]
["13.1.24",null,{"$f":"'Sobressalentes '!C38","v":"Sensor de vibração (acelerômetro) - Especificação: Modelo ST5484E-152-412-00 (Metrix)"},{"$f":"'Sobressalentes '!D38","v":"pç"},{"$f":"'Sobressalentes '!E38","v":12},{"$f":"'Sobressalentes '!F38","v":7200.99},{"$f":"'Sobressalentes '!G38","v":86411.88},3.3999999999999998E-3,12]
["13.1.25",null,{"$f":"'Sobressalentes '!C39","v":"Termômetro - Especificação: Modelo BIE-IN 114 69M 100MM 0/150 C XGV XNH CD1 XN6 (ASHCROFT WILLY)"},{"$f":"'Sobressalentes '!D39","v":"pç"},{"$f":"'Sobressalentes '!E39","v":12},{"$f":"'Sobressalentes '!F39","v":671.9},{"$f":"'Sobressalentes '!G39","v":8062.8},2.9999999999999997E-4,12]
["13.1.26",{"$f":"'Sobressalentes '!B40","v":"11586/SETOP"},{"$f":"'Sobressalentes '!C40","v":"Tubo em aço galvanizado - Especificação: Tubo A/C galvanizado Ø 2\" SCH 40"},{"$f":"'Sobressalentes '!D40","v":"mt"},{"$f":"'Sobressalentes '!E40","v":72},{"$f":"'Sobressalentes '!F40","v":45.33},{"$f":"'Sobressalentes '!G40","v":3263.76},1E-4,72]
[]
["13.2.",null,{"$f":"'Sobressalentes '!C43","v":"SOBRESSALENTES - ELÉTRICA"},null,null,null,{"$f":"SUBTOTAL(9,G737:G753)","v":338227.01000000007},{"$f":"ROUND(G736/G$7,4)","v":1.35E-2}]
["13.2.1",null,{"$f":"'Sobressalentes '!C44","v":"CARREGADOR RETIFICADOR MODULAR 380Vca/ 125Vcc, 5x20A. ESPECIFICAÇÃO TECNICA: PISF-000-92000. 1635-DEF-2810-60-08-071-R00"},{"$f":"'Sobressalentes '!D44","v":"pç"},{"$f":"'Sobressalentes '!E44","v":2},{"$f":"'Sobressalentes '!F44","v":25520.62},{"$f":"'Sobressalentes '!G44","v":51041.24},2E-3,1]
["13.2.2",null,{"$f":"'Sobressalentes '!C45","v":"CARREGADOR  RETIFICADOR  MODULAR  380Vca/  125Vcc,  2x25A,  CONFORME  ESPECIFICAÇÃO  TÉCNICA  nº 1600‐EST‐2811‐ 60‐08‐003  (ET  PARA  CARREGADOR  RETIFICADOR MODULAR) DESENHO DE FABRICAÇÃO: 1637‐DEF‐2819‐60‐08‐012-R02"},{"$f":"'Sobressalentes '!D45","v":"pç"},{"$f":"'Sobressalentes '!E45","v":4},{"$f":"'Sobressalentes '!F45","v":25520.62},{"$f":"'Sobressalentes '!G45","v":102082.48},4.1000000000000003E-3,4]
["13.2.3",null,{"$f":"'Sobressalentes '!C46","v":"Contator Tripolar de Barra 300A, 1NF + 2N, 125VCC (CV1-BH2H1HKD22)"},{"$f":"'Sobressalentes '!D46","v":"pç"},{"$f":"'Sobressalentes '!E46","v":2},{"$f":"'Sobressalentes '!F46","v":11806.24},{"$f":"'Sobressalentes '!G46","v":23612.48},8.9999999999999998E-4,2]
["13.2.4",null,{"$f":"'Sobressalentes '!C47","v":"Mufla, terminal, 6,9/10kV, monofásica, uso interno, cabo condutor cobre/alumínio, isolamento sólido, material termocontrátil."},{"$f":"'Sobressalentes '!D47","v":"pç"},{"$f":"'Sobressalentes '!E47","v":6},{"$f":"'Sobressalentes '!F47","v":293.33},{"$f":"'Sobressalentes '!G47","v":1759.98},1E-4,6]
["13.2.5",null,{"$f":"'Sobressalentes '!C48","v":"RETIFICADOR FSE 380VCA/125VCC 10,8KVA/8,44KW 18,2A/60A (uma unidade será substituida por completo para a retirada servir de sobressalente)"},{"$f":"'Sobressalentes '!D48","v":"pç"},{"$f":"'Sobressalentes '!E48","v":1},{"$f":"'Sobressalentes '!F48","v":41732.31},{"$f":"'Sobressalentes '!G48","v":41732.31},1.6999999999999999E-3,1]
["13.2.6",null,{"$f":"'Sobressalentes '!C49","v":"SENSOR DE TEMPERATURA PT100 IOPE"},{"$f":"'Sobressalentes '!D49","v":"pç"},{"$f":"'Sobressalentes '!E49","v":12},{"$f":"'Sobressalentes '!F49","v":539.66999999999996},{"$f":"'Sobressalentes '!G49","v":6476.04},2.9999999999999997E-4,12]
["13.2.7",null,{"$f":"'Sobressalentes '!C50","v":"SENSOR DE VIBRAÇÃO METRIX Modelo ST5484E-152-412-00"},{"$f":"'Sobressalentes '!D50","v":"pç"},{"$f":"'Sobressalentes '!E50","v":12},{"$f":"'Sobressalentes '!F50","v":7200.99},{"$f":"'Sobressalentes '!G50","v":86411.88},3.3999999999999998E-3,12]
["13.2.8",null,{"$f":"'Sobressalentes '!C51","v":"Terminação contrátil à frio para cabos de 120mm²,  15kV, Fab. Prysmian"},{"$f":"'Sobressalentes '!D51","v":"pç"},{"$f":"'Sobressalentes '!E51","v":13},{"$f":"'Sobressalentes '!F51","v":349.24},{"$f":"'Sobressalentes '!G51","v":4540.12},2.0000000000000001E-4,13]
["13.2.9",null,{"$f":"'Sobressalentes '!C52","v":"Terminação contrátil à frio para cabos de 240mm²,  15kV, Fab. Prysmian"},{"$f":"'Sobressalentes '!D52","v":"pç"},{"$f":"'Sobressalentes '!E52","v":13},{"$f":"'Sobressalentes '!F52","v":448},{"$f":"'Sobressalentes '!G52","v":5824},2.0000000000000001E-4,13]
["13.2.10",null,{"$f":"'Sobressalentes '!C53","v":"Terminação contrátil à frio para cabos de 400mm²,  15kV, Fab. Prysmian"},{"$f":"'Sobressalentes '!D53","v":"pç"},{"$f":"'Sobressalentes '!E53","v":7},{"$f":"'Sobressalentes '!F53","v":729.37},{"$f":"'Sobressalentes '!G53","v":5105.59},2.0000000000000001E-4,7]
["13.2.11",null,{"$f":"'Sobressalentes '!C54","v":"Terminação contrátil à frio para cabos de 70mm²,  15kV, Fab. Prysmian"},{"$f":"'Sobressalentes '!D54","v":"pç"},{"$f":"'Sobressalentes '!E54","v":13},{"$f":"'Sobressalentes '!F54","v":301.74},{"$f":"'Sobressalentes '!G54","v":3922.62},2.0000000000000001E-4,13]
["13.2.12",null,{"$f":"'Sobressalentes '!C55","v":"Terminação contrátil à frio para cabos de 95mm²,  15kV, Fab. Prysmian"},{"$f":"'Sobressalentes '!D55","v":"pç"},{"$f":"'Sobressalentes '!E55","v":13},{"$f":"'Sobressalentes '!F55","v":301.74},{"$f":"'Sobressalentes '!G55","v":3922.62},2.0000000000000001E-4,13]
["13.2.13",{"$f":"'Sobressalentes '!B56","v":"001425/SBC"},{"$f":"'Sobressalentes '!C56","v":"Terminal à compressão dois furos e duas compressões para cabos de 120mm². Cod.637400, Fab. Magnet"},{"$f":"'Sobressalentes '!D56","v":"pç"},{"$f":"'Sobressalentes '!E56","v":7},{"$f":"'Sobressalentes '!F56","v":7.91},{"$f":"'Sobressalentes '!G56","v":55.37},0,7]
["13.2.14",null,{"$f":"'Sobressalentes '!C57","v":"Terminal à compressão dois furos e duas compressões para cabos de 400mm². Cod.637900, Fab. Magnet"},{"$f":"'Sobressalentes '!D57","v":"pç"},{"$f":"'Sobressalentes '!E57","v":7},{"$f":"'Sobressalentes '!F57","v":207.26},{"$f":"'Sobressalentes '!G57","v":1450.82},1E-4,7]
["13.2.15",{"$f":"'Sobressalentes '!B58","v":"008331/SBC"},{"$f":"'Sobressalentes '!C58","v":"Terminal à compressão dois furos e duas compressões para cabos de 95mm². Cod.637303, Fab. Magnet"},{"$f":"'Sobressalentes '!D58","v":"pç"},{"$f":"'Sobressalentes '!E58","v":13},{"$f":"'Sobressalentes '!F58","v":5.63},{"$f":"'Sobressalentes '!G58","v":73.19},0,13]
["13.2.16",null,{"$f":"'Sobressalentes '!C59","v":"Terminal à compressão um furo e uma compressão para cabos de 120mm². Cod.631103, Fab. Magnet"},{"$f":"'Sobressalentes '!D59","v":"pç"},{"$f":"'Sobressalentes '!E59","v":7},{"$f":"'Sobressalentes '!F59","v":14.33},{"$f":"'Sobressalentes '!G59","v":100.31},0,7]
["13.2.17",null,{"$f":"'Sobressalentes '!C60","v":"Terminal à compressão um furo e uma compressão para cabos de 70mm². Cod.631000, Fab. Magnet"},{"$f":"'Sobressalentes '!D60","v":"pç"},{"$f":"'Sobressalentes '!E60","v":13},{"$f":"'Sobressalentes '!F60","v":8.92},{"$f":"'Sobressalentes '!G60","v":115.96},0,13]
[]
["13.3.",null,{"$f":"'Sobressalentes '!C64","v":"Peças para reposições nas manutenções preventivas e corretivas dos condicionadores de ar"},null,null,null,{"$f":"SUBTOTAL(9,G756:G769)","v":25755.24},{"$f":"ROUND(G755/G$7,4)","v":1E-3}]
["13.3.1",null,{"$f":"'Sobressalentes '!C65","v":"Vareta de solda foscoper 2,5 mm com banho"},{"$f":"'Sobressalentes '!D65","v":"un."},{"$f":"'Sobressalentes '!E65","v":20},{"$f":"'Sobressalentes '!F65","v":5.52},{"$f":"'Sobressalentes '!G65","v":110.4},0,20]
["13.3.2",null,{"$f":"'Sobressalentes '!C66","v":"gás inflamável para maçarico portátil"},{"$f":"'Sobressalentes '!D66","v":"kg"},{"$f":"'Sobressalentes '!E66","v":2},{"$f":"'Sobressalentes '!F66","v":60.28},{"$f":"'Sobressalentes '!G66","v":120.56},0,2]
["13.3.3",null,{"$f":"'Sobressalentes '!C67","v":"placa universal de 30.000 BTUs"},{"$f":"'Sobressalentes '!D67","v":"un."},{"$f":"'Sobressalentes '!E67","v":5},{"$f":"'Sobressalentes '!F67","v":280.38},{"$f":"'Sobressalentes '!G67","v":1401.9},1E-4,5]
["13.3.4",null,{"$f":"'Sobressalentes '!C68","v":"placa universal de 18.000 BTUs"},{"$f":"'Sobressalentes '!D68","v":"un."},{"$f":"'Sobressalentes '!E68","v":5},{"$f":"'Sobressalentes '!F68","v":95.66},{"$f":"'Sobressalentes '!G68","v":478.3},0,5]
["13.3.5",null,{"$f":"'Sobressalentes '!C69","v":"placa universal de 12.000 BTUs"},{"$f":"'Sobressalentes '!D69","v":"un."},{"$f":"'Sobressalentes '!E69","v":5},{"$f":"'Sobressalentes '!F69","v":95.66},{"$f":"'Sobressalentes '!G69","v":478.3},0,5]
["13.3.6",null,{"$f":"'Sobressalentes '!C70","v":"Capacitor duplo de 30 HF 440 Vac"},{"$f":"'Sobressalentes '!D70","v":"un."},{"$f":"'Sobressalentes '!E70","v":10},{"$f":"'Sobressalentes '!F70","v":14.07},{"$f":"'Sobressalentes '!G70","v":140.69999999999999},0,10]
["13.3.7",null,{"$f":"'Sobressalentes '!C71","v":"Capacitor duplo de 35 HF 440 Vac"},{"$f":"'Sobressalentes '!D71","v":"un."},{"$f":"'Sobressalentes '!E71","v":24},{"$f":"'Sobressalentes '!F71","v":17.61},{"$f":"'Sobressalentes '!G71","v":422.64},0,24]
["13.3.8",null,{"$f":"'Sobressalentes '!C72","v":"Capacitor  duplo de 40 HF 440 Vac"},{"$f":"'Sobressalentes '!D72","v":"un."},{"$f":"'Sobressalentes '!E72","v":46},{"$f":"'Sobressalentes '!F72","v":19.87},{"$f":"'Sobressalentes '!G72","v":914.02},0,46]
["13.3.9",null,{"$f":"'Sobressalentes '!C73","v":"Capacitor duplo de 50 HF"},{"$f":"'Sobressalentes '!D73","v":"un."},{"$f":"'Sobressalentes '!E73","v":40},{"$f":"'Sobressalentes '!F73","v":22.85},{"$f":"'Sobressalentes '!G73","v":914},0,40]
["13.3.10",{"$f":"'Sobressalentes '!B74","v":"12440/ORSE"},{"$f":"'Sobressalentes '!C74","v":"Gás refrigerante R-22a"},{"$f":"'Sobressalentes '!D74","v":"kg"},{"$f":"'Sobressalentes '!E74","v":27.2},{"$f":"'Sobressalentes '!F74","v":36.700000000000003},{"$f":"'Sobressalentes '!G74","v":998.24},0,27.2]
["13.3.11",null,{"$f":"'Sobressalentes '!C75","v":"Gás refrigerante R-410a"},{"$f":"'Sobressalentes '!D75","v":"kg"},{"$f":"'Sobressalentes '!E75","v":22.6},{"$f":"'Sobressalentes '!F75","v":123.57},{"$f":"'Sobressalentes '!G75","v":2792.68},1E-4,22.6]
["13.3.12",null,{"$f":"'Sobressalentes '!C76","v":"Motor de ventilador de condensadora redonda (Midea) de 30.000 BTUs"},{"$f":"'Sobressalentes '!D76","v":"un."},{"$f":"'Sobressalentes '!E76","v":10},{"$f":"'Sobressalentes '!F76","v":604.59},{"$f":"'Sobressalentes '!G76","v":6045.9},2.0000000000000001E-4,10]
["13.3.13",null,{"$f":"'Sobressalentes '!C77","v":"Motor de ventilador de condensadora redonda (Midea) de 18.000 BTUs"},{"$f":"'Sobressalentes '!D77","v":"un."},{"$f":"'Sobressalentes '!E77","v":10},{"$f":"'Sobressalentes '!F77","v":517.09},{"$f":"'Sobressalentes '!G77","v":5170.8999999999996},2.0000000000000001E-4,10]
["13.3.14",null,{"$f":"'Sobressalentes '!C78","v":"Motor de ventilador de condensadora redonda (Midea) de 12.000 BTUs"},{"$f":"'Sobressalentes '!D78","v":"un."},{"$f":"'Sobressalentes '!E78","v":10},{"$f":"'Sobressalentes '!F78","v":576.66999999999996},{"$f":"'Sobressalentes '!G78","v":5766.7},2.0000000000000001E-4,10]
[]
["13.4.",null,{"$f":"'Sobressalentes '!C81","v":"PEÇAS PARA MANUTENÇÃO GERADOR - MECÂNICA"},null,null,null,{"$f":"SUBTOTAL(9,G772:G782)","v":27358.510000000002}]
["13.4.1",null,{"$f":"'Sobressalentes '!C82","v":"FILTRO ÓLEO COMB PERKINS/MWM D3152/T4236/P4001/410/410T/D6 - PN 423651E / RC-253-A"},{"$f":"'Sobressalentes '!D82","v":"pç"},{"$f":"'Sobressalentes '!E82","v":6},{"$f":"'Sobressalentes '!F82","v":39.58},{"$f":"'Sobressalentes '!G82","v":237.48},{"$f":"ROUND(G772/G$7,4)","v":0},6]
["13.4.2",null,{"$f":"'Sobressalentes '!C83","v":"Filtro de óleo lub perkins 404D-22G - pn 140517050\nMarca: PERKINS"},{"$f":"'Sobressalentes '!D83","v":"pç"},{"$f":"'Sobressalentes '!E83","v":6},{"$f":"'Sobressalentes '!F83","v":44.04},{"$f":"'Sobressalentes '!G83","v":264.24},0,6]
["13.4.3",null,{"$f":"'Sobressalentes '!C84","v":"Arruela do bujão do carter perkins 1104 - pn 2415715eMarca: PERKIN"},{"$f":"'Sobressalentes '!D84","v":"pç"},{"$f":"'Sobressalentes '!E84","v":6},{"$f":"'Sobressalentes '!F84","v":7.46},{"$f":"'Sobressalentes '!G84","v":44.76},0,6]
["13.4.4",null,{"$f":"'Sobressalentes '!C85","v":"Filtro de óleo comb perkins 1104a/1104c - pn 4816636Marca: PERKINS"},{"$f":"'Sobressalentes '!D85","v":"pç"},{"$f":"'Sobressalentes '!E85","v":5},{"$f":"'Sobressalentes '!F85","v":117.68},{"$f":"'Sobressalentes '!G85","v":588.4},0,5]
["13.4.5",null,{"$f":"'Sobressalentes '!C86","v":"Solenoide de parada bomba perkins 404D-22G - pn U85206452Marca: PERKINS"},{"$f":"'Sobressalentes '!D86","v":"pç"},{"$f":"'Sobressalentes '!E86","v":3},{"$f":"'Sobressalentes '!F86","v":402.05},{"$f":"'Sobressalentes '!G86","v":1206.1500000000001},0,3]
["13.4.6",null,{"$f":"'Sobressalentes '!C87","v":"Correia alter/vent perkins 1104C-44TAG2 - pn 2614B653Marca: PERKINS"},{"$f":"'Sobressalentes '!D87","v":"pç"},{"$f":"'Sobressalentes '!E87","v":1},{"$f":"'Sobressalentes '!F87","v":78.98},{"$f":"'Sobressalentes '!G87","v":78.98},0,1]
["13.4.7",null,{"$f":"'Sobressalentes '!C88","v":"BOMBA D'ÁGUA"},{"$f":"'Sobressalentes '!D88","v":"pç"},{"$f":"'Sobressalentes '!E88","v":2},{"$f":"'Sobressalentes '!F88","v":1371.83},{"$f":"'Sobressalentes '!G88","v":2743.66},1E-4,2]
["13.4.8",null,{"$f":"'Sobressalentes '!C89","v":"VALVULA TERMOSTÁTICA"},{"$f":"'Sobressalentes '!D89","v":"pç"},{"$f":"'Sobressalentes '!E89","v":2},{"$f":"'Sobressalentes '!F89","v":256.68},{"$f":"'Sobressalentes '!G89","v":513.36},0,2]
["13.4.9",null,{"$f":"'Sobressalentes '!C90","v":"BOMBA ELÉTRICA+FILTRO"},{"$f":"'Sobressalentes '!D90","v":"pç"},{"$f":"'Sobressalentes '!E90","v":2},{"$f":"'Sobressalentes '!F90","v":1093.98},{"$f":"'Sobressalentes '!G90","v":2187.96},1E-4,2]
["13.4.10",null,{"$f":"'Sobressalentes '!C91","v":"BICOS INJETORES"},{"$f":"'Sobressalentes '!D91","v":"pç"},{"$f":"'Sobressalentes '!E91","v":2},{"$f":"'Sobressalentes '!F91","v":5581.58},{"$f":"'Sobressalentes '!G91","v":11163.16},4.0000000000000002E-4,2]
["13.4.11",null,{"$f":"'Sobressalentes '!C92","v":"CABEÇOTE E RECUPERAÇÃO"},{"$f":"'Sobressalentes '!D92","v":"pç"},{"$f":"'Sobressalentes '!E92","v":2},{"$f":"'Sobressalentes '!F92","v":4165.18},{"$f":"'Sobressalentes '!G92","v":8330.36},2.9999999999999997E-4,2]
[]
["14.",null,{"$f":"'Serviços Especializados'!C13","v":"SERVIÇOS ESPECIALIZADOS (EIXO LESTE)"},null,null,null,{"$f":"SUBTOTAL(9,G785:G794)","v":21421.5},{"$f":"ROUND(G784/G$7,4)","v":8.9999999999999998E-4}]
[]
["14.1.",null,{"$f":"'Serviços Especializados'!C15","v":"Serviços de recarga de extintores de incêndio (EB / SE / Canteiros)"},null,null,null,{"$f":"SUBTOTAL(9,G787:G793)","v":21421.5},{"$f":"ROUND(G786/G$7,4)","v":8.9999999999999998E-4}]
["14.1.1",{"$f":"'Serviços Especializados'!B16","v":"2.04.39/FDE"},{"$f":"'Serviços Especializados'!C16","v":"Recarga Extintor AP 10 L BC"},{"$f":"'Serviços Especializados'!D16","v":"Unid."},{"$f":"'Serviços Especializados'!E16","v":8},{"$f":"'Serviços Especializados'!F16","v":45},{"$f":"'Serviços Especializados'!G16","v":360},0,8]
["14.1.2",{"$f":"'Serviços Especializados'!B17","v":"05554/EMOP"},{"$f":"'Serviços Especializados'!C17","v":"Recarga Extintor CO2 06 Kg BC"},{"$f":"'Serviços Especializados'!D17","v":"Unid."},{"$f":"'Serviços Especializados'!E17","v":47},{"$f":"'Serviços Especializados'!F17","v":68},{"$f":"'Serviços Especializados'!G17","v":3196},1E-4,47]
["14.1.3",{"$f":"'Serviços Especializados'!B18","v":"07066/EMOP"},{"$f":"'Serviços Especializados'!C18","v":"Recarga Extintor PQS 04 Kg BC"},{"$f":"'Serviços Especializados'!D18","v":"Unid."},{"$f":"'Serviços Especializados'!E18","v":13},{"$f":"'Serviços Especializados'!F18","v":35},{"$f":"'Serviços Especializados'!G18","v":455},0,13]
["14.1.4",{"$f":"'Serviços Especializados'!B19","v":"05563/EMOP"},{"$f":"'Serviços Especializados'!C19","v":"Recarga Extintor PQS 06 Kg BC"},{"$f":"'Serviços Especializados'!D19","v":"Unid."},{"$f":"'Serviços Especializados'!E19","v":28},{"$f":"'Serviços Especializados'!F19","v":40},{"$f":"'Serviços Especializados'!G19","v":1120},0,28]
["14.1.5",{"$f":"'Serviços Especializados'!B20","v":"Banco de preços -  MINISTÉRIO DA DEFESA\nCOMANDO DA MARINHA\nCentro de Intendencia da Marinha em Salvador (NºPregão:132022 / UASG:782802 - 07/2022)"},{"$f":"'Serviços Especializados'!C20","v":"Recarga Extintor PQS 08 Kg BC"},{"$f":"'Serviços Especializados'!D20","v":"Unid."},{"$f":"'Serviços Especializados'!E20","v":2},{"$f":"'Serviços Especializados'!F20","v":59.25},{"$f":"'Serviços Especializados'!G20","v":118.5},0,2]
["14.1.6",{"$f":"'Serviços Especializados'!B21","v":"Banco de preços -  MINISTÉRIO DA DEFESA\nCOMANDO DA MARINHA\nCentro de Intendencia da Marinha em Salvador (NºPregão:132022 / UASG:782802 - 07/2022)"},{"$f":"'Serviços Especializados'!C21","v":"Recarga Extintor PQS 12 Kg BC"},{"$f":"'Serviços Especializados'!D21","v":"Unid."},{"$f":"'Serviços Especializados'!E21","v":50},{"$f":"'Serviços Especializados'!F21","v":70},{"$f":"'Serviços Especializados'!G21","v":3500},1E-4,50]
["14.1.7",{"$f":"'Serviços Especializados'!B22","v":"Banco de preços - MINISTÉRIO DA DEFESA\nComando da Aeronáutica\nBASE AÉREA DE ANAPOLIS (NºPregão:672021 / UASG:120624 - 10/2021)"},{"$f":"'Serviços Especializados'!C22","v":"Recarga Extintor PQS 50 Kg BC"},{"$f":"'Serviços Especializados'!D22","v":"Unid."},{"$f":"'Serviços Especializados'!E22","v":36},{"$f":"'Serviços Especializados'!F22","v":352},{"$f":"'Serviços Especializados'!G22","v":12672},5.0000000000000001E-4,36]
[{"$nulls":9},{"$f":"(G7/(G7-G796))-1","v":0.22908036693062073}]
[]
["15.",null,"CUSTOS INDIRETOS",null,null,null,{"$f":"SUBTOTAL(109,G797:G799)","v":4676789.9800000004},{"$f":"ROUND(G796/G$7,4)","v":0.18640000000000001}]
["15.1",null,{"$f":"\"Custos Indiretos (Taxa de \"&TEXT(E797,\"#0,00%\")&\" de Adm Central, Seg e Garantias, Risco e Desp. Fin.)\"","v":"Custos Indiretos (Taxa de 5,93% de Adm Central, Seg e Garantias, Risco e Desp. Fin.)"},"%",{"$f":"ROUND('Custos Administração'!C25,4)","v":5.9299999999999999E-2},{"$f":"SUBTOTAL(9,G11:G795)","v":20415498.903999988},{"$f":"ROUND(E797*F797,2)","v":1210639.0900000001},{"$f":"ROUND(G797/G$7,4)","v":4.82E-2},9.0300000000000005E-2,6.1899999999999997E-2,null,4664078.0999999996,{"$f":"L797-G797","v":3453439.01},"ARRED(L799*M799;2)"]
["15.2",null,{"$f":"\"Lucro (Taxa de \"&TEXT(E798,\"#0,00%\")&\" para remuneração da contratada)\"","v":"Lucro (Taxa de 6,00% para remuneração da contratada)"},"%",0.06,{"$f":"SUBTOTAL(109,G11:G795,G797)","v":21626137.993999988},{"$f":"ROUND(E798*F798,2)","v":1297568.28},{"$f":"ROUND(G798/G$7,4)","v":5.1700000000000003E-2},7.8899999999999998E-2,7.8899999999999998E-2,null,4450406.32,{"$f":"L798-G798","v":3152838.04},"ARRED(L798*M798;2)"]
["15.3",null,{"$f":"\"Despesas Fiscais (\"&TEXT(E799,\"#0,00%\")&\" dos Custos Diretos + Custos Indiretos + Lucro)\"","v":"Despesas Fiscais (9,46% dos Custos Diretos + Custos Indiretos + Lucro)"},"%",{"$f":"'Despesas Fiscais'!C22","v":9.4600000000000004E-2},{"$f":"SUBTOTAL(109,G10:G798)","v":22923706.273999989},{"$f":"TRUNC(E799*F799,2)","v":2168582.61},{"$f":"ROUND(G799/G$7,4)","v":8.6400000000000005E-2},7.1199999999999986E-2,null,null,5598017.7599999998,3429435.15,"TRUNCAR(L799*M799;2)"]
[{"$nulls":9},5930919.8799999999]
[]
["NOME DO INFORMANTE:",{"$nulls":5},"QUALIFICAÇÃO:"]
[{"$nulls":8},"SUBTOTAL(109;G872:G874)"]
["ASSINATURA:",{"$nulls":5},"DATA:"]
[]
["OBSERVAÇÃO:"]

{"sheet":"Manutenção de canteiro","index":2,"n_rows":41,"n_cols":7,"rows_kept":41,"cut":false,"hidden":false,"merged":[[10,5,10,6],[0,2,0,6],[1,2,1,6],[2,2,2,6],[4,0,5,6],[7,0,7,6],[10,0,11,0],[10,1,11,1],[10,2,11,2],[10,3,11,3],[10,4,11,4],[32,0,32,4],[32,5,32,6],[33,0,33,6],[34,0,34,6],[29,0,29,4],[29,5,29,6],[30,0,30,4],[30,5,30,6],[31,0,31,4],[31,5,31,6],[24,0,24,6],[16,0,16,2],[15,0,15,2],[17,0,17,2],[18,0,18,2],[19,0,19,2],[21,0,23,6]]}
[null,null,"Ministério do Desenvolvimento Regional  - MDR"]
[null,null,"Companhia de Desenvolvimento dos Vales do São Francisco e do Parnaíba"]
[null,null,"Gerência de Operação do PISF - Centro de Controle e Operação (AD / GOI / CCO)"]
[]
[{"$f":"Equipamentos!A5","v":"TERMO DE REFERÊNCIA PARA CONTRATAÇÃO DOS RECURSOS NECESSÁRIOS À OPERAÇÃO E MANUTENÇÃO DAS INFRAESTRUTURAS DO EIXO LESTE DO PISF - PROJETO DE INTEGRAÇÃO DO SÃO FRANCISCO COM AS BACIAS HIDROGRÁFICAS DO NORDESTE SETENTRIONAL"}]
[]
[]
[{"$f":"'ORCAMENTO_CONSOLIDADO (2)'!C322","v":"MANUTENÇÃO DE CANTEIRO - ESCRITÓRIO"}]
[]
[]
["ITEM","CÓDIGO","DESCRIÇÃO","UNIDADE","QUANTIDADE","VALOR (R$)"]
[{"$nulls":5},"UNITARIO","TOTAL"]
[{"$f":"'ORCAMENTO_CONSOLIDADO (2)'!A159","v":"7."},null,{"$f":"'ORCAMENTO_CONSOLIDADO (2)'!C159","v":"MATERIAL DE CONSUMO - ALMOXARIFADOS"}]
[{"$f":"'ORCAMENTO_CONSOLIDADO (2)'!A322","v":"7.4."},null,{"$f":"'ORCAMENTO_CONSOLIDADO (2)'!C322","v":"MANUTENÇÃO DE CANTEIRO - ESCRITÓRIO"}]
[]
["VALOR ATUAL DO BOLETIM DE MEDIÇÃO",null,null,"VBM"]
["VALOR TOTAL DO SERVIÇO DE MANUTENÇÃO DE CANTEIRO",null,null,"VSMC"]
["VALOR TOTAL DO SERVIÇO DE MANUTENÇÃO DE CANTEIRO - ANTERIOR",null,null,"VSMC.ANT"]
["VALOR TOTAL DA PLANILHA",null,null,"VTP"]
["VALOR DO BOLETIM DE MEDIÇÃO - ANTERIOR",null,null,"VBM.ANT"]
[]
["VALOR MANT. CANTEIRO = VBM*((VSMC - VSMC.ANT) / (VTP - VBM.ANT))"]
[]
[]
[]
[{"$f":"\"TOTAL - \"&C14&\" - (R$):\"","v":"TOTAL - MANUTENÇÃO DE CANTEIRO - ESCRITÓRIO - (R$):"},{"$nulls":5},{"$f":"SUBTOTAL(9,G16:G25)","v":0}]
[]
[]
[]
["NOME DO INFORMANTE:",{"$nulls":4},"QUALIFICAÇÃO:"]
[]
["ASSINATURA:",{"$nulls":4},"DATA:"]
[]
["OBSERVAÇÃO:"]
["TABELAS DE REFERÊNCIA"]
["SINAPI 04/2022"]
["ORSE 03/2022"]
["SBC 07/2022"]
["EMBASA 01/2022"]
["SETOP 03/2022"]
["COMPESA 01/2022"]

{"sheet":"Mao_de_Obra_VALORES_ADICIONAIS","index":3,"n_rows":51,"n_cols":21,"rows_kept":51,"cut":false,"hidden":false,"merged":[[9,1,12,1],[9,2,12,2],[9,4,12,4],[11,16,12,16],[0,2,0,18],[1,2,1,18],[2,2,2,18],[4,0,5,18],[7,0,7,18],[52,0,52,18],[42,0,42,18],[43,0,43,18],[44,0,44,18],[45,0,45,18],[46,0,46,18],[47,0,47,18],[48,0,48,18],[49,0,49,18],[50,0,50,18],[51,0,51,18],[41,0,41,18],[11,17,12,17],[11,18,12,18],[11,9,11,10],[11,13,12,13],[9,5,11,6],[9,3,12,3],[10,8,10,13],[10,7,12,7],[10,15,10,18],[10,14,12,14],[9,7,9,13],[9,14,9,18],[38,0,38,16],[39,0,40,17],[9,0,12,0]]}
[null,null,"Ministério do Desenvolvimento Regional  - MDR"]
[null,null,"Companhia de Desenvolvimento dos Vales do São Francisco e do Parnaíba"]
[null,null,"Gerência de Operação do PISF - Centro de Controle e Operação (AD / GOI / CCO)"]
[]
[{"$f":"Mao_de_Obra!A5","v":"TERMO DE REFERÊNCIA PARA CONTRATAÇÃO DOS RECURSOS NECESSÁRIOS À OPERAÇÃO E MANUTENÇÃO DAS INFRAESTRUTURAS DO EIXO LESTE DO PISF - PROJETO DE INTEGRAÇÃO DO SÃO FRANCISCO COM AS BACIAS HIDROGRÁFICAS DO NORDESTE SETENTRIONAL"}]
[]
[]
["MÃO DE OBRA - VALORES ADICIONAIS"]
[]
["ITEM","DESCRIÇÃO","CLASSE","Und.","Prazo (Mês)","Quantidade (undxmês)",null,"VALOR ADICIONAL - UNITÁRIO",{"$nulls":6},"VALOR ADICIONAL - TOTAL"]
[{"$nulls":7},"VALOR BASE (Com Encargo)","CÁLCULO DO VALOR ADICIONAL",{"$nulls":5},"VALOR BASE (Com Encargo)","CÁLCULO DO VALOR ADICIONAL - TOTAL (R$)"]
[{"$nulls":8},"Periculosidade ","Adicional Noturno",null,"Hora Extra 100%","Hora Extra 50%","VALOR DO ADICIONAL (Incluindo: encargos)",null,"Periculosidade","Adicional Noturno (c/ intrajornada)","Horas Extras","VALOR DO ADICIONAL - COMPLETO (Incluindo: encargos)"]
[{"$nulls":5},"Unitária","Total",null,0.3,"Valor da Hora Noturna","Valor do Adicional Noturno (c/ intrajornada)","Valor Unitário","Valor Unitário",null,null,{"$f":"I13","v":0.3}]
["1.","ADICIONAL DE PERICULOSIDADE PARA OS ENGENHEIROS E COORDENADORES",{"$nulls":18},{"$f":"SUM(#REF!)","v":{"$error":"#REF!"}}]
["1.1","Engenheiro Pleno","P1","homem x mês",{"$f":"'ORCAMENTO_CONSOLIDADO (2)'!$K$1","v":6},7,{"$f":"E15*F15","v":42},{"$f":"VLOOKUP(C15,CPU_SALARIOS!$D$14:$H$39,5,FALSE)","v":22362.89},{"$f":"H15*$I$13","v":6708.8669999999993},0,0,0,0,{"$f":"I15+K15+L15+M15","v":6708.8669999999993},{"$f":"ROUND(G15*H15,2)","v":939241.38},{"$f":"ROUND(G15*I15,2)","v":281772.40999999997},{"$f":"ROUND(G15*K15,2)","v":0},{"$f":"ROUND((G15*L15)+(G15*M15),2)","v":0},{"$f":"ROUND(G15*N15,2)","v":281772.40999999997}]
["1.2","Engenheiro Júnior","P2","homem x mês",{"$f":"E15","v":6},3,{"$f":"E16*F16","v":18},{"$f":"VLOOKUP(C16,CPU_SALARIOS!$D$14:$H$39,5,FALSE)","v":18890.87},5667.2609999999995,0,0,0,0,5667.2609999999995,340035.66,102010.7,0,0,102010.7]
["1.3","Técnico Sênior","T0","homem x mês",{"$f":"E16","v":6},2,12,{"$f":"VLOOKUP(C17,CPU_SALARIOS!$D$14:$H$39,5,FALSE)","v":10135.129999999999},3040.5389999999998,0,0,0,0,3040.5389999999998,121621.56,36486.47,0,0,36486.47]
["1.4","Técnico Pleno","T2","homem x mês",6,5,30,{"$f":"VLOOKUP(C18,CPU_SALARIOS!$D$14:$H$39,5,FALSE)","v":6585.33},1975.5989999999999,0,0,0,0,1975.5989999999999,197559.9,59267.97,0,0,59267.97]
["1.5","Técnico Auxiliar","T3","homem x mês",6,6,36,{"$f":"VLOOKUP(C19,CPU_SALARIOS!$D$14:$H$39,5,FALSE)","v":4673.62},1402.086,0,0,0,0,1402.086,168250.32,50475.1,0,0,50475.1]
["2.","MÃO DE OBRA - HORA EXTRA 50%"]
["2.1","Engenheiro Pleno - Hora Extra 50% - C/ Periculosidade","P1","Homem x Hora",{"$f":"E19","v":6},{"$f":"(8*4)","v":32},{"$f":"E21*F21","v":192},{"$f":"VLOOKUP(C21,CPU_SALARIOS!$D$14:$H$39,3,FALSE)","v":127.061875},{"$f":"M21*$I$13","v":19.059281249999998},0,0,0,{"$f":"H21/2","v":63.5309375},82.590218749999991,{"$f":"ROUND(G21*H21,2)","v":24395.88},{"$f":"ROUND(G21*I21,2)","v":3659.38},{"$f":"ROUND(G21*K21,2)","v":0},{"$f":"ROUND((G21*L21)+(G21*M21),2)","v":12197.94},{"$f":"ROUND(G21*N21,2)","v":15857.32},null,{"$f":"SUBTOTAL(9,S21:S27)","v":48356.77}]
["2.2","Técnico Pleno - Hora Extra 50% - C/ Periculosidade","T2","Homem x Hora",{"$f":"E21","v":6},{"$f":"(8*4)","v":32},192,{"$f":"VLOOKUP(C22,CPU_SALARIOS!$D$14:$H$39,3,FALSE)","v":37.416647727272725},{"$f":"M22*$I$13","v":5.6124971590909087},0,0,0,{"$f":"H22/2","v":18.708323863636362},24.320821022727273,7184,1077.5999999999999,0,3592,4669.6000000000004]
["2.3","Técnico Júnior- Hora Extra 50%","T2","Homem x Hora",{"$f":"E22","v":6},32,192,{"$f":"VLOOKUP(C23,CPU_SALARIOS!$D$14:$H$39,3,FALSE)","v":37.416647727272725},0,0,0,0,18.708323863636362,18.708323863636362,7184,0,0,3592,3592]
["2.4","Técnico Júnior- Hora Extra 50% - C/ Periculosidade","T2","Homem x Hora",6,32,192,{"$f":"VLOOKUP(C24,CPU_SALARIOS!$D$14:$H$39,3,FALSE)","v":37.416647727272725},5.6124971590909087,0,0,0,18.708323863636362,24.320821022727273,7184,1077.5999999999999,0,3592,4669.6000000000004]
["2.5","Técnico Auxiliar - Hora Extra 50% - C/ Periculosidade","T3","Homem x Hora",6,32,192,{"$f":"VLOOKUP(C25,CPU_SALARIOS!$D$14:$H$39,3,FALSE)","v":26.554659090909091},3.9831988636363636,0,0,0,13.277329545454545,17.260528409090909,5098.49,764.77,0,2549.25,3314.02]
["2.6","Auxiliar - Hora Extra 50% - C/ Periculosidade","T3","Homem x Hora",6,32,192,{"$f":"VLOOKUP(C26,CPU_SALARIOS!$D$14:$H$39,3,FALSE)","v":26.554659090909091},3.9831988636363636,0,0,0,13.277329545454545,17.260528409090909,5098.49,764.77,0,2549.25,3314.02]
["2.7","Servente - Hora Extra 50% - C/ Periculosidade","A11","Homem x Hora",6,{"$f":"'Mao_de_Obra (Total)'!E66*3","v":180},{"$f":"E27*F27","v":1080},{"$f":"VLOOKUP(C27,CPU_SALARIOS!$D$14:$H$39,3,FALSE)","v":18.433352272727273},2.7650028409090908,0,0,0,9.2166761363636365,11.981678977272727,19908.02,2986.2,0,9954.01,12940.21]
["3.","MÃO DE OBRA - HORA EXTRA 100%"]
["3.1","Engenheiro Pleno - Hora Extra 100% - C/ Periculosidade","P1","Homem x Hora",{"$f":"E27","v":6},{"$f":"F21/2","v":16},{"$f":"E29*F29","v":96},{"$f":"VLOOKUP(C29,CPU_SALARIOS!$D$14:$H$39,3,FALSE)","v":127.061875},{"$f":"L29*$I$13","v":38.118562499999996},0,0,{"$f":"H29","v":127.061875},0,165.18043749999998,{"$f":"ROUND(G29*H29,2)","v":12197.94},{"$f":"ROUND(G29*I29,2)","v":3659.38},{"$f":"ROUND(G29*K29,2)","v":0},{"$f":"ROUND((G29*L29)+(G29*M29),2)","v":12197.94},{"$f":"ROUND(G29*N29,2)","v":15857.32},null,{"$f":"SUBTOTAL(9,S29:S35)","v":52670.179999999993}]
["3.2","Técnico Pleno - Hora Extra 100% - C/ Periculosidade","T2","Homem x Hora",{"$f":"E29","v":6},{"$f":"F22/2","v":16},96,{"$f":"VLOOKUP(C30,CPU_SALARIOS!$D$14:$H$39,3,FALSE)","v":37.416647727272725},{"$f":"L30*$I$13","v":11.224994318181817},0,0,{"$f":"H30","v":37.416647727272725},0,48.641642045454546,3592,1077.5999999999999,0,3592,4669.6000000000004]
["3.3","Técnico Júnior- Hora Extra 100%","T2","Homem x Hora",{"$f":"E30","v":6},16,96,{"$f":"VLOOKUP(C31,CPU_SALARIOS!$D$14:$H$39,3,FALSE)","v":37.416647727272725},0,0,0,37.416647727272725,0,37.416647727272725,3592,0,0,3592,3592]
["3.4","Técnico Júnior- Hora Extra 100% - C/ Periculosidade","T2","Homem x Hora",6,16,96,{"$f":"VLOOKUP(C32,CPU_SALARIOS!$D$14:$H$39,3,FALSE)","v":37.416647727272725},11.224994318181817,0,0,37.416647727272725,0,48.641642045454546,3592,1077.5999999999999,0,3592,4669.6000000000004]
["3.5","Técnico Auxiliar - Hora Extra 100% - C/ Periculosidade","T3","Homem x Hora",6,16,96,{"$f":"VLOOKUP(C33,CPU_SALARIOS!$D$14:$H$39,3,FALSE)","v":26.554659090909091},7.9663977272727271,0,0,26.554659090909091,0,34.521056818181819,2549.25,764.77,0,2549.25,3314.02]
["3.6","Auxiliar - Hora Extra 100% - C/ Periculosidade","T3","Homem x Hora",6,16,96,{"$f":"VLOOKUP(C34,CPU_SALARIOS!$D$14:$H$39,3,FALSE)","v":26.554659090909091},7.9663977272727271,0,0,26.554659090909091,0,34.521056818181819,2549.25,764.77,0,2549.25,3314.02]
["3.7","Servente - Hora Extra 100% - C/ Periculosidade","A11","Homem x Hora",6,{"$f":"'Mao_de_Obra (Total)'!E66*2","v":120},720,{"$f":"VLOOKUP(C35,CPU_SALARIOS!$D$14:$H$39,3,FALSE)","v":18.433352272727273},5.5300056818181815,0,0,18.433352272727273,0,23.963357954545454,13272.01,3981.6,0,13272.01,17253.62]
["Total Geral - VALORES ADICIONAIS - MÃO DE OBRA (R$):",{"$nulls":13},{"$f":"SUM(O15:O35)","v":1884106.15},{"$f":"SUM(P15:P35)","v":551668.68999999983},{"$f":"SUM(Q15:Q35)","v":0},{"$f":"SUM(R15:R35)","v":79370.900000000009},{"$f":"SUM(S15:S35)","v":631039.59999999974}]
[]
["NOME DO INFORMANTE:"]
[]
["ASSINATURA:"]
[]
["OBSERVAÇÕES:"]
["1. Considerado a carga horária de 176 horas/mês"]
["2. Os cálculos de cada parcela que compõe o salário completo foram calculadas isoladamente. (Salário Base + Adicional de Periculosidade (quando houver) + Adicional Noturno (quando houver) + Adicional de Horas Extras (quando houver) +  Encargos Sociais)"]
["3. Adicional de Periculosidade 30%: foi previsto para todos os profissionais eletricitários (Operação e Manutenção) que trabalham em contato com rede elétrica (nas estações de bombeamento, sub-estações, etc.) "]
["4. Hora Noturna: Hora Diurna x 20%"]
["5. Adicional Noturno: *Considerado 120 horas/profissional/mês (Total de 8h noturnas: Período de 22h as 5h = 8h noturnas + 1h até as 6h => Súmula 60 do TST)    *(Incide sobre Salário Base + Periculosidade => Súmula 191 do TST)"]
["6. Período noturno – 22 às 5 horas, o valor da hora tem 52 minutos e 30 segundos; logo, nesse período, há 8 horas"]
["6. Foi considerado intervalo intrajornada para todos os profissionais que trabalham em escala 12h x 36h "]
["7. Foi considerado para o cálculo de horas extras os percentuais de: *5% para as horas remuneradas a 50%  sobre o valor da hora normal; e *2,5% para as horas trabalhadas remuneradas a 100% sobre o valor da hora normal"]
["8. Horas Extras: Foi estimado um percentual de 20% de horas extras no total de contrato para todos os profissionais da manutenção. Essas horas só serão pagas se houver demanda."]

{"sheet":"MC - VALORES ADICIONAIS","index":4,"n_rows":175,"n_cols":5,"rows_kept":175,"cut":false,"hidden":false,"merged":[[171,0,172,0],[173,0,174,0],[0,2,0,4],[1,2,1,4],[2,2,2,4],[4,0,5,4],[6,0,6,4],[8,0,9,0],[8,1,9,1],[8,2,9,2],[8,3,9,3],[8,4,9,4]]}
[null,null,"Ministério do Desenvolvimento Regional  - MDR"]
[null,null,"Companhia de Desenvolvimento dos Vales do São Francisco e do Parnaíba"]
[null,null,"Gerência de Operação do PISF - Centro de Controle e Operação (AD / GOI / CCO)"]
[]
[{"$f":"ORCAMENTO_RESUMO!A5","v":"TERMO DE REFERÊNCIA PARA CONTRATAÇÃO DOS RECURSOS NECESSÁRIOS À OPERAÇÃO E MANUTENÇÃO DAS INFRAESTRUTURAS DO EIXO LESTE DO PISF - PROJETO DE INTEGRAÇÃO DO SÃO FRANCISCO COM AS BACIAS HIDROGRÁFICAS DO NORDESTE SETENTRIONAL"}]
[]
["MEMÓRIA DE CÁLCULO - VALORES ADICIONAIS"]
[]
["ITEM","CÓDIGO","CATEGORIA / DESCRIÇÃO","UND.","QUANTID."]
[]
["1.",null,"ADICIONAL DE PERICULOSIDADE PARA OS ENGENHEIROS E COORDENADORES"]
["1.1","P1","Engenheiro Pleno","homem",7]
["1.2","P2","Engenheiro Júnior","homem",3]
["1.3","T0","Técnico Sênior","homem",2]
["1.4","T2","Técnico Pleno","homem",5]
["1.5","T3","Técnico Auxiliar","homem",6]
["2.",null,"MÃO DE OBRA - HORA EXTRA 50%"]
["2.1","P1","Engenheiro Sênior - Hora Extra 50% - C/ Periculosidade","Hora/mês",32]
["2.2","T2","Técnico Pleno - Hora Extra 50% - C/ Periculosidade","Hora/mês",32]
["2.3","T2","Técnico Júnior- Hora Extra 50%","Hora/mês",32]
["2.4","T2","Técnico Júnior- Hora Extra 50% - C/ Periculosidade","Hora/mês",32]
["2.5","T3","Técnico Auxiliar - Hora Extra 50% - C/ Periculosidade","Hora/mês",32]
["2.6","T3","Auxiliar - Hora Extra 50% - C/ Periculosidade","Hora/mês",32]
["2.7","A11","Servente - Hora Extra 50% - C/ Periculosidade","Hora/mês",180]
["3.",null,"MÃO DE OBRA - HORA EXTRA 100%"]
["3.1","P1","Engenheiro Sênior - Hora Extra 100% - C/ Periculosidade","Hora/mês",16]
["3.2","T2","Técnico Pleno - Hora Extra 100% - C/ Periculosidade","Hora/mês",16]
["3.3","T2","Técnico Júnior- Hora Extra 100%","Hora/mês",16]
["3.4","T2","Técnico Júnior- Hora Extra 100% - C/ Periculosidade","Hora/mês",16]
["3.5","T3","Técnico Auxiliar - Hora Extra 100% - C/ Periculosidade","Hora/mês",16]
["3.6","T3","Auxiliar - Hora Extra 100% - C/ Periculosidade","Hora/mês",16]
["3.7","A11","Servente - Hora Extra 100% - C/ Periculosidade","Hora/mês",120]
{"$rows_empty":133}
[null,"Quantidades"]
["EBV",6,"un"]
["SE",6,"un"]
["Canteiros",3,"un"]
["tempo",12,"meses"]
["Extensão total ",217,"km"]
["Nº DE VIAGENS","NACIONAIS",2]
[null,"REGIONAIS",6]
["Nº DE DIÁRIAS","NACIONAIS",2]
[null,"REGIONAIS",2]

{"sheet":"Moveis_Equipamentos","index":5,"n_rows":153,"n_cols":11,"rows_kept":153,"cut":false,"hidden":false,"merged":[[72,5,72,6],[72,0,72,4],[66,0,66,5],[69,0,69,6],[70,2,70,4],[70,5,70,6],[71,2,71,4],[71,5,71,6],[92,0,92,6],[93,0,93,6],[75,5,75,6],[76,5,76,6],[77,5,77,6],[78,5,78,6],[77,0,78,4],[79,0,79,6],[80,0,90,6],[76,0,76,4],[91,0,91,4],[91,5,91,6],[0,2,0,6],[1,2,1,6],[2,2,2,6],[4,0,5,6],[7,0,7,6],[10,0,11,0],[10,2,11,2],[10,3,11,3],[10,4,11,4],[10,5,10,6],[10,1,11,1]]}
[null,null,"Ministério do Desenvolvimento Regional -MDR"]
[null,null,"Companhia de Desenvolvimento dos Vales do São Francisco e do Parnaíba"]
[null,null,"Gerência de Operação do PISF-Centro de Controle e Operação (AD / GOI / CCO)"]
[]
[{"$f":"'MC - VALORES ADICIONAIS'!A5:E6","v":"TERMO DE REFERÊNCIA PARA CONTRATAÇÃO DOS RECURSOS NECESSÁRIOS À OPERAÇÃO E MANUTENÇÃO DAS INFRAESTRUTURAS DO EIXO LESTE DO PISF - PROJETO DE INTEGRAÇÃO DO SÃO FRANCISCO COM AS BACIAS HIDROGRÁFICAS DO NORDESTE SETENTRIONAL"}]
[]
[]
["MOBILIÁRIO E EQUIPAMENTOS DE ESCRITÓRIO"]
[]
[]
["ITEM","CÓDIGO","DESCRIÇÃO","UNIDADE","QUANTIDADE","VALOR (R$)"]
[{"$nulls":5},"UNITARIO","TOTAL"]
["1.",null,"MOBILIÁRIO E EQUIPAMENTOS DE ESCRITÓRIO",{"$nulls":6},12,{"$f":"'ORCAMENTO_CONSOLIDADO (2)'!$K$1","v":6}]
["1.1","E209300236-EMBASA/BA","Aluguel de impressora colorida-Laser com cartuchos-formatos A4 e A3 (inclusive suprimentos)","un x mês",{"$f":"K14","v":108},225.08,{"$f":"ROUND(E14*F14,2)","v":24308.639999999999},{"$f":"E14/6","v":18},216,{"$f":"I14/$J$13","v":18},{"$f":"J14*$K$13","v":108}]
["1.2","I8612-SEINFRA/CE","Aluguel de Plotter (inclusive suprimentos)","un x mês",{"$f":"K15","v":12},320,{"$f":"ROUND(E15*F15,2)","v":3840},{"$f":"E15/6","v":2},24,{"$f":"I15/$J$13","v":2},{"$f":"J15*$K$13","v":12}]
["1.3"," I8610-SEINFRA/CE","Servidor para backup - EQUIPAMENTO SIMILAR","un x mês",12,{"$f":"'CPU_Móveis e Equipamentos'!H17","v":170},2040,2,24,2,12]
["1.4"," I8610-SEINFRA/CE","Desktop com software-tipo 1 (i7, 1T, 8GB, monitor 19\", S.O. Windows 10 e Office última versão) - EQUIPAMENTO SIMILAR","un x mês",210,{"$f":"'CPU_Móveis e Equipamentos'!H18","v":170},35700,35,420,35,210]
["1.5"," I8610-SEINFRA/CE","Notebook-tipo 1 (i7, 1T, 8GB, S.O. Windows 10 e Office última versão) - EQUIPAMENTO SIMILAR","un x mês",216,{"$f":"'CPU_Móveis e Equipamentos'!H19","v":170},36720,36,432,36,216]
["1.6","COT_ANTE","Kit Antena Digital 4K Externa Log 16 elementos Mastro 45cm e cabo coaxial 12m","un x mês",6,{"$f":"'CPU_Móveis e Equipamentos'!H20","v":1.6603333333333337},9.9600000000000009,1,12,1,6]
["1.7","I0123-SEINFRA/CE","Armário de escritório","un x mês",342,{"$f":"'CPU_Móveis e Equipamentos'!H21","v":7.1783333333333337},2454.9899999999998,57,684,57,342]
["1.8","73.72.07-SUDECAP/MG","Bebedouro industrial (canteiro)","un x mês",12,{"$f":"'CPU_Móveis e Equipamentos'!H22","v":54.484333333333332},653.80999999999995,2,24,2,12]
["1.9","11534-ORSE/SE","Cadeira giratória, com braço, tipo executiva","un x mês",702,{"$f":"'CPU_Móveis e Equipamentos'!H23","v":9.3333333333333339},6552,117,1404,117,702]
["1.10","11543-ORSE","Cadeira de plástico sem braço, cor branca","un x mês",138,{"$f":"'CPU_Móveis e Equipamentos'!H24","v":0.70000000000000007},96.6,23,276,23,138]
["1.11","COT_CAM_FOTO","Câmera fotográfica digital 20 mp 5x HD","un x mês",12,{"$f":"'CPU_Móveis e Equipamentos'!H25","v":26.577333333333339},318.93,2,24,2,12]
["1.12","COT - CAR - LIX","Lixeira Carro Coletor 120L","un x mês",24,{"$f":"'CPU_Móveis e Equipamentos'!H26","v":11.799999999999999},283.2,4,48,4,24]
["1.13","COT_CESTO","Cestos Telado de lixo 9,6L","un x mês",48,{"$f":"'CPU_Móveis e Equipamentos'!H27","v":0.44966666666666671},21.58,8,96,8,48]
["1.14","39555-SINAPI/PE","Condicionador de ar 12.000 BTU","un x mês",246,{"$f":"'CPU_Móveis e Equipamentos'!H28","v":67.233666666666679},16539.48,41,492,41,246]
["1.15","COT_GPS","GPS com cabo e software (conforme especificação)","un x mês",12,{"$f":"'CPU_Móveis e Equipamentos'!H29","v":142.06666666666669},1704.8,2,24,2,12]
["1.16","COT_MESA_REUN","Mesa de reunião 10 lugares com 10 cadeiras","un x mês",42,{"$f":"'CPU_Móveis e Equipamentos'!H30","v":138.035},5797.47,7,84,7,42]
["1.17","COT_MESA_PVC","Mesa retangular em Polipropileno 119x75cm","un x mês",36,{"$f":"'CPU_Móveis e Equipamentos'!H31","v":7.2663333333333346},261.58999999999997,6,72,6,36]
["1.18","COT_MESA_ESCR","Mesas de escritório com gavetas (conforme especificação)","un x mês",702,{"$f":"'CPU_Móveis e Equipamentos'!H32","v":14.059333333333333},9869.65,117,1404,117,702]
["1.19","F030000293-EMBASA/BA","Projetor multimídia (Datashow)","un x mês",12,{"$f":"'CPU_Móveis e Equipamentos'!H33","v":52.927},635.12,2,24,2,12]
["1.20","COT_RACK","Rack para TV até 60 Polegadas 1 Porta","un x mês",12,{"$f":"'CPU_Móveis e Equipamentos'!H34","v":8.9629999999999992},107.56,2,24,2,12]
["1.21","I0122-SEINFRA/CE","Armário de cozinha completo","un x mês",12,{"$f":"'CPU_Móveis e Equipamentos'!H35","v":18.338333333333335},{"$f":"ROUND(E34*F34,2)","v":220.06},2,24,2,12]
["1.22","COT_MES_06","Conjunto de Mesa 1,40 com Tampo MDP com 6 cadeiras","un x mês",12,{"$f":"'CPU_Móveis e Equipamentos'!H36","v":30.193666666666669},362.32,2,24,2,12]
["1.23","10231-ORSE/SE","Fogão ","un x mês",12,{"$f":"'CPU_Móveis e Equipamentos'!H37","v":20.493666666666666},245.92,2,24,2,12]
["1.24","029028-IOPES","Cilindro de Gás de Cozinha 45 kg","un x mês",30,{"$f":"'CPU_Móveis e Equipamentos'!H38","v":19.111000000000001},573.33000000000004,5,60,5,30]
["1.25","4226-SINAPI/PE","Gás de cozinha-GLP (kg)","un x mês",1350,{"$f":"'CPU_Móveis e Equipamentos'!F39","v":7.97},{"$f":"ROUND(E38*F38,2)","v":10759.5},225,2700,225,1350]
["1.26","F020000716-EMBASA/BA","Geladeira 280 litros","un x mês",12,{"$f":"'CPU_Móveis e Equipamentos'!H40","v":26.311000000000003},315.73,2,24,2,12]
["1.27","COT_MICROOND","Forno Microondas 20L","un x mês",12,{"$f":"'CPU_Móveis e Equipamentos'!H41","v":15.199000000000003},{"$f":"ROUND(E40*F40,2)","v":182.39},2,24,2,12]
["1.28","COT_FAQUEI","Faqueiro com 24 peças","un x mês",204,{"$f":"'CPU_Móveis e Equipamentos'!H42","v":1.43},291.72000000000003,34,408,34,204]
["1.29","COT_PRATO","Pratos rasos redondo em cerâmica","un x mês",468,{"$f":"'CPU_Móveis e Equipamentos'!H43","v":0.38666666666666666},180.96,78,936,78,468]
["1.30","COT_COPO","Conjunto  copos em vidro 350ml com 8 unidades","un x mês",24,{"$f":"'CPU_Móveis e Equipamentos'!H44","v":0.94300000000000006},{"$f":"ROUND(E43*F43,2)","v":22.63},4,48,4,24]
["1.31","COT_TELEVISOR","Smart Tv LED 32\"","un x mês",42,{"$f":"'CPU_Móveis e Equipamentos'!H45","v":42.557333333333339},1787.41,7,84,7,42]
["1.32","AP_JANTAR","Aparelho de jantar para 06 pessoas","un x mês",78,{"$f":"'CPU_Móveis e Equipamentos'!H46","v":10.269666666666666},801.03,13,156,13,78]
["1.33","11645-ORSE/SE","Armário para vestiário, em aço, com 12 portas, com cadeado","un x mês",12,{"$f":"'CPU_Móveis e Equipamentos'!H47","v":66.981333333333339},803.78,2,24,2,12]
["1.34","COT_CHAP","Chapa gás 65 cm para grelhar","un x mês",12,{"$f":"'CPU_Móveis e Equipamentos'!H48","v":28.334666666666667},340.02,2,24,2,12]
["1.35","08600-ORSE/SE","Coifa","un x mês",12,{"$f":"'CPU_Móveis e Equipamentos'!H49","v":63.272333333333336},759.27,2,24,2,12]
["1.36","COT_UTENS","Conjunto de utensílios gadgets inox para cozinha","un x mês",12,{"$f":"'CPU_Móveis e Equipamentos'!H50","v":1.8906666666666669},22.69,2,24,2,12]
["1.37","COT_FOGAO","Fogão industrial 6 bocas 30x30 baixa pressão perfil 5","un x mês",12,{"$f":"'CPU_Móveis e Equipamentos'!H51","v":40.115333333333332},481.38,2,24,2,12]
["1.38","COT_FORNO","Forno elétrico 46L 1500W","un x mês",12,{"$f":"'CPU_Móveis e Equipamentos'!H52","v":17.974666666666668},215.7,2,24,2,12]
["1.39","F020000719-EMBASA/BA","Freezer 246 l","un x mês",12,{"$f":"'CPU_Móveis e Equipamentos'!H53","v":39.466333333333331},473.6,2,24,2,12]
["1.40","\t10232-ORSE/SE","Geladeira industrial 300 litros","un x mês",12,{"$f":"'CPU_Móveis e Equipamentos'!H54","v":55.957666666666675},671.49,2,24,2,12]
["1.41","COT_PANEL","Conjunto de panelas antiaderente com 7 peças","un x mês",12,{"$f":"'CPU_Móveis e Equipamentos'!H55","v":9.6663333333333341},116,2,24,2,12]
["1.42","COT_LIQUID","Liquidificadores industriais alta rotação 2L","un x mês",12,{"$f":"'CPU_Móveis e Equipamentos'!H56","v":14.060666666666668},168.73,2,24,2,12]
["1.43","COT_MAQ_LAVA_LOUCA","Máquina de lavar louças industrial B.30 ","un x mês",12,{"$f":"'CPU_Móveis e Equipamentos'!H57","v":485.45100000000002},5825.41,2,24,2,12]
["1.44","COT_MAQ_LAVA_ROUPA","Máquina de Lavar roupa 11kg ","un x mês",12,{"$f":"'CPU_Móveis e Equipamentos'!H58","v":54.866666666666674},658.4,2,24,2,12]
["1.45","COT_MESA_BUF","Carrinho Buffet Térmico Self Service Inox 8 cubas","un x mês",12,{"$f":"'CPU_Móveis e Equipamentos'!H59","v":69.38133333333333},832.58,2,24,2,12]
["1.46","COT_MESA_REFEIT","Mesa de refeitório 10 lugares com cadeiras MDF branco de 25mm","un x mês",30,{"$f":"'CPU_Móveis e Equipamentos'!H60","v":118.81099999999999},3564.33,5,60,5,30]
["1.47","COT_REFRESQUEIRA","Refresqueira BBS2 Inox","un x mês",12,{"$f":"'CPU_Móveis e Equipamentos'!H61","v":82.656999999999996},991.88,2,24,2,12]
["1.48","COT_TABUA","Tábuas para carnes 19x35x1,6cm","un x mês",12,{"$f":"'CPU_Móveis e Equipamentos'!H62","v":0.73},8.76,2,24,2,12]
["1.49","COT_CAMA_BOX","Cama box conjugada solteiro","un x mês",168,{"$f":"'CPU_Móveis e Equipamentos'!H63","v":9.5453333333333337},1603.62,28,336,28,168]
["1.50","COT_GUARDA_ROUPA","Guarda-Roupa solteiro 4 Portas","un x mês",12,{"$f":"'CPU_Móveis e Equipamentos'!H64","v":9.9636666666666684},119.56,2,24,2,12]
["1.51","COT_ROUPA_CAMA","Jogo de roupa de cama solteiro 100% Algodão","un x mês",336,{"$f":"'CPU_Móveis e Equipamentos'!H65","v":4.746666666666667},1594.88,56,672,56,336]
["1.52","COT_ROUPA_BANHO","Jogo de Roupa de banho 5 Peças","un x mês",168,{"$f":"'CPU_Móveis e Equipamentos'!H66","v":7.2530000000000001},1218.5,28,336,28,168]
["1.53","COT_SOFA","Conjunto de sofá 2 e 3 lugares","un x mês",12,{"$f":"'CPU_Móveis e Equipamentos'!H67","v":30.961333333333339},371.54,2,24,2,12]
[{"$f":"\"TOTAL-\"&C13&\"-(R$):\"","v":"TOTAL-MOBILIÁRIO E EQUIPAMENTOS DE ESCRITÓRIO-(R$):"},{"$nulls":5},{"$f":"SUBTOTAL(9,G13:G66)","v":184500.5}]
[]
[]
[{"$f":"\"RESUMO-\"&A$8","v":"RESUMO-MOBILIÁRIO E EQUIPAMENTOS DE ESCRITÓRIO"}]
["ITEM",null,"DESCRIÇÃO",null,null,"VALOR TOTAL (R$)"]
[1,null,{"$f":"C13","v":"MOBILIÁRIO E EQUIPAMENTOS DE ESCRITÓRIO"},null,null,{"$f":"G67","v":184500.5}]
[{"$f":"\"TOTAL GERAL-\"&A70&\"- (R$):\"","v":"TOTAL GERAL-RESUMO-MOBILIÁRIO E EQUIPAMENTOS DE ESCRITÓRIO- (R$):"},{"$nulls":4},{"$f":"SUM(F72:G72)","v":184500.5},null,null,{"$f":"(Mov_Equip/499177.96)-1","v":-0.63039133378404766}]
[]
[]
["NOME DO INFORMANTE:",{"$nulls":4},"QUALIFICAÇÃO:"]
[]
["ASSINATURA:",{"$nulls":4},"DATA:"]
[]
["OBSERVAÇÃO:"]
["1. Fonte de Preços:\n- Sistema Nacional de Pesquisa de Custos e Índices da Construção (Tabela SINAPI/PE). Data base: Abril/2022.\n- Empresa Baiana de Águas e Saneamento S.A. (Tabela de preços EMBASA). Data base: 10/2021.\n- Secretaria da Infraestrutura do Estado do Ceará (Tabela 027 SEINFRA/CE). Data base: 03/2021.\n- Sistema de Orçamento de Obras de Sergipe (ORSE). Data base: 03/2022.\n- Companhia Paulista de Obras e Serviços (Boletim Referencial de Custos CPOS). Data base: 07/2019\n- Superintendência de Desenvolvimento da Capital-Prefeitura de Belo Horizonte (Tabela de Preços SUDECAP/MG). Data base: 02/2022.\n- Companhia de Águas e Esgotos do Rio Grande do Norte (Tabela de Preços CAERN/RN). Data base: 05/2019.\n- Sistemas e Consultoria de Custos (Base de Dados SBC/PE). Data base: 11/2019.\n- Instituto de Obras Públicas do Estado do Espírito Santo (Tabela REferencial de Preços IOPES/ES). Data base: 03/2022."]
{"$rows_empty":16}
[null,"Código","Descrição","Unid.","R$/unit"]
[null,"E209300236-EMBASA/BA","Aluguel de impressora colorida-Laser com cartuchos-formatos A4 e A3","un x mês",225.08]
[null,"E209300236-EMBASA/BA","Aluguel de impressora colorida-Laser com cartuchos-formatos A4 e A3","un x mês",225.08]
[null,"I8612-SEINFRA/CE","Aluguel de Plotter","un x mês",320,"ok"]
[null," I2677-SEINFRA/CE","Servidor para backup","un",4685,"ok"]
[null,"3671-ORSE/SE","Desktop com software-tipo 1 (i7, 1T, 8GB, monitor 19\", S.O. Windows 10 e Office última versão)","un",2505.11,"ok"]
[null,"I6395-SEINFRA/CE","Notebook-tipo 1 (i7, 1T, 8GB, S.O. Windows 10 e Office última versão)","un",2583.64,"ok"]
[null,"P.17.000.042561-CPOS/SP","Antena externa","un",326.55]
[null,"AP_JANTAR","Aparelho de jantar para 06 pessoas","un",199.97]
[null,"I0122-SEINFRA/CE","Armário de cozinha completo","un",550.15,"ok"]
[null,"I0123-SEINFRA/CE","Armário de escritório","un",215.35,"ok"]
[null,"11645-ORSE/SE","Armário para vestiário, em aço, com 12 portas, com cadeado","un",1842.89,"ok"]
[null,"73.72.07-SUDECAP/MG","Bebedouro industrial (canteiro)","un",1488,"ok"]
[null,"11534-ORSE/SE","Cadeira giratória, com braço, tipo executiva","un",280,"ok"]
[null,"11543-ORSE","Cadeira de plástico sem braço, cor branca","un",21,"ok"]
[null,"COT_CAMA_BOX","Cama box solteiro","un",279.3]
[null,"COT_CAM_FOTO","Câmera fotográfica digital","un",1835.21,null,"Esclarescimento 05"]
[null,"DV_16-CAERN/RN","Carrinhos de lixo","un",429.02]
[null,"\t040117-SBC/PE","Cestos de lixo","un",96]
[null,"COT_CHAP","Chapa gás para grelhar","un",674.19]
[null,"08600-ORSE/SE","Coifa","un",1898.17,"ok","2020-06-01"]
[null,"39555-SINAPI/PE","Condicionador de ar 12.000 BTU","un",1719.34]
[null,"COT_COPO","Conjunto  copos em vidro com 8 unidades","un",31.32]
[null,"COT_MES_06","Conjunto de Mesa com 06 lugares (para cozinha)","un",550.63]
[null,"COT_PANEL","Conjunto de panelas com 7 peças","un",235.96]
[null,"COT_SOFA","Conjunto de sofá 2 e 3 lugares","un",495.67]
[null,"COT_UTENS","Conjunto de utensílios para cozinha","conj.",55.15]
[null,"COT_FAQUEI","Faqueiro com 24 peças","un",45.61]
[null,"10231-ORSE/SE","Fogão ","un",605.19000000000005]
[null,"78052-SIURB/SP","Fogão industrial 6 bocas ","un",1797.94]
[null,"COT_FORNO","Forno elétrico","un",1670.61]
[null,"COT_MICROOND","Forno Microondas","un",469]
[null,"F020000719-EMBASA/BA","Freezer 246 l","un",1183.99]
[null,"029028-IOPES","Cilindro de Gás de Cozinha 45 kg","un",566.66999999999996,"ok"]
[null,"4226-SINAPI/PE","Gás de cozinha-GLP","kg",5.9]
[null,"F020000716-EMBASA/BA","Geladeira 280 litros","un",789.33]
[null,"\t10232-ORSE/SE","Geladeira industrial 300 litros","un",1652.46,"ok","2020-06-01"]
[null,"COT_GPS","GPS com cabo e software (conforme especificação)","un",321.97000000000003]
[null,"COT_GUARDA_ROUPA","Guarda-Roupa 4 Portas","un",287.26]
[null,"COT_ROUPA_BANHO","Jogo de Roupa de banho 5 Peças","un",96.63]
[null,"COT_ROUPA_CAMA","Jogo de roupa de cama solteiro","un",147.63]
[null,"COT_LIQUID","Liquidificadores industriais","un",616.16999999999996]
[null,"COT_MAQ_LAVA_LOUCA","Máquina de lavar louças industrial","um",1050]
[null,"COT_MAQ_LAVA_ROUPA","Máquina de Lavar roupa 11kg","un",1450.07]
[null,"COT_MESA_BUF","Mesa buffets","un",1577.7]
[null,"COT_MESA_REFEIT","Mesa de refeitório 10 lugares com cadeiras","un",1280.48]
[null,"COT_MESA_REUN","Mesa de reunião 10 lugares com 10 cadeiras","un",3669.74]
[null,"COT_MESA_PVC","Mesa retangular em PVC","un",188]
[null,"COT_MESA_ESCR","Mesas de escritório com gavetas (conforme especificação)","un",390.96]
[null,"COT_PRATO","Pratos rasos","un",6.73]
[null,"F030000293-EMBASA/BA","Projetor multimídia (Datashow)","un",1587.81]
[null,"COT_RACK","Rack (sala)","un",210.3]
[null,"COT_REFRESQUEIRA","Refresqueira","un",1606.88]
[null,"COT_TABUA","Tábuas para carnes","un",91.6]
[null,"COT_TELEVISOR","Televisor LCD com 27,5\"","un",913.48]
[null,"01885-ORSE/SE","Prateleira de madeira revestida com fórmica","m",64.98]

{"sheet":"CPU_Móveis e Equipamentos","index":6,"n_rows":89,"n_cols":10,"rows_kept":89,"cut":false,"hidden":false,"merged":[[87,0,87,7],[0,2,0,7],[1,2,1,7],[2,2,2,7],[4,0,5,7],[7,0,7,7],[9,6,10,7],[75,2,78,5],[80,3,80,5],[69,0,72,5],[11,0,12,0],[11,2,12,2],[9,0,10,5],[11,3,12,3],[11,4,12,4],[11,1,12,1],[11,6,12,6],[80,0,80,2],[74,0,74,5],[81,3,82,5]]}
[null,null,"Ministério do Desenvolvimento Regional -MDR"]
[null,null,"Companhia de Desenvolvimento dos Vales do São Francisco e do Parnaíba"]
[null,null,"Gerência de Operação do PISF-Centro de Controle e Operação (AD / GOI / CCO)"]
[]
[{"$f":"Moveis_Equipamentos!A5","v":"TERMO DE REFERÊNCIA PARA CONTRATAÇÃO DOS RECURSOS NECESSÁRIOS À OPERAÇÃO E MANUTENÇÃO DAS INFRAESTRUTURAS DO EIXO LESTE DO PISF - PROJETO DE INTEGRAÇÃO DO SÃO FRANCISCO COM AS BACIAS HIDROGRÁFICAS DO NORDESTE SETENTRIONAL"}]
[]
[]
["COMPOSIÇÃO DE PREÇO - MÓVEIS E EQUIPAMENTOS"]
[]
["VALOR DE AQUISIÇÃO (*Exceto itens : 1.1, 1.2, 1.3, 1.4, 1.5 e 1.25)",{"$nulls":5},"VALOR DE LOCAÇÃO "]
[]
["ITEM","CÓDIGO","DESCRIÇÃO","UNIDADE","QUANTIDADE","VALOR (R$)","UNIDADE","VALOR (R$)"]
[{"$nulls":5},"UNITARIO",null,"UNITARIO"]
["1."]
["1.1","E209300236-EMBASA/BA","Aluguel de impressora colorida-Laser com cartuchos-formatos A4 e A3 (inclusive suprimentos)","un x mês",{"$f":"Moveis_Equipamentos!E14","v":108},225.08,"un x mês",{"$f":"F15","v":225.08}]
["1.2","I8612-SEINFRA/CE","Aluguel de Plotter (inclusive suprimentos)","un x mês",{"$f":"Moveis_Equipamentos!E15","v":12},320,"un x mês",{"$f":"F16","v":320}]
["1.3"," I8610-SEINFRA/CE","Servidor para backup","un x mês",{"$f":"Moveis_Equipamentos!E16","v":12},170,"un x mês",170]
["1.4"," I8610-SEINFRA/CE","Desktop com software-tipo 1 (i7, 1T, 8GB, monitor 19\", S.O. Windows 10 e Office última versão)","un x mês",{"$f":"Moveis_Equipamentos!E17","v":210},170,"un x mês",170]
["1.5"," I8610-SEINFRA/CE","Notebook-tipo 1 (i7, 1T, 8GB, S.O. Windows 10 e Office última versão)","un x mês",{"$f":"Moveis_Equipamentos!E18","v":216},170,"un x mês",170]
["1.6","COT_ANTE","Kit Antena Digital 4K Externa Log 16 elementos Mastro 45cm e cabo coaxial 12m","un",{"$f":"Moveis_Equipamentos!E19/12","v":0.5},49.81,"un x mês",{"$f":"((F20*$C$82))/'MC - VALORES ADICIONAIS'!$B$170","v":1.6603333333333337}]
["1.7","I0123-SEINFRA/CE","Armário de escritório","un",{"$f":"Moveis_Equipamentos!E20/12","v":28.5},215.35,"un x mês",{"$f":"((F21*$C$82))/'MC - VALORES ADICIONAIS'!$B$170","v":7.1783333333333337}]
["1.8","73.72.07-SUDECAP/MG","Bebedouro industrial (canteiro)","un",{"$f":"Moveis_Equipamentos!E21/12","v":1},1634.53,"un x mês",{"$f":"((F22*$C$82))/'MC - VALORES ADICIONAIS'!$B$170","v":54.484333333333332}]
["1.9","11534-ORSE/SE","Cadeira giratória, com braço, tipo executiva","un",{"$f":"Moveis_Equipamentos!E22/12","v":58.5},280,"un x mês",{"$f":"((F23*$C$82))/'MC - VALORES ADICIONAIS'!$B$170","v":9.3333333333333339}]
["1.10","11543-ORSE","Cadeira de plástico sem braço, cor branca","un",{"$f":"Moveis_Equipamentos!E23/12","v":11.5},21,"un x mês",{"$f":"((F24*$C$82))/'MC - VALORES ADICIONAIS'!$B$170","v":0.70000000000000007}]
["1.11","COT_CAM_FOTO","Câmera fotográfica digital 20 mp 5x HD","un",{"$f":"Moveis_Equipamentos!E24/12","v":1},797.32,"un x mês",{"$f":"((F25*$C$82))/'MC - VALORES ADICIONAIS'!$B$170","v":26.577333333333339}]
["1.12","COT - CAR - LIX","Lixeira Carro Coletor 120L","un",{"$f":"Moveis_Equipamentos!E25/12","v":2},354,"un x mês",{"$f":"((F26*$C$82))/'MC - VALORES ADICIONAIS'!$B$170","v":11.799999999999999}]
["1.13","COT_CESTO","Cestos Telado de lixo 9,6L","un",{"$f":"Moveis_Equipamentos!E26/12","v":4},13.49,"un x mês",{"$f":"((F27*$C$82))/'MC - VALORES ADICIONAIS'!$B$170","v":0.44966666666666671}]
["1.14","39555-SINAPI/PE","Condicionador de ar 12.000 BTU","un",{"$f":"Moveis_Equipamentos!E27/12","v":20.5},2017.01,"un x mês",{"$f":"((F28*$C$82))/'MC - VALORES ADICIONAIS'!$B$170","v":67.233666666666679}]
["1.15","COT_GPS","GPS com cabo e software (conforme especificação)","un",{"$f":"Moveis_Equipamentos!E28/12","v":1},4262,"un x mês",{"$f":"((F29*$C$82))/'MC - VALORES ADICIONAIS'!$B$170","v":142.06666666666669}]
["1.16","COT_MESA_REUN","Mesa de reunião 10 lugares com 10 cadeiras","un",{"$f":"Moveis_Equipamentos!E29/12","v":3.5},4141.05,"un x mês",{"$f":"((F30*$C$82))/'MC - VALORES ADICIONAIS'!$B$170","v":138.035}]
["1.17","COT_MESA_PVC","Mesa retangular em Polipropileno 119x75cm","un",{"$f":"Moveis_Equipamentos!E30/12","v":3},217.99,"un x mês",{"$f":"((F31*$C$82))/'MC - VALORES ADICIONAIS'!$B$170","v":7.2663333333333346}]
["1.18","COT_MESA_ESCR","Mesas de escritório com gavetas (conforme especificação)","un",{"$f":"Moveis_Equipamentos!E31/12","v":58.5},421.78,"un x mês",{"$f":"((F32*$C$82))/'MC - VALORES ADICIONAIS'!$B$170","v":14.059333333333333}]
["1.19","F030000293-EMBASA/BA","Projetor multimídia (Datashow)","un",{"$f":"Moveis_Equipamentos!E32/12","v":1},1587.81,"un x mês",{"$f":"((F33*$C$82))/'MC - VALORES ADICIONAIS'!$B$170","v":52.927}]
["1.20","COT_RACK","Rack para TV até 60 Polegadas 1 Porta","un",{"$f":"Moveis_Equipamentos!E33/12","v":1},268.89,"un x mês",{"$f":"((F34*$C$82))/'MC - VALORES ADICIONAIS'!$B$170","v":8.9629999999999992}]
["1.21","I0122-SEINFRA/CE","Armário de cozinha completo","un",{"$f":"Moveis_Equipamentos!E34/12","v":1},550.15,"un x mês",{"$f":"((F35*$C$82))/'MC - VALORES ADICIONAIS'!$B$170","v":18.338333333333335}]
["1.22","COT_MES_06","Conjunto de Mesa 1,40 com Tampo MDP com 6 cadeiras","un",{"$f":"Moveis_Equipamentos!E35/12","v":1},905.81,"un x mês",{"$f":"((F36*$C$82))/'MC - VALORES ADICIONAIS'!$B$170","v":30.193666666666669}]
["1.23","10231-ORSE/SE","Fogão ","un",{"$f":"Moveis_Equipamentos!E36/12","v":1},614.80999999999995,"un x mês",{"$f":"((F37*$C$82))/'MC - VALORES ADICIONAIS'!$B$170","v":20.493666666666666}]
["1.24","029028-IOPES","Cilindro de Gás de Cozinha 45 kg","un",{"$f":"Moveis_Equipamentos!E37/12","v":2.5},573.33000000000004,"un x mês",{"$f":"((F38*$C$82))/'MC - VALORES ADICIONAIS'!$B$170","v":19.111000000000001}]
["1.25","4226-SINAPI/PE","Gás de cozinha-GLP (kg)","kg",{"$f":"Moveis_Equipamentos!E38","v":1350},7.97,"un x mês",{"$f":"F39","v":7.97}]
["1.26","F020000716-EMBASA/BA","Geladeira 280 litros","un",{"$f":"Moveis_Equipamentos!E39/12","v":1},789.33,"un x mês",{"$f":"((F40*$C$82))/'MC - VALORES ADICIONAIS'!$B$170","v":26.311000000000003}]
["1.27","COT_MICROOND","Forno Microondas 20L","un",{"$f":"Moveis_Equipamentos!E40/12","v":1},455.97,"un x mês",{"$f":"((F41*$C$82))/'MC - VALORES ADICIONAIS'!$B$170","v":15.199000000000003}]
["1.28","COT_FAQUEI","Faqueiro com 24 peças","un",{"$f":"Moveis_Equipamentos!E41/12","v":17},42.9,"un x mês",{"$f":"((F42*$C$82))/'MC - VALORES ADICIONAIS'!$B$170","v":1.43}]
["1.29","COT_PRATO","Pratos rasos redondo em cerâmica","un",{"$f":"Moveis_Equipamentos!E42/12","v":39},11.6,"un x mês",{"$f":"((F43*$C$82))/'MC - VALORES ADICIONAIS'!$B$170","v":0.38666666666666666}]
["1.30","COT_COPO","Conjunto  copos em vidro 350ml com 8 unidades","un",{"$f":"Moveis_Equipamentos!E43/12","v":2},28.29,"un x mês",{"$f":"((F44*$C$82))/'MC - VALORES ADICIONAIS'!$B$170","v":0.94300000000000006}]
["1.31","COT_TELEVISOR","Smart Tv LED 32\"","un",{"$f":"Moveis_Equipamentos!E44/12","v":3.5},1276.72,"un x mês",{"$f":"((F45*$C$82))/'MC - VALORES ADICIONAIS'!$B$170","v":42.557333333333339}]
["1.32","AP_JANTAR","Aparelho de jantar para 06 pessoas","un",{"$f":"Moveis_Equipamentos!E45/12","v":6.5},308.08999999999997,"un x mês",{"$f":"((F46*$C$82))/'MC - VALORES ADICIONAIS'!$B$170","v":10.269666666666666}]
["1.33","11645-ORSE/SE","Armário para vestiário, em aço, com 12 portas, com cadeado","un",{"$f":"Moveis_Equipamentos!E46/12","v":1},2009.44,"un x mês",{"$f":"((F47*$C$82))/'MC - VALORES ADICIONAIS'!$B$170","v":66.981333333333339}]
["1.34","COT_CHAP","Chapa gás 65 cm para grelhar","un",{"$f":"Moveis_Equipamentos!E47/12","v":1},850.04,"un x mês",{"$f":"((F48*$C$82))/'MC - VALORES ADICIONAIS'!$B$170","v":28.334666666666667}]
["1.35","08600-ORSE/SE","Coifa","un",{"$f":"Moveis_Equipamentos!E48/12","v":1},1898.17,"un x mês",{"$f":"((F49*$C$82))/'MC - VALORES ADICIONAIS'!$B$170","v":63.272333333333336}]
["1.36","COT_UTENS","Conjunto de utensílios gadgets inox para cozinha","conj.",{"$f":"Moveis_Equipamentos!E49/12","v":1},56.72,"un x mês",{"$f":"((F50*$C$82))/'MC - VALORES ADICIONAIS'!$B$170","v":1.8906666666666669}]
["1.37","COT_FOGAO","Fogão industrial 6 bocas 30x30 baixa pressão perfil 5","un",{"$f":"Moveis_Equipamentos!E50/12","v":1},1203.46,"un x mês",{"$f":"((F51*$C$82))/'MC - VALORES ADICIONAIS'!$B$170","v":40.115333333333332}]
["1.38","COT_FORNO","Forno elétrico 46L 1500W","un",{"$f":"Moveis_Equipamentos!E51/12","v":1},539.24,"un x mês",{"$f":"((F52*$C$82))/'MC - VALORES ADICIONAIS'!$B$170","v":17.974666666666668}]
["1.39","F020000719-EMBASA/BA","Freezer 246 l","un",{"$f":"Moveis_Equipamentos!E52/12","v":1},1183.99,"un x mês",{"$f":"((F53*$C$82))/'MC - VALORES ADICIONAIS'!$B$170","v":39.466333333333331}]
["1.40","\t10232-ORSE/SE","Geladeira industrial 300 litros","un",{"$f":"Moveis_Equipamentos!E53/12","v":1},1678.73,"un x mês",{"$f":"((F54*$C$82))/'MC - VALORES ADICIONAIS'!$B$170","v":55.957666666666675}]
["1.41","COT_PANEL","Conjunto de panelas antiaderente com 7 peças","un",{"$f":"Moveis_Equipamentos!E54/12","v":1},289.99,"un x mês",{"$f":"((F55*$C$82))/'MC - VALORES ADICIONAIS'!$B$170","v":9.6663333333333341}]
["1.42","COT_LIQUID","Liquidificadores industriais alta rotação 2L","un",{"$f":"Moveis_Equipamentos!E55/12","v":1},421.82,"un x mês",{"$f":"((F56*$C$82))/'MC - VALORES ADICIONAIS'!$B$170","v":14.060666666666668}]
["1.43","COT_MAQ_LAVA_LOUCA","Máquina de lavar louças industrial B.30 ","un",{"$f":"Moveis_Equipamentos!E56/12","v":1},14563.53,"un x mês",{"$f":"((F57*$C$82))/'MC - VALORES ADICIONAIS'!$B$170","v":485.45100000000002}]
["1.44","COT_MAQ_LAVA_ROUPA","Máquina de Lavar roupa 11kg ","un",{"$f":"Moveis_Equipamentos!E57/12","v":1},1646,"un x mês",{"$f":"((F58*$C$82))/'MC - VALORES ADICIONAIS'!$B$170","v":54.866666666666674}]
["1.45","COT_MESA_BUF","Carrinho Buffet Térmico Self Service Inox 8 cubas","un",{"$f":"Moveis_Equipamentos!E58/12","v":1},2081.44,"un x mês",{"$f":"((F59*$C$82))/'MC - VALORES ADICIONAIS'!$B$170","v":69.38133333333333}]
["1.46","COT_MESA_REFEIT","Mesa de refeitório 10 lugares com cadeiras MDF branco de 25mm","un",{"$f":"Moveis_Equipamentos!E59/12","v":2.5},3564.33,"un x mês",{"$f":"((F60*$C$82))/'MC - VALORES ADICIONAIS'!$B$170","v":118.81099999999999}]
["1.47","COT_REFRESQUEIRA","Refresqueira BBS2 Inox","un",{"$f":"Moveis_Equipamentos!E60/12","v":1},2479.71,"un x mês",{"$f":"((F61*$C$82))/'MC - VALORES ADICIONAIS'!$B$170","v":82.656999999999996}]
["1.48","COT_TABUA","Tábuas para carnes 19x35x1,6cm","un",{"$f":"Moveis_Equipamentos!E61/12","v":1},21.9,"un x mês",{"$f":"((F62*$C$82))/'MC - VALORES ADICIONAIS'!$B$170","v":0.73}]
["1.49","COT_CAMA_BOX","Cama box conjugada solteiro","un",{"$f":"Moveis_Equipamentos!E62/12","v":14},286.36,"un x mês",{"$f":"((F63*$C$82))/'MC - VALORES ADICIONAIS'!$B$170","v":9.5453333333333337}]
["1.50","COT_GUARDA_ROUPA","Guarda-Roupa solteiro 4 Portas","un",{"$f":"Moveis_Equipamentos!E63/12","v":1},298.91000000000003,"un x mês",{"$f":"((F64*$C$82))/'MC - VALORES ADICIONAIS'!$B$170","v":9.9636666666666684}]
["1.51","COT_ROUPA_CAMA","Jogo de roupa de cama solteiro 100% Algodão","un",{"$f":"Moveis_Equipamentos!E64/12","v":28},142.4,"un x mês",{"$f":"((F65*$C$82))/'MC - VALORES ADICIONAIS'!$B$170","v":4.746666666666667}]
["1.52","COT_ROUPA_BANHO","Jogo de Roupa de banho 5 Peças","un",{"$f":"Moveis_Equipamentos!E65/12","v":14},217.59,"un x mês",{"$f":"((F66*$C$82))/'MC - VALORES ADICIONAIS'!$B$170","v":7.2530000000000001}]
["1.53","COT_SOFA","Conjunto de sofá 2 e 3 lugares","un",{"$f":"Moveis_Equipamentos!E66/12","v":1},928.84,"un x mês",{"$f":"((F67*$C$82))/'MC - VALORES ADICIONAIS'!$B$170","v":30.961333333333339}]
["Observações",{"$nulls":8},{"$f":"SUM(H15:H67)","v":3003.1046666666671}]
[{"$nulls":9},{"$f":"(J68/2906.02)-1","v":3.3408120613990011E-2}]
[" art. 305 do RIR/1999 esclarece que:\n\n\"Art. 305. Poderá ser computada, como custo ou encargo, em cada período de apuração, a importância correspondente à diminuição do valor dos bens do ativo resultante do desgaste pelo uso, ação da natureza e obsolescência normal (Lei nº 4.506, de 1964, art. 57).\""]
[]
[]
[]
[]
[" Instrução Normativa da Secretaria da Receita Federal (SRF)"]
["Da","Depreciação","Da = (VN - VR) / N"]
["VN","Valor Novo"]
["VR","Valor Residual"]
["N","Vída útil (anos)"]
[]
["DADOS - MÓVEIS  UTENSÍLIOS",null,null,"CONSIDERAÇÕES"]
["Depreciação anual (%)",null,0.4,"*Taxas adotadas dos itens 1.6 até 1.54 (exceto o item 1.25, visto que o valor adotado para gás de cozinha já está com a unidade \"kg\")"]
["Vida últil (anos)",null,2.5]
[]
[]
[]
["1. Valor unitário final = (Depreciação anual) / (Tempo de contrato)"]
["2. A vida útil adotada, leva em consideração o uso serevero dos itens listados, visto que são utilizados em canteiros de obras e frequentemente são deslocados entre canteiros e postos de serviço em campo."]
["3. Adotou-se tempo de contrato igual a 12 meses"]

{"sheet":"Mobilizacao_Desmobilizacao","index":7,"n_rows":42,"n_cols":9,"rows_kept":42,"cut":false,"hidden":false,"merged":[[44,0,44,6],[28,5,28,6],[29,5,29,6],[30,5,30,6],[31,5,31,6],[43,0,43,6],[39,0,39,6],[41,0,41,6],[42,0,42,6],[37,5,37,6],[17,0,17,5],[14,2,14,6],[0,2,0,6],[1,2,1,6],[2,2,2,6],[4,0,5,6],[7,0,7,6],[10,0,11,0],[10,2,11,2],[10,3,11,3],[10,4,11,4],[10,5,10,6],[12,2,12,6],[10,1,11,1],[27,0,27,6],[19,2,19,6],[22,0,22,5],[40,0,40,6],[29,2,29,4],[36,0,37,2],[38,0,38,6],[30,2,30,4],[31,0,31,4],[24,0,24,5],[28,2,28,4],[35,5,35,6],[35,0,35,4]]}
[null,null,"Ministério do Desenvolvimento Regional  - MDR"]
[null,null,"Companhia de Desenvolvimento dos Vales do São Francisco e do Parnaíba"]
[null,null,"Gerência de Operação do PISF - Centro de Controle e Operação (AD / GOI / CCO)"]
[]
[{"$f":"Moveis_Equipamentos!A5","v":"TERMO DE REFERÊNCIA PARA CONTRATAÇÃO DOS RECURSOS NECESSÁRIOS À OPERAÇÃO E MANUTENÇÃO DAS INFRAESTRUTURAS DO EIXO LESTE DO PISF - PROJETO DE INTEGRAÇÃO DO SÃO FRANCISCO COM AS BACIAS HIDROGRÁFICAS DO NORDESTE SETENTRIONAL"}]
[]
[]
["MOBILIZAÇÃO E DESMOBILIZAÇAO"]
[]
[]
["ITEM","CÓDIGO","DESCRIÇÃO","UNIDADE","QUANTIDADE","VALOR (R$)"]
[{"$nulls":5},"UNITARIO","TOTAL"]
[null,null,{"$f":"A8","v":"MOBILIZAÇÃO E DESMOBILIZAÇAO"}]
[]
["1.",null,"MOBILIZAÇÃO (Máquinas, Equipamentos, Ferramentas, Instrumentos, Materiais, Mobiliário)"]
["1.1",null,"Mobilização da Equipe - Canteiro apoio geral (Floresta/PE)","un",1,{"$f":"CPU_MOBILIZAÇAO!I98","v":12983.83},{"$f":"ROUND(E16*F16,2)","v":12983.83}]
["1.2",null,"Mobilização da Equipe - Canteiro central (Sertânia/PE)","un",1,{"$f":"CPU_MOBILIZAÇAO!I57","v":74839.45},{"$f":"ROUND(E17*F17,2)","v":74839.45}]
["TOTAL - MOBILIZAÇÃO DA EQUIPE (R$):",{"$nulls":5},{"$f":"SUBTOTAL(9,G16:G17)","v":87823.28}]
[]
["2.",null,"DESMOBILIZAÇÃO (Máquinas, Equip., Ferramentas, Instrumentos, Materiais, Mobiliário)"]
["2.1",null,"Desmobilização da Equipe - Canteiro apoio geral (Floresta/PE)","un",1,{"$f":"F16","v":12983.83},{"$f":"ROUND(E21*F21,2)","v":12983.83}]
["2.2",null,"Desmobilização da Equipe - Canteiro central (Sertânia/PE)","un",1,{"$f":"F17","v":74839.45},{"$f":"ROUND(E22*F22,2)","v":74839.45}]
["TOTAL - DESMOBILIZAÇÃO DA EQUIPE (R$):",{"$nulls":5},{"$f":"SUBTOTAL(9,G21:G22)","v":87823.28}]
[]
[{"$f":"\"TOTAL - \"&C13&\" - (R$):\"","v":"TOTAL - MOBILIZAÇÃO E DESMOBILIZAÇAO - (R$):"},{"$nulls":5},{"$f":"SUBTOTAL(9,G15:G24)","v":175646.56}]
[]
[]
[{"$f":"\"RESUMO - \"&A$8","v":"RESUMO - MOBILIZAÇÃO E DESMOBILIZAÇAO"}]
["ITEM",null,"DESCRIÇÃO",null,null,"VALOR TOTAL (R$)"]
["01",null,{"$f":"C15","v":"MOBILIZAÇÃO (Máquinas, Equipamentos, Ferramentas, Instrumentos, Materiais, Mobiliário)"},null,null,{"$f":"G18","v":87823.28}]
["02",null,{"$f":"C20","v":"DESMOBILIZAÇÃO (Máquinas, Equip., Ferramentas, Instrumentos, Materiais, Mobiliário)"},null,null,{"$f":"G23","v":87823.28}]
[{"$f":"\"TOTAL GERAL - \"&A$8&\" - (R$):\"","v":"TOTAL GERAL - MOBILIZAÇÃO E DESMOBILIZAÇAO - (R$):"},{"$nulls":4},{"$f":"SUM(F30:G31)","v":175646.56},null,null,230168.14]
[{"$nulls":8},{"$f":"Mob_Desmob/I32","v":0.76312281969172613}]
[]
["NOME DO INFORMANTE:",{"$nulls":4},"QUALIFICAÇÃO:\n"]
[]
["ASSINATURA:",{"$nulls":4},"DATA:"]
[]
["OBSERVAÇÃO:"]
["1. Considerou-se na Mobilizaçao: Transporte dos materiais e equipamentos / Instalação de Pessoal, entre outras despesas."]
["2. Considerou-se na Desmobilização: Retirada de máquinas e equipamentos / Demolições e/ou Recuperação de Canteiro, entre outras despesas."]
["3. Mobilização e Desmobilização do Quadro de Pessoal: Será realizada  com os veículos previstos no contrato."]

{"sheet":"CPU_MOBILIZAÇAO","index":8,"n_rows":125,"n_cols":13,"rows_kept":125,"cut":false,"hidden":false,"merged":[[11,0,11,2],[13,0,13,8],[11,4,11,7],[4,0,5,8],[103,7,103,8],[97,0,97,7],[46,0,46,7],[48,0,48,8],[33,0,33,7],[35,0,35,8],[40,0,40,7],[42,0,42,8],[95,3,95,7],[95,0,95,1],[93,0,93,7],[52,0,52,7],[0,0,0,8],[1,0,1,8],[2,0,2,8],[9,0,9,8],[8,0,8,8],[105,0,105,8],[104,7,104,8],[101,0,101,6],[102,0,102,6],[103,0,103,6],[104,0,104,6],[54,3,54,7],[56,0,56,7],[112,0,112,8],[111,0,111,8],[110,0,110,8],[108,0,108,8],[101,7,101,8],[102,7,102,8],[109,0,109,8],[107,0,107,8],[106,0,106,8],[54,0,54,1],[59,0,59,8],[81,0,81,7],[83,0,83,8],[87,0,87,7],[89,0,89,8],[60,0,60,8],[62,0,62,2],[64,0,64,8],[74,0,74,7],[76,0,76,8],[62,4,62,7]]}
["Ministério do Desenvolvimento Regional -MDR"]
["Companhia de Desenvolvimento dos Vales do São Francisco e do Parnaíba"]
["Gerência de Operação do PISF-Centro de Controle e Operação (AD / GOI / CCO)"]
[]
["SERVIÇOS DE OPERAÇÃO E MANUTENÇÃO DAS INFRAESTRUTURAS DO EIXO LESTE DO PROJETO DE INTEGRAÇÃO DO RIO SÃO FRANCISCO COM AS BACIAS HIDROGRÁFICAS DO NORDESTE SETENTRIONAL – PISF"]
[]
[]
[]
["COMPOSIÇÃO DE PREÇO UNITÁRIO-MOBILIZAÇÃO"]
["Local / Canteiros: EIXO LESTE-Canteiro Central (Sertânia/PE)"]
[]
["Distância entre Recife/PE-Canteiro Central (km):",null,null,{"$f":"Canteiros!H18","v":320},"Veloc. Média (km/h):",null,null,null,60]
[]
["EQUIPAMENTO"]
["CÓDIGO","DESCRIÇÃO","MEIO DE\nLOCOMOÇÃO","QUANTIDADE","FU","K","DMT\n(km)","CHP\n(R$)","CUSTO TOTAL\n(R$)"]
["E9592-DNIT/PE","CAMINHÃO TRUCADO (C/ TERCEIRO EIXO) ELETRÔNICO - POTÊNCIA 231CV - PBT = 22000KG - DIST. ENTRE EIXOS 5170 MM - INCLUI CARROCERIA FIXA ABERTA DE MADEIRA","Rodando",{"$f":"(Equipamentos!E85/Equipamentos!E85)*3","v":3},1,1,{"$f":"$D$12","v":320},{"$f":"VLOOKUP(A16,A$117:C$125,3,FALSE)","v":248.2681},{"$f":"ROUND(D16*(((G16*F16*E16)/$I$12)*H16),2)","v":3972.29},null,null,null,"CAMINHÃO TRUCADO (C/ TERCEIRO EIXO) ELETRÔNICO - POTÊNCIA 231CV - PBT = 22000KG - DIST. ENTRE EIXOS 5170 MM - INCLUI CARROCERIA FIXA ABERTA DE MADEIRA"]
["E9579-DNIT/PE","CAMINHÃO BASCULANTE 10 M3, TRUCADO CABINE SIMPLES, PESO BRUTO TOTAL 23.000 KG, CARGA ÚTIL MÁXIMA 15.935 KG, DISTÂNCIA ENTRE EIXOS 4,80 M, POTÊNCIA 230 CV INCLUSIVE CAÇAMBA METÁLICA ","Rodando",{"$f":"(Equipamentos!E84/Equipamentos!E84)*3","v":3},1,1,{"$f":"$D$12","v":320},249.494,{"$f":"ROUND(D17*(((G17*F17*E17)/$I$12)*H17),2)","v":3991.9},null,null,null,"CAMINHÃO BASCULANTE 10 M3, TRUCADO CABINE SIMPLES, PESO BRUTO TOTAL 23.000 KG, CARGA ÚTIL MÁXIMA 15.935 KG, DISTÂNCIA ENTRE EIXOS 4,80 M, POTÊNCIA 230 CV INCLUSIVE CAÇAMBA METÁLICA "]
["E9509-DNIT/PE","Caminhão Comboio para lubrificação e abastecimento (melosa), convencional totalmente equipado (Capacidade de Combustível: 5.000 l, Capacidade de Lubrificante: 500 l, Capacidade de Graxa: 200 kg, Capacidade de Água: 300 l, Recipiente para Óleo Usado: 200 l, Compressor de Ar e Bomba- d’agua)","Rodando",{"$f":"Equipamentos!E86/Equipamentos!E86","v":1},1,1,320,244.79,1305.55,null,null,null,"Caminhão guindauto com capacidade de carga até 10,0 t"]
["E9686-DNIT/PE","Caminhão guindauto com capacidade de carga até 10,0 t","Rodando",{"$f":"Equipamentos!E87/Equipamentos!E87","v":1},1,1,320,279.49,1490.61,null,null,null,"Caminhão tanque, capacidade de volume  6000 l e potência 136,0 hp"]
["E9605-DNIT/PE","Caminhão tanque, capacidade de volume  6000 l e potência 136,0 hp","Rodando",{"$f":"(Equipamentos!E88/Equipamentos!E88)*4","v":4},1,1,320,234.19,4996.05,null,null,null,"Carreta Reboque (para embarcação)"]
["A9353-DNIT/PE","Carreta Reboque (para embarcação)","Rodando",{"$f":"('SEGURANÇA DE BARRAGENS'!E37/'SEGURANÇA DE BARRAGENS'!E37)*2","v":2},1,1,320,55.605600000000003,593.13,null,null,null,"Minicarregadeira sobre rodas, potência líquida de 47 hp, capacidade nominal de operação de 646 kg"]
["E9666-DNIT/PE","ESCAVADEIRA HIDRAULICA SOBRE ESTEIRAS CACAMBA 0,40 A 1,20 M3, PESO OPERACIONAL 21,19 T, POTENCIA LIQUIDA 173 HP","Carreta",{"$f":"Equipamentos!E94/Equipamentos!E94+'SEGURANÇA DE BARRAGENS'!E32/'SEGURANÇA DE BARRAGENS'!E32","v":2},1,2,320,378.45,8073.6,null,null,null,"Retroescavadeira sobre rodas com carregadeira, tração 4x4, potência líquida 72 hp, peso operacional mínimo de 7.140 kg, capacidade mínima da carregadeira de 0,79 m³ e da retroescavadeira mínima de 0,18 m³, profundidade de escavação máxima de 4,50 m."]
["E9686-DNIT/PE",{"$f":"Equipamentos!C95","v":"Grupo gerador de 13/14 KVA, 220v, trifásico, silenciado, com 100 metros de cabos e 01 QTA. "},"Guindauto",{"$f":"Equipamentos!E95/Equipamentos!E95","v":1},1,2,320,279.49,2981.23,null,null,null,"Trator de esteiras, potência de 150 hp, peso operacional de 16,7 t, com roda motriz elevada e lâmina com contato de 3,18 m³."]
["E9686-DNIT/PE",{"$f":"Equipamentos!C96","v":"Grupo gerador de 145/160 kVA"},"Guindauto",{"$f":"Equipamentos!E96/Equipamentos!E96","v":1},1,2,320,279.49,{"$f":"ROUND(D24*(((G24*F24*E24)/$I$12)*H24),2)","v":2981.23},null,null,null,"Barco tipo Alumínio, 7 m de comprimento, Alumínio soldado, reforçado, borda sem corrimão, chapa de Alumínio 2,00 cm, boca 1,50 cm, borda 0,60 cm. / Motor popa, tipo partida manual, potência 15 hp, aplicação barco Alumínio, características adicionais: válvulas automáticas descompressão, refrigerado a ar, quantidade marchas 2 und, quantidade cilíndro 2 und, capacidade tanque 23 l, tipo motor: 2 tempos, velocidade: 4.500 a 5.800 rpm."]
["E9686-DNIT/PE",{"$f":"Equipamentos!C97","v":"Grupo gerador de 310/340 kVA"},"Guindauto",{"$f":"Equipamentos!E97/Equipamentos!E97","v":1},1,2,320,279.49,{"$f":"ROUND(D25*(((G25*F25*E25)/$I$12)*H25),2)","v":2981.23}]
["E9666-DNIT/PE","MOTONIVELADORA POTENCIA BASICA LIQUIDA (PRIMEIRA MARCHA) 171 HP, PESO BRUTO 14768 KG, LARGURA DA LAMINA DE 3,7 M","Carreta",{"$f":"Equipamentos!E105/Equipamentos!E105+'SEGURANÇA DE BARRAGENS'!E31/'SEGURANÇA DE BARRAGENS'!E31","v":2},1,2,320,378.45,8073.6]
["E9666-DNIT/PE","Grupo Gerador-32,0 kVA, 220 V, trifásico, silenciado, com 100 metros de cabos e 01 QTA. ","Carreta",{"$f":"'SEGURANÇA DE BARRAGENS'!E30/'SEGURANÇA DE BARRAGENS'!E30","v":1},1,2,320,378.45,4036.8]
["E9666-DNIT/PE","Cavalo Mecânico com Reboque M. Benz Randon LS-1634/45 29,5 t, ou similar","Carreta",{"$f":"Equipamentos!E89/Equipamentos!E89+('SEGURANÇA DE BARRAGENS'!E34/'SEGURANÇA DE BARRAGENS'!E34)","v":2},1,2,320,378.45,8073.6]
["E9666-DNIT/PE","Retroescavadeira sobre rodas com carregadeira, tração 4x4, potência líquida 72 hp, peso operacional mínimo de 7.140 kg, capacidade mínima da carregadeira de 0,79 m³ e da retroescavadeira mínima de 0,18 m³, profundidade de escavação máxima de 4,50 m.","Carreta",{"$f":"(Equipamentos!E108/Equipamentos!E108)*3","v":3},1,2,320,378.45,{"$f":"ROUND(D29*(((G29*F29*E29)/$I$12)*H29),2)","v":12110.4}]
["E9666-DNIT/PE",{"$f":"'SEGURANÇA DE BARRAGENS'!C33","v":"Trator de esteiras, potência de 150 hp, peso operacional de 16,7 t, com roda motriz elevada e lâmina com contato de 3,18 m³."},"Carreta",{"$f":"'SEGURANÇA DE BARRAGENS'!E33/'SEGURANÇA DE BARRAGENS'!E33","v":1},1,2,320,378.45,{"$f":"ROUND(D30*(((G30*F30*E30)/$I$12)*H30),2)","v":4036.8}]
["E9666-DNIT/PE","Rolo compactador pé-de-carneiro vibratório, potência 125 hp, peso operacional sem/com lastro 11,95/13,30 t, impacto dinâmico 38,5/22,5 t, largura de trabalho 2,15 m.","Carreta",{"$f":"+('SEGURANÇA DE BARRAGENS'!E35/'SEGURANÇA DE BARRAGENS'!E35)","v":1},1,2,320,378.45,4036.8]
["A9353-DNIT/PE","Barco tipo Alumínio, 7 m de comprimento, Alumínio soldado, reforçado, borda sem corrimão, chapa de Alumínio 2,00 cm, boca 1,50 cm, borda 0,60 cm. / Motor popa, tipo partida manual, potência 15 hp, aplicação barco Alumínio, características adicionais: válvulas automáticas descompressão, refrigerado a ar, quantidade marchas 2 und, quantidade cilíndro 2 und, capacidade tanque 23 l, tipo motor: 2 tempos, velocidade: 4.500 a 5.800 rpm.","Rodando",{"$f":"('SEGURANÇA DE BARRAGENS'!E36/'SEGURANÇA DE BARRAGENS'!E36)*2","v":2},1,1,320,55.605600000000003,593.13]
[]
["SUB-TOTAL (R$):",{"$nulls":7},{"$f":"SUBTOTAL(9,I16:I32)","v":74327.950000000012}]
[]
["MATERIAL"]
["CÓDIGO","DESCRIÇÃO","UNIDADE","QUANTIDADE",null,null,null,"CUSTO UNIT.\n(R$)","CUSTO TOTAL\n(R$)"]
["SINDUSCON/PE","Alimentação (motorista que vai rodando)","und",{"$f":"SUMIF(C16:C32,\"RODANDO\",D16:D32)","v":16},null,null,null,{"$f":"$C$124","v":16.5},{"$f":"ROUND(D38*H38,2)","v":264}]
["SINDUSCON/PE","Alimentação (motorista que retorna)","und",{"$f":"SUMIF(C16:C32,\"CARRETA\",D16:D32)+SUMIF(C16:C32,\"REBOQUE\",D16:D32)+SUMIF(C16:C32,\"GUINDAUTO\",D16:D32)","v":15},null,null,null,{"$f":"$C$124","v":16.5},{"$f":"ROUND(D39*H39,2)","v":247.5}]
[]
["SUB-TOTAL (R$):",{"$nulls":7},{"$f":"SUM(I38:I40)","v":511.5}]
[]
["SERVIÇOS-COMPOSIÇÕES AUXILIARES"]
["CÓDIGO","DESCRIÇÃO","UNIDADE","QUANTIDADE",null,null,null,"CUSTO UNIT.\n(R$)","CUSTO TOTAL\n(R$)"]
[]
[]
["SUB-TOTAL (R$):",{"$nulls":7},0]
[]
["MÃO DE OBRA"]
["CÓDIGO","DESCRIÇÃO","UNIDADE","QUANTIDADE",null,null,null,"CUSTO UNIT.\n(R$)","CUSTO TOTAL\n(R$)"]
[]
[]
["SUB-TOTAL (R$):",{"$nulls":7},0]
[]
["PRODUÇÃO DA EQUIPE:",null,1,"CUSTO (R$):",{"$nulls":4},{"$f":"I53+I47+I41+I34","v":74839.450000000012}]
[]
["TOTAL-COMPOSIÇÃO DE PREÇO UNITÁRIO-MOBILIZAÇÃO-(R$):",{"$nulls":7},{"$f":"ROUND(I55*C55,2)","v":74839.45}]
[]
[]
["COMPOSIÇÃO DE PREÇO UNITÁRIO-MOBILIZAÇÃO"]
["Local / Canteiros: EIXO LESTE-Canteiro apoio geral (Floresta/PE)"]
[]
["Distância entre Recife/PE-Canteiro apoio geral (km):",null,null,{"$f":"Canteiros!H13","v":472},"Veloc. Média (km/h):",null,null,null,60]
[]
["EQUIPAMENTO"]
["CÓDIGO","DESCRIÇÃO","MEIO DE\nLOCOMOÇÃO","QUANTIDADE","FU","K","DMT\n(km)","CHP\n(R$)","CUSTO TOTAL\n(R$)"]
["E9592-DNIT/PE","CAMINHÃO TRUCADO (C/ TERCEIRO EIXO) ELETRÔNICO - POTÊNCIA 231CV - PBT = 22000KG - DIST. ENTRE EIXOS 5170 MM - INCLUI CARROCERIA FIXA ABERTA DE MADEIRA","Rodando",{"$f":"Equipamentos!E85/Equipamentos!E85","v":1},1,1,{"$f":"$D$63","v":472},{"$f":"VLOOKUP(A67,A$117:C$125,3,FALSE)","v":248.2681},{"$f":"ROUND(D67*(((G67*F67*E67)/$I$12)*H67),2)","v":1953.04}]
["E9579-DNIT/PE","CAMINHÃO BASCULANTE 10 M3, TRUCADO CABINE SIMPLES, PESO BRUTO TOTAL 23.000 KG, CARGA ÚTIL MÁXIMA 15.935 KG, DISTÂNCIA ENTRE EIXOS 4,80 M, POTÊNCIA 230 CV INCLUSIVE CAÇAMBA METÁLICA ","Rodando",{"$f":"Equipamentos!E84/Equipamentos!E84","v":1},1,1,{"$f":"$D$63","v":472},249.494,1962.69]
["E9686-DNIT/PE","Caminhão guindauto com capacidade de carga até 10,0 t","Rodando",{"$f":"Equipamentos!E87/Equipamentos!E87","v":1},1,1,{"$f":"$D$63","v":472},279.49,2198.65]
["E9605-DNIT/PE","Caminhão tanque, capacidade de volume  6000 l e potência 136,0 hp","Rodando",{"$f":"Equipamentos!E88/Equipamentos!E88","v":1},1,1,{"$f":"$D$63","v":472},234.19,1842.29]
["A9353-DNIT/PE","Carreta Reboque (para embarcação)","Rodando",{"$f":"'SEGURANÇA DE BARRAGENS'!E37/'SEGURANÇA DE BARRAGENS'!E37","v":1},1,1,{"$f":"$D$63","v":472},55.605600000000003,437.43]
["E9666-DNIT/PE","Retroescavadeira sobre rodas com carregadeira, tração 4x4, potência líquida 72 hp, peso operacional mínimo de 7.140 kg, capacidade mínima da carregadeira de 0,79 m³ e da retroescavadeira mínima de 0,18 m³, profundidade de escavação máxima de 4,50 m.","Carreta",{"$f":"(Equipamentos!E108/Equipamentos!E108)*1","v":1},1,2,{"$f":"$D$12","v":320},378.45,4036.8]
["A9353-DNIT/PE","Barco tipo Alumínio, 7 m de comprimento, Alumínio soldado, reforçado, borda sem corrimão, chapa de Alumínio 2,00 cm, boca 1,50 cm, borda 0,60 cm. / Motor popa, tipo partida manual, potência 15 hp, aplicação barco Alumínio, características adicionais: válvulas automáticas descompressão, refrigerado a ar, quantidade marchas 2 und, quantidade cilíndro 2 und, capacidade tanque 23 l, tipo motor: 2 tempos, velocidade: 4.500 a 5.800 rpm.","Rodando",{"$f":"'SEGURANÇA DE BARRAGENS'!E36/'SEGURANÇA DE BARRAGENS'!E36","v":1},1,1,{"$f":"$D$63","v":472},55.605600000000003,437.43]
[]
["SUB-TOTAL (R$):",{"$nulls":7},{"$f":"SUBTOTAL(9,I67:I73)","v":12868.330000000002}]
[]
["MATERIAL"]
["CÓDIGO","DESCRIÇÃO","UNIDADE","QUANTIDADE",null,null,null,"CUSTO UNIT.\n(R$)","CUSTO TOTAL\n(R$)"]
["SINDUSCON/PE","Alimentação (motorista que vai rodando)","und",{"$f":"SUMIF(C67:C73,\"RODANDO\",D67:D73)","v":6},null,null,null,{"$f":"$C$124","v":16.5},{"$f":"ROUND(D79*H79,2)","v":99}]
["SINDUSCON/PE","Alimentação (motorista que retorna)","und",{"$f":"SUMIF(C67:C73,\"CARRETA\",D67:D73)+SUMIF(C67:C73,\"REBOQUE\",D67:D73)+SUMIF(C67:C73,\"GUINDAUTO\",D67:D73)","v":1},null,null,null,{"$f":"$C$124","v":16.5},{"$f":"ROUND(D80*H80,2)","v":16.5}]
[]
["SUB-TOTAL (R$):",{"$nulls":7},{"$f":"SUM(I79:I81)","v":115.5}]
[]
["SERVIÇOS-COMPOSIÇÕES AUXILIARES"]
["CÓDIGO","DESCRIÇÃO","UNIDADE","QUANTIDADE",null,null,null,"CUSTO UNIT.\n(R$)","CUSTO TOTAL\n(R$)"]
[]
[]
["SUB-TOTAL (R$):",{"$nulls":7},0]
[]
["MÃO DE OBRA"]
["CÓDIGO","DESCRIÇÃO","UNIDADE","QUANTIDADE",null,null,null,"CUSTO UNIT.\n(R$)","CUSTO TOTAL\n(R$)"]
[]
[]
["SUB-TOTAL (R$):",{"$nulls":7},0]
[]
["PRODUÇÃO DA EQUIPE:",null,1,"CUSTO (R$):",{"$nulls":4},{"$f":"I94+I88+I82+I75","v":12983.830000000002}]
[]
["TOTAL-COMPOSIÇÃO DE PREÇO UNITÁRIO-MOBILIZAÇÃO-(R$):",{"$nulls":7},{"$f":"ROUND(I96*C96,2)","v":12983.83}]
[]
[]
[]
["NOME DO INFORMANTE:",{"$nulls":6},"QUALIFICAÇÃO:"]
[]
["ASSINATURA:",{"$nulls":6},"DATA:"]
[]
["OBSERVAÇÃO:"]
["1. Fonte de Preços: Sistemas de Custos Referenciais de Obras-DNIT/PE (Tabela SICRO/PE). Data base: Janeiro/2022."]
["1. Fonte de Preços: SINAPI/PE. Data base: Abril/2022."]
["2. Para o Cálculo do Custo da Mobilização foi utilizada a metodologia do DNIT/PE."]
["3. Distância considerada a partir da capital mais próxima ao canteiro"]
[]
[]
[]
[]
[]
["Código","Descrição","R$/h"]
["E9592-DNIT/PE","Caminhão carroceria com capacidade de 15 t-188 kW",248.2681,"ok"]
["E9579-DNIT/PE","Caminhão basculante com capacidade de 10 m³-188 kW",249.494,"ok"]
["E9509-DNIT/PE","Caminhão tanque distribuidor de asfalto com capacidade de 6.000 l-7 kW/136 kW",244.79,"ok"]
["E9686-DNIT/PE","Caminhão carroceria com guindauto com capacidade de 20 t.m-136 kW",279.49]
["E9605-DNIT/PE","Caminhão tanque com capacidade de 6.000 l-136 kW",234.19,"ok"]
["A9353-DNIT/PE","Semirreboque com 2 eixos",55.605600000000003,"ok"]
["E9666-DNIT/PE","Cavalo mecânico com semirreboque com capacidade de 30 t-265 kW",378.45,"ok"]
["SINDCON/PE","Alimentação (motorista que vai rodando)-Convenção Coletiva de Trabalho 2021-2023-SINDCON/PE (Cláusula 19ª)",16.5]
[{"$nulls":4},{"$f":"SUM(C117:C124)","v":1706.7877000000001}]

{"sheet":"CPU_DESMOBILIZAÇAO","index":9,"n_rows":125,"n_cols":13,"rows_kept":125,"cut":false,"hidden":false,"merged":[[111,0,111,8],[112,0,112,8],[105,0,105,8],[106,0,106,8],[107,0,107,8],[108,0,108,8],[109,0,109,8],[110,0,110,8],[102,0,102,6],[102,7,102,8],[103,0,103,6],[103,7,103,8],[104,0,104,6],[104,7,104,8],[93,0,93,7],[95,0,95,1],[95,3,95,7],[97,0,97,7],[101,0,101,6],[101,7,101,8],[89,0,89,8],[56,0,56,7],[59,0,59,8],[60,0,60,8],[62,0,62,2],[62,4,62,7],[64,0,64,8],[74,0,74,7],[76,0,76,8],[81,0,81,7],[83,0,83,8],[87,0,87,7],[42,0,42,8],[46,0,46,7],[48,0,48,8],[52,0,52,7],[54,0,54,1],[54,3,54,7],[40,0,40,7],[0,0,0,8],[1,0,1,8],[2,0,2,8],[4,0,5,8],[8,0,8,8],[9,0,9,8],[11,0,11,2],[11,4,11,7],[13,0,13,8],[33,0,33,7],[35,0,35,8]]}
["Ministério do Desenvolvimento Regional -MDR"]
["Companhia de Desenvolvimento dos Vales do São Francisco e do Parnaíba"]
["Gerência de Operação do PISF-Centro de Controle e Operação (AD / GOI / CCO)"]
[]
["SERVIÇOS DE OPERAÇÃO E MANUTENÇÃO DAS INFRAESTRUTURAS DO EIXO LESTE DO PROJETO DE INTEGRAÇÃO DO RIO SÃO FRANCISCO COM AS BACIAS HIDROGRÁFICAS DO NORDESTE SETENTRIONAL – PISF"]
[]
[]
[]
["COMPOSIÇÃO DE PREÇO UNITÁRIO-DESMOBILIZAÇÃO"]
["Local / Canteiros: EIXO LESTE-Canteiro Central (Sertânia/PE)"]
[]
["Distância entre Recife/PE-Canteiro Central (km):",null,null,{"$f":"Canteiros!H18","v":320},"Veloc. Média (km/h):",null,null,null,60]
[]
["EQUIPAMENTO"]
["CÓDIGO","DESCRIÇÃO","MEIO DE\nLOCOMOÇÃO","QUANTIDADE","FU","K","DMT\n(km)","CHP\n(R$)","CUSTO TOTAL\n(R$)"]
["E9592-DNIT/PE","CAMINHÃO TRUCADO (C/ TERCEIRO EIXO) ELETRÔNICO - POTÊNCIA 231CV - PBT = 22000KG - DIST. ENTRE EIXOS 5170 MM - INCLUI CARROCERIA FIXA ABERTA DE MADEIRA","Rodando",{"$f":"CPU_MOBILIZAÇAO!D16","v":3},1,1,{"$f":"$D$12","v":320},{"$f":"VLOOKUP(A16,A$117:C$125,3,FALSE)","v":248.2681},{"$f":"ROUND(D16*(((G16*F16*E16)/$I$12)*H16),2)","v":3972.29},null,null,null,"CAMINHÃO TRUCADO (C/ TERCEIRO EIXO) ELETRÔNICO - POTÊNCIA 231CV - PBT = 22000KG - DIST. ENTRE EIXOS 5170 MM - INCLUI CARROCERIA FIXA ABERTA DE MADEIRA"]
["E9579-DNIT/PE","CAMINHÃO BASCULANTE 10 M3, TRUCADO CABINE SIMPLES, PESO BRUTO TOTAL 23.000 KG, CARGA ÚTIL MÁXIMA 15.935 KG, DISTÂNCIA ENTRE EIXOS 4,80 M, POTÊNCIA 230 CV INCLUSIVE CAÇAMBA METÁLICA ","Rodando",{"$f":"CPU_MOBILIZAÇAO!D17","v":3},1,1,{"$f":"$D$12","v":320},249.494,{"$f":"ROUND(D17*(((G17*F17*E17)/$I$12)*H17),2)","v":3991.9},null,null,null,"CAMINHÃO BASCULANTE 10 M3, TRUCADO CABINE SIMPLES, PESO BRUTO TOTAL 23.000 KG, CARGA ÚTIL MÁXIMA 15.935 KG, DISTÂNCIA ENTRE EIXOS 4,80 M, POTÊNCIA 230 CV INCLUSIVE CAÇAMBA METÁLICA "]
["E9509-DNIT/PE","Caminhão Comboio para lubrificação e abastecimento (melosa), convencional totalmente equipado (Capacidade de Combustível: 5.000 l, Capacidade de Lubrificante: 500 l, Capacidade de Graxa: 200 kg, Capacidade de Água: 300 l, Recipiente para Óleo Usado: 200 l, Compressor de Ar e Bomba- d’agua)","Rodando",{"$f":"CPU_MOBILIZAÇAO!D18","v":1},1,1,320,244.79,1305.55,null,null,null,"Caminhão guindauto com capacidade de carga até 10,0 t"]
["E9686-DNIT/PE","Caminhão guindauto com capacidade de carga até 10,0 t","Rodando",{"$f":"CPU_MOBILIZAÇAO!D19","v":1},1,1,320,279.49,1490.61,null,null,null,"Caminhão tanque, capacidade de volume  6000 l e potência 136,0 hp"]
["E9605-DNIT/PE","Caminhão tanque, capacidade de volume  6000 l e potência 136,0 hp","Rodando",{"$f":"CPU_MOBILIZAÇAO!D20","v":4},1,1,320,234.19,4996.05,null,null,null,"Carreta Reboque (para embarcação)"]
["A9353-DNIT/PE","Carreta Reboque (para embarcação)","Rodando",{"$f":"CPU_MOBILIZAÇAO!D21","v":2},1,1,320,55.605600000000003,593.13,null,null,null,"Minicarregadeira sobre rodas, potência líquida de 47 hp, capacidade nominal de operação de 646 kg"]
["E9666-DNIT/PE","ESCAVADEIRA HIDRAULICA SOBRE ESTEIRAS CACAMBA 0,40 A 1,20 M3, PESO OPERACIONAL 21,19 T, POTENCIA LIQUIDA 173 HP","Carreta",{"$f":"CPU_MOBILIZAÇAO!D22","v":2},1,2,320,378.45,8073.6,null,null,null,"Retroescavadeira sobre rodas com carregadeira, tração 4x4, potência líquida 72 hp, peso operacional mínimo de 7.140 kg, capacidade mínima da carregadeira de 0,79 m³ e da retroescavadeira mínima de 0,18 m³, profundidade de escavação máxima de 4,50 m."]
["E9686-DNIT/PE",{"$f":"Equipamentos!C95","v":"Grupo gerador de 13/14 KVA, 220v, trifásico, silenciado, com 100 metros de cabos e 01 QTA. "},"Guindauto",{"$f":"CPU_MOBILIZAÇAO!D23","v":1},1,2,320,279.49,2981.23,null,null,null,"Trator de esteiras, potência de 150 hp, peso operacional de 16,7 t, com roda motriz elevada e lâmina com contato de 3,18 m³."]
["E9686-DNIT/PE",{"$f":"Equipamentos!C96","v":"Grupo gerador de 145/160 kVA"},"Guindauto",{"$f":"CPU_MOBILIZAÇAO!D24","v":1},1,2,320,279.49,{"$f":"ROUND(D24*(((G24*F24*E24)/$I$12)*H24),2)","v":2981.23},null,null,null,"Barco tipo Alumínio, 7 m de comprimento, Alumínio soldado, reforçado, borda sem corrimão, chapa de Alumínio 2,00 cm, boca 1,50 cm, borda 0,60 cm. / Motor popa, tipo partida manual, potência 15 hp, aplicação barco Alumínio, características adicionais: válvulas automáticas descompressão, refrigerado a ar, quantidade marchas 2 und, quantidade cilíndro 2 und, capacidade tanque 23 l, tipo motor: 2 tempos, velocidade: 4.500 a 5.800 rpm."]
["E9686-DNIT/PE",{"$f":"Equipamentos!C97","v":"Grupo gerador de 310/340 kVA"},"Guindauto",{"$f":"CPU_MOBILIZAÇAO!D25","v":1},1,2,320,279.49,{"$f":"ROUND(D25*(((G25*F25*E25)/$I$12)*H25),2)","v":2981.23}]
["E9666-DNIT/PE","MOTONIVELADORA POTENCIA BASICA LIQUIDA (PRIMEIRA MARCHA) 171 HP, PESO BRUTO 14768 KG, LARGURA DA LAMINA DE 3,7 M","Carreta",{"$f":"CPU_MOBILIZAÇAO!D26","v":2},1,2,320,378.45,8073.6]
["E9666-DNIT/PE","Grupo Gerador-32,0 kVA, 220 V, trifásico, silenciado, com 100 metros de cabos e 01 QTA. ","Carreta",{"$f":"CPU_MOBILIZAÇAO!D27","v":1},1,2,320,378.45,4036.8]
["E9666-DNIT/PE","Cavalo Mecânico com Reboque M. Benz Randon LS-1634/45 29,5 t, ou similar","Carreta",{"$f":"CPU_MOBILIZAÇAO!D28","v":2},1,2,320,378.45,8073.6]
["E9666-DNIT/PE","Retroescavadeira sobre rodas com carregadeira, tração 4x4, potência líquida 72 hp, peso operacional mínimo de 7.140 kg, capacidade mínima da carregadeira de 0,79 m³ e da retroescavadeira mínima de 0,18 m³, profundidade de escavação máxima de 4,50 m.","Carreta",{"$f":"CPU_MOBILIZAÇAO!D29","v":3},1,2,320,378.45,12110.4]
["E9666-DNIT/PE",{"$f":"'SEGURANÇA DE BARRAGENS'!C33","v":"Trator de esteiras, potência de 150 hp, peso operacional de 16,7 t, com roda motriz elevada e lâmina com contato de 3,18 m³."},"Carreta",{"$f":"CPU_MOBILIZAÇAO!D30","v":1},1,2,320,378.45,4036.8]
["E9666-DNIT/PE","Rolo compactador pé-de-carneiro vibratório, potência 125 hp, peso operacional sem/com lastro 11,95/13,30 t, impacto dinâmico 38,5/22,5 t, largura de trabalho 2,15 m.","Carreta",{"$f":"CPU_MOBILIZAÇAO!D31","v":1},1,2,320,378.45,4036.8]
["A9353-DNIT/PE","Barco tipo Alumínio, 7 m de comprimento, Alumínio soldado, reforçado, borda sem corrimão, chapa de Alumínio 2,00 cm, boca 1,50 cm, borda 0,60 cm. / Motor popa, tipo partida manual, potência 15 hp, aplicação barco Alumínio, características adicionais: válvulas automáticas descompressão, refrigerado a ar, quantidade marchas 2 und, quantidade cilíndro 2 und, capacidade tanque 23 l, tipo motor: 2 tempos, velocidade: 4.500 a 5.800 rpm.","Rodando",{"$f":"CPU_MOBILIZAÇAO!D32","v":2},1,1,320,55.605600000000003,593.13]
[]
["SUB-TOTAL (R$):",{"$nulls":7},{"$f":"SUBTOTAL(9,I16:I32)","v":74327.950000000012}]
[]
["MATERIAL"]
["CÓDIGO","DESCRIÇÃO","UNIDADE","QUANTIDADE",null,null,null,"CUSTO UNIT.\n(R$)","CUSTO TOTAL\n(R$)"]
["SINDUSCON/PE","Alimentação (motorista que vai rodando)","und",{"$f":"SUMIF(C16:C32,\"RODANDO\",D16:D32)","v":16},null,null,null,{"$f":"$C$124","v":16.5},{"$f":"ROUND(D38*H38,2)","v":264}]
["SINDUSCON/PE","Alimentação (motorista que retorna)","und",{"$f":"SUMIF(C16:C32,\"CARRETA\",D16:D32)+SUMIF(C16:C32,\"REBOQUE\",D16:D32)+SUMIF(C16:C32,\"GUINDAUTO\",D16:D32)","v":15},null,null,null,{"$f":"$C$124","v":16.5},{"$f":"ROUND(D39*H39,2)","v":247.5}]
[]
["SUB-TOTAL (R$):",{"$nulls":7},{"$f":"SUM(I38:I40)","v":511.5}]
[]
["SERVIÇOS-COMPOSIÇÕES AUXILIARES"]
["CÓDIGO","DESCRIÇÃO","UNIDADE","QUANTIDADE",null,null,null,"CUSTO UNIT.\n(R$)","CUSTO TOTAL\n(R$)"]
[]
[]
["SUB-TOTAL (R$):",{"$nulls":7},0]
[]
["MÃO DE OBRA"]
["CÓDIGO","DESCRIÇÃO","UNIDADE","QUANTIDADE",null,null,null,"CUSTO UNIT.\n(R$)","CUSTO TOTAL\n(R$)"]
[]
[]
["SUB-TOTAL (R$):",{"$nulls":7},0]
[]
["PRODUÇÃO DA EQUIPE:",null,1,"CUSTO (R$):",{"$nulls":4},{"$f":"I53+I47+I41+I34","v":74839.450000000012}]
[]
["TOTAL-COMPOSIÇÃO DE PREÇO UNITÁRIO-DESMOBILIZAÇÃO-(R$):",{"$nulls":7},{"$f":"ROUND(I55*C55,2)","v":74839.45}]
[]
[]
["COMPOSIÇÃO DE PREÇO UNITÁRIO-DESMOBILIZAÇÃO"]
["Local / Canteiros: EIXO LESTE-Canteiro apoio geral (Floresta/PE)"]
[]
["Distância entre Recife/PE-Canteiro apoio geral (km):",null,null,{"$f":"Canteiros!H13","v":472},"Veloc. Média (km/h):",null,null,null,60]
[]
["EQUIPAMENTO"]
["CÓDIGO","DESCRIÇÃO","MEIO DE\nLOCOMOÇÃO","QUANTIDADE","FU","K","DMT\n(km)","CHP\n(R$)","CUSTO TOTAL\n(R$)"]
["E9592-DNIT/PE","CAMINHÃO TRUCADO (C/ TERCEIRO EIXO) ELETRÔNICO - POTÊNCIA 231CV - PBT = 22000KG - DIST. ENTRE EIXOS 5170 MM - INCLUI CARROCERIA FIXA ABERTA DE MADEIRA","Rodando",{"$f":"CPU_MOBILIZAÇAO!D67","v":1},1,1,{"$f":"$D$63","v":472},{"$f":"VLOOKUP(A67,A$117:C$125,3,FALSE)","v":248.2681},{"$f":"ROUND(D67*(((G67*F67*E67)/$I$12)*H67),2)","v":1953.04}]
["E9579-DNIT/PE","CAMINHÃO BASCULANTE 10 M3, TRUCADO CABINE SIMPLES, PESO BRUTO TOTAL 23.000 KG, CARGA ÚTIL MÁXIMA 15.935 KG, DISTÂNCIA ENTRE EIXOS 4,80 M, POTÊNCIA 230 CV INCLUSIVE CAÇAMBA METÁLICA ","Rodando",{"$f":"CPU_MOBILIZAÇAO!D68","v":1},1,1,{"$f":"$D$63","v":472},249.494,1962.69]
["E9686-DNIT/PE","Caminhão guindauto com capacidade de carga até 10,0 t","Rodando",{"$f":"CPU_MOBILIZAÇAO!D69","v":1},1,1,{"$f":"$D$63","v":472},279.49,2198.65]
["E9605-DNIT/PE","Caminhão tanque, capacidade de volume  6000 l e potência 136,0 hp","Rodando",{"$f":"CPU_MOBILIZAÇAO!D70","v":1},1,1,{"$f":"$D$63","v":472},234.19,1842.29]
["A9353-DNIT/PE","Carreta Reboque (para embarcação)","Rodando",{"$f":"CPU_MOBILIZAÇAO!D71","v":1},1,1,{"$f":"$D$63","v":472},55.605600000000003,437.43]
["E9666-DNIT/PE","Retroescavadeira sobre rodas com carregadeira, tração 4x4, potência líquida 72 hp, peso operacional mínimo de 7.140 kg, capacidade mínima da carregadeira de 0,79 m³ e da retroescavadeira mínima de 0,18 m³, profundidade de escavação máxima de 4,50 m.","Carreta",{"$f":"CPU_MOBILIZAÇAO!D72","v":1},1,2,{"$f":"$D$12","v":320},378.45,4036.8]
["A9353-DNIT/PE","Barco tipo Alumínio, 7 m de comprimento, Alumínio soldado, reforçado, borda sem corrimão, chapa de Alumínio 2,00 cm, boca 1,50 cm, borda 0,60 cm. / Motor popa, tipo partida manual, potência 15 hp, aplicação barco Alumínio, características adicionais: válvulas automáticas descompressão, refrigerado a ar, quantidade marchas 2 und, quantidade cilíndro 2 und, capacidade tanque 23 l, tipo motor: 2 tempos, velocidade: 4.500 a 5.800 rpm.","Rodando",{"$f":"CPU_MOBILIZAÇAO!D73","v":1},1,1,{"$f":"$D$63","v":472},55.605600000000003,437.43]
[]
["SUB-TOTAL (R$):",{"$nulls":7},{"$f":"SUBTOTAL(9,I67:I73)","v":12868.330000000002}]
[]
["MATERIAL"]
["CÓDIGO","DESCRIÇÃO","UNIDADE","QUANTIDADE",null,null,null,"CUSTO UNIT.\n(R$)","CUSTO TOTAL\n(R$)"]
["SINDUSCON/PE","Alimentação (motorista que vai rodando)","und",{"$f":"SUMIF(C67:C73,\"RODANDO\",D67:D73)","v":6},null,null,null,{"$f":"$C$124","v":16.5},{"$f":"ROUND(D79*H79,2)","v":99}]
["SINDUSCON/PE","Alimentação (motorista que retorna)","und",{"$f":"SUMIF(C67:C73,\"CARRETA\",D67:D73)+SUMIF(C67:C73,\"REBOQUE\",D67:D73)+SUMIF(C67:C73,\"GUINDAUTO\",D67:D73)","v":1},null,null,null,{"$f":"$C$124","v":16.5},{"$f":"ROUND(D80*H80,2)","v":16.5}]
[]
["SUB-TOTAL (R$):",{"$nulls":7},{"$f":"SUM(I79:I81)","v":115.5}]
[]
["SERVIÇOS-COMPOSIÇÕES AUXILIARES"]
["CÓDIGO","DESCRIÇÃO","UNIDADE","QUANTIDADE",null,null,null,"CUSTO UNIT.\n(R$)","CUSTO TOTAL\n(R$)"]
[]
[]
["SUB-TOTAL (R$):",{"$nulls":7},0]
[]
["MÃO DE OBRA"]
["CÓDIGO","DESCRIÇÃO","UNIDADE","QUANTIDADE",null,null,null,"CUSTO UNIT.\n(R$)","CUSTO TOTAL\n(R$)"]
[]
[]
["SUB-TOTAL (R$):",{"$nulls":7},0]
[]
["PRODUÇÃO DA EQUIPE:",null,1,"CUSTO (R$):",{"$nulls":4},{"$f":"I94+I88+I82+I75","v":12983.830000000002}]
[]
["TOTAL-COMPOSIÇÃO DE PREÇO UNITÁRIO-DESMOBILIZAÇÃO-(R$):",{"$nulls":7},{"$f":"ROUND(I96*C96,2)","v":12983.83}]
[]
[]
[]
["NOME DO INFORMANTE:",{"$nulls":6},"QUALIFICAÇÃO:"]
[]
["ASSINATURA:",{"$nulls":6},"DATA:"]
[]
["OBSERVAÇÃO:"]
["1. Fonte de Preços: Sistemas de Custos Referenciais de Obras-DNIT/PE (Tabela SICRO/PE). Data base: Janeiro/2022."]
["1. Fonte de Preços: SINAPI/PE. Data base: Abril/2022."]
["2. Para o Cálculo do Custo da Mobilização foi utilizada a metodologia do DNIT/PE."]
["3. Distância considerada a partir da capital mais próxima ao canteiro"]
[]
[]
[]
[]
[]
["Código","Descrição","R$/h"]
["E9592-DNIT/PE","Caminhão carroceria com capacidade de 15 t-188 kW",248.2681,"ok"]
["E9579-DNIT/PE","Caminhão basculante com capacidade de 10 m³-188 kW",249.494,"ok"]
["E9509-DNIT/PE","Caminhão tanque distribuidor de asfalto com capacidade de 6.000 l-7 kW/136 kW",244.79,"ok"]
["E9686-DNIT/PE","Caminhão carroceria com guindauto com capacidade de 20 t.m-136 kW",279.49]
["E9605-DNIT/PE","Caminhão tanque com capacidade de 6.000 l-136 kW",234.19,"ok"]
["A9353-DNIT/PE","Semirreboque com 2 eixos",55.605600000000003,"ok"]
["E9666-DNIT/PE","Cavalo mecânico com semirreboque com capacidade de 30 t-265 kW",378.45,"ok"]
["SINDCON/PE","Alimentação (motorista que vai rodando)-Convenção Coletiva de Trabalho 2021-2023-SINDCON/PE (Cláusula 19ª)",16.5]
[{"$nulls":4},{"$f":"SUM(C117:C124)","v":1706.7877000000001}]

{"sheet":"Canteiros","index":10,"n_rows":31,"n_cols":8,"rows_kept":31,"cut":false,"hidden":false,"merged":[[29,6,29,7],[27,6,27,7],[28,6,28,7],[26,6,26,7],[4,0,5,7],[7,0,7,7],[10,0,11,0],[10,1,11,1],[10,4,11,4],[10,3,11,3],[10,6,10,7],[10,5,11,5],[17,0,25,0],[12,0,16,0],[12,1,16,1],[12,2,16,2],[12,3,16,3],[12,6,16,6],[12,7,16,7],[17,1,25,1],[17,2,25,2],[17,3,25,3],[17,6,25,6],[17,7,25,7]]}
[null,null,null,"Ministério do Desenvolvimento Regional  - MDR"]
[null,null,null,"Companhia de Desenvolvimento dos Vales do São Francisco e do Parnaíba"]
[null,null,null,"Gerência de Operação do PISF - Centro de Controle e Operação (AD / GOI / CCO)"]
[]
[{"$f":"Mobilizacao_Desmobilizacao!A5","v":"TERMO DE REFERÊNCIA PARA CONTRATAÇÃO DOS RECURSOS NECESSÁRIOS À OPERAÇÃO E MANUTENÇÃO DAS INFRAESTRUTURAS DO EIXO LESTE DO PISF - PROJETO DE INTEGRAÇÃO DO SÃO FRANCISCO COM AS BACIAS HIDROGRÁFICAS DO NORDESTE SETENTRIONAL"}]
[]
[]
["CANTEIROS - INFORMAÇÕES COMPLEMENTARES"]
[]
[]
["ITEM","CANTEIRO",null,"TRECHO","RESERVATÓRIOS","ESTAÇÕES DE\nBOMBEAMENTO","LOCALIZAÇÃO"]
[{"$nulls":6},"CAPITAL MAIS PRÓXIMA","DIST. ATÉ CAPITAL (km)"]
[1,"Canteiro apoio geral (Reforma e / ou Construção)","Floresta / PE","Trecho 1 - Do reservatório de Itaparica até o canal 2213","Areias","EBV-1","Recife / PE",472]
[{"$nulls":4},"Braúnas","EBV-2"]
[{"$nulls":4},"Mandantes","EBV-3"]
[{"$nulls":4},"Salgueiro"]
[{"$nulls":4},"Muquem"]
[2,"Canteiro Central (Reforma e / ou Construção)","Sertânia / PE","Trecho 2 - De Reservatório Cacimba Nova até Monteiro/PB.","Cacimba Nova","EBV-4","Recife / PE",320]
[{"$nulls":4},"Bagres"]
[{"$nulls":4},"Copiti"]
[{"$nulls":4},"Moxotó","EBV-5"]
[{"$nulls":4},"Barreiro","EBV-6"]
[{"$nulls":4},"Campos"]
[{"$nulls":4},"Barro Branco"]
[{"$nulls":4},"Monteiro"]
[{"$nulls":4},"Monteiro"]
["NOME DO INFORMANTE:",{"$nulls":5},"QUALIFICAÇÃO:"]
[]
["ASSINATURA:",{"$nulls":5},"DATA:"]
[]
["OBSERVAÇAO:"]

{"sheet":"Mao_de_Obra","index":11,"n_rows":75,"n_cols":9,"rows_kept":75,"cut":false,"hidden":false,"merged":[[71,0,72,6],[73,0,73,6],[74,0,74,6],[57,0,57,4],[57,5,57,6],[54,0,54,6],[55,2,55,4],[55,5,55,6],[56,2,56,4],[56,5,56,6],[0,2,0,6],[1,2,1,6],[2,2,2,6],[4,0,5,6],[7,0,7,6],[10,5,10,6],[12,2,12,6],[51,0,51,5],[10,0,11,0],[10,2,11,2],[10,3,11,3],[10,4,11,4],[10,1,11,1],[77,0,77,6],[60,0,60,4],[61,0,61,4],[62,0,62,4],[63,0,63,4],[60,5,60,6],[61,5,61,6],[62,5,62,6],[63,5,63,6],[64,0,64,6],[75,0,75,6],[76,0,76,6],[65,0,65,6],[66,0,67,6],[68,0,69,6],[70,0,70,6]]}
[null,null,"Ministério do Desenvolvimento Regional  - MDR"]
[null,null,"Companhia de Desenvolvimento dos Vales do São Francisco e do Parnaíba"]
[null,null,"Gerência de Operação do PISF - Centro de Controle e Operação (AD / GOI / CCO)"]
[]
[{"$f":"ORCAMENTO_RESUMO!A5","v":"TERMO DE REFERÊNCIA PARA CONTRATAÇÃO DOS RECURSOS NECESSÁRIOS À OPERAÇÃO E MANUTENÇÃO DAS INFRAESTRUTURAS DO EIXO LESTE DO PISF - PROJETO DE INTEGRAÇÃO DO SÃO FRANCISCO COM AS BACIAS HIDROGRÁFICAS DO NORDESTE SETENTRIONAL"}]
[]
[]
["EQUIPE - MÃO DE OBRA"]
[]
[]
["ITEM","CÓDIGO","DESCRIÇÃO","UNIDADE","QUANTIDADE","VALOR (R$)"]
[{"$nulls":5},"UNITARIO","TOTAL"]
["1.",null,{"$f":"A8","v":"EQUIPE - MÃO DE OBRA"}]
["1.1",{"$f":"VLOOKUP(C14,'Mao_de_Obra (Total)'!B$15:C$69,2,FALSE)","v":"A1"},"Almoxarife","homem x mês",{"$f":"SUMIF('Mao_de_Obra (Total)'!B$14:B$69,C14,'Mao_de_Obra (Total)'!F$14:F$69)","v":6},{"$f":"VLOOKUP(C14,'Mao_de_Obra (Total)'!B$11:K$69,10,FALSE)","v":4191.83},{"$f":"ROUND(E14*F14,2)","v":25150.98},47118.6]
["1.2",{"$f":"VLOOKUP(C15,'Mao_de_Obra (Total)'!B$15:C$69,2,FALSE)","v":"A1"},"Auxiliar Administrativo","homem x mês",{"$f":"SUMIF('Mao_de_Obra (Total)'!B$14:B$69,C15,'Mao_de_Obra (Total)'!F$14:F$69)","v":6},{"$f":"VLOOKUP(C15,'Mao_de_Obra (Total)'!B$11:K$69,10,FALSE)","v":4191.83},{"$f":"ROUND(E15*F15,2)","v":25150.98},188474.4]
["1.3","A9","Auxiliar de serviços gerais","homem x mês",{"$f":"SUMIF('Mao_de_Obra (Total)'!B$14:B$69,C16,'Mao_de_Obra (Total)'!F$14:F$69)","v":36},{"$f":"VLOOKUP(C16,'Mao_de_Obra (Total)'!B$11:K$69,10,FALSE)","v":3231.03},{"$f":"ROUND(E16*F16,2)","v":116317.08},466871.03999999998]
["1.4",{"$f":"VLOOKUP(C17,'Mao_de_Obra (Total)'!B$15:C$69,2,FALSE)","v":"T3"},"Auxiliar de Topografia","homem x mês",{"$f":"SUMIF('Mao_de_Obra (Total)'!B$14:B$69,C17,'Mao_de_Obra (Total)'!F$14:F$69)","v":12},{"$f":"VLOOKUP(C17,'Mao_de_Obra (Total)'!B$11:K$69,10,FALSE)","v":4673.62},56083.44,105009.36]
["1.5",{"$f":"VLOOKUP(C18,'Mao_de_Obra (Total)'!B$15:C$69,2,FALSE)","v":"A8"},"Carpinteiro","homem x mês",{"$f":"SUMIF('Mao_de_Obra (Total)'!B$14:B$69,C18,'Mao_de_Obra (Total)'!F$14:F$69)","v":12},{"$f":"VLOOKUP(C18,'Mao_de_Obra (Total)'!B$11:K$69,10,FALSE)","v":3964.86},47578.32,136999.44]
["1.6",{"$f":"VLOOKUP(C19,'Mao_de_Obra (Total)'!B$15:C$69,2,FALSE)","v":"CA"},"Coordenador - Chefe de Escritório","homem x mês",{"$f":"SUMIF('Mao_de_Obra (Total)'!B$14:B$69,C19,'Mao_de_Obra (Total)'!F$14:F$69)","v":6},{"$f":"VLOOKUP(C19,'Mao_de_Obra (Total)'!B$11:K$69,10,FALSE)","v":15604.75},93628.5,82067.759999999995]
["1.7",{"$f":"VLOOKUP(C20,'Mao_de_Obra (Total)'!B$15:C$69,2,FALSE)","v":"P0"},"Coordenador - Engenheiro Sênior (Civil / Eletricista / Mecânico) ","homem x mês",{"$f":"SUMIF('Mao_de_Obra (Total)'!B$14:B$69,C20,'Mao_de_Obra (Total)'!F$14:F$69)","v":6},{"$f":"VLOOKUP(C20,'Mao_de_Obra (Total)'!B$11:K$69,10,FALSE)","v":30381.93},182291.58,374418.84]
["1.8",{"$f":"VLOOKUP(C21,'Mao_de_Obra (Total)'!B$15:C$69,2,FALSE)","v":"P1"},"Coordenador Manutenção - Engenheiro Pleno (Civil / Eletricista / Mecânico) ","homem x mês",{"$f":"SUMIF('Mao_de_Obra (Total)'!B$14:B$69,C21,'Mao_de_Obra (Total)'!F$14:F$69)","v":6},{"$f":"VLOOKUP(C21,'Mao_de_Obra (Total)'!B$11:K$69,10,FALSE)","v":22362.89},134177.34,266942.76]
["1.9",{"$f":"VLOOKUP(C22,'Mao_de_Obra (Total)'!B$15:C$69,2,FALSE)","v":"P1"},"Coordenador Operação - Engenheiro Pleno (Civil / Eletricista / Mecânico) ","homem x mês",{"$f":"SUMIF('Mao_de_Obra (Total)'!B$14:B$69,C22,'Mao_de_Obra (Total)'!F$14:F$69)","v":6},{"$f":"VLOOKUP(C22,'Mao_de_Obra (Total)'!B$11:K$69,10,FALSE)","v":22362.89},134177.34,266942.76]
["1.10",{"$f":"VLOOKUP(C23,'Mao_de_Obra (Total)'!B$15:C$69,2,FALSE)","v":"A5"},"Eletricista","homem x mês",{"$f":"SUMIF('Mao_de_Obra (Total)'!B$14:B$69,C23,'Mao_de_Obra (Total)'!F$14:F$69)","v":12},{"$f":"VLOOKUP(C23,'Mao_de_Obra (Total)'!B$11:K$69,10,FALSE)","v":4038.06},48456.72,139231.44]
["1.11",{"$f":"VLOOKUP(C24,'Mao_de_Obra (Total)'!B$15:C$69,2,FALSE)","v":"A5"},"Eletricista (inclusive adicional de periculosidade)","homem x mês",{"$f":"SUMIF('Mao_de_Obra (Total)'!B$14:B$69,C24,'Mao_de_Obra (Total)'!F$14:F$69)","v":18},{"$f":"VLOOKUP(C24,'Mao_de_Obra (Total)'!B$11:K$69,10,FALSE)","v":5249.48},94490.64,844670.4]
["1.12",{"$f":"VLOOKUP(C25,'Mao_de_Obra (Total)'!B$15:C$69,2,FALSE)","v":"P1"},"Engenheiro de Segurança e Medicina do Trabalho (inclusive adicional de periculosidade)","homem x mês",{"$f":"SUMIF('Mao_de_Obra (Total)'!B$14:B$69,C25,'Mao_de_Obra (Total)'!F$14:F$69)","v":6},{"$f":"VLOOKUP(C25,'Mao_de_Obra (Total)'!B$11:K$69,10,FALSE)","v":29071.759999999998},174430.56,347025.6]
["1.13",{"$f":"VLOOKUP(C26,'Mao_de_Obra (Total)'!B$15:C$69,2,FALSE)","v":"P2"},"Engenheiro Junior ","homem x mês",{"$f":"SUMIF('Mao_de_Obra (Total)'!B$14:B$69,C26,'Mao_de_Obra (Total)'!F$14:F$69)","v":24},{"$f":"VLOOKUP(C26,'Mao_de_Obra (Total)'!B$11:K$69,10,FALSE)","v":18890.87},{"$f":"ROUND(E26*F26,2)","v":453380.88},1235866.32]
["1.14",{"$f":"VLOOKUP(C27,'Mao_de_Obra (Total)'!B$15:C$69,2,FALSE)","v":"P1"},"Engenheiro Pleno ","homem x mês",{"$f":"SUMIF('Mao_de_Obra (Total)'!B$14:B$69,C27,'Mao_de_Obra (Total)'!F$14:F$69)","v":36},{"$f":"VLOOKUP(C27,'Mao_de_Obra (Total)'!B$11:K$69,10,FALSE)","v":22362.89},{"$f":"ROUND(E27*F27,2)","v":805064.04},3203313.12]
["1.15",{"$f":"VLOOKUP(C28,'Mao_de_Obra (Total)'!B$15:C$69,2,FALSE)","v":"A7"},"Ferreiro","homem x mês",{"$f":"SUMIF('Mao_de_Obra (Total)'!B$14:B$69,C28,'Mao_de_Obra (Total)'!F$14:F$69)","v":6},{"$f":"VLOOKUP(C28,'Mao_de_Obra (Total)'!B$11:K$69,10,FALSE)","v":3986.62},23919.72,137722.32]
["1.16",{"$f":"VLOOKUP(C29,'Mao_de_Obra (Total)'!B$15:C$69,2,FALSE)","v":"P1"},"Geólogo  (Geotecnia)","homem x mês",{"$f":"SUMIF('Mao_de_Obra (Total)'!B$14:B$69,C29,'Mao_de_Obra (Total)'!F$14:F$69)","v":6},{"$f":"VLOOKUP(C29,'Mao_de_Obra (Total)'!B$11:K$69,10,FALSE)","v":22362.89},134177.34,266942.76]
["1.17",{"$f":"VLOOKUP(C30,'Mao_de_Obra (Total)'!B$15:C$69,2,FALSE)","v":"P2"},"Médico do Trabalho","homem x mês",{"$f":"SUMIF('Mao_de_Obra (Total)'!B$14:B$69,C30,'Mao_de_Obra (Total)'!F$14:F$69)","v":6},{"$f":"VLOOKUP(C30,'Mao_de_Obra (Total)'!B$11:K$69,10,FALSE)","v":18890.87},113345.22,266942.76]
["1.18",{"$f":"VLOOKUP(C31,'Mao_de_Obra (Total)'!B$15:C$69,2,FALSE)","v":"A3"},"Motorista","homem x mês",{"$f":"SUMIF('Mao_de_Obra (Total)'!B$14:B$69,C31,'Mao_de_Obra (Total)'!F$14:F$69)","v":6},{"$f":"VLOOKUP(C31,'Mao_de_Obra (Total)'!B$11:K$69,10,FALSE)","v":5309.43},31856.58,62155.56]
["1.19",{"$f":"VLOOKUP(C32,'Mao_de_Obra (Total)'!B$15:C$69,2,FALSE)","v":"A6"},"Pedreiro","homem x mês",{"$f":"SUMIF('Mao_de_Obra (Total)'!B$14:B$69,C32,'Mao_de_Obra (Total)'!F$14:F$69)","v":24},{"$f":"VLOOKUP(C32,'Mao_de_Obra (Total)'!B$11:K$69,10,FALSE)","v":4004.23},96101.52,322656.59999999998]
["1.20",{"$f":"VLOOKUP(C33,'Mao_de_Obra (Total)'!B$15:C$69,2,FALSE)","v":"A11"},"Servente","homem x mês",{"$f":"SUMIF('Mao_de_Obra (Total)'!B$14:B$69,C33,'Mao_de_Obra (Total)'!F$14:F$69)","v":360},{"$f":"VLOOKUP(C33,'Mao_de_Obra (Total)'!B$11:K$69,10,FALSE)","v":3244.27},1167937.2,4588992]
["1.21",{"$f":"VLOOKUP(C34,'Mao_de_Obra (Total)'!B$15:C$69,2,FALSE)","v":"T2"},"Técnico Automação - Especialista em SDSC (inclusive adicional de periculosidade)","homem x mês",{"$f":"SUMIF('Mao_de_Obra (Total)'!B$14:B$69,C34,'Mao_de_Obra (Total)'!F$14:F$69)","v":6},{"$f":"VLOOKUP(C34,'Mao_de_Obra (Total)'!B$11:K$69,10,FALSE)","v":8560.93},51365.58,99377.16]
["1.22",{"$f":"VLOOKUP(C35,'Mao_de_Obra (Total)'!B$15:C$69,2,FALSE)","v":"T3"},"Técnico Auxiliar","homem x mês",{"$f":"SUMIF('Mao_de_Obra (Total)'!B$14:B$69,C35,'Mao_de_Obra (Total)'!F$14:F$69)","v":36},{"$f":"VLOOKUP(C35,'Mao_de_Obra (Total)'!B$11:K$69,10,FALSE)","v":4673.62},168250.32,630056.16]
["1.23",{"$f":"VLOOKUP(C36,'Mao_de_Obra (Total)'!B$15:C$69,2,FALSE)","v":"T3"},"Técnico Auxiliar (inclusive adicional de periculosidade)","homem x mês",{"$f":"SUMIF('Mao_de_Obra (Total)'!B$14:B$69,C36,'Mao_de_Obra (Total)'!F$14:F$69)","v":18},{"$f":"VLOOKUP(C36,'Mao_de_Obra (Total)'!B$11:K$69,10,FALSE)","v":6075.71},{"$f":"ROUND(E36*F36,2)","v":109362.78}]
["1.24",{"$f":"VLOOKUP(C37,'Mao_de_Obra (Total)'!B$15:C$69,2,FALSE)","v":"T2"},"Técnico de Segurança e Medicina do Trabalho (inclusive adicional de periculosidade)","homem x mês",{"$f":"SUMIF('Mao_de_Obra (Total)'!B$14:B$69,C37,'Mao_de_Obra (Total)'!F$14:F$69)","v":6},{"$f":"VLOOKUP(C37,'Mao_de_Obra (Total)'!B$11:K$69,10,FALSE)","v":8560.93},{"$f":"ROUND(E37*F37,2)","v":51365.58},198754.32]
["1.25",{"$f":"VLOOKUP(C38,'Mao_de_Obra (Total)'!B$15:C$69,2,FALSE)","v":"T2"},"Tecnico Edificações","homem x mês",{"$f":"SUMIF('Mao_de_Obra (Total)'!B$14:B$69,C38,'Mao_de_Obra (Total)'!F$14:F$69)","v":12},{"$f":"VLOOKUP(C38,'Mao_de_Obra (Total)'!B$11:K$69,10,FALSE)","v":6585.33},{"$f":"ROUND(E38*F38,2)","v":79023.960000000006},229331.88]
["1.26",{"$f":"VLOOKUP(C39,'Mao_de_Obra (Total)'!B$15:C$69,2,FALSE)","v":"T2"},"Técnico - Cadista","homem x mês",{"$f":"SUMIF('Mao_de_Obra (Total)'!B$14:B$69,C39,'Mao_de_Obra (Total)'!F$14:F$69)","v":6},{"$f":"VLOOKUP(C39,'Mao_de_Obra (Total)'!B$11:K$69,10,FALSE)","v":6585.33},39511.980000000003,229331.88]
["1.27",{"$f":"VLOOKUP(C40,'Mao_de_Obra (Total)'!B$15:C$69,2,FALSE)","v":"T2"},"Técnico Pleno - Eletrotécnico - Diurno (inclusive adicional de periculosidade)","homem x mês",{"$f":"SUMIF('Mao_de_Obra (Total)'!B$14:B$69,C40,'Mao_de_Obra (Total)'!F$14:F$69)","v":72},{"$f":"VLOOKUP(C40,'Mao_de_Obra (Total)'!B$11:K$69,10,FALSE)","v":8560.93},616386.96,2385051.84]
["1.28",{"$f":"VLOOKUP(C41,'Mao_de_Obra (Total)'!B$15:C$69,2,FALSE)","v":"T2"},"Técnico Pleno - Eletrotécnico -  Noturno (inclusive adicional de periculosidade)","homem x mês",{"$f":"SUMIF('Mao_de_Obra (Total)'!B$14:B$69,C41,'Mao_de_Obra (Total)'!F$14:F$69)","v":72},{"$f":"VLOOKUP(C41,'Mao_de_Obra (Total)'!B$11:K$69,10,FALSE)","v":10476.090181818181},754278.49,2918610.01]
["1.29",{"$f":"VLOOKUP(C42,'Mao_de_Obra (Total)'!B$15:C$69,2,FALSE)","v":"T2"},"Técnico Junior - Mecânico - Diurno (inclusive adicional de periculosidade)","homem x mês",{"$f":"SUMIF('Mao_de_Obra (Total)'!B$14:B$69,C42,'Mao_de_Obra (Total)'!F$14:F$69)","v":72},{"$f":"VLOOKUP(C42,'Mao_de_Obra (Total)'!B$11:K$69,10,FALSE)","v":8560.93},{"$f":"ROUND(E42*F42,2)","v":616386.96},1192525.92]
["1.30",{"$f":"VLOOKUP(C43,'Mao_de_Obra (Total)'!B$15:C$69,2,FALSE)","v":"T2"},"Técnico Junior - Mecânico - Noturno (inclusive adicional de periculosidade)","homem x mês",{"$f":"SUMIF('Mao_de_Obra (Total)'!B$14:B$69,C43,'Mao_de_Obra (Total)'!F$14:F$69)","v":72},{"$f":"VLOOKUP(C43,'Mao_de_Obra (Total)'!B$11:K$69,10,FALSE)","v":10476.090181818181},754278.49,1459305.01]
["1.31",{"$f":"VLOOKUP(C44,'Mao_de_Obra (Total)'!B$15:C$69,2,FALSE)","v":"T2"},"Técnico Pleno ","homem x mês",{"$f":"SUMIF('Mao_de_Obra (Total)'!B$14:B$69,C44,'Mao_de_Obra (Total)'!F$14:F$69)","v":60},{"$f":"VLOOKUP(C44,'Mao_de_Obra (Total)'!B$11:K$69,10,FALSE)","v":6585.33},395119.8,1070215.44]
["1.32",{"$f":"VLOOKUP(C45,'Mao_de_Obra (Total)'!B$15:C$69,2,FALSE)","v":"T2"},"Técnico Pleno (inclusive adicional de periculosidade)","homem x mês",{"$f":"SUMIF('Mao_de_Obra (Total)'!B$14:B$69,C45,'Mao_de_Obra (Total)'!F$14:F$69)","v":18},{"$f":"VLOOKUP(C45,'Mao_de_Obra (Total)'!B$11:K$69,10,FALSE)","v":8560.93},154096.74,496885.8]
["1.33",{"$f":"VLOOKUP(C46,'Mao_de_Obra (Total)'!B$15:C$69,2,FALSE)","v":"T1"},"Técnico Pleno - Analista em Tecnologia da Informação","homem x mês",{"$f":"SUMIF('Mao_de_Obra (Total)'!B$14:B$69,C46,'Mao_de_Obra (Total)'!F$14:F$69)","v":6},{"$f":"VLOOKUP(C46,'Mao_de_Obra (Total)'!B$11:K$69,10,FALSE)","v":6585.33},{"$f":"ROUND(E46*F46,2)","v":39511.980000000003}]
["1.34","T0","Técnico - Profissional Sênior (N. Médio/Especializado)","homem x mês",{"$f":"SUMIF('Mao_de_Obra (Total)'!B$14:B$69,C47,'Mao_de_Obra (Total)'!F$14:F$69)","v":18},{"$f":"VLOOKUP(C47,'Mao_de_Obra (Total)'!B$11:K$69,10,FALSE)","v":10135.129999999999},{"$f":"ROUND(E47*F47,2)","v":182432.34},1647821.76]
["1.35",{"$f":"VLOOKUP(C48,'Mao_de_Obra (Total)'!B$15:C$69,2,FALSE)","v":"T2"},"Técnico Telecomunicações/Eletrônica (inclusive adicional de periculosidade)","homem x mês",{"$f":"SUMIF('Mao_de_Obra (Total)'!B$14:B$69,C48,'Mao_de_Obra (Total)'!F$14:F$69)","v":6},{"$f":"VLOOKUP(C48,'Mao_de_Obra (Total)'!B$11:K$69,10,FALSE)","v":8560.93},{"$f":"ROUND(E48*F48,2)","v":51365.58},99377.16]
["1.36",{"$f":"VLOOKUP(C49,'Mao_de_Obra (Total)'!B$15:C$69,2,FALSE)","v":"TS"},"Topógrafo","homem x mês",{"$f":"SUMIF('Mao_de_Obra (Total)'!B$14:B$69,C49,'Mao_de_Obra (Total)'!F$14:F$69)","v":6},{"$f":"VLOOKUP(C49,'Mao_de_Obra (Total)'!B$11:K$69,10,FALSE)","v":7178.1},43068.6,80742]
["1.37",{"$f":"VLOOKUP(C50,'Mao_de_Obra (Total)'!B$15:C$69,2,FALSE)","v":"A10"},"Vigia diurno ","homem x mês",{"$f":"SUMIF('Mao_de_Obra (Total)'!B$14:B$69,C50,'Mao_de_Obra (Total)'!F$14:F$69)","v":24},{"$f":"VLOOKUP(C50,'Mao_de_Obra (Total)'!B$11:K$69,10,FALSE)","v":3222.21},77333.039999999994,295647.84000000003]
["1.38",{"$f":"VLOOKUP(C51,'Mao_de_Obra (Total)'!B$15:C$69,2,FALSE)","v":"A10"},"Vigia noturno","homem x mês",{"$f":"SUMIF('Mao_de_Obra (Total)'!B$14:B$69,C51,'Mao_de_Obra (Total)'!F$14:F$69)","v":24},{"$f":"VLOOKUP(C51,'Mao_de_Obra (Total)'!B$11:K$69,10,FALSE)","v":3749.4807272727276},{"$f":"ROUND(E51*F51,2)","v":89987.54}]
[{"$f":"\"TOTAL - \"&C13&\" - (R$):\"","v":"TOTAL - EQUIPE - MÃO DE OBRA - (R$):"},{"$nulls":5},{"$f":"SUM(G14:G51)","v":8230842.7000000011}]
[]
[]
[{"$f":"\"RESUMO - \"&A$8","v":"RESUMO - EQUIPE - MÃO DE OBRA"}]
["ITEM",null,"DESCRIÇÃO",null,null,"VALOR TOTAL (R$)"]
[1,null,{"$f":"C13","v":"EQUIPE - MÃO DE OBRA"},null,null,{"$f":"G52","v":8230842.7000000011}]
[{"$f":"\"TOTAL GERAL - \"&A$8&\" -  (R$):\"","v":"TOTAL GERAL - EQUIPE - MÃO DE OBRA -  (R$):"},{"$nulls":4},{"$f":"SUM(F57:G57)","v":8230842.7000000011},null,null,31038949.16]
[]
[]
["NOME DO INFORMANTE:",{"$nulls":4},"QUALIFICAÇÃO:"]
[]
["ASSINATURA:",{"$nulls":4},"DATA:"]
[]
["OBSERVAÇÕES:"]
["1. Considerado a carga horária de 176 horas/mês"]
["2. Os cálculos de cada parcela que compõe o salário completo foram calculadas isoladamente. (Salário Base + Adicional de Periculosidade (quando houver) + Adicional Noturno (quando houver) + Adicional de Horas Extras (quando houver) +  Encargos Sociais)"]
[]
["3. Adicional de Periculosidade 30%: foi previsto para todos os profissionais eletricitários (Operação e Manutenção) que trabalham em contato com rede elétrica (nas estações de bombeamento, sub-estações, etc.) "]
[]
["4. Hora Noturna: Hora Diurna x 20%"]
["5. Adicional Noturno: *Considerado 120 horas/profissional/mês (Total de 8h noturnas: Período de 22h as 5h = 8h noturnas + 1h até as 6h => Súmula 60 do TST)    *(Incide sobre Salário Base + Periculosidade => Súmula 191 do TST)"]
[]
["6. Período noturno – 22 às 5 horas, o valor da hora tem 52 minutos e 30 segundos; logo, nesse período, há 8 horas"]
["7. Foi considerado intervalo intrajornada para todos os profissionais que trabalham em escala 12h x 36h "]

{"sheet":"Mao_de_Obra (Total)","index":12,"n_rows":84,"n_cols":33,"rows_kept":84,"cut":false,"hidden":false,"merged":[[10,26,10,27],[11,26,12,26],[11,27,12,27],[10,24,10,25],[10,0,12,0],[10,1,12,1],[10,2,12,2],[10,3,12,3],[10,4,11,5],[11,6,12,6],[11,10,12,10],[11,11,12,11],[11,25,12,25],[11,24,12,24],[11,14,12,14],[11,28,12,28],[11,29,12,29],[11,30,12,30],[11,31,12,31],[11,32,12,32],[0,2,0,14],[1,2,1,14],[2,2,2,14],[4,0,5,14],[10,6,10,10],[7,0,7,14],[10,11,10,14],[72,0,73,13],[84,0,84,14],[74,0,74,14],[71,0,71,13],[11,13,12,13],[11,8,11,9],[85,0,85,14],[76,0,76,14],[77,0,77,14],[75,0,75,14],[78,0,78,14],[79,0,79,14],[80,0,80,14],[81,0,81,14],[82,0,82,14],[83,0,83,14]]}
[null,null,"Ministério do Desenvolvimento Regional  - MDR"]
[null,null,"Companhia de Desenvolvimento dos Vales do São Francisco e do Parnaíba"]
[null,null,"Gerência de Operação do PISF - Centro de Controle e Operação (AD / GOI / CCO)"]
[]
[{"$f":"Mao_de_Obra!A5","v":"TERMO DE REFERÊNCIA PARA CONTRATAÇÃO DOS RECURSOS NECESSÁRIOS À OPERAÇÃO E MANUTENÇÃO DAS INFRAESTRUTURAS DO EIXO LESTE DO PISF - PROJETO DE INTEGRAÇÃO DO SÃO FRANCISCO COM AS BACIAS HIDROGRÁFICAS DO NORDESTE SETENTRIONAL"}]
[]
[]
["MÃO DE OBRA - TOTAL"]
[]
[]
["ITEM","DESCRIÇÃO","CLASSE","Prazo (Mês)","Quantidade (undxmês)",null,"SALÁRIOS MENSAL (R$)",{"$nulls":4},"SALÁRIOS TOTAL (R$)"]
[{"$nulls":6},"SALÁRIO BASE (Com Encargo)","Periculosidade ","Adicional Noturno",null,"SALÁRIO COMPLETO (Incluindo: encargos, benefícios, adicionais e horas extras)","SALÁRIO BASE (Com Encargo)","Periculosidade","Adicional Noturno (c/ intrajornada)","SALÁRIO COMPLETO (Incluindo: encargos, adicionais e horas extras)"]
[{"$nulls":4},"Unitária","Total",null,0.3,"Valor da Hora Noturna","Valor do Adicional Noturno (c/ intrajornada)",null,null,{"$f":"H13","v":0.3}]
["1.","COORDENAÇÃO GERAL"]
["1.1","Coordenador - Engenheiro Sênior (Civil / Eletricista / Mecânico) ","P0",{"$f":"'ORCAMENTO_CONSOLIDADO (2)'!$K$1","v":6},{"$f":"Mem_Calculo_EQUIPE!F13","v":1},{"$f":"D15*E15","v":6},{"$f":"VLOOKUP(C15,CPU_SALARIOS!$D$14:$H$39,5,FALSE)","v":30381.93},0,0,0,{"$f":"G15+H15+J15","v":30381.93},{"$f":"ROUND(F15*G15,2)","v":182291.58},{"$f":"ROUND(F15*H15,2)","v":0},{"$f":"ROUND(F15*J15,2)","v":0},{"$f":"ROUND(F15*K15,2)","v":182291.58},{"$nulls":9},1,{"$f":"AC15-$Y15","v":0},1,{"$f":"AC15-AA15","v":0},{"$f":"SUM(AD15:AG15)","v":1},1,0,0,0]
["2.","COORDENAÇÃO DA OPERAÇÃO"]
["2.1","Coordenador Operação - Engenheiro Pleno (Civil / Eletricista / Mecânico) ","P1",{"$f":"D$15","v":6},{"$f":"Mem_Calculo_EQUIPE!F16","v":1},{"$f":"D17*E17","v":6},{"$f":"VLOOKUP(C17,CPU_SALARIOS!$D$14:$H$39,5,FALSE)","v":22362.89},0,0,0,{"$f":"G17+H17+J17","v":22362.89},{"$f":"ROUND(F17*G17,2)","v":134177.34},{"$f":"ROUND(F17*H17,2)","v":0},{"$f":"ROUND(F17*J17,2)","v":0},{"$f":"ROUND(F17*K17,2)","v":134177.34},{"$nulls":9},1,{"$f":"AC17-$Y17","v":0},1,{"$f":"AC17-AA17","v":0},{"$f":"SUM(AD17:AG17)","v":1},1,0,0,0]
["3.","COORDENAÇÃO DA MANUTENÇÃO "]
["3.1","Coordenador Manutenção - Engenheiro Pleno (Civil / Eletricista / Mecânico) ","P1",{"$f":"D$15","v":6},{"$f":"Mem_Calculo_EQUIPE!F19","v":1},{"$f":"D19*E19","v":6},{"$f":"VLOOKUP(C19,CPU_SALARIOS!$D$14:$H$39,5,FALSE)","v":22362.89},0,0,0,22362.89,{"$f":"ROUND(F19*G19,2)","v":134177.34},{"$f":"ROUND(F19*H19,2)","v":0},{"$f":"ROUND(F19*J19,2)","v":0},{"$f":"ROUND(F19*K19,2)","v":134177.34},{"$nulls":9},1,{"$f":"AC19-$Y19","v":0},1,{"$f":"AC19-AA19","v":0},{"$f":"SUM(AD19:AG19)","v":1},1,0,0,0]
["4.","COORDENAÇÃO ADMINISTRAÇÃO E LOGÍSTICA"]
["4.1","Coordenador - Chefe de Escritório","CA",{"$f":"D$15","v":6},{"$f":"Mem_Calculo_EQUIPE!F22","v":1},{"$f":"D21*E21","v":6},{"$f":"VLOOKUP(C21,CPU_SALARIOS!$D$14:$H$39,5,FALSE)","v":15604.75},0,0,0,15604.75,{"$f":"ROUND(F21*G21,2)","v":93628.5},{"$f":"ROUND(F21*H21,2)","v":0},{"$f":"ROUND(F21*J21,2)","v":0},{"$f":"ROUND(F21*K21,2)","v":93628.5},{"$nulls":9},1,{"$f":"AC21-$Y21","v":0},1,{"$f":"AC21-AA21","v":0},{"$f":"SUM(AD21:AG21)","v":1},1,0,0,0]
["4.2","Auxiliar Administrativo","A1",6,{"$f":"Mem_Calculo_EQUIPE!F23","v":1},6,{"$f":"VLOOKUP(C22,CPU_SALARIOS!$D$14:$H$39,5,FALSE)","v":4191.83},0,0,0,4191.83,25150.98,0,0,25150.98,{"$nulls":9},2,-1,2,-1,1,1,0,0,0]
["4.3","Técnico Pleno - Analista em Tecnologia da Informação","T1",6,{"$f":"Mem_Calculo_EQUIPE!F24","v":1},6,{"$f":"VLOOKUP(C23,CPU_SALARIOS!$D$14:$H$39,5,FALSE)","v":6585.33},0,0,0,6585.33,39511.980000000003,0,0,39511.980000000003,{"$nulls":9},1,0,1,0,1,1,0,0,0]
["4.4","Motorista","A3",6,{"$f":"Mem_Calculo_EQUIPE!F25","v":1},6,{"$f":"VLOOKUP(C24,CPU_SALARIOS!$D$14:$H$39,5,FALSE)","v":5309.43},0,0,0,5309.43,31856.58,0,0,31856.58,{"$nulls":9},9,-4,5,0,5,2,1,1,1]
["4.5","Almoxarife","A1",6,{"$f":"Mem_Calculo_EQUIPE!F26","v":1},6,{"$f":"VLOOKUP(C25,CPU_SALARIOS!$D$14:$H$39,5,FALSE)","v":4191.83},0,0,0,4191.83,25150.98,0,0,25150.98,{"$nulls":9},2,-1,1,0,1,1,0,0,0]
["4.6","Auxiliar de serviços gerais","A9",6,{"$f":"Mem_Calculo_EQUIPE!F27","v":6},{"$f":"D26*E26","v":36},{"$f":"VLOOKUP(C26,CPU_SALARIOS!$D$14:$H$39,5,FALSE)","v":3231.03},0,0,0,3231.03,116317.08,0,0,116317.08,{"$nulls":9},6,6,6,6,12,0,4,4,4]
["5.","SEGURANÇA E MEDICINA DO TRABALHO"]
["5.1","Engenheiro de Segurança e Medicina do Trabalho (inclusive adicional de periculosidade)","P1",{"$f":"D$15","v":6},{"$f":"Mem_Calculo_EQUIPE!F30","v":1},{"$f":"D28*E28","v":6},{"$f":"VLOOKUP(C28,CPU_SALARIOS!$D$14:$H$39,5,FALSE)","v":22362.89},{"$f":"ROUND(((G28+J28)*$H$13),2)","v":6708.87},0,0,29071.759999999998,{"$f":"ROUND(F28*G28,2)","v":134177.34},{"$f":"ROUND(F28*H28,2)","v":40253.22},{"$f":"ROUND(F28*J28,2)","v":0},{"$f":"ROUND(F28*K28,2)","v":174430.56},{"$nulls":9},1,{"$f":"AC28-$Y28","v":0},1,{"$f":"AC28-AA28","v":0},{"$f":"SUM(AD28:AG28)","v":1},1,0,0,0]
["5.2","Técnico de Segurança e Medicina do Trabalho (inclusive adicional de periculosidade)","T2",6,{"$f":"Mem_Calculo_EQUIPE!F32","v":1},{"$f":"D29*E29","v":6},{"$f":"VLOOKUP(C29,CPU_SALARIOS!$D$14:$H$39,5,FALSE)","v":6585.33},{"$f":"ROUND(((G29+J29)*$H$13),2)","v":1975.6},0,0,8560.93,{"$f":"ROUND(F29*G29,2)","v":39511.980000000003},{"$f":"ROUND(F29*H29,2)","v":11853.6},{"$f":"ROUND(F29*J29,2)","v":0},{"$f":"ROUND(F29*K29,2)","v":51365.58},{"$nulls":9},7,{"$f":"AC29-$Y29","v":-5},3,{"$f":"AC29-AA29","v":-1},{"$f":"SUM(AD29:AG29)","v":2},2,0,0,0]
["5.3","Médico do Trabalho","P2",6,1,{"$f":"D30*E30","v":6},{"$f":"VLOOKUP(C30,CPU_SALARIOS!$D$14:$H$39,5,FALSE)","v":18890.87},0,0,0,18890.87,{"$f":"ROUND(F30*G30,2)","v":113345.22},{"$f":"ROUND(F30*H30,2)","v":0},{"$f":"ROUND(F30*J30,2)","v":0},{"$f":"ROUND(F30*K30,2)","v":113345.22},{"$nulls":9},1,{"$f":"AC30-$Y30","v":0},1,{"$f":"AC30-AA30","v":0},{"$f":"SUM(AD30:AG30)","v":1},1,0,0,0]
["6.","PLANEJAMENTO E CONTROLE DA OPERAÇÃO"]
["6.1","Engenheiro Pleno ","P1",{"$f":"D$15","v":6},{"$f":"Mem_Calculo_EQUIPE!F35","v":1},{"$f":"D32*E32","v":6},{"$f":"VLOOKUP(C32,CPU_SALARIOS!$D$14:$H$39,5,FALSE)","v":22362.89},0,0,0,22362.89,{"$f":"ROUND(F32*G32,2)","v":134177.34},{"$f":"ROUND(F32*H32,2)","v":0},{"$f":"ROUND(F32*J32,2)","v":0},{"$f":"ROUND(F32*K32,2)","v":134177.34},{"$nulls":9},1,{"$f":"AC32-$Y32","v":0},1,{"$f":"AC32-AA32","v":0},{"$f":"SUM(AD32:AG32)","v":1},1,0,0,0]
["6.2","Engenheiro Junior ","P2",6,{"$f":"Mem_Calculo_EQUIPE!F36","v":1},{"$f":"D33*E33","v":6},{"$f":"VLOOKUP(C33,CPU_SALARIOS!$D$14:$H$39,5,FALSE)","v":18890.87},0,0,0,18890.87,{"$f":"ROUND(F33*G33,2)","v":113345.22},{"$f":"ROUND(F33*H33,2)","v":0},{"$f":"ROUND(F33*J33,2)","v":0},{"$f":"ROUND(F33*K33,2)","v":113345.22},{"$nulls":9},2,{"$f":"AC33-$Y33","v":-1},1,{"$f":"AC33-AA33","v":0},{"$f":"SUM(AD33:AG33)","v":1},1,0,0,0]
["7.","PLANEJAMENTO E CONTROLE DA MANUTENÇÃO "]
["7.1","Engenheiro Pleno ","P1",{"$f":"D$15","v":6},{"$f":"Mem_Calculo_EQUIPE!F39","v":5},{"$f":"D35*E35","v":30},{"$f":"VLOOKUP(C35,CPU_SALARIOS!$D$14:$H$39,5,FALSE)","v":22362.89},0,0,0,22362.89,{"$f":"ROUND(F35*G35,2)","v":670886.69999999995},{"$f":"ROUND(F35*H35,2)","v":0},{"$f":"ROUND(F35*J35,2)","v":0},{"$f":"ROUND(F35*K35,2)","v":670886.69999999995},{"$nulls":9},1,{"$f":"AC35-$Y35","v":0},1,{"$f":"AC35-AA35","v":0},{"$f":"SUM(AD35:AG35)","v":1},1,0,0,0]
["7.2","Engenheiro Junior ","P2",6,{"$f":"Mem_Calculo_EQUIPE!F40","v":3},18,{"$f":"VLOOKUP(C36,CPU_SALARIOS!$D$14:$H$39,5,FALSE)","v":18890.87},0,0,0,18890.87,{"$f":"ROUND(F36*G36,2)","v":340035.66},{"$f":"ROUND(F36*H36,2)","v":0},{"$f":"ROUND(F36*J36,2)","v":0},{"$f":"ROUND(F36*K36,2)","v":340035.66},{"$nulls":9},2,-2,1,-1,{"$f":"SUM(AD36:AG36)","v":0},0,0,0,0]
["7.3","Técnico Pleno ","T2",6,{"$f":"Mem_Calculo_EQUIPE!F41","v":3},18,{"$f":"VLOOKUP(C37,CPU_SALARIOS!$D$14:$H$39,5,FALSE)","v":6585.33},0,0,0,6585.33,{"$f":"ROUND(F37*G37,2)","v":118535.94},{"$f":"ROUND(F37*H37,2)","v":0},{"$f":"ROUND(F37*J37,2)","v":0},{"$f":"ROUND(F37*K37,2)","v":118535.94},{"$nulls":9},2,-1,2,-1,{"$f":"SUM(AD37:AG37)","v":1},1,0,0,0]
["7.4","Geólogo  (Geotecnia)","P1",6,{"$f":"Mem_Calculo_EQUIPE!F42","v":1},6,{"$f":"VLOOKUP(C38,CPU_SALARIOS!$D$14:$H$39,5,FALSE)","v":22362.89},0,0,0,22362.89,{"$f":"ROUND(F38*G38,2)","v":134177.34},{"$f":"ROUND(F38*H38,2)","v":0},{"$f":"ROUND(F38*J38,2)","v":0},{"$f":"ROUND(F38*K38,2)","v":134177.34},{"$nulls":9},2,-1,1,0,{"$f":"SUM(AD38:AG38)","v":1},1,0,0,0]
["8.","OPERAÇÃO"]
["8.1","Técnico Pleno - Eletrotécnico - Diurno (inclusive adicional de periculosidade)","T2",{"$f":"D$15","v":6},{"$f":"Mem_Calculo_EQUIPE!F45","v":12},{"$f":"D40*E40","v":72},{"$f":"VLOOKUP(C40,CPU_SALARIOS!$D$14:$H$39,5,FALSE)","v":6585.33},{"$f":"ROUND(((G40+J40)*$H$13),2)","v":1975.6},0,0,8560.93,{"$f":"ROUND(F40*G40,2)","v":474143.76},{"$f":"ROUND(F40*H40,2)","v":142243.20000000001},{"$f":"ROUND(F40*J40,2)","v":0},{"$f":"ROUND(F40*K40,2)","v":616386.96},{"$nulls":9},18,{"$f":"AC40-$Y40","v":-6},12,{"$f":"AC40-AA40","v":0},{"$f":"SUM(AD40:AG40)","v":12},0,6,2,4]
["8.2","Técnico Pleno - Eletrotécnico -  Noturno (inclusive adicional de periculosidade)","T2",6,{"$f":"Mem_Calculo_EQUIPE!F46","v":12},72,{"$f":"VLOOKUP(C41,CPU_SALARIOS!$D$14:$H$39,5,FALSE)","v":6585.33},{"$f":"ROUND(((G41+J41)*$H$13),2)","v":2417.56},{"$f":"(((G41+H41)/176)*0.2)","v":10.230556818181817},{"$f":"(I41*120)+((I41*120)/25)*5","v":1473.2001818181818},10476.090181818181,474143.76,174064.32,106070.41,754278.49,{"$nulls":9},18,-6,12,0,{"$f":"SUM(AD41:AG41)","v":12},0,6,2,4]
["8.3","Técnico Junior - Mecânico - Diurno (inclusive adicional de periculosidade)","T2",6,{"$f":"Mem_Calculo_EQUIPE!F47","v":12},{"$f":"D42*E42","v":72},{"$f":"VLOOKUP(C42,CPU_SALARIOS!$D$14:$H$39,5,FALSE)","v":6585.33},{"$f":"ROUND(((G42+J42)*$H$13),2)","v":1975.6},0,0,8560.93,474143.76,142243.20000000001,0,616386.96,{"$nulls":9},18,-6,12,0,{"$f":"SUM(AD42:AG42)","v":12},0,6,2,4]
["8.4","Técnico Junior - Mecânico - Noturno (inclusive adicional de periculosidade)","T2",6,{"$f":"Mem_Calculo_EQUIPE!F48","v":12},72,{"$f":"VLOOKUP(C43,CPU_SALARIOS!$D$14:$H$39,5,FALSE)","v":6585.33},{"$f":"ROUND(((G43+J43)*$H$13),2)","v":2417.56},{"$f":"(((G43+H43)/176)*0.2)","v":10.230556818181817},{"$f":"(I43*120)+((I43*120)/25)*5","v":1473.2001818181818},10476.090181818181,474143.76,174064.32,106070.41,754278.49]
["8.5","Técnico Auxiliar (inclusive adicional de periculosidade)","T3",6,{"$f":"Mem_Calculo_EQUIPE!F49","v":3},18,{"$f":"VLOOKUP(C44,CPU_SALARIOS!$D$14:$H$39,5,FALSE)","v":4673.62},1402.09,0,0,6075.71,84125.16,25237.62,0,109362.78,{"$nulls":9},18,-5,4,9,{"$f":"SUM(AD44:AG44)","v":13},{"$f":"1*(4+4+5)","v":13},0,0,0]
["8.6","Técnico - Profissional Sênior (N. Médio/Especializado)","T0",6,{"$f":"Mem_Calculo_EQUIPE!F50","v":3},18,{"$f":"VLOOKUP(C45,CPU_SALARIOS!$D$14:$H$39,5,FALSE)","v":10135.129999999999},0,0,0,10135.129999999999,182432.34,0,0,182432.34]
["9.","MANUTENÇÃO - MECÂNICA"]
["9.1","Técnico Pleno ","T2",{"$f":"D$15","v":6},{"$f":"Mem_Calculo_EQUIPE!F53","v":3},{"$f":"D47*E47","v":18},{"$f":"VLOOKUP(C47,CPU_SALARIOS!$D$14:$H$39,5,FALSE)","v":6585.33},0,0,0,6585.33,{"$f":"ROUND(F47*G47,2)","v":118535.94},{"$f":"ROUND(F47*H47,2)","v":0},{"$f":"ROUND(F47*J47,2)","v":0},{"$f":"ROUND(F47*K47,2)","v":118535.94},{"$nulls":9},7,{"$f":"AC47-$Y47","v":-4},2,{"$f":"AC47-AA47","v":1},{"$f":"SUM(AD47:AG47)","v":3},0,1,1,1]
["9.2","Técnico Auxiliar","T3",6,{"$f":"Mem_Calculo_EQUIPE!F54","v":6},36,{"$f":"VLOOKUP(C48,CPU_SALARIOS!$D$14:$H$39,5,FALSE)","v":4673.62},0,0,0,4673.62,{"$f":"ROUND(F48*G48,2)","v":168250.32},{"$f":"ROUND(F48*H48,2)","v":0},{"$f":"ROUND(F48*J48,2)","v":0},{"$f":"ROUND(F48*K48,2)","v":168250.32},{"$nulls":9},12,-8,5,-1,{"$f":"SUM(AD48:AG48)","v":4},0,2,1,1]
["10.","MANUTENÇÃO - EQUIPAMENTOS E SISTEMAS ELÉTRICOS"]
["10.1","Técnico Pleno (inclusive adicional de periculosidade)","T2",{"$f":"D$15","v":6},{"$f":"Mem_Calculo_EQUIPE!F57","v":3},{"$f":"D50*E50","v":18},{"$f":"VLOOKUP(C50,CPU_SALARIOS!$D$14:$H$39,5,FALSE)","v":6585.33},{"$f":"ROUND(((G50)*$H$13),2)","v":1975.6},0,0,8560.93,{"$f":"ROUND(F50*G50,2)","v":118535.94},{"$f":"ROUND(F50*H50,2)","v":35560.800000000003},{"$f":"ROUND(F50*J50,2)","v":0},{"$f":"ROUND(F50*K50,2)","v":154096.74},{"$nulls":9},6,{"$f":"AC50-$Y50","v":-3},3,{"$f":"AC50-AA50","v":0},{"$f":"SUM(AD50:AG50)","v":3},0,1,1,1]
["10.2","Eletricista (inclusive adicional de periculosidade)","A5",6,{"$f":"Mem_Calculo_EQUIPE!F58","v":3},{"$f":"D51*E51","v":18},{"$f":"VLOOKUP(C51,CPU_SALARIOS!$D$14:$H$39,5,FALSE)","v":4038.06},1211.42,0,0,5249.48,{"$f":"ROUND(F51*G51,2)","v":72685.08},{"$f":"ROUND(F51*H51,2)","v":21805.56},{"$f":"ROUND(F51*J51,2)","v":0},{"$f":"ROUND(F51*K51,2)","v":94490.64},{"$nulls":9},8,{"$f":"AC51-$Y51","v":-4},4,{"$f":"AC51-AA51","v":0},{"$f":"SUM(AD51:AG51)","v":4},0,2,0,2]
["11.","MANUTENÇÃO SDSC"]
["11.1","Técnico Automação - Especialista em SDSC (inclusive adicional de periculosidade)","T2",{"$f":"D$15","v":6},{"$f":"Mem_Calculo_EQUIPE!F61","v":1},{"$f":"D53*E53","v":6},{"$f":"VLOOKUP(C53,CPU_SALARIOS!$D$14:$H$39,5,FALSE)","v":6585.33},{"$f":"ROUND(((G53+J53)*$H$13),2)","v":1975.6},0,0,8560.93,{"$f":"ROUND(F53*G53,2)","v":39511.980000000003},{"$f":"ROUND(F53*H53,2)","v":11853.6},{"$f":"ROUND(F53*J53,2)","v":0},{"$f":"ROUND(F53*K53,2)","v":51365.58},{"$nulls":9},2,{"$f":"AC53-$Y53","v":1},2,{"$f":"AC53-AA53","v":1},{"$f":"SUM(AD53:AG53)","v":3},0,1,1,1]
["12.","MANUTENÇÃO TELECOM"]
["12.1","Técnico Telecomunicações/Eletrônica (inclusive adicional de periculosidade)","T2",{"$f":"D$15","v":6},{"$f":"Mem_Calculo_EQUIPE!F64","v":1},{"$f":"D55*E55","v":6},{"$f":"VLOOKUP(C55,CPU_SALARIOS!$D$14:$H$39,5,FALSE)","v":6585.33},{"$f":"ROUND(((G55+J55)*$H$13),2)","v":1975.6},0,0,8560.93,{"$f":"ROUND(F55*G55,2)","v":39511.980000000003},{"$f":"ROUND(F55*H55,2)","v":11853.6},{"$f":"ROUND(F55*J55,2)","v":0},{"$f":"ROUND(F55*K55,2)","v":51365.58},{"$nulls":9},4,{"$f":"AC55-$Y55","v":-3},2,{"$f":"AC55-AA55","v":-1},{"$f":"SUM(AD55:AG55)","v":1},1,0,0,0]
["13.","MANUTENÇÃO - CIVIL"]
["13.1","Técnico Pleno ","T2",{"$f":"$D$55","v":6},{"$f":"Mem_Calculo_EQUIPE!F67","v":4},{"$f":"D57*E57","v":24},{"$f":"VLOOKUP(C57,CPU_SALARIOS!$D$14:$H$39,5,FALSE)","v":6585.33},0,0,0,6585.33,{"$f":"ROUND(F57*G57,2)","v":158047.92000000001},{"$f":"ROUND(F57*H57,2)","v":0},{"$f":"ROUND(F57*J57,2)","v":0},{"$f":"ROUND(F57*K57,2)","v":158047.92000000001},{"$f":"SUBTOTAL(9,O57:O68)","v":1927049.96},5]
["13.2","Tecnico Edificações","T2",{"$f":"D$15","v":6},{"$f":"Mem_Calculo_EQUIPE!F68","v":2},12,{"$f":"VLOOKUP(C58,CPU_SALARIOS!$D$14:$H$39,5,FALSE)","v":6585.33},0,0,0,6585.33,79023.960000000006,0,0,79023.960000000006,null,3,{"$nulls":7},3,{"$f":"AC58-$Y58","v":0},1,{"$f":"AC58-AA58","v":2},{"$f":"SUM(AD58:AG58)","v":3},0,1,1,1]
["13.3","Técnico - Cadista","T2",6,{"$f":"Mem_Calculo_EQUIPE!F69","v":1},6,{"$f":"VLOOKUP(C59,CPU_SALARIOS!$D$14:$H$39,5,FALSE)","v":6585.33},0,0,0,6585.33,39511.980000000003,0,0,39511.980000000003,null,3,{"$nulls":7},3,0,2,1,{"$f":"SUM(AD59:AG59)","v":3},0,1,1,1]
["13.4","Topógrafo","TS",6,{"$f":"Mem_Calculo_EQUIPE!F70","v":1},6,{"$f":"VLOOKUP(C60,CPU_SALARIOS!$D$14:$H$39,5,FALSE)","v":7178.1},0,0,0,7178.1,43068.6,0,0,43068.6,null,1]
["13.5","Auxiliar de Topografia","T3",6,{"$f":"Mem_Calculo_EQUIPE!F71","v":2},12,{"$f":"VLOOKUP(C61,CPU_SALARIOS!$D$14:$H$39,5,FALSE)","v":4673.62},0,0,0,4673.62,56083.44,0,0,56083.44,null,2]
["13.6","Carpinteiro","A8",6,{"$f":"Mem_Calculo_EQUIPE!F72","v":2},12,{"$f":"VLOOKUP(C62,CPU_SALARIOS!$D$14:$H$39,5,FALSE)","v":3964.86},0,0,0,{"$f":"G62+H62+J62","v":3964.86},47578.32,0,0,47578.32,null,3]
["13.7","Eletricista","A5",6,{"$f":"Mem_Calculo_EQUIPE!F73","v":2},12,{"$f":"VLOOKUP(C63,CPU_SALARIOS!$D$14:$H$39,5,FALSE)","v":4038.06},0,0,0,4038.06,48456.72,0,0,48456.72,null,3]
["13.8","Ferreiro","A7",6,{"$f":"Mem_Calculo_EQUIPE!F74","v":1},6,{"$f":"VLOOKUP(C64,CPU_SALARIOS!$D$14:$H$39,5,FALSE)","v":3986.62},0,0,0,3986.62,23919.72,0,0,23919.72,null,3,2]
["13.9","Pedreiro","A6",6,{"$f":"Mem_Calculo_EQUIPE!F75","v":4},24,{"$f":"VLOOKUP(C65,CPU_SALARIOS!$D$14:$H$39,5,FALSE)","v":4004.23},0,0,0,4004.23,96101.52,0,0,96101.52,null,7,2]
["13.10","Servente","A11",6,{"$f":"Mem_Calculo_EQUIPE!F76","v":60},360,{"$f":"VLOOKUP(C66,CPU_SALARIOS!$D$14:$H$39,5,FALSE)","v":3244.27},0,0,0,3244.27,1167937.2,0,0,1167937.2,null,124,44]
["13.11","Vigia diurno ","A10",6,{"$f":"Mem_Calculo_EQUIPE!F77","v":4},24,{"$f":"VLOOKUP(C67,CPU_SALARIOS!$D$14:$H$39,5,FALSE)","v":3222.21},0,0,0,3222.21,77333.039999999994,0,0,77333.039999999994,null,6,{"$nulls":7},4,-4,2,-2,{"$f":"SUM(AD67:AG67)","v":0},0,0,0,0]
["13.12","Vigia noturno","A10",6,{"$f":"Mem_Calculo_EQUIPE!F78","v":4},24,{"$f":"VLOOKUP(C68,CPU_SALARIOS!$D$14:$H$39,5,FALSE)","v":3222.21},0,{"$f":"(((G68+H68)/176)*0.2)","v":3.661602272727273},{"$f":"(I68*120)+((I68*120)/25)*5","v":527.2707272727273},3749.4807272727276,77333.039999999994,0,12654.5,89987.54,null,6]
["Total Geral - Equipe com Vínculo Mensalista (R$):",{"$nulls":10},{"$f":"SUM(L15:L68)","v":7215014.3400000008},{"$f":"SUM(M15:M68)","v":791033.04000000015},{"$f":"SUM(N15:N68)","v":224795.32},{"$f":"SUM(O15:O68)","v":8230842.7000000011}]
[]
["NOME DO INFORMANTE:"]
[]
["ASSINATURA:"]
[]
["OBSERVAÇÕES:"]
["1. Considerado a carga horária de 176 horas/mês"]
["2. Os cálculos de cada parcela que compõe o salário completo foram calculadas isoladamente. (Salário Base + Adicional de Periculosidade (quando houver) + Adicional Noturno (quando houver) + Adicional de Horas Extras (quando houver) +  Encargos Sociais)"]
["3. Adicional de Periculosidade 30%: foi previsto para todos os profissionais eletricitários (Operação e Manutenção) que trabalham em contato com rede elétrica (nas estações de bombeamento, sub-estações, etc.) "]
["4. Hora Noturna: Hora Diurna x 20%"]
["5. Adicional Noturno: *Considerado 120 horas/profissional/mês (Total de 8h noturnas: Período de 22h as 5h = 8h noturnas + 1h até as 6h => Súmula 60 do TST)    *(Incide sobre Salário Base + Periculosidade => Súmula 191 do TST)"]
["6. Período noturno – 22 às 5 horas, o valor da hora tem 52 minutos e 30 segundos; logo, nesse período, há 8 horas"]
["6. Foi considerado intervalo intrajornada para todos os profissionais que trabalham em escala 12h x 36h "]
["7. Foi considerado para o cálculo de horas extras os percentuais de: *5% para as horas remuneradas a 50%  sobre o valor da hora normal; e *2,5% para as horas trabalhadas remuneradas a 100% sobre o valor da hora normal"]
["8. Horas Extras: Foi estimado um percentual de 20% de horas extras no total de contrato para todos os profissionais da manutenção. Essas horas só serão pagas se houver demanda."]

{"sheet":"Mem_Calculo_EQUIPE","index":13,"n_rows":84,"n_cols":16,"rows_kept":84,"cut":false,"hidden":false,"merged":[[0,1,0,6],[1,1,1,6],[2,1,2,6],[4,0,5,6],[7,0,7,6],[83,0,83,6],[84,0,84,6],[81,0,81,5],[82,0,82,5],[79,0,79,5],[80,0,80,5]]}
[null,"Ministério do Desenvolvimento Regional  - MDR"]
[null,"Companhia de Desenvolvimento dos Vales do São Francisco e do Parnaíba"]
[null,"Gerência de Operação do PISF - Centro de Controle e Operação (AD / GOI / CCO)"]
[]
[{"$f":"'Mao_de_Obra (Total)'!A5","v":"TERMO DE REFERÊNCIA PARA CONTRATAÇÃO DOS RECURSOS NECESSÁRIOS À OPERAÇÃO E MANUTENÇÃO DAS INFRAESTRUTURAS DO EIXO LESTE DO PISF - PROJETO DE INTEGRAÇÃO DO SÃO FRANCISCO COM AS BACIAS HIDROGRÁFICAS DO NORDESTE SETENTRIONAL"}]
[]
[]
["MEMORIAL DE CÁLCULO - EQUIPE DE MÃO DE OBRA"]
[]
[]
["ITEM","DESCRIÇÃO","CLASSE","LOTAÇÃO","MOBILIZAÇÃO","QUANTIDADE","OBSERVAÇÕES"]
["1.","COORDENAÇÃO GERAL"]
["1.1","Coordenador - Engenheiro Sênior (Civil / Eletricista / Mecânico) ","P0","Coordenação (à definir)","Escritório",1]
[]
["2.","COORDENAÇÃO DA OPERAÇÃO"]
["2.1","Coordenador Operação - Engenheiro Pleno (Civil / Eletricista / Mecânico) ","P1","Coordenação (à definir)","Escritório",1]
[]
["3.","COORDENAÇÃO DA MANUTENÇÃO"]
["3.1","Coordenador Manutenção - Engenheiro Pleno (Civil / Eletricista / Mecânico) ","P1","Coordenação (à definir)","Escritório",1]
[]
["4.","COORDENAÇÃO ADMINISTRAÇÃO E LOGÍSTICA"]
["4.1","Almoxarife","CA","Coordenação (à definir)","Não utilliza o Escritório",1]
["4.2","Auxiliar Administrativo","A1","Coordenação (à definir)","Escritório",1]
["4.3","Motorista","A3","Coordenação (à definir)","Não utilliza o Escritório",1]
["4.4","Coordenador - Chefe de Escritório","A3","Coordenação (à definir)","Escritório",1]
["4.5","Técnico Pleno - Analista em Tecnologia da Informação","A1","Coordenação (à definir)","Escritório",1]
["4.6","Auxiliar de serviços gerais","A9","Coordenação (à definir)","Não utilliza o Escritório",6]
[]
["5.","SEGURANÇA E MEDICINA DO TRABALHO"]
["5.1","Engenheiro de Segurança e Medicina do Trabalho","P1","Coordenação (à definir)","Escritório",1]
["5.2","Médico do Trabalho","T2","Coordenação (à definir)","Escritório",1]
["5.3","Técnico de Segurança e Medicina do Trabalho","P2","Coordenação (à definir)","Pode utilizar o escritório",1]
[]
["6.","PLANEJAMENTO E CONTROLE DA OPERAÇÃO"]
["6.1","Engenheiro Pleno - (Civil / Eletricista)","P1","Coordenação (à definir)","Planeja / Utiliza - Escritório",1]
["6.2","Engenheiro Junior - (Civil / Eletricista)","P2","Coordenação (à definir)","Planeja / Utiliza - Escritório",1]
[]
["7.","PLANEJAMENTO E CONTROLE DA MANUTENÇÃO"]
["7.1","Engenheiro Pleno ","P1","Coordenação (à definir)","Planeja / Utiliza - Escritório",5]
["7.2","Engenheiro Junior ","P2","Coordenação (à definir)","Planeja / Utiliza - Escritório",3]
["7.3","Técnico Pleno","T2","Coordenação (à definir)","Pode utilizar o escritório",3]
["7.4","Geólogo  (Geotecnia)","P1","Coordenação (à definir)","Pode utilizar o escritório",1]
[]
["8.","OPERAÇÃO"]
["8.1","Técnico Pleno - Eletrotécnico - Diurno (inclusive adicional de periculosidade)","T2","Coordenação (à definir)","Não utilliza o Escritório",12]
["8.2","Técnico Pleno - Eletrotécnico -  Noturno (inclusive adicional de periculosidade)","T2","Coordenação (à definir)","Não utilliza o Escritório",12]
["8.3","Técnico Junior - Mecânico - Diurno (inclusive adicional de periculosidade)","T2","Coordenação (à definir)","Não utilliza o Escritório",12]
["8.4","Técnico Junior - Mecânico - Noturno (inclusive adicional de periculosidade)","T2","Coordenação (à definir)","Não utilliza o Escritório",12]
["8.5","Técnico Auxiliar (inclusive adicional de periculosidade)","T3","Coordenação (à definir)","Não utilliza o Escritório",3]
["8.6","Técnico - Profissional Sênior (N. Médio/Especializado)","T0","Coordenação (à definir)","Não utilliza o Escritório",3]
[]
["9.","MANUTENÇÃO - MECÂNICA"]
["9.1","Técnico Pleno ","T2","Coordenação (à definir)","Pode utilizar o escritório",3]
["9.2","Técnico Auxiliar ","T3","Coordenação (à definir)","Não utilliza o Escritório",6]
[]
["10.","MANUTENÇÃO - EQUIPAMENTOS E SISTEMAS ELÉTRICOS"]
["10.1","Técnico Pleno ","T2","Coordenação (à definir)","Pode utilizar o escritório",3]
["10.2","Técnico Auxiliar","A5","Coordenação (à definir)","Não utilliza o Escritório",3]
[]
["11.","MANUTENÇÃO SDSC"]
["11.1","Técnico Automação - Especialista em SDSC (inclusive adicional de periculosidade)","T2","Coordenação (à definir)","Não utilliza o Escritório",1]
[]
["12.","MANUTENÇÃO TELECOM"]
["12.1","Técnico Telecomunicações/Eletrônica (inclusive adicional de periculosidade)","T2","Coordenação (à definir)","Não utilliza o Escritório",1,"Equipe: 01/EIXO"]
[]
["13.","MANUTENÇÃO - CIVIL",{"$nulls":7},14,"MANUTENÇÃO - CIVIL - SUBESTAÇÃO, LINHA DE TRANSMISSÃO E LINHA DE DISTRIBUIÇÃO"]
["13.1","Técnico Pleno ","T2","Coordenação (à definir)","Pode utilizar o escritório",4,null,null,null,"14.1","Tecnico Edificações - Inspeção (inclusive adicional de periculosidade)",null,null,null,"T2",0]
["13.2","Tecnico Edificações","T2","Coordenação (à definir)","Pode utilizar o escritório",2,null,null,null,"14.2","Carpinteiro (inclusive adicional de periculosidade)",null,null,null,"A8",0]
["13.3","Técnico - Cadista","T2","Coordenação (à definir)","Pode utilizar o escritório",1,null,null,null,"14.3","Eletricista (inclusive adicional de periculosidade)",null,null,null,"A5",0]
["13.4","Topógrafo","TS","Coordenação (à definir)","Pode utilizar o escritório",1,null,null,null,"14.4","Ferreiro (inclusive adicional de periculosidade)",null,null,null,"A7",0]
["13.5","Auxiliar de Topografia","T3","Coordenação (à definir)","Não utilliza o Escritório",2,null,null,null,"14.5","Pedreiro (inclusive adicional de periculosidade)",null,null,null,"A6",0]
["13.6","Carpinteiro","A8","Coordenação (à definir)","Não utilliza o Escritório",2,null,null,null,"14.6","Servente (inclusive adicional de periculosidade)",null,null,null,"A11",0]
["13.7","Eletricista","A5","Coordenação (à definir)","Não utilliza o Escritório",2]
["13.8","Ferreiro","A7","Coordenação (à definir)","Não utilliza o Escritório",{"$f":"1+P70","v":1}]
["13.9","Pedreiro","A6","Coordenação (à definir)","Não utilliza o Escritório",4]
["13.10","Servente","A11","Coordenação (à definir)","Não utilliza o Escritório",{"$f":"60+P72","v":60}]
["13.11","Vigia diurno ","A10","Coordenação (à definir)","Não utilliza o Escritório",4]
["13.12","Vigia noturno","A10","Coordenação (à definir)","Não utilliza o Escritório",4]
[]
["NOME DO INFORMANTE:",{"$nulls":5},"QUALIFICAÇÃO:"]
[]
["ASSINATURA:",{"$nulls":5},"DATA:"]
[]
["OBSERVAÇAO:"]

{"sheet":"SEGURANÇA DE BARRAGENS","index":14,"n_rows":49,"n_cols":21,"rows_kept":49,"cut":false,"hidden":false,"merged":[[11,7,12,7],[11,9,11,10],[11,11,12,11],[10,0,12,0],[10,2,12,2],[10,3,12,3],[10,4,12,4],[10,5,11,6],[48,0,48,5],[26,5,26,6],[26,0,27,0],[26,1,27,1],[26,2,27,2],[26,3,27,3],[26,4,27,4],[4,0,5,15],[28,1,28,6],[41,5,41,6],[43,2,43,6],[46,0,46,5],[41,0,42,0],[41,1,42,1],[41,2,42,2],[41,3,42,3],[41,4,42,4],[7,0,7,15],[10,12,10,15],[11,12,12,12],[11,14,12,14],[11,15,12,15],[10,7,10,11]]}
[null,null,null,"Ministério do Desenvolvimento Regional  - MDR"]
[null,null,null,"Companhia de Desenvolvimento dos Vales do São Francisco e do Parnaíba"]
[null,null,null,"Gerência de Operação do PISF - Centro de Controle e Operação (AD / GOI / CCO)"]
[]
[{"$f":"ORCAMENTO_RESUMO!A5","v":"TERMO DE REFERÊNCIA PARA CONTRATAÇÃO DOS RECURSOS NECESSÁRIOS À OPERAÇÃO E MANUTENÇÃO DAS INFRAESTRUTURAS DO EIXO LESTE DO PISF - PROJETO DE INTEGRAÇÃO DO SÃO FRANCISCO COM AS BACIAS HIDROGRÁFICAS DO NORDESTE SETENTRIONAL"}]
[]
[]
["SEGURANÇA DE BARRAGENS"]
[]
["1.0 ",null,"MÃO DE OBRA - SEGURANÇA DE BARRAGENS"]
["ITEM",null,"DESCRIÇÃO","CLASSE","Prazo (Mês)","Quantidade (undxmês)",null,"SALÁRIOS MENSAL (R$)",{"$nulls":4},"SALÁRIOS TOTAL (R$)"]
[{"$nulls":7},"SALÁRIO BASE (Com Encargo)","Periculosidade ","Adicional Noturno",null,"SALÁRIO COMPLETO (Incluindo: encargos, benefícios, adicionais e horas extras)","SALÁRIO BASE (Com Encargo)","Periculosidade","Adicional Noturno (c/ intrajornada)","SALÁRIO COMPLETO (Incluindo: encargos, adicionais e horas extras)"]
[{"$nulls":5},"Unitária","Total",null,0.3,"Valor da Hora Noturna","Valor do Adicional Noturno (c/ intrajornada)",null,null,0.3]
["1.1",null,"MÃO DE OBRA - SEGURAÇA DE BARRAGEM - LESTE"]
["1.1.1",null,"Engenheiro Pleno  - Esp. Em Seg. de Barragem","P1",{"$f":"'Mao_de_Obra (Total)'!D$15","v":6},{"$f":"'MEM_CALCULO_SEG DE BARRAGENS'!G14","v":1},{"$f":"E15*F15","v":6},{"$f":"VLOOKUP(D15,CPU_SALARIOS!$D$14:$H$39,5,FALSE)","v":22362.89},0,0,0,{"$f":"H15+I15+K15","v":22362.89},{"$f":"ROUND(G15*H15,2)","v":134177.34},{"$f":"ROUND(G15*I15,2)","v":0},{"$f":"ROUND(G15*K15,2)","v":0},{"$f":"ROUND(G15*L15,2)","v":134177.34}]
["1.1.2",null,"Engenheiro. Civil  (Geotecnico)","P1",{"$f":"'Mao_de_Obra (Total)'!D$15","v":6},{"$f":"'MEM_CALCULO_SEG DE BARRAGENS'!G15","v":1},6,{"$f":"VLOOKUP(D16,CPU_SALARIOS!$D$14:$H$39,5,FALSE)","v":22362.89},0,0,0,{"$f":"H16+I16+K16","v":22362.89},134177.34,0,0,134177.34]
["1.1.3",null,"Engenheiro Junior - Civil","P2",{"$f":"'Mao_de_Obra (Total)'!D$15","v":6},{"$f":"'MEM_CALCULO_SEG DE BARRAGENS'!G16","v":1},6,{"$f":"VLOOKUP(D17,CPU_SALARIOS!$D$14:$H$39,5,FALSE)","v":18890.87},0,0,0,18890.87,113345.22,0,0,113345.22,null,"ANTES P3"]
["1.1.4",null,"Assistente Administrativo (Assistente social)","AS",{"$f":"'Mao_de_Obra (Total)'!D$15","v":6},{"$f":"'MEM_CALCULO_SEG DE BARRAGENS'!G17","v":2},12,{"$f":"VLOOKUP(D18,CPU_SALARIOS!$D$14:$H$39,5,FALSE)","v":6837.22},0,0,0,6837.22,82046.64,0,0,82046.64,null,"ANTES T1"]
["1.1.5",null,"Assistente Administrativo (administrativo)","A1",{"$f":"'Mao_de_Obra (Total)'!D$15","v":6},{"$f":"'MEM_CALCULO_SEG DE BARRAGENS'!G18","v":2},12,{"$f":"VLOOKUP(D19,CPU_SALARIOS!$D$14:$H$39,5,FALSE)","v":4191.83},0,0,0,4191.83,50301.96,0,0,50301.96]
["1.1.6",null,"Auxiliar Administrativo","A1",{"$f":"'Mao_de_Obra (Total)'!D$15","v":6},{"$f":"'MEM_CALCULO_SEG DE BARRAGENS'!G19","v":1},6,{"$f":"VLOOKUP(D20,CPU_SALARIOS!$D$14:$H$39,5,FALSE)","v":4191.83},0,0,0,4191.83,25150.98,0,0,25150.98]
["1.1.7",null,"Topógrafo ","TS",{"$f":"'Mao_de_Obra (Total)'!D$15","v":6},{"$f":"'MEM_CALCULO_SEG DE BARRAGENS'!G20","v":1},6,{"$f":"VLOOKUP(D21,CPU_SALARIOS!$D$14:$H$39,5,FALSE)","v":7178.1},0,0,0,7178.1,43068.6,0,0,43068.6,null,"ANTES T1"]
["1.1.8",null,"Auxiliar de Topografia ","T3",{"$f":"'Mao_de_Obra (Total)'!D$15","v":6},{"$f":"'MEM_CALCULO_SEG DE BARRAGENS'!G21","v":2},12,{"$f":"VLOOKUP(D22,CPU_SALARIOS!$D$14:$H$39,5,FALSE)","v":4673.62},0,0,0,4673.62,56083.44,0,0,56083.44,null,"ANTES T4"]
["1.1.9",null,"Técnico Pleno","T2",{"$f":"'Mao_de_Obra (Total)'!D$15","v":6},{"$f":"'MEM_CALCULO_SEG DE BARRAGENS'!G22","v":1},6,{"$f":"VLOOKUP(D23,CPU_SALARIOS!$D$14:$H$39,5,FALSE)","v":6585.33},0,0,0,6585.33,39511.980000000003,0,0,39511.980000000003]
["Total Geral - Equipe com Vínculo Mensalista (R$):",{"$nulls":11},{"$f":"SUBTOTAL(9,M15:M23)","v":677863.5},{"$f":"SUBTOTAL(9,N15:N23)","v":0},{"$f":"SUBTOTAL(9,O15:O23)","v":0},{"$f":"SUBTOTAL(9,P15:P23)","v":677863.5}]
[]
["2.0",null,"EQUIPAMENTOS - SEGURANÇA DE BARRAGENS"]
["ITEM","CÓDIGO","DESCRIÇÃO","UNIDADE","QUANTIDADE","VALOR (R$)"]
[{"$nulls":5},"UNITARIO","TOTAL"]
["2.1","SEGURANÇA DE BARRAGEM",{"$nulls":17},12,{"$f":"'ORCAMENTO_CONSOLIDADO (2)'!$K$1","v":6}]
["2.1.1","E9763-DNIT/PE","Grupo Gerador - 32,0 kVA, 220 V, trifásico, silenciado, com 100 metros de cabos e 01 QTA. ","un x mês",{"$f":"U30","v":6},{"$f":"CPU_EQUIPAMENTOS_!E838","v":1506.5272},{"$f":"ROUND(E30*F30,2)","v":9039.16},{"$nulls":11},12,{"$f":"S30/$T$29","v":1},{"$f":"T30*$U$29","v":6}]
["2.1.2","13227 - SINAPI/PE","MOTONIVELADORA POTENCIA BASICA LIQUIDA (PRIMEIRA MARCHA) 171 HP, PESO BRUTO 14768 KG, LARGURA DA LAMINA DE 3,7 M","un x mês",6,{"$f":"CPU_EQUIPAMENTOS_!E228","v":31868.480000000003},191210.88,{"$nulls":11},12,1,6]
["2.1.3","36483 - SINAPI/PE","ESCAVADEIRA HIDRAULICA SOBRE ESTEIRAS CACAMBA 0,40 A 1,20 M3, PESO OPERACIONAL 21,19 T, POTENCIA LIQUIDA 173 HP","un x mês",6,{"$f":"CPU_EQUIPAMENTOS_!E131","v":19454.96},116729.76,{"$nulls":11},12,1,6]
["2.1.4","E9540-DNIT/PE","Trator de esteiras, potência de 150 hp, peso operacional de 16,7 t, com roda motriz elevada e lâmina com contato de 3,18 m³.","un x mês",6,{"$f":"CPU_EQUIPAMENTOS_!E800","v":19437.7788},116626.67,{"$nulls":11},12,1,6]
["2.1.5","89883-SINAPI/PE","Cavalo Mecânico com Reboque M. Benz Randon LS-1634/45 29,5 t, ou similar","un x mês",6,{"$f":"CPU_EQUIPAMENTOS_!E632","v":31798.02},190788.12,{"$nulls":11},12,1,6]
["2.1.6","E9685-DNIT/PE","Rolo compactador pé-de-carneiro vibratório, potência 125 hp, peso operacional sem/com lastro 11,95/13,30 t, impacto dinâmico 38,5/22,5 t, largura de trabalho 2,15 m.","un x mês",6,{"$f":"CPU_EQUIPAMENTOS_!M767","v":14012.3244},84073.95,{"$nulls":11},12,1,6]
["2.1.7","E9043-DNIT/PE","Embarcação de alumínio com comprimento de 6 m e motor de popa - 18,60 kW (inclusive barqueiro)","un x mês",18,{"$f":"CPU_EQUIPAMENTOS_!I838","v":5928.2506999999996},106708.51,{"$nulls":11},36,3,18]
["2.1.8","A9382-DNIT/PE","Dolly intermediário com 2 eixos para semirreboque (para embarcação)","un x mês",18,{"$f":"CPU_EQUIPAMENTOS_!M838","v":1767.0525999999998},31806.95,{"$nulls":11},36,3,18]
["TOTAL - EQUIPAMENTOS DE SEGURANÇA DE BARRAGENS",{"$nulls":5},{"$f":"SUBTOTAL(9,G30:G37)","v":846983.99999999988}]
[]
[]
["3.0",null,"VEÍCULOS - SEGURANÇA DE BARRAGENS"]
["ITEM","CÓDIGO","DESCRIÇÃO","UNIDADE","QUANTIDADE","VALOR (R$)"]
[{"$nulls":5},"UNITARIO","TOTAL"]
["3.1",null,"VEÍCULOS AUTOMOTORES"]
["3.1.1","B4","TIPO SEDAN 1.6 FLEX (115CV)","un x mês",{"$f":"U45","v":6},{"$f":"VLOOKUP(B45,Mem_Calculo_VEICULOS!B$13:F$26,3,FALSE)","v":4471.8906666666662},{"$f":"F45*E45","v":26831.343999999997},{"$nulls":11},12,{"$f":"S45/$T$29","v":1},{"$f":"T45*$U$29","v":6}]
["3.1.2","B11","Veículo Tipo Pick Up Cabine Dupla 4 x 4 (163 CV)","un x mês",{"$f":"U46","v":6},{"$f":"VLOOKUP(B46,Mem_Calculo_VEICULOS!B$13:F$26,3,FALSE)","v":7404.485333333334},{"$f":"F46*E46","v":44426.912000000004},{"$nulls":11},12,{"$f":"S46/$T$29","v":1},{"$f":"T46*$U$29","v":6}]
["TOTAL - VEÍCULOS AUTOMOTORES - (R$):",{"$nulls":5},{"$f":"SUBTOTAL(9,G45:G46)","v":71258.255999999994}]
[]
["TOTAL - SEGURANÇA DE BARRAGENS",{"$nulls":5},{"$f":"SUM(P24,G38,G47)","v":1596105.7560000001}]

{"sheet":"Mao_de_Obra (SEG.BARRAGENS)","index":15,"n_rows":45,"n_cols":11,"rows_kept":45,"cut":false,"hidden":false,"merged":[[0,2,0,6],[1,2,1,6],[2,2,2,6],[4,0,5,6],[7,0,7,6],[9,5,9,6],[11,2,11,6],[21,0,21,5],[24,0,24,6],[25,2,25,4],[25,5,25,6],[9,0,10,0],[9,1,10,1],[9,2,10,2],[9,3,10,3],[9,4,10,4],[26,2,26,4],[26,5,26,6],[27,0,27,4],[27,5,27,6],[30,0,30,4],[30,5,30,6],[41,0,42,6],[31,0,31,4],[31,5,31,6],[32,0,32,4],[32,5,32,6],[33,0,33,4],[33,5,33,6],[34,0,34,6],[35,0,35,6],[36,0,37,6],[38,0,39,6],[40,0,40,6],[43,0,43,6],[44,0,44,6],[45,0,45,6],[46,0,46,6],[47,0,47,6]]}
[null,null,"Ministério do Desenvolvimento Regional  - MDR"]
[null,null,"Companhia de Desenvolvimento dos Vales do São Francisco e do Parnaíba"]
[null,null,"Gerência de Operação do PISF - Centro de Controle e Operação (AD / GOI / CCO)"]
[]
[{"$f":"ORCAMENTO_RESUMO!A5","v":"TERMO DE REFERÊNCIA PARA CONTRATAÇÃO DOS RECURSOS NECESSÁRIOS À OPERAÇÃO E MANUTENÇÃO DAS INFRAESTRUTURAS DO EIXO LESTE DO PISF - PROJETO DE INTEGRAÇÃO DO SÃO FRANCISCO COM AS BACIAS HIDROGRÁFICAS DO NORDESTE SETENTRIONAL"}]
[]
[]
["EQUIPE - MÃO DE OBRA (SEGURANÇA DE BARRAGENS)"]
[]
["ITEM","CÓDIGO","DESCRIÇÃO","UNIDADE","QUANTIDADE","VALOR (R$)"]
[{"$nulls":5},"UNITARIO","TOTAL"]
["1.",null,"EQUIPE - MÃO DE OBRA (SEGURANÇA DE BARRAGENS)",{"$nulls":6},12,{"$f":"'ORCAMENTO_CONSOLIDADO (2)'!$K$1","v":6}]
["1.1","P1","Engenheiro Pleno  - Esp. Em Seg. de Barragem","homem x mês",{"$f":"'MEM_CALCULO_SEG DE BARRAGENS'!G14*$K$12","v":6},{"$f":"'SEGURANÇA DE BARRAGENS'!L15","v":22362.89},{"$f":"TRUNC(E13*F13,2)","v":134177.34},null,12,{"$f":"I13/$J$12","v":1}]
["1.2","P1","Engenheiro. Civil  (Geotecnico)","homem x mês",{"$f":"'MEM_CALCULO_SEG DE BARRAGENS'!G15*$K$12","v":6},{"$f":"'SEGURANÇA DE BARRAGENS'!L16","v":22362.89},{"$f":"TRUNC(E14*F14,2)","v":134177.34},null,12,{"$f":"I14/$J$12","v":1}]
["1.3","P2","Engenheiro Junior - Civil","homem x mês",{"$f":"'MEM_CALCULO_SEG DE BARRAGENS'!G16*$K$12","v":6},{"$f":"'SEGURANÇA DE BARRAGENS'!L17","v":18890.87},113345.22,null,12,1]
["1.4","A1","Assistente Administrativo (Assistente social)","homem x mês",{"$f":"'MEM_CALCULO_SEG DE BARRAGENS'!G17*$K$12","v":12},{"$f":"'SEGURANÇA DE BARRAGENS'!L19","v":4191.83},50301.96,null,24,2]
["1.5","AS","Assistente Administrativo (administrativo)","homem x mês",{"$f":"'MEM_CALCULO_SEG DE BARRAGENS'!G18*$K$12","v":12},{"$f":"'SEGURANÇA DE BARRAGENS'!L18","v":6837.22},82046.64,null,24,2]
["1.6","A1","Auxiliar Administrativo","homem x mês",{"$f":"'MEM_CALCULO_SEG DE BARRAGENS'!G19*$K$12","v":6},{"$f":"'SEGURANÇA DE BARRAGENS'!L20","v":4191.83},25150.98,null,12,1]
["1.7","TS","Topógrafo ","homem x mês",{"$f":"'MEM_CALCULO_SEG DE BARRAGENS'!G20*$K$12","v":6},{"$f":"'SEGURANÇA DE BARRAGENS'!L21","v":7178.1},43068.6,null,12,1]
["1.8","T3","Auxiliar de Topografia","homem x mês",{"$f":"'MEM_CALCULO_SEG DE BARRAGENS'!G21*$K$12","v":12},{"$f":"'SEGURANÇA DE BARRAGENS'!L22","v":4673.62},56083.44,null,24,2]
["1.9","T2","Técnico Pleno","homem x mês",{"$f":"'MEM_CALCULO_SEG DE BARRAGENS'!G22*$K$12","v":6},{"$f":"'SEGURANÇA DE BARRAGENS'!L23","v":6585.33},39511.980000000003,null,12,1]
["TOTAL - EQUIPE - MÃO DE OBRA (SEGURANÇA DE BARRAGENS) - (R$):",{"$nulls":5},{"$f":"SUBTOTAL(9,G13:G21)","v":677863.5}]
[]
[]
["RESUMO - EQUIPE - MÃO DE OBRA (SEGURANÇA DE BARRAGENS)"]
["ITEM",null,"DESCRIÇÃO",null,null,"VALOR TOTAL (R$)"]
[1,null,"EQUIPE - MÃO DE OBRA (SEGURANÇA DE BARRAGENS)",null,null,{"$f":"G22","v":677863.5}]
["TOTAL GERAL - EQUIPE - MÃO DE OBRA (SEGURANÇA DE BARRAGENS) -  (R$):",{"$nulls":4},{"$f":"G22","v":677863.5}]
[]
[]
["NOME DO INFORMANTE:",{"$nulls":4},"QUALIFICAÇÃO:"]
[]
["ASSINATURA:",{"$nulls":4},"DATA:"]
[]
["OBSERVAÇÕES:"]
["1. Considerado a carga horária de 176 horas/mês"]
["2. Os cálculos de cada parcela que compõe o salário completo foram calculadas isoladamente. (Salário Base + Adicional de Periculosidade (quando houver) + Adicional Noturno (quando houver) + Adicional de Horas Extras (quando houver) +  Encargos Sociais)"]
[]
["3. Adicional de Periculosidade 30%: foi previsto para todos os profissionais eletricitários (Operação e Manutenção) que trabalham em contato com rede elétrica (nas estações de bombeamento, sub-estações, etc.) "]
[]
["4. Hora Noturna: Hora Diurna x 20%"]
["5. Adicional Noturno: *Considerado 120 horas/profissional/mês (Total de 8h noturnas: Período de 22h as 5h = 8h noturnas + 1h até as 6h => Súmula 60 do TST)    *(Incide sobre Salário Base + Periculosidade => Súmula 191 do TST)"]
[]
["6. Período noturno – 22 às 5 horas, o valor da hora tem 52 minutos e 30 segundos; logo, nesse período, há 8 horas"]
["7. Foi considerado intervalo intrajornada para todos os profissionais que trabalham em escala 12h x 36h "]

{"sheet":"MEM_CALCULO_SEG DE BARRAGENS","index":16,"n_rows":27,"n_cols":11,"rows_kept":27,"cut":false,"hidden":false,"merged":[[23,2,23,5],[26,0,26,3],[4,0,5,7],[7,0,7,7],[0,2,0,7],[1,2,1,7],[2,2,2,7]]}
[null,null,"Ministério do Desenvolvimento Regional  - MDR"]
[null,null,"Companhia de Desenvolvimento dos Vales do São Francisco e do Parnaíba"]
[null,null,"Gerência de Operação do PISF - Centro de Controle e Operação (AD / GOI / CCO)"]
[]
[{"$f":"ORCAMENTO_RESUMO!A5","v":"TERMO DE REFERÊNCIA PARA CONTRATAÇÃO DOS RECURSOS NECESSÁRIOS À OPERAÇÃO E MANUTENÇÃO DAS INFRAESTRUTURAS DO EIXO LESTE DO PISF - PROJETO DE INTEGRAÇÃO DO SÃO FRANCISCO COM AS BACIAS HIDROGRÁFICAS DO NORDESTE SETENTRIONAL"}]
[]
[]
["MEMÓRIA DE CÁLCULO - EQUIPE - MÃO DE OBRA (SEGURANÇA DE BARRAGENS)"]
[]
["ITEM",null,"DESCRIÇÃO","CLASSE","LOTAÇÃO","MOBILIZAÇÃO","QUANTIDADE","OBSERVAÇÕES"]
[]
[]
["1.0",null,"MÃO DE OBRA - SEGURAÇA DE BARRAGEM - LESTE "]
["1.1",null,"Engenheiro Sênior  - Esp. Em Seg. de Barragem","P1","Coordenação (à definir)","Pode utilizar o escritório",{"$f":"J14-K14","v":1},"Equipe: 1/EIXO",null,1]
["1.2",null,"Engenheiro. Civil  (Geotecnico)","P1","Coordenação (à definir)","Pode utilizar o escritório",{"$f":"J15-K15","v":1},"Equipe: 1/EIXO",null,1]
["1.3",null,"Engenheiro Junior - Civil","P2","Coordenação (à definir)","Pode utilizar o escritório",1,"Equipe: 1/EIXO",null,1]
["1.4",null,"Assistente Administrativo (Assistente social)","AS","Coordenação (à definir)","Pode utilizar o escritório",2,"Equipe: 1/TRECHO",null,2]
["1.5",null,"Assistente Administrativo (administrativo)","A1","Coordenação (à definir)","Pode utilizar o escritório",2,"Equipe: 1/TRECHO",null,2]
["1.6",null,"Auxiliar Administrativo","A1","Coordenação (à definir)","Pode utilizar o escritório",1,"Inserido no item 3.0",null,1]
["1.7",null,"Topógrafo","TS","Coordenação (à definir)","Pode utilizar o escritório",1,"Equipe: 1/TRECHO",null,2,1]
["1.8",null,"Auxiliar de Topografia","T3","Coordenação (à definir)","Não utilliza o Escritório",2,"Equipe: 2/TRECHO",null,4,2]
["1.9",null,"Técnico Pleno","T2","Coordenação (à definir)","Pode utilizar o escritório",1,"Equipe: 1/EIXO",null,1]
[]
["2.",null,"MÃO DE OBRA - SEGURAÇA DE BARRAGEM - LESTE "]
["2.1","B11","Veículo Tipo Pick Up Cabine Dupla 4 x 4 (163 CV)",6,{"$f":"J25-K25","v":1},{"$f":"E25*D25","v":6},null,null,null,2,1]
["2.2","B4","TIPO SEDAN 1.6 FLEX (115CV)",6,{"$f":"J26-K26","v":1},{"$f":"E26*D26","v":6},null,null,null,2,1]
["TOTAL DE VEÍCULOS - MÃO DE OBRA - SEGURAÇA DE BARRAGEM - NORTE :",null,null,null,{"$f":"SUM(E25:E26)","v":2},{"$f":"SUM(F25:F26)","v":12}]

{"sheet":"CPU_SALARIOS","index":17,"n_rows":49,"n_cols":10,"rows_kept":49,"cut":false,"hidden":false,"merged":[[46,0,46,7],[45,0,45,7],[49,0,49,7],[47,0,47,7],[10,0,12,0],[10,3,12,3],[10,4,12,4],[41,0,41,4],[10,2,12,2],[42,0,42,4],[43,0,43,4],[44,0,44,4],[41,6,41,7],[42,6,42,7],[43,6,43,7],[44,6,44,7],[10,5,10,7],[11,6,11,7],[0,3,0,7],[1,3,1,7],[2,3,2,7],[4,0,5,7],[7,0,7,7]]}
[null,null,null,"Ministério do Desenvolvimento Regional  - MDR"]
[null,null,null,"Companhia de Desenvolvimento dos Vales do São Francisco e do Parnaíba"]
[null,null,null,"Gerência de Operação do PISF - Centro de Controle e Operação (AD / GOI / CCO)"]
[]
[{"$f":"Mem_Calculo_EQUIPE!A5","v":"TERMO DE REFERÊNCIA PARA CONTRATAÇÃO DOS RECURSOS NECESSÁRIOS À OPERAÇÃO E MANUTENÇÃO DAS INFRAESTRUTURAS DO EIXO LESTE DO PISF - PROJETO DE INTEGRAÇÃO DO SÃO FRANCISCO COM AS BACIAS HIDROGRÁFICAS DO NORDESTE SETENTRIONAL"}]
[]
[]
["MEMORIAL DE CÁLCULO - SALÁRIOS"]
[]
[]
["ITEM",null,null,"CLASSE","PROFISSIONAL","SALÁRIO"]
[{"$nulls":5},"HORISTA","MENSALISTA"]
[{"$nulls":5},"COM ENCARGO","VALOR BASE","COM ENCARGO"]
[1,"Sicro","P9955","P0.1","Engenheiro - Profissional Sênior  c/ Encargos Complementares (N. Superior - Formação: 10 anos < T; mais de 5 anos de experiencia na função de Cooredenador)",{"$f":"H14/$C$49","v":172.62460227272729},16836.580000000002,30381.93]
[2,"Sicro","P9955","P0","Engenheiro - Profissional Sênior  c/ Encargos Complementares (N. Superior - Formação: 10 anos < T )",{"$f":"H15/$C$49","v":172.62460227272729},16836.580000000002,30381.93]
[3,"Sicro","P9819","P1","Engenheiro - Profissional Pleno c/ Encargos Complementares (N. Superior - Formação: 5 anos < T )",127.061875,12276.42,22362.89]
[4,"Sicro","P9946","P2","Engenheiro - Profissional Junior c/ Encargos Complementares (N. Superior - Formação: 2 anos < T )",107.33448863636363,10302,18890.87]
[5,"Sicro","P9949","TS","Topógrafo (N. Médio/Especializado - Formação: 5 anos < T ) ",40.784659090909095,3451.8,7178.1]
[6,"Sicro","P9840","T0","Técnico - Profissional Sênior (N. Médio/Especializado - Formação: 10 anos < T )",57.585965909090902,5285.9,10135.129999999999]
[7,"Sicro","P9867","T1","Técnico TI (N. Médio/Especializado - Formação: 2 anos < T)",37.416647727272725,3128.5,6585.33]
[8,"Sicro","P9867","T2","Auxiliar Tecnico / Assistente de Engenharia com Encargos Complementares (N. Médio/Especializado - Formação: 2 anos < T )",37.416647727272725,3128.5,6585.33]
[9,"Sicro","P9950","T3","Auxiliar de Topografia/Técnico auxiliar (N. Médio)",26.554659090909091,2035,4673.62]
[10,"Sicro","P9883","AS","Assistene Social (usado o custo de referência do setor administrativo)(N. Superior - Formação: 2 anos < T )",38.847840909090912,3463.66,6837.22]
[11,"Sicro","P9826","CA","Coordenador Administrativo - Chefe do setor administrativo (Chefe de Escritório) (N. Superior - Formação: 2 anos < T )",88.663352272727266,8392.5400000000009,15604.75]
[12,"Sicro","P9806","A1","Auxiliar administrativo com Encargos Complementares",23.817215909090908,1773.2,4191.83]
[13,"Sinapi",101377,"A2","Mobilizador - Ajudante de Operação em Geral com Encargos Complementares (N. Médio)",20.619147727272725,{"$f":"H26/('Encargos Sociais e Benefícios'!$C$65+1)","v":2065.1786937810343},3628.97]
[14,"Sinapi",101422,"A3","Motorista de Carro com Encargos Complementares  (N. Elementar)",30.16721590909091,{"$f":"H27/('Encargos Sociais e Benefícios'!$C$65+1)","v":3021.4969294653411},5309.43]
[15,"Sinapi",100316,"A4","AUXILIAR DE ALMOXARIFE COM ENCARGOS COMPLEMENTARES",14.229488636363635,{"$f":"H28/('Encargos Sociais e Benefícios'!$C$65+1)","v":1425.2013295558479},2504.39]
[16,"Sinapi",101399,"A5","ELETRICISTA COM ENCARGOS COMPLEMENTARES",22.943522727272725,{"$f":"H29/('Encargos Sociais e Benefícios'!$C$65+1)","v":2297.9841321943813},4038.06]
[17,"Sinapi",101445,"A6","PEDREIRO COM ENCARGOS COMPLEMENTARES",22.751306818181817,{"$f":"H30/('Encargos Sociais e Benefícios'!$C$65+1)","v":2278.7321143461731},4004.23]
[18,"Sinapi",101381,"A7","ARMADOR COM ENCARGOS COMPLEMENTARES",22.651250000000001,{"$f":"H31/('Encargos Sociais e Benefícios'!$C$65+1)","v":2268.7105939705611},3986.62]
[19,"Sinapi",101397,"A8","CARPINTEIRO DE FORMAS COM ENCARGOS COMPLEMENTARES",22.527613636363636,{"$f":"H32/('Encargos Sociais e Benefícios'!$C$65+1)","v":2256.3273865104075},3964.86]
[20,"Sinapi",101388,"A9","Auxiliar de Serviços Gerais com Encargos Complementares (Limpeza / Copa) (N. Elementar)",18.358125000000001,{"$f":"H33/('Encargos Sociais e Benefícios'!$C$65+1)","v":1838.7185110285664},3231.03]
[21,"Sinapi",101460,"A10","VIGIA DIURNO COM ENCARGOS COMPLEMENTARES",18.308011363636364,{"$f":"H34/('Encargos Sociais e Benefícios'!$C$65+1)","v":1833.6992146223827},3222.21]
[22,"Sinapi",101452,"A11","SERVENTE DE OBRAS COM ENCARGOS COMPLEMENTARES",18.433352272727273,{"$f":"H35/('Encargos Sociais e Benefícios'!$C$65+1)","v":1846.2531464500939},3244.27]
[23,"Sicro","P9867*","T2*(SA)","Auxiliar Tecnico / Assistente de Engenharia com Encargos Complementares (N. Médio/Especializado - Formação: 5 anos < T )",12.472215909090909,{"$f":"G21/3","v":1042.8333333333333},{"$f":"H21/3","v":2195.11}]
[24,"Sicro","P9950*","T3*(SA)","Técnico - Auxiliar (N. Elementar)",8.8515530303030303,{"$f":"G22/3","v":678.33333333333337},{"$f":"H22/3","v":1557.8733333333332}]
[25,"Sicro","P9819*","P1*(SA)","Engenheiro - Profissional Pleno c/ Encargos Complementares (N. Superior - Formação: 5 anos < T )",42.353958333333331,{"$f":"G16/3","v":4092.14},{"$f":"H16/3","v":7454.2966666666662},null,{"$f":"SUM(H14:H38)","v":212150.27999999994}]
[]
[]
[]
["NOME DO INFORMANTE:",{"$nulls":5},"QUALIFICAÇÃO:"]
[]
["ASSINATURA:",{"$nulls":5},"DATA:"]
[]
["OBSERVAÇAO:"]
["1. Fonte de Preços: Sinapi 04-2022 ; Sicro 01-2022"]
["*(SA)Profissionais com regime de sobreaviso"]
["*consideração de ",null,176,"horas por mês"]

{"sheet":"Encargos Sociais e Benefícios","index":18,"n_rows":77,"n_cols":3,"rows_kept":77,"cut":false,"hidden":false,"merged":[[0,1,0,2],[1,1,1,2],[2,1,2,2],[11,0,11,2],[69,0,69,2],[50,0,50,1],[55,0,55,1],[36,0,36,1],[12,0,12,1],[22,0,22,1],[23,0,23,1],[24,0,24,1],[35,0,35,1],[68,0,68,2],[4,0,5,2],[7,0,7,2],[70,0,70,1],[71,0,71,1],[72,0,72,1],[64,0,64,1],[37,0,37,1],[43,0,43,1],[44,0,44,1],[45,0,45,1],[57,0,57,2],[48,0,48,1],[49,0,49,1],[65,0,66,2],[78,0,78,2],[76,0,77,2],[73,0,73,1],[74,0,74,2],[75,0,75,2]]}
[null,"Ministério do Desenvolvimento Regional  - MDR"]
[null,"Companhia de Desenvolvimento dos Vales do São Francisco e do Parnaíba"]
[null,"Gerência de Operação do PISF - Centro de Controle e Operação (AD / GOI / CCO)"]
[]
[{"$f":"CPU_SALARIOS!A5","v":"TERMO DE REFERÊNCIA PARA CONTRATAÇÃO DOS RECURSOS NECESSÁRIOS À OPERAÇÃO E MANUTENÇÃO DAS INFRAESTRUTURAS DO EIXO LESTE DO PISF - PROJETO DE INTEGRAÇÃO DO SÃO FRANCISCO COM AS BACIAS HIDROGRÁFICAS DO NORDESTE SETENTRIONAL"}]
[]
[]
[" ENCARGOS SOCIAIS E TRABALHISTAS E BENEFÍCIOS"]
[]
[]
["ITEM","DESCRIÇÃO","Mensalista Diurno"]
["1.0 Encargos sociais - SISTEMA NACIONAL DE PESQUISA DE CUSTOS E ÍNDICES DA CONSTRUÇÃO CIVIL - Pernambuco - 2022"]
["GRUPO \"A\"",null,"%"]
["A1","INSS (Art. 22 inciso I da Lei 8.212/91) ",0.2]
["A2","SESC/SESI (Art. 3° da Lei 8036/90)",1.4999999999999999E-2]
["A3","SENAC/SENAI (Decreto 2.318/86)",0.01]
["A4","INCRA  (Lei 7787 de 30/06/890e DL 1146/70)",2E-3]
["A5","SEBRAE (Art. 8° Lei 8029/90 e 8154 de 28/12/90)",6.0000000000000001E-3]
["A6","Salário Educação (Art. 3° inciso I Decreto 87.043/)",2.5000000000000001E-2]
["A7","Seguro contra Acidentes de Trabalho  (Decreto 3.048/1999, Anexo V e Decreto 6.957/2009)  ",0.03]
["A8","FGTS (Art. 15 da Lei 8030/90 art. 7° inciso III CF/88)",0.08]
["A8","SECONCI","-"]
[{"$f":"\"TOTAL - \"&A13&\" - (%):\"","v":"TOTAL - GRUPO \"A\" - (%):"},null,{"$f":"SUM(C14:C22)","v":0.36800000000000005}]
[]
["GRUPO \"B\"",null,"%"]
["B1","Repouso semanal remunerado","-"]
["B2","Feriados","-"]
["B3","Auxílio Enfermidade",6.6E-3]
["B4","13º Salário",8.3299999999999999E-2]
["B5","Licença Paternidade Faltas justificadas",5.9999999999999995E-4]
["B6","Faltas Justificadas",5.5999999999999999E-3]
["B7","Dias de Chuva","-"]
["B8","Auxílio Acidente de Trabalho",8.0000000000000004E-4]
["B9","Férias Gozadas",6.7799999999999999E-2]
["B10","Salário Maternidade",2.0000000000000001E-4]
[{"$f":"\"TOTAL - \"&A25&\" - (%):\"","v":"TOTAL - GRUPO \"B\" - (%):"},null,{"$f":"SUM(C26:C35)","v":0.16489999999999999}]
[]
["GRUPO \"C\"",null,"%"]
["C1","Aviso Prévio Indenizado",3.6299999999999999E-2]
["C2","Aviso Prévio Trabalhado",8.9999999999999998E-4]
["C3","Férias Indenizadas",3.6200000000000003E-2]
["C4","Depósito Rescisão sem Justa Causa",2.5899999999999999E-2]
["C5","Indenização Adicional",3.0999999999999999E-3]
[{"$f":"\"TOTAL - \"&A38&\" - (%):\"","v":"TOTAL - GRUPO \"C\" - (%):"},null,{"$f":"SUM(C39:C43)","v":0.1024}]
[]
["GRUPO \"D\"",null,"%"]
["D1","Reincidência de Grupo A sobre Grupo B",6.06832E-2]
["D2","Reincidência de Grupo A sobre C2 e Reincidência de A8 sobre C1",3.2352000000000001E-3]
[{"$f":"\"TOTAL - \"&A46&\" - (%):\"","v":"TOTAL - GRUPO \"D\" - (%):"},null,{"$f":"SUM(C47:C48)","v":6.39184E-2}]
[]
["GRUPO \"E\"",null,"%"]
["E1","Auxílio Alimentação",0.04]
["E2","Equipamento de Proteção Individual - EPI",1.2999999999999999E-2]
["E3","Consultas e exames Médicos",5.0000000000000001E-3]
["E4","Seguro de Vida",0]
[{"$f":"\"TOTAL - \"&A51&\" - (%):\"","v":"TOTAL - GRUPO \"E\" - (%):"},null,{"$f":"SUM(C52:C55)","v":5.7999999999999996E-2}]
[]
["RESUMO - 1.0 Encargos sociais - SISTEMA NACIONAL DE PESQUISA DE CUSTOS E ÍNDICES DA CONSTRUÇÃO CIVIL - Pernambuco - 2022"]
["ITEM","DESCRIÇÃO","%"]
[1,{"$f":"A13","v":"GRUPO \"A\""},{"$f":"C23","v":0.36800000000000005}]
[2,{"$f":"A25","v":"GRUPO \"B\""},{"$f":"C36","v":0.16489999999999999}]
[3,{"$f":"A38","v":"GRUPO \"C\""},{"$f":"C44","v":0.1024}]
[4,{"$f":"A46","v":"GRUPO \"D\""},{"$f":"C49","v":6.39184E-2}]
[5,{"$f":"A51","v":"GRUPO \"E\""},{"$f":"C56","v":5.7999999999999996E-2}]
[{"$f":"\"TOTAL - \"&A58&\" - (%):\"","v":"TOTAL - RESUMO - 1.0 Encargos sociais - SISTEMA NACIONAL DE PESQUISA DE CUSTOS E ÍNDICES DA CONSTRUÇÃO CIVIL - Pernambuco - 2022 - (%):"},null,{"$f":"SUM(C60:C64)","v":0.75721840000000018}]
["OBS: Utilizando os valores dos encargos complementares do SINAPI-PE 12/21 para os itens alimentação, EPI, seguro e exames, os menores indices encontrados respectivamentes são 8,80%, 2,32%, 3,12% e 0%. Então foi aplicado para todos os profissionais de referência SINAPI os indices do contrato vigente de O&M (nº 0.086.00/2019) que são 4,00%, 1,3% e 0,5%."]
[]
[]
["2.0 Encargos sociais - SISTEMA DE CUSTOS REFERENCIAIS DE OBRAS - SICRO - Pernambuco - 2022"]
["Os encargos sociais variam para cada categoria profissional"]
["NOME DO INFORMANTE:",null,"QUALIFICAÇÃO:"]
[]
["ASSINATURA:",null,"DATA:"]
[]
["OBSERVAÇÃO:"]
["1. Fonte: Sistema Nacional de Pesquisa de Custos e Índices da Construção (Tablea SINAPI - Composição de Encargos Sociais); SISTEMA DE CUSTOS REFERENCIAIS DE OBRAS - SICRO (Tabela SICRO - Relatório Sintético de Encargos Sociais)."]
["2. Os percentuais dos encargos previdenciários e FGTS, a serem preenchidos na coluna %, são aqueles estabelecidos pela legislação vigente, incidentes sobre a remuneração"]

{"sheet":"CPU_Viagens","index":19,"n_rows":93,"n_cols":7,"rows_kept":93,"cut":false,"hidden":false,"merged":[[0,1,0,6],[1,1,1,6],[2,1,2,6],[4,0,5,6],[7,0,7,6],[10,4,10,6],[48,0,48,5],[50,1,50,6],[10,3,11,3],[10,0,11,0],[10,1,11,1],[10,2,11,2],[75,0,75,5],[78,0,78,6],[79,1,79,4],[79,5,79,6],[12,1,12,6],[80,5,80,6],[82,0,82,4],[82,5,82,6],[84,0,84,4],[84,5,84,6],[80,1,80,4],[92,0,92,6],[81,1,81,4],[81,5,81,6],[89,0,89,6],[90,0,90,6],[85,0,85,4],[85,5,85,6],[86,0,86,4],[86,5,86,6],[87,0,87,4],[87,5,87,6],[88,0,88,6]]}
[null,"Ministério do Desenvolvimento Regional  - MDR"]
[null,"Companhia de Desenvolvimento dos Vales do São Francisco e do Parnaíba"]
[null,"Gerência de Operação do PISF - Centro de Controle e Operação (AD / GOI / CCO)"]
[]
[{"$f":"[2]Viagens_Diárias!A5","v":"TERMO DE REFERÊNCIA PARA CONTRATAÇÃO DOS RECURSOS NECESSÁRIOS À OPERAÇÃO E MANUTENÇÃO DAS INFRAESTRUTURAS DO EIXO LESTE DO PISF - PROJETO DE INTEGRAÇÃO DO SÃO FRANCISCO COM AS BACIAS HIDROGRÁFICAS DO NORDESTE SETENTRIONAL"}]
[]
[]
["MEMORIAL DE CÁLCULO - VIAGENS"]
[]
[]
["ITEM","ORIGEM","DESTINO","COMPANHIA","VALOR (R$)"]
[{"$nulls":4},"TAXA","TRECHO","TOTAL"]
["1.","PASSAGENS AÉREAS"]
["1.1","Brasília (BSB)","Curitiba (CWB)","LATAM",140,664,{"$f":"F14+E14","v":804}]
["1.2","Brasília (BSB)","Rio de Janeiro (GIG)","LATAM",121,464,585]
["1.3","Brasília (BSB)","São Paulo (GRU)","LATAM",123,526,649]
["1.4","Brasília (BSB)","Juazeiro do Norte (JDO)","LATAM",234,1334,1568]
["1.5","Brasília (BSB)","Petrolina (PNZ)","LATAM",213,1462,1675]
["1.6","Brasília (BSB)","Porto Alegre (POA)","LATAM",181,1052,1233]
["1.7","Brasília (BSB)","Recife (REC)","LATAM",156,732,888]
["1.8","Brasília (BSB)","Salvador (SSA)","GOL",167,974,1141]
["1.9","Curitiba (CWB)","Rio de Janeiro (GIG)","LATAM",140,604,744]
["1.10","Curitiba (CWB)","São Paulo (GRU)","LATAM",116,412,528]
["1.11","Curitiba (CWB)","Juazeiro do Norte (JDO)","LATAM",246,1394,1640]
["1.12","Curitiba (CWB)","Petrolina (PNZ)","LATAM",218,1109,1327]
["1.13","Curitiba (CWB)","Porto Alegre (POA)","AZUL",121,362,483]
["1.14","Curitiba (CWB)","Recife (REC)","LATAM",214,1262,1476]
["1.15","Curitiba (CWB)","Salvador (SSA)","LATAM",147,718,865]
["1.16","Rio de Janeiro (GIG)","São Paulo (GRU)","LATAM",120,444,564]
["1.17","Rio de Janeiro (GIG)","Juazeiro do Norte (JDO)","LATAM",208,1368,1576]
["1.18","Rio de Janeiro (GIG)","Petrolina (PNZ)","LATAM",97,609,706]
["1.19","Rio de Janeiro (GIG)","Porto Alegre (POA)","LATAM",198,1168,1366]
["1.20","Rio de Janeiro (GIG)","Recife (REC)","LATAM",184,964,1148]
["1.21","Rio de Janeiro (GIG)","Salvador (SSA)","GOL",237,1610,1847]
["1.22","São Paulo (GRU)","Juazeiro do Norte (JDO)","LATAM",201,1298,1499]
["1.23","São Paulo (GRU)","Petrolina (PNZ)","GOL",143,760,903]
["1.24","São Paulo (GRU)","Porto Alegre (POA)","LATAM",177,1006,1183]
["1.25","São Paulo (GRU)","Recife (REC)","LATAM",182,982,1164]
["1.26","São Paulo (GRU)","Salvador (SSA)","LATAM",201,1298,1499]
["1.27","Juazeiro do Norte (JDO)","Porto Alegre (POA)","AZUL",200,1281,1481]
["1.28","Juazeiro do Norte (JDO)","Recife (REC)","AZUL",119,305,424]
["1.29","Juazeiro do Norte (JDO)","Salvador (SSA)","AZUL",310,2437,2747]
["1.30","Petrolina (PNZ)","Porto Alegre (POA)","GOL",219,1456,1675]
["1.31","Petrolina (PNZ)","Recife (REC)","AZUL",148,682,830]
["1.32","Petrolina (PNZ)","Salvador (SSA)","GOL",126,580,706]
["1.33","Porto Alegre (POA)","Recife (REC)","LATAM",185,958,1143]
["1.34","Porto Alegre (POA)","Salvador (SSA)","GOL",208,1312,1520]
["1.35","Recife (REC)","Salvador (SSA)","AZUL",133,494,627]
[{"$f":"\"VALOR MÉDIO - \"&B13&\" - (R$):\"","v":"VALOR MÉDIO - PASSAGENS AÉREAS - (R$):"},{"$nulls":5},{"$f":"ROUND(AVERAGE(G13:G48),2)","v":1148.97}]
[]
["2.","PASSAGENS TERRESTRES"]
["2.1","Brasília (BSB)","Curitiba (CWB)","Real Expresso",56.32,312.89,{"$f":"F52+E52","v":369.21}]
["2.2","Brasília (BSB)","Rio de Janeiro (GIG)","GIPSYY",21.61,120.07,{"$f":"F53+E53","v":141.68}]
["2.3","Brasília (BSB)","São Paulo (GRU)","Real Expresso",48.6,269.99,318.59000000000003]
["2.4","Brasília (BSB)","Juazeiro do Norte (JDO)","Guanabara",77.400000000000006,429.99,507.39]
["2.5","Brasília (BSB)","Petrolina (PNZ)","Guanabara",64.62,358.99,423.61]
["2.6","Brasília (BSB)","Porto Alegre (POA)","Real Expresso",97.92,543.99,641.91]
["2.7","Brasília (BSB)","Recife (REC)","Expresso São Luiz",123.04,683.55,806.58999999999992]
["2.8","Brasília (BSB)","Salvador (SSA)","Rápido Federal",72.180000000000007,400.99,473.17]
["2.9","Curitiba (CWB)","Rio de Janeiro (GIG)","Penha",37.659999999999997,209.23,246.89]
["2.10","Curitiba (CWB)","São Paulo (GRU)","Penha",10.78,59.9,70.679999999999993]
["2.11","Curitiba (CWB)","Porto Alegre (POA)","Penha",31.07,172.62,203.69]
["2.12","Rio de Janeiro (GIG)","São Paulo (GRU)","Aguia Branca",18,99.99,117.99]
["2.13","Rio de Janeiro (GIG)","Porto Alegre (POA)","Penha",91.8,510,601.79999999999995]
["2.14","Rio de Janeiro (GIG)","Recife (REC)","Gontijo",106.7,592.75,699.45]
["2.15","Rio de Janeiro (GIG)","Salvador (SSA)","Aguia Branca",43.02,239,282.02]
["2.16","São Paulo (GRU)","Porto Alegre (POA)","Penha",52.17,289.98,342.15000000000003]
["2.17","São Paulo (GRU)","Recife (REC)","Itapemirim",104.4,579.99,684.39]
["2.18","Juazeiro do Norte (JDO)","Recife (REC)","Progresso",32.200000000000003,178.99,211.19]
["2.19","Petrolina (PNZ)","Recife (REC)","Progresso",44.97,249.99,294.96000000000004]
["2.20","Petrolina (PNZ)","Salvador (SSA)","Aguia Branca",16.02,89,105.02]
["2.21","Recife (REC)","Salvador (SSA)","Guanabara",144.49,25.99,170.48000000000002]
["2.22","Brasília (BSB)","Salgueiro (SGI)","Guanabara",72,399.99,471.99]
["2.23","Petrolina (PNZ)","Salgueiro (SGI)","Progresso",12.19,67.709999999999994,79.899999999999991]
["2.24","Recife (REC)","Salgueiro (SGI)","Progresso",29.88,165.99,195.87]
[{"$f":"\"VALOR MÉDIO - \"&B51&\" - (R$):\"","v":"VALOR MÉDIO - PASSAGENS TERRESTRES - (R$):"},{"$nulls":5},{"$f":"ROUND(AVERAGE(G51:G75),2)","v":352.53}]
[]
[]
[{"$f":"\"RESUMO - \"&A$8","v":"RESUMO - MEMORIAL DE CÁLCULO - VIAGENS"}]
["ITEM","DESCRIÇÃO",null,null,null,"VALOR TOTAL (R$)"]
[1,{"$f":"B13","v":"PASSAGENS AÉREAS"},null,null,null,{"$f":"G49","v":1148.97}]
[2,{"$f":"B51","v":"PASSAGENS TERRESTRES"},null,null,null,{"$f":"G76","v":352.53}]
[{"$f":"\"MÉDIA GERAL - \"&A$8&\" - (R$):\"","v":"MÉDIA GERAL - MEMORIAL DE CÁLCULO - VIAGENS - (R$):"},{"$nulls":4},{"$f":"ROUND(AVERAGE(F81:G82),2)","v":750.75}]
[]
["NOME DO INFORMANTE:",{"$nulls":4},"QUALIFICAÇÃO:"]
[]
["ASSINATURA:",{"$nulls":4},"DATA:"]
[]
["OBSERVAÇÃO:"]
["1. Fonte de Preço: www.decolar.com. Considerando menores preços e companhias aéreas para registro do preço."]
["2. Data de pesquisa: 12/01/2022 . "]
["3. Fonte de Preço: www.clickbus.com.br. Considerando menores preços e companhias aéreas para registro do preço."]
["4. Diárias - Fonte www.Booking.com - Considerando os menores preços"]

{"sheet":"Frentes_Moveis","index":20,"n_rows":51,"n_cols":12,"rows_kept":51,"cut":false,"hidden":false,"merged":[[48,0,48,6],[44,0,44,2],[29,0,32,5],[34,0,34,5],[35,2,38,5],[40,0,40,2],[40,3,40,5],[0,2,0,6],[1,2,1,6],[2,2,2,6],[12,2,12,6],[16,0,16,5],[7,0,7,6],[10,0,11,0],[10,2,11,2],[10,3,11,3],[10,4,11,4],[10,5,10,6],[10,1,11,1],[24,5,24,6],[25,5,25,6],[26,5,26,6],[19,2,19,4],[4,0,5,6],[18,0,18,6],[19,5,19,6],[23,5,23,6],[20,2,20,4],[21,0,21,4],[23,0,23,4],[21,5,21,6],[20,5,20,6],[24,0,24,4],[25,0,25,4],[26,0,26,4]]}
[null,null,"Ministério do Desenvolvimento Regional  - MDR"]
[null,null,"Companhia de Desenvolvimento dos Vales do São Francisco e do Parnaíba"]
[null,null,"Gerência de Operação do PISF - Centro de Controle e Operação (AD / GOI / CCO)"]
[]
[{"$f":"CPU_Viagens!A5","v":"TERMO DE REFERÊNCIA PARA CONTRATAÇÃO DOS RECURSOS NECESSÁRIOS À OPERAÇÃO E MANUTENÇÃO DAS INFRAESTRUTURAS DO EIXO LESTE DO PISF - PROJETO DE INTEGRAÇÃO DO SÃO FRANCISCO COM AS BACIAS HIDROGRÁFICAS DO NORDESTE SETENTRIONAL"}]
[]
[]
["FRENTES MÓVEIS DE LIMPEZA E CONSERVAÇÃO"]
[]
[]
["ITEM","ITEM","DESCRIÇÃO","UNIDADE","QUANTIDADE","VALOR (R$)"]
[{"$nulls":5},"UNITARIO","TOTAL"]
["1.",null,"FRENTES MÓVEIS DE LIMPEZA E CONSERVAÇÃO",{"$nulls":7},12,{"$f":"'ORCAMENTO_CONSOLIDADO (2)'!$K$1","v":6}]
["1.1","Banco de Preços (PREGÃO ELETRÔNICO - MUNICÍPIO DE FÁTIMA/BA, 05/2022)","Tenda Piramidal 5m x 5m (para refeitório)","un x mês",{"$f":"L14","v":48},301.97000000000003,{"$f":"ROUND(E14*F14,2)","v":14494.56},null,null,96,{"$f":"J14/$K$13","v":8},{"$f":"K14*$L$13","v":48}]
["1.2","F099722405/EMBASA","Tenda Piramidal 3m x 3m ","un x mês",{"$f":"L15","v":48},150,{"$f":"ROUND(E15*F15,2)","v":7200},null,null,96,{"$f":"J15/$K$13","v":8},{"$f":"K15*$L$13","v":48}]
["1.3","10390 - ORSE/SE","Banheiro Químico, com 03 limpezas semanais","un x mês",{"$f":"L16","v":120},485.98,{"$f":"ROUND(E16*F16,2)","v":58317.599999999999},null,null,240,20,120]
[{"$f":"\"TOTAL - \"&C13&\" - (R$):\"","v":"TOTAL - FRENTES MÓVEIS DE LIMPEZA E CONSERVAÇÃO - (R$):"},{"$nulls":5},{"$f":"SUBTOTAL(9,G14:G16)","v":80012.160000000003}]
[]
[{"$f":"\"RESUMO - \"&A$8","v":"RESUMO - FRENTES MÓVEIS DE LIMPEZA E CONSERVAÇÃO"}]
["ITEM",null,"DESCRIÇÃO",null,null,"VALOR TOTAL (R$)"]
["01",null,{"$f":"C13","v":"FRENTES MÓVEIS DE LIMPEZA E CONSERVAÇÃO"},null,null,{"$f":"G17","v":80012.160000000003}]
[{"$f":"\"TOTAL GERAL - \"&A$8&\" - (R$):\"","v":"TOTAL GERAL - FRENTES MÓVEIS DE LIMPEZA E CONSERVAÇÃO - (R$):"},{"$nulls":4},{"$f":"SUM(F21)","v":80012.160000000003}]
[]
["NOME DO INFORMANTE:",{"$nulls":4},"QUALIFICAÇÃO:"]
[]
["ASSINATURA:",{"$nulls":4},"DATA:"]
[]
["Observações"]
[]
[" art. 305 do RIR/1999 esclarece que:\n\n\"Art. 305. Poderá ser computada, como custo ou encargo, em cada período de apuração, a importância correspondente à diminuição do valor dos bens do ativo resultante do desgaste pelo uso, ação da natureza e obsolescência normal (Lei nº 4.506, de 1964, art. 57).\""]
[]
[]
[]
[]
[" Instrução Normativa da Secretaria da Receita Federal (SRF)"]
["Da","Depreciação","Da = (VN - VR) / N"]
["VN","Valor Novo"]
["VR","Valor Residual"]
["N","Vída útil (anos)"]
[]
["DADOS - Frentes móveis",null,null,"CONSIDERAÇÕES"]
["Depreciação anual (%)",null,0.4]
["Vida últil (anos)",null,2.5]
[]
["DESCRIÇÃO",null,null,"Valor de aquisição (R$)","Valor com depreciação (R$)"]
["und","COT_TP1","Tenda Piramidal 5m x 5m (para refeitório)",5681.33,{"$f":"C42*D46/12","v":189.37766666666667}]
["und","COT_TP2","Tenda Piramidal 3m x 3m ",3366.33,{"$f":"C42*D47/12","v":112.21100000000001}]
["1. Valor unitário final = (Depreciação anual) / (Tempo de contrato)"]
["2. A vida útil adotada, leva em consideração o uso serevero dos itens listados, visto que são utilizados em canteiros de obras e frequentemente são deslocados entre canteiros e postos de serviço em campo."]
["3. Adotou-se tempo de contrato igual a 12 meses"]
["4. Sistema de Orçamento de Obras de Sergipe (ORSE). Data base: 03/2022."]

{"sheet":"Viagens_Diárias","index":21,"n_rows":45,"n_cols":13,"rows_kept":45,"cut":false,"hidden":false,"merged":[[0,2,0,6],[1,2,1,6],[2,2,2,6],[4,0,5,6],[7,0,7,6],[34,0,34,4],[34,5,34,6],[35,0,35,4],[35,5,35,6],[27,0,27,6],[28,2,28,4],[28,5,28,6],[30,2,30,4],[30,5,30,6],[29,2,29,4],[29,5,29,6],[39,0,39,6],[44,0,44,6],[45,0,45,6],[40,0,40,6],[36,0,36,4],[36,5,36,6],[37,0,37,4],[37,5,37,6],[38,0,38,6],[41,0,42,6],[43,0,43,6],[10,1,11,1],[12,2,12,6],[24,0,24,5],[31,0,31,4],[31,5,31,6],[10,0,11,0],[10,2,11,2],[10,3,11,3],[10,4,11,4],[10,5,10,6],[14,2,14,6],[17,0,17,5],[19,2,19,6],[22,0,22,5]]}
[null,null,"Ministério do Desenvolvimento Regional  - MDR"]
[null,null,"Companhia de Desenvolvimento dos Vales do São Francisco e do Parnaíba"]
[null,null,"Gerência de Operação do PISF - Centro de Controle e Operação (AD / GOI / CCO)"]
[]
[{"$f":"'Encargos Sociais e Benefícios'!A5","v":"TERMO DE REFERÊNCIA PARA CONTRATAÇÃO DOS RECURSOS NECESSÁRIOS À OPERAÇÃO E MANUTENÇÃO DAS INFRAESTRUTURAS DO EIXO LESTE DO PISF - PROJETO DE INTEGRAÇÃO DO SÃO FRANCISCO COM AS BACIAS HIDROGRÁFICAS DO NORDESTE SETENTRIONAL"}]
[]
[]
["VIAGENS / DIÁRIAS"]
[]
[]
["ITEM","CÓDIGO","DESCRIÇÃO","UNIDADE","QUANTIDADE","VALOR (R$)"]
[{"$nulls":5},"UNITARIO","TOTAL"]
[null,null,{"$f":"A8","v":"VIAGENS / DIÁRIAS"}]
[]
["1.",null,"DESPESAS COM VIAGENS COMERCIAIS",{"$nulls":9},{"$f":"'ORCAMENTO_CONSOLIDADO (2)'!$K$1","v":6}]
["1.1",null,"Viagem por via aerea","un",{"$f":"M16","v":6},{"$f":"CPU_Viagens!F81","v":1148.97},{"$f":"ROUND(E16*F16,2)","v":6893.82},null,null,null,12,{"$f":"K16/12","v":1},{"$f":"L16*$M$15","v":6}]
["1.2",null,"Viagem por via terrestre (comercial)","un",{"$f":"M17","v":18},{"$f":"CPU_Viagens!F82","v":352.53},{"$f":"ROUND(E17*F17,2)","v":6345.54},null,null,null,36,{"$f":"K17/12","v":3},{"$f":"L17*$M$15","v":18}]
[{"$f":"\"TOTAL - \"&C15&\" - (R$):\"","v":"TOTAL - DESPESAS COM VIAGENS COMERCIAIS - (R$):"},{"$nulls":5},{"$f":"SUBTOTAL(9,G16:G17)","v":13239.36}]
[]
["2.",null,"DESPESAS COM DIÁRIAS"]
["2.1",null,"Diárias nacionais","un",{"$f":"M21","v":6},295,{"$f":"ROUND(E21*F21,2)","v":1770},null,null,null,12,{"$f":"K21/12","v":1},6]
["2.2",null,"Diárias regionais","un",72,239,{"$f":"ROUND(E22*F22,2)","v":17208},null,null,null,144,12,72]
[{"$f":"\"TOTAL - \"&C20&\" - (R$):\"","v":"TOTAL - DESPESAS COM DIÁRIAS - (R$):"},{"$nulls":5},{"$f":"SUBTOTAL(9,G21:G22)","v":18978}]
[]
[{"$f":"\"TOTAL - \"&C13&\" - (R$):\"","v":"TOTAL - VIAGENS / DIÁRIAS - (R$):"},{"$nulls":5},{"$f":"SUBTOTAL(9,G13:G24)","v":32217.360000000001}]
[]
[]
[{"$f":"\"RESUMO - \"&A$8","v":"RESUMO - VIAGENS / DIÁRIAS"}]
["ITEM",null,"DESCRIÇÃO",null,null,"VALOR TOTAL (R$)"]
[1,null,{"$f":"C15","v":"DESPESAS COM VIAGENS COMERCIAIS"},null,null,{"$f":"G18","v":13239.36}]
[2,null,{"$f":"C20","v":"DESPESAS COM DIÁRIAS"},null,null,{"$f":"G23","v":18978}]
[{"$f":"\"TOTAL GERAL - \"&A$8&\" - (R$):\"","v":"TOTAL GERAL - VIAGENS / DIÁRIAS - (R$):"},{"$nulls":4},{"$f":"SUM(F30:G31)","v":32217.360000000001},null,"ok"]
[]
[]
["NOME DO INFORMANTE:",{"$nulls":4},"QUALIFICAÇÃO:"]
[]
["ASSINATURA:",{"$nulls":4},"DATA:"]
[]
["OBSERVAÇÃO:"]
["1. Os produtos serão pagos por demanda (Conforme efetiva utilização, mediante autorização prévia da fiscalização)"]
["2. O valor estimado para as passagens aéreas foi calculado conforme \"MEMORIAL DE CÁLCULO - VIAGENS\""]
["3. O valor adotado para a diária é o valor praticado pela Codevasf, conforme \"Tabela de Diárias da Codevasf\", considerando: diária completa; demais localidades; e empregados de nível superior, médio e operacional."]
[]
["4. Os quantitativos foram estimados de acordo com a quantidae de pessoal lotada no campo, e baseadas na quantidade de viagens que a equipe da Codevasf utiliza."]
["5. Os valores previstos são o máximo que serão pagos pela Codevasf durante todo o período do contrato."]

{"sheet":"Materiais_Consumo","index":22,"n_rows":205,"n_cols":26,"rows_kept":205,"cut":false,"hidden":false,"merged":[[181,0,181,5],[183,2,183,6],[186,0,186,5],[189,0,189,5],[0,2,0,6],[1,2,1,6],[2,2,2,6],[4,0,5,6],[7,0,7,6],[122,0,122,5],[124,2,124,6],[9,1,10,1],[9,2,10,2],[9,3,10,3],[13,2,13,6],[67,0,67,5],[69,2,69,6],[9,4,10,4],[9,5,9,6],[9,0,10,0],[11,2,11,6],[206,0,206,6],[200,5,200,6],[201,5,201,6],[202,0,203,4],[202,5,202,6],[203,5,203,6],[205,0,205,6],[201,0,201,4],[204,0,204,6],[197,0,197,4],[197,5,197,6],[191,0,191,6],[192,2,192,4],[196,2,196,4],[196,5,196,6],[195,2,195,4],[195,5,195,6],[194,2,194,4],[194,5,194,6],[192,5,192,6],[193,2,193,4],[193,5,193,6]]}
[null,null,"Ministério do Desenvolvimento Regional  - MDR"]
[null,null,"Companhia de Desenvolvimento dos Vales do São Francisco e do Parnaíba"]
[null,null,"Gerência de Operação do PISF - Centro de Controle e Operação (AD / GOI / CCO)"]
[]
[{"$f":"Frentes_Moveis!A5","v":"TERMO DE REFERÊNCIA PARA CONTRATAÇÃO DOS RECURSOS NECESSÁRIOS À OPERAÇÃO E MANUTENÇÃO DAS INFRAESTRUTURAS DO EIXO LESTE DO PISF - PROJETO DE INTEGRAÇÃO DO SÃO FRANCISCO COM AS BACIAS HIDROGRÁFICAS DO NORDESTE SETENTRIONAL"}]
[]
[]
["MATERIAL DE CONSUMO - ALMOXARIFADOS"]
[]
["ITEM","CÓDIGO","DESCRIÇÃO","UNIDADE","QUANTIDADE","VALOR (R$)"]
[{"$nulls":5},"UNITARIO","TOTAL"]
[null,null,{"$f":"A8","v":"MATERIAL DE CONSUMO - ALMOXARIFADOS"}]
[]
["1.",null,"MATERIAL DE CONSUMO - MECÂNICA"]
["1.1","04791 - SINAPI","Adesivo Acrílico / Cola de contato","un",480,39.85,{"$f":"ROUND(E15*F15,2)","v":19128},"at"]
["1.2","05318 - SINAPI","Água Raz - galão  5 l","un",112,114.5,12824,"at"]
["1.3","\t000312/SBC","Alcool Comum 90º GL","l",1200,8.69,10428]
["1.4",null,"Antiferrugem aerosol WD-40 - tubo de 300 ml","un",289,23.92,6912.88]
["1.5","Banco de preços (NºPregão:142022 / UASG:926687 - Serviço Autonomo de Agua e Esgoto de Volta Redonda SAAE VR RJ, Pregão Eletrônico, 04/2022)","Antiespumante – antiespumante a base de silicone","l",223,25,5575]
["1.6","43132 - SINAPI","Arame recozido n.º 18","kg",2400,27.6,66240,"at"]
["1.7","00122 - SINAPI","Cola de PVC com 850 g","un",144,60.78,8752.32,"at"]
["1.8","Banco de preços (DEPART.DE OBRAS E SERV.PUBLICOS\nPrefeitura Municipal de Ubiretama/RS, Dispensa por Limite - 01/2022)","Cola Ultra Gray 70g","un",144,46,6624]
["1.9","Banco de preços (PREFEITURA MUNICIPAL DE QUEIROZ, PREGÃO PRESENCIAL - 80/2021)","Cola para junta de motores com 73g","un",1200,11.1,13320]
["1.10","Banco de preços (FUNDO MUNICIPAL DE ASSISTÊNCIA SOCIAL\nPrefeitura Municipal de Hulha Negra/RS, Dispensa por Limite - 05/2022)","Convertedor de ferrugem 500 ml","un",445,33,14685]
["1.11","038200 - SINAPI","Corda de bombeiro 12mm em nylon trançado (rolo de 100,00m)","m",3200,7.26,23232,"at"]
["1.12","004221 - SINAPI","Diesel comum (l)","l",480,6.85,3288,"at"]
["1.13","044533 - SINAPI","Disco corte abrasivo 7\" x 1/8\" x 7/8\"","un",434,30.85,13388.9]
["1.14","044531 - SINAPI","Disco de corte diamantado - 7\", para esmerilhadeira, segmentado, para concreto","un",108,127.83,13805.64]
["1.15","044495 - SINAPI","Disco de corte para estrutura metálica 300 x 3,2 x 19,05 mm","un",434,32.67,14178.78]
["1.16","044533 - SINAPI","Disco de desbaste para estrutura metálica de 9\" x 1/4\" x 7/8\" ( 225 x 6,25 x 21,87 mm)","un",434,30.85,13388.9]
["1.17","010997 - SINAPI","Eletrodos Revestido AWS-E7018, DN 4 mm","kg",320,37.950000000000003,12144,"at"]
["1.18",null,"SOLDA-ELETRODO OK 4600 AWS 6013 6,0mm 1/4\"","kg",320,71.73,22953.599999999999]
["1.19","000012 - SINAPI","Escova de aço para remoção da graxa envelhecida dos cabos de aço","un",160,11.88,1900.8,"at"]
["1.20","000013 - SINAPI","Estopa - embalagem 20 kg","kg",294,18.29,5377.26,"at"]
["1.21","000404 - SINAPI","Fita auto fusão 19 mm x 10 m","un",194,23.8,4617.2,"at"]
["1.22","012815 - SINAPI","Fita crepe adesiva 25mm x 50mm ","un",194,8.86,1718.84,"at"]
["1.23","020111 - SINAPI","Fita isolante 19 mm x 20 m","un",194,17.5,3395,"at"]
["1.24",null,"Graxa a base de lítio NGLI 2","kg",478,48.12,23001.360000000001]
["1.25",null,"Graxa a base de lítio NGLI 3","kg",478,91.18,43584.04]
["1.26",null,"Graxa com dissulfeto de molibidênio (MoS2) - Lata 500 g","un",478,41.85,20004.3]
["1.27",null,"Graxa GMA - 2","kg",478,45.58,21787.24,"ok"]
["1.28",null,"Graxa de Alta Resistência a Carga, Pressão LGEP 2/1. Aplicação: Engrenagens de roda e engrenagens expostas","kg",478,115.41,55165.98]
["1.29",null,"Hidróxido de Cálcio P.A. 500 g","kg",600,32.67,19602]
["1.30",null,"Hipoclorito de Sódio 12% 5000 ml","kg",1200,6.75,8100]
["1.31","8216 - ORSE","Lâmina de serra para metal  Starret ou similar","un",667,10.5,{"$f":"ROUND(E45*F45,2)","v":7003.5},"at"]
["1.32",null,"Lençol de borracha manta 3/16” 4,8mm","m²",400,153.52000000000001,61408]
["1.33",null,"Líquido penetrante visível lavável à água (Ensaios de Líquido Penetrante)","un",98,37.36,3661.28]
["1.34","003767 - SINAPI","Lixa nº120","un",2400,0.74,1776,"at"]
["1.35",null,"Lona de borracha com alma 1,0 – 4,8 mm esp.","m",45,125.37,5641.65]
["1.36","003777 - SINAPI/PE","Lona plástica - 4 x 100 m - 12 kg","m²",3200,1.69,5408,"at"]
["1.37","037459 - SINAPI","Mangueira Cristal, Lisa PVC transparente, 3/4\" x 2 mm","m",1600,7.02,11232,"at"]
["1.38",null,"Mangueira FLG-62/1 0 - 150 PSI 1/4\" NPT","m",800,5.1100000000000003,4088]
["1.39","7696 - ORSE","Massa calafetar cinza-Durepox ou similiar","kg",334,26.37,8807.58,"at"]
["1.40",null,"Óleo - Translação pórtico e ponte e direção do carro - 20 l -  Óleo EP 220","l",334,44.27,14786.18]
["1.41",null,"Óleo Hidràulico para os componentes não protegido dos Servomotor Hidráulico - Óleo EP 320","l",334,42.63,14238.42]
["1.42",null,"Óleo Lubrificante Redutor - Óleo SAE 90","l",334,47.83,15975.22]
["1.43",null,"Óleo lubrificante, para engrenagem., EP-5, viscosidade (CSt) ( - 40ºC) = 22 - tambor 20 l","l",334,34.380000000000003,11482.92]
["1.44",null,"PAC – Policloreto de alumínio (5 l)","l",967,14.96,14466.32]
["1.45",null,"Papelão grafitado 1,50 m x 1,60 m Esp 2.4","un",30,491.4,14742,"ok"]
["1.46",null,"Pasta de Limpeza Uso Geral Limptek 500 gramas","kg",400,22.46,8984]
["1.47",null,"Querosene para limpeza ","l",240,20.03,4807.2]
["1.48",null,"Revelador não aquoso D70 (Ensaios de Líquido Penetrante)","un",98,35.659999999999997,3494.68]
["1.49",null,"Sílica Gel Branca - Pacote De 1kg - Grânulos De 4-8 Mm","kg",98,52.28,5123.4399999999996]
["1.50","039961 - SINAPI","Silicone (acético branca) - Tubo de 280g","un",480,27.5,13200,"at"]
["1.51",null,"Trava Parafusos de Alta Resistência 120 com 10g","un",192,19.559999999999999,3755.52]
["1.52","Banco de preços (FUNDO MUNICIPAL DE CULTURA\nSECRETARIA DE CULTURA E TURISMO\nPrefeitura Municipal de Leme/SP, Dispensa por Limite - 04/2022)","Vaselina sólida anti-inflamável 500g","kg",{"$f":"480/4","v":120},54.3,{"$f":"ROUND(E66*F66,2)","v":6516}]
[]
[{"$f":"\"TOTAL - \"&C14&\" - (R$):\"","v":"TOTAL - MATERIAL DE CONSUMO - MECÂNICA - (R$):"},{"$nulls":5},{"$f":"SUBTOTAL(9,G14:G67)","v":729720.95}]
[]
["2.",null,"MATERIAL DE CONSUMO - ELÉTRICA"]
["2.1","00181 - ORSE","Anilha Identificação - 0,5 a 6mm² (pacote com 100 unidades)","un",10,{"$f":"0.05*100","v":5},{"$f":"ROUND(E71*F71,2)","v":50},"at"]
["2.2","00181 - ORSE","Anilha Identificação - 10 a 16mm² (pacote com 100 unidades)","un",10,{"$f":"0.05*100","v":5},50,"at"]
["2.3","03875 - ORSE","Anilha Identificação - 25 a 70mm² (pacote com 100 unidades)","un",10,57,570,"at"]
["2.4","03875 - ORSE","Anilha Identificação - 95 a 120mm² (pacote com 100 unidades)","un",10,57,570,"at"]
["2.5","03531 - ORSE","Ar comprimido seco  Aerossol 300ml","un",100,44.97,4497,"at"]
["2.6","00993 - SINAPI","Cabo cobre flexível classe 4 ou 5 isolação PVC/A M 1,68 e cobertura PVC-ST1 antichama BWF-B 0,6/1 kV 1,5mm²","m",500,2.69,1345,"at"]
["2.7","01022 - SINAPI","Cabo cobre flexível classe 4 ou 5 isolação PVC/A M 1,68 e cobertura PVC-ST1 antichama BWF-B 0,6/1 kV 2,5mm²","m",1000,3.73,3730,"at"]
["2.8","01003 - SINAPI","Cabo cobre flexível classe 4 ou 5 isolação PVC/A M 1,68 e cobertura PVC-ST1 antichama BWF-B 0,6/1 kV 4mm²","m",1000,5.76,5760,"at"]
["2.9","00994 - SINAPI","Cabo cobre flexível classe 4 ou 5 isolação PVC/A M 1,68 e cobertura PVC-ST1 antichama BWF-B 0,6/1 kV 6mm²","m",1000,7.3,7300,"at"]
["2.10","01020 - SINAPI","Cabo cobre flexível classe 4 ou 5 isolação PVC/A M 1,68 e cobertura PVC-ST1 antichama BWF-B 0,6/1 kV 10mm²","m",500,11.7,5850,"at"]
["2.11","00995 - SINAPI","Cabo cobre flexível classe 4 ou 5 isolação PVC/A M 1,68 e cobertura PVC-ST1 antichama BWF-B 0,6/1 kV 16mm²","m",500,17.95,8975,"at"]
["2.12","00996 - SINAPI","Cabo cobre flexível classe 4 ou 5 isolação PVC/A M 1,68 e cobertura PVC-ST1 antichama BWF-B 0,6/1 kV 25mm²","m",500,27.33,13665,"at"]
["2.13","01019 - SINAPI","Cabo cobre flexível classe 4 ou 5 isolação PVC/A M 1,68 e cobertura PVC-ST1 antichama BWF-B 0,6/1 kV 35mm²","m",500,37.67,18835,"at"]
["2.14","01018 - SINAPI","Cabo cobre flexível classe 4 ou 5 isolação PVC/A M 1,68 e cobertura PVC-ST1 antichama BWF-B 0,6/1 kV 50mm²","m",500,53.69,26845,"at"]
["2.15","00977 - SINAPI","Cabo cobre flexível classe 4 ou 5 isolação PVC/A M 1,68 e cobertura PVC-ST1 antichama BWF-B 0,6/1 kV 70mm²","m",500,74.38,37190,"at"]
["2.16","00998 - SINAPI","Cabo cobre flexível classe 4 ou 5 isolação PVC/A M 1,68 e cobertura PVC-ST1 antichama BWF-B 0,6/1 kV 95mm²","m",200,98.81,19762,"at"]
["2.17","01017 - SINAPI","Cabo cobre flexível classe 4 ou 5 isolação PVC/A M 1,68 e cobertura PVC-ST1 antichama BWF-B 0,6/1 kV 120mm²","m",200,128.62,25724,"at"]
["2.18","00863 - SINAPI","Cabo de cobre nu, eletrolítico, têmpera meio duro, #35mm² (m)","m",200,38.409999999999997,7682,"at"]
["2.19","00867 - SINAPI","Cabo de cobre nu, eletrolítico, têmpera meio duro, #50mm² (m)","m",200,53.49,10698,"at"]
["2.20","00864 - SINAPI","Cabo de cobre nu, eletrolítico, têmpera meio duro, #70mm² (m)","m",200,75.36,15072,"at"]
["2.21","09720 - ORSE","Conector para haste aterramento #35mm² GTDU","un",25,54.5,1362.5,"at"]
["2.22","09720 - ORSE","Conector para haste aterramento #50mm² GTDU","un",20,{"$f":"F91","v":54.5},1090,"at"]
["2.23","09720 - ORSE","Conector para haste aterramento #70mm² GTDU","un",20,{"$f":"F91","v":54.5},1090,"at"]
["2.24","11602 - ORSE","Filtro de ventiladores de painéis","un",180,38.39,6910.2,"at"]
["2.25",null,"Filtro dos motores do eixo leste EBV6 (fabricante Aeroglass (670x280x25mm)","un",48,168,8064,"ok"]
["2.26",null,"Filtro dos motores do eixo leste EBV5 (fabricante Aeroglass (750x225x25mm)","un",48,161,7728,"ok"]
["2.27",null,"Filtro dos motores do eixo leste EBV1, 2, 3 e 4 (fabricante Aeroglass-modelo FMT_C2015 inox - 345x925x25mm)","un",64,230,14720,"ok"]
["2.28","02643 - ORSE","Fita isolante de borracha autofusão impermeável à prova dágua , até 69 kV (alta tensão)- 19mm x 10m","un",200,12.6,2520,"at"]
["2.29","020111 - SINAPI","Fita isolante adesiva antichama 19mm x 20m","un",280,17.5,4900,"at"]
["2.30","01118 - ORSE","Interruptor simples com 01 tecla","un",4,9.6,38.4,"at"]
["2.31","01119 - ORSE","Interruptor simples com 02 teclas","un",4,6.2,24.8,"at"]
["2.32","38070 - SINAPI","Interruptor tipo three-way (paralelos) com 02 teclas","un",4,18.02,72.08,"at"]
["2.33",null,"Limpador de contatos elétricos 300ml","un",84,13.19,1107.96]
["2.34",null,"Pano para limpeza (Rolo Tipo Perfex 20 cm x 300 metros)","un",50,141.16999999999999,7058.5]
["2.35","11443 - ORSE","Pincel - kit 03 pincéis 1/2\" 1\" 1.1/2\"","un",76,8.5500000000000007,649.79999999999995,"at"]
["2.36","Banco de preços (NºPregão:202022 / UASG:926430 - GOVERNO DO ESTADO DO AMAZONAS\nDEFENSORIA PUBLICA DO ESTADO DO AMAZONAS, Pregão Eletrônico - 05/2022)","Sabão líquido neutro (5 l)","un",54,16.72,902.88]
["2.37","02922 - ORSE","Solvente/Desengraxante de alta rigidez dielétrica  1l","un",36,25.38,913.68,"at"]
["2.38","12377 - ORSE*","Terminal isolado tipo agulha para condutores de 0,5 a 1,5mm² (pct c/ 100)","un",100,{"$f":"0.6*100","v":60},6000,"at"]
["2.39","12377 - ORSE*","Terminal isolado tipo agulha para condutores de 1,5 a 2,5 mm² (pct c/ 100)","un",100,{"$f":"0.6*100","v":60},6000,"at"]
["2.40","07948 - ORSE*","Terminal isolado tipo agulha para condutores de 4 a 6 mm² (pct c/ 100)","un",100,{"$f":"0.57*100","v":56.999999999999993},5700]
["2.41","04669 - ORSE","Terminal de compressão – 10mm²","un",200,1.1499999999999999,230,"at"]
["2.42","04670 - ORSE","Terminal de compressão – 16mm²","un",200,1.36,272,"at"]
["2.43","02676 - ORSE","Terminal de compressão – 25mm²","un",100,1.88,188,"at"]
["2.44","02677 - ORSE","Terminal de compressão – 35mm²","un",100,2.12,212,"at"]
["2.45","03559 - ORSE","Terminal de compressão – 50mm²","un",100,3.69,369,"at"]
["2.46","06911 - ORSE","Terminal de compressão – 70mm²","un",100,4.5999999999999996,460,"at"]
["2.47","03153 - ORSE","Terminal de compressão – 95mm²","un",50,5.66,283,"at"]
["2.48","04673 - ORSE","Terminal de compressão – 120mm²","un",50,7.96,398,"at"]
["2.49","01587 - SINAPI","Terminal de pressão – 35mm²","un",50,7.13,356.5,"at"]
["2.50","01588 - SINAPI","Terminal de pressão – 50mm²","un",40,9.7899999999999991,391.6,"at"]
["2.51","01589 - SINAPI","Terminal de pressão – 70mm²","un",40,10.09,{"$f":"ROUND(E121*F121,2)","v":403.6},"at"]
[]
[{"$f":"\"TOTAL - \"&C70&\" - (R$):\"","v":"TOTAL - MATERIAL DE CONSUMO - ELÉTRICA - (R$):"},{"$nulls":5},{"$f":"SUBTOTAL(9,G70:G122)","v":294586.5}]
[]
["3.",null,"MATERIAL DE CONSUMO - CIVIL"]
["3.1","00034 - SINAPI","Aço D=10 mm CA 50","kg",1556,11.42,{"$f":"ROUND(E126*F126,2)","v":17769.52},"at"]
["3.2","00043055 - SINAPI","Aço D=12 mm CA 50","kg",1556,9.89,15388.84,"at"]
["3.3","00043059  - SINAPI","Aço D=5.0 mm CA 60","kg",1556,10.8,16804.8,"at"]
["3.4","00032 - SINAPI","Aço D=6.3 mm CA 50","kg",1556,12.04,18734.240000000002,"at"]
["3.5","00033 - SINAPI","Aço D=8.0 mm CA 50","kg",1556,12.11,18843.16,"at"]
["3.6","00340 - SINAPI","Arame farpado nº. 16 galvanizado Simples","m",2223,1.52,3378.96,"at"]
["3.7","43131 - SINAPI","Arame galvanizado 8BWG, d=4,19mm","kg",240,32.06,7694.4,"at"]
["3.8","43132 - SINAPI","Arame recozido n.º 18","kg",134,27.6,3698.4,"at"]
["3.9","00367 - SINAPI","Areia grossa comercial, posto em obra","m³",491.7405040000001,116.5,57287.77,"at"]
["3.10","00000134 - SINAPI","Argamassa para grauteamento ","kg",1112,2.04,2268.48,"at"]
["3.11","004729 - SINAPI","Pedra britada comercial (n.º 0 a 5)","m³",574.26389800000004,84.22,48364.51,"at"]
["3.12","04513 - SINAPI","Caibro de 5x5cm ","m",1334,7.29,9724.86,"at"]
["3.13","001106 - SINAPI","Cal hidratada","kg",92897,1.18,109618.46,"at"]
["3.14","001379 - SINAPI","Cimento CPII-32","kg",226100,0.6,135660,"at"]
["3.15","001358 - SINAPI","Compensado resinado 17mm","m²",96,55.12,5291.52,"at"]
["3.16","002692 - SINAPI","Desmoldante","l",86,8.34,717.24,"at"]
["3.17","020111 - SINAPI","Fita isolante adesiva antichama 19mm x 20m","un",16,{"$f":"$F$99","v":17.5},280,"at"]
["3.18"," M2018 - SICRO3/PE","Gastalho 10x2,5cm","m",1334,4.8,6403.2]
["3.19","005076 - SINAPI","Grampo para cerca galvanizado 1 x 9","kg",96,25.69,2466.2399999999998,"at"]
["3.20","003681 - SINAPI","Junta de dilatação (O-22 ou similar)","m",268,109.82,29431.759999999998,"at"]
["3.21","014077 - SINAPI","Junta de dilatação - Perfil elastomerico pre-formado em epmd, para junta de dilatacao de pisos com pouca solicitacao, 15 mm de largura, movimentacao de 11 a 19 mm","m",268,168.36,45120.480000000003,"at"]
["3.22","38780 - SINAPI/PE","Lâmpada fluorescente compacta, branca 20 W, base E27 (127/220 V)","un",134,17.260000000000002,2312.84,"at"]
["3.23","038780 - SINAPI","Lâmpada fluorecente de 20W","un",134,17.260000000000002,2312.84,"at"]
["3.24","003751 - SINAPI","Lâmpada vapor mercúrio 400 W (base E40)","un",16,59.23,947.68,"at"]
["3.25","003767 - SINAPI","Lixa nº120","un",40,{"$f":"$F$48","v":0.74},29.6,"at"]
["3.26","003777 - SINAPI","Lona plástica - 4 x 100m - 12kg","m²",2400,1.69,4056,"at"]
["3.27","025865 - SINAPI","Manta termoplástica PEAD, geomembrana lisa, e=2 mm","m²",12062.8,57.23,690354.04,"at"]
["3.28","004047 - SINAPI","Massa corrida - latão 18 l","un",23,{"$f":"10.8*5","v":54},1242,"at"]
["3.29","2866 - ORSE","Mastique elástico base silicone","l",{"$f":"4126/2-95.4249-402","v":1565.5751},159.63,{"$f":"ROUND(E154*F154,2)","v":249912.75},{"$nulls":17},159.63,{"$f":"'ORCAMENTO_CONSOLIDADO (2)'!P4/Y154","v":0}]
["3.30","00036799  - SINAPI","Mourão de concreto reto para cercas","un",112,64.930000000000007,7272.16,"at"]
["3.31",null,"Perfil para fixação das geomembrana Barra de 6m ","m",134,154.88999999999999,20755.259999999998]
["3.32","11442 - ORSE","Pincel 1\"","un",89,4.9400000000000004,439.66,"at"]
["3.33","005075 - SINAPI","Prego 18x30","kg",214,25.43,5442.02,"at"]
["3.34","038390 - SINAPI","Rolo de lã de carneiro - 20cm ","un",89,34.82,3098.98,"at"]
["3.35","038393 - SINAPI","Rolo de espuma poliéster 23 cm com cabo","un",89,15.7,1397.3,"at"]
["3.36","012296 - SINAPI","Soquete de porcelana base E27, para uso ao tempo, para lâmpadas","un",16,3.97,63.52,"at"]
["3.37","00006194 - SINAPI","Tábua de madeira não aparelhada *2,5 X 15 CM (1 X 6 \") pinus, mista ou equivalente da região","m",223,7.89,1759.47,"at"]
["3.38","005318 - SINAPI*","Thinner/águarras - 5 l","un",9,114.5,1030.5,"at"]
["3.39","07258 - SINAPI","Tijolo comum (5,5x10x20) cm","un",10667,0.43,4586.8100000000004,"at"]
["3.40","00154 - SINAPI","Tinta Alcatrão de Hulha -  galão de 3,6 litros","l",9,88.01,792.09,"at"]
["3.41","02232/ORSE","Tinta Latex  PVA","l",221,15.14,3345.94,"at"]
["3.42","38386 - SINAPI","Trincha de 2 \"","un",89,5.08,452.12,"at"]
["3.43","38400 - SINAPI","Vassourão 40cm com cabo","un",110,19.149999999999999,{"$f":"ROUND(E168*F168,2)","v":2106.5},"at"]
["3.44","12001 - SINAPI","CAIXA OCTOGONAL DE FUNDO MOVEL, EM PVC, DE 4\" X 4\", PARA ELETRODUTO FLEXIVEL CORRUGADO","un",12,7.46,89.52,"at"]
["3.45","1872 - SINAPI","CAIXA DE PASSAGEM, EM PVC, DE 4\" X 2\", PARA ELETRODUTO FLEXIVEL CORRUGADO","un",96,2.88,276.48,"at"]
["3.46","2688 - SINAPI","ELETRODUTO PVC FLEXIVEL CORRUGADO, COR AMARELA, DE 25 MM","m",500,2.81,1405,"at"]
["3.47","7528 - SINAPI","TOMADA 2P+T 10A, 250V, CONJUNTO MONTADO PARA EMBUTIR 4\" X 2\" (PLACA + SUPORTE + MODULO)","un",96,9.9,950.4,"at"]
["3.48","38062 - SINAPI","INTERRUPTOR SIMPLES 10A, 250V, CONJUNTO MONTADO PARA EMBUTIR 4\" X 2\" (PLACA + SUPORTE + MODULO)","un",12,7.6,91.2,"at"]
["3.49","0000345 - SINAPI","ARAME GALVANIZADO 18 BWG, D = 1,24MM (0,009 KG/M)","Kg",6.2400000000000011,39.369999999999997,245.67,"at"]
["3.50","00003315 - SINAPI","GESSO EM PO PARA REVESTIMENTOS/MOLDURAS/SANCAS E USO GERAL","kg",248.70144000000002,0.7,174.09,"at"]
["3.51","00004812 - SINAPI","PLACA DE GESSO PARA FORRO, *60 X 60* CM, ESPESSURA DE 12 MM (SEM COLOCACAO)","m²",249.60000000000002,9.84,2456.06,"at"]
["3.52","00020250 - SINAPI","SISAL EM FIBRA","Kg",1.9468800000000002,11,21.42,"at"]
["3.53","00040547 - SINAPI","PARAFUSO ZINCADO, AUTOBROCANTE, FLANGEADO, 4,2 MM X 19 MM","Cento",7.6876800000000012,32.19,247.47,"at"]
["3.54","39484 - SINAPI","KIT PORTA PRONTA DE MADEIRA, FOLHA LEVE (NBR 15930) DE 800 X 2100 MM, DE 35 MM A 40 MM DE ESPESSURA, COM MARCO EM ACO, NUCLEO COLMEIA, CAPA LISA EM HDF, ACABAMENTO MELAMINICO BRANCO (INCLUI MARCO, ALIZARES, DOBRADICAS E FECHADURA)","un",12,431,5172,"at"]
["3.55","031443 - IOPES","JANELA DE CORRER EM ALUMINIO, 100 X 150 CM (A X L), 4 FLS, SEM BANDEIRA, ACABAMENTO ACET OU BRILHANTE, COM VIDRO, COM GUARNICAO PARA 1 FACE","m²",7.1999999999999993,530.15,3817.08]
[]
[{"$f":"\"TOTAL - \"&C125&\" - (R$):\"","v":"TOTAL - MATERIAL DE CONSUMO - CIVIL - (R$):"},{"$nulls":5},{"$f":"SUBTOTAL(9,G125:G181)","v":1573603.31}]
[]
["4.",null,{"$f":"CPU_MANUTENCAO_CANTEIRO!C13","v":"MANUTENÇÃO DE CANTEIRO - ESCRITÓRIO"},{"$nulls":6},12,{"$f":"'ORCAMENTO_CONSOLIDADO (2)'!$K$1","v":6}]
["4.1",null,"Taxa de manutenção de canteiros, incluindo despesas com material de expediente, material de limpeza, água, energia, comunicação, entre outras","un x mês",{"$f":"K185","v":6},{"$f":"CPU_MANUTENCAO_CANTEIRO!F91","v":26575.01},{"$f":"ROUND(E185*F185,2)","v":159450.06},null,12,{"$f":"I185/J184","v":1},{"$f":"J185*K184","v":6}]
[]
[{"$f":"\"TOTAL - \"&C184&\" - (R$):\"","v":"TOTAL - MANUTENÇÃO DE CANTEIRO - ESCRITÓRIO - (R$):"},{"$nulls":5},{"$f":"SUBTOTAL(9,G184:G186)","v":159450.06}]
[]
[]
[{"$f":"\"TOTAL - \"&A8&\" - (R$):\"","v":"TOTAL - MATERIAL DE CONSUMO - ALMOXARIFADOS - (R$):"},{"$nulls":5},{"$f":"SUBTOTAL(9,G14:G189)","v":2757360.8200000003}]
[]
[{"$f":"\"RESUMO - \"&A$8","v":"RESUMO - MATERIAL DE CONSUMO - ALMOXARIFADOS"}]
["ITEM",null,"DESCRIÇÃO",null,null,"VALOR TOTAL (R$)"]
[1,null,{"$f":"C14","v":"MATERIAL DE CONSUMO - MECÂNICA"},null,null,{"$f":"G68","v":729720.95}]
[2,null,{"$f":"C70","v":"MATERIAL DE CONSUMO - ELÉTRICA"},null,null,{"$f":"G123","v":294586.5}]
[3,null,{"$f":"C125","v":"MATERIAL DE CONSUMO - CIVIL"},null,null,{"$f":"G182","v":1573603.31}]
[4,null,{"$f":"C184","v":"MANUTENÇÃO DE CANTEIRO - ESCRITÓRIO"},null,null,{"$f":"G187","v":159450.06}]
[{"$f":"\"TOTAL GERAL - \"&A192&\" -  (R$):\"","v":"TOTAL GERAL - RESUMO - MATERIAL DE CONSUMO - ALMOXARIFADOS -  (R$):"},{"$nulls":4},{"$f":"SUM(F194:G197)","v":2757360.82},null,{"$f":"Mat_Cons/4479175.63","v":0.61559560235417687}]
[]
[]
["NOME DO INFORMANTE:",{"$nulls":4},"QUALIFICAÇÃO:"]
[]
["ASSINATURA:",{"$nulls":4},"DATA:"]
[]
["OBSERVAÇÃO:"]

{"sheet":"Veiculos","index":23,"n_rows":34,"n_cols":9,"rows_kept":34,"cut":false,"hidden":false,"merged":[[11,2,11,6],[26,0,26,4],[27,0,27,4],[33,0,33,6],[9,1,10,1],[32,0,32,6],[9,0,10,0],[9,2,10,2],[9,3,10,3],[9,4,10,4],[9,5,9,6],[29,5,29,6],[34,0,34,6],[17,0,17,5],[20,0,20,6],[21,2,21,4],[21,5,21,6],[22,2,22,4],[30,0,30,6],[31,0,31,6],[22,5,22,6],[23,0,23,4],[23,5,23,6],[28,0,28,4],[29,0,29,4],[26,5,26,6],[27,5,27,6],[28,5,28,6],[0,2,0,6],[1,2,1,6],[2,2,2,6],[4,0,5,6],[7,0,7,6]]}
[null,null,"Ministério do Desenvolvimento Regional  - MDR"]
[null,null,"Companhia de Desenvolvimento dos Vales do São Francisco e do Parnaíba"]
[null,null,"Gerência de Operação do PISF - Centro de Controle e Operação (AD / GOI / CCO)"]
[]
[{"$f":"Materiais_Consumo!A5","v":"TERMO DE REFERÊNCIA PARA CONTRATAÇÃO DOS RECURSOS NECESSÁRIOS À OPERAÇÃO E MANUTENÇÃO DAS INFRAESTRUTURAS DO EIXO LESTE DO PISF - PROJETO DE INTEGRAÇÃO DO SÃO FRANCISCO COM AS BACIAS HIDROGRÁFICAS DO NORDESTE SETENTRIONAL"}]
[]
[]
["VEÍCULOS AUTOMOTORES"]
[]
["ITEM","CÓDIGO","DESCRIÇÃO","UNIDADE","QUANTIDADE","VALOR (R$)"]
[{"$nulls":5},"UNITARIO","TOTAL"]
["1.",null,"VEÍCULOS AUTOMOTORES"]
["1.1","B3","TIPO HATCH 1.6 FLEX (110 CV)","un x mês",{"$f":"SUMIF(Mem_Calculo_VEICULOS!C$34:C$105,Veiculos!C13,Mem_Calculo_VEICULOS!F$34:F$105)","v":90},{"$f":"VLOOKUP(B13,Mem_Calculo_VEICULOS!B$13:F$26,3,FALSE)","v":4471.8906666666662},{"$f":"ROUND(E13*F13,2)","v":402470.16},{"$f":"E13/6","v":15},"at"]
["1.2","B4","TIPO SEDAN 1.6 FLEX (115CV)","un x mês",{"$f":"SUMIF(Mem_Calculo_VEICULOS!C$34:C$111,Veiculos!C14,Mem_Calculo_VEICULOS!F$34:F$111)","v":6},{"$f":"VLOOKUP(B14,Mem_Calculo_VEICULOS!B$13:F$26,3,FALSE)","v":4471.8906666666662},26831.34,{"$f":"E14/6","v":1},"at"]
["1.3","B11","Veículo Tipo Pick Up Cabine Dupla 4 x 4 (163 CV)","un x mês",{"$f":"SUMIF(Mem_Calculo_VEICULOS!C$34:C$105,Veiculos!C15,Mem_Calculo_VEICULOS!F$34:F$105)","v":114},{"$f":"VLOOKUP(B15,Mem_Calculo_VEICULOS!B$13:F$26,3,FALSE)","v":7404.485333333334},844111.33,19,"at"]
["1.4","B8","Veículo - Tipo Ônibus - 45 assentos (218 CV) - COM MOTORISTA","un x mês",{"$f":"SUMIF(Mem_Calculo_VEICULOS!C$34:C$105,Veiculos!C16,Mem_Calculo_VEICULOS!F$34:F$105)","v":18},{"$f":"VLOOKUP(B16,Mem_Calculo_VEICULOS!B$13:F$26,4,FALSE)","v":19830.69463111111},356952.5,3,"at"]
["1.5","B1","NXR BROS 160","un x mês",{"$f":"SUMIF(Mem_Calculo_VEICULOS!C$34:C$105,Veiculos!C17,Mem_Calculo_VEICULOS!F$34:F$105)","v":18},{"$f":"VLOOKUP(B17,Mem_Calculo_VEICULOS!B$13:F$26,3,FALSE)","v":3128.5925925925926},{"$f":"ROUND(E17*F17,2)","v":56314.67},3,"at"]
[{"$f":"\"TOTAL - \"&C12&\" - (R$):\"","v":"TOTAL - VEÍCULOS AUTOMOTORES - (R$):"},{"$nulls":5},{"$f":"SUBTOTAL(9,G12:G17)","v":1686680}]
[]
[]
[{"$f":"\"RESUMO - \"&A$8","v":"RESUMO - VEÍCULOS AUTOMOTORES"}]
["ITEM",null,"DESCRIÇÃO",null,null,"VALOR TOTAL (R$)"]
[1,null,{"$f":"C12","v":"VEÍCULOS AUTOMOTORES"},null,null,{"$f":"G18","v":1686680}]
[{"$f":"\"TOTAL GERAL - \"&A21&\" - (R$):\"","v":"TOTAL GERAL - RESUMO - VEÍCULOS AUTOMOTORES - (R$):"},{"$nulls":4},{"$f":"SUM(F23:G23)","v":1686680}]
[]
[]
["NOME DO INFORMANTE:",{"$nulls":4},"QUALIFICAÇÃO:"]
[]
["ASSINATURA:",{"$nulls":4},"DATA:"]
[]
["OBSERVAÇÃO:"]
[]
[{"$f":"Mem_Calculo_VEICULOS!A113","v":"1. Despesas incluem manutenção, combustível, óleos, lubrificantes, pneus, etc."}]
[{"$f":"Mem_Calculo_VEICULOS!A114","v":"2. Quilometragem adotada: 3.000 km/mês"}]

{"sheet":"Mem_Calculo_VEICULOS","index":24,"n_rows":114,"n_cols":27,"rows_kept":114,"cut":false,"hidden":false,"merged":[[100,2,100,5],[103,0,103,3],[92,2,92,5],[87,2,87,5],[98,0,98,3],[79,0,79,3],[81,2,81,5],[113,0,113,5],[114,0,114,5],[36,0,36,3],[41,0,41,3],[46,0,46,3],[51,0,51,3],[109,0,109,3],[109,4,109,5],[110,0,110,5],[111,0,111,5],[112,0,112,5],[106,0,106,3],[106,4,106,5],[107,0,107,3],[107,4,107,5],[108,0,108,3],[10,1,11,1],[108,4,108,5],[31,0,32,0],[10,0,11,0],[10,2,11,2],[10,3,10,4],[10,5,11,5],[31,4,31,5],[31,3,32,3],[31,2,32,2],[84,0,84,3],[90,0,90,3],[63,2,63,5],[69,2,69,5],[76,2,76,5],[38,2,38,5],[7,0,7,5],[4,0,5,5],[0,2,0,5],[1,2,1,5],[2,2,2,5],[61,0,61,3],[67,0,67,3],[74,0,74,3],[28,0,28,5],[12,2,12,5],[15,2,15,5],[19,2,19,5],[31,1,32,1],[23,2,23,5],[33,2,33,5],[43,2,43,5],[48,2,48,5],[53,2,53,5],[58,2,58,5],[56,0,56,3]]}
[null,null,"Ministério do Desenvolvimento Regional  - MDR"]
[null,null,"Companhia de Desenvolvimento dos Vales do São Francisco e do Parnaíba"]
[null,null,"Gerência de Operação do PISF - Centro de Controle e Operação (AD / GOI / CCO)"]
[]
[{"$f":"Veiculos!A5","v":"TERMO DE REFERÊNCIA PARA CONTRATAÇÃO DOS RECURSOS NECESSÁRIOS À OPERAÇÃO E MANUTENÇÃO DAS INFRAESTRUTURAS DO EIXO LESTE DO PISF - PROJETO DE INTEGRAÇÃO DO SÃO FRANCISCO COM AS BACIAS HIDROGRÁFICAS DO NORDESTE SETENTRIONAL"}]
[]
[]
["TABELA DE VEÍCULOS "]
[]
[]
["ITEM","CÓDIGO","DESCRIÇÃO","CUSTO MENSAL (R$)",null,"OBSERVAÇÕES"]
[null,null,null,"S/ MOTORISTA","C/ MOTORISTA"]
["1.",null,"VEÍCULOS LEVES"]
["1.1","B1","NXR BROS 160",{"$f":"CPU_VEÍCULOS!F36","v":3128.5925925925926},null,null,"at"]
[]
["2.",null,"VEÍCULOS LEVES"]
["2.1","B3","TIPO HATCH 1.6 FLEX (110 CV)",{"$f":"CPU_VEÍCULOS!F17","v":4471.8906666666662},null,null,"at"]
["2.2","B4","TIPO SEDAN 1.6 FLEX (115CV)",{"$f":"CPU_VEÍCULOS!F12","v":4471.8906666666662},null,null,"at"]
[]
["3.",null,"VEÍCULOS LEVES"]
["3.2","B6","TIPO UTILITÁRIO (VAN 16 LUG) (129 CV)",null,{"$f":"CPU_VEÍCULOS!F24","v":9462.3674224959796},null,"at"]
["3.4","B8","TIPO ÔNIBUS (45 LUG) (218 CV)",null,{"$f":"CPU_VEÍCULOS!F30","v":19830.69463111111},null,"at"]
[]
["4.",null,"VEÍCULOS LEVES"]
["4.3","B11","Veículo Tipo Pick Up Cabine Dupla 4 x 4 (163 CV)",{"$f":"CPU_VEÍCULOS!F7","v":7404.485333333334},null,null,"at"]
[]
[]
[]
["MEMORIAL DE CÁLCULO - VEÍCULOS (Quantidade / Local)"]
[]
[]
["ITEM","CLASSE","DESCRIÇÃO","PRAZO\n(mês)","QUANTIDADE"]
[{"$nulls":4},"UNITÁRIA\n(mês)","TOTAL\n(un x mês)"]
["1.",null,"COORDENAÇÃO GERAL",{"$nulls":22},12,{"$f":"'ORCAMENTO_CONSOLIDADO (2)'!$K$1","v":6}]
["1.1",null,"Veículo Tipo Pick Up Cabine Dupla 4 x 4 (163 CV)",{"$f":"AA35","v":6},1,{"$f":"E35*D35","v":6},{"$nulls":18},12,{"$f":"Y35/$Z$34","v":1},{"$f":"Z35*$AA$34","v":6}]
[]
["TOTAL DE VEÍCULOS - COORDENAÇÃO GERAL:",null,null,null,{"$f":"SUM(E35:E36)","v":1},{"$f":"SUM(F35:F35)","v":6}]
[]
["2.",null,"COORDENAÇÃO DA OPERAÇÃO"]
["2.1",null,"Veículo Tipo Pick Up Cabine Dupla 4 x 4 (163 CV)",{"$f":"AA40","v":6},1,{"$f":"E40*D40","v":6},{"$nulls":18},12,{"$f":"Y40/$Z$34","v":1},{"$f":"Z40*$AA$34","v":6}]
[]
["TOTAL DE VEÍCULOS - COORDENAÇÃO DA OPERAÇÃO:",null,null,null,{"$f":"SUM(E40:E41)","v":1},{"$f":"SUM(F40:F40)","v":6}]
[]
["3.",null,"COORDENAÇÃO DA MANUTENÇÃO"]
["3.1",null,"Veículo Tipo Pick Up Cabine Dupla 4 x 4 (163 CV)",{"$f":"AA45","v":6},1,{"$f":"E45*D45","v":6},{"$nulls":18},12,1,6]
[]
["TOTAL DE VEÍCULOS - COORDENAÇÃO DA MANUTENÇÃO:",null,null,null,{"$f":"SUM(E45:E46)","v":1},{"$f":"SUM(F45:F45)","v":6}]
[]
["4.",null,"COORDENAÇÃO ADMINISTRAÇÃO E LOGÍSTICA"]
["4.1",null,"TIPO HATCH 1.6 FLEX (110 CV)",{"$f":"AA50","v":6},1,{"$f":"E50*D50","v":6},null,4,2,{"$nulls":15},12,1,6]
[]
["TOTAL DE VEÍCULOS - COORDENAÇÃO ADMINISTRAÇÃO E LOGÍSTICA:",null,null,null,{"$f":"SUM(E50:E51)","v":1},{"$f":"SUM(F50:F50)","v":6}]
[]
["5.",null,"SEGURANÇA E MEDICINA DO TRABALHO"]
["5.1",null,"TIPO HATCH 1.6 FLEX (110 CV)",{"$f":"AA55","v":6},1,{"$f":"E55*D55","v":6},null,3,2,{"$nulls":15},12,1,6]
[]
["TOTAL DE VEÍCULOS - SEGURANÇA E MEDICINA DO TRABALHO:",null,null,null,{"$f":"SUM(E55:E56)","v":1},{"$f":"SUM(F55:F55)","v":6}]
[]
["6.",null,"PLANEJAMENTO E CONTROLE DA OPERAÇÃO"]
["6.1",null,"Veículo Tipo Pick Up Cabine Dupla 4 x 4 (163 CV)",{"$f":"AA60","v":6},{"$f":"H60-I60","v":1},{"$f":"E60*D60","v":6},null,2,1,{"$nulls":15},12,1,6]
[]
["TOTAL DE VEÍCULOS - PLANEJAMENTO E CONTROLE DA OPERAÇÃO:",null,null,null,{"$f":"SUM(E60:E61)","v":1},{"$f":"SUM(F60:F60)","v":6}]
[]
["7.",null,"PLANEJAMENTO E CONTROLE DA MANUTENÇÃO"]
["7.1",null,"Veículo Tipo Pick Up Cabine Dupla 4 x 4 (163 CV)",{"$f":"AA65","v":6},3,{"$f":"E65*D65","v":18},null,7,2,{"$nulls":15},12,1,6]
["7.2",null,"TIPO HATCH 1.6 FLEX (110 CV)",{"$f":"AA66","v":6},1,{"$f":"E66*D66","v":6},null,5,1,{"$nulls":15},12,1,6]
[]
["TOTAL DE VEÍCULOS - PLANEJAMENTO E CONTROLE DA MANUTENÇÃO:",null,null,null,{"$f":"SUM(E65:E67)","v":4},{"$f":"SUM(F65:F66)","v":24}]
[]
["8.",null,"OPERAÇÃO"]
["8.1",null,"NXR BROS 160",{"$f":"AA71","v":6},{"$f":"H71-I71","v":3},{"$f":"E71*D71","v":18},null,3,{"$nulls":16},12,1,6]
["8.2",null,"Veículo Tipo Pick Up Cabine Dupla 4 x 4 (163 CV)",{"$f":"AA72","v":6},2,{"$f":"E72*D72","v":12},null,3,1,{"$nulls":15},12,1,6]
["8.3",null,"TIPO HATCH 1.6 FLEX (110 CV)",{"$f":"AA73","v":6},5,30,null,12,7,{"$nulls":15},12,1,6]
[]
["TOTAL DE VEÍCULOS - OPERAÇÃO:",null,null,null,{"$f":"SUM(E71:E74)","v":10},{"$f":"SUM(F71:F73)","v":60}]
[]
["9.",null,"MANUTENÇÃO - MECÂNICA"]
["9.1",null,"TIPO HATCH 1.6 FLEX (110 CV)",{"$f":"AA78","v":6},{"$f":"H78-I78","v":2},{"$f":"E78*D78","v":12},null,3,1,{"$nulls":15},12,1,6]
[]
["TOTAL DE VEÍCULOS - MANUTENÇÃO - MECÂNICA:",null,null,null,{"$f":"SUM(E78:E79)","v":2},{"$f":"SUM(F78:F79)","v":12}]
[]
["10.",null,"MANUTENÇÃO - EQUIPAMENTOS E SISTEMAS ELÉTRICOS"]
["10.1",null,"TIPO HATCH 1.6 FLEX (110 CV)",{"$f":"AA83","v":6},{"$f":"H83-I83","v":2},{"$f":"E83*D83","v":12},null,3,1,{"$nulls":15},12,1,6]
[]
["TOTAL DE VEÍCULOS - MANUTENÇÃO - EQUIPAMENTOS E SISTEMAS ELÉTRICOS:",null,null,null,{"$f":"SUM(E83:E84)","v":2},{"$f":"SUM(F83:F84)","v":12}]
[]
[]
["11.",null,"MANUTENÇÃO TELECOM / SDSC"]
["11.1",null,"TIPO HATCH 1.6 FLEX (110 CV)",{"$f":"AA89","v":6},1,{"$f":"E89*D89","v":6},{"$nulls":18},12,1,6]
[]
["TOTAL DE VEÍCULOS - MANUTENÇÃO TELECOM:",null,null,null,1,{"$f":"SUM(F89)","v":6}]
[]
["12.",null,"MANUTENÇÃO - CIVIL",{"$nulls":6},15,null,"MANUTENÇÃO - CIVIL - SUBESTAÇÃO, LINHA DE TRANSMISSÃO E LINHA DE DISTRIBUIÇÃO"]
["12.1",null,"Veículo Tipo Pick Up Cabine Dupla 4 x 4 (163 CV)",{"$f":"AA94","v":6},{"$f":"H94-I94+N94","v":2},{"$f":"E94*D94","v":12},null,2,1,"15.1",null,"Veículo Tipo Pick Up Cabine Dupla 4 x 4 (163 CV)",12,1,12,{"$nulls":9},12,1,6]
["12.2",null,"Veículo - Tipo Ônibus - 45 assentos (218 CV) - COM MOTORISTA",{"$f":"AA95","v":6},{"$f":"H95-I95","v":3},{"$f":"E95*D95","v":18},null,4,1,"15.2",null,"Veículo Utilitário - Tipo Van - 16 assentos (129 CV) - COM MOTORISTA",12,1,12,{"$nulls":9},12,1,6]
["12.3",null,"TIPO SEDAN 1.6 FLEX (115CV)",{"$f":"AA96","v":6},1,6,null,1,{"$nulls":16},12,1,6]
["12.4",null,"TIPO HATCH 1.6 FLEX (110 CV)",{"$f":"AA97","v":6},{"$f":"H98-I98","v":2},{"$f":"E97*D97","v":12},{"$nulls":18},12,1,6]
[{"$nulls":7},3,1,"TOTAL DE VEÍCULOS - MANUTENÇÃO - CIVIL - SUBESTAÇÃO, LINHA DE TRANSMISSÃO E LINHA DE DISTRIBUIÇÃO:",null,null,null,2,24]
["TOTAL DE VEÍCULOS - MANUTENÇÃO - CIVIL:",null,null,null,{"$f":"SUM(E94:E98)","v":8},{"$f":"SUM(F94:F98)","v":48}]
[]
[13,null,"EQUIPE DE SUPERVISÃO / FISCALIZAÇÃO"]
["13.1",null,"Veículo Tipo Pick Up Cabine Dupla 4 x 4 (163 CV)",{"$f":"AA102","v":6},8,{"$f":"E102*D102","v":48},{"$nulls":18},12,{"$f":"Y102/$Z$34","v":1},{"$f":"Z102*$AA$34","v":6}]
[{"$nulls":7},6,4]
["TOTAL DE VEÍCULOS - EQUIPE DE SUPERVISÃO:",null,null,null,{"$f":"SUM(E102:E103)","v":8},{"$f":"SUM(F102)","v":48}]
[]
[]
["NOME DO INFORMANTE:",null,null,null,"QUALIFICAÇÃO:"]
[]
["ASSINATURA:",null,null,null,"DATA:"]
[]
["OBSERVAÇÃO:"]
[]
["1. Despesas incluem manutenção, combustível, óleos, lubrificantes, pneus, etc."]
["2. Quilometragem adotada: 3.000 km/mês"]

{"sheet":"CPU_VEÍCULOS","index":25,"n_rows":145,"n_cols":10,"rows_kept":145,"cut":false,"hidden":false,"merged":[[116,0,116,1],[121,0,121,1],[1,0,1,6],[38,0,38,6],[71,0,71,6],[101,0,101,6]]}
[]
["COMPOSIÇÕES MENSAIS DE VEÍCULOS:"]
["CÓD.","DESCRICAO DA COMPOSICAO","UND","COEF.","P. UNIT.","CUSTO T.","% item"]
["AJUST.1","VEÍCULO CAMINHONETE DIESEL POT. MÍNIMA 180CV, CABINE DUPLA, 4x4, CHP e CHI AJUSTADAS S/MOTORISTA","H",1,{"$f":"F5+F6","v":42.070939393939398},{"$f":"D4*E4","v":42.070939393939398}]
["SINAPI - 92138","CAMINHONETE COM MOTOR A DIESEL, POTÊNCIA 180 CV, CABINE DUPLA, 4X4 - CHP. AF_11/2015","CHP",0.45,{"$f":"E43","v":74.778754208754222},{"$f":"E5*D5","v":33.650439393939401}]
[" SINAPI - 92139","CAMINHONETE COM MOTOR A DIESEL, POTÊNCIA 180 CV, CABINE DUPLA, 4X4 - CHI. AF_11/2015","CHI",{"$f":"1-D5","v":0.55000000000000004},{"$f":"E52","v":15.31},{"$f":"E6*D6","v":8.4205000000000005}]
[null,"CUSTO MENSAL (referência média 176 horas, sendo 45% CHP e 55% CHI)","MÊS",176,{"$f":"E4","v":42.070939393939398},{"$f":"E7*D7","v":7404.485333333334}]
["CÓD.","DESCRICAO DA COMPOSICAO","UND","COEF.","P. UNIT.","CUSTO T.","% item"]
["AJUST.2","VEÍCULO PICAPE 1.6 FLEX MANUAL POT. MÍN. 101CV SIMILAR P/ VEÍCULOS TIPO SEDAN 4 PORTAS S/MOTORISTA","H",1,{"$f":"F10+F11","v":25.408469696969696},{"$f":"D9*E9","v":25.408469696969696}]
[" SINAPI - 92145","CAMINHONETE SIMPLES MOTOR 1.6 FLEX, MANUAL, POT. 101/104 CV, 2 PORTAS - CHP. AF_11/2015","CHP",0.35,{"$f":"E58","v":62.195627705627707},{"$f":"E10*D10","v":21.768469696969696}]
[" SINAPI - 92146","CAMINHONETE SIMPLES MOTOR 1.6 FLEX, MANUAL, POT. 101/104 CV, 2 PORTAS - CHI. AF_11/2015","CHI",{"$f":"1-D10","v":0.65},{"$f":"E67","v":5.6000000000000005},{"$f":"E11*D11","v":3.6400000000000006}]
[null,"CUSTO MENSAL (referência média 176 horas, sendo 35% CHP e 65% CHI)","MÊS",176,{"$f":"E9","v":25.408469696969696},{"$f":"E12*D12","v":4471.8906666666662}]
[]
["AJUST.2","VEÍCULO PICAPE 1.6 FLEX MANUAL POT. MÍN. 101CV SIMILAR P/ VEÍCULOS TIPO HATCH 4 PORTAS S/MOTORISTA","H",1,{"$f":"F10+F11","v":25.408469696969696},{"$f":"D14*E14","v":25.408469696969696}]
[" SINAPI - 92145","CAMINHONETE SIMPLES MOTOR 1.6 FLEX, MANUAL, POT. 101/104 CV, 2 PORTAS - CHP. AF_11/2015","CHP",0.35,{"$f":"E58","v":62.195627705627707},{"$f":"E15*D15","v":21.768469696969696}]
[" SINAPI - 92146","CAMINHONETE SIMPLES MOTOR 1.6 FLEX, MANUAL, POT. 101/104 CV, 2 PORTAS - CHI. AF_11/2015","CHI",{"$f":"1-D15","v":0.65},{"$f":"E67","v":5.6000000000000005},{"$f":"E16*D16","v":3.6400000000000006}]
[null,"CUSTO MENSAL (referência média 176 horas, sendo 35% CHP e 65% CHI)","MÊS",176,{"$f":"E14","v":25.408469696969696},{"$f":"E17*D17","v":4471.8906666666662}]
[]
[]
["SICRO - E9125","Veículo tipo van furgão com capacidade de 1,54 t - 93 kW","UND","COEF.","P. UNIT.","CUSTO T.","% item"]
[null,null,"CHP",0.35,71.458699999999993,{"$f":"E21*D21","v":25.010544999999997}]
[null,null,"CHI",{"$f":"1-D21","v":0.65},39.313899999999997,{"$f":"E22*D22","v":25.554034999999999}]
[null,"PICK-UP DIESEL REPOSIÇÃO DE PNEUS R16 COM BASE NA UTILIZAÇÃO NO O&M PISF (1jg./ano)","H",{"$f":"D85","v":1.6920306686525473E-5},189055.1586,3.1988712641817139]
[null,null,"MÊS",176,{"$f":"SUBTOTAL(9,F21:F23)","v":53.763451264181704},9462.3674224959796]
[]
["SICRO - E9134","Miniônibus com capacidade para 30 passageiros - 111 kW","UND","COEF.","P. UNIT.","CUSTO T.","% item"]
[null,null,"CHP",0.35,192.8621,{"$f":"E27*D27","v":67.501734999999996}]
[null,null,"CHI",{"$f":"1-D27","v":0.65},59.783900000000003,{"$f":"E28*D28","v":38.859535000000001}]
[null,null,"H",{"$f":"D124","v":1.3456825814702839E-5},469139.70649999997,6.3131313131313131]
[null,null,"MÊS",176,{"$f":"SUBTOTAL(9,F27:F29)","v":112.6744013131313},19830.69463111111]
[]
["COTAÇÃO","NXR BROS 160","UND","COEF.","P. UNIT.","CUSTO T.","% item"]
["COTAÇÃO","Locação","MÊS",1,{"$f":"'[3]MOTO - LOCAÇÃO'!C7","v":1950},{"$f":"E33*D33","v":1950}]
["4222 / SINAPI","Gasolina (Considerando quilometrametragem rodada do CHP-diesel supracitado - 4500 km/mês.Consumo de 30 km/L. ","L",{"$f":"4500/30","v":150},{"$f":"E107","v":7.24},{"$f":"E34*D34","v":1086}]
[null,{"$f":"B120","v":"NXR 160 BROS  REPOSIÇÃO DE PNEUS ARO 17 COM BASE NA UTILIZAÇÃO NO O&M PISF (1jg./ano)"},{"$f":"C120","v":"MÊS"},{"$f":"D120","v":176},{"$f":"E120","v":0.52609427609427606},{"$f":"F120","v":92.592592592592581}]
[null,null,"MÊS",1,{"$f":"SUBTOTAL(9,F33:F35)","v":3128.5925925925926},{"$f":"SUBTOTAL(9,F33:F35)","v":3128.5925925925926}]
[]
[]
["DESCRIÇÃO DAS COMPOSIÇÕES:"]
[]
["CÓD.","DESCRICAO DA COMPOSICAO","UND","COEF.","P. UNIT.","CUSTO T.","% item"]
[null,"VEÍCULO CAMINHONETE DIESEL POTÊNCIA MÍNIMA 180CV, CABINE DUPLA, 4x4, CHP e CHI AJUSTADAS SEM MOTORISTA"]
[92138,"CAMINHONETE COM MOTOR A DIESEL, POTÊNCIA 180 CV, CABINE DUPLA, 4X4 - CHP. AF_11/2015","CHP",1,{"$f":"SUM(F44:F51)","v":74.778754208754222},{"$f":"E43*D43","v":74.778754208754222},{"$f":"F43/E43","v":1},null,67.858754208754206]
["88284","MOTORISTA DE VEIÍCULO LEVE COM ENCARGOS COMPLEMENTARES","H",0,"30,06",{"$f":"D44*E44","v":0},{"$f":"F44/$F$43","v":0}]
["92133","CAMINHONETE COM MOTOR A DIESEL, POTÊNCIA 180 CV, CABINE DUPLA, 4X4 - DEPRECIAÇÃO. AF_11/2015","H",1,11.93,{"$f":"D45*E45","v":11.93},{"$f":"F45/$F$43","v":0.15953729272750275}]
["92134","CAMINHONETE COM MOTOR A DIESEL, POTÊNCIA 180 CV, CABINE DUPLA, 4X4 - JUROS. AF_11/2015","H",1,1.89,1.89,2.527455852933614E-2]
["92135","CAMINHONETE COM MOTOR A DIESEL, POTÊNCIA 180 CV, CABINE DUPLA, 4X4 - IMPOSTOS E SEGUROS. AF_11/2015","H",1,1.49,1.49,1.9925445613074525E-2]
["92136","CAMINHONETE COM MOTOR A DIESEL, POTÊNCIA 180 CV, CABINE DUPLA, 4X4 - MANUTENÇÃO. AF_11/2015","H",1,14.92,14.92,0.19952191177655834]
["92137","CAMINHONETE COM MOTOR A DIESEL, POTÊNCIA 180 CV, CABINE DUPLA, 4X4 - MATERIAIS NA OPERAÇÃO. AF_11/2015","H",1,40.340000000000003,{"$f":"D49*E49","v":40.340000000000003},{"$f":"F49/$F$43","v":0.53945803760498412}]
["a1.pneus","PICK-UP DIESEL REPOSIÇÃO DE PNEUS R16 COM BASE NA UTILIZAÇÃO NO O&M PISF (1 jogo/ano = 4 pneus)","H",1,{"$f":"F85","v":4.2087542087542094},{"$f":"E50*D50","v":4.2087542087542094},{"$f":"F50/$F$43","v":5.6282753748543961E-2}]
["a2.comb.","PICK-UP DIESEL, POT. 180 CV, CD, 4x4 - COMBUSTÍVEL ADICIONAL COM BASE NA UTILIZAÇÃO NO O&M PISF","H",1,{"$f":"F87","v":0},0,0]
["92139","CAMINHONETE COM MOTOR A DIESEL, POTÊNCIA 180 CV, CABINE DUPLA, 4X4 - CHI. AF_11/2015","CHI",1,{"$f":"SUM(F53:F56)","v":15.31},{"$f":"E52*D52","v":15.31},{"$f":"F52/E52","v":1}]
["88284","MOTORISTA DE VEIÍCULO LEVE COM ENCARGOS COMPLEMENTARES","H",0,30.06,0,{"$f":"F53/$F$52","v":0}]
["92133","CAMINHONETE COM MOTOR A DIESEL, POTÊNCIA 180 CV, CABINE DUPLA, 4X4 - DEPRECIAÇÃO. AF_11/2015","H",1,11.93,{"$f":"D54*E54","v":11.93},{"$f":"F54/$F$52","v":0.7792292619203135}]
["92134","CAMINHONETE COM MOTOR A DIESEL, POTÊNCIA 180 CV, CABINE DUPLA, 4X4 - JUROS. AF_11/2015","H",1,1.89,{"$f":"D55*E55","v":1.89},{"$f":"F55/$F$52","v":0.12344872632266492}]
["92135","CAMINHONETE COM MOTOR A DIESEL, POTÊNCIA 180 CV, CABINE DUPLA, 4X4 - IMPOSTOS E SEGUROS. AF_11/2015","H",1,1.49,1.49,{"$f":"F56/$F$52","v":9.7322011757021556E-2}]
[null,"VEÍCULO PICAPE SIMPLES MOTOR 1.6 FLEX MANUAL POTÊNCIA MÍNIMA 101 CV SIMILAR PARA VEÍCULOS TIPO GOL 4 PORTAS FLEX SEM MOTORISTA"]
["92145","CAMINHONETE SIMPLES MOTOR 1.6 FLEX, MANUAL, POT. 101/104 CV, 2 PORTAS - CHP. AF_11/2015","CHP",1,{"$f":"SUM(F59:F66)","v":62.195627705627707},{"$f":"E58*D58","v":62.195627705627707},{"$f":"F58/E58","v":1},55.595627705627706]
["88284","MOTORISTA DE VEIÍCULO LEVE COM ENCARGOS COMPLEMENTARES","H",0,30.06,{"$f":"D59*E59","v":0},{"$f":"F59/$F$58","v":0}]
["92140","PICAPE SIMPLES MOTOR 1.6 FLEX, MANUAL, POTÊNCIA 101/104 CV - DEPRECIAÇÃO. AF_11/2015","H",1,4.37,4.37,7.0262173744483084E-2]
["92141","PICAPE SIMPLES MOTOR 1.6 FLEX, MANUAL, POTÊNCIA 101/104 CV - JUROS. AF_11/2015","H",1,0.69,0.69,1.1094027433339435E-2]
["92142","PICAPE SIMPLES MOTOR 1.6 FLEX, MANUAL, POTÊNCIA 101/104 CV - IMPOSTOS E SEGUROS. AF_11/2015","H",1,0.54,0.54,8.6822823391352107E-3]
["92143","PICAPE SIMPLES MOTOR 1.6 FLEX, MANUAL, POTÊNCIA 101/104 CV - MANUTENÇÃO. AF_11/2015","H",1,5.46,5.46,8.7787521429033788E-2]
["92144","PICAPE SIMPLES MOTOR 1.6 FLEX, MANUAL, POTÊNCIA 101/104 CV - MATERIAIS NA OPERAÇÃO. AF_11/2015","H",1,48.43,{"$f":"D64*E64","v":48.43},0.77867209941540405]
["a3.pneus","VEÍCULO FLEX  REPOSIÇÃO DE PNEUS R14 COM BASE NA UTILIZAÇÃO NO O&M PISF (1 jogo/ano = 4 pneus)","H",1,{"$f":"F99","v":2.7056277056277063},{"$f":"E65*D65","v":2.7056277056277063},4.3501895638604356E-2]
["a4.comb.","VEÍCULO FLEX COMBUSTÍVEL ADICIONAL COM BASE NA UTILIZAÇÃO NO O&M PISF","H",1,{"$f":"F101","v":0},0,0]
["92146","CAMINHONETE SIMPLES MOTOR 1.6 FLEX, MANUAL, POT. 101/104 CV, 2 PORTAS - CHI. AF_11/2015","CHI",1,{"$f":"SUM(F68:F71)","v":5.6000000000000005},{"$f":"E67*D67","v":5.6000000000000005},{"$f":"F67/E67","v":1}]
["88284","MOTORISTA DE VEIÍCULO LEVE COM ENCARGOS COMPLEMENTARES","H",0,30.06,{"$f":"D68*E68","v":0},{"$f":"F68/$F$67","v":0}]
["92140","PICAPE SIMPLES MOTOR 1.6 FLEX, MANUAL, POTÊNCIA 101/104 CV - DEPRECIAÇÃO. AF_11/2015","H",1,4.37,{"$f":"D69*E69","v":4.37},{"$f":"F69/$F$67","v":0.78035714285714275}]
["92141","PICAPE SIMPLES MOTOR 1.6 FLEX, MANUAL, POTÊNCIA 101/104 CV - JUROS. AF_11/2015","H",1,0.69,{"$f":"D70*E70","v":0.69},{"$f":"F70/$F$67","v":0.12321428571428569}]
["92142","PICAPE SIMPLES MOTOR 1.6 FLEX, MANUAL, POTÊNCIA 101/104 CV - IMPOSTOS E SEGUROS. AF_11/2015","H",1,0.54,{"$f":"D71*E71","v":0.54},{"$f":"F71/$F$67","v":9.6428571428571419E-2}]
["SUB-COMPOSIÇÕES"]
["CÓD.","DESCRICAO DA COMPOSICAO","UND","COEF.","P. UNIT.","CUSTO T.","% item"]
["92133","CAMINHONETE MOTOR DIESEL, POTÊNCIA 180 CV, CABINE DUPLA, 4X4 - DEPRECIAÇÃO. AF_11/2015",null,"","",""]
[null,"CAMINHONETE MOTOR DIESEL, POTÊNCIA 180 CV, CABINE DUPLA, 4X4 - DEPRECIAÇÃO. AF_11/2015","H",4.8000000000000001E-5,248739.83,11.93]
["92134","CAMINHONETE MOTOR DIESEL, POTÊNCIA 180 CV, CABINE DUPLA, 4X4 - JUROS. AF_11/2015",null,"","",""]
[null,"CAMINHONETE MOTOR DIESEL, POTÊNCIA 180 CV, CABINE DUPLA, 4X4 - JUROS. AF_11/2015","H",7.6000000000000001E-6,248739.83,1.89]
["92135","CAMINHONETE MOTOR DIESEL, POTÊNCIA 180 CV, CABINE DUPLA, 4X4 - IMPOSTOS E SEGUROS. AF_11/2015",null,"","",""]
[null,"CAMINHONETE MOTOR DIESEL, POTÊNCIA 180 CV, CABINE DUPLA, 4X4 - IMPOSTOS E SEGUROS. AF_11/2015","H",6.0000000000000002E-6,248739.83,1.49]
["92136","CAMINHONETE MOTOR DIESEL, POTÊNCIA 180 CV, CABINE DUPLA, 4X4 - MANUTENÇÃO. AF_11/2015",null,"","",""]
[null,"CAMINHONETE MOTOR DIESEL, POTÊNCIA 180 CV, CABINE DUPLA, 4X4 - MANUTENÇÃO. AF_11/2015","H",6.0000000000000002E-5,248739.83,14.92]
["92137","CAMINHONETE MOTOR DIESEL, POTÊNCIA 180 CV, CABINE DUPLA, 4X4 - MATERIAIS NA OPERAÇÃO. AF_11/2015",null,"","",""]
[null,"CAMINHONETE MOTOR DIESEL, POTÊNCIA 180 CV, CABINE DUPLA, 4X4 - MATERIAIS NA OPERAÇÃO. AF_11/2015","H",5.89,6.85,40.340000000000003]
["a1.pneus","PICK-UP DIESEL REPOSIÇÃO DE PNEUS R16 COM BASE NA UTILIZAÇÃO NO O&M PISF (1jg./ano)",null,"","",""]
[null,"PICK-UP DIESEL, POT. 180 CV, CD, 4x4 - REPOSIÇÃO DE PNEUS COM BASE NA UTILIZAÇÃO NO O&M PISF (1jg./ano)","H",{"$f":"(1/(44*4*12*0.45))*(4*1000/$E$75)","v":1.6920306686525473E-5},{"$f":"$E$81","v":248739.83},{"$f":"E85*D85","v":4.2087542087542094}]
["a2.comb.","PICK-UP DIESEL, POT. 180 CV, CD, 4x4 - COMBUSTÍVEL ADICIONAL COM BASE NA UTILIZAÇÃO NO O&M PISF",null,"","",""]
[null,"PICK-UP DIESEL, POT. 180 CV, CD, 4x4 - COMBUSTÍVEL ADICIONAL COM BASE NA UTILIZAÇÃO NO O&M PISF","L/H",0,5.28,{"$f":"D87*E87","v":0}]
["92140","PICAPE SIMPLES MOTOR 1.6 FLEX, MANUAL, POTÊNCIA 101/104 CV - DEPRECIAÇÃO. AF_11/2015","H","","",""]
[null,"PICAPE SIMPLES MOTOR 1.6 FLEX, MANUAL, POTÊNCIA 101/104 CV - DEPRECIAÇÃO. AF_11/2015","H",4.8000000000000001E-5,91142,{"$f":"F60","v":4.37}]
["92141","PICAPE SIMPLES MOTOR 1.6 FLEX, MANUAL, POTÊNCIA 101/104 CV - JUROS. AF_11/2015","H","","",""]
[null,"PICAPE SIMPLES MOTOR 1.6 FLEX, MANUAL, POTÊNCIA 101/104 CV - JUROS. AF_11/2015","H",7.6000000000000001E-6,91142,{"$f":"F61","v":0.69}]
["92142","PICAPE SIMPLES MOTOR 1.6 FLEX, MANUAL, POTÊNCIA 101/104 CV - IMPOSTOS E SEGUROS. AF_11/2015","H","","",""]
[null,"PICAPE SIMPLES MOTOR 1.6 FLEX, MANUAL, POTÊNCIA 101/104 CV - IMPOSTOS E SEGUROS. AF_11/2015","H",6.0000000000000002E-6,91142,{"$f":"F62","v":0.54}]
["92143","PICAPE SIMPLES MOTOR 1.6 FLEX, MANUAL, POTÊNCIA 101/104 CV - MANUTENÇÃO. AF_11/2015","H","","",""]
[null,"PICAPE SIMPLES MOTOR 1.6 FLEX, MANUAL, POTÊNCIA 101/104 CV - MANUTENÇÃO. AF_11/2015","H",6.0000000000000002E-5,91142,{"$f":"F63","v":5.46}]
["92144","PICAPE SIMPLES MOTOR 1.6 FLEX, MANUAL, POTÊNCIA 101/104 CV - MATERIAIS NA OPERAÇÃO. AF_11/2015","H","","",""]
[null,"PICAPE SIMPLES MOTOR 1.6 FLEX, MANUAL, POTÊNCIA 101/104 CV - MATERIAIS NA OPERAÇÃO. AF_11/2015","H",6.69,7.24,{"$f":"F64","v":48.43},""]
["a3.pneus","VEÍCULO FLEX  REPOSIÇÃO DE PNEUS R14 COM BASE NA UTILIZAÇÃO NO O&M PISF (1jg./ano)",null,"","",""]
[null,"VEÍCULO FLEX  REPOSIÇÃO DE PNEUS R14 COM BASE NA UTILIZAÇÃO NO O&M PISF (1jg./ano)","H",{"$f":"(1/(0.35*44*4*12))*(4*500/$E$89)","v":2.9685849615190648E-5},{"$f":"$E$89","v":91142},{"$f":"E99*D99","v":2.7056277056277063},{"$f":"F99*44*4*12*0.35","v":2000.0000000000002}]
["a4.comb.","VEÍCULO FLEX COMBUSTÍVEL ADICIONAL COM BASE NA UTILIZAÇÃO NO O&M PISF",null,"","",""]
[null,"VEÍCULO FLEX COMBUSTÍVEL ADICIONAL COM BASE NA UTILIZAÇÃO NO O&M PISF","L/H",0,6.27,{"$f":"D101*E101","v":0}]
["INSUMOS"]
["CÓD.","DESCRICAO DO INSUMO","UND","COEF.","P. UNIT.","CUSTO T."]
[1159,"CAMINHONETE COM MOTOR A DIESEL, POTÊNCIA 180 CV, CABINE DUPLA, 4X4","UN",1,248739.83,{"$f":"E104*D104","v":248739.83}]
[4221,"ÓLEO DIESEL COMBUSTÍVEL COMUM","L",1,6.85,{"$f":"E105*D105","v":6.85}]
[13617,"PICAPE SIMPLES MOTOR 1.6 FLEX, MANUAL, POT. MÍNIMA 101/104 CV, 2 PORTAS - SIMILAR A GOL 4 PORTAS","UN",1,91142,{"$f":"E106*D106","v":91142}]
[4222,"GASOLINA COMUM","L",1,7.24,{"$f":"E107*D107","v":7.24}]
["CÁLCULO HORÁRIO MÉDIO EM CIRCUITO MISTO DO CONSUMO DE COMBUSTÍVEL E CÁLCULO MÉDIO DO KM RODADO POR MÊS MÉDIO*",null,"H","KM","KM/L médio","L/H"]
["I.Rodovia","Cálclo da distância em rodovia mista BR(Federal em boas condições) e PE(Estadual em boas condições) vias asfaltadas e sinalizadas",1,77.400000000000006,11,{"$f":"D109/E109","v":7.036363636363637}]
["II.Est.Vic.","Cálclo da distância em Estrada Vicinal em condições medianas",1,35.6,10,{"$f":"D110/E110","v":3.56}]
["MÉDIA","Média entre as condições I e II",1,{"$f":"(D109+D110)/2","v":56.5},{"$f":"(E109+E110)/2","v":10.5},{"$f":"D111/E111","v":5.3809523809523814},"Arredondando"]
["CHP-Flex","Considerando a necessidade de 35% de horas produtivas mês e que o mês médio nos dá 176 horas (44 hs/sem. x 4 = 176 hs)-FLEX",176,0.35,{"$f":"C112*D112","v":61.599999999999994},{"$f":"E112*$D$111","v":3480.3999999999996},"3.500 km"]
["CHP-Diesel","Considerando a necessidade de 45% de horas produtivas mês e que o mês médio nos dá 176 horas (44 hs/sem. x 4 = 176 hs)-DIESEL",176,0.45,{"$f":"C113*D113","v":79.2},{"$f":"E113*$D$111","v":4474.8},"4.500 km"]
["OBSERVAÇÃO: O mês médio leva em consideração que há meses de 28 dias, outros com 30 dias e outros com 31 dias. Há meses que têm mais feriados e outros não, incluindo recessos e paradas técnicas."]
["Outra observação importante é que se trata do quilômetro rodado médio de todos os veículos de cada categoria de combustível, servindo tanto para os veículos à diesel quanto aos à Gaolina/Flex."]
[]
["Consumo de pneus - Motocicleta",null,"UND","COEF.","P. UNIT.","CUSTO T.","% item"]
[null,"NXR 160 BROS ESDD FLEXONE","UN",1,19585,{"$f":"E118*D118","v":19585}]
[null,"NXR 160 BROS  REPOSIÇÃO DE PNEUS ARO 17 COM BASE NA UTILIZAÇÃO NO O&M PISF (1jg./ano)","H",{"$f":"(1/(0.45*44*4*12))*(2*250/$E$118)","v":2.6862102430139191E-5},{"$f":"$E$118","v":19585},{"$f":"E119*D119","v":0.52609427609427606}]
[null,"NXR 160 BROS  REPOSIÇÃO DE PNEUS ARO 17 COM BASE NA UTILIZAÇÃO NO O&M PISF (1jg./ano)","MÊS",176,{"$f":"F119","v":0.52609427609427606},{"$f":"E120*D120","v":92.592592592592581}]
[]
["Miniônibus com capacidade para 30 passageiros - 111 kW",null,"UND","COEF.","P. UNIT.","CUSTO T.","% item"]
["SICRO - E9134","Miniônibus com capacidade para 30 passageiros - 111 k","UN",1,469139.70649999997,{"$f":"E123*D123","v":469139.70649999997}]
[null,"Ônibus  REPOSIÇÃO DE PNEUS ARO 22.5 COM BASE NA UTILIZAÇÃO NO O&M PISF (1jg./ano)","H",{"$f":"(1/(0.45*44*4*12))*(2*3000/$E$123)","v":1.3456825814702839E-5},469139.70649999997,{"$f":"E124*D124","v":6.3131313131313131}]
[null,"Ônibus  REPOSIÇÃO DE PNEUS ARO 22.5 COM BASE NA UTILIZAÇÃO NO O&M PISF (1jg./ano)","MÊS",176,{"$f":"F124","v":6.3131313131313131},{"$f":"E125*D125","v":1111.1111111111111}]
[]
["*Observações"]
["- SICRO 01/2022"]
["-SINAPI 04/2022"]
{"$rows_empty":14}
[{"$nulls":9},"SINAPI 04/2022 - NÃO DESONERADO"]
[{"$nulls":9},"SICRO 01/2022 - NÃO DESONERADO"]

{"sheet":"Equipamentos","index":26,"n_rows":261,"n_cols":12,"rows_kept":261,"cut":false,"hidden":false,"merged":[[135,0,135,4],[132,5,132,6],[126,2,126,4],[126,5,126,6],[140,0,140,6],[139,0,139,6],[137,0,138,6],[127,5,127,6],[128,2,128,4],[128,5,128,6],[129,5,129,6],[129,0,129,4],[134,5,134,6],[135,5,135,6],[136,0,136,6],[132,0,132,4],[133,5,133,6],[127,2,127,4],[133,0,133,4],[134,0,134,4],[0,2,0,6],[1,2,1,6],[2,2,2,6],[4,0,5,6],[7,0,7,6],[11,1,12,1],[60,0,60,5],[73,0,73,5],[125,2,125,4],[125,5,125,6],[11,0,12,0],[11,2,12,2],[121,0,121,5],[119,0,119,5],[124,0,124,6],[11,3,12,3],[11,4,12,4],[11,5,11,6],[15,2,15,6],[62,2,62,6],[13,2,13,6]]}
[null,null,"Ministério do Desenvolvimento Regional  - MDR"]
[null,null,"Companhia de Desenvolvimento dos Vales do São Francisco e do Parnaíba"]
[null,null,"Gerência de Operação do PISF - Centro de Controle e Operação (AD / GOI / CCO)"]
[]
[{"$f":"Mem_Calculo_VEICULOS!A5","v":"TERMO DE REFERÊNCIA PARA CONTRATAÇÃO DOS RECURSOS NECESSÁRIOS À OPERAÇÃO E MANUTENÇÃO DAS INFRAESTRUTURAS DO EIXO LESTE DO PISF - PROJETO DE INTEGRAÇÃO DO SÃO FRANCISCO COM AS BACIAS HIDROGRÁFICAS DO NORDESTE SETENTRIONAL"}]
[]
[]
["EQUIPAMENTOS"]
[]
[]
[]
["ITEM","CÓDIGO","DESCRIÇÃO","UNIDADE","QUANTIDADE","VALOR (R$)"]
[{"$nulls":5},"UNITARIO","TOTAL"]
[null,null,{"$f":"A8","v":"EQUIPAMENTOS"}]
[]
["1.",null,"EQUIPAMENTOS - MECÂNICA",{"$nulls":7},12,{"$f":"'ORCAMENTO_CONSOLIDADO (2)'!$K$1","v":6}]
["1.1","COT_AFER","Aferidor de manômetro de 0 a 150 bar ","un x mês",{"$f":"L17","v":6},{"$f":"CPU_EQUIPAMENTOS_!E1128","v":33.332500000000003},{"$f":"ROUND(E17*F17,2)","v":200},null,12,null,{"$f":"I17/$K$16","v":1},{"$f":"ROUNDUP(K17*$L$16,0)","v":6}]
["1.2","COT_ALMO_FLEX","Almotolia de bico flexível 500ml","un x mês",{"$f":"L18","v":18},{"$f":"CPU_EQUIPAMENTOS_!I1128","v":0.81187500000000001},{"$f":"ROUND(E18*F18,2)","v":14.61},null,36,null,{"$f":"I18/$K$16","v":3},{"$f":"ROUNDUP(K18*$L$16,0)","v":18}]
["1.3","COT_ALMO_RIG","Almotolia de bico rígido 500ml","un x mês",18,{"$f":"CPU_EQUIPAMENTOS_!M1128","v":1.1468749999999999},20.64,null,36,null,3,{"$f":"ROUNDUP(K19*$L$16,0)","v":18}]
["1.4","\t4154/ORSE","Andaime metálico tipo fachadeiro Dim: Largura= 1,20m / Altura por peça= 2,00m. (Altura Total=10m - 5 peças por conjunto)","m² x mês",864,{"$f":"2/1.2*5.29","v":8.8166666666666664},7617.6,null,1728,null,144,864]
["1.5","COT_BANC_OFIC","Bancada para oficina (Dim: 1,2m x 2,5m) ","un x mês",36,{"$f":"CPU_EQUIPAMENTOS_!E1146","v":42.156874999999999},1517.65,null,72,null,6,36]
["1.6","COT_BOMB_GRAX","Bomba de graxa manual 5kg ","un x mês",18,{"$f":"CPU_EQUIPAMENTOS_!I1146","v":5.7049999999999992},102.69,null,36,null,3,18]
["1.7","13914 - SINAPI/PE","Talha Manual de Corrente com Alavanca 1,5 t Elevação 1,5m (Catraca 1,5 ton) ","un x mês",6,{"$f":"CPU_EQUIPAMENTOS_!E1092","v":16.124375000000001},96.75,null,12,null,1,6]
["1.8","COT_CHAV_46","Chave de impacto 46mm boca/estria ","un x mês",12,{"$f":"CPU_EQUIPAMENTOS_!M1146","v":2.6360416666666668},31.63,null,24,null,2,12]
["1.9","COT_CHAV_55","Chave de impacto 55mm boca/estria ","un x mês",12,{"$f":"CPU_EQUIPAMENTOS_!E1164","v":5.5},66,null,24,null,2,12]
["1.10","COT_CHAV_60","Chave de impacto 60mm boca/estria ","un x mês",12,{"$f":"CPU_EQUIPAMENTOS_!I1164","v":3.4639861111111112},41.57,null,24,null,2,12]
["1.11","COT_CHAV_65","Chave de impacto 65mm boca/estria ","un x mês",12,{"$f":"CPU_EQUIPAMENTOS_!M1164","v":3.6160416666666673},43.39,null,24,null,2,12]
["1.12","COT_CHAV_70","Chave de impacto 70mm boca/estria ","un x mês",12,{"$f":"CPU_EQUIPAMENTOS_!E1182","v":6.6712500000000006},80.06,null,24,null,2,12]
["1.13","COT_CHAV_75","Chave de impacto 75mm boca/estria","un x mês",24,{"$f":"CPU_EQUIPAMENTOS_!I1182","v":5.9000624999999998},141.6,null,48,null,4,24]
["1.14","COT_CHAV_85","Chave de impacto 85mm boca/estria","un x mês",24,{"$f":"CPU_EQUIPAMENTOS_!M1182","v":10.089381944444446},242.15,null,48,null,4,24]
["1.15","COT_CINT_3T","Cinta para elevação de carga (comprimento: 3m / capacidade de carga: 3t)","un x mês",12,{"$f":"CPU_EQUIPAMENTOS_!E1200","v":2.3052083333333333},27.66,null,24,null,2,12]
["1.16","COT_CINT_20T","Cinta para elevação de carga  (comprimento: 6m / capacidade de carga: 20t)","un x mês",12,{"$f":"CPU_EQUIPAMENTOS_!I1200","v":27.415625000000002},328.99,null,24,null,2,12]
["1.17","COT_CORT","Cortador a frio para tubos - Cortador Tubo Ferro Ferrari 1/8\" - 2\"","un x mês",12,{"$f":"CPU_EQUIPAMENTOS_!M1200","v":21.441666666666666},257.3,null,24,null,2,12]
["1.18","COT_CURV","Curvador de tubos (Até 1”) - Curvador e Dobrador De Tubos Manual","un x mês",12,{"$f":"CPU_EQUIPAMENTOS_!E1218","v":46.574583333333329},558.9,null,24,null,2,12]
["1.19","38476 - SINAPI/PE","Escada de abrir com 2 x 8 degraus (2,40m) em alumínio ","un x mês",24,{"$f":"CPU_EQUIPAMENTOS_!I1092","v":5.2312777777777777},125.55,null,48,null,4,24]
["1.20","38477 - SINAPI/PE","Escada de marinheiro extensível em duraluníno com 10 x 20 degraus (3,00m / 6,00m) ","un x mês",18,{"$f":"CPU_EQUIPAMENTOS_!M1092","v":16.506138888888888},297.11,null,36,null,3,18]
["1.21","COT_ESCA_07","Escada metálica de 07 degraus ","un x mês",18,{"$f":"CPU_EQUIPAMENTOS_!I1218","v":7.6102083333333335},136.97999999999999,null,36,null,3,18]
["1.22","COT_ESCA_16","Escada articulada multifuncional 4x4 16 degraus","un x mês",6,{"$f":"CPU_EQUIPAMENTOS_!M1218","v":18.894166666666667},113.37,null,12,null,1,6]
["1.23","COT_ESME","Esmerilhadeira angular de 4 ½” ","un x mês",12,{"$f":"CPU_EQUIPAMENTOS_!E1236","v":7.2718750000000005},87.26,null,24,null,2,12]
["1.24","11359 - SINAPI/PE","Esmerilhadeira angular de 7” ","un x mês",12,{"$f":"CPU_EQUIPAMENTOS_!E1110","v":14.229166666666666},170.75,null,24,null,2,12]
["1.25","I9376 - SEINFRA/CE","Furadeira Manual 650W 1050 – 1450 RPM 220V Ø 13mm","un x mês",12,{"$f":"CPU_EQUIPAMENTOS_!I1348","v":18.8125},225.75,null,24,null,2,12]
["1.26","COT_INDU","Indutor elétrico para aquecimento de rolamentos (JM 500) ","un x mês",6,{"$f":"CPU_EQUIPAMENTOS_!M1236","v":356.93395833333335},2141.6,null,12,null,1,6]
["1.27","COT_LIXA","Lixadeira 4 1/2\" ","un x mês",12,{"$f":"CPU_EQUIPAMENTOS_!E1254","v":9.0208333333333339},108.25,null,24,null,2,12]
["1.28","COT_MACA_20T","Macaco de comando a distância 20 t - Macaco Hidráulico 20 Toneladas Tipo Garrafa","un x mês",12,{"$f":"CPU_EQUIPAMENTOS_!I1254","v":16.825833333333332},201.91,null,24,null,2,12]
["1.29","COT_MACA_50T","Macaco de comando a distância 50 t - Macaco Hidráulico 50 Toneladas Tipo Garrafa","un x mês",12,{"$f":"CPU_EQUIPAMENTOS_!M1254","v":33.685000000000002},404.22,null,24,null,2,12]
["1.30","COT_MACA_2T","Macaco tipo elevador capacidade de 2 t - Macaco Hidráulico 2 Toneladas tipo Garrafa","un x mês",12,{"$f":"CPU_EQUIPAMENTOS_!E1272","v":4.0841666666666665},49.01,null,24,null,2,12]
["1.31","COT_MACA_GIR","Macaco tipo girafa de 2 t - Guincho Hidráulico 2 Toneladas com Prolongador","un x mês",12,{"$f":"CPU_EQUIPAMENTOS_!I1272","v":93.251250000000013},1119.02,null,24,null,2,12]
["1.32","40403 - SINAPI/PE","Máquina de solda elétrica de 250 A com kit.","un x mês",12,{"$f":"CPU_EQUIPAMENTOS_!E973","v":9.5043749999999996},114.05,null,24,null,2,12]
["1.33","COT_MORS","Morsa para bancada nº 08 ","un x mês",36,{"$f":"CPU_EQUIPAMENTOS_!M1272","v":9.2993749999999995},334.78,null,72,null,6,36]
["1.34","E9630-DNIT/PE","Conjunto Motor bomba 7,5 CV, 380 V, Q=75,6 m3/h e H=17 mca. (Poço de rebaixamento da EBV-3)","un x mês",6,{"$f":"CPU_EQUIPAMENTOS_!E906","v":121.5728},729.44,null,12,null,1,6]
["1.35","COT_BOMB_SUB","Bomba Submersível 5 Cv Trifásica 380V, Q=2 - 52 m3/h e H= 3-25 mca.(Poço de rebaixamento do Res. de areias (Estrutura de Controle)","un x mês",6,{"$f":"CPU_EQUIPAMENTOS_!E1290","v":294.84479166666665},1769.07,null,12,null,1,6]
["1.36","COT_MOTO_ESMER","Motoesmeril de 1cv - 3.500 RPM ","un x mês",36,{"$f":"CPU_EQUIPAMENTOS_!I1290","v":22.247291666666666},800.9,null,72,null,6,36]
["1.37","COT_MULT","Multiplicador de Torque Manual 2700 N.m/2000 lb.ft CDI GA190","un x mês",6,{"$f":"CPU_EQUIPAMENTOS_!M1290","v":66.740833333333327},400.45,null,12,null,1,6]
["1.38","E9552 - DNIT/PE","Nível de precisão  ","un x mês",6,{"$f":"CPU_EQUIPAMENTOS_!E873","v":314.94480000000004},1889.67,null,12,null,1,6]
["1.39","COT_PARA","Parafusadeira elétrica a bateria ","un x mês",12,{"$f":"CPU_EQUIPAMENTOS_!E1308","v":19.770416666666666},237.25,null,24,null,2,12]
["1.40","COT_PREN","Prensa hidráulica de 10 ton ","un x mês",12,{"$f":"CPU_EQUIPAMENTOS_!I1308","v":30.559374999999999},366.71,null,24,null,2,12]
["1.41","E9207-DNIT/PE","Retífica elétrica ","un x mês",12,{"$f":"CPU_EQUIPAMENTOS_!I906","v":128.99680000000001},1547.96,null,24,null,2,12]
["1.42","E9748-DNIT/PE","Rosqueadeira ( para tubos de ½” a 4”) -Rosqueadeira Elétrica 1/2 A 4 Pol. 750w 220v-Br Motors-Brr124bsp","un x mês",6,{"$f":"CPU_EQUIPAMENTOS_!M906","v":115.97280000000001},695.84,null,12,null,1,6]
["1.43","10740 - SINAPI/PE","Talha capacidade 3t","un x mês",12,{"$f":"CPU_EQUIPAMENTOS_!I1110","v":126.28473611111112},1515.42,null,24,null,2,12]
["1.44","COT_TIFO","Tifor 3t","un x mês",12,{"$f":"CPU_EQUIPAMENTOS_!M1308","v":96.029583333333335},1152.3599999999999,null,24,null,2,12]
[{"$f":"\"TOTAL - \"&C16&\":\"","v":"TOTAL - EQUIPAMENTOS - MECÂNICA:"},{"$nulls":5},{"$f":"SUBTOTAL(9,G16:G60)","v":28123.869999999995},null,null,null,0,0]
[{"$nulls":10},0,0]
["2.",null,"EQUIPAMENTOS - ELÉTRICA",{"$nulls":7},0,0]
["2.1","COT_ANAL","Analisador de grandezas elétricas trifásico, display LCD colorido 5,6\", TRMS 1.000 V, corrente 3.000A ","un x mês",{"$f":"L64","v":6},{"$f":"CPU_EQUIPAMENTOS_!E1366","v":730.68708333333336},{"$f":"ROUND(E64*F64,2)","v":4384.12},null,12,null,1,6]
["2.2","COT_BANC_TESTE","Bancada de teste, amperimetro 150A, voltímetro 40V ","un x mês",6,{"$f":"CPU_EQUIPAMENTOS_!I1366","v":125.45375},752.72,null,12,null,1,6]
["2.3","COT_BANC_PROT","Bancada protegida contra eletricidade estática ","un x mês",6,{"$f":"CPU_EQUIPAMENTOS_!M1366","v":67.108333333333334},402.65,null,12,null,1,6]
["2.4","COT_DATA","Data Logger de 4 a 20 mA (verificação de intermitência em instrumentação) ","un x mês",6,{"$f":"CPU_EQUIPAMENTOS_!E1384","v":23.011041666666667},138.07,null,12,null,1,6]
["2.5","13761 - SINAPI/PE","Estação de solda com temperatura ajustável e proteção antiestático ","un x mês",6,{"$f":"CPU_EQUIPAMENTOS_!E943","v":317.95999999999998},1907.76,null,12,null,1,6]
["2.6","10236 - ORSE/SE","Fonte de alimentação com tensão variável de 0 a 30Vcc de 3 A ","un x mês",6,{"$f":"CPU_EQUIPAMENTOS_!E1348","v":4.020833333333333},24.13,null,12,null,1,6]
["2.7","COT_FONT","Fonte de bancada 12 V ","un x mês",6,{"$f":"CPU_EQUIPAMENTOS_!I1384","v":15.290416666666667},91.74,null,12,null,1,6]
["2.8","I9376 - SEINFRA/CE","Furadeira Manual 650W 1050 – 1450 RPM 220V Ø 13mm","un x mês",6,{"$f":"CPU_EQUIPAMENTOS_!I1348","v":18.8125},112.88,null,12,null,1,6]
["2.9","COT_GERA","Gerador de corrente e tensão de 0 a 20 mA e 0 a 10V, precisão de 0,1% ","un x mês",6,{"$f":"CPU_EQUIPAMENTOS_!M1384","v":3.4647916666666667},20.79,null,12,null,1,6]
["2.10","COT_TTR ","TTR - medidor digital de relação de espiras, escala de medição 0,8000:1 a 8.000,0: 1 ","un x mês",6,{"$f":"CPU_EQUIPAMENTOS_!I1402","v":509.18916666666672},3055.14,null,12,null,1,6]
[{"$f":"\"TOTAL - \"&C63&\":\"","v":"TOTAL - EQUIPAMENTOS - ELÉTRICA:"},{"$nulls":5},{"$f":"SUBTOTAL(9,G63:G73)","v":10890},null,null,null,0,0]
[{"$nulls":10},0,0]
["3.",null,"EQUIPAMENTOS - CIVIL",{"$nulls":7},0,0]
["3.1",null,"MANUTENÇÃO",{"$nulls":7},0,0]
["3.1.1","E9630-DNIT/PE","Bomba submersível com capacidade de 75 m³/h - 3,6 kW","un x mês",{"$f":"L78","v":12},{"$f":"CPU_EQUIPAMENTOS_!E67","v":121.5728},{"$f":"ROUND(E78*F78,2)","v":1458.87},null,24,null,2,12]
["3.1.2",{"$f":"B20","v":"\t4154/ORSE"},"Andaime metálico tipo fachadeiro Dim: Largura= 1,20m / Altura por peça= 2,00m. (Altura Total=10m - 5 peças por conjunto)","m² x mês",432,{"$f":"F20","v":8.8166666666666664},3808.8,null,864,null,72,432]
["3.1.3","E9519 - DNIT/PE","Betoneira com motor a gasolina com capacidade de 600 l - 10 kW","un x mês",12,{"$f":"CPU_EQUIPAMENTOS_!M36","v":2292.605},27511.26,null,24,null,2,12]
["3.1.4","746 - SINAPI/PE","Lavadora de alta pressão a diesel, partida elétrica, motor de 10 hp","un x mês",6,{"$f":"CPU_EQUIPAMENTOS_!I67","v":51.6},309.60000000000002,null,12,null,1,6]
["3.1.5","36503 - SINAPI/PE","MOTOBOMBA TRASH (PARA AGUA SUJA) AUTO ESCORVANTE, MOTOR GASOLINA DE 6,41 HP, DIAMETROS DE SUCCAO X RECALQUE: 3\" X 3\", HM/Q: 10/60 A 23/0","un x mês",12,{"$f":"CPU_EQUIPAMENTOS_!E98","v":468.32000000000005},5619.84,null,24,null,{"$f":"I82/$K$16","v":2},{"$f":"ROUNDUP(K82*$L$16,0)","v":12}]
["3.1.6","E9630-DNIT/PE","Bomba submersível com capacidade de 75 m³/h - 3,6 kW","un x mês",12,{"$f":"CPU_EQUIPAMENTOS_!E67","v":121.5728},1458.87,null,24,null,2,12]
["3.1.7","E9579-DNIT/PE","CAMINHÃO BASCULANTE 10 M3, TRUCADO CABINE SIMPLES, PESO BRUTO TOTAL 23.000 KG, CARGA ÚTIL MÁXIMA 15.935 KG, DISTÂNCIA ENTRE EIXOS 4,80 M, POTÊNCIA 230 CV INCLUSIVE CAÇAMBA METÁLICA ","un x mês",24,{"$f":"CPU_EQUIPAMENTOS_!E432","v":23076.58},553837.92000000004,null,48,null,4,24]
["3.1.8","E9592-DNIT/PE","CAMINHÃO TRUCADO (C/ TERCEIRO EIXO) ELETRÔNICO - POTÊNCIA 231CV - PBT = 22000KG - DIST. ENTRE EIXOS 5170 MM - INCLUI CARROCERIA FIXA ABERTA DE MADEIRA","un x mês",24,{"$f":"CPU_EQUIPAMENTOS_!E464","v":30208.587800000001},725006.11,null,48,null,4,24]
["3.1.9","E9509-DNIT/PE","Caminhão Comboio para lubrificação e abastecimento (melosa), convencional totalmente equipado (Capacidade de Combustível: 5.000 l, Capacidade de Lubrificante: 500 l, Capacidade de Graxa: 200 kg, Capacidade de Água: 300 l, Recipiente para Óleo Usado: 200 l, Compressor de Ar e Bomba- d’agua).","un x mês",6,{"$f":"CPU_EQUIPAMENTOS_!E497","v":26471.532500000001},158829.20000000001,null,12,null,1,6]
["3.1.10","E9686-DNIT/PE","Caminhão guindauto com capacidade de carga até 10,0 t.","un x mês",12,{"$f":"CPU_EQUIPAMENTOS_!E531","v":32393.054459999999},388716.65,null,24,null,2,12]
["3.1.11","6259 - SINAPI/PE","Caminhão tanque, capacidade de volume  6000 l e potência 136,0 hp .","un x mês",30,{"$f":"CPU_EQUIPAMENTOS_!E564","v":21482.239999999998},644467.19999999995,null,60,null,5,30]
["3.1.12","89883-SINAPI/PE","Cavalo Mecânico com Reboque M. Benz Randon LS-1634/45 29,5 t, ou similar","un x mês",6,{"$f":"CPU_EQUIPAMENTOS_!E632","v":31798.02},190788.12,null,12,null,1,6]
["3.1.13","E9107-DNIT/PE","Compactador de solo a percussão (soquete), com motor gasolina de 4 tempos, peso entre 55 e 65 kg, força de impacto de 1.000 a 1.500 kgf, frequência de 600 a 700 golpes por minuto,velocidade de trabalho entre 10 e 15 m/min, potência entre 2 e 3 hp.","un x mês",6,{"$f":"CPU_EQUIPAMENTOS_!E600","v":289.58839999999998},1737.53,null,12,null,1,6]
["3.1.14","E9556-DNIT/PE","Compactador de solo, tipo placa vibratória reversível, com motor a diesel, peso entre 700 e 820 kg, força centrífuga entre 6.200 e 10.000 kgf, largura de trabalho entre 650 e 720 mm, frequência de vibração entre 3.000 e 3.500 rpm, velocidade de trabalho entre 25 e 30 m/min, potência entre 13,0 e 15,0 hp.","un x mês",6,{"$f":"CPU_EQUIPAMENTOS_!I600","v":296.74560000000002},1780.47,null,12,null,1,6]
["3.1.15","E9513-DNIT/PE","Compressor de ar rebocável, vazão 400 pcm, pressão efetiva de trabalho 102 psi, motor diesel, potência 110 cv.","un x mês",3,{"$f":"CPU_EQUIPAMENTOS_!E666","v":7046.0660000000007},21138.2,null,6,null,0.5,3]
["3.1.16","COT_CONJ_30","Conjunto motorbomba com 30 kW de potência no motor elétrico (25 mca x 0,1 m³/s) para esgotamento, com respectivos mangotes de sucção e descarga a serem especificados em função dos diâmetros. ","un x mês",3,{"$f":"CPU_EQUIPAMENTOS_!M1049","v":998.55416666666667},2995.66,null,6,null,0.5,3]
["3.1.17","36483 - SINAPI/PE","ESCAVADEIRA HIDRAULICA SOBRE ESTEIRAS CACAMBA 0,40 A 1,20 M3, PESO OPERACIONAL 21,19 T, POTENCIA LIQUIDA 173 HP","un x mês",6,{"$f":"CPU_EQUIPAMENTOS_!E131","v":19454.96},116729.76,null,12,null,1,6]
["3.1.18","E9066-DNIT/PE","Grupo gerador de 13/14 KVA, 220v, trifásico, silenciado, com 100 metros de cabos e 01 QTA. ","un x mês",6,{"$f":"CPU_EQUIPAMENTOS_!I733","v":1497.7885999999999},8986.73,null,12,null,1,6]
["3.1.19","E9776 - DNIT/PE","Grupo gerador de 145/160 kVA","un x mês",6,{"$f":"CPU_EQUIPAMENTOS_!I36","v":4392.9344000000001},26357.61,null,12,null,1,6]
["3.1.20","E9778 - DNIT/PE","Grupo gerador de 310/340 kVA","un x mês",6,{"$f":"CPU_EQUIPAMENTOS_!I131","v":5895.3267999999998},35371.96,null,12,null,1,6]
["3.1.21","E9535 - DNIT/PE","Serra circular de bancada, modelo pica-pau, diâmetro de 350 mm. Características do motor: trifásico, potência de 5 hp, frequência de 60 H.","un x mês",12,{"$f":"CPU_EQUIPAMENTOS_!M131","v":137.33000000000001},1647.96,null,24,null,2,12]
["3.1.22","40403 - SINAPI/PE","Máquina de solda elétrica de 250 A com kit.","un x mês",12,{"$f":"CPU_EQUIPAMENTOS_!E973","v":9.5043749999999996},114.05,null,24,null,2,12]
["3.1.23","E9568-DNIT/PE","Furadeira elétrica profissional.","un x mês",12,{"$f":"CPU_EQUIPAMENTOS_!E767","v":30.907599999999999},370.89,null,24,null,2,12]
["3.1.24","13192 - SINAPI/PE","Lixadeira elétrica angular para concreto, potência 1.400 W, prato diamantado de 5''.","un x mês",12,{"$f":"CPU_EQUIPAMENTOS_!I973","v":88.70270833333332},1064.43,null,24,null,2,12]
["3.1.25","14619 - SINAPI/PE","Máquina para corte com disco abrasivo de diâmetro de 18'' (450 mm), com motor elétrico trifásico de 10 cv.","un x mês",12,{"$f":"CPU_EQUIPAMENTOS_!M973","v":250.73854166666669},3008.86,null,24,null,2,12]
["3.1.26","40703 - SINAPI/PE","Martelete rompedor 33 kg.","un x mês",6,{"$f":"CPU_EQUIPAMENTOS_!E197","v":180.44},1082.6400000000001,null,12,null,1,6]
["3.1.27","36533 - SINAPI/PE","Martelo demolidor pneumático manual, com redução de vibração, peso de 31,5 kg.","un x mês",12,{"$f":"CPU_EQUIPAMENTOS_!E992","v":258.12093750000003},3097.45,null,24,null,2,12]
["3.1.28","13227 - SINAPI/PE","MOTONIVELADORA POTENCIA BASICA LIQUIDA (PRIMEIRA MARCHA) 171 HP, PESO BRUTO 14768 KG, LARGURA DA LAMINA DE 3,7 M","un x mês",6,{"$f":"CPU_EQUIPAMENTOS_!E228","v":31868.480000000003},191210.88,null,12,null,1,6]
["3.1.29","E9585 - DNIT/PE","Motoserra portátil com motor a gosolina de 60 cc.","un x mês",18,{"$f":"CPU_EQUIPAMENTOS_!E260","v":263.25979999999998},4738.68,null,36,null,3,18]
["3.1.30","11651 - SINAPI/PE","Perfuratriz pneumática manual de peso médio, 18 kg, comprimento de curso de 6 m, diâmetro do pistão de 5,5 cm","un x mês",3,{"$f":"CPU_EQUIPAMENTOS_!I228","v":301.2},903.6,null,6,null,0.5,3]
["3.1.31","E9526-DNIT/PE","Retroescavadeira sobre rodas com carregadeira, tração 4x4, potência líquida 72 hp, peso operacional mínimo de 7.140 kg, capacidade mínima da carregadeira de 0,79 m³ e da retroescavadeira mínima de 0,18 m³, profundidade de escavação máxima de 4,50 m.","un x mês",24,{"$f":"CPU_EQUIPAMENTOS_!I767","v":15896.36434},381512.74,null,48,null,4,24]
["3.1.32","E9089 - DNIT/PE","Roçadeira costal com motor a gasolina de  32 cc.","un x mês",24,{"$f":"CPU_EQUIPAMENTOS_!E294","v":342.8612},8228.67,null,48,null,4,24]
["3.1.33","COT - SOLD","Soldador manual para mantas Leister Triac-st","un x mês",12,{"$f":"CPU_EQUIPAMENTOS_!E1068","v":101.95541666666666},{"$f":"ROUND(E110*F110,2)","v":1223.47},null,24,null,2,12]
["3.1.34","COT_TORR","Torre de iluminação 4000 W","un x mês",12,{"$f":"CPU_EQUIPAMENTOS_!E1030","v":1239.09671875},14869.16,null,24,null,2,12]
["3.1.35","COT - TRIT","Triturador de Galhos e Resíduos TR-500G à Gasolina Motor 13HP","un x mês",24,{"$f":"CPU_EQUIPAMENTOS_!I1030","v":418.16041666666666},10035.85,null,48,null,4,24]
["3.1.36","39628 - SINAPI/PE","Motor a diesel para vibrador de imersão de 4,7 cv.","un x mês",6,{"$f":"CPU_EQUIPAMENTOS_!M992","v":77.413749999999993},464.48,null,12,null,1,6]
["3.1.37","39399 - SINAPI/PE","Vibrador de imersão, com ponteira de 35 mm, mangote de 5 m, sem motor.","un x mês",2,{"$f":"CPU_EQUIPAMENTOS_!E1011","v":33.634166666666665},67.27,null,4,null,0.33333333333333331,2]
["3.1.38","39400 - SINAPI/PE","Vibrador de imersão, com ponteira de 45 mm, mangote de 5 m, sem motor.","un x mês",2,{"$f":"CPU_EQUIPAMENTOS_!I1011","v":36.558958333333329},73.12,null,4,null,0.33333333333333331,2]
["3.1.39","39401 - SINAPI/PE","Vibrador de imersão, com ponteira de 60 mm, mangote de 5 m, sem motor.","un x mês",2,{"$f":"CPU_EQUIPAMENTOS_!M1011","v":41.010416666666664},82.02,null,4,null,0.33333333333333331,2]
[{"$f":"\"TOTAL - \"&C77&\":\"","v":"TOTAL - MANUTENÇÃO:"},{"$nulls":5},{"$f":"SUBTOTAL(9,G77:G116)","v":3540706.5800000015}]
[]
[]
[{"$f":"\"TOTAL - \"&C76&\" - (R$):\"","v":"TOTAL - EQUIPAMENTOS - CIVIL - (R$):"},{"$nulls":5},{"$f":"SUBTOTAL(9,G76:G118)","v":3540706.5800000015}]
[]
[{"$f":"\"TOTAL - \"&C14&\" - (R$):\"","v":"TOTAL - EQUIPAMENTOS - (R$):"},{"$nulls":5},{"$f":"SUBTOTAL(9,G14:G120)","v":3579720.4500000016}]
[]
[]
[{"$f":"\"RESUMO - \"&A$8","v":"RESUMO - EQUIPAMENTOS"}]
["ITEM",null,"DESCRIÇÃO",null,null,"VALOR TOTAL (R$)"]
["01",null,{"$f":"C16","v":"EQUIPAMENTOS - MECÂNICA"},null,null,{"$f":"G61","v":28123.869999999995}]
["02",null,{"$f":"C63","v":"EQUIPAMENTOS - ELÉTRICA"},null,null,{"$f":"G74","v":10890}]
["03",null,{"$f":"C76","v":"EQUIPAMENTOS - CIVIL"},null,null,{"$f":"G120","v":3540706.5800000015}]
[{"$f":"\"TOTAL GERAL - \"&A125&\" -  (R$):\"","v":"TOTAL GERAL - RESUMO - EQUIPAMENTOS -  (R$):"},{"$nulls":4},{"$f":"SUM(F127:G129)","v":3579720.4500000016}]
[]
[]
["NOME DO INFORMANTE:",{"$nulls":4},"QUALIFICAÇÃO:"]
[]
["ASSINATURA:",{"$nulls":4},"DATA:"]
[]
["OBSERVAÇÃO:"]
["1. A unidade adotada na planilha (un x mês) foi de acordo com o cronograma de alocação de recursos materiais, onde foi feita a divisão de uso mensalmente de cada equipamento, por canteiro. Dessa forma, é possivel diluir o custo durante todo o período do contrato."]
[]
["2. Os preços apresentados inlcuem o custo de operadores, motoristas e demais mão de obra necesária para utilização do mesmo. Bem como combustível, quando requeridos."]
[]
[]
["1. Considerado a carga horária de 176 horas/mês"]
[]
[null,null,"Carga horária mensal:",176,{"$f":"582.5/(12*30*8)","v":0.20225694444444445}]
[]
[null,null,null,"Operativa","R$/h (Operativa)","R$/h (Improdutiva)","R$/mês"]
[null,"COT_AFER","Aferidor de manômetro de 0 a 150 bar ",1,null,null,382.30555555555554]
[null,"COT_ALMO_FLEX","Almotolia de bico flexível 500ml",1,null,null,2.6751851851851853]
[null,"COT_ALMO_RIG","Almotolia de bico rígido 500ml",1,null,null,1.8862962962962959]
[null,"COT_ANAL","Analisador de grandezas elétricas trifásico, display LCD colorido 5,6\", TRMS 1.000 V, corrente 3.000A ",1,null,null,2485.67]
[null,"COT_ANDA","Andaime metálico tipo fachadeiro Dim: Largura= 1,20m / Altura por peça= 2,00m. (Altura Total=10m - 5 peças por conjunto)",1,null,null,{"$f":"((1224/144)+(0.98*30))/2","v":18.95}]
[null,"COT_BANC_TESTE","Bancada de teste, amperimetro 150A, voltímetro 40V ",1,null,null,13.76]
[null,"COT_BANC_OFIC","Bancada para oficina (Dim: 1,2m x 2,5m) ",1,null,null,58.701481481481487]
[null,"COT_BANC_PROT","Bancada protegida contra eletricidade estática ",1,null,null,61.09]
[null,"E9043-DNIT/PE","Embarcação de alumínio com comprimento de 6 m e motor de popa - 18,60 kW (inclusive barqueiro)",1,null,null,12389.28]
[null,"10537 - SINAPI/PE","Betoneira, capacidade nominal 400 l, capacidade de mistura 310 l, motor a diesel potência 5 cv, sem carregador.",1,null,null,691.36]
[null,"36398 - SINAPI/PE","Betoneira, capacidade nominal 600 l, capacidade de mistura 440 l,  motor a diesel potência 10 cv, com carregador.",1,null,null,2033.28]
[null,"COT_BOMB_GRAX","Bomba de graxa manual 5kg ",1,null,null,14.312222222222223]
[null,"36503 - SINAPI/PE","MOTOBOMBA TRASH (PARA AGUA SUJA) AUTO ESCORVANTE, MOTOR GASOLINA DE 6,41 HP, DIAMETROS DE SUCCAO X RECALQUE: 3\" X 3\", HM/Q: 10/60 A 23/0",1,null,null,603.91999999999996]
[null,"E9630-DNIT/PE","Bomba submersível com capacidade de 75 m³/h - 3,6 kW",1,null,null,302.17]
[null,"COT_BOMB_SUB","Bomba Submersível 5 Cv Trifásica 380V, Q=2 - 52 m3/h e H= 3-25 mca.(Poço de rebaixamento do Res. de areias (Estrutura de Controle)",1,null,null,905.89027777777778]
[null,"91386 - SINAPI/PE","CAMINHÃO BASCULANTE 10 M3, TRUCADO CABINE SIMPLES, PESO BRUTO TOTAL 23.000 KG, CARGA ÚTIL MÁXIMA 15.935 KG, DISTÂNCIA ENTRE EIXOS 4,80 M, POTÊNCIA 230 CV INCLUSIVE CAÇAMBA METÁLICA ",1,null,null,52766.67]
[null,"91031 - SINAPI/PE","CAMINHÃO TRUCADO (C/ TERCEIRO EIXO) ELETRÔNICO - POTÊNCIA 231CV - PBT = 22000KG - DIST. ENTRE EIXOS 5170 MM - INCLUI CARROCERIA FIXA ABERTA DE MADEIRA",1,null,null,48073.07]
[null,"E9509-DNIT/PE","Caminhão Comboio para lubrificação e abastecimento (melosa), convencional totalmente equipado (Capacidade de Combustível: 5.000 l, Capacidade de Lubrificante: 500 l, Capacidade de Graxa: 200 kg, Capacidade de Água: 300 l, Recipiente para Óleo Usado: 200 l, Compressor de Ar e Bomba- d’agua).",1,null,null,49301.32]
[null,"E9686-DNIT/PE","Caminhão guindauto com capacidade de carga até 10,0 t.",1,null,null,67170.570000000007]
[null,"6259 - SINAPI/PE","Caminhão tanque, capacidade de volume  6000 l e potência 136,0 hp .",1,null,null,46992.35]
[null,"A9382-DNIT/PE","Dolly intermediário com 2 eixos para semirreboque (para embarcação)",1,null,null,5698.37]
[null,"89883-SINAPI/PE","Cavalo Mecânico com Reboque M. Benz Randon LS-1634/45 29,5 t, ou similar",1,null,null,66504.75]
[null,"COT_CHAV_46","Chave de impacto 46mm boca/estria ",1,null,null,6.8411111111111111]
[null,"COT_CHAV_55","Chave de impacto 55mm boca/estria ",1,null,null,12.591481481481482]
[null,"COT_CHAV_60","Chave de impacto 60mm boca/estria ",1,null,null,13.599444444444442]
[null,"COT_CHAV_65","Chave de impacto 65mm boca/estria ",1,null,null,24.81722222222222]
[null,"COT_CHAV_70","Chave de impacto 70mm boca/estria ",1,null,null,22.496296296296297]
[null,"COT_CHAV_75","Chave de impacto 75mm boca/estria",1,null,null,37.027592592592597]
[null,"COT_CHAV_85","Chave de impacto 85mm boca/estria",1,null,null,62.664444444444449]
[null,"COT_CINT_20T","Cinta para elevação de carga  (comprimento: 6m / capacidade de carga: 20t)",1,null,null,69.444444444444443]
[null,"COT_CINT_3T","Cinta para elevação de carga (comprimento: 3m / capacidade de carga: 3t)",1,null,null,6.4644444444444442]
[null,"E9107-DNIT/PE","Compactador de solo a percussão (soquete), com motor gasolina de 4 tempos, peso entre 55 e 65 kg, força de impacto de 1.000 a 1.500 kgf, frequência de 600 a 700 golpes por minuto,velocidade de trabalho entre 10 e 15 m/min, potência entre 2 e 3 hp.",1,null,null,868.19]
[null,"E9556-DNIT/PE","Compactador de solo, tipo placa vibratória reversível, com motor a diesel, peso entre 700 e 820 kg, força centrífuga entre 6.200 e 10.000 kgf, largura de trabalho entre 650 e 720 mm, frequência de vibração entre 3.000 e 3.500 rpm, velocidade de trabalho entre 25 e 30 m/min, potência entre 13,0 e 15,0 hp.",1,null,null,968]
[null,"E9661-DNIT/PE","Compressor de ar rebocável, vazão 189 pcm, pressão efetiva de trabalho 102 psi, motor diesel, potência  63 cv.",1,null,null,7949.88]
[null,"E9513-DNIT/PE","Compressor de ar rebocável, vazão 400 pcm, pressão efetiva de trabalho 102 psi, motor diesel, potência 110 cv.",1,null,null,13545.12]
[null,"E9630-DNIT/PE","Conjunto Motor bomba 7,5 CV, 380 V, Q=75,6 m3/h e H=17 mca. (Poço de rebaixamento da EBV-3)",1,null,null,302.17]
[null,"COT_CONJ_160","Conjunto motorbomba com 160 kW de potência no motor elétrico (25 mca x 0,5 m³/s) para esgotamento, com respectivos mangotes de sucção e descarga a serem especificados em função dos diâmetros. ",1,null,null,{"$f":"113150/12","v":9429.1666666666661}]
[null,"COT_CONJ_30","Conjunto motorbomba com 30 kW de potência no motor elétrico (25 mca x 0,1 m³/s) para esgotamento, com respectivos mangotes de sucção e descarga a serem especificados em função dos diâmetros. ",1,null,null,3195.47]
[null,"COT_CORT","Cortador a frio para tubos - Cortador Tubo Ferro Ferrari 1/8\" - 2\"",1,null,null,19.653703703703702]
[null,"COT_CURV","Curvador de tubos (Até 1”) - Curvador e Dobrador De Tubos Manual",1,null,null,78.407037037037028]
[null,"E9609-DNIT/PE","Draga de sucção para extração de areia com tubo de descarga de 150 mm - 100 kW",1,null,null,21381.73]
[null,"COT_DATA","Data Logger de 4 a 20 mA (verificação de intermitência em instrumentação) ",1,null,null,31.96]
[null,"E9528-DNIT/PE","Empilhadeira sobre pneus com torre de três estágios, 4,80 m de elevação, com deslocador lateral dos garfos, motor glp 2.4 l, capacidade nominal de carga de 2,5 t.",1,{"$f":" 86.2687-20.0299","v":66.238799999999998},{"$f":" 41.2745-20.0299","v":21.244600000000002},36789.360000000001]
[null,"E9206-DNIT/PE","Equipamento de solda MIG automática com acessórios - 14,6 kVA",1,null,null,5233.29]
[null,"COT_ESCA_16","Escada articulada multifuncional 4x4 16 degraus",1,null,null,19.143518518518519]
[null,"38476 - SINAPI/PE","Escada de abrir com 2 x 8 degraus (2,40m) em alumínio ",1,null,null,4.07]
[null,"38477 - SINAPI/PE","Escada de marinheiro extensível em duraluníno com 10 x 20 degraus (3,00m / 6,00m) ",1,{"$f":"975.46/(12*30*8)","v":0.3387013888888889},null,12.83]
[null,"COT_ESCA_07","Escada metálica de 07 degraus ",1,null,null,6.8944444444444448]
[null,"36483 - SINAPI/PE","ESCAVADEIRA HIDRAULICA SOBRE ESTEIRAS CACAMBA 0,40 A 1,20 M3, PESO OPERACIONAL 21,19 T, POTENCIA LIQUIDA 173 HP",1,null,null,54600.87999999999]
[null,"E9017-DNIT/PE","Escavadeira hidráulica sobre esteiras, caçamba 0,62 m³, peso operacional 12,61 t, potência líquida 95 hp.",1,null,null,49535.69]
[null,"COT_ESME","Esmerilhadeira angular de 4 ½” ",1,null,null,8.4977777777777774]
[null,"11359 - SINAPI/PE","Esmerilhadeira angular de 7” ",1,null,null,14.17]
[null,"13761 - SINAPI/PE","Estação de solda com temperatura ajustável e proteção antiestático ",1,null,null,983.76]
[null,"10236 - ORSE/SE","Fonte de alimentação com tensão variável de 0 a 30Vcc de 3 A ",1,{"$f":"193/(12*30*8)","v":6.7013888888888887E-2},null,4.0199999999999996]
[null,"COT_FONT","Fonte de bancada 12 V ",1,null,null,12.13]
[null,"E9568-DNIT/PE","Furadeira elétrica profissional.",1,null,null,84.66]
[null,"I9376 - SEINFRA/CE","Furadeira Manual 650W 1050 – 1450 RPM 220V Ø 13mm",1,0.08,null,18.809999999999999]
[null,"COT_GERA","Gerador de corrente e tensão de 0 a 20 mA e 0 a 10V, precisão de 0,1% ",1,null,null,47.27]
[null,"E9763-DNIT/PE","Grupo Gerador - 32,0 kVA, 220 V, trifásico, silenciado, com 100 metros de cabos e 01 QTA. ",1,null,null,3569.08]
[null,"E9066-DNIT/PE","Grupo gerador de 10 KVA, 220v, trifásico, silenciado, com 100 metros de cabos e 01 QTA. ",1,null,null,2786.78]
[null,"E9066-DNIT/PE","Grupo gerador de 15 kVA, 220V, trifásico, silenciado, com 100 metros de cabos e 01 QTA. ",1,null,null,2786.78]
[null,"E9521-DNIT/PE","Grupo gerador de 4 KVA, 220v, trifásico, silenciado, com 100 metros de cabos e 01 QTA. ",1,null,null,254.27]
[null,"39588 - SINAPI/PE","Grupo gerador diesel, com carenagem, potência standart entre 250 e 260 kVA, velocidade de 1800 rpm, frequência de 60 Hz.",1,null,null,15376.61]
[null,"COT_GRUP_15KVA","Grupo gerador, potência nominal 15 kVA (emergência), incluindo instalação, cabeamento, base de concreto e demais materiais necessários.",1,null,null,1719.95]
[null,"COT_INDU","Indutor elétrico para aquecimento de rolamentos (JM 500) ",1,null,null,2012.1599999999999]
[null,"COT_KIT ","Kit para enchimento e complementação para gás SF6, composto de adaptador ,regulador, mangueira e manômetro padrão ",1,null,null,542.9]
[null,"746 - SINAPI/PE","Lavadora de alta pressão a diesel, partida elétrica, motor de 10 hp",1,null,null,158]
[null,"COT_LIXA","Lixadeira 4 1/2\" ",1,null,null,21.661481481481484]
[null,"13192 - SINAPI/PE","Lixadeira elétrica angular para concreto, potência 1.400 W, prato diamantado de 5''.",1,null,null,88.31]
[null,"E9630-DNIT/PE","Bomba submersível com capacidade de 75 m³/h - 3,6 kW",1,null,null,302.17]
[null,"743 - SINAPI/PE","Locação de bomba submersível para drenagem e esgotamento, motor elétrico trifásico, potência de 2 cv, diâmetro de recalque de  2\". Faixa de operação: Q= 35 m³/h (± 3 m³/h) e AMT=2 m; Q=13 m³/h (± 3 m³/h) e AMT = 17 m (± 3 m).",1,1.96,null,{"$f":"ROUND($D$145*(D218*E218+(1-D218)*F218),2)","v":344.96}]
[null,"36500 - SINAPI/PE","Locação de grupo gerador acima de 125 até 180 kVA, motor diesel, rebocável, acionamento manual.",1,null,null,4902.32]
[null,"COT_MACA_20T","Macaco de comando a distância 20 t - Macaco Hidráulico 20 Toneladas Tipo Garrafa",1,null,null,10.920370370370371]
[null,"COT_MACA_50T","Macaco de comando a distância 50 t - Macaco Hidráulico 50 Toneladas Tipo Garrafa",1,null,null,39.440555555555555]
[null,"COT_MACA_2T","Macaco tipo elevador capacidade de 2 t - Macaco Hidráulico 2 Toneladas tipo Garrafa",1,null,null,3.088703703703704]
[null,"COT_MACA_GIR","Macaco tipo girafa de 2 t - Guincho Hidráulico 2 Toneladas com Prolongador",1,null,null,109.81425925925925]
[null,"40403 - SINAPI/PE","Máquina de solda elétrica de 250 A com kit.",1,null,null,12.64]
[null,"14619 - SINAPI/PE","Máquina para corte com disco abrasivo de diâmetro de 18'' (450 mm), com motor elétrico trifásico de 10 cv.",1,null,null,249.64]
[null,"40703 - SINAPI/PE","Martelete rompedor 33 kg.",1,{"$f":"8600/(12*30*8)","v":2.9861111111111112},null,645.36]
[null,"36533 - SINAPI/PE","Martelo demolidor pneumático manual, com redução de vibração, peso de 31,5 kg.",1,null,null,288.29000000000002]
[null,"37514 - SINAPI/PE","Minicarregadeira sobre rodas, potência líquida de 47 hp, capacidade nominal de operação de 646 kg.",1,null,null,16446.72]
[null,"COT_MORS","Morsa para bancada nº 08 ",1,null,null,15.273888888888889]
[null,"COT_MOTO_ESMER","Motoesmeril de 1cv - 3.500 RPM ",1,null,null,34.413611111111109]
[null,"13227 - SINAPI/PE","MOTONIVELADORA POTENCIA BASICA LIQUIDA (PRIMEIRA MARCHA) 171 HP, PESO BRUTO 14768 KG, LARGURA DA LAMINA DE 3,7 M",1,null,null,65066.05333333333]
[null,"39628 - SINAPI/PE","Motor a diesel para vibrador de imersão de 4,7 cv.",1,null,null,55.75]
[null,"COT_MOTO_POP","Motor popa, tipo partida manual, potência 15 hp, aplicação barco Alumínio, características adicionais: válvulas automáticas descompressão, refrigerado a ar, quantidade marchas 2 und, quantidade cilíndro 2 und, capacidade tanque 23 l, tipo motor: 2 tempos, velocidade: 4.500 a 5.800 rpm.",1,null,null,759.06]
[null,"E9585 - DNIT/PE","Motoserra portátil com motor a gosolina de 60 cc.",1,null,null,1062.4000000000001]
[null,"COT_MULT","Multiplicador de Torque Manual 2700 N.m/2000 lb.ft CDI GA190",1,null,null,517.34944444444454]
[null,"E9552 - DNIT/PE","Nível de precisão  ",1,null,null,729.35]
[null,"4262 - SINAPI/PE","Pá carregadeira sobre rodas, potência líquida 128 hp, capacidade da caçamba de 1,7 a 2,8 m³, peso operacional de 11.632 kg.",null,null,null,48738.400000000001]
[null,"COT_PARA","Parafusadeira elétrica a bateria ",1,null,null,19.775925925925929]
[null,"11651 - SINAPI/PE","Perfuratriz pneumática manual de peso médio, 18 kg, comprimento de curso de 6 m, diâmetro do pistão de 5,5 cm",1,null,null,10609.33]
[null,"COT_PLAT","Plataforma Aérea, altura de trabalho 16,0 m, capacidade de carga 227 kg, fonte de energia: diesel, painel de controle na base e na plataforma, altura arriada: 2,0 m.",1,null,null,11411.96]
[null,"COT_PREN","Prensa hidráulica de 10 ton ",1,null,null,30.551666666666662]
[null,"E9207-DNIT/PE","Retífica elétrica ",1,null,null,302.55]
[null,"E9526-DNIT/PE","Retroescavadeira sobre rodas com carregadeira, tração 4x4, potência líquida 72 hp, peso operacional mínimo de 7.140 kg, capacidade mínima da carregadeira de 0,79 m³ e da retroescavadeira mínima de 0,18 m³, profundidade de escavação máxima de 4,50 m.",1,null,null,33948.019999999997]
[null,"E9089 - DNIT/PE","Roçadeira costal com motor a gasolina de  32 cc.",1,null,null,879.28]
[null,"10664 - SINAPI/PE","Roçadeira deslocável, largura de trabalho de 1,3 m.",1,null,null,128.41999999999999]
[null,"E9685-DNIT/PE","Rolo compactador pé-de-carneiro vibratório, potência 125 hp, peso operacional sem/com lastro 11,95/13,30 t, impacto dinâmico 38,5/22,5 t, largura de trabalho 2,15 m.",1,null,null,48048.5]
[null,"E9748-DNIT/PE","Rosqueadeira ( para tubos de ½” a 4”) -Rosqueadeira Elétrica 1/2 A 4 Pol. 750w 220v-Br Motors-Brr124bsp",1,null,null,7398.16]
["E9535-DNIT/PE","E9535 - DNIT/PE","Serra circular de bancada, modelo pica-pau, diâmetro de 350 mm. Características do motor: trifásico, potência de 5 hp, frequência de 60 H.",1,null,null,381.54]
[null,"COT - SOLD","Soldador manual para mantas Leister Triac-st",1,null,null,336.25]
["E9719-DNIT/PE","10740 - SINAPI/PE","Talha capacidade 3t",1,null,null,124.34]
[null,"13914 - SINAPI/PE","Talha Manual de Corrente com Alavanca 1,5 t Elevação 1,5m (Catraca 1,5 ton) ",1,null,null,15.88]
[null,"COT_TIFO","Tifor 3t",1,null,null,149.00425925925927]
[null,"COT_TORR","Torre de iluminação 4000 W",1,null,null,1080.52]
[null,"89883-SINAPI/PE","Transportes de máquinas e equipamentos por caminhão cavalo mecânico com carreta-prancha capacidade 30t",1,null,null,66504.75]
[null,"36511 - SINAPI/PE","Trator Agrícola para reboque de máquina roçadeira",1,null,null,36883.15]
[null,"E9540-DNIT/PE","Trator de esteiras, potência de 150 hp, peso operacional de 16,7 t, com roda motriz elevada e lâmina com contato de 3,18 m³.",1,null,null,46552.639999999999]
[null,"COT - TRIT","Triturador de Galhos e Resíduos TR-500G à Gasolina Motor 13HP",1,null,null,328.1]
[null,"COT_TTR ","TTR - medidor digital de relação de espiras, escala de medição 0,8000:1 a 8.000,0: 1 ",1,null,null,223.72]
["E9069-DNIT/PE","39399 - SINAPI/PE","Vibrador de imersão, com ponteira de 35 mm, mangote de 5 m, sem motor.",1,null,null,25.02]
["E9069-DNIT/PE","39400 - SINAPI/PE","Vibrador de imersão, com ponteira de 45 mm, mangote de 5 m, sem motor.",1,null,null,27.4]
["E9069-DNIT/PE","39401 - SINAPI/PE","Vibrador de imersão, com ponteira de 60 mm, mangote de 5 m, sem motor.",1,null,null,30.5]

{"sheet":"CPU_EQUIPAMENTOS_","index":27,"n_rows":1402,"n_cols":18,"rows_kept":1402,"cut":false,"hidden":false,"merged":[[16,2,16,5],[16,6,16,9],[16,10,16,13],[17,4,17,5],[17,8,17,9],[17,12,17,13],[0,2,0,18],[1,2,1,18],[2,0,2,18],[4,0,5,18],[7,0,7,18],[10,1,12,18],[22,4,22,5],[22,8,22,9],[22,12,22,13],[23,4,23,5],[23,8,23,9],[23,12,23,13],[20,4,20,5],[20,8,20,9],[20,12,20,13],[21,4,21,5],[21,8,21,9],[21,12,21,13],[18,4,18,5],[18,8,18,9],[18,12,18,13],[19,4,19,5],[19,8,19,9],[19,12,19,13],[28,4,28,5],[28,8,28,9],[28,12,28,13],[29,4,29,5],[29,8,29,9],[29,12,29,13],[26,4,26,5],[26,8,26,9],[26,12,26,13],[27,4,27,5],[27,8,27,9],[27,12,27,13],[24,4,24,5],[24,8,24,9],[24,12,24,13],[25,4,25,5],[25,8,25,9],[25,12,25,13],[35,1,35,3],[35,4,35,5],[35,8,35,9],[35,12,35,13],[48,2,48,5],[48,6,48,9],[33,4,33,5],[33,8,33,9],[33,12,33,13],[34,4,34,5],[34,8,34,9],[34,12,34,13],[31,4,31,5],[31,8,31,9],[31,12,31,13],[32,4,32,5],[32,8,32,9],[32,12,32,13],[57,4,57,5],[57,8,57,9],[58,4,58,5],[58,8,58,9],[55,4,55,5],[55,8,55,9],[56,4,56,5],[56,8,56,9],[53,4,53,5],[53,8,53,9],[54,4,54,5],[54,8,54,9],[51,4,51,5],[51,8,51,9],[52,4,52,5],[52,8,52,9],[49,4,49,5],[49,8,49,9],[50,4,50,5],[50,8,50,9],[65,4,65,5],[65,8,65,9],[66,1,66,3],[66,4,66,5],[66,8,66,9],[63,4,63,5],[63,8,63,9],[64,4,64,5],[64,8,64,9],[61,4,61,5],[61,8,61,9],[62,4,62,5],[62,8,62,9],[59,4,59,5],[59,8,59,9],[60,4,60,5],[60,8,60,9],[91,4,91,5],[92,4,92,5],[93,4,93,5],[94,4,94,5],[95,4,95,5],[96,4,96,5],[85,4,85,5],[86,4,86,5],[87,4,87,5],[88,4,88,5],[89,4,89,5],[90,4,90,5],[79,2,79,5],[80,4,80,5],[81,4,81,5],[82,4,82,5],[83,4,83,5],[84,4,84,5],[115,4,115,5],[115,8,115,9],[115,12,115,13],[116,4,116,5],[116,8,116,9],[116,12,116,13],[113,4,113,5],[113,8,113,9],[113,12,113,13],[114,4,114,5],[114,8,114,9],[114,12,114,13],[97,1,97,3],[97,4,97,5],[111,2,111,5],[111,6,111,9],[111,10,111,13],[112,4,112,5],[112,8,112,9],[112,12,112,13],[121,4,121,5],[121,8,121,9],[121,12,121,13],[122,4,122,5],[122,8,122,9],[122,12,122,13],[119,4,119,5],[119,8,119,9],[119,12,119,13],[120,4,120,5],[120,8,120,9],[120,12,120,13],[117,4,117,5],[117,8,117,9],[117,12,117,13],[118,4,118,5],[118,8,118,9],[118,12,118,13],[128,4,128,5],[128,8,128,9],[128,12,128,13],[129,4,129,5],[129,8,129,9],[129,12,129,13],[126,4,126,5],[126,8,126,9],[126,12,126,13],[127,4,127,5],[127,8,127,9],[127,12,127,13],[123,4,123,5],[123,8,123,9],[123,12,123,13],[125,4,125,5],[124,8,124,9],[124,12,124,13],[147,4,147,5],[147,8,147,9],[147,12,147,13],[148,4,148,5],[148,8,148,9],[148,12,148,13],[145,14,146,14],[145,15,146,15],[145,16,146,16],[145,17,146,17],[146,4,146,5],[146,8,146,9],[146,12,146,13],[130,1,130,3],[130,4,130,5],[130,8,130,9],[130,12,130,13],[145,4,145,5],[145,8,145,9],[145,12,145,13],[153,4,153,5],[153,8,153,9],[153,12,153,13],[154,4,154,5],[154,8,154,9],[154,12,154,13],[151,4,151,5],[151,8,151,9],[151,12,151,13],[152,4,152,5],[152,8,152,9],[152,12,152,13],[149,4,149,5],[149,8,149,9],[149,12,149,13],[150,4,150,5],[150,8,150,9],[150,12,150,13],[159,4,159,5],[159,8,159,9],[159,12,159,13],[160,4,160,5],[160,8,160,9],[160,12,160,13],[157,4,157,5],[157,8,157,9],[157,12,157,13],[158,4,158,5],[158,8,158,9],[158,12,158,13],[155,4,155,5],[155,8,155,9],[155,12,155,13],[156,4,156,5],[156,8,156,9],[156,12,156,13],[168,15,168,17],[178,2,178,5],[178,10,178,13],[179,4,179,5],[179,12,179,13],[180,4,180,5],[180,12,180,13],[164,1,164,3],[164,4,164,5],[164,8,164,9],[164,12,164,13],[168,8,168,11],[168,12,168,14],[160,14,164,17],[161,4,161,5],[161,8,161,9],[161,12,161,13],[162,4,162,5],[162,8,162,9],[162,12,162,13],[163,4,163,5],[163,8,163,9],[163,12,163,13],[187,4,187,5],[187,12,187,13],[188,4,188,5],[188,12,188,13],[189,4,189,5],[189,12,189,13],[184,4,184,5],[184,12,184,13],[185,4,185,5],[185,12,185,13],[186,4,186,5],[186,12,186,13],[181,4,181,5],[181,12,181,13],[182,4,182,5],[182,12,182,13],[183,4,183,5],[183,12,183,13],[196,1,196,3],[196,4,196,5],[196,12,196,13],[209,2,209,5],[209,6,209,9],[210,4,210,5],[210,8,210,9],[193,4,193,5],[193,12,193,13],[194,4,194,5],[194,12,194,13],[195,4,195,5],[195,12,195,13],[190,4,190,5],[190,12,190,13],[191,4,191,5],[191,12,191,13],[192,4,192,5],[192,12,192,13],[217,4,217,5],[217,8,217,9],[218,4,218,5],[218,8,218,9],[219,4,219,5],[219,8,219,9],[214,4,214,5],[214,8,214,9],[215,4,215,5],[215,8,215,9],[216,4,216,5],[216,8,216,9],[211,4,211,5],[211,8,211,9],[212,4,212,5],[212,8,212,9],[213,4,213,5],[213,8,213,9],[226,4,226,5],[226,8,226,9],[227,1,227,3],[227,4,227,5],[227,8,227,9],[240,2,240,5],[223,4,223,5],[223,8,223,9],[224,4,224,5],[224,8,224,9],[225,4,225,5],[225,8,225,9],[220,4,220,5],[220,8,220,9],[221,4,221,5],[221,8,221,9],[222,4,222,5],[222,8,222,9],[274,2,274,5],[275,4,275,5],[259,1,259,3],[259,4,259,5],[253,4,253,5],[254,4,254,5],[255,4,255,5],[256,4,256,5],[257,4,257,5],[258,4,258,5],[247,4,247,5],[248,4,248,5],[249,4,249,5],[250,4,250,5],[251,4,251,5],[252,4,252,5],[241,4,241,5],[242,4,242,5],[243,4,243,5],[244,4,244,5],[245,4,245,5],[246,4,246,5],[288,4,288,5],[289,4,289,5],[290,4,290,5],[291,4,291,5],[292,4,292,5],[293,1,293,3],[293,4,293,5],[282,4,282,5],[283,4,283,5],[284,4,284,5],[285,4,285,5],[286,4,286,5],[287,4,287,5],[276,4,276,5],[277,4,277,5],[278,4,278,5],[279,4,279,5],[280,4,280,5],[281,4,281,5],[312,4,312,5],[312,8,312,9],[312,12,312,13],[313,4,313,5],[313,8,313,9],[313,12,313,13],[309,17,310,17],[310,4,310,5],[310,8,310,9],[310,12,310,13],[311,4,311,5],[311,8,311,9],[311,12,311,13],[309,4,309,5],[309,8,309,9],[309,12,309,13],[309,14,310,14],[309,15,310,15],[309,16,310,16],[318,4,318,5],[318,8,318,9],[318,12,318,13],[319,4,319,5],[319,8,319,9],[319,12,319,13],[316,4,316,5],[316,8,316,9],[316,12,316,13],[317,4,317,5],[317,8,317,9],[317,12,317,13],[314,4,314,5],[314,8,314,9],[314,12,314,13],[315,4,315,5],[315,8,315,9],[315,12,315,13],[324,4,324,5],[324,8,324,9],[324,12,324,13],[324,14,328,17],[325,4,325,5],[325,8,325,9],[325,12,325,13],[326,4,326,5],[326,8,326,9],[326,12,326,13],[322,4,322,5],[322,8,322,9],[322,12,322,13],[323,4,323,5],[323,8,323,9],[323,12,323,13],[320,4,320,5],[320,8,320,9],[320,12,320,13],[321,4,321,5],[321,8,321,9],[321,12,321,13],[333,8,333,11],[333,12,333,14],[333,15,333,17],[344,4,344,5],[344,8,344,9],[344,12,344,13],[344,14,345,14],[344,15,345,15],[344,16,345,16],[344,17,345,17],[327,4,327,5],[327,8,327,9],[327,12,327,13],[328,1,328,3],[328,4,328,5],[328,8,328,9],[328,12,328,13],[349,4,349,5],[349,8,349,9],[349,12,349,13],[350,4,350,5],[350,8,350,9],[350,12,350,13],[347,4,347,5],[347,8,347,9],[347,12,347,13],[348,4,348,5],[348,8,348,9],[348,12,348,13],[345,4,345,5],[345,8,345,9],[345,12,345,13],[346,4,346,5],[346,8,346,9],[346,12,346,13],[355,4,355,5],[355,8,355,9],[355,12,355,13],[356,4,356,5],[356,8,356,9],[356,12,356,13],[353,4,353,5],[353,8,353,9],[353,12,353,13],[354,4,354,5],[354,8,354,9],[354,12,354,13],[351,4,351,5],[351,8,351,9],[351,12,351,13],[352,4,352,5],[352,8,352,9],[352,12,352,13],[363,1,363,3],[363,4,363,5],[363,8,363,9],[363,12,363,13],[359,4,359,5],[359,8,359,9],[359,12,359,13],[359,14,363,17],[360,4,360,5],[360,8,360,9],[360,12,360,13],[361,4,361,5],[361,8,361,9],[361,12,361,13],[357,4,357,5],[357,8,357,9],[357,12,357,13],[358,4,358,5],[358,8,358,9],[358,12,358,13],[380,4,380,5],[380,8,380,9],[380,12,380,13],[381,4,381,5],[381,8,381,9],[381,12,381,13],[367,8,367,11],[367,12,367,14],[367,15,367,17],[379,4,379,5],[379,8,379,9],[379,12,379,13],[379,14,380,14],[379,15,380,15],[379,16,380,16],[379,17,380,17],[362,4,362,5],[362,8,362,9],[362,12,362,13],[386,4,386,5],[386,8,386,9],[386,12,386,13],[387,4,387,5],[387,8,387,9],[387,12,387,13],[384,4,384,5],[384,8,384,9],[384,12,384,13],[385,4,385,5],[385,8,385,9],[385,12,385,13],[382,4,382,5],[382,8,382,9],[382,12,382,13],[383,4,383,5],[383,8,383,9],[383,12,383,13],[392,4,392,5],[392,8,392,9],[392,12,392,13],[393,4,393,5],[393,8,393,9],[393,12,393,13],[390,4,390,5],[390,8,390,9],[390,12,390,13],[391,4,391,5],[391,8,391,9],[391,12,391,13],[388,4,388,5],[388,8,388,9],[388,12,388,13],[389,4,389,5],[389,8,389,9],[389,12,389,13],[402,8,402,11],[402,12,402,14],[402,15,402,17],[413,2,413,5],[414,4,414,5],[415,4,415,5],[397,4,397,5],[397,8,397,9],[397,12,397,13],[398,1,398,3],[398,4,398,5],[398,8,398,9],[398,12,398,13],[394,4,394,5],[394,8,394,9],[394,12,394,13],[394,14,398,17],[395,4,395,5],[395,8,395,9],[395,12,395,13],[396,4,396,5],[396,8,396,9],[396,12,396,13],[428,4,428,5],[429,4,429,5],[430,4,430,5],[431,1,431,3],[431,4,431,5],[445,2,445,5],[422,4,422,5],[423,4,423,5],[424,4,424,5],[425,4,425,5],[426,4,426,5],[427,4,427,5],[416,4,416,5],[417,4,417,5],[418,4,418,5],[419,4,419,5],[420,4,420,5],[421,4,421,5],[458,4,458,5],[459,4,459,5],[460,4,460,5],[461,4,461,5],[462,4,462,5],[463,1,463,3],[463,4,463,5],[452,4,452,5],[453,4,453,5],[454,4,454,5],[455,4,455,5],[456,4,456,5],[457,4,457,5],[446,4,446,5],[447,4,447,5],[448,4,448,5],[449,4,449,5],[450,4,450,5],[451,4,451,5],[490,4,490,5],[491,4,491,5],[492,4,492,5],[493,4,493,5],[494,4,494,5],[495,4,495,5],[484,4,484,5],[485,4,485,5],[486,4,486,5],[487,4,487,5],[488,4,488,5],[489,4,489,5],[478,2,478,5],[479,4,479,5],[480,4,480,5],[481,4,481,5],[482,4,482,5],[483,4,483,5],[522,4,522,5],[523,4,523,5],[524,4,524,5],[525,4,525,5],[526,4,526,5],[527,4,527,5],[516,4,516,5],[517,4,517,5],[518,4,518,5],[519,4,519,5],[520,4,520,5],[521,4,521,5],[496,1,496,3],[496,4,496,5],[512,2,512,5],[513,4,513,5],[514,4,514,5],[515,4,515,5],[553,4,553,5],[554,4,554,5],[555,4,555,5],[556,4,556,5],[557,4,557,5],[558,4,558,5],[547,4,547,5],[548,4,548,5],[549,4,549,5],[550,4,550,5],[551,4,551,5],[552,4,552,5],[528,4,528,5],[529,4,529,5],[530,1,530,3],[530,4,530,5],[545,2,545,5],[546,4,546,5],[583,4,583,5],[583,8,583,9],[584,4,584,5],[584,8,584,9],[585,4,585,5],[585,8,585,9],[580,2,580,5],[580,6,580,9],[581,4,581,5],[581,8,581,9],[582,4,582,5],[582,8,582,9],[559,4,559,5],[560,4,560,5],[561,4,561,5],[562,4,562,5],[563,1,563,3],[563,4,563,5],[592,4,592,5],[592,8,592,9],[593,4,593,5],[593,8,593,9],[594,4,594,5],[594,8,594,9],[589,4,589,5],[589,8,589,9],[590,4,590,5],[590,8,590,9],[591,4,591,5],[591,8,591,9],[586,4,586,5],[586,8,586,9],[587,4,587,5],[587,8,587,9],[588,4,588,5],[588,8,588,9],[614,4,614,5],[615,4,615,5],[616,4,616,5],[617,4,617,5],[618,4,618,5],[619,4,619,5],[598,4,598,5],[598,8,598,9],[599,1,599,3],[599,4,599,5],[599,8,599,9],[613,2,613,5],[595,4,595,5],[595,8,595,9],[596,4,596,5],[596,8,596,9],[597,4,597,5],[597,8,597,9],[646,2,646,5],[646,6,646,9],[646,10,646,13],[647,4,647,5],[647,8,647,9],[647,12,647,13],[626,4,626,5],[627,4,627,5],[628,4,628,5],[629,4,629,5],[630,4,630,5],[631,1,631,3],[631,4,631,5],[620,4,620,5],[621,4,621,5],[622,4,622,5],[623,4,623,5],[624,4,624,5],[625,4,625,5],[652,4,652,5],[652,8,652,9],[652,12,652,13],[653,4,653,5],[653,8,653,9],[653,12,653,13],[650,4,650,5],[650,8,650,9],[650,12,650,13],[651,4,651,5],[651,8,651,9],[651,12,651,13],[648,4,648,5],[648,8,648,9],[648,12,648,13],[649,4,649,5],[649,8,649,9],[649,12,649,13],[658,4,658,5],[658,8,658,9],[658,12,658,13],[659,4,659,5],[659,8,659,9],[659,12,659,13],[656,4,656,5],[656,8,656,9],[656,12,656,13],[657,4,657,5],[657,8,657,9],[657,12,657,13],[654,4,654,5],[654,8,654,9],[654,12,654,13],[655,4,655,5],[655,8,655,9],[655,12,655,13],[664,4,664,5],[664,8,664,9],[664,12,664,13],[665,1,665,3],[665,4,665,5],[665,8,665,9],[665,12,665,13],[662,4,662,5],[662,8,662,9],[662,12,662,13],[663,4,663,5],[663,8,663,9],[663,12,663,13],[660,4,660,5],[660,8,660,9],[660,12,660,13],[661,4,661,5],[661,8,661,9],[661,12,661,13],[685,4,685,5],[685,8,685,9],[686,4,686,5],[686,8,686,9],[687,4,687,5],[687,8,687,9],[682,4,682,5],[682,8,682,9],[683,4,683,5],[683,8,683,9],[684,4,684,5],[684,8,684,9],[679,2,679,5],[679,6,679,9],[680,4,680,5],[680,8,680,9],[681,4,681,5],[681,8,681,9],[694,4,694,5],[694,8,694,9],[695,4,695,5],[695,8,695,9],[696,4,696,5],[696,8,696,9],[691,4,691,5],[691,8,691,9],[692,4,692,5],[692,8,692,9],[693,4,693,5],[693,8,693,9],[688,4,688,5],[688,8,688,9],[689,4,689,5],[689,8,689,9],[690,4,690,5],[690,8,690,9],[717,4,717,5],[717,8,717,9],[718,4,718,5],[718,8,718,9],[719,4,719,5],[719,8,719,9],[714,1,715,1],[714,4,714,5],[714,8,714,9],[715,4,715,5],[715,8,715,9],[716,4,716,5],[716,8,716,9],[697,4,697,5],[697,8,697,9],[698,1,698,3],[698,4,698,5],[698,8,698,9],[713,2,713,5],[713,6,713,9],[726,4,726,5],[726,8,726,9],[727,4,727,5],[727,8,727,9],[728,4,728,5],[728,8,728,9],[723,4,723,5],[723,8,723,9],[724,4,724,5],[724,8,724,9],[725,4,725,5],[725,8,725,9],[720,4,720,5],[720,8,720,9],[721,4,721,5],[721,8,721,9],[722,4,722,5],[722,8,722,9],[748,4,748,5],[748,8,748,9],[748,12,748,13],[749,4,749,5],[749,8,749,9],[749,12,749,13],[732,1,732,3],[732,4,732,5],[732,8,732,9],[747,2,747,5],[747,6,747,9],[747,10,747,13],[729,4,729,5],[729,8,729,9],[730,4,730,5],[730,8,730,9],[731,4,731,5],[731,8,731,9],[754,4,754,5],[754,8,754,9],[754,12,754,13],[755,4,755,5],[755,8,755,9],[755,12,755,13],[752,4,752,5],[752,8,752,9],[752,12,752,13],[753,4,753,5],[753,8,753,9],[753,12,753,13],[750,4,750,5],[750,8,750,9],[750,12,750,13],[751,4,751,5],[751,8,751,9],[751,12,751,13],[760,4,760,5],[760,8,760,9],[760,12,760,13],[761,4,761,5],[761,8,761,9],[761,12,761,13],[758,4,758,5],[758,8,758,9],[758,12,758,13],[759,4,759,5],[759,8,759,9],[759,12,759,13],[756,4,756,5],[756,8,756,9],[756,12,756,13],[757,4,757,5],[757,8,757,9],[757,12,757,13],[766,1,766,3],[766,4,766,5],[766,8,766,9],[766,12,766,13],[780,2,780,5],[781,4,781,5],[764,4,764,5],[764,8,764,9],[764,12,764,13],[765,4,765,5],[765,8,765,9],[765,12,765,13],[762,4,762,5],[762,8,762,9],[762,12,762,13],[763,4,763,5],[763,8,763,9],[763,12,763,13],[794,4,794,5],[795,4,795,5],[796,4,796,5],[797,4,797,5],[798,4,798,5],[799,1,799,3],[799,4,799,5],[788,4,788,5],[789,4,789,5],[790,4,790,5],[791,4,791,5],[792,4,792,5],[793,4,793,5],[782,4,782,5],[783,4,783,5],[784,4,784,5],[785,4,785,5],[786,4,786,5],[787,4,787,5],[822,4,822,5],[822,8,822,9],[822,12,822,13],[823,4,823,5],[823,8,823,9],[823,12,823,13],[820,4,820,5],[820,8,820,9],[820,12,820,13],[821,4,821,5],[821,8,821,9],[821,12,821,13],[812,0,814,18],[818,2,818,5],[818,6,818,9],[818,10,818,13],[819,4,819,5],[819,8,819,9],[819,12,819,13],[828,4,828,5],[828,8,828,9],[828,12,828,13],[829,4,829,5],[829,8,829,9],[829,12,829,13],[826,4,826,5],[826,8,826,9],[826,12,826,13],[827,4,827,5],[827,8,827,9],[827,12,827,13],[824,4,824,5],[824,8,824,9],[824,12,824,13],[825,4,825,5],[825,8,825,9]],"merged_total":2220,"flags":["merged_cut"]}
[null,null,"Ministério do Desenvolvimento Regional  - MDR"]
[null,null,"Companhia de Desenvolvimento dos Vales do São Francisco e do Parnaíba"]
["Gerência de Operação do PISF - Centro de Controle e Operação (AD / GOI / CCO)"]
[]
[{"$f":"[4]Mem_Calculo_VEICULOS!A5","v":"TERMO DE REFERÊNCIA PARA CONTRATAÇÃO DOS RECURSOS NECESSÁRIOS À OPERAÇÃO E MANUTENÇÃO DAS INFRAESTRUTURAS DO EIXO LESTE DO PISF - PROJETO DE INTEGRAÇÃO DO SÃO FRANCISCO COM AS BACIAS HIDROGRÁFICAS DO NORDESTE SETENTRIONAL"}]
[]
[]
["COMPOSIÇÃO DE PREÇO - EQUIPAMENTOS"]
[]
[]
[null,"COMPOSIÇÕES - EQUIPAMENTOS - CIVIL"]
[]
[]
[]
[null,{"$f":"ROUNDUP(E21/E36,0)","v":38},{"$nulls":4},{"$f":"ROUNDUP(I21/I36,0)","v":25},null,null,null,{"$f":"ROUNDUP(M21/M36,0)","v":17}]
[null,"CHP e CHI:"]
[null,null,"Pá Carregadeira 128hp (SINAPI 4262)",null,null,null,"Grupo Gerador 145/160 KVA (E9776)",null,null,null,"Betoneira 600l- 10kW- motor a gasolina (E9519)"]
[null,null,"Cód.Comp.","Índice","SINAPI/PE ",null,"Cód.Comp.","Índice","SICRO",null,null,"Índice","SICRO"]
[null,null,"SINAPI","SINAPI","4262 (128Hp/95,4Kw)",null,null,"SICRO","E9776",null,null,"SICRO","E9519(600l)"]
[null,"Mês Ref.",null,null,"2022-04-01",null,null,null,"2022-01-01",null,null,null,"2022-01-01"]
[null,"Aquisição",4262,1,720000,null,null,null,107062.0469,null,null,null,38762.335099999997]
[null,"Depreciação",5627,5.5999999999999999E-5,{"$f":"TRUNC(D22*$E$21,2)","v":40.32},null,null,null,5.3531000000000004,null,null,null,3.101]
[null,"Juros",5628,7.6000000000000001E-6,5.47,null,null,null,{"$f":"TRUNC(H23*$I$21,2)","v":0}]
[null,"Manutenção",5629,6.9999999999999994E-5,{"$f":"TRUNC(D24*$E$21,2)","v":50.4},null,null,null,3.8235999999999999,null,null,null,2.3256999999999999]
[null,"Mat.na Op.",5630,10.77,{"$f":"TRUNC(D25*E26,2)","v":73.77},null,null,null,{"$f":"TRUNC(H25*I26,2)","v":0}]
[null,"Óleo Diesel","I - 4221","I - 4221",6.85]
[null,"Operador ec",88301,1,33.33]
[null,"Oport.Capit.",{"$nulls":6},1.8874,null,null,null,0.71750000000000003]
[null,"Seg. e Imp."]
[null,"M.d.o"]
[null,"Operação",{"$nulls":6},107.5552,null,null,null,20.824999999999999]
[null,"CHP",null,null,{"$f":"E22+E23+E24+E25+E27","v":203.28999999999996},null,null,null,{"$f":"I22+I23+I24+I25+I27+I28+I30+I31","v":118.6193},null,null,null,{"$f":"M22+M23+M24+M25+M27+M28+M30+M31","v":26.969200000000001}]
[null,"CHI",null,null,{"$f":"E22+E23+E27","v":79.12},null,null,null,{"$f":"I22+I23+I27+I28+I30","v":7.2405000000000008},null,null,null,{"$f":"M22+M23+M27+M28+M30","v":3.8185000000000002}]
[null,"Horas Produtivas",null,{"$f":"($C$42*$D$42*$E$42)*30%","v":42},{"$f":"E32*D34","v":8538.1799999999985},null,null,{"$f":"($C$42*$D$42*$E$42)*20%","v":28},{"$f":"I32*H34","v":3321.3404},null,null,{"$f":"($C$42*$D$42*$E$42)*50%","v":70},{"$f":"M32*L34","v":1887.8440000000001}]
[null,"Horas Improdutivas",null,{"$f":"$C$43-D34","v":134},{"$f":"D35*E33","v":10602.08},null,null,{"$f":"$C$43-H34","v":148},{"$f":"H35*I33","v":1071.5940000000001},null,null,{"$f":"$C$43-L34","v":106},{"$f":"L35*M33","v":404.76100000000002}]
[null,"TOTAL HPM+HIM",null,null,{"$f":"E34+E35","v":19140.259999999998},null,null,null,{"$f":"I34+I35","v":4392.9344000000001},null,null,null,{"$f":"M34+M35","v":2292.605}]
[null,"Horas/dia","Dias/sem.","Dias/mês","Horas/mês"]
[null,24,7,30,{"$f":"D38*B38","v":720},"minimizado"]
[]
[null,"44 horas úteis semanais:",null,"Produtiva"]
[null,"hs/semana","semana","horas/dia","dias/sem.","horas/sem."]
[null,44,4,7,5,{"$f":"D42*E42","v":35}]
[null,"=>",{"$f":"B42*C42","v":176},"Total de horas úteis/mês"]
[]
[]
[]
[null,{"$f":"ROUNDUP(E53/E67,0)","v":37},{"$nulls":4},{"$f":"ROUNDUP(I53/I67,0)","v":40}]
[]
[null,null,"Bomba submersível - 3,6 KW (DNIT 9630)",null,null,null,"Lavadora de alta pressão, 10 hp (746)"]
[null,null,"Cód.Comp.","Índice","SICRO - DNIT",null,null,"Índice","SINAPI/PE "]
[null,null,"DNIT","DNIT","E9630",null,null,"SINAPI",746]
[null,"Mês Ref.",null,null,"2022-01-01",null,null,null,"2022-04-01"]
[null,"Aquisição","E9630",1,4479.8519999999999,null,null,746,2050]
[null,"Depreciação",null,null,0.3584,null,null,99829,0.14000000000000001]
[null,"Juros",{"$nulls":5},99830,0.01]
[null,"Manutenção",null,null,0.31359999999999999,null,null,99831,0.18]
[null,"Mat.na Op."]
[null,"Óleo Diesel"]
[null,"Operador ec"]
[null,"Oport.Capit.",null,null,8.2900000000000001E-2]
[null,"Seg. e Imp."]
[null,"M.d.o"]
[null,"CHP",null,null,{"$f":"E54+E55+E56+E57+E59+E60","v":0.7548999999999999},null,null,null,{"$f":"I54+I55+I56+I57+I59","v":0.33}]
[null,"CHI",null,null,{"$f":"E54+E55+E59+E60","v":0.44130000000000003},null,null,null,{"$f":"I54+I55+I59","v":0.15000000000000002}]
[null,"Horas Produtivas",null,{"$f":"($C$73*$D$73*$E$73)*100%","v":140},{"$f":"E63*D65","v":105.68599999999999},null,null,{"$f":"($C$73*$D$73*$E$73)*100%","v":140},{"$f":"I63*H65","v":46.2}]
[null,"Horas Improdutivas",null,{"$f":"$C$43-D65","v":36},{"$f":"D66*E64","v":15.886800000000001},null,null,{"$f":"$C$43-H65","v":36},{"$f":"H66*I64","v":5.4}]
[null,"TOTAL HPM+HIM",null,null,{"$f":"E65+E66","v":121.5728},null,null,null,{"$f":"I65+I66","v":51.6}]
[null,"Horas/dia","Dias/sem.","Dias/mês","Horas/mês"]
[null,24,7,30,{"$f":"D69*B69","v":720},"minimizado"]
[]
[null,"44 horas úteis semanais:",null,"Produtiva"]
[null,"hs/semana","semana","horas/dia","dias/sem.","horas/sem."]
[null,44,4,7,5,{"$f":"D73*E73","v":35}]
[null,"=>",{"$f":"B73*C73","v":176},"Total de horas úteis/mês"]
[]
[]
[]
[null,{"$f":"ROUNDUP(E84/E98,0)","v":10}]
[]
[null,null,"Motobomba Trash Autoescorvante (36503)"]
[null,null,"Cód.Comp.","Índice","SINAPI/PE "]
[null,null,"SINAPI","SINAPI",36503]
[null,"Mês Ref.",null,null,"2022-04-01"]
[null,"Aquisição",36503,1,4262.72]
[null,"Depreciação",7044,6.3999999999999997E-5,{"$f":"TRUNC(D85*$E$84,2)","v":0.27}]
[null,"Juros",7045,7.6000000000000001E-6,{"$f":"TRUNC(D86*$E$84,2)","v":0.03}]
[null,"Manutenção",7046,6.9999999999999994E-5,{"$f":"TRUNC(D87*$E$84,2)","v":0.28999999999999998}]
[null,"Mat.na Op.",7047,4.0599999999999996,{"$f":"TRUNC(D88*E89,2)","v":29.39}]
[null,"Gasolina comum","I - 4222","I - 4222",7.24]
[null,"Operador ec"]
[null,"Oport.Capit."]
[null,"Seg. e Imp."]
[null,"M.d.o"]
[null,"CHP",null,null,{"$f":"E85+E86+E87+E88+E90","v":29.98}]
[null,"CHI",null,null,{"$f":"E85+E86+E90","v":0.30000000000000004}]
[null,"Horas Produtivas",null,{"$f":"($C$105*$D$105*$E$105)*10%","v":14},{"$f":"E94*D96","v":419.72}]
[null,"Horas Improdutivas",null,{"$f":"$C$43-D96","v":162},{"$f":"D97*E95","v":48.600000000000009}]
[null,"TOTAL HPM+HIM",null,null,{"$f":"E96+E97","v":468.32000000000005}]
[]
[null,"Horas/dia","Dias/sem.","Dias/mês","Horas/mês"]
[null,24,7,30,{"$f":"D101*B101","v":720},"minimizado"]
[]
[null,"44 horas úteis semanais:",null,"Produtiva"]
[null,"hs/semana","semana","horas/dia","dias/sem.","horas/sem."]
[null,44,4,7,5,{"$f":"D105*E105","v":35}]
[null,"=>",{"$f":"B105*C105","v":176},"Total de horas úteis/mês"]
[]
[]
[]
[null,{"$f":"ROUNDUP(E116/E131,0)","v":0},{"$nulls":4},{"$f":"ROUNDUP(I116/I131,0)","v":35},null,null,null,{"$f":"ROUNDUP(M116/M131,0)","v":39}]
[]
[null,null,"Escavadeira, caçamba 173 hp (SICRO E9017)",null,null,null,"Grupo gerador 310/340 kva (E9778)",null,null,null,"Serra circular, 5hp (E9535)"]
[null,null,"Cód.Comp.","Índice","SICRO",null,"Cód.Comp.","Índice","SICRO",null,null,"Índice","SICRO - DNIT"]
[null,null,"SICRO","SICRO","E9017",null,null,"SICRO","E9778",null,null,"SICRO - DNIT","E9535"]
[null,"Mês Ref.",null,null,"01/041/2022",null,null,null,"2022-01-01",null,null,null,"2022-01-01"]
[null,"Aquisição",{"$nulls":6},203207.44190000001,null,null,"E9535",5261.9063999999998]
[null,"Depreciação",{"$nulls":6},10.160399999999999,null,null,null,0.47360000000000002]
[null,"Juros",{"$nulls":6},{"$f":"TRUNC(H118*$I$116,2)","v":0},null,null,null,{"$f":"TRUNC(L118*$M$21,2)","v":0}]
[null,"Manutenção",{"$nulls":6},7.2573999999999996,null,null,null,0.2631]
[null,"Mat.na Op.",{"$nulls":6},{"$f":"H120*I121","v":0},null,null,null,{"$f":"TRUNC(L120*$M$26,2)","v":0}]
[null,"Óleo Diesel"]
[null,"Operador ec",{"$nulls":9},0]
[null,"Oport.Capit.",{"$nulls":6},3.5823,null,null,null,9.74E-2]
[null,"Seg. e Imp."]
[null,"M.d.o"]
[null,"Operação",{"$nulls":6},241.072]
[null,"CHP",null,null,178.24,null,null,null,{"$f":"I117+I118+I119+I120+I122+I123+I125+I126","v":262.07209999999998},null,null,null,{"$f":"M117+M118+M119+M120+M122+M123+M125","v":0.83410000000000006}]
[null,"CHI",null,null,89.32,null,null,null,{"$f":"I117+I118+I122+I123+I125","v":13.742699999999999},null,null,null,{"$f":"M117+M118+M122+M125+M123","v":0.57100000000000006}]
[null,"Horas Produtivas",null,{"$f":"($C$138*$D$138*$E$138)*30%","v":42},{"$f":"E127*D129","v":7486.08},null,null,{"$f":"($C$138*$D$138*$E$138)*10%","v":14},{"$f":"I127*H129","v":3669.0093999999999},null,null,{"$f":"($C$138*$D$138*$E$138)*100%","v":140},{"$f":"M127*L129","v":116.77400000000002}]
[null,"Horas Improdutivas",null,{"$f":"$C$43-D129","v":134},{"$f":"D130*E128","v":11968.88},null,null,{"$f":"$C$43-H129","v":162},{"$f":"H130*I128","v":2226.3173999999999},null,null,{"$f":"$C$43-L129","v":36},{"$f":"L130*M128","v":20.556000000000001}]
[null,"TOTAL HPM+HIM",null,null,{"$f":"E129+E130","v":19454.96},null,null,null,{"$f":"I129+I130","v":5895.3267999999998},null,null,null,{"$f":"M129+M130","v":137.33000000000001}]
[]
[null,"Horas/dia","Dias/sem.","Dias/mês","Horas/mês"]
[null,24,7,30,{"$f":"D134*B134","v":720},"minimizado"]
[]
[null,"44 horas úteis semanais:",null,"Produtiva"]
[null,"hs/semana","semana","horas/dia","dias/sem.","horas/sem."]
[null,44,4,7,5,{"$f":"D138*E138","v":35}]
[null,"=>",{"$f":"B138*C138","v":176},"Total de horas úteis/mês"]
[]
[]
[]
[null,"CRITERIO RECEITA FEDERAL",null,"3.1.36",null,null,"3.1.38",{"$nulls":4},"3.1.39"]
[null,"CHP e CHI:",null,"Máquina de solda, 250A (40403); Lixadeira elétrica, 1400 W (13192); Máquina para corte, 10 Cv (14619)"]
[]
[null,null,"Cód.Comp.","Índice","SINAPI/PE (AS)",null,"Cód.Comp.","Índice","SINAPI/PE (AS)",null,null,"Índice","SINAPI/PE (AS)",null,"1º.Pag.","ATUAL","Dif.","+ ou -"]
[null,null,"SINAPI","SINAPI",null,null,null,"SINAPI",null,null,null,"SINAPI"]
[null,"Mês Ref.",null,null,"2021-10-01",null,null,null,"2021-10-01",null,null,null,"2021-10-01",null,"2021-01-01","2021-03-01"]
[null,"Aquisição",40403,null,606.66999999999996,null,13192,null,4239.03,null,14619,null,11982.58]
[null,"Depreciação (RF)",null,null,{"$f":"TRUNC(D150*$E$21,2)","v":0},null,null,null,{"$f":"TRUNC(H150*$I$21,2)","v":0},null,null,null,{"$f":"TRUNC(L150*$M$21,2)","v":0}]
[null,"Juros",null,null,0,null,null,null,{"$f":"TRUNC(H151*$I$21,2)","v":0},null,null,null,{"$f":"TRUNC(L151*$M$21,2)","v":0}]
[null,"Manutenção",null,null,{"$f":"TRUNC(D152*$E$21,2)","v":0},null,null,null,{"$f":"TRUNC(H152*$I$21,2)","v":0},null,null,null,{"$f":"TRUNC(L152*$M$21,2)","v":0}]
[null,"Mat.na Op.",null,null,{"$f":"TRUNC(D153*E154,2)","v":0},null,null,null,{"$f":"H153*I154","v":0},null,null,null,{"$f":"TRUNC(L153*$M$26,2)","v":0}]
[null,"Óleo Diesel","I - 4221","I - 4221",null,null,null,"I - 4221",5.58,null,null,"I - 4221",5.58]
[null,"Operador ec",88301,1,null,null,null,0,null,null,null,0]
[null,"Oport.Capit."]
[null,"Seg. e Imp."]
[null,"M.d.o"]
[null,"CHP",null,"%CHP",{"$f":"E150+E151+E152+E153+E155","v":0},null,null,"%CHP",{"$f":"I150+I151+I152+I153+I155","v":0},null,null,"%CHP",{"$f":"M150+M151+M152+M153+M155","v":0}]
[null,"CHI",null,{"$f":"E160/E159","v":{"$error":"#DIV/0!"}},{"$f":"E150+E151+E155","v":0},null,null,{"$f":"I160/I159","v":{"$error":"#DIV/0!"}},{"$f":"I150+I151+I155","v":0},null,null,{"$f":"M160/M159","v":{"$error":"#DIV/0!"}},{"$f":"M150+M151+M155","v":0}]
[null,"CHS",null,{"$f":"E161/E159","v":{"$error":"#DIV/0!"}},{"$f":"E150+E151+(E155*(1/3))","v":0},null,null,{"$f":"I161/I159","v":{"$error":"#DIV/0!"}},{"$f":"I150+I151+(I155*(1/3))","v":0},null,null,{"$f":"M161/M159","v":{"$error":"#DIV/0!"}},{"$f":"M150+M151+(M155*(1/3))","v":0}]
[null,"Horas Produtivas",null,{"$f":"6*5*4","v":120},{"$f":"E159*$D$34","v":0},null,null,{"$f":"2*5*4","v":40},{"$f":"I159*H162","v":0},null,null,{"$f":"4*5*4","v":80},{"$f":"M159*L162","v":0}]
[null,"Horas Improdutivas",null,{"$f":"$C$43-D162","v":56},{"$f":"$D$35*E160","v":0},null,null,{"$f":"$C$43-H162","v":136},{"$f":"I160*H163","v":0},null,null,{"$f":"$C$43-L162","v":96},{"$f":"M160*L163","v":0}]
[null,"Horas de sobreaviso(1/3)",null,{"$f":"$E$38-D162-D163","v":544},{"$f":"(E150+E151+(E155*(1/3)*(1/3)))*#REF!","v":{"$error":"#REF!"}},null,null,{"$f":"$E$38-H162-H163","v":544},{"$f":"(I150+I151+(I155*(1/3)*(1/3)))*H164","v":0},null,null,{"$f":"$E$38-L162-L163","v":544},{"$f":"(M150+M151+(M155*(1/3)*(1/3)))*L164","v":0}]
[null,"TOTAL HPM+HIM",null,null,{"$f":"E162+E163+E164","v":{"$error":"#REF!"}},null,null,null,{"$f":"I162+I163+I164","v":0},null,null,null,{"$f":"M162+M163+M164","v":0}]
[null,null,"Preço Base Codevasf:"]
[null,"Horas/dia","Dias/sem.","Dias/mês","Horas/mês"]
[null,24,7,28,{"$f":"D168*B168","v":672},"minimizado"]
[{"$nulls":8},"Máquina de solda",null,null,null,"Lixadeira elétrica",null,null,"Máquina para corte"]
[null,"44 horas úteis semanais:",null,"Produtiva",{"$nulls":4},"Produtiva","Improdutiva",null,"Sobreaviso","Produtiva","Improdutiva","Sobreaviso","Produtiva","Improdutiva","Sobreaviso"]
[null,"hs/semana","semana","horas/dia","dias/sem.","horas/sem.",null,"semanas","horas/mês","horas/mês",null,"horas/mês","horas/mês","horas/mês","horas/mês","horas/mês","horas/mês","horas/mês"]
[null,44,4,6,5,{"$f":"D172*E172","v":30},null,4,{"$f":"D162","v":120},{"$f":"D163","v":56},null,{"$f":"D164","v":544},{"$f":"H162","v":40},{"$f":"H163","v":136},{"$f":"H164","v":544},{"$f":"L162","v":80},{"$f":"L163","v":96},{"$f":"L164","v":544}]
[null,"=>",{"$f":"B172*C172","v":176},"Total de horas úteis/mês",null,null,null,"-120","=>",56,null,{"$f":"L172+J172+I172","v":720},null,null,{"$f":"O172+N172+M172","v":720},null,null,{"$f":"R172+Q172+P172","v":720}]
[]
[]
[]
[null,{"$f":"ROUNDUP(E183/E197,0)","v":43},{"$nulls":8},{"$f":"ROUNDUP(M183/M197,0)","v":55}]
[]
[null,null,"Martele rompedor, 33 kg (40703)",{"$nulls":7},"Minicarregadeira, 47 hp (37514)"]
[null,null,"Cód.Comp.","Índice","SINAPI/PE (AS)",{"$nulls":6},"Índice","SINAPI/PE "]
[null,null,"SINAPI","SINAPI",40703,{"$nulls":6},"SINAPI",37514]
[null,"Mês Ref.",null,null,"2022-04-01",{"$nulls":7},"2022-04-01"]
[null,"Aquisição",40703,1,7700,{"$nulls":5},37514,1,400000]
[null,"Depreciação",102270,6.3999999999999997E-5,{"$f":"TRUNC(D184*$E$183,2)","v":0.49},{"$nulls":5},90688,8.0000000000000007E-5,{"$f":"TRUNC(L184*$M$183,2)","v":32}]
[null,"Juros",102271,7.5000000000000002E-6,{"$f":"TRUNC(D185*$E$183,2)","v":0.05},{"$nulls":5},90689,8.1000000000000004E-6,{"$f":"TRUNC(L185*$M$183,2)","v":3.24}]
[null,"Manutenção",102272,8.0000000000000007E-5,{"$f":"TRUNC(D186*$E$183,2)","v":0.61},{"$nulls":5},90690,1E-4,{"$f":"TRUNC(L186*$M$183,2)","v":40}]
[null,"Mat.na Op.",{"$nulls":8},90691,6.66,{"$f":"TRUNC(L187*$M$26,2)","v":0}]
[null,"Energia elétrica (kW)",{"$nulls":8},4221,1,6.85]
[null,"Operador ec"]
[null,"Oport.Capit."]
[null,"Seg. e Imp."]
[null,"M.d.o"]
[null,"CHP",null,null,{"$f":"E184+E185+E186+E187+E189","v":1.1499999999999999},{"$nulls":7},{"$f":"M184+M185+M186+M187+M189","v":75.240000000000009}]
[null,"CHI",null,null,{"$f":"E184+E185+E189","v":0.54},{"$nulls":7},{"$f":"M184+M185+M189","v":35.24}]
[null,"Horas Produtivas",null,{"$f":"($C$203*$D$203*$E$203)*100%","v":140},{"$f":"E193*D195","v":161},{"$nulls":6},{"$f":"($C$203*$D$203*$E$203)*20%","v":28},{"$f":"M193*L195","v":2106.7200000000003}]
[null,"Horas Improdutivas",null,{"$f":"$C$43-D195","v":36},{"$f":"D196*E194","v":19.440000000000001},{"$nulls":6},{"$f":"$C$43-L195","v":148},{"$f":"L196*M194","v":5215.5200000000004}]
[null,"TOTAL HPM+HIM",null,null,{"$f":"E195+E196","v":180.44},{"$nulls":7},{"$f":"M195+M196","v":7322.2400000000007}]
[null,"Horas/dia","Dias/sem.","Dias/mês","Horas/mês"]
[null,24,7,30,{"$f":"D199*B199","v":720},"minimizado"]
[]
[null,"44 horas úteis semanais:",null,"Produtiva"]
[null,"hs/semana","semana","horas/dia","dias/sem.","horas/sem."]
[null,44,4,7,5,{"$f":"D203*E203","v":35}]
[null,"=>",{"$f":"B203*C203","v":176},"Total de horas úteis/mês"]
[]
[]
[]
[null,{"$f":"ROUNDUP(E214/E228,0)","v":51},{"$nulls":4},{"$f":"ROUNDUP(I214/I228,0)","v":43}]
[]
[null,null,"Motoniveladora, 171 hp (13227)",null,null,null,"Perfuratriz, 18 kg (11651)"]
[null,null,"Cód.Comp.","Índice","SINAPI/PE ",null,"Cód.Comp.","Índice","SINAPI/PE (AS)"]
[null,null,"SINAPI",null,13227,null,null,null,11651]
[null,"Mês Ref.",null,null,"2022-04-01",null,null,null,"2022-04-01"]
[null,"Aquisição",13227,1,1615412.11,null,11651,1,12793.74]
[null,"Depreciação",89228,4.0000000000000003E-5,{"$f":"TRUNC(D215*$E$214,2)","v":64.61},null,95617,6.3999999999999997E-5,{"$f":"TRUNC(H215*$I$214,2)","v":0.81}]
[null,"Juros",89229,7.1999999999999997E-6,{"$f":"TRUNC(D216*$E$214,2)","v":11.63},null,95618,7.6000000000000001E-6,{"$f":"TRUNC(H216*$I$214,2)","v":0.09}]
[null,"Manutenção",5779,6.4300000000000004E-5,103.87,null,95619,8.0000000000000007E-5,{"$f":"TRUNC(H217*$I$214,2)","v":1.02}]
[null,"Mat.na Op.",53849,13.99,{"$f":"TRUNC(D218*E219,2)","v":95.83},null,null,null,{"$f":"TRUNC(H218*$M$26,2)","v":0}]
[null,"Óleo Diesel","I - 4221","I - 4221",6.85]
[null,"Operador ec",88300,1,41.29]
[null,"Oport.Capit."]
[null,"Seg. e Imp."]
[null,"M.d.o"]
[null,"CHP",null,null,{"$f":"E215+E216+E217+E218+E220","v":317.23},null,null,null,{"$f":"I215+I216+I217+I218+I220","v":1.92}]
[null,"CHI",null,null,{"$f":"E215+E216+E220","v":117.53},null,null,null,{"$f":"I215+I216+I220","v":0.9}]
[null,"Horas Produtivas",null,{"$f":"($C$234*$D$234*$E$234)*40%","v":56},{"$f":"E224*D226","v":17764.88},null,null,{"$f":"($C$234*$D$234*$E$234)*100%","v":140},{"$f":"I224*H226","v":268.8}]
[null,"Horas Improdutivas",null,{"$f":"$C$43-D226","v":120},{"$f":"D227*E225","v":14103.6},null,null,{"$f":"$C$43-H226","v":36},{"$f":"H227*I225","v":32.4}]
[null,"TOTAL HPM+HIM",null,null,{"$f":"E226+E227","v":31868.480000000003},null,null,null,{"$f":"I226+I227","v":301.2}]
[null,"Horas/dia","Dias/sem.","Dias/mês","Horas/mês"]
[null,24,7,30,{"$f":"D230*B230","v":720},"minimizado"]
[]
[null,"44 horas úteis semanais:",null,"Produtiva"]
[null,"hs/semana","semana","horas/dia","dias/sem.","horas/sem."]
[null,44,4,7,5,{"$f":"D234*E234","v":35}]
[null,"=>",{"$f":"B234*C234","v":176},"Total de horas úteis/mês"]
[]
[]
[]
[null,{"$f":"ROUNDUP(E245/E260,0)","v":5}]
[]
[null,null,"Motoserra - 2,30 kW (DNIT E9585)"]
[null,null,"Cód.Comp.","Índice","DNIT"]
[null,null,"DNIT","DNIT"]
[null,"Mês Ref.",null,null,"2022-01-01"]
[null,"Aquisição",null,null,1221.7498000000001]
[null,"Depreciação",null,null,0.9163]
[null,"Juros"]
[null,"Manutenção",null,null,0.9163]
[null,"Operação",null,null,4.7897999999999996]
[null,"Mat.na Op."]
[null,"Óleo Diesel"]
[null,"Operador ec"]
[null,"Oport.Capit.",null,null,0.12559999999999999]
[null,"Seg. e Imp."]
[null,"M.d.o"]
[null,"CHP",null,null,{"$f":"E246+E247+E248+E250+E253+E249","v":6.7479999999999993}]
[null,"CHI",null,null,{"$f":"E246+E247+E252+E253","v":1.0419}]
[null,"Horas Produtivas",null,{"$f":"($C$266*$D$266*$E$266)*10%","v":14},{"$f":"E256*D258","v":94.471999999999994}]
[null,"Horas Improdutivas",null,{"$f":"$C$43-D258","v":162},{"$f":"D259*E257","v":168.7878}]
[null,"TOTAL HPM+HIM",null,null,{"$f":"E258+E259","v":263.25979999999998}]
[null,"Horas/dia","Dias/sem.","Dias/mês","Horas/mês"]
[null,24,7,30,{"$f":"D262*B262","v":720},"minimizado"]
[]
[null,"44 horas úteis semanais:",null,"Produtiva"]
[null,"hs/semana","semana","horas/dia","dias/sem.","horas/sem."]
[null,44,4,7,5,{"$f":"D266*E266","v":35}]
[null,"=>",{"$f":"B266*C266","v":176},"Total de horas úteis/mês"]
[]
[]
[]
[]
[]
[null,{"$f":"ROUNDUP(E279/E294,0)","v":8}]
[]
[null,null,"Roçadeira costal ,32 cc ( DNIT E9089)"]
[null,null,"Cód.Comp.","Índice","DNIT"]
[null,null,"DNIT","DNIT","E9089"]
[null,"Mês Ref.",null,null,"2022-01-01"]
[null,"Aquisição","E9089",null,2592.4348]
[null,"Depreciação",null,null,0.38890000000000002]
[null,"Juros"]
[null,"Operação",null,null,9.1630000000000003]
[null,"Manutenção",null,null,0.30249999999999999]
[null,"Mat.na Op."]
[null,"Óleo Diesel"]
[null,"Operador ec"]
[null,"Oport.Capit.",null,null,5.33E-2]
[null,"Seg. e Imp."]
[null,"M.d.o"]
[null,"CHP",null,null,{"$f":"E280+E281+E283+E284+E286+E287+E288+E282","v":9.9077000000000002}]
[null,"CHI",null,null,{"$f":"E280+E281+E286+E287+E288","v":0.44220000000000004}]
[null,"Horas Produtivas",null,{"$f":"($C$301*$D$301*$E$301)*20%","v":28},{"$f":"E290*D292","v":277.41559999999998}]
[null,"Horas Improdutivas",null,{"$f":"$C$43-D292","v":148},{"$f":"D293*E291","v":65.445599999999999}]
[null,"TOTAL HPM+HIM",null,null,{"$f":"E292+E293","v":342.8612}]
[]
[null,"Horas/dia","Dias/sem.","Dias/mês","Horas/mês"]
[null,24,7,30,{"$f":"D297*B297","v":720},"minimizado"]
[]
[null,"44 horas úteis semanais:",null,"Produtiva"]
[null,"hs/semana","semana","horas/dia","dias/sem.","horas/sem."]
[null,44,4,7,5,{"$f":"D301*E301","v":35}]
[null,"=>",{"$f":"B301*C301","v":176},"Total de horas úteis/mês"]
[]
[]
[]
[]
[null,null,null,"3.1.55",null,null,"3.1.56",{"$nulls":4},"3.1.57"]
[null,"CHP e CHI:",null,"Motor a diesel, 4,7 CV (39628); Vibrador de imersão, ponteira 35 mm (39399); Vibrador de imersão, ponteira 45 mm (39400)"]
[]
[null,null,"Cód.Comp.","Índice","SINAPI/PE (AS)",null,"Cód.Comp.","Índice","SINAPI/PE (AS)",null,null,"Índice","SINAPI/PE (AS)",null,"1º.Pag.","ATUAL","Dif.","+ ou -"]
[null,null,"SINAPI","SINAPI",39628,null,null,"SINAPI",39399,null,null,"SINAPI",39400]
[null,"Mês Ref.",null,null,"2021-10-01",null,null,null,"2021-10-01",null,null,null,"2021-10-01",null,"2021-01-01","2021-03-01"]
[null,"Aquisição",39628,1,3685.15,null,39399,1,1200.82,null,39400,1,1305.24]
[null,"Depreciação",null,null,{"$f":"TRUNC(D314*$E$21,2)","v":0},null,null,null,{"$f":"TRUNC(H314*$I$21,2)","v":0},null,null,null,{"$f":"TRUNC(L314*$M$21,2)","v":0}]
[null,"Juros",null,null,0,null,null,null,{"$f":"TRUNC(H315*$I$21,2)","v":0},null,null,null,{"$f":"TRUNC(L315*$M$21,2)","v":0}]
[null,"Manutenção",null,null,{"$f":"TRUNC(D316*$E$21,2)","v":0},null,null,null,0,null,null,null,{"$f":"TRUNC(L316*$M$21,2)","v":0}]
[null,"Mat.na Op.",null,null,{"$f":"TRUNC(D317*E318,2)","v":0},null,null,null,{"$f":"H317*I318","v":0},null,null,null,{"$f":"TRUNC(L317*$M$26,2)","v":0}]
[null,"Óleo Diesel",{"$nulls":12},3.87,4.08,{"$f":"P318/E318-1","v":{"$error":"#DIV/0!"}},"+"]
[null,"Operador ec",{"$nulls":12},36.11,36.11,{"$f":"P319/E319-1","v":{"$error":"#DIV/0!"}},"+"]
[null,"Oport.Capit."]
[null,"Seg. e Imp."]
[null,"M.d.o"]
[null,"CHP",null,"%CHP",{"$f":"E314+E315+E316+E317+E319","v":0},null,null,"%CHP",{"$f":"I314+I315+I316+I317+I319","v":0},null,null,"%CHP",{"$f":"M314+M315+M316+M317+M319","v":0}]
[null,"CHI",null,{"$f":"E324/E323","v":{"$error":"#DIV/0!"}},{"$f":"E314+E315+E319","v":0},null,null,{"$f":"I324/I323","v":{"$error":"#DIV/0!"}},{"$f":"I314+I315+I319","v":0},null,null,{"$f":"M324/M323","v":{"$error":"#DIV/0!"}},{"$f":"M314+M315+M319","v":0}]
[null,"CHS",null,{"$f":"E325/E323","v":{"$error":"#DIV/0!"}},{"$f":"E314+E315+(E319*(1/3))","v":0},null,null,{"$f":"I325/I323","v":{"$error":"#DIV/0!"}},{"$f":"I314+I315+(I319*(1/3))","v":0},null,null,{"$f":"M325/M323","v":{"$error":"#DIV/0!"}},{"$f":"M314+M315+(M319*(1/3))","v":0},null,"Observação: Os operadores da betoneira e do grupo gerador foram contratados a parte no grupo de contratação de mão-de-obra, não incidindo esse valor na planilha da máquina."]
[null,"Horas Produtivas",null,{"$f":"6*5*4","v":120},{"$f":"E323*D326","v":0},null,null,{"$f":"2*5*4","v":40},{"$f":"I323*H326","v":0},null,null,{"$f":"4*5*4","v":80},{"$f":"M323*L326","v":0}]
[null,"Horas Improdutivas",null,{"$f":"$C$43-D326","v":56},{"$f":"D327*E324","v":0},null,null,{"$f":"$C$43-H326","v":136},{"$f":"I324*H327","v":0},null,null,{"$f":"$C$43-L326","v":96},{"$f":"M324*L327","v":0}]
[null,"Horas de sobreaviso(1/3)",null,{"$f":"$E$38-D326-D327","v":544},{"$f":"D328*E325","v":0},null,null,{"$f":"$E$38-H326-H327","v":544},{"$f":"(I314+I315+(I319*(1/3)*(1/3)))*H328","v":0},null,null,{"$f":"$E$38-L326-L327","v":544},{"$f":"(M314+M315+(M319*(1/3)*(1/3)))*L328","v":0}]
[null,"TOTAL HPM+HIM",null,null,{"$f":"E326+E327+E328","v":0},null,null,null,{"$f":"I326+I327+I328","v":0},null,null,null,{"$f":"M326+M327+M328","v":0}]
[null,null,"Preço Base Codevasf:",null,22405.040000000001,{"$f":"E330/E329-1","v":{"$error":"#DIV/0!"}},null,null,4017.78,{"$f":"I330/I329-1","v":{"$error":"#DIV/0!"}},null,null,1128.77,{"$f":"M330/M329-1","v":{"$error":"#DIV/0!"}}]
[null,null,"Preço Contratado COP:",null,15683.36,{"$f":"E331/E329-1","v":{"$error":"#DIV/0!"}},null,null,2812.48,{"$f":"I331/I329-1","v":{"$error":"#DIV/0!"}},null,null,790.24,{"$f":"M331/M329-1","v":{"$error":"#DIV/0!"}}]
[null,"Horas/dia","Dias/sem.","Dias/mês","Horas/mês"]
[null,24,7,28,{"$f":"D333*B333","v":672},"minimizado"]
[{"$nulls":8},"Pá carregadeira",null,null,null,"Grupo Gerador",null,null,"Betoneira"]
[null,"44 horas úteis semanais:",null,"Produtiva",{"$nulls":4},"Produtiva","Improdutiva",null,"Sobreaviso","Produtiva","Improdutiva","Sobreaviso","Produtiva","Improdutiva","Sobreaviso"]
[null,"hs/semana","semana","horas/dia","dias/sem.","horas/sem.",null,"semanas","horas/mês","horas/mês",null,"horas/mês","horas/mês","horas/mês","horas/mês","horas/mês","horas/mês","horas/mês"]
[null,44,4,6,5,{"$f":"D337*E337","v":30},null,4,{"$f":"D326","v":120},{"$f":"D327","v":56},null,{"$f":"D328","v":544},{"$f":"H326","v":40},{"$f":"H327","v":136},{"$f":"H328","v":544},{"$f":"L326","v":80},{"$f":"L327","v":96},{"$f":"L328","v":544}]
[null,"=>",{"$f":"B337*C337","v":176},"Total de horas úteis/mês",null,null,null,"-120","=>",56,null,{"$f":"L337+J337+I337","v":720},null,null,{"$f":"O337+N337+M337","v":720},null,null,{"$f":"R337+Q337+P337","v":720}]
[]
[]
[]
[null,null,null,"3.1.58"]
[null,"CHP e CHI:",null,"Vibrador de imersão, ponteira 60 mm (39401)"]
[]
[null,null,"Cód.Comp.","Índice","SINAPI/PE (AS)",null,"Cód.Comp.","Índice","SINAPI/PE (AS)",null,null,"Índice","SINAPI/PE (AS)",null,"1º.Pag.","ATUAL","Dif.","+ ou -"]
[null,null,"SINAPI","SINAPI",39401,null,null,"SINAPI",null,null,null,"SINAPI"]
[null,"Mês Ref.",null,null,"2021-10-01",null,null,null,"2021-10-01",null,null,null,"2021-10-01",null,"2021-01-01","2021-03-01"]
[null,"Aquisição",39401,1,1464.17]
[null,"Depreciação",null,null,{"$f":"TRUNC(D349*$E$21,2)","v":0},null,null,null,{"$f":"TRUNC(H349*$I$21,2)","v":0},null,null,null,{"$f":"TRUNC(L349*$M$21,2)","v":0}]
[null,"Juros",null,null,0,null,null,null,{"$f":"TRUNC(H350*$I$21,2)","v":0},null,null,null,{"$f":"TRUNC(L350*$M$21,2)","v":0}]
[null,"Manutenção",null,null,{"$f":"TRUNC(D351*$E$21,2)","v":0},null,null,null,0,null,null,null,{"$f":"TRUNC(L351*$M$21,2)","v":0}]
[null,"Mat.na Op.",null,null,{"$f":"TRUNC(D352*E353,2)","v":0},null,null,null,{"$f":"H352*I353","v":0},null,null,null,{"$f":"TRUNC(L352*$M$26,2)","v":0}]
[null,"Óleo Diesel",{"$nulls":12},3.87,4.08,{"$f":"P353/E353-1","v":{"$error":"#DIV/0!"}},"+"]
[null,"Operador ec",{"$nulls":12},36.11,36.11,{"$f":"P354/E354-1","v":{"$error":"#DIV/0!"}},"+"]
[null,"Oport.Capit."]
[null,"Seg. e Imp."]
[null,"M.d.o"]
[null,"CHP",null,"%CHP",{"$f":"E349+E350+E351+E352+E354","v":0},null,null,"%CHP",{"$f":"I349+I350+I351+I352+I354","v":0},null,null,"%CHP",{"$f":"M349+M350+M351+M352+M354","v":0}]
[null,"CHI",null,{"$f":"E359/E358","v":{"$error":"#DIV/0!"}},{"$f":"E349+E350+E354","v":0},null,null,{"$f":"I359/I358","v":{"$error":"#DIV/0!"}},{"$f":"I349+I350+I354","v":0},null,null,{"$f":"M359/M358","v":{"$error":"#DIV/0!"}},{"$f":"M349+M350+M354","v":0}]
[null,"CHS",null,{"$f":"E360/E358","v":{"$error":"#DIV/0!"}},{"$f":"E349+E350+(E354*(1/3))","v":0},null,null,{"$f":"I360/I358","v":{"$error":"#DIV/0!"}},{"$f":"I349+I350+(I354*(1/3))","v":0},null,null,{"$f":"M360/M358","v":{"$error":"#DIV/0!"}},{"$f":"M349+M350+(M354*(1/3))","v":0},null,"Observação: Os operadores da betoneira e do grupo gerador foram contratados a parte no grupo de contratação de mão-de-obra, não incidindo esse valor na planilha da máquina."]
[null,"Horas Produtivas",null,{"$f":"6*5*4","v":120},{"$f":"E358*$D$34","v":0},null,null,{"$f":"2*5*4","v":40},{"$f":"I358*H361","v":0},null,null,{"$f":"4*5*4","v":80},{"$f":"M358*L361","v":0}]
[null,"Horas Improdutivas",null,{"$f":"$C$43-D361","v":56},{"$f":"$D$35*E359","v":0},null,null,{"$f":"$C$43-H361","v":136},{"$f":"I359*H362","v":0},null,null,{"$f":"$C$43-L361","v":96},{"$f":"M359*L362","v":0}]
[null,"Horas de sobreaviso(1/3)",null,{"$f":"$E$38-D361-D362","v":544},{"$f":"(E349+E350+(E354*(1/3)*(1/3)))*#REF!","v":{"$error":"#REF!"}},null,null,{"$f":"$E$38-H361-H362","v":544},{"$f":"(I349+I350+(I354*(1/3)*(1/3)))*H363","v":0},null,null,{"$f":"$E$38-L361-L362","v":544},{"$f":"(M349+M350+(M354*(1/3)*(1/3)))*L363","v":0}]
[null,"TOTAL HPM+HIM",null,null,{"$f":"E361+E362+E363","v":{"$error":"#REF!"}},null,null,null,{"$f":"I361+I362+I363","v":0},null,null,null,{"$f":"M361+M362+M363","v":0}]
[null,null,"Preço Base Codevasf:",null,null,{"$f":"E365/E364-1","v":{"$error":"#REF!"}},null,null,null,{"$f":"I365/I364-1","v":{"$error":"#DIV/0!"}},null,null,null,{"$f":"M365/M364-1","v":{"$error":"#DIV/0!"}}]
[null,"Horas/dia","Dias/sem.","Dias/mês","Horas/mês"]
[null,24,7,28,{"$f":"D367*B367","v":672},"minimizado"]
[{"$nulls":8},"Pá carregadeira",null,null,null,"Grupo Gerador",null,null,"Betoneira"]
[null,"44 horas úteis semanais:",null,"Produtiva",{"$nulls":4},"Produtiva","Improdutiva",null,"Sobreaviso","Produtiva","Improdutiva","Sobreaviso","Produtiva","Improdutiva","Sobreaviso"]
[null,"hs/semana","semana","horas/dia","dias/sem.","horas/sem.",null,"semanas","horas/mês","horas/mês",null,"horas/mês","horas/mês","horas/mês","horas/mês","horas/mês","horas/mês","horas/mês"]
[null,44,4,6,5,{"$f":"D371*E371","v":30},null,4,{"$f":"D361","v":120},{"$f":"D362","v":56},null,{"$f":"D363","v":544},{"$f":"H361","v":40},{"$f":"H362","v":136},{"$f":"H363","v":544},{"$f":"L361","v":80},{"$f":"L362","v":96},{"$f":"L363","v":544}]
[null,"=>",{"$f":"B371*C371","v":176},"Total de horas úteis/mês",null,null,null,"-120","=>",56,null,{"$f":"L371+J371+I371","v":720},null,null,{"$f":"O371+N371+M371","v":720},null,null,{"$f":"R371+Q371+P371","v":720}]
[]
[]
[]
[]
[null,null,null,"3.1.9",null,null,"3.1.10",null,"3.1.11"]
[null,"CHP e CHI:",null,"caminhão basculante - volume 10m³ (DNIT 9579); caminhão basculante - volume 6m³ (DNIT 9506); caminhão carroceria - capacidade 15t (DNIT 9592)"]
[null,null,null,"*trocar item DNIT 9579 por SINAPI 91386"]
[null,null,"Cód.Comp.","Índice","SICRO - DNIT",null,"Cód.Comp.","Índice","SINAPI/PE (AS)",null,null,"Índice","SINAPI/PE (AS)",null,"1º.Pag.","ATUAL","Dif.","+ ou -"]
[null,null,"DNIT","DNIT","E9579",null,"DNIT","DNIT",9506,null,"DNIT","DNIT",9592]
[null,"Mês Ref.",null,null,"2021-07-01",null,null,null,"2021-10-01",null,null,null,"2021-10-01",null,"2021-01-01","2021-03-01"]
[null,"Aquisição",91386,null,{"$f":"558968.81 + 68643.35","v":627612.16000000003},null,"E9506",{"$nulls":4},"E9592"]
[null,"Depreciação"]
[null,"Juros"]
[null,"Manutenção"]
[null,"Mat.na Op."]
[null,"Óleo Diesel",{"$nulls":15},"+"]
[null,"Operador ec",{"$nulls":15},"+"]
[null,"Oport.Capit."]
[null,"Seg. e Imp."]
[null,"M.d.o"]
[null,"CHP",null,"%CHP",{"$f":"E384+E385+E386+E387+E389+E390","v":0},null,null,"%CHP",{"$f":"I384+I385+I386+I387+I389","v":0},null,null,"%CHP",{"$f":"M384+M385+M386+M387+M389","v":0}]
[null,"CHI",null,{"$f":"E394/E393","v":{"$error":"#DIV/0!"}},{"$f":"E384+E385+E389+E390","v":0},null,null,{"$f":"I394/I393","v":{"$error":"#DIV/0!"}},{"$f":"I384+I385+I389","v":0},null,null,{"$f":"M394/M393","v":{"$error":"#DIV/0!"}},{"$f":"M384+M385+M389","v":0}]
[null,"CHS",null,{"$f":"E395/E393","v":{"$error":"#DIV/0!"}},{"$f":"E384+E385+(E389*(1/3))+E390","v":0},null,null,{"$f":"I395/I393","v":{"$error":"#DIV/0!"}},{"$f":"I384+I385+(I389*(1/3))","v":0},null,null,{"$f":"M395/M393","v":{"$error":"#DIV/0!"}},{"$f":"M384+M385+(M389*(1/3))","v":0},null,"Observação: Os operadores da betoneira e do grupo gerador foram contratados a parte no grupo de contratação de mão-de-obra, não incidindo esse valor na planilha da máquina."]
[null,"Horas Produtivas",null,40,{"$f":"E393*$D$65","v":0},null,null,{"$f":"4*5*4","v":80},{"$f":"I393*H396","v":0},null,null,{"$f":"2*5*4","v":40},{"$f":"M393*L396","v":0}]
[null,"Horas Improdutivas",null,{"$f":"$C$43-D396","v":136},{"$f":"$D$66*E394","v":0},null,null,{"$f":"$C$43-H396","v":96},{"$f":"I394*H397","v":0},null,null,{"$f":"$C$43-L396","v":136},{"$f":"M394*L397","v":0}]
[null,"Horas de sobreaviso(1/3)",null,{"$f":"$E$38-D396-D397","v":544},{"$f":"(E384+E385+(E389*(1/3)*(1/3)))*#REF!","v":{"$error":"#REF!"}},null,null,{"$f":"$E$38-H396-H397","v":544},{"$f":"(I384+I385+(I389*(1/3)*(1/3)))*H398","v":0},null,null,{"$f":"$E$38-L396-L397","v":544},{"$f":"(M384+M385+(M389*(1/3)*(1/3)))*L398","v":0}]
[null,"TOTAL HPM+HIM",null,null,{"$f":"E396+E397+E398","v":{"$error":"#REF!"}},null,null,null,{"$f":"I396+I397+I398","v":0},null,null,null,{"$f":"M396+M397+M398","v":0}]
[null,null,"Preço Base Codevasf:"]
[null,"Horas/dia","Dias/sem.","Dias/mês","Horas/mês"]
[null,24,7,28,{"$f":"D402*B402","v":672},"minimizado"]
[{"$nulls":8},"Bomba submersível",null,null,null,"Betoneira",null,null,"Lavadora"]
[null,"44 horas úteis semanais:",null,"Produtiva",{"$nulls":4},"Produtiva","Improdutiva",null,"Sobreaviso","Produtiva","Improdutiva","Sobreaviso","Produtiva","Improdutiva","Sobreaviso"]
[null,"hs/semana","semana","horas/dia","dias/sem.","horas/sem.",null,"semanas","horas/mês","horas/mês",null,"horas/mês","horas/mês","horas/mês","horas/mês","horas/mês","horas/mês","horas/mês"]
[null,44,4,6,5,{"$f":"D406*E406","v":30},null,4,{"$f":"D396","v":40},{"$f":"D397","v":136},null,{"$f":"D398","v":544},{"$f":"H396","v":80},{"$f":"H397","v":96},{"$f":"H398","v":544},{"$f":"L396","v":40},{"$f":"L397","v":136},{"$f":"L398","v":544}]
[null,"=>",{"$f":"B406*C406","v":176},"Total de horas úteis/mês",null,null,null,"-120","=>",56,null,{"$f":"L406+J406+I406","v":720},null,null,{"$f":"O406+N406+M406","v":720},null,null,{"$f":"R406+Q406+P406","v":720}]
[]
[]
[]
[]
[null,{"$f":"ROUNDUP(E418/E432,0)","v":0}]
[]
[null,null,"caminhão basculante - volume 10m³ (E9579)"]
[null,null,"Cód.Comp.","Índice","sicro"]
[null,null,"SICRO","SICRO",91386]
[null,"Mês Ref.",null,null,"2022-01-01"]
[null,"Aquisição"]
[null,"Depreciação"]
[null,"Juros"]
[null,"Manutenção"]
[null,"Mat.na Op."]
[null,"Óleo Diesel"]
[null,"Operador ec"]
[null,"Oport.Capit."]
[null,"Seg. e Imp."]
[null,"M.d.o"]
[null,"CHP",null,"%CHP",249.494]
[null,"CHI",null,{"$f":"E429/E428","v":0.30411272415368706},75.874300000000005]
[null,"Horas Produtivas",null,{"$f":"($C$439*$D$439*$E$439)*40%","v":56},{"$f":"E428*D430","v":13971.664000000001}]
[null,"Horas Improdutivas",null,{"$f":"$C$43-D430","v":120},{"$f":"D431*E429","v":9104.9160000000011}]
[null,"TOTAL HPM+HIM",null,null,{"$f":"E430+E431","v":23076.58}]
[]
[null,"Horas/dia","Dias/sem.","Dias/mês","Horas/mês"]
[null,24,7,30,{"$f":"D435*B435","v":720},"minimizado"]
[]
[null,"44 horas úteis semanais:",null,"Produtiva"]
[null,"hs/semana","semana","horas/dia","dias/sem.","horas/sem."]
[null,44,4,7,5,{"$f":"D439*E439","v":35}]
[null,"=>",{"$f":"B439*C439","v":176},"Total de horas úteis/mês"]
[]
[]
[]
[null,{"$f":"ROUNDUP(E450/E464,0)","v":0}]
[]
[null,null,"caminhão carroceria - capacidade 15t (E9592)"]
[null,null,"Cód.Comp.","Índice","SICRO"]
[null,null,"SICRO","SICRO","E9592"]
[null,"Mês Ref.",null,null,"2022-01-01"]
[null,"Aquisição"]
[null,"Depreciação"]
[null,"Juros"]
[null,"Manutenção"]
[null,"Mat.na Op."]
[null,"Óleo Diesel"]
[null,"Operador ec"]
[null,"Oport.Capit."]
[null,"Seg. e Imp."]
[null,"M.d.o"]
[null,"CHP",null,null,248.2681]
[null,"CHI",null,null,75.363]
[null,"Horas Produtivas",null,{"$f":"($C$472*$D$472*$E$472)*70%","v":98},{"$f":"E460*D462","v":24330.273799999999}]
[null,"Horas Improdutivas",null,{"$f":"$C$43-D462","v":78},{"$f":"D463*E461","v":5878.3140000000003}]
[null,"TOTAL HPM+HIM",null,null,{"$f":"E462+E463","v":30208.587800000001}]
[]
[]
[null,"Horas/dia","Dias/sem.","Dias/mês","Horas/mês"]
[null,24,7,30,{"$f":"D468*B468","v":720},"minimizado"]
[]
[null,"44 horas úteis semanais:",null,"Produtiva"]
[null,"hs/semana","semana","horas/dia","dias/sem.","horas/sem."]
[null,44,4,7,5,{"$f":"D472*E472","v":35}]
[null,"=>",{"$f":"B472*C472","v":176},"Total de horas úteis/mês"]
[]
[]
[]
[null,{"$f":"ROUNDUP(E483/E497,0)","v":0}]
[]
[null,null,"Caminhão Comboio (DNIT E9509)"]
[null,null,"Cód.Comp.","Índice","SICRO"]
[null,null,"SICRO","SICRO","E9509"]
[null,"Mês Ref.",null,null,"2022-01-01"]
[null,"Aquisição"]
[null,"Depreciação"]
[null,"Juros"]
[null,"Manutenção"]
[null,"Mat.na Op."]
[null,"Óleo Diesel"]
[null,"Operador ec"]
[null,"Oport.Capit."]
[null,"Seg. e Imp."]
[null,"M.d.o"]
[null,"CHP",null,null,244.78819999999999]
[null,"CHI",null,null,72.114699999999999]
[null,"Horas Produtivas",null,{"$f":"($C$505*$D$505*$E$505)*57%","v":79.8},{"$f":"E493*$D$495","v":19534.09836}]
[null,"Horas Improdutivas",null,{"$f":"$C$43-D495","v":96.2},{"$f":"$D$496*E494","v":6937.4341400000003}]
[null,"TOTAL HPM+HIM",null,null,{"$f":"E495+E496","v":26471.532500000001}]
[]
[]
[null,"Horas/dia","Dias/sem.","Dias/mês","Horas/mês"]
[null,24,7,30,{"$f":"D501*B501","v":720},"minimizado"]
[]
[null,"44 horas úteis semanais:",null,"Produtiva"]
[null,"hs/semana","semana","horas/dia","dias/sem.","horas/sem."]
[null,44,4,7,5,{"$f":"D505*E505","v":35}]
[null,"=>",{"$f":"B505*C505","v":176},"Total de horas úteis/mês"]
[]
[]
[]
[]
[null,{"$f":"ROUNDUP(E517/E531,0)","v":0}]
[]
[null,null,"caminhão guindauto, 10,0 t (E9686 DNIT)"]
[null,null,"Cód.Comp.","Índice","SICRO"]
[null,null,"SICRO","SICRO","E9686"]
[null,"Mês Ref.",null,null,"2022-01-01"]
[null,"Aquisição"]
[null,"Depreciação"]
[null,"Juros"]
[null,"Manutenção"]
[null,"Mat.na Op."]
[null,"Óleo Diesel"]
[null,"Operador ec"]
[null,"Oport.Capit."]
[null,"Seg. e Imp."]
[null,"M.d.o"]
[null,"CHP",null,null,279.4948]
[null,"CHI",null,null,104.87909999999999]
[null,"Horas Produtivas",null,{"$f":"($C$539*$D$539*$E$539)*57%","v":79.8},{"$f":"E527*$D$529","v":22303.68504}]
[null,"Horas Improdutivas",null,{"$f":"$C$43-D529","v":96.2},{"$f":"$D$530*E528","v":10089.369419999999}]
[null,"TOTAL HPM+HIM",null,null,{"$f":"E529+E530","v":32393.054459999999}]
[]
[]
[null,"Horas/dia","Dias/sem.","Dias/mês","Horas/mês"]
[null,24,7,30,{"$f":"D535*B535","v":720},"minimizado"]
[]
[null,"44 horas úteis semanais:",null,"Produtiva"]
[null,"hs/semana","semana","horas/dia","dias/sem.","horas/sem."]
[null,44,4,7,5,{"$f":"D539*E539","v":35}]
[null,"=>",{"$f":"B539*C539","v":176},"Total de horas úteis/mês"]
[]
[]
[]
[null,{"$f":"ROUNDUP(E550/E564,0)","v":0}]
[]
[null,null,"caminhão tanque, 6000 L (SICRO E9605)"]
[null,null,"Cód.Comp.","Índice","SICRO"]
[null,null,"SICRO","SICRO","E9605"]
[null,"Mês Ref.",null,null,"2022-01-01"]
[null,"Aquisição","E9605"]
[null,"Depreciação"]
[null,"Juros"]
[null,"Manutenção"]
[null,"Mat.na Op."]
[null,"Óleo Diesel"]
[null,"Operador ec"]
[null,"Oport.Capit."]
[null,"Seg. e Imp."]
[null,"M.d.o"]
[null,"CHP",null,null,234.19]
[null,"CHI",null,null,69.73]
[null,"Horas Produtivas",null,{"$f":"($C$572*$D$572*$E$572)*40%","v":56},{"$f":"E560*D562","v":13114.64}]
[null,"Horas Improdutivas",null,{"$f":"$C$43-D562","v":120},{"$f":"D563*E561","v":8367.6}]
[null,"TOTAL HPM+HIM",null,null,{"$f":"E562+E563","v":21482.239999999998}]
[]
[]
[null,"Horas/dia","Dias/sem.","Dias/mês","Horas/mês"]
[null,24,7,30,{"$f":"D568*B568","v":720},"minimizado"]
[]
[null,"44 horas úteis semanais:",null,"Produtiva"]
[null,"hs/semana","semana","horas/dia","dias/sem.","horas/sem."]
[null,44,4,7,5,{"$f":"D572*E572","v":35}]
[null,"=>",{"$f":"B572*C572","v":176},"Total de horas úteis/mês"]
[]
[]
[]
[]
[]
[null,{"$f":"ROUNDUP(E585/E600,0)","v":33},{"$nulls":4},{"$f":"ROUNDUP(I585/I600,0)","v":32}]
[]
[null,null," compactador de solo a percussão (DNIT 9107)",null,null,null,"compactador de solo tipo placa reversível (DNIT 9556)"]
[null,null,"Cód.Comp.","Índice","SICRO - DNIT",null,"Cód.Comp.","Índice","SICRO - DNIT"]
[null,null,"DNIT","DNIT",9107,null,"DNIT","DNIT",9556]
[null,"Mês Ref.",null,null,"2022-01-01",null,null,null,"2022-01-01"]
[null,"Aquisição","E9107",1,9481.2548999999999,null,"E9556",1,9486.6787000000004]
[null,"Depreciação",null,null,0.6321,null,null,null,0.63239999999999996]
[null,"Juros"]
[null,"Manutenção",null,null,0.6321,null,null,null,0.63239999999999996]
[null,"Mat.na Op."]
[null,"Óleo Diesel"]
[null,"Operador ec"]
[null,"Oport.Capit.",null,null,0.1706,null,null,null,0.17069999999999999]
[null,"Seg. e Imp.",null,null,0]
[null,"Operação",null,null,4.6647999999999996,null,null,null,4.9176000000000002]
[null,"M.d.o",null,null,0,null,null,null,0]
[null,"CHP",null,null,{"$f":"E586+E587+E588+E589+E592+E594","v":6.0995999999999997},null,null,null,{"$f":"I586+I587+I588+I589+I592+I594","v":6.3531000000000004}]
[null,"CHI",null,null,{"$f":"E586+E592+E595","v":0.80269999999999997},null,null,null,{"$f":"I586+I592+I595","v":0.80309999999999993}]
[null,"Horas Produtivas",null,{"$f":"($C$607*$D$607*$E$607)*20%","v":28},{"$f":"E596*D598","v":170.78879999999998},null,null,{"$f":"($C$607*$D$607*$E$607)*20%","v":28},{"$f":"I596*H598","v":177.88680000000002}]
[null,"Horas Improdutivas",null,{"$f":"$C$43-D598","v":148},{"$f":"D599*E597","v":118.7996},null,null,{"$f":"$C$43-H598","v":148},{"$f":"H599*I597","v":118.85879999999999}]
[null,"TOTAL HPM+HIM",null,null,{"$f":"E598+E599","v":289.58839999999998},null,null,null,{"$f":"I598+I599","v":296.74560000000002}]
[]
[null,"Horas/dia","Dias/sem.","Dias/mês","Horas/mês"]
[null,24,7,30,{"$f":"D603*B603","v":720},"minimizado"]
[]
[null,"44 horas úteis semanais:",null,"Produtiva"]
[null,"hs/semana","semana","horas/dia","dias/sem.","horas/sem."]
[null,44,4,7,5,{"$f":"D607*E607","v":35}]
[null,"=>",{"$f":"B607*C607","v":176},"Total de horas úteis/mês"]
[]
[]
[]
[null,{"$f":"ROUNDUP(E618/E632,0)","v":0}]
[]
[null,null,"cavalo mecânico, 20t (SICRO E9666 )"]
[null,null,"Cód.Comp.","Índice","SICRO"]
[null,null,"SICRO","SICRO","E9666"]
[null,"Mês Ref.",null,null,"2022-01-01"]
[null,"Aquisição","E9666"]
[null,"Depreciação"]
[null,"Juros"]
[null,"Manutenção"]
[null,"Mat.na Op."]
[null,"Óleo Diesel"]
[null,"Operador ec"]
[null,"Oport.Capit."]
[null,"Seg. e Imp."]
[null,"M.d.o"]
[null,"CHP",null,null,378.45]
[null,"CHI",null,null,118.68]
[null,"Horas Produtivas",null,{"$f":"($C$639*$D$639*$E$639)*30%","v":42},{"$f":"E628*D630","v":15894.9}]
[null,"Horas Improdutivas",null,{"$f":"$C$43-D630","v":134},{"$f":"D631*E629","v":15903.12}]
[null,"TOTAL HPM+HIM",null,null,{"$f":"E630+E631","v":31798.02}]
[null,null,"Preço Base Codevasf:"]
[null,"Horas/dia","Dias/sem.","Dias/mês","Horas/mês"]
[null,24,7,30,{"$f":"D635*B635","v":720},"minimizado"]
[]
[null,"44 horas úteis semanais:",null,"Produtiva"]
[null,"hs/semana","semana","horas/dia","dias/sem.","horas/sem."]
[null,44,4,7,5,{"$f":"D639*E639","v":35}]
[null,"=>",{"$f":"B639*C639","v":176},"Total de horas úteis/mês"]
[]
[]
[]
[]
[null,{"$f":"ROUNDUP(E651/E666,0)","v":34},{"$nulls":4},{"$f":"ROUNDUP(I651/I666,0)","v":36},null,null,null,{"$f":"ROUNDUP(M651/M666,0)","v":33}]
[]
[null,null,"Compressor de ar, 400 pcm (DNIT E9513)",null,null,null,"Compressor de ar, 189 pcm  (DNIT E9661)",null,null,null,"Empilhadeira sobre pneus (DNIT E9528)"]
[null,null,"Cód.Comp.","Índice","SICRO - DNIT",null,"Cód.Comp.","Índice","SICRO - DNIT",null,"Cód.Comp.","Índice","SICRO - DNIT"]
[null,null,"DNIT","DNIT","E9513",null,"DNIT","DNIT","E9661",null,"DNIT","DNIT","E9528"]
[null,"Mês Ref.",null,1,"2022-01-01",null,null,null,"2022-01-01",null,null,null,"2022-01-01"]
[null,"Aquisição","E9513",1,238622.95809999999,null,"E9661",1,122025.6249,null,"E9528",1,380699.48790000001]
[null,"Depreciação",null,null,15.908200000000001,null,null,null,8.1349999999999998,null,null,null,30.456]
[null,"Juros"]
[null,"Manutenção",null,null,15.908200000000001,null,null,null,8.1349999999999998,null,null,null,26.649000000000001]
[null,"Mat.na Op."]
[null,"Óleo Diesel"]
[null,"Operador ec"]
[null,"Oport.Capit.",null,null,4.2942,null,null,null,2.1960000000000002,null,null,null,7.0467000000000004]
[null,"Seg. e Imp.",{"$nulls":6},0]
[null,"Operação",null,null,67.197599999999994,null,null,null,29.865600000000001,null,null,null,43.92]
[null,"M.d.o",{"$nulls":6},0,null,null,null,22.790500000000002]
[null,"CHP",null,null,{"$f":"E652+E653+E654+E655+E657+E658+E660","v":103.3082},null,null,null,{"$f":"I652+I653+I654+I655+I658+I660","v":48.331600000000002},null,null,null,{"$f":"M652+M653+M654+M655+M658+M660+M661","v":130.8622}]
[null,"CHI",null,null,{"$f":"E652+E653+E657+E658","v":20.202400000000001},null,null,null,{"$f":"I652+I658+I661","v":10.331},null,null,null,{"$f":"M652+M658+M661","v":60.293199999999999}]
[null,"Horas Produtivas",null,{"$f":"($C$673*$D$673*$E$673)*30%","v":42},{"$f":"E662*D664","v":4338.9444000000003},null,null,{"$f":"($C$673*$D$673*$E$673)*30%","v":42},{"$f":"I662*H664","v":2029.9272000000001},null,null,{"$f":"($C$673*$D$673*$E$673)*10%","v":14},{"$f":"M662*L664","v":1832.0708}]
[null,"Horas Improdutivas",null,{"$f":"$C$43-D664","v":134},{"$f":"D665*E663","v":2707.1215999999999},null,null,{"$f":"$C$43-H664","v":134},{"$f":"H665*I663","v":1384.354},null,null,{"$f":"$C$43-L664","v":162},{"$f":"L665*M663","v":9767.4984000000004}]
[null,"TOTAL HPM+HIM",null,null,{"$f":"E664+E665","v":7046.0660000000007},null,null,null,{"$f":"I664+I665","v":3414.2812000000004},null,null,null,{"$f":"M664+M665","v":11599.5692}]
[]
[null,"Horas/dia","Dias/sem.","Dias/mês","Horas/mês"]
[null,24,7,30,{"$f":"D669*B669","v":720},"minimizado"]
[]
[null,"44 horas úteis semanais:",null,"Produtiva"]
[null,"hs/semana","semana","horas/dia","dias/sem.","horas/sem."]
[null,44,4,7,5,{"$f":"D673*E673","v":35}]
[null,"=>",{"$f":"B673*C673","v":176},"Total de horas úteis/mês"]
[]
[]
[]
[null,{"$f":"ROUNDUP(E684/E699,0)","v":45},{"$nulls":4},{"$f":"ROUNDUP(I684/I699,0)","v":49}]
[]
[null,null,"Draga de sucção, 100kW (DNIT E9609)",null,null,null,"Equipamento de solda MIG, 14,6 kVA (DNIT E9206)"]
[null,null,"Cód.Comp.","Índice","SICRO - DNIT",null,"Cód.Comp.","Índice","SICRO - DNIT"]
[null,null,"DNIT","DNIT","E9609",null,"DNIT","DNIT","E9206"]
[null,"Mês Ref.",null,1,"2022-01-01",null,null,null,"2022-01-01"]
[null,"Aquisição","E9609",1,585619.95799999998,null,"E9206",1,87341.080700000006]
[null,"Depreciação",null,null,4.5751999999999997,null,null,null,6.9873000000000003]
[null,"Juros"]
[null,"Manutenção",null,null,10.167,null,null,null,6.9873000000000003]
[null,"Mat.na Op."]
[null,"Óleo Diesel"]
[null,"Operador ec"]
[null,"Oport.Capit.",null,null,3.2932999999999999,null,null,null,1.6167]
[null,"Seg. e Imp."]
[null,"Operação",null,null,73.2,null,null,null,0]
[null,"M.d.o",null,null,39.7301,null,null,null,0]
[null,"CHP",null,null,{"$f":"E685+E686+E687+E688+E690+E691+E693+E694","v":130.96559999999999},null,null,null,{"$f":"I685+I686+I687+I688+I691+I693","v":15.5913}]
[null,"CHI",null,null,{"$f":"E685+E686+E690+E691+E694","v":47.598599999999998},null,null,null,{"$f":"I685+I691+I694","v":8.604000000000001}]
[null,"Horas Produtivas",null,{"$f":"($C$706*$D$706*$E$706)*40%","v":56},{"$f":"E695*D697","v":7334.0735999999997},null,null,{"$f":"($C$706*$D$706*$E$706)*30%","v":42},{"$f":"I695*H697","v":654.83460000000002}]
[null,"Horas Improdutivas",null,{"$f":"$C$43-D697","v":120},{"$f":"D698*E696","v":5711.8319999999994},null,null,{"$f":"$C$43-H697","v":134},{"$f":"H698*I696","v":1152.9360000000001}]
[null,"TOTAL HPM+HIM",null,null,{"$f":"E697+E698","v":13045.905599999998},null,null,null,{"$f":"I697+I698","v":1807.7706000000003}]
[]
[null,"Horas/dia","Dias/sem.","Dias/mês","Horas/mês"]
[null,24,7,30,{"$f":"D702*B702","v":720},"minimizado"]
[]
[null,"44 horas úteis semanais:",null,"Produtiva"]
[null,"hs/semana","semana","horas/dia","dias/sem.","horas/sem."]
[null,44,4,7,5,{"$f":"D706*E706","v":35}]
[null,"=>",{"$f":"B706*C706","v":176},"Total de horas úteis/mês"]
[]
[]
[]
[]
[null,{"$f":"ROUNDUP(E718/E733,0)","v":6},{"$nulls":4},{"$f":"ROUNDUP(I718/I733,0)","v":37}]
[]
[null,null,"Grupo gerador de 4kVA (DNIT E9521)",null,null,null,"Grupo gerador de 13/14kVA (DNIT E9066)"]
[null,null,"Cód.Comp.","Índice","SICRO - DNIT",null,"Cód.Comp.","Índice","SICRO - DNIT"]
[null,null,"DNIT","DNIT","E9521",null,"DNIT","DNIT","E9066"]
[null,"Mês Ref.",null,null,"2022-01-01",null,null,null,"2022-01-01"]
[null,"Aquisição","E9521",1,3366.3245000000002,null,"E9066",1,54424.7664]
[null,"Depreciação",null,null,0.16830000000000001,null,null,null,2.7212000000000001]
[null,"Juros"]
[null,"Manutenção",null,null,0.1202,null,null,null,1.9437]
[null,"Mat.na Op."]
[null,"Óleo Diesel"]
[null,"Operador ec"]
[null,"Oport.Capit.",null,null,5.9299999999999999E-2,null,null,null,0.95940000000000003]
[null,"Seg. e Imp.",null,null,0]
[null,"Operação",null,null,3.7128000000000001,null,null,null,10.199199999999999]
[null,"M.d.o",null,null,0,null,null,null,0]
[null,"CHP",null,null,{"$f":"E719+E720+E721+E722+E724+E725+E727","v":4.0606},null,null,null,{"$f":"I719+I720+I721+I722+I725+I727","v":15.823499999999999}]
[null,"CHI",null,null,{"$f":"E719+E720+E724+E725","v":0.2276},null,null,null,{"$f":"I719+I725+I728","v":3.6806000000000001}]
[null,"Horas Produtivas",null,{"$f":"($C$740*$D$740*$E$740)*100%","v":140},{"$f":"E729*D731","v":568.48400000000004},null,null,{"$f":"($C$740*$D$740*$E$740)*50%","v":70},{"$f":"I729*H731","v":1107.645}]
[null,"Horas Improdutivas",null,{"$f":"$C$43-D731","v":36},{"$f":"D732*E730","v":8.1936},null,null,{"$f":"$C$43-H731","v":106},{"$f":"H732*I730","v":390.14359999999999}]
[null,"TOTAL HPM+HIM",null,null,{"$f":"E731+E732","v":576.67759999999998},null,null,null,{"$f":"I731+I732","v":1497.7885999999999}]
[]
[null,"Horas/dia","Dias/sem.","Dias/mês","Horas/mês"]
[null,24,7,30,{"$f":"D736*B736","v":720},"minimizado"]
[]
[null,"44 horas úteis semanais:",null,"Produtiva"]
[null,"hs/semana","semana","horas/dia","dias/sem.","horas/sem."]
[null,44,4,7,5,{"$f":"D740*E740","v":35}]
[null,"=>",{"$f":"B740*C740","v":176},"Total de horas úteis/mês"]
[]
[]
[]
[]
[null,{"$f":"ROUNDUP(E752/E767,0)","v":42},{"$nulls":4},{"$f":"ROUNDUP(I752/I767,0)","v":24},null,null,null,{"$f":"ROUNDUP(M752/M767,0)","v":37}]
[]
[null,null,"Furadeira elétrica (DNIT E9568)",null,null,null,"Retroescavadeira, 72 hp (DNIT E9526)",null,null,null,"Rolo compactador, 125 hp (DNIT E9685)"]
[null,null,"Cód.Comp.","Índice","SICRO - DNIT",null,"Cód.Comp.","Índice","SICRO - DNIT",null,"Cód.Comp.","Índice","SICRO - DNIT"]
[null,null,"DNIT","DNIT","E9568",null,"DNIT","DNIT","E9526",null,"DNIT","DNIT","E9685"]
[null,"Mês Ref.",null,null,"2022-01-01",null,null,null,"2022-01-01",null,null,null,"2022-01-01"]
[null,"Aquisição","E9568",1,1269.9018000000001,null,"E9526",1,369252.14740000002,null,"E9685",1,514466.94669999997]
[null,"Depreciação",null,null,0.1016,null,null,null,25.8477,null,null,null,34.297800000000002]
[null,"Juros"]
[null,"Manutenção",null,null,6.3500000000000001E-2,null,null,null,25.8477,null,null,null,34.297800000000002]
[null,"Mat.na Op."]
[null,"Óleo Diesel"]
[null,"Operador ec"]
[null,"Oport.Capit.",null,null,2.35E-2,null,null,null,6.8349000000000002,null,null,null,9.2583000000000002]
[null,"Seg. e Imp."]
[null,"Operação",null,null,0,null,null,null,36.795200000000001,null,null,null,64.025599999999997]
[null,"M.d.o",null,null,0,null,null,null,28.238199999999999,null,null,null,28.238199999999999]
[null,"CHP",null,null,{"$f":"E753+E754+E755+E756+E758+E759","v":0.18859999999999999},null,null,null,{"$f":"I753+I754+I755+I756+I759+I761+I762","v":123.56370000000001},null,null,null,{"$f":"M753+M754+M755+M756+M759+M761+M762","v":170.11770000000001}]
[null,"CHI",null,null,{"$f":"E753+E754+E758+E759","v":0.12509999999999999},null,null,null,{"$f":"I753+I759+I762","v":60.9208},null,null,null,{"$f":"M753+M759+M762","v":71.794299999999993}]
[null,"Horas Produtivas",null,{"$f":"($C$774*$D$774*$E$774)*100%","v":140},{"$f":"E763*D765","v":26.404},null,null,{"$f":"($C$774*$D$774*$E$774)*59%","v":82.6},{"$f":"I763*H765","v":10206.36162},null,null,{"$f":"($C$774*$D$774*$E$774)*10%","v":14},{"$f":"M763*L765","v":2381.6478000000002}]
[null,"Horas Improdutivas",null,{"$f":"$C$43-D765","v":36},{"$f":"D766*E764","v":4.5035999999999996},null,null,{"$f":"$C$43-H765","v":93.4},{"$f":"H766*I764","v":5690.0027200000004},null,null,{"$f":"$C$43-L765","v":162},{"$f":"L766*M764","v":11630.676599999999}]
[null,"TOTAL HPM+HIM",null,null,{"$f":"E765+E766","v":30.907599999999999},null,null,null,{"$f":"I765+I766","v":15896.36434},null,null,null,{"$f":"M765+M766","v":14012.3244}]
[]
[null,"Horas/dia","Dias/sem.","Dias/mês","Horas/mês"]
[null,24,7,30,{"$f":"D770*B770","v":720},"minimizado"]
[]
[null,"44 horas úteis semanais:",null,"Produtiva"]
[null,"hs/semana","semana","horas/dia","dias/sem.","horas/sem."]
[null,44,4,7,5,{"$f":"D774*E774","v":35}]
[null,"=>",{"$f":"B774*C774","v":176},"Total de horas úteis/mês"]
[]
[]
[]
[null,{"$f":"ROUNDUP(E785/E800,0)","v":55}]
[]
[null,null,"Trator de esteiras, 150 hp (DNIT E9540)"]
[null,null,"Cód.Comp.","Índice","SICRO - DNIT"]
[null,null,"DNIT","DNIT","E9540"]
[null,"Mês Ref.",null,null,"2022-01-01"]
[null,"Aquisição","E9540",1,1054478.547]
[null,"Depreciação",null,null,41.0075]
[null,"Juros"]
[null,"Manutenção",null,null,58.582099999999997]
[null,"Mat.na Op."]
[null,"Óleo Diesel"]
[null,"Operador ec"]
[null,"Oport.Capit.",null,null,18.072600000000001]
[null,"Seg. e Imp."]
[null,"Operação",null,null,86.766400000000004]
[null,"M.d.o",null,null,28.238199999999999]
[null,"CHP",null,null,{"$f":"E786+E787+E788+E789+E791+E792+E794+E795","v":232.66679999999999}]
[null,"CHI",null,null,{"$f":"E786+E787+E791+E792+E795","v":87.318299999999994}]
[null,"Horas Produtivas",null,{"$f":"($C$808*$D$808*$E$808)*20%","v":28},{"$f":"E796*D798","v":6514.6704}]
[null,"Horas Improdutivas",null,{"$f":"$C$43-D798","v":148},{"$f":"D799*E797","v":12923.108399999999}]
[null,"TOTAL HPM+HIM",null,null,{"$f":"E798+E799","v":19437.7788}]
[]
[]
[null,"Horas/dia","Dias/sem.","Dias/mês","Horas/mês"]
[null,24,7,30,{"$f":"D804*B804","v":720},"minimizado"]
[]
[null,"44 horas úteis semanais:",null,"Produtiva"]
[null,"hs/semana","semana","horas/dia","dias/sem.","horas/sem."]
[null,44,4,7,5,{"$f":"D808*E808","v":35}]
[null,"=>",{"$f":"B808*C808","v":176},"Total de horas úteis/mês"]
[]
[]
[]
["COMPOSIÇÕES - EQUIPAMENTOS - SEGURANÇA DE BARRAGENS"]
[]
[]
[]
[null,{"$f":"ROUNDUP(E823/E838,0)","v":38},{"$nulls":4},{"$f":"ROUNDUP(I823/I838,0)","v":5},null,null,null,{"$f":"ROUNDUP(M823/M838,0)","v":56}]
[]
[null,null,"Grupo Gerador - 32,0 kVA (DNIT E9763)",null,null,null,"Embarcação de alumínio (DNIT E9043)",null,null,null,"Carreta Reboque (DNIT A9382)"]
[null,null,"Cód.Comp.","Índice","SICRO - DNIT",null,"Cód.Comp.","Índice","SICRO - DNIT",null,"Cód.Comp.","Índice","SICRO - DNIT"]
[null,null,"DNIT",null,"E9763",null,"DNIT",null,"E9043",null,"DNIT",null,"A9382"]
[null,"Mês Ref.",null,"E9763","2022-01-01",null,null,null,"2022-01-01",null,null,null,"2022-01-01"]
[null,"Aquisição","E9763",1,56397.639799999997,null,"E9043",1,24450.997100000001,null,"A9382",1,97410.416500000007]
[null,"Depreciação",null,null,2.8199000000000001,null,null,null,0.38200000000000001,null,null,null,6.4939999999999998]
[null,"Juros"]
[null,"Manutenção",null,null,2.0142000000000002,null,null,null,0.42449999999999999,null,null,null,7.3057999999999996]
[null,"Mat.na Op."]
[null,"Óleo Diesel"]
[null,"Operador ec"]
[null,"Oport.Capit.",null,null,0.99419999999999997,null,null,null,0.14410000000000001,null,null,null,3.2555000000000001]
[null,"Seg. e Imp."]
[null,"Operação",null,null,27.815999999999999,null,null,null,44.268000000000001]
[null,"M.d.o",{"$nulls":6},31.3796]
[null,"CHP",null,null,{"$f":"E824+E825+E826+E827+E829+E830+E832","v":33.644300000000001},null,null,null,{"$f":"I824+I825+I826+I827+I830+I832+I833","v":76.598200000000006},null,null,null,{"$f":"M824+M825+M826+M827+M830+M832+M833","v":17.055299999999999}]
[null,"CHI",null,null,{"$f":"E824+E825+E829+E830","v":3.8140999999999998},null,null,null,{"$f":"I824+I830+I833","v":31.9057},null,null,null,{"$f":"M824+M830+M833","v":9.7494999999999994}]
[null,"Horas Produtivas",null,{"$f":"($C$845*$D$845*$E$845)*20%","v":28},{"$f":"E834*D836","v":942.04040000000009},null,null,{"$f":"($C$845*$D$845*$E$845)*5%","v":7},{"$f":"I834*H836","v":536.18740000000003},null,null,{"$f":"($C$845*$D$845*$E$845)*5%","v":7},{"$f":"M834*L836","v":119.38709999999999}]
[null,"Horas Improdutivas",null,{"$f":"$C$43-D836","v":148},{"$f":"D837*E835","v":564.48680000000002},null,null,{"$f":"$C$43-H836","v":169},{"$f":"H837*I835","v":5392.0632999999998},null,null,{"$f":"$C$43-L836","v":169},{"$f":"L837*M835","v":1647.6654999999998}]
[null,"TOTAL HPM+HIM",null,null,{"$f":"E836+E837","v":1506.5272},null,null,null,{"$f":"I836+I837","v":5928.2506999999996},null,null,null,{"$f":"M836+M837","v":1767.0525999999998}]
[null,null,"Preço Base Codevasf:"]
[null,"Horas/dia","Dias/sem.","Dias/mês","Horas/mês"]
[null,24,7,28,{"$f":"D841*B841","v":672},"minimizado"]
[]
[null,"44 horas úteis semanais:",null,"Produtiva"]
[null,"hs/semana","semana","horas/dia","dias/sem.","horas/sem."]
[null,44,4,7,5,{"$f":"D845*E845","v":35}]
[null,"=>",{"$f":"B845*C845","v":176},"Total de horas úteis/mês"]
[]
[]
["COMPOSIÇÕES - EQUIPAMENTOS - MECÂNICA"]
[]
[]
[]
[null,{"$f":"ROUNDUP(E859/E873,0)","v":42}]
[]
[null,null,"Nível de precisão (E9552 - DNIT/PE)"]
[null,null,"Cód.Comp.","Índice","SICRO - DNIT"]
[null,null,"DNIT",null,"E9552"]
[null,"Mês Ref.",null,null,"2022-01-01"]
[null,"Aquisição","E9552",1,12940.8215]
[null,"Depreciação",null,null,1.0353000000000001]
[null,"Juros",null,null,{"$f":"TRUNC(D861*$E$183,2)","v":0}]
[null,"Manutenção",null,null,0.64700000000000002]
[null,"Mat.na Op.",null,null,{"$f":"TRUNC(D863*E864,2)","v":0}]
[null,"Energia elétrica (kW)"]
[null,"Operador ec"]
[null,"Oport.Capit.",null,null,0.23949999999999999]
[null,"Seg. e Imp."]
[null,"M.d.o"]
[null,"CHP",null,null,{"$f":"E860+E861+E862+E863+E865+E866","v":1.9218000000000002}]
[null,"CHI",null,null,{"$f":"E860+E861+E865+E866","v":1.2748000000000002}]
[null,"Horas Produtivas",null,{"$f":"($C$880*$D$880*$E$880)*100%","v":140},{"$f":"E869*D871","v":269.05200000000002}]
[null,"Horas Improdutivas",null,{"$f":"$C$43-D871","v":36},{"$f":"D872*E870","v":45.892800000000008}]
[null,"TOTAL HPM+HIM",null,null,{"$f":"E871+E872","v":314.94480000000004}]
[null,null,"Preço Base Codevasf:"]
[null,"Horas/dia","Dias/sem.","Dias/mês","Horas/mês"]
[null,24,7,30,{"$f":"D876*B876","v":720},"minimizado"]
[]
[null,"44 horas úteis semanais:",null,"Produtiva"]
[null,"hs/semana","semana","horas/dia","dias/sem.","horas/sem."]
[null,44,4,7,5,{"$f":"D880*E880","v":35}]
[null,"=>",{"$f":"B880*C880","v":176},"Total de horas úteis/mês"]
[]
[]
[]
[null,{"$f":"ROUNDUP(E891/E906,0)","v":37},{"$nulls":4},{"$f":"ROUNDUP(I891/I906,0)","v":36},null,null,null,{"$f":"ROUNDUP(M891/M906,0)","v":48}]
[]
[null,null,"Conjunto Motor bomba 7,5 CV (E9630 - DNIT/PE)",null,null,null,"Retífica elétrica (E9207 - DNIT/PE)",null,null,null,"Rosqueadeira (E9748 - DNIT/PE)"]
[null,null,"Cód.Comp.","Índice","SICRO - DNIT",null,"Cód.Comp.","Índice","SICRO - DNIT",null,"Cód.Comp.","Índice","SICRO - DNIT"]
[null,null,"DNIT",null,"E9630",null,"DNIT",null,"E9207",null,"DNIT",null,"E9748"]
[null,"Mês Ref.",null,null,"2022-01-01",null,null,null,"2022-01-01",null,null,null,"2022-01-01"]
[null,"Aquisição","E9630",1,4479.8519999999999,null,"E9207",1,4520.2924999999996,null,"E9748",1,5481.4259000000002]
[null,"Depreciação",null,null,0.3584,null,null,null,0.36159999999999998,null,null,null,0.31319999999999998]
[null,"Juros"]
[null,"Manutenção",null,null,0.31359999999999999,null,null,null,0.36159999999999998,null,null,null,0.31319999999999998]
[null,"Mat.na Op."]
[null,"Óleo Diesel"]
[null,"Operador ec"]
[null,"Oport.Capit.",null,null,8.2900000000000001E-2,null,null,null,8.3699999999999997E-2,null,null,null,9.6600000000000005E-2]
[null,"Seg. e Imp."]
[null,"Operação"]
[null,"M.d.o",{"$nulls":10},0]
[null,"CHP",null,null,{"$f":"E892+E893+E894+E895+E897+E898+E900","v":0.7548999999999999},null,null,null,{"$f":"I892+I893+I894+I895+I898+I900+I901","v":0.80689999999999995},null,null,null,{"$f":"M892+M893+M894+M895+M898+M900+M901","v":0.72299999999999998}]
[null,"CHI",null,null,{"$f":"E892+E893+E897+E898","v":0.44130000000000003},null,null,null,{"$f":"I892+I898+I901","v":0.44529999999999997},null,null,null,{"$f":"M892+M898+M901","v":0.4098}]
[null,"Horas Produtivas",null,{"$f":"($C$913*$D$913*$E$913)*100%","v":140},{"$f":"E902*D904","v":105.68599999999999},null,null,{"$f":"($C$913*$D$913*$E$913)*100%","v":140},{"$f":"I902*H904","v":112.96599999999999},null,null,{"$f":"($C$913*$D$913*$E$913)*100%","v":140},{"$f":"M902*L904","v":101.22}]
[null,"Horas Improdutivas",null,{"$f":"$C$43-D904","v":36},{"$f":"D905*E903","v":15.886800000000001},null,null,{"$f":"$C$43-H904","v":36},{"$f":"H905*I903","v":16.030799999999999},null,null,{"$f":"$C$43-L904","v":36},{"$f":"L905*M903","v":14.752800000000001}]
[null,"TOTAL HPM+HIM",null,null,{"$f":"E904+E905","v":121.5728},null,null,null,{"$f":"I904+I905","v":128.99680000000001},null,null,null,{"$f":"M904+M905","v":115.97280000000001}]
[null,null,"Preço Base Codevasf:"]
[null,"Horas/dia","Dias/sem.","Dias/mês","Horas/mês"]
[null,24,7,30,{"$f":"D909*B909","v":720},"minimizado"]
[]
[null,"44 horas úteis semanais:",null,"Produtiva"]
[null,"hs/semana","semana","horas/dia","dias/sem.","horas/sem."]
[null,44,4,7,5,{"$f":"D913*E913","v":35}]
[null,"=>",{"$f":"B913*C913","v":176},"Total de horas úteis/mês"]
[]
[]
["COMPOSIÇÕES - EQUIPAMENTOS - ELÉTRICA"]
[]
[]
[]
[null,{"$f":"ROUNDUP(E927/E943,0)","v":8}]
[]
[null,null,"Estação de solda com temperatura (13761 - SINAPI/PE)"]
[null,null,"Cód.Comp.","Índice","SINAPI"]
[null,null,"SINAPI",null,13761]
[null,"Mês Ref.",null,null,"2022-04-01"]
[null,"Aquisição",13761,1,2470.6999999999998]
[null,"Depreciação",92712,6.3999999999999997E-5,{"$f":"TRUNC(D928*E927,2)","v":0.15}]
[null,"Juros",92713,7.6000000000000001E-6,{"$f":"TRUNC(D929*E927,2)","v":0.01}]
[null,"Manutenção",92714,8.0000000000000007E-5,{"$f":"TRUNC(D930*E927,2)","v":0.19}]
[null,"Mat.na Op.",92715,null,{"$f":"TRUNC(D932*E932,2)+TRUNC(D933*E933,2)","v":20.509999999999998}]
[null,"Acetileno","I 00000001",0.3261,51.5]
[null,"Oxigênio","I 00000002",0.33,11.28]
[null,"Operador ec"]
[null,"Oport.Capit."]
[null,"Seg. e Imp."]
[null,"Operação"]
[null,"M.d.o"]
[null,"CHP",92716,null,{"$f":"E928+E929+E930+E931+E934+E935+E937","v":20.86}]
[null,"CHI",92717,null,{"$f":"E928+E929+E934+E935","v":0.16}]
[null,"Horas Produtivas",null,{"$f":"($C$950*$D$950*$E$950)*10%","v":14},{"$f":"E939*D941","v":292.03999999999996}]
[null,"Horas Improdutivas",null,{"$f":"$C$43-D941","v":162},{"$f":"D942*E940","v":25.92}]
[null,"TOTAL HPM+HIM",null,null,{"$f":"E941+E942","v":317.95999999999998}]
[null,null,"Preço Base Codevasf:"]
[null,"Horas/dia","Dias/sem.","Dias/mês","Horas/mês"]
[null,24,7,30,{"$f":"D946*B946","v":720},"minimizado"]
[]
[null,"44 horas úteis semanais:",null,"Produtiva"]
[null,"hs/semana","semana","horas/dia","dias/sem.","horas/sem."]
[null,44,4,7,5,{"$f":"D950*E950","v":35}]
[null,"=>",{"$f":"B950*C950","v":176},"Total de horas úteis/mês"]
[]
[]
["COMPOSIÇÕES ADOTANDO CRITÉRIO DA RECEITA FEDERAL"]
[]
[]
[]
[]
[null,"CRITERIO RECEITA FEDERAL",null,"3.1.36",null,null,"3.1.38",{"$nulls":4},"3.1.39"]
[null,"CHP e CHI:"]
[null,null,"Máquina de solda, 250A (40403)",null,null,null," Lixadeira elétrica, 1400 W (13192)",null,null,null," Máquina para corte, 10 Cv (14619)"]
[null,null,"Cód.Comp.","Índice","SINAPI/PE ",null,"Cód.Comp.","Índice","SINAPI/PE ",null,null,"Índice","SINAPI/PE ",null,"1º.Pag.","ATUAL","Dif.","+ ou -"]
[null,null,"SINAPI",{"$nulls":4},"SINAPI",null,null,null,"SINAPI"]
[null,"Mês Ref.",null,null,"2022-04-01",null,null,null,"2022-04-01",null,null,null,"2022-04-01"]
[null,"Valor de Aquisição",40403,1,456.21,null,13192,null,4257.7299999999996,null,14619,null,12035.45]
[null,"taxa residual (%)",null,50,{"$f":"(D966/100)*$E$965","v":228.10499999999999},null,null,50,{"$f":"(H966/100)*$I$965","v":2128.8649999999998},null,null,50,{"$f":"(L966/100)*$M$965","v":6017.7250000000004}]
[null,"Vida útil (anos)",null,2,null,null,null,2,null,null,null,2]
[null,"Depreciação anual (R$)",null,null,{"$f":"(E965-E966)/D967","v":114.05249999999999},null,null,null,{"$f":"(I965-I966)/H967","v":1064.4324999999999},null,null,null,{"$f":"(M965-M966)/L967","v":3008.8625000000002}]
[{"$nulls":14},"Observação: vida útil adaptada para dois anos, nas ferramentas, devido ao desgaste com a intensidade (uso severo) dos serviços propostos utilizando as mesmas."]
[]
[]
[]
[null,"Valor Mensal (R$)",null,null,{"$f":"E968/12","v":9.5043749999999996},null,null,null,{"$f":"I968/12","v":88.70270833333332},null,null,null,{"$f":"M968/12","v":250.73854166666669}]
[]
[]
[]
[]
[null,"CRITERIO RECEITA FEDERAL",null,"3.1.41",{"$nulls":7},"3.1.55"]
[null,"CHP e CHI:"]
[null,null,"Martelo demolidor pneumático (SINAPI 36533)",{"$nulls":7},"Motor a diesel - 4,7 cv"]
[null,null,"Cód.Comp.","Índice","SINAPI/PE (AS)",{"$nulls":6},"Índice","SINAPI/PE (AS)",null,"1º.Pag.","ATUAL","Dif.","+ ou -"]
[null,null,"SINAPI",{"$nulls":8},"SINAPI"]
[null,"Mês Ref.",null,null,"2022-04-01",{"$nulls":7},"2022-04-01"]
[null,"Valor de Aquisição",36533,1,16519.740000000002,{"$nulls":5},39628,null,4954.4799999999996]
[null,"taxa residual (%)",null,25,{"$f":"(D985/100)*$E$984","v":4129.9350000000004},{"$nulls":6},25,{"$f":"(L985/100)*$M$984","v":1238.6199999999999}]
[null,"Vida útil (anos)",null,4,{"$nulls":7},4]
[null,"Depreciação anual (R$)",null,null,{"$f":"(E984-E985)/D986","v":3097.4512500000001},{"$nulls":7},{"$f":"(M984-M985)/L986","v":928.96499999999992}]
[{"$nulls":14},"Observação: vida útil adaptada para dois anos, nas ferramentas, devido ao desgaste com a intensidade (uso severo) dos serviços propostos utilizando as mesmas."]
[]
[]
[]
[null,"Valor Mensal (R$)",null,null,{"$f":"E987/12","v":258.12093750000003},{"$nulls":7},{"$f":"M987/12","v":77.413749999999993}]
[]
[]
[]
[]
[null,"CRITERIO RECEITA FEDERAL",null,"3.1.56",null,null,null,"3.1.57",null,null,null,"3.1.58"]
[null,"CHP e CHI:"]
[null,null,"Vibrador de imersão, ponteira 35 mm (39399)",null,null,null,"Vibrador de imersão, ponteira 45 mm (39400)",null,null,null,"Vibrador de imersão, ponteira 60 mm (39401)"]
[null,null,"Cód.Comp.","Índice","SINAPI/PE (AS)",null,"Cód.Comp.","Índice","SINAPI/PE (AS)",null,null,"Índice","SINAPI/PE (AS)",null,"1º.Pag.","ATUAL","Dif.","+ ou -"]
[null,null,"SINAPI",{"$nulls":4},"SINAPI",null,null,null,"SINAPI"]
[null,"Mês Ref.",null,null,"2022-04-01",null,null,null,"2022-04-01",null,null,null,"2022-04-01"]
[null,"Valor de Aquisição",39399,1,1614.44,null,39400,null,1754.83,null,39401,null,1968.5]
[null,"taxa residual (%)",null,50,{"$f":"(D1004/100)*$E$1003","v":807.22},null,null,50,{"$f":"(H1004/100)*$I$1003","v":877.41499999999996},null,null,50,{"$f":"(L1004/100)*$M$1003","v":984.25}]
[null,"Vida útil (anos)",null,2,null,null,null,2,null,null,null,2]
[null,"Depreciação anual (R$)",null,null,{"$f":"(E1003-E1004)/D1005","v":403.61},null,null,null,{"$f":"(I1003-I1004)/H1005","v":438.70749999999998},null,null,null,{"$f":"(M1003-M1004)/L1005","v":492.125}]
[{"$nulls":14},"Observação: vida útil adaptada para dois anos, nas ferramentas, devido ao desgaste com a intensidade (uso severo) dos serviços propostos utilizando as mesmas."]
[]
[]
[]
[null,"Valor Mensal (R$)",null,null,{"$f":"E1006/12","v":33.634166666666665},null,null,null,{"$f":"I1006/12","v":36.558958333333329},null,null,null,{"$f":"M1006/12","v":41.010416666666664}]
[]
[]
[]
[]
[null,"CRITERIO RECEITA FEDERAL",null,"3.1.51",null,null,null,"3.1.54"]
[null,"CHP e CHI:",null,"; "]
[null,null,"Torre de iluminação 4000 W (COT - TORR)",null,null,null,"Triturador de Galhos e Resíduos TR-500G à Gasolina Motor 13HP (COT - TRIT)"]
[null,null,"Cód.Comp.","Índice","COTAÇÃO",null,"Cód.Comp.","Índice","COTAÇÃO",{"$nulls":5},"1º.Pag.","ATUAL","Dif.","+ ou -"]
[null,null,"COTAÇÃO",{"$nulls":4},"COTAÇÃO"]
[null,"Mês Ref.",null,null,"2022-06-01",null,null,null,"2022-06-01"]
[null,"Valor de Aquisição","COT - TORR",1,79302.19,null,null,null,20071.7]
[null,"taxa residual (%)",null,25,{"$f":"(D1023/100)*$E$1022","v":19825.547500000001},null,null,50,{"$f":"(H1023/100)*$I$1022","v":10035.85}]
[null,"Vida útil (anos)",null,4,null,null,null,2]
[null,"Depreciação anual (R$)",null,null,{"$f":"(E1022-E1023)/D1024","v":14869.160625},null,null,null,{"$f":"(I1022-I1023)/H1024","v":5017.9250000000002}]
[{"$nulls":14},"Observação: vida útil adaptada para dois anos, no triturador, devido ao desgaste com a intensidade (uso severo) dos serviços propostos utilizando o mesmo"]
[]
[]
[]
[null,"Valor Mensal (R$)",null,null,{"$f":"E1025/12","v":1239.09671875},null,null,null,{"$f":"I1025/12","v":418.16041666666666}]
[]
[]
[]
[]
[null,"CRITERIO RECEITA FEDERAL"]
[null,"CHP e CHI:"]
[null,null,{"$f":"[5]Equipamentos!C80","v":"Andaime metálico tipo fachadeiro Dim: Largura= 1,20m / Altura por peça= 2,00m. (Altura Total=10m - 5 peças por conjunto)"},null,null,null,{"$f":"[5]Equipamentos!C97","v":"Conjunto motorbomba com 160 kW de potência no motor elétrico (25 mca x 0,5 m³/s) para esgotamento, com respectivos mangotes de sucção e descarga a serem especificados em função dos diâmetros. "},null,null,null,{"$f":"[5]Equipamentos!C98","v":"Conjunto motorbomba com 30 kW de potência no motor elétrico (25 mca x 0,1 m³/s) para esgotamento, com respectivos mangotes de sucção e descarga a serem especificados em função dos diâmetros. "}]
[null,null,"Cód.Comp.","Índice",{"$f":"C1039","v":"COT_ANDA"},null,"Cód.Comp.","Índice",{"$f":"G1039","v":"COT_CONJ_160"},null,"Cód.Comp.","Índice",{"$f":"K1039","v":"COT_CONJ_30"},null,"1º.Pag.","ATUAL","Dif.","+ ou -"]
[null,null,{"$f":"[5]Equipamentos!B80","v":"COT_ANDA"},null,"LOCAÇÃO",null,{"$f":"[5]Equipamentos!B97","v":"COT_CONJ_160"},"COTAÇÃO",null,null,{"$f":"[5]Equipamentos!B98","v":"COT_CONJ_30"}]
[null,"Mês Ref.",null,null,"2022-06-01",null,null,null,"2022-06-01",null,null,null,"2022-06-01"]
[null,"Valor de Aquisição",null,null,25.93,null,null,null,143891.07999999999,null,null,null,47930.6]
[null,"taxa residual (%)",{"$nulls":5},50,{"$f":"(H1042/100)*I1041","v":71945.539999999994},null,null,50,{"$f":"(L1042/100)*M1041","v":23965.3}]
[null,"Vida útil (anos)",{"$nulls":5},2,null,null,null,2]
[null,"Depreciação anual (R$)",{"$nulls":6},{"$f":"(I1041-I1042)/H1043","v":35972.769999999997},null,null,null,{"$f":"(M1041-M1042)/L1043","v":11982.65}]
[]
[]
[]
[]
[null,"Valor Mensal (R$)",null,null,{"$f":"E1041","v":25.93},null,null,null,{"$f":"I1044/12","v":2997.7308333333331},null,null,null,{"$f":"M1044/12","v":998.55416666666667}]
[]
[]
[]
[]
[null,"CRITERIO RECEITA FEDERAL"]
[null,"CHP e CHI:"]
[null,null,{"$f":"[5]Equipamentos!C125","v":"Soldador manual para mantas Leister Triac-st"},null,null,null,"Plataforma Aérea, altura de trabalho 16,0 m "]
[null,null,"Cód.Comp.","Índice",{"$f":"C1058","v":"COT - SOLD"},null,"Cód.Comp.","Índice",{"$f":"G1058","v":"COT_PLAT"},null,"Cód.Comp.","Índice",{"$f":"K1058","v":0},null,"1º.Pag.","ATUAL","Dif.","+ ou -"]
[null,null,{"$f":"[5]Equipamentos!B125","v":"COT - SOLD"},null,null,null,"COT_PLAT",null,"LOCAÇÃO"]
[null,"Mês Ref.",null,null,"2022-06-01",null,null,null,"2022-06-01"]
[null,"Valor de Aquisição",null,null,4893.8599999999997,null,null,null,15816.28,null,null,null,{"$f":"[5]Equipamentos!AA117","v":0}]
[null,"taxa residual (%)",null,50,{"$f":"(D1061/100)*E1060","v":2446.9299999999998},null,null,null,{"$f":"(H1061/100)*I1060","v":0},null,null,50,{"$f":"(L1061/100)*M1060","v":0}]
[null,"Vida útil (anos)",null,2,{"$nulls":7},2]
[null,"Depreciação anual (R$)",null,null,{"$f":"(E1060-E1061)/D1062","v":1223.4649999999999},{"$nulls":7},{"$f":"(M1060-M1061)/L1062","v":0}]
[]
[]
[]
[]
[null,"Valor Mensal (R$)",null,null,{"$f":"E1063/12","v":101.95541666666666},null,null,null,{"$f":"I1060","v":15816.28},null,null,null,{"$f":"M1063/12","v":0}]
[]
[]
[]
[]
[]
["COMPOSIÇÕES - EQUIPAMENTOS - MECÂNICA"]
[]
[]
[]
[null,"CRITERIO RECEITA FEDERAL",null,"1.7",null,null,"1.19",null,null,null,"1.20"]
[null,"CHP e CHI:"]
[null,null,"Talha Manual (13914 - SINAPI/PE)",null,null,null,"Escada de abrir (38476 - SINAPI/PE)",null,null,null,"Escada de marinheiro (38477 - SINAPI/PE)"]
[null,null,"Cód.Comp.","Índice","SINAPI (PE) - AS",null,"Cód.Comp.","Índice","SINAPI (PE)",null,"Cód.Comp.","Índice","SINAPI (PE)",null,"1º.Pag.","ATUAL","Dif.","+ ou -"]
[null,null,"SINAPI (PE)",null,13914,null,null,"COTAÇÃO",38476,null,null,null,38477]
[null,"Mês Ref.",null,null,"2022-04-01",null,null,null,"2022-04-01",null,null,null,"2022-04-01"]
[null,"Valor de Aquisição",13914,1,773.97,null,38476,1,443.12,null,38477,1,1254.9100000000001]
[null,"taxa residual (%)",null,50,{"$f":"(D1085/100)*$E$1084","v":386.98500000000001},null,null,15,{"$f":"(H1085/100)*$I$1084","v":66.468000000000004},null,null,15,{"$f":"(L1085/100)*$I$1084","v":66.468000000000004}]
[null,"Vida útil (anos)",null,2,null,null,null,6,null,null,null,6]
[null,"Depreciação anual (R$)",null,null,{"$f":"(E1084-E1085)/D1086","v":193.49250000000001},null,null,null,{"$f":"(I1084-I1085)/H1086","v":62.775333333333329},null,null,null,{"$f":"(M1084-M1085)/L1086","v":198.07366666666667}]
[{"$nulls":14},"Observação: vida útil adaptada para dois anos, na talha manual, devido ao desgaste com a intensidade (uso severo) dos serviços propostos utilizando o mesmo"]
[]
[]
[]
[null,"Valor Mensal (R$)",null,null,{"$f":"E1087/12","v":16.124375000000001},null,null,null,{"$f":"I1087/12","v":5.2312777777777777},null,null,null,{"$f":"M1087/12","v":16.506138888888888}]
[]
[]
[]
[null,"CRITERIO RECEITA FEDERAL",null,"1.24",null,null,null,"1.44"]
[null,"CHP e CHI:"]
[null,null,"Esmerilhadeira angular (11359 - SINAPI/PE)",null,null,null,"Talha capacidade 3t (10740 - SINAPI/PE)"]
[null,null,"Cód.Comp.","Índice","SINAPI (PE)",null,"Cód.Comp.","Índice","SINAPI (PE) - AS",null,"Cód.Comp.","Índice","SINAPI (PE)",null,"1º.Pag.","ATUAL","Dif.","+ ou -"]
[null,null,"SINAPI (PE)",null,11359,null,null,"SINAPI",10740]
[null,"Mês Ref.",null,null,"2022-04-01",null,null,null,"2022-04-01"]
[null,"Valor de Aquisição",11359,1,683,null,10740,1,10697.06]
[null,"taxa residual (%)",null,50,{"$f":"(D1103/100)*$E$1102","v":341.5},null,null,15,{"$f":"(H1103/100)*$I$1102","v":1604.559}]
[null,"Vida útil (anos)",null,2,null,null,null,6]
[null,"Depreciação anual (R$)",null,null,{"$f":"(E1102-E1103)/D1104","v":170.75},null,null,null,{"$f":"(I1102-I1103)/H1104","v":1515.4168333333334}]
[{"$nulls":14},"Observação: vida útil adaptada para dois anos, na talha manual, devido ao desgaste com a intensidade (uso severo) dos serviços propostos utilizando o mesmo"]
[]
[]
[]
[null,"Valor Mensal (R$)",null,null,{"$f":"E1105/12","v":14.229166666666666},null,null,null,{"$f":"I1105/12","v":126.28473611111112}]
[]
[]
[]
[null,"CRITERIO RECEITA FEDERAL",null,"1.1",null,null,null,"1.2",null,null,null,"1.3"]
[null,"CHP e CHI:"]
[null,null,{"$f":"[5]Equipamentos!C16","v":"Aferidor de manômetro de 0 a 150 bar "},null,null,null,{"$f":"[5]Equipamentos!C17","v":"Almotolia de bico flexível 500ml"},null,null,null,{"$f":"[5]Equipamentos!C18","v":"Almotolia de bico rígido 500ml"}]
[null,null,"Cód.Comp.","Índice",{"$f":"C1118","v":"COT_AFER"},null,"Cód.Comp.","Índice",{"$f":"G1118","v":"COT_ALMO_FLEX"},null,"Cód.Comp.","Índice",{"$f":"K1118","v":"COT_ALMO_RIG"},null,"1º.Pag.","ATUAL","Dif.","+ ou -"]
[null,null,{"$f":"E1117","v":"COT_AFER"},null,null,null,{"$f":"[5]Equipamentos!B17","v":"COT_ALMO_FLEX"},"COTAÇÃO",null,null,{"$f":"[5]Equipamentos!B18","v":"COT_ALMO_RIG"}]
[null,"Mês Ref."]
[null,"Valor de Aquisição",null,null,1599.96,null,null,null,38.97,null,null,null,55.05]
[null,"taxa residual (%)",null,50,{"$f":"(D1121/100)*E1120","v":799.98},null,null,50,{"$f":"(H1121/100)*I1120","v":19.484999999999999},null,null,50,{"$f":"(L1121/100)*M1120","v":27.524999999999999}]
[null,"Vida útil (anos)",null,2,null,null,null,2,null,null,null,2]
[null,"Depreciação anual (R$)",null,null,{"$f":"(E1120-E1121)/D1122","v":399.99},null,null,null,{"$f":"(I1120-I1121)/H1122","v":9.7424999999999997},null,null,null,{"$f":"(M1120-M1121)/L1122","v":13.762499999999999}]
[{"$nulls":14},"Observação: vida útil adaptada para dois anos, na talha manual, devido ao desgaste com a intensidade (uso severo) dos serviços propostos utilizando o mesmo"]
[]
[]
[]
[null,"Valor Mensal (R$)",null,null,{"$f":"E1123/12","v":33.332500000000003},null,null,null,{"$f":"I1123/12","v":0.81187500000000001},null,null,null,{"$f":"M1123/12","v":1.1468749999999999}]
[]
[]
[]
[null,"CRITERIO RECEITA FEDERAL",null,"1.5",null,null,null,"1.6",null,null,null,"1.8"]
[null,"CHP e CHI:"]
[null,null,{"$f":"[5]Equipamentos!C20","v":"Bancada para oficina (Dim: 1,2m x 2,5m) "},null,null,null,{"$f":"[5]Equipamentos!C21","v":"Bomba de graxa manual 5kg "},null,null,null,{"$f":"[5]Equipamentos!C23","v":"Chave de impacto 46mm boca/estria "}]
[null,null,"Cód.Comp.","Índice",{"$f":"C1136","v":"COT_BANC_OFIC"},null,"Cód.Comp.","Índice",{"$f":"G1136","v":"COT_BOMB_GRAX"},null,"Cód.Comp.","Índice",{"$f":"K1136","v":"COT_CHAV_46"},null,"1º.Pag.","ATUAL","Dif.","+ ou -"]
[null,null,{"$f":"[5]Equipamentos!B20","v":"COT_BANC_OFIC"},null,null,null,{"$f":"[5]Equipamentos!B21","v":"COT_BOMB_GRAX"},"COTAÇÃO",null,null,{"$f":"[5]Equipamentos!B23","v":"COT_CHAV_46"}]
[null,"Mês Ref."]
[null,"Valor de Aquisição",null,null,2023.53,null,null,null,273.83999999999997,null,null,null,126.53]
[null,"taxa residual (%)",null,50,{"$f":"(D1139/100)*E1138","v":1011.765},null,null,50,{"$f":"(H1139/100)*I1138","v":136.91999999999999},null,null,50,{"$f":"(L1139/100)*M1138","v":63.265000000000001}]
[null,"Vida útil (anos)",null,2,null,null,null,2,null,null,null,2]
[null,"Depreciação anual (R$)",null,null,{"$f":"(E1138-E1139)/D1140","v":505.88249999999999},null,null,null,{"$f":"(I1138-I1139)/H1140","v":68.459999999999994},null,null,null,{"$f":"(M1138-M1139)/L1140","v":31.6325}]
[{"$nulls":14},"Observação: vida útil adaptada para dois anos, na talha manual, devido ao desgaste com a intensidade (uso severo) dos serviços propostos utilizando o mesmo"]
[]
[]
[]
[null,"Valor Mensal (R$)",null,null,{"$f":"E1141/12","v":42.156874999999999},null,null,null,{"$f":"I1141/12","v":5.7049999999999992},null,null,null,{"$f":"M1141/12","v":2.6360416666666668}]
[]
[]
[]
[null,"CRITERIO RECEITA FEDERAL",null,"1.9",null,null,null,"1.10",null,null,null,"1.11"]
[null,"CHP e CHI:"]
[null,null,{"$f":"[5]Equipamentos!C24","v":"Chave de impacto 55mm boca/estria "},null,null,null,{"$f":"[5]Equipamentos!C25","v":"Chave de impacto 60mm boca/estria "},null,null,null,{"$f":"[5]Equipamentos!C26","v":"Chave de impacto 65mm boca/estria "}]
[null,null,"Cód.Comp.","Índice",{"$f":"C1154","v":"COT_CHAV_55"},null,"Cód.Comp.","Índice",{"$f":"G1154","v":"COT_CHAV_60"},null,"Cód.Comp.","Índice",{"$f":"K1154","v":"COT_CHAV_65"},null,"1º.Pag.","ATUAL","Dif.","+ ou -"]
[null,null,{"$f":"[5]Equipamentos!B24","v":"COT_CHAV_55"},null,null,null,{"$f":"[5]Equipamentos!B25","v":"COT_CHAV_60"},"COTAÇÃO",null,null,{"$f":"[5]Equipamentos!B26","v":"COT_CHAV_65"}]
[null,"Mês Ref."]
[null,"Valor de Aquisição",null,null,264,null,null,null,293.42,null,null,null,306.3]
[null,"taxa residual (%)",null,50,{"$f":"(D1157/100)*E1156","v":132},null,null,15,{"$f":"(H1157/100)*I1156","v":44.012999999999998},null,null,15,{"$f":"(L1157/100)*M1156","v":45.945}]
[null,"Vida útil (anos)",null,2,null,null,null,6,null,null,null,6]
[null,"Depreciação anual (R$)",null,null,{"$f":"(E1156-E1157)/D1158","v":66},null,null,null,{"$f":"(I1156-I1157)/H1158","v":41.567833333333333},null,null,null,{"$f":"(M1156-M1157)/L1158","v":43.392500000000005}]
[{"$nulls":14},"Observação: vida útil adaptada para dois anos, na talha manual, devido ao desgaste com a intensidade (uso severo) dos serviços propostos utilizando o mesmo"]
[]
[]
[]
[null,"Valor Mensal (R$)",null,null,{"$f":"E1159/12","v":5.5},null,null,null,{"$f":"I1159/12","v":3.4639861111111112},null,null,null,{"$f":"M1159/12","v":3.6160416666666673}]
[]
[]
[]
[null,"CRITERIO RECEITA FEDERAL",null,"1.12",null,null,null,"1.13",null,null,null,"1.14"]
[null,"CHP e CHI:"]
[null,null,{"$f":"[5]Equipamentos!C27","v":"Chave de impacto 70mm boca/estria "},null,null,null,{"$f":"[5]Equipamentos!C28","v":"Chave de impacto 75mm boca/estria"},null,null,null,{"$f":"[5]Equipamentos!C29","v":"Chave de impacto 85mm boca/estria"}]
[null,null,"Cód.Comp.","Índice",{"$f":"C1172","v":"COT_CHAV_70"},null,"Cód.Comp.","Índice",{"$f":"G1172","v":"COT_CHAV_75"},null,"Cód.Comp.","Índice",{"$f":"K1172","v":"COT_CHAV_85"},null,"1º.Pag.","ATUAL","Dif.","+ ou -"]
[null,null,{"$f":"[5]Equipamentos!B27","v":"COT_CHAV_70"},null,null,null,{"$f":"[5]Equipamentos!B28","v":"COT_CHAV_75"},"COTAÇÃO",null,null,{"$f":"[5]Equipamentos!B29","v":"COT_CHAV_85"}]
[null,"Mês Ref."]
[null,"Valor de Aquisição",null,null,320.22000000000003,null,null,null,499.77,null,null,null,854.63]
[null,"taxa residual (%)",null,50,{"$f":"(D1175/100)*E1174","v":160.11000000000001},null,null,15,{"$f":"(H1175/100)*I1174","v":74.965499999999992},null,null,15,{"$f":"(L1175/100)*M1174","v":128.19450000000001}]
[null,"Vida útil (anos)",null,2,null,null,null,6,null,null,null,6]
[null,"Depreciação anual (R$)",null,null,{"$f":"(E1174-E1175)/D1176","v":80.055000000000007},null,null,null,{"$f":"(I1174-I1175)/H1176","v":70.800749999999994},null,null,null,{"$f":"(M1174-M1175)/L1176","v":121.07258333333334}]
[{"$nulls":14},"Observação: vida útil adaptada para dois anos, na talha manual, devido ao desgaste com a intensidade (uso severo) dos serviços propostos utilizando o mesmo"]
[]
[]
[]
[null,"Valor Mensal (R$)",null,null,{"$f":"E1177/12","v":6.6712500000000006},null,null,null,{"$f":"I1177/12","v":5.9000624999999998},null,null,null,{"$f":"M1177/12","v":10.089381944444446}]
[]
[]
[]
[null,"CRITERIO RECEITA FEDERAL",null,"1.15",null,null,null,"1.16",null,null,null,"1.17"]
[null,"CHP e CHI:"]
[null,null,{"$f":"[5]Equipamentos!C30","v":"Cinta para elevação de carga (comprimento: 3m / capacidade de carga: 3t)"},null,null,null,{"$f":"[5]Equipamentos!C31","v":"Cinta para elevação de carga  (comprimento: 6m / capacidade de carga: 20t)"},null,null,null,{"$f":"[5]Equipamentos!C32","v":"Cortador a frio para tubos - Cortador Tubo Ferro Ferrari 1/8\" - 2\""}]
[null,null,"Cód.Comp.","Índice",{"$f":"C1190","v":"COT_CINT_3T"},null,"Cód.Comp.","Índice",{"$f":"G1190","v":"COT_CINT_20T"},null,"Cód.Comp.","Índice",{"$f":"K1190","v":"COT_CORT"},null,"1º.Pag.","ATUAL","Dif.","+ ou -"]
[null,null,{"$f":"[5]Equipamentos!B30","v":"COT_CINT_3T"},null,null,null,{"$f":"[5]Equipamentos!B31","v":"COT_CINT_20T"},"COTAÇÃO",null,null,{"$f":"[5]Equipamentos!B32","v":"COT_CORT"}]
[null,"Mês Ref."]
[null,"Valor de Aquisição",null,null,110.65,null,null,null,1315.95,null,null,null,1029.2]
[null,"taxa residual (%)",null,50,{"$f":"(D1193/100)*E1192","v":55.325000000000003},null,null,50,{"$f":"(H1193/100)*I1192","v":657.97500000000002},null,null,50,{"$f":"(L1193/100)*M1192","v":514.6}]
[null,"Vida útil (anos)",null,2,null,null,null,2,null,null,null,2]
[null,"Depreciação anual (R$)",null,null,{"$f":"(E1192-E1193)/D1194","v":27.662500000000001},null,null,null,{"$f":"(I1192-I1193)/H1194","v":328.98750000000001},null,null,null,{"$f":"(M1192-M1193)/L1194","v":257.3}]
[{"$nulls":14},"Observação: vida útil adaptada para dois anos, na talha manual, devido ao desgaste com a intensidade (uso severo) dos serviços propostos utilizando o mesmo"]
[]
[]
[]
[null,"Valor Mensal (R$)",null,null,{"$f":"E1195/12","v":2.3052083333333333},null,null,null,{"$f":"I1195/12","v":27.415625000000002},null,null,null,{"$f":"M1195/12","v":21.441666666666666}]
[]
[]
[]
[null,"CRITERIO RECEITA FEDERAL",null,"1.18",null,null,null,"1.21",null,null,null,"1.22"]
[null,"CHP e CHI:"]
[null,null,{"$f":"[5]Equipamentos!C33","v":"Curvador de tubos (Até 1”) - Curvador e Dobrador De Tubos Manual"},null,null,null,{"$f":"[5]Equipamentos!C36","v":"Escada metálica de 07 degraus "},null,null,null,{"$f":"[5]Equipamentos!C37","v":"Escada articulada multifuncional 4x4 16 degraus"}]
[null,null,"Cód.Comp.","Índice",{"$f":"C1208","v":"COT_CURV"},null,"Cód.Comp.","Índice",{"$f":"G1208","v":"COT_ESCA_07"},null,"Cód.Comp.","Índice",{"$f":"K1208","v":"COT_ESCA_16"},null,"1º.Pag.","ATUAL","Dif.","+ ou -"]
[null,null,{"$f":"[5]Equipamentos!B33","v":"COT_CURV"},null,null,null,{"$f":"[5]Equipamentos!B36","v":"COT_ESCA_07"},"COTAÇÃO",null,null,{"$f":"[5]Equipamentos!B37","v":"COT_ESCA_16"}]
[null,"Mês Ref."]
[null,"Valor de Aquisição",null,null,2235.58,null,null,null,365.29,null,null,null,906.92]
[null,"taxa residual (%)",null,50,{"$f":"(D1211/100)*E1210","v":1117.79},null,null,50,{"$f":"(H1211/100)*I1210","v":182.64500000000001},null,null,50,{"$f":"(L1211/100)*M1210","v":453.46}]
[null,"Vida útil (anos)",null,2,null,null,null,2,null,null,null,2]
[null,"Depreciação anual (R$)",null,null,{"$f":"(E1210-E1211)/D1212","v":558.89499999999998},null,null,null,{"$f":"(I1210-I1211)/H1212","v":91.322500000000005},null,null,null,{"$f":"(M1210-M1211)/L1212","v":226.73}]
[{"$nulls":14},"Observação: vida útil adaptada para dois anos, na talha manual, devido ao desgaste com a intensidade (uso severo) dos serviços propostos utilizando o mesmo"]
[]
[]
[]
[null,"Valor Mensal (R$)",null,null,{"$f":"E1213/12","v":46.574583333333329},null,null,null,{"$f":"I1213/12","v":7.6102083333333335},null,null,null,{"$f":"M1213/12","v":18.894166666666667}]
[]
[]
[]
[null,"CRITERIO RECEITA FEDERAL",null,"1.23",null,null,null,"1.26",null,null,null,"1.27"]
[null,"CHP e CHI:"]
[null,null,{"$f":"[5]Equipamentos!C38","v":"Esmerilhadeira angular de 4 ½” "},null,null,null,{"$f":"[5]Equipamentos!C41","v":"TORQUEADEIRA RT-50 ATLAS COPCO (ENCAIXE 2.1/2\") - DE 10.675NM A 71.169NM"},null,null,null,{"$f":"[5]Equipamentos!C42","v":"Indutor elétrico para aquecimento de rolamentos (JM 500) "}]
[null,null,"Cód.Comp.","Índice",{"$f":"C1226","v":"COT_ESME"},null,"Cód.Comp.","Índice",{"$f":"G1226","v":"COT_TORQ"},null,"Cód.Comp.","Índice",{"$f":"K1226","v":"COT_INDU"},null,"1º.Pag.","ATUAL","Dif.","+ ou -"]
[null,null,{"$f":"[5]Equipamentos!B38","v":"COT_ESME"},null,null,null,{"$f":"[5]Equipamentos!B41","v":"COT_TORQ"},"COTAÇÃO","VALOR DE LOCAÇÃO",null,{"$f":"[5]Equipamentos!B42","v":"COT_INDU"}]
[null,"Mês Ref."]
[null,"Valor de Aquisição",null,null,349.05,{"$nulls":7},17132.830000000002]
[null,"taxa residual (%)",null,50,{"$f":"(D1229/100)*E1228","v":174.52500000000001},{"$nulls":6},50,{"$f":"(L1229/100)*M1228","v":8566.4150000000009}]
[null,"Vida útil (anos)",null,2,{"$nulls":7},2]
[null,"Depreciação anual (R$)",null,null,{"$f":"(E1228-E1229)/D1230","v":87.262500000000003},{"$nulls":7},{"$f":"(M1228-M1229)/L1230","v":4283.2075000000004}]
[{"$nulls":14},"Observação: vida útil adaptada para dois anos, na talha manual, devido ao desgaste com a intensidade (uso severo) dos serviços propostos utilizando o mesmo"]
[]
[]
[]
[null,"Valor Mensal (R$)",null,null,{"$f":"E1231/12","v":7.2718750000000005},null,null,null,10733.82,null,null,null,{"$f":"M1231/12","v":356.93395833333335}]
[]
[]
[]
[null,"CRITERIO RECEITA FEDERAL",null,"1.28",null,null,null,"1.29",null,null,null,"1.30"]
[null,"CHP e CHI:"]
[null,null,{"$f":"[5]Equipamentos!C43","v":"Lixadeira 4 1/2\" "},null,null,null,{"$f":"[5]Equipamentos!C44","v":"Macaco de comando a distância 20 t - Macaco Hidráulico 20 Toneladas Tipo Garrafa"},null,null,null,{"$f":"[5]Equipamentos!C45","v":"Macaco de comando a distância 50 t - Macaco Hidráulico 50 Toneladas Tipo Garrafa"}]
[null,null,"Cód.Comp.","Índice",{"$f":"C1244","v":"COT_LIXA"},null,"Cód.Comp.","Índice",{"$f":"G1244","v":"COT_MACA_20T"},null,"Cód.Comp.","Índice",{"$f":"K1244","v":"COT_MACA_50T"},null,"1º.Pag.","ATUAL","Dif.","+ ou -"]
[null,null,{"$f":"[5]Equipamentos!B43","v":"COT_LIXA"},null,null,null,{"$f":"[5]Equipamentos!B44","v":"COT_MACA_20T"},"COTAÇÃO",null,null,{"$f":"[5]Equipamentos!B45","v":"COT_MACA_50T"}]
[null,"Mês Ref."]
[null,"Valor de Aquisição",null,null,433,null,null,null,807.64,null,null,null,1616.88]
[null,"taxa residual (%)",null,50,{"$f":"(D1247/100)*E1246","v":216.5},null,null,50,{"$f":"(H1247/100)*I1246","v":403.82},null,null,50,{"$f":"(L1247/100)*M1246","v":808.44}]
[null,"Vida útil (anos)",null,2,null,null,null,2,null,null,null,2]
[null,"Depreciação anual (R$)",null,null,{"$f":"(E1246-E1247)/D1248","v":108.25},null,null,null,{"$f":"(I1246-I1247)/H1248","v":201.91},null,null,null,{"$f":"(M1246-M1247)/L1248","v":404.22}]
[{"$nulls":14},"Observação: vida útil adaptada para dois anos, na talha manual, devido ao desgaste com a intensidade (uso severo) dos serviços propostos utilizando o mesmo"]
[]
[]
[]
[null,"Valor Mensal (R$)",null,null,{"$f":"E1249/12","v":9.0208333333333339},null,null,null,{"$f":"I1249/12","v":16.825833333333332},null,null,null,{"$f":"M1249/12","v":33.685000000000002}]
[]
[]
[]
[null,"CRITERIO RECEITA FEDERAL"]
[null,"CHP e CHI:",null,"1.31",null,null,null,"1.32",null,null,null,"1.34"]
[null,null,{"$f":"[5]Equipamentos!C46","v":"Macaco tipo elevador capacidade de 2 t - Macaco Hidráulico 2 Toneladas tipo Garrafa"},null,null,null,{"$f":"[5]Equipamentos!C47","v":"Macaco tipo girafa de 2 t - Guincho Hidráulico 2 Toneladas com Prolongador"},null,null,null,{"$f":"[5]Equipamentos!C49","v":"Morsa para bancada nº 08 "}]
[null,null,"Cód.Comp.","Índice",{"$f":"C1262","v":"COT_MACA_2T"},null,"Cód.Comp.","Índice",{"$f":"G1262","v":"COT_MACA_GIR"},null,"Cód.Comp.","Índice",{"$f":"K1262","v":"COT_MORS"},null,"1º.Pag.","ATUAL","Dif.","+ ou -"]
[null,null,{"$f":"[5]Equipamentos!B46","v":"COT_MACA_2T"},null,null,null,{"$f":"[5]Equipamentos!B47","v":"COT_MACA_GIR"},"COTAÇÃO",null,null,{"$f":"[5]Equipamentos!B49","v":"COT_MORS"}]
[null,"Mês Ref."]
[null,"Valor de Aquisição",null,null,196.04,null,null,null,4476.0600000000004,null,null,null,446.37]
[null,"taxa residual (%)",null,50,{"$f":"(D1265/100)*E1264","v":98.02},null,null,50,{"$f":"(H1265/100)*I1264","v":2238.0300000000002},null,null,50,{"$f":"(L1265/100)*M1264","v":223.185}]
[null,"Vida útil (anos)",null,2,null,null,null,2,null,null,null,2]
[null,"Depreciação anual (R$)",null,null,{"$f":"(E1264-E1265)/D1266","v":49.01},null,null,null,{"$f":"(I1264-I1265)/H1266","v":1119.0150000000001},null,null,null,{"$f":"(M1264-M1265)/L1266","v":111.5925}]
[{"$nulls":14},"Observação: vida útil adaptada para dois anos, na talha manual, devido ao desgaste com a intensidade (uso severo) dos serviços propostos utilizando o mesmo"]
[]
[]
[]
[null,"Valor Mensal (R$)",null,null,{"$f":"E1267/12","v":4.0841666666666665},null,null,null,{"$f":"I1267/12","v":93.251250000000013},null,null,null,{"$f":"M1267/12","v":9.2993749999999995}]
[]
[]
[]
[null,"CRITERIO RECEITA FEDERAL"]
[null,"CHP e CHI:",null,"1.35",null,null,null,"1.37",null,null,null,"1.38"]
[null,null,{"$f":"[5]Equipamentos!C51","v":"Bomba Submersível 5 Cv Trifásica 380V, Q=2 - 52 m3/h e H= 3-25 mca.(Poço de rebaixamento do Res. de areias (Estrutura de Controle)"},null,null,null,{"$f":"[5]Equipamentos!C52","v":"Motoesmeril de 1cv - 3.500 RPM "},null,null,null,{"$f":"[5]Equipamentos!C53","v":"Multiplicador de Torque Manual 2700 N.m/2000 lb.ft CDI GA190"}]
[null,null,"Cód.Comp.","Índice",{"$f":"C1280","v":"COT_BOMB_SUB"},null,"Cód.Comp.","Índice",{"$f":"G1280","v":"COT_MOTO_ESMER"},null,"Cód.Comp.","Índice",{"$f":"K1280","v":"COT_MULT"},null,"1º.Pag.","ATUAL","Dif.","+ ou -"]
[null,null,{"$f":"[5]Equipamentos!B51","v":"COT_BOMB_SUB"},null,null,null,{"$f":"[5]Equipamentos!B52","v":"COT_MOTO_ESMER"},"COTAÇÃO",null,null,{"$f":"[5]Equipamentos!B53","v":"COT_MULT"}]
[null,"Mês Ref."]
[null,"Valor de Aquisição",null,null,14152.55,null,null,null,1067.8699999999999,null,null,null,3203.56]
[null,"taxa residual (%)",null,50,{"$f":"(D1283/100)*E1282","v":7076.2749999999996},null,null,50,{"$f":"(H1283/100)*I1282","v":533.93499999999995},null,null,50,{"$f":"(L1283/100)*M1282","v":1601.78}]
[null,"Vida útil (anos)",null,2,null,null,null,2,null,null,null,2]
[null,"Depreciação anual (R$)",null,null,{"$f":"(E1282-E1283)/D1284","v":3538.1374999999998},null,null,null,{"$f":"(I1282-I1283)/H1284","v":266.96749999999997},null,null,null,{"$f":"(M1282-M1283)/L1284","v":800.89}]
[{"$nulls":14},"Observação: vida útil adaptada para dois anos, na talha manual, devido ao desgaste com a intensidade (uso severo) dos serviços propostos utilizando o mesmo"]
[]
[]
[]
[null,"Valor Mensal (R$)",null,null,{"$f":"E1285/12","v":294.84479166666665},null,null,null,{"$f":"I1285/12","v":22.247291666666666},null,null,null,{"$f":"M1285/12","v":66.740833333333327}]
[]
[]
[]
[null,"CRITERIO RECEITA FEDERAL"]
[null,"CHP e CHI:",null,"1.40",null,null,null,"1.41",null,null,null,"1.45"]
[null,null,{"$f":"[5]Equipamentos!C55","v":"Parafusadeira elétrica a bateria "},null,null,null,{"$f":"[5]Equipamentos!C56","v":"Prensa hidráulica de 10 ton "},null,null,null,{"$f":"[5]Equipamentos!C60","v":"Tifor 3t"}]
[null,null,"Cód.Comp.","Índice",{"$f":"C1298","v":"COT_PARA"},null,"Cód.Comp.","Índice",{"$f":"G1298","v":"COT_PREN"},null,"Cód.Comp.","Índice",{"$f":"K1298","v":"COT_TIFO"},null,"1º.Pag.","ATUAL","Dif.","+ ou -"]
[null,null,{"$f":"[5]Equipamentos!B55","v":"COT_PARA"},null,null,null,{"$f":"[5]Equipamentos!B56","v":"COT_PREN"},"COTAÇÃO",null,null,{"$f":"[5]Equipamentos!B60","v":"COT_TIFO"}]
[null,"Mês Ref."]
[null,"Valor de Aquisição",null,null,948.98,null,null,null,1466.85,null,null,null,4609.42]
[null,"taxa residual (%)",null,50,{"$f":"(D1301/100)*E1300","v":474.49},null,null,50,{"$f":"(H1301/100)*I1300","v":733.42499999999995},null,null,50,{"$f":"(L1301/100)*M1300","v":2304.71}]
[null,"Vida útil (anos)",null,2,null,null,null,2,null,null,null,2]
[null,"Depreciação anual (R$)",null,null,{"$f":"(E1300-E1301)/D1302","v":237.245},null,null,null,{"$f":"(I1300-I1301)/H1302","v":366.71249999999998},null,null,null,{"$f":"(M1300-M1301)/L1302","v":1152.355}]
[{"$nulls":14},"Observação: vida útil adaptada para dois anos, na talha manual, devido ao desgaste com a intensidade (uso severo) dos serviços propostos utilizando o mesmo"]
[]
[]
[]
[null,"Valor Mensal (R$)",null,null,{"$f":"E1303/12","v":19.770416666666666},null,null,null,{"$f":"I1303/12","v":30.559374999999999},null,null,null,{"$f":"M1303/12","v":96.029583333333335}]
[]
[]
[]
[null,"CRITERIO RECEITA FEDERAL"]
[null,"CHP e CHI:"]
[null,null,{"$f":"[5]Equipamentos!C19","v":"Andaime metálico tipo fachadeiro Dim: Largura= 1,20m / Altura por peça= 2,00m. (Altura Total=10m - 5 peças por conjunto)"}]
[null,null,"Cód.Comp.","Índice",{"$f":"C1316","v":"COT_ANDA"},null,"Cód.Comp.","Índice",null,null,"Cód.Comp.","Índice",null,null,"1º.Pag.","ATUAL","Dif.","+ ou -"]
[null,null,{"$f":"[5]Equipamentos!B19","v":"COT_ANDA"}]
[null,"Mês Ref."]
[null,"Valor de locação",null,null,25.93,null,null,null,{"$f":"[5]Equipamentos!AA374","v":0},null,null,null,{"$f":"[5]Equipamentos!AA375","v":0}]
[null,"taxa residual (%)",{"$nulls":5},50,{"$f":"(H1319/100)*I1318","v":0},null,null,50,{"$f":"(L1319/100)*M1318","v":0}]
[null,"Vida útil (anos)",{"$nulls":5},2,null,null,null,2]
[null,"Depreciação anual (R$)",{"$nulls":6},{"$f":"(I1318-I1319)/H1320","v":0},null,null,null,{"$f":"(M1318-M1319)/L1320","v":0}]
[]
[]
[]
[]
[null,"Valor Mensal (R$)",null,null,25.93,null,null,null,{"$f":"I1321/12","v":0},null,null,null,{"$f":"M1321/12","v":0}]
[]
[]
[]
["COMPOSIÇÕES - EQUIPAMENTOS - ELÉTRICA"]
[]
[]
[]
[null,"CRITERIO RECEITA FEDERAL",null,"2.6",{"$nulls":4},"2.8"]
[null,"CHP e CHI:"]
[null,null,"Fonte de alimentação com tensão variável (10236 - ORSE/SE)",null,null,null,"Furadeira Manual (I9376 - SEINFRA/CE)"]
[null,null,"Cód.Comp.","Índice","ORSE (SE)",null,"Cód.Comp.","Índice","SEINFRA/CE",null,"Cód.Comp.","Índice","SINAPI (PE)",null,"1º.Pag.","ATUAL","Dif.","+ ou -"]
[null,null,"ORSE (SE)",null,10236,null,"SEINFRA/CE",null,"I9376"]
[null,"Mês Ref.",null,null,"2022-03-01",null,null,null,"027"]
[null,"Valor de Aquisição",10236,1,193,null,"I9376",1,903]
[null,"taxa residual (%)",null,50,{"$f":"(D1341/100)*$E$1340","v":96.5},null,null,50,{"$f":"(H1341/100)*$I$1340","v":451.5}]
[null,"Vida útil (anos)",null,2,null,null,null,2]
[null,"Depreciação anual (R$)",null,null,{"$f":"(E1340-E1341)/D1342","v":48.25},null,null,null,{"$f":"(I1340-I1341)/H1342","v":225.75}]
[{"$nulls":14},"Observação: vida útil adaptada para dois anos, na talha manual, devido ao desgaste com a intensidade (uso severo) dos serviços propostos utilizando o mesmo"]
[]
[]
[]
[null,"Valor Mensal (R$)",null,null,{"$f":"E1343/12","v":4.020833333333333},null,null,null,{"$f":"I1343/12","v":18.8125}]
[]
[]
[]
[null,"CRITERIO RECEITA FEDERAL"]
[null,"CHP e CHI:"]
[null,null,{"$f":"[5]Equipamentos!C64","v":"Analisador de grandezas elétricas trifásico, display LCD colorido 5,6\", TRMS 1.000 V, corrente 3.000A "},null,null,null,{"$f":"[5]Equipamentos!C65","v":"Bancada de teste, amperimetro 150A, voltímetro 40V "},null,null,null,{"$f":"[5]Equipamentos!C66","v":"Bancada protegida contra eletricidade estática "}]
[null,null,"Cód.Comp.","Índice",{"$f":"C1356","v":"COT_ANAL"},null,"Cód.Comp.","Índice",{"$f":"G1356","v":"COT_BANC_TESTE"},null,"Cód.Comp.","Índice",{"$f":"K1356","v":"COT_BANC_PROT"},null,"1º.Pag.","ATUAL","Dif.","+ ou -"]
[null,null,{"$f":"[5]Equipamentos!B64","v":"COT_ANAL"},null,null,null,{"$f":"[5]Equipamentos!B65","v":"COT_BANC_TESTE"},"COTAÇÃO",null,null,{"$f":"[5]Equipamentos!B66","v":"COT_BANC_PROT"}]
[null,"Mês Ref."]
[null,"Valor de Aquisição",null,null,35072.980000000003,null,null,null,6021.78,null,null,null,3221.2]
[null,"taxa residual (%)",null,50,{"$f":"(D1359/100)*E1358","v":17536.490000000002},null,null,50,{"$f":"(H1359/100)*I1358","v":3010.89},null,null,50,{"$f":"(L1359/100)*M1358","v":1610.6}]
[null,"Vida útil (anos)",null,2,null,null,null,2,null,null,null,2]
[null,"Depreciação anual (R$)",null,null,{"$f":"(E1358-E1359)/D1360","v":8768.2450000000008},null,null,null,{"$f":"(I1358-I1359)/H1360","v":1505.4449999999999},null,null,null,{"$f":"(M1358-M1359)/L1360","v":805.3}]
[{"$nulls":14},"Observação: vida útil adaptada para dois anos, na talha manual, devido ao desgaste com a intensidade (uso severo) dos serviços propostos utilizando o mesmo"]
[]
[]
[]
[null,"Valor Mensal (R$)",null,null,{"$f":"E1361/12","v":730.68708333333336},null,null,null,{"$f":"I1361/12","v":125.45375},null,null,null,{"$f":"M1361/12","v":67.108333333333334}]
[]
[]
[]
[null,"CRITERIO RECEITA FEDERAL"]
[null,"CHP e CHI:"]
[null,null,{"$f":"[5]Equipamentos!C67","v":"Data Logger de 4 a 20 mA (verificação de intermitência em instrumentação) "},null,null,null,{"$f":"[5]Equipamentos!C70","v":"Fonte de bancada 12 V "},null,null,null,{"$f":"[5]Equipamentos!C72","v":"Gerador de corrente e tensão de 0 a 20 mA e 0 a 10V, precisão de 0,1% "}]
[null,null,"Cód.Comp.","Índice",{"$f":"C1374","v":"COT_DATA"},null,"Cód.Comp.","Índice",{"$f":"G1374","v":"COT_FONT"},null,"Cód.Comp.","Índice",{"$f":"K1374","v":"COT_GERA"},null,"1º.Pag.","ATUAL","Dif.","+ ou -"]
[null,null,{"$f":"[5]Equipamentos!B67","v":"COT_DATA"},null,null,null,{"$f":"[5]Equipamentos!B70","v":"COT_FONT"},"COTAÇÃO",null,null,{"$f":"[5]Equipamentos!B72","v":"COT_GERA"}]
[null,"Mês Ref."]
[null,"Valor de Aquisição",null,null,1104.53,null,null,null,733.94,null,null,null,166.31]
[null,"taxa residual (%)",null,50,{"$f":"(D1377/100)*E1376","v":552.26499999999999},null,null,50,{"$f":"(H1377/100)*I1376","v":366.97},null,null,50,{"$f":"(L1377/100)*M1376","v":83.155000000000001}]
[null,"Vida útil (anos)",null,2,null,null,null,2,null,null,null,2]
[null,"Depreciação anual (R$)",null,null,{"$f":"(E1376-E1377)/D1378","v":276.13249999999999},null,null,null,{"$f":"(I1376-I1377)/H1378","v":183.48500000000001},null,null,null,{"$f":"(M1376-M1377)/L1378","v":41.577500000000001}]
[{"$nulls":14},"Observação: vida útil adaptada para dois anos, na talha manual, devido ao desgaste com a intensidade (uso severo) dos serviços propostos utilizando o mesmo"]
[]
[]
[]
[null,"Valor Mensal (R$)",null,null,{"$f":"E1379/12","v":23.011041666666667},null,null,null,{"$f":"I1379/12","v":15.290416666666667},null,null,null,{"$f":"M1379/12","v":3.4647916666666667}]
[]
[]
[]
[null,"CRITERIO RECEITA FEDERAL"]
[null,"CHP e CHI:"]
[null,null,{"$f":"[5]Equipamentos!C73","v":"Kit para enchimento e complementação para gás SF6, composto de adaptador ,regulador, mangueira e manômetro padrão "},null,null,null,{"$f":"[5]Equipamentos!C74","v":"TTR - medidor digital de relação de espiras, escala de medição 0,8000:1 a 8.000,0: 1 "}]
[null,null,"Cód.Comp.","Índice",{"$f":"C1392","v":"COT_KIT "},null,"Cód.Comp.","Índice",{"$f":"G1392","v":"COT_TTR "},null,"Cód.Comp.","Índice",{"$f":"K1392","v":0},null,"1º.Pag.","ATUAL","Dif.","+ ou -"]
[null,null,{"$f":"[5]Equipamentos!B73","v":"COT_KIT "},null,null,null,{"$f":"[5]Equipamentos!B74","v":"COT_TTR "},"COTAÇÃO"]
[null,"Mês Ref."]
[null,"Valor de Aquisição",null,null,20949.419999999998,null,null,null,24441.08]
[null,"taxa residual (%)",null,50,{"$f":"(D1395/100)*E1394","v":10474.709999999999},null,null,50,{"$f":"(H1395/100)*I1394","v":12220.54},null,null,50,{"$f":"(L1395/100)*M1394","v":0}]
[null,"Vida útil (anos)",null,2,null,null,null,2,null,null,null,2]
[null,"Depreciação anual (R$)",null,null,{"$f":"(E1394-E1395)/D1396","v":5237.3549999999996},null,null,null,{"$f":"(I1394-I1395)/H1396","v":6110.27},null,null,null,{"$f":"(M1394-M1395)/L1396","v":0}]
[{"$nulls":14},"Observação: vida útil adaptada para dois anos, na talha manual, devido ao desgaste com a intensidade (uso severo) dos serviços propostos utilizando o mesmo"]
[]
[]
[]
[null,"Valor Mensal (R$)",null,null,{"$f":"E1397/12","v":436.44624999999996},null,null,null,{"$f":"I1397/12","v":509.18916666666672},null,null,null,{"$f":"M1397/12","v":0}]

{"sheet":"Ferramentas","index":28,"n_rows":253,"n_cols":13,"rows_kept":253,"cut":false,"hidden":false,"merged":[[241,0,241,6],[237,5,237,6],[238,5,238,6],[239,5,239,6],[240,5,240,6],[237,0,237,4],[238,0,238,4],[239,0,239,4],[240,0,240,4],[225,0,225,5],[230,5,230,6],[230,2,230,4],[167,0,167,5],[96,0,96,5],[227,0,227,5],[234,0,234,4],[234,5,234,6],[229,0,229,6],[232,2,232,4],[233,2,233,4],[231,5,231,6],[232,5,232,6],[233,5,233,6],[231,2,231,4],[242,0,242,6],[13,2,13,6],[98,2,98,6],[169,2,169,6],[0,2,0,6],[1,2,1,6],[2,2,2,6],[4,0,5,6],[7,0,7,6],[9,5,9,6],[9,4,10,4],[9,3,10,3],[9,2,10,2],[9,0,10,0],[9,1,10,1],[11,2,11,6]]}
[null,null,"Ministério do Desenvolvimento Regional  - MDR"]
[null,null,"Companhia de Desenvolvimento dos Vales do São Francisco e do Parnaíba"]
[null,null,"Gerência de Operação do PISF - Centro de Controle e Operação (AD / GOI / CCO)"]
[]
[{"$f":"Equipamentos!A5","v":"TERMO DE REFERÊNCIA PARA CONTRATAÇÃO DOS RECURSOS NECESSÁRIOS À OPERAÇÃO E MANUTENÇÃO DAS INFRAESTRUTURAS DO EIXO LESTE DO PISF - PROJETO DE INTEGRAÇÃO DO SÃO FRANCISCO COM AS BACIAS HIDROGRÁFICAS DO NORDESTE SETENTRIONAL"}]
[]
[]
["FERRAMENTAS"]
[]
["ITEM","CÓDIGO","DESCRIÇÃO","UNIDADE","QUANTIDADE","VALOR (R$)"]
[{"$nulls":5},"UNITARIO","TOTAL"]
[null,null,{"$f":"A8","v":"FERRAMENTAS"}]
[]
["1.",null,"FERRAMENTAS - MECÂNICA"]
["1.1",null,"Alavanca para mecânico 38,4 cm ","un",6,255.68,{"$f":"ROUND(E15*F15,2)","v":1534.08},null,6,{"$f":"ROUNDDOWN((I15/2),0)","v":3}]
["1.2","11240 - ORSE","Alicate de bico com isolamento para 1000V","un",9,43.9,{"$f":"ROUND(E16*F16,2)","v":395.1},null,9,{"$f":"ROUNDDOWN((I16/2),0)","v":4}]
["1.3","38470 - SINAPI","Alicate de corte diagonal","um",9,45.9,413.1,null,9,{"$f":"ROUNDDOWN((I17/2),0)","v":4}]
["1.4","38471 - SINAPI","Alicate para anéis externo pontas retas","un",9,108.29,974.61,null,9,4]
["1.5","38471 - SINAPI","Alicate para anéis externos ponta curva 90°","un",9,108.29,974.61,null,9,4]
["1.6","38471 - SINAPI","Alicate para anéis internos","un",9,108.29,974.61,null,9,4]
["1.7",null,"Alicate de pressão modelo curvo reto, 10\", 250mm","un",9,46.04,414.36,null,9,4]
["1.8","11240 - ORSE","Alicate universal, 8\", com isolação 1000 V","un",9,43.9,395.1,null,9,4]
["1.9","10585 - ORSE","Arco de Serra manual (com serra)","un",6,21.25,127.5,null,6,3]
["1.10",null,"Cabo de força T com encaixe de ½”, ¾” e 1” para soquetes ","un",6,304.87,1829.22,null,6,3]
["1.11","5090 - SINAPI","Cadeado 30mm","un",9,22,198,null,9,4]
["1.12","00425 - ORSE","Cadeado 40mm","un",9,23.55,211.95,null,9,4]
["1.13",null,"Calibrador de folgas de 0,03 mm - 0,50 mm 17 Lâminas (Jogo)","un",6,86.56,519.36,null,6,3]
["1.14",null,"Canivete sem ponta inox com lâmina larga","un",9,30.9,278.10000000000002,null,9,4]
["1.15",null,"Chave ajustável oxidada n.º 08","un",9,64.86,583.74,null,9,4]
["1.16",null,"Chave combinada 1\" x 5/16\"","un",9,99.24,893.16,null,9,4]
["1.17",null,"Chave combinada 22 mm","un",9,29.78,268.02,null,9,4]
["1.18",null,"Chave combinada n.º 5/16\"","un",9,14.29,128.61000000000001,null,9,4]
["1.19",null,"Chave cruzada 8 x 150","un",9,12.8,115.2,null,9,4]
["1.20",null,"Chave de boca 3/4\" x 25/32\"","un",9,26.65,239.85,null,9,4]
["1.21",null,"Chave de boca 5/16\" x 1/4\"","un",9,14.89,134.01,null,9,4]
["1.22",null,"Chave de fenda 1/4x10","un",9,14.18,127.62,null,9,4]
["1.23",null,"Chave de fenda 1/8x3","un",9,7.1,63.9,null,9,4]
["1.24",null,"Chave de fenda 3/16x6","un",9,8.27,74.430000000000007,null,9,4]
["1.25",null,"Chave de fenda 3/8x10","un",9,22.65,203.85,null,9,4]
["1.26",null,"Chave de fenda 8x150","un",9,15.57,140.13,null,9,4]
["1.27",null,"Chave de fenda cruzada (Philips) 1/4\" x 1. 1/2\"","un",9,15.62,140.58000000000001,null,9,4]
["1.28",null,"Chave de fenda tipo toco 1/4\" x 1. 1/2\"","un",9,12.59,113.31,null,9,4]
["1.29",null,"Chave grifo americana n.º 8 200mm","un",6,54.54,327.24,null,6,3]
["1.30",null,"Chave grifo americana n.º 18 450mm","un",6,138.34,830.04,null,6,3]
["1.31",null,"Chave Philips","un",9,15.24,137.16,null,9,4]
["1.32",null,"Chave soquete tipo canhão 1/2\"","un",3,28.13,84.39,null,3,1]
["1.33",null,"Chave soquete tipo canhão 1/4\"","un",3,18.149999999999999,54.45,null,3,1]
["1.34",null,"Chave soquete tipo canhão 11/32\"","un",3,23.9,71.7,null,3,1]
["1.35",null,"Chave soquete tipo canhão 3/8\"","un",3,24.94,74.819999999999993,null,3,1]
["1.36",null,"Chave soquete tipo canhão 7/16\"","un",3,32.17,96.51,null,3,1]
["1.37",null,"Chave soquete tipo canhão 9/16\"","un",3,26.21,78.63,null,3,1]
["1.38","12 - SINAPI","Escova de aço, com cabo, *4 X 15* fileiras de cerdas","un",3,135.44,406.32,null,3,1]
["1.39","04725 - ORSE","Espátula n.º 38A-23","un",9,18.5,166.5,"ok",9,4]
["1.40","38380 - SINAPI","Esquadro Profissional 12\" (em aço)","un",6,37.83,226.98,null,6,3]
["1.41",null,"Extensão elétrica 20m 2x2,50mm com carretel","un",6,302.85000000000002,1817.1,null,6,3]
["1.42",null,"Faca reta desencapadora com isolamento para 1000V","un",9,125.84,1132.56,null,9,4]
["1.43",null,"Funil para troca de óleo","un",6,30.45,182.7,null,6,3]
["1.44",null,"Jogo de broca de aço de 6 a 19mm (concreto parede)","un",9,117.4,1056.5999999999999,null,9,4]
["1.45",null,"Jogo de soquete Estriado de 1/2 Pol. Com 22 peças ","un",6,332.52,1995.12,null,6,3]
["1.46",null,"Jogo de chave combinada de nº 6 a nº 50","un",9,907.32,8165.88,null,9,4]
["1.47",null,"Jogo de chave hexagonal (Allen) em polegada","un",9,74.319999999999993,668.88,null,9,4]
["1.48",null,"Jogo de chave hexagonal (Allen) nº 03 a 17mm","un",9,87.63,788.67,null,9,4]
["1.49",null,"Jogo de chave Phillips com isolamento para 1000V","un",9,206.74,1860.66,null,9,4]
["1.50",null,"Jogo de chave soquete 22 mm a 50 mm","un",6,919.84,5519.04,null,6,3]
["1.51",null,"Jogo de chaves de fenda com isolamento para 1000V","un",9,120.88,1087.92,null,9,4]
["1.52",null,"Jogo para Reparo de Rosca Postiça Master M5xM12","un",6,331.57,1989.42,null,6,3]
["1.53","11400/ORSE","Lanterna grande - 10 Million","un",6,31.52,189.12,"ok",6,3]
["1.54","10592/ORSE","Lima chata paralela murça 6\"","un",9,34.47,310.23,"ok",9,4]
["1.55","J040001106/EMBASA","Lima paralela bastarda 6\"","un",9,28.6,257.39999999999998,"ok",9,4]
["1.56",null,"Lima redonda murça 6\"","un",9,26.48,238.32,null,9,4]
["1.57",null,"Kit Estojo de Limas Murça 19 peças","un",9,73.89,665.01,null,9,4]
["1.58",null,"Mala de ferramenta com 05 gavetas","un",9,168.32,1514.88,null,9,4]
["1.59","4729 - ORSE","Marreta 1kg","un",9,28.8,259.2,null,9,4]
["1.60","J02000073/EMBASA","Marreta 2 kg com cabo de fibra","un",6,17.100000000000001,102.6,"ok",6,3]
["1.61","J020000076/EMBASA","Marreta de 5kg com cabo de madeira","un",6,19.739999999999998,118.44,"ok",6,3]
["1.62","J030000145/EMBASA","Martelo bola  1kg cabo em madeira ","un",9,42.9,386.1,"ok",9,4]
["1.63","11265/ORSE","Martelo de borracha 32 Cm","un",9,11.5,103.5,"ok",9,4]
["1.64",null,"Nível a laser com base magnética e tripé","un",6,408.64,2451.84,null,6,3]
["1.65",null,"Nível de mão – metálico e magnético","un",6,40.39,242.34,null,6,3]
["1.66",null,"Pe De Cabra, 900 Mm, Sextavado, Pintado","un",6,62.67,{"$f":"ROUND(E80*F80,2)","v":376.02},null,6,3]
["1.67","38377 - SINAPI","Prumo de centro","un",6,47.85,287.10000000000002,null,6,{"$f":"ROUNDDOWN((I81/2),0)","v":3}]
["1.68",null,"Punção de centro 100 x 4 mm","un",9,17.87,160.83000000000001,null,9,4]
["1.69",null,"Punção de centro 150 x 6 mm","un",9,19.170000000000002,172.53,null,9,4]
["1.70","J030000058/EMBASA","CONJUNTO DE SACA-PINOS","un",9,169.57,1526.13,"ok",9,4]
["1.71",null,"Saca pino 08mm","un",9,0,0,34.15,9,4]
["1.72",null,"Saca pino 17 mm","un",9,0,0,24.07,9,4]
["1.73",null,"Saca pino paralelo 150x4","un",9,0,0,23.9,9,4]
["1.74",null,"Saca pino paralelo 150x6","un",9,0,0,23.68,9,4]
["1.75",null,"Saca pino paralelo 150x8","un",9,0,0,26.89,9,4]
["1.76",null,"Saca polia 10\"","un",3,1449.71,4349.13,null,3,1]
["1.77",null,"Soquete Sextavado Quadra 1\" 65 mm","un",3,343.68,1031.04,null,3,1]
["1.78",null,"Soquete Sextavado Quadra 1\" 70 mm","un",3,313.25,939.75,null,3,1]
["1.79",null,"Soquete Sextavado Quadra 1\" 75/55 mm","un",3,429.92,1289.76,null,3,1]
["1.80","11271/ORSE","Talhadeira De Aço Com Empunhadura De Proteção 10''","un",9,29.69,267.20999999999998,null,9,4]
["1.81",null,"Torquímetro de estalo 50 - 400 N.m","un",3,3163.81,9491.43,null,3,1]
["1.82",null,"Trena Metálica 8 m","un",6,68.81,412.86,null,6,3]
[{"$f":"\"TOTAL - \"&C14&\" - (R$):\"","v":"TOTAL - FERRAMENTAS - MECÂNICA - (R$):"},{"$nulls":5},{"$f":"SUBTOTAL(9,G14:G96)","v":68428.169999999984}]
[]
["2.",null,"FERRAMENTAS - ELÉTRICA"]
["2.1",null,"Adaptador universal de tomadas","un",46,10.039999999999999,{"$f":"ROUND(E100*F100,2)","v":461.84},null,46,{"$f":"ROUNDDOWN((I100/2),0)","v":23}]
["2.2",null,"Alavanca reta, 1,75 m","un",10,470.8,4708,null,10,5]
["2.3",null,"Alicate bico chato/pato, 6\"","un",13,36.119999999999997,469.56,null,13,6]
["2.4","38470 - SINAPI","Alicate cortador de cabos diagonal, 6\"","un",23,45.9,1055.7,null,23,11]
["2.5",null,"Alicate cortador de cabos frontal, 6\"","un",13,267.36,3475.68,null,13,6]
["2.6",null,"Alicate/Tesoura cortador manual de cabos de até 300mm², 225mm","un",13,1062.75,13815.75,null,13,6]
["2.7","38547 - SINAPI","Alicate crimpador, RJ-11/RJ-45, 200mm","un",2,125.25,250.5,null,2,1]
["2.8","38547 - SINAPI","Alicate crimpador,  RG-59 e RG-6, 130mm","un",2,125.25,250.5,null,2,1]
["2.9","11272 - ORSE","Alicate crimpador para terminais 1,0 a 10mm², 220mm","un",13,97.93,1273.0899999999999,null,13,6]
["2.10","11272 - ORSE","Alicate crimpador para terminais 10 a 120mm², 620mm","un",1,97.93,97.93,null,1,0]
["2.11","11272 - ORSE","Alicate crimpador 11\", 280mm","un",2,97.93,195.86,null,2,1]
["2.12",null,"Alicate crimpador, hidráulico, prensa terminal,  com matriz de 10 a 300mm²","un",1,835.33,835.33,null,1,0]
["2.13","11275 - ORSE","Alicate de pressão, 10\", 250mm","un",13,59.25,770.25,null,13,6]
["2.14","11240 - ORSE","Alicate profissional universal, 8\". Material: Cromo Vanadium","un",13,43.9,570.70000000000005,null,13,6]
["2.15","11240 - ORSE","Alicate universal, 8\", com isolação 1000 V","un",10,43.9,439,null,10,5]
["2.16","10585 - ORSE","Arco de Serra manual (com serra)","un",23,21.25,488.75,null,23,11]
["2.17",null,"Aspirador de Pó / Liquidos 2 Motores de 1200W 220V AA280 ","un",2,2181.69,4363.38,"ok",2,1]
["2.18",null,"Bastão isolante universal Ø 38 mm, 6 m, com 2 cabeçotes","un",2,1530.51,3061.02,null,2,1]
["2.19",null,"Bastão de resgate - 35 kV, 220 mm","un",2,1170.68,2341.36,null,2,1]
["2.20",null,"Chave de boca ajustável 8\"","un",10,36.909999999999997,369.1,null,10,5]
["2.21",null,"Chave de boca ajustável 12\"","un",10,115.7,1157,null,10,5]
["2.22",null,"Chave de boca ajustável 18\"","un",10,429.6,4296,null,10,5]
["2.23","00425 - ORSE","Cadeado 40mm","un",27,23.55,635.85,null,27,13]
["2.24",null,"Caixa de ferramentas para eletricista NR10 com 34 peças - Equipes de Manutenção","un",6,5562.35,33374.1,"ok",6,3]
["2.25",null,"Caixa de ferramentas para eletricista NR10 com 34 peças para operadores EB","un",6,{"$f":"F123","v":5562.35},33374.1,"ok",6,3]
["2.26",null,"Caixa de ferramentas com 40 peças (Para técnicos de automação e telecom)","un",2,2314.2600000000002,4628.5200000000004,null,2,1]
["2.27",null,"Caixa de ferramentas tipo sanfonada, confeccionada  em chapa de aço, com rodas e puxador","un",13,148.93,1936.09,null,13,6]
["2.28",null,"Câmera fotográfica digital 20MP, 5x Zoom Óptico","un",2,849.64,1699.28,null,2,1]
["2.29",null,"Chave com catraca 4 bocas 8x9x10x11 mm (Ref. 44637101 ou similar)","un",10,199.97,1999.7,null,10,5]
["2.30",null,"Conjunto de aterramento rápido e temporário para cubículos até 35kV","un",2,3394.48,6788.96,null,2,1]
["2.31",null,"Conjunto de aterramento rápido e temporário para redes isoladas até 1kV","un",2,1090.55,2181.1,null,2,1]
["2.32",null,"Conjunto de aterramento temporário até 15 kV","un",2,3853.03,7706.06,null,2,1]
["2.33",null,"Conjunto de chaves básicas para eletricista com 06 peças","un",10,105.17,1051.7,null,10,5]
["2.34",null,"Detector de Tensão por contato 1kV","un",15,715.66,10734.9,null,23,11]
["2.35",null,"Detector unipolar de tensão por aproximação - 10 KV","un",5,1435.99,7179.95,null,13,6]
["2.36",null,"Encerado de lona (3x2 m)","un",5,49.13,245.65,null,10,5]
["2.37","38477/SINAPI","Escada perfil \"U\" de fibra de vidro extensiva - altura esticada 8,40 m - 15 kV","un",5,1153.4100000000001,5767.05,"ok",10,5]
["2.38","Banco de Preços (Pregão Eletrônico - FUND.P/CONSERV.PROD.FLORESTAL DO EST.SP\nGOVERNO DO ESTADO DE SÃO PAULO), 04/2022","Escada de fibra de vidro tipo \"A\" - 10 degraus","un",2,2710,5420,null,2,1]
["2.39","12 - SINAPI","Escova com cerdas de aço para condutores","un",10,11.88,118.8,null,10,5]
["2.40",null,"Ferramenta universal para bastão de manobra - Cabeçote para grampo de aterramento","un",2,263.06,526.12,null,2,1]
["2.41",null,"Fumigador para apicultura","un",10,208.21,{"$f":"ROUND(E140*F140,2)","v":2082.1},null,10,{"$f":"ROUNDDOWN((I140/2),0)","v":5}]
["2.42","11248/ORSE","Furadeira elétrica de impacto 1/2\" Ø 13mm, 800W, 1050 A, 2800 rpm e 220V","un",10,246,2460,"ok",10,5]
["2.43","Licitação - Banco de preços (SECRETARIA DA SEGURANCA PUBLICA\nSãO PAULO-06/2022)","Jogo de chave canhão com 12 unidades","un",10,229,2290,"ok",10,5]
["2.44",null,"Jogo de chave combinada com 16 unidades (sextavado/boca fixa) de 1/4\" a 1.1/4\" (6,35 mm a 31,75 mm)","un",10,653.17999999999995,6531.8,null,10,5]
["2.45",null,"Jogo de soquetes estriado com encaixe 1/2\" com 38 soquetes - 10-32mmn","un",10,436.95,4369.5,null,10,5]
["2.46",null,"Jogo de chaves biela 12 peças tipo L 8 a 19mm","un",10,225.28,2252.8000000000002,null,10,5]
["2.47",null,"Jogo de chave de fenda e philips com haste protegida para eletricista com 07 peças","un",10,531.11,5311.1,null,10,5]
["2.48",null,"Kit de reparo eletrônico (ferro de solda, sugador de placa de circuito impresso, componentes sobressalentes)","un",2,206.08,412.16,null,2,1]
["2.49",null,"Kit ferramenta fibra óptica (clivador +alicate decapador + alicate stripper + bolsa + 2 chaves allen + recipiente para álcool + guia) + Medidor de potência para fibra óptica (Power Meter Medidor Potência Fibra Óptica + Caneta Laser 10W)","un",2,378.32,756.64,null,2,1]
["2.50",null,"Kit ferramentas telecom ( tipo TRAMONTINA PRO 44970053 ou similar)","un",2,2326.59,4653.18,null,2,1]
["2.51","11396 - ORSE","Lanterna tática grande - 5.500.000 lumens","un",10,16.579999999999998,165.8,null,10,5]
["2.52","10592/ORSE","Lima chata murça 8\" com cabo","un",1,34.47,34.47,null,1,0]
["2.53","J040001106/EMBASA","Lima chata bastarda 10\"","un",1,28.6,28.6,null,1,0]
["2.54","036147/SINAPI","Luva isolante classe 00 - 2,5kV","un",13,410.4,5335.2,null,13,6]
["2.55","\tB.07.000.049767/CPOS","Luva isolante classe 3 - 30kV","un",13,527.09,6852.17,null,13,6]
["2.56","J020000076/EMBASA","Marreta de 5kg com cabo de madeira","un",10,19.739999999999998,197.4,null,10,5]
["2.57",null,"Martelete Perfurador/Rompedor Profissional 220V, 800W, 870 RPM","un",1,1017.75,1017.75,null,1,0]
["2.58","J030000145/EMBASA","Martelo-bola 1kg com cabo de madeira","un",10,42.9,429,null,10,5]
["2.59","11244/ORSE","Martelo universal (de unha) 25mm com cabo de madeira","un",10,37.9,379,null,10,5]
["2.60","31.41.36/SUDECAP","Pá-de-bico com cabo de madeira","un",10,27.95,279.5,null,10,5]
["2.61","11248/ORSE","Parafusadeira/Furadeira elétrica com fio - 220V, 400W","un",10,246,2460,null,10,5]
["2.62",null,"Punho saca fusível NH tamanho 000 a 4, 1kV","un",10,209.04,2090.4,null,10,5]
["2.63",null,"Soprador Costal 2T 59,2CC à Gasolina","un",2,1642.94,3285.88,null,2,1]
["2.64",null,"Soprador térmico 2000W, 220V","un",1,531.33000000000004,531.33000000000004,null,1,0]
["2.65","I2587/SEINFRA","Talha manual Tirfor 1.600kgf/cm² com alavanca","un",1,2694,2694,null,1,0]
["2.66",null,"Testador de bastão de manobra para isolador","un",1,4950,4950,"ok",1,0]
["2.67",null,"Teste de Bateria Digital com Impressora Térmica Embutida","un",6,1779.9,10679.4,"ok",6,3]
["2.68",null,"Testador Teste Crimpagem Cabo Rede Lan Rj45 Rj11","un",2,52.07,104.14,null,2,1]
[{"$f":"\"TOTAL - \"&C99&\" - (R$):\"","v":"TOTAL - FERRAMENTAS - ELÉTRICA - (R$):"},{"$nulls":5},{"$f":"SUBTOTAL(9,G99:G167)","v":242747.55}]
[]
["3.",null,"FERRAMENTAS - CIVIL"]
["3.1",null," Alavanca sextavada ponta pá curva para construção civil","un",29,181.03,{"$f":"ROUND(E171*F171,2)","v":5249.87},null,59,{"$f":"ROUNDDOWN((I171/2),0)","v":29}]
["3.2",null," Ansinho curvo robusto 12 dentes com cabo de madeira","un",29,40.229999999999997,{"$f":"ROUND(E172*F172,2)","v":1166.67},null,59,29]
["3.3","10585 - ORSE","Arco de Serra manual (com serra)","un",12,21.25,255,null,12,6]
["3.4","10 - SINAPI"," Balde 10 l ","un",57,12.14,691.98,null,118,59]
["3.5",null,"Binóculo Profissional Ampliação 8 à 24x 50mm","un",10,204.37,2043.7,null,10,5]
["3.6",null,"Câmera fotográfica digital 20MP, 5x Zoom Óptico","un",6,797.32,4783.92,null,6,3]
["3.7",null," Carrinho para transporte de motor de popa até 40 Hp","un",12,350.35,4204.2,null,12,6]
["3.8","2711 - SINAPI"," Carro de mão ","un",114,238,27132,null,236,118]
["3.9",null," Cavador articulado com cabo de madeira 110cm","un",29,62.75,1819.75,null,59,29,null,{"$f":"32.7*0.8","v":26.160000000000004},{"$f":"2000*L179","v":52320.000000000007}]
["3.10",null," Chibanca metálica com cabo de madeira","un",100,113.28,11328,null,207,103,null,{"$f":"L179*2500","v":65400.000000000007}]
["3.11","J040001052/EMBASA"," Colher de pedreiro nº 9 ","un",2,13.76,27.52,null,7,3]
["3.12",null," Conjunto de ferramentas básicas para encanador ","un",3,424.23,1272.69,null,3,1]
["3.13",null," Conjunto de ferramentas básicas para pedreiro ","un",2,223.21,446.42,null,7,3,null,{"$f":"32000-27500","v":4500}]
["3.14","38200/COMPESA"," Corda de bombeiro 12mm em nylon trançado (rolo de 100 m) ","un",5,640.24,3201.2,null,9,4,null,{"$f":"L183/32000","v":0.140625},{"$f":"66000*0.86","v":56760}]
["3.15",null," Desempenadeira de aço dentada ","un",5,23.06,115.3,null,9,4]
["3.16","4174/ORSE"," Desempenadeira de aço lisa ","un",5,10.8,54,null,9,4,null,{"$f":"8000/32000","v":0.25}]
["3.17","M0076/SICRO3"," Disco corte abrasivo 18\" para aço 178x1,6x22,2mm","un",3,15.36,46.08,null,6,3]
["3.18","38403 - SINAPI"," Enxada estreita de 240 x 230 mm, sem cabo ","un",100,58.96,5896,null,207,103]
["3.19","38477 - SINAPI"," Escada articulada multifuncional 16 degraus ","un",7,1254.9100000000001,8784.3700000000008,null,12,6]
["3.20","12 - SINAPI","Escova de aco, com cabo, *4 x 15* fileiras de cerdas ","un",7,11.88,83.16,null,12,6]
["3.21","38367 - SINAPI","Espátula aço inox, 8cm - cabo de madeira ","un",7,23.81,166.67,null,12,6]
["3.22","38368 - SINAPI","Espátula de plástico lisa, largura 10 cm ","un",7,7.76,54.32,null,12,6]
["3.23","D249722458/EMBASA"," Esponja de limpeza ","un",60,3.9,234,null,105,52]
["3.24","38380 - SINAPI","Esquadro 90º x 30cm (12\") ","un",3,37.83,113.49,null,6,3]
["3.25","J020000046/EMBASA"," Estrovenga com cabo de madeira","un",100,32.9,3290,null,207,103]
["3.26",null,"Facão para mato, 18 pol","un",102,30.55,3116.1,null,211,105]
["3.27","J020000052/EMBASA","Foice 33mm com cabo de madeira","un",102,47.9,4885.8,null,211,105]
["3.28",null," Fumigador para apicultura ","un",14,198.45,2778.3,null,30,15]
["3.29","11400/ORSE"," Lanterna grande - 10 Million ","un",12,31.52,378.24,null,12,6]
["3.30","J020000061/EMBASA"," Machado lâmica 3,5 cabo de madeira 90 cm","un",43,42.43,1824.49,null,89,44]
["3.31","M2462/SICRO"," Mangueira de ¾ 50 MTS ","un",9,303.5,2731.5,null,15,7]
["3.32","00037458/SINAPI"," Mangueira de nível 5/16x1,3mm","un",10,45,450,null,18,9]
["3.33","11269 - ORSE"," Marreta de 1/2 kg com cabo ","un",11,13.52,148.72,null,24,12]
["3.34","J020000073/EMBASA"," Marreta oitavada de 2kg com cabo de madeira","un",11,17.100000000000001,188.1,null,24,12]
["3.35","J020000076/EMBASA","Marreta de 5kg com cabo de madeira","un",11,19.739999999999998,217.14,null,24,12]
["3.36","11244/ORSE"," Martelo com unha 25mm","un",11,37.9,416.9,null,24,12]
["3.37","11265/ORSE"," Martelo de borracha 32 Cm","un",3,11.5,34.5,null,5,2]
["3.38",null," Nível c/ bolha ajustável de inclinação, bolha fixa e prumo – 250mm ","un",3,62.88,188.64,null,5,2]
["3.39","10789/ORSE"," Nível de bolha de madeira ","un",3,16.5,49.5,null,5,2]
["3.40","10788/ORSE"," Pá quadrada com cabo de madeira","un",100,36.9,3690,null,207,103]
["3.41",null," Pé-de-cabra 3/4x60cm","un",29,66.709999999999994,1934.59,null,59,29]
["3.42","830101/IOPES"," Picareta 4 libras com cabo 90 cm","un",100,111.33,11133,null,207,103]
["3.43","038394/SINAPI"," Pistola para pintura pulverizadora 1L","un",3,317.52999999999997,952.59,null,5,2]
["3.44","4720/ORSE"," Ponteiro de aço liso 3/4","un",29,21.48,622.91999999999996,null,59,29]
["3.45","38377 - SINAPI"," Prumo de centro ","un",3,44.03,132.09,null,5,2]
["3.46","38376 - SINAPI"," Prumo de parede ","un",3,50.2,150.6,null,5,2]
["3.47","31.42.17/SUDECAP"," Rastelo (ASG) de plástico com cabo","un",29,32.99,956.71,null,59,29]
["3.48","8606/ORSE","Refletor redondo em alumínio anodizado para lâmpada vapor de mercúrio/sódio, corpo em aluminio com pintura epoxi, para lâmpada E-27 de 300 W, com suporte redondo e alça regulável para fixação. ","un",30,63.8,1914,null,30,15]
["3.49",null," Régua de alumínio - 2,00m ","un",3,40.44,121.32,null,5,2]
["3.50","10577/ORSE"," Serrote madeira 40cm ","un",11,30,330,null,24,12]
["3.51","4728/ORSE"," Talhadeira de aço chato 10\" ","un",29,13.85,401.65,null,59,29]
["3.52",null," Torqueza 8\"","un",15,22.62,339.3,null,15,7]
["3.53","078296/SBC","Trena Metálica 8 m","un",20,26,520,null,20,10]
["3.54","83.25.53/SUDECAP"," Trena de Fita 20m ","un",3,35.369999999999997,106.11,null,3,1]
["3.55","F099703003/EMBASA"," Trena de Fita 50m ","un",3,41.62,124.86,null,3,1]
[{"$f":"\"TOTAL - \"&C170&\" - (R$):\"","v":"TOTAL - FERRAMENTAS - CIVIL - (R$):"},{"$nulls":5},{"$f":"SUBTOTAL(9,G170:G225)","v":123297.98000000003}]
[]
[{"$f":"\"TOTAL - \"&C12&\" - (R$):\"","v":"TOTAL - FERRAMENTAS - (R$):"},{"$nulls":5},{"$f":"SUBTOTAL(9,G12:G227)","v":434473.6999999999},1158938.3999999999]
[]
[{"$f":"\"RESUMO - \"&A$8","v":"RESUMO - FERRAMENTAS"}]
["ITEM",null,"DESCRIÇÃO",null,null,"VALOR TOTAL (R$)"]
["01",null,{"$f":"C14","v":"FERRAMENTAS - MECÂNICA"},null,null,{"$f":"G97","v":68428.169999999984}]
["02",null,{"$f":"C99","v":"FERRAMENTAS - ELÉTRICA"},null,null,{"$f":"G168","v":242747.55}]
["03",null,{"$f":"C170","v":"FERRAMENTAS - CIVIL"},null,null,{"$f":"G226","v":123297.98000000003}]
[{"$f":"\"TOTAL GERAL - \"&A230&\" -  (R$):\"","v":"TOTAL GERAL - RESUMO - FERRAMENTAS -  (R$):"},{"$nulls":4},{"$f":"SUM(F232:G234)","v":434473.7},null,null,{"$f":"Ferramentas/1202493.25","v":0.36131071837617385}]
[]
[]
["NOME DO INFORMANTE:",{"$nulls":4},"QUALIFICAÇÃO:"]
[]
["ASSINATURA:",{"$nulls":4},"DATA:"]
[]
["OBSERVAÇÃO:"]
["TABELAS DE REFERÊNCIA"]
["SINAPI 04/2022"]
["ORSE 03/2022"]
["COMPESA 01/2022"]
["EMBASA 01/2022"]
["SUDECAP 02/2022"]
["IOPES 04/2022"]
["SBC 07/2022"]
["SICRO 01/2022"]
["SEINFRA"]
["CPOS 05/2022"]

{"sheet":"Instrumentos","index":29,"n_rows":74,"n_cols":11,"rows_kept":74,"cut":false,"hidden":false,"merged":[[76,0,76,6],[73,0,74,6],[59,0,59,5],[75,0,75,6],[57,0,57,5],[72,0,72,6],[70,0,70,4],[71,0,71,4],[70,5,70,6],[71,5,71,6],[50,0,50,5],[69,0,69,4],[61,0,61,6],[65,5,65,6],[66,5,66,6],[68,0,68,4],[62,2,62,4],[62,5,62,6],[63,2,63,4],[63,5,63,6],[66,0,66,4],[64,2,64,4],[64,5,64,6],[65,2,65,4],[68,5,68,6],[69,5,69,6],[14,2,14,6],[30,2,30,6],[52,2,52,6],[0,2,0,6],[1,2,1,6],[2,2,2,6],[4,0,5,6],[7,0,7,6],[28,0,28,5],[10,0,11,0],[10,2,11,2],[10,3,11,3],[10,4,11,4],[10,5,10,6],[10,1,11,1],[12,2,12,6]]}
[null,null,"Ministério do Desenvolvimento Regional  - MDR"]
[null,null,"Companhia de Desenvolvimento dos Vales do São Francisco e do Parnaíba"]
[null,null,"Gerência de Operação do PISF - Centro de Controle e Operação (AD / GOI / CCO)"]
[]
[{"$f":"Ferramentas!A5","v":"TERMO DE REFERÊNCIA PARA CONTRATAÇÃO DOS RECURSOS NECESSÁRIOS À OPERAÇÃO E MANUTENÇÃO DAS INFRAESTRUTURAS DO EIXO LESTE DO PISF - PROJETO DE INTEGRAÇÃO DO SÃO FRANCISCO COM AS BACIAS HIDROGRÁFICAS DO NORDESTE SETENTRIONAL"}]
[]
[]
["INSTRUMENTOS"]
[]
[]
["ITEM","CÓDIGO","DESCRIÇÃO","UNIDADE","QUANTIDADE","VALOR (R$)"]
[{"$nulls":5},"UNITARIO","TOTAL"]
[null,null,{"$f":"A8","v":"INSTRUMENTOS"}]
[]
["1.",null,"INSTRUMENTOS - MECÂNICA",{"$nulls":6},12,{"$f":"'ORCAMENTO_CONSOLIDADO (2)'!$K$1","v":6}]
["1.1",null,"Analisador de vibração VIB 496FFY VIBOTRON","un x mês",{"$f":"K16","v":6},{"$f":"CPU_Instrumentos!H15","v":524.0916666666667},{"$f":"ROUND(E16*F16,2)","v":3144.55},null,12,{"$f":"I16/$J$15","v":1},{"$f":"J16*$K$15","v":6}]
["1.2",{"$f":"CPU_Instrumentos!B16","v":"Banco de preços (NºPregão:102022 / UASG:153029, MINISTÉRIO DA EDUCAÇÃO\nUniversidade Tecnológica Federal do Paraná\nUTFPR - Campus Medianeira - Pregão Eletrônico, 06/2022)"},"Base magnética para relógio comparador","un x mês",{"$f":"K17","v":24},{"$f":"CPU_Instrumentos!H16","v":17.833333333333332},428,null,48,{"$f":"I17/$J$15","v":4},{"$f":"J17*$K$15","v":24}]
["1.3",{"$f":"CPU_Instrumentos!B17","v":"Banco de preços (NºPregão:282022 / UASG:984723, PREFEITURA MUNICIPAL DE JOÃO MONLEVADE/MG - Pregão Eletrônico, 07/2022)"},"Estetoscópio Kent","un x mês",12,{"$f":"CPU_Instrumentos!H17","v":12.166666666666666},146,null,24,{"$f":"I18/$J$15","v":2},12]
["1.4",null,"Micrômetro 100 à 200 externo","un x mês",12,{"$f":"CPU_Instrumentos!H18","v":55.650666666666666},667.81,null,24,2,12]
["1.5",{"$f":"CPU_Instrumentos!B19","v":"Banco de preços (NºPregão:752021 / UASG:168008, MINISTÉRIO DA DEFESA\nComando do Exército\nIndustria de Material Belico do Brasil/FE/RJ - Pregão Eletrônico, 01/2022)"},"Micrômetro externo 0 – 100mm","un x mês",12,{"$f":"CPU_Instrumentos!H19","v":23.400000000000002},280.8,null,24,2,12]
["1.6",{"$f":"CPU_Instrumentos!B20","v":"Banco de preços (NºPregão:222022 / UASG:153178 - MINISTÉRIO DA EDUCAÇÃO\nUniversidade Tecnológica Federal do Paraná\nUTFPR - Campus Ponta Grossa, Pregão Eletrônico - 07/2022)"},"Micrômetro interno 50 – 800mm","un x mês",12,{"$f":"CPU_Instrumentos!H20","v":121.08333333333333},1453,null,24,2,12]
["1.7",{"$f":"CPU_Instrumentos!B21","v":"Banco de preços (NºPregão:102022 / UASG:160353, MINISTÉRIO DA DEFESA\nComando do Exército\nComando Militar da Amazônia\n2ºGrupamento de Engenharia de Construção\n6ºBatalhão de Engenharia de Construção - Pregão eletrônico, 05/2022)"},"Nível ótico (Topcon AT-B2) ou similar","un x mês",6,{"$f":"CPU_Instrumentos!H21","v":115},690,null,12,1,6]
["1.8",{"$f":"CPU_Instrumentos!B22","v":"Banco de preços (NºPregão:252022 / UASG:154043, MINISTÉRIO DA EDUCAÇÃO\nUniversidade Federal de Uberlândia - Pregão Eletrônico, 06/2022)"},"Paquímetro digital 0 – 150mm/0,01mm","un x mês",12,{"$f":"CPU_Instrumentos!H22","v":6.6583333333333341},79.900000000000006,null,24,2,12]
["1.9",null,"Paquímetro universal 0 - 650mm/0,02mm","un x mês",12,{"$f":"CPU_Instrumentos!H23","v":116.69133333333333},1400.3,null,24,2,12]
["1.10",{"$f":"CPU_Instrumentos!B24","v":"Banco de preços (NºPregão:832021 / UASG:742050, MINISTÉRIO DA DEFESA\nCOMANDO DA MARINHA\nCentro de Intendência Tecnológico da Marinha em São Paulo - Pregão Eletrônico, 01/2022)"},"Relógio comparador 0 – 10/0,01mm digital","un x mês",24,{"$f":"CPU_Instrumentos!H24","v":8.7593333333333323},210.22,null,48,4,24]
["1.11",{"$f":"CPU_Instrumentos!B25","v":"Banco de preços (NºPregão:62022 / UASG:158445, MINISTÉRIO DA EDUCAÇÃO\nSECRETARIA DE EDUCAÇÃO PROFISSIONAL E TECNOLÓGICA\nInstituto Federal de Educação, Ciência e Tecnologia do Amazonas\nCampus Manaus Centro - Pregão Eletrônico, 07/2022)"},"Tacômetro digital 0,1 - 1,0 RPM DT - 2234 A","un x mês",6,{"$f":"CPU_Instrumentos!H25","v":13.064000000000002},78.38,null,12,1,6]
["1.12",{"$f":"CPU_Instrumentos!B26","v":"Banco de preços (NºPregão:7982021 / UASG:925373 - GOVERNO DO ESTADO DE RONDONIA\nSuperintendência Estadual de Compras e Licitações, Pregão Eletrônico - 01/2022)"},"Termômetro mira laser escala de -20 a 500ºC","un x mês",6,{"$f":"CPU_Instrumentos!H26","v":12.786333333333333},76.72,null,12,1,6]
["1.13",null,"Termovisor, com resolução Infravermelha de 120 x 90, Sensibilidade Térmica menor que 0,10 ºC, frequência da imagem de 9 Hz e faixa de temperatura –20 a 250 °C. ","un x mês",18,{"$f":"CPU_Instrumentos!H27","v":236.13233333333335},4250.38,null,36,3,18]
[{"$f":"\"TOTAL - \"&C15&\" - (R$):\"","v":"TOTAL - INSTRUMENTOS - MECÂNICA - (R$):"},{"$nulls":5},{"$f":"SUBTOTAL(9,G15:G28)","v":12906.059999999998},null,0,0,0]
[{"$nulls":8},0,0,0]
["2.",null,"INSTRUMENTOS - ELÉTRICA",{"$nulls":5},0,0,0]
["2.1",null,"Alicate Amperímetro (mod. 381 CA/CC True-rms 1000V CAT III (ou similar)","un x mês",{"$f":"K32","v":78},{"$f":"CPU_Instrumentos!H29","v":188.74099999999999},{"$f":"ROUND(E32*F32,2)","v":14721.8},null,156,13,78]
["2.2",{"$f":"CPU_Instrumentos!B30","v":"Banco de preços (UNIVERSIDADE ESTADUAL DE CAMPINAS\nSECR. DESENV. ECONOMICO\nCAMPINAS - Dispensa de Licitação, 01/2022)"},"Alicate amperímetro CA/CC de 600V, digital, CAT III FLUKE 305","un x mês",60,{"$f":"CPU_Instrumentos!H30","v":32.175000000000004},1930.5,null,120,10,60]
["2.3",null,"Alicate Medidor de qualidade de energia (mod. Fluke 345 ou  similar) ","un x mês",12,{"$f":"CPU_Instrumentos!H31","v":895.4616666666667},10745.54,null,24,2,12]
["2.4",null,"Boroscópio Digital Tela LCD 2,7 Pol. com Câmera de Inspeção e Saída USB ","un x mês",12,{"$f":"CPU_Instrumentos!H32","v":66.413333333333341},796.96,null,24,2,12]
["2.5",null,"Calibrador de processos multifunção digital (mod. Fluke 725 ou  similar) ","un x mês",12,{"$f":"CPU_Instrumentos!H33","v":916.66666666666663},11000,null,24,2,12]
["2.6",null,"Fasímetro, digital, categoria IV, 40~700Vca, 600V ","un x mês",60,{"$f":"CPU_Instrumentos!H34","v":66.572666666666677},3994.36,null,120,10,60]
["2.7",null,"Freqüencímetro gitital de bancada , 1GHz de 8 dígitos ","un x mês",6,{"$f":"CPU_Instrumentos!H35","v":32.847333333333331},197.08,null,12,1,6]
["2.8",null,"Medidor de distância, laser, amplitude de medição 1mm a 80m ","un x mês",6,{"$f":"CPU_Instrumentos!H36","v":40.501666666666665},243.01,null,12,1,6]
["2.9",null,"Medidor de resistência de aterramento e resistividade do solo (Faixa de medição de 0,02Ω a 300KΩ; Alcance de até 2 K Ω) com 02 pinças ","un x mês",6,{"$f":"CPU_Instrumentos!H37","v":776.61800000000005},4659.71,null,12,1,6]
["2.10",null,"Medidor de vazão portátil tipo Clamp-on ","un x mês",6,{"$f":"CPU_Instrumentos!H38","v":442},2652,null,12,1,6]
["2.11",null,"Megôhmetro digital de 15 kV, alcance de até 1 TΩ, Interface USB, IP54 ","un x mês",12,{"$f":"CPU_Instrumentos!H39","v":518.33333333333337},6220,null,24,2,12]
["2.12",null,"Multímetro digital, tensão DC/AC 50,000 mV a 1000V, 0,4% (True/RMS), frequencia 99,999Hz a 999,99KHz  \"FLUKE-87-V\" com pontas prova TWIST GUARD","un x mês",78,{"$f":"CPU_Instrumentos!H40","v":172.35933333333332},13444.03,null,156,13,78]
["2.13",null,"Multímetro digital para teste de equipotencialização (medições de baixas resistências), 100V, 10A, 0,1 Ω a 50 Ω ","un x mês",78,{"$f":"CPU_Instrumentos!H41","v":65.166666666666671},5083,null,156,13,78]
["2.14",{"$f":"CPU_Instrumentos!B42","v":"Banco de preços (NºPregão:42022 / UASG:784810, MINISTÉRIO DA DEFESA\nCOMANDO DA MARINHA\nCentro de Intendencia da Marinha em Belem - Pregão Eletrônico, 03/2022)"},"Osciloscópio portátil com frequência de trabalho de 100Mhz, LCD Colorido 7”,  CAT II 600V ","un x mês",6,{"$f":"CPU_Instrumentos!H42","v":79.833333333333329},479,null,12,1,6]
["2.15",null,"Power Meter (Medidor Potência Fibra Óptica) potência 1310 nm, 1490 nm e 1550 nm  + Caneta Laser 10w ","un x mês",12,{"$f":"CPU_Instrumentos!H43","v":5.5350000000000001},66.42,null,24,2,12]
["2.16",{"$f":"CPU_Instrumentos!B44","v":"Banco de preços (NºPregão:7982021 / UASG:925373, GOVERNO DO ESTADO DE RONDONIA\nSuperintendência Estadual de Compras e Licitações - Pregão Eletrônico, 01/2022)"},"Termômetro mira laser escala de -30ºC a 500ºc ","un x mês",78,{"$f":"CPU_Instrumentos!H44","v":12.786333333333333},997.33,null,156,13,78]
["2.17",{"$f":"CPU_Instrumentos!B45","v":"Banco de preços (NºPregão:22022 / UASG:156654, HOSPITAL DAS CLÍNICAS DA UNIVERSIDADE FEDERAL DE UBERLÂNDIA - Pregão Eletrônico, 01/2022)"},"Termovisor -20ºC a 350ºC, com camera de 5 megapixels, visor LCD de 3,5 polegadas ","un x mês",18,{"$f":"CPU_Instrumentos!H45","v":236.13233333333335},4250.38,null,36,3,18]
["2.18",null,"Testador de cabos RJ45 / 11, frequencia 200kHz, display LCD 3 ½ digitos, 600V ","un x mês",12,{"$f":"CPU_Instrumentos!H46","v":49.790333333333336},597.48,null,24,2,12]
["2.19",null,"Verificador elétrico de tensão 1000V, sem contato com cabo (mod. T6-1000 Fluke ou similar) ","un x mês",78,{"$f":"CPU_Instrumentos!H47","v":74.660666666666671},{"$f":"ROUND(E50*F50,2)","v":5823.53},null,156,13,78]
[{"$f":"\"TOTAL - \"&C31&\" - (R$):\"","v":"TOTAL - INSTRUMENTOS - ELÉTRICA - (R$):"},{"$nulls":5},{"$f":"SUBTOTAL(9,G31:G50)","v":87902.13},null,0,0,0]
[{"$nulls":8},0,0,0]
["3.",null,"INSTRUMENTOS - CIVIL",{"$nulls":5},0,0,0]
["3.1",{"$f":"CPU_Instrumentos!B49","v":"H019701007/EMBASA"},"GPS Geodésico portátil com visor 65K de cores legível sob luz solar, à prova d'água, geocaching informatizado e recurso de mapeamento ampliados.","un x mês",{"$f":"K54","v":6},{"$f":"CPU_Instrumentos!H49","v":133.33333333333334},{"$f":"TRUNC(E54*F54,2)","v":800},null,12,1,6]
["3.2",{"$f":"CPU_Instrumentos!B50","v":"Banco de preços - NºPregão:12021 / UASG:154849 - 01/2022 (MINISTÉRIO DA EDUCAÇÃO\nSecretaria Executiva\nSubsecretaria de Planejamento e Orçamento\nInstituto Federal de Educação, Ciência e Tecnologia de Pernambuco\n/Campus Cabo de Santo Agostinho)"},"Estação Total com leitura direta de 1 segundo e precisão de 2\". Prumo óptico na alidade. Interface com principais softwares do mercado, à prova d'água e poeira conforme norma internacional: IEC529. Com kit completo, inclusive tripé com pernas extensíveis.","un x mês",6,{"$f":"CPU_Instrumentos!H50","v":662.83333333333337},{"$f":"ROUND(E55*F55,2)","v":3977},null,12,1,6]
["3.3",null,"Nível automático com precisão de ± 1,0 mm/km duplo de nivelamento, aumento de imagem 32 vezes, limbo horizontal com escala de 1º, abertura da objetiva 45 mm, foco mínimo 1,60 m. Com tripé e mira.","un x mês",6,{"$f":"CPU_Instrumentos!H51","v":60.638333333333343},363.83,null,12,1,6]
["3.4",null,"(GNSS GPS Geodésico modo RTK Precisão horizontal 8mm + 1ppm e Precisão Vertical 15mm + 1ppm modelo CHC X91+)","un x mês",6,{"$f":"(7700+8030+8140)/3","v":7956.666666666667},{"$f":"ROUND(E57*F57,2)","v":47740},null,12,1,6]
[{"$f":"\"TOTAL - \"&C53&\" - (R$):\"","v":"TOTAL - INSTRUMENTOS - CIVIL - (R$):"},{"$nulls":5},{"$f":"SUBTOTAL(9,G53:G57)","v":52880.83}]
[]
[{"$f":"\"TOTAL - \"&C13&\" - (R$):\"","v":"TOTAL - INSTRUMENTOS - (R$):"},{"$nulls":5},{"$f":"SUBTOTAL(9,G13:G59)","v":153689.01999999999}]
[]
[{"$f":"\"RESUMO - \"&A$8","v":"RESUMO - INSTRUMENTOS"}]
["ITEM",null,"DESCRIÇÃO",null,null,"VALOR TOTAL (R$)"]
["01",null,{"$f":"C15","v":"INSTRUMENTOS - MECÂNICA"},null,null,{"$f":"G29","v":12906.059999999998}]
["02",null,{"$f":"C31","v":"INSTRUMENTOS - ELÉTRICA"},null,null,{"$f":"G51","v":87902.13}]
["03",null,{"$f":"C53","v":"INSTRUMENTOS - CIVIL"},null,null,{"$f":"G58","v":52880.83}]
[{"$f":"\"TOTAL GERAL - \"&A62&\" - (R$):\"","v":"TOTAL GERAL - RESUMO - INSTRUMENTOS - (R$):"},{"$nulls":4},{"$f":"SUM(F64:G66)","v":153689.02000000002}]
[]
["NOME DO INFORMANTE:",{"$nulls":4},"QUALIFICAÇÃO:"]
[]
["ASSINATURA:",{"$nulls":4},"DATA:"]
[]
["OBSERVAÇÃO:"]
["1. A unidade adotada na planilha (un x mês) foi de acordo com o cronograma de alocação de recursos materiais, onde foi feita a divisão de uso mensalmente de cada equipamento, por canteiro. Dessa forma, é possivel diluir o custo durante todo o período do contrato."]

{"sheet":"CPU_Instrumentos","index":30,"n_rows":78,"n_cols":9,"rows_kept":78,"cut":false,"hidden":false,"merged":[[75,0,75,6],[70,0,70,7],[65,0,65,2],[65,3,65,5],[11,0,12,0],[11,1,12,1],[11,2,12,2],[11,3,12,3],[11,4,12,4],[54,0,57,5],[59,0,59,5],[60,2,63,5],[11,6,12,6],[9,0,10,5],[9,6,10,7],[0,2,0,7],[1,2,1,7],[2,2,2,7],[4,0,5,7],[7,0,7,7]]}
[null,null,"Ministério do Desenvolvimento Regional -MDR"]
[null,null,"Companhia de Desenvolvimento dos Vales do São Francisco e do Parnaíba"]
[null,null,"Gerência de Operação do PISF-Centro de Controle e Operação (AD / GOI / CCO)"]
[]
[{"$f":"Instrumentos!A5","v":"TERMO DE REFERÊNCIA PARA CONTRATAÇÃO DOS RECURSOS NECESSÁRIOS À OPERAÇÃO E MANUTENÇÃO DAS INFRAESTRUTURAS DO EIXO LESTE DO PISF - PROJETO DE INTEGRAÇÃO DO SÃO FRANCISCO COM AS BACIAS HIDROGRÁFICAS DO NORDESTE SETENTRIONAL"}]
[]
[]
["COMPOSIÇÃO DE PREÇO - INSTRUMENTOS"]
[]
["VALOR DE AQUISIÇÃO ",{"$nulls":5},"VALOR DE LOCAÇÃO "]
[]
["ITEM","CÓDIGO","DESCRIÇÃO","UNIDADE","QUANTIDADE","VALOR (R$)","UNIDADE","VALOR (R$)"]
[{"$nulls":5},"UNITARIO",null,"UNITARIO"]
["1.",null,"INSTRUMENTOS - MECÂNICA"]
["1.1",null,"Analisador de vibração VIB 496FFY VIBOTRON","un",1,15722.75,"un x mês",{"$f":"((CPU_Instrumentos!F15*CPU_Instrumentos!$C$67))/'MC - VALORES ADICIONAIS'!$B$170","v":524.0916666666667},"ok"]
["1.2","Banco de preços (NºPregão:102022 / UASG:153029, MINISTÉRIO DA EDUCAÇÃO\nUniversidade Tecnológica Federal do Paraná\nUTFPR - Campus Medianeira - Pregão Eletrônico, 06/2022)","Base magnética para relógio comparador","un",4,535,"un x mês",{"$f":"((CPU_Instrumentos!F16*CPU_Instrumentos!$C$67))/'MC - VALORES ADICIONAIS'!$B$170","v":17.833333333333332}]
["1.3","Banco de preços (NºPregão:282022 / UASG:984723, PREFEITURA MUNICIPAL DE JOÃO MONLEVADE/MG - Pregão Eletrônico, 07/2022)","Estetoscópio Kent","un",2,365,"un x mês",{"$f":"((CPU_Instrumentos!F17*CPU_Instrumentos!$C$67))/'MC - VALORES ADICIONAIS'!$B$170","v":12.166666666666666}]
["1.4",null,"Micrômetro 100 à 200 externo","un",2,1669.52,"un x mês",{"$f":"((CPU_Instrumentos!F18*CPU_Instrumentos!$C$67))/'MC - VALORES ADICIONAIS'!$B$170","v":55.650666666666666}]
["1.5","Banco de preços (NºPregão:752021 / UASG:168008, MINISTÉRIO DA DEFESA\nComando do Exército\nIndustria de Material Belico do Brasil/FE/RJ - Pregão Eletrônico, 01/2022)","Micrômetro externo 0 – 100mm","un",2,702,"un x mês",{"$f":"((CPU_Instrumentos!F19*CPU_Instrumentos!$C$67))/'MC - VALORES ADICIONAIS'!$B$170","v":23.400000000000002}]
["1.6","Banco de preços (NºPregão:222022 / UASG:153178 - MINISTÉRIO DA EDUCAÇÃO\nUniversidade Tecnológica Federal do Paraná\nUTFPR - Campus Ponta Grossa, Pregão Eletrônico - 07/2022)","Micrômetro interno 50 – 800mm","un",2,3632.5,"un x mês",{"$f":"((CPU_Instrumentos!F20*CPU_Instrumentos!$C$67))/'MC - VALORES ADICIONAIS'!$B$170","v":121.08333333333333}]
["1.7","Banco de preços (NºPregão:102022 / UASG:160353, MINISTÉRIO DA DEFESA\nComando do Exército\nComando Militar da Amazônia\n2ºGrupamento de Engenharia de Construção\n6ºBatalhão de Engenharia de Construção - Pregão eletrônico, 05/2022)","Nível ótico (Topcon AT-B2) ou similar","un",1,3450,"un x mês",{"$f":"((CPU_Instrumentos!F21*CPU_Instrumentos!$C$67))/'MC - VALORES ADICIONAIS'!$B$170","v":115}]
["1.8","Banco de preços (NºPregão:252022 / UASG:154043, MINISTÉRIO DA EDUCAÇÃO\nUniversidade Federal de Uberlândia - Pregão Eletrônico, 06/2022)","Paquímetro digital 0 – 150mm/0,01mm","un",2,199.75,"un x mês",{"$f":"((CPU_Instrumentos!F22*CPU_Instrumentos!$C$67))/'MC - VALORES ADICIONAIS'!$B$170","v":6.6583333333333341}]
["1.9",null,"Paquímetro universal 0 - 650mm/0,02mm","un",2,3500.74,"un x mês",{"$f":"((CPU_Instrumentos!F23*CPU_Instrumentos!$C$67))/'MC - VALORES ADICIONAIS'!$B$170","v":116.69133333333333}]
["1.10","Banco de preços (NºPregão:832021 / UASG:742050, MINISTÉRIO DA DEFESA\nCOMANDO DA MARINHA\nCentro de Intendência Tecnológico da Marinha em São Paulo - Pregão Eletrônico, 01/2022)","Relógio comparador 0 – 10/0,01mm digital","un",4,262.77999999999997,"un x mês",{"$f":"((CPU_Instrumentos!F24*CPU_Instrumentos!$C$67))/'MC - VALORES ADICIONAIS'!$B$170","v":8.7593333333333323}]
["1.11","Banco de preços (NºPregão:62022 / UASG:158445, MINISTÉRIO DA EDUCAÇÃO\nSECRETARIA DE EDUCAÇÃO PROFISSIONAL E TECNOLÓGICA\nInstituto Federal de Educação, Ciência e Tecnologia do Amazonas\nCampus Manaus Centro - Pregão Eletrônico, 07/2022)","Tacômetro digital 0,1 - 1,0 RPM DT - 2234 A","un",1,391.92,"un x mês",{"$f":"((CPU_Instrumentos!F25*CPU_Instrumentos!$C$67))/'MC - VALORES ADICIONAIS'!$B$170","v":13.064000000000002}]
["1.12","Banco de preços (NºPregão:7982021 / UASG:925373 - GOVERNO DO ESTADO DE RONDONIA\nSuperintendência Estadual de Compras e Licitações, Pregão Eletrônico - 01/2022)","Termômetro mira laser escala de -20 a 500ºC","un",1,383.59,"un x mês",{"$f":"((CPU_Instrumentos!F26*CPU_Instrumentos!$C$67))/'MC - VALORES ADICIONAIS'!$B$170","v":12.786333333333333}]
["1.13",null,"Termovisor, com resolução Infravermelha de 120 x 90, Sensibilidade Térmica menor que 0,10 ºC, frequência da imagem de 9 Hz e faixa de temperatura –20 a 250 °C. ","un",3,7083.97,"un x mês",{"$f":"((CPU_Instrumentos!F27*CPU_Instrumentos!$C$67))/'MC - VALORES ADICIONAIS'!$B$170","v":236.13233333333335}]
["2.",null,"INSTRUMENTOS - ELÉTRICA"]
["2.1",null,"Alicate Amperímetro (mod. 381 CA/CC True-rms 1000V CAT III (ou similar)","un",13,5662.23,"un x mês",{"$f":"((CPU_Instrumentos!F29*CPU_Instrumentos!$C$67))/'MC - VALORES ADICIONAIS'!$B$170","v":188.74099999999999}]
["2.2","Banco de preços (UNIVERSIDADE ESTADUAL DE CAMPINAS\nSECR. DESENV. ECONOMICO\nCAMPINAS - Dispensa de Licitação, 01/2022)","Alicate amperímetro CA/CC de 600V, digital, CAT III FLUKE 305","un",10,965.25,"un x mês",{"$f":"((CPU_Instrumentos!F30*CPU_Instrumentos!$C$67))/'MC - VALORES ADICIONAIS'!$B$170","v":32.175000000000004}]
["2.3",null,"Alicate Medidor de qualidade de energia (mod. Fluke 345 ou  similar) ","un",2,26863.85,"un x mês",{"$f":"((CPU_Instrumentos!F31*CPU_Instrumentos!$C$67))/'MC - VALORES ADICIONAIS'!$B$170","v":895.4616666666667}]
["2.4",null,"Boroscópio Digital Tela LCD 2,7 Pol. com Câmera de Inspeção e Saída USB ","un",2,1992.4,"un x mês",{"$f":"((CPU_Instrumentos!F32*CPU_Instrumentos!$C$67))/'MC - VALORES ADICIONAIS'!$B$170","v":66.413333333333341}]
["2.5",null,"Calibrador de processos multifunção digital (mod. Fluke 725 ou  similar) ","un",2,27500,"un x mês",{"$f":"((CPU_Instrumentos!F33*CPU_Instrumentos!$C$67))/'MC - VALORES ADICIONAIS'!$B$170","v":916.66666666666663},"ok"]
["2.6",null,"Fasímetro, digital, categoria IV, 40~700Vca, 600V ","un",10,1997.18,"un x mês",{"$f":"((CPU_Instrumentos!F34*CPU_Instrumentos!$C$67))/'MC - VALORES ADICIONAIS'!$B$170","v":66.572666666666677}]
["2.7",null,"Freqüencímetro ditital de bancada , 1GHz de 8 dígitos ","un",1,985.42,"un x mês",{"$f":"((CPU_Instrumentos!F35*CPU_Instrumentos!$C$67))/'MC - VALORES ADICIONAIS'!$B$170","v":32.847333333333331}]
["2.8",null,"Medidor de distância, laser, amplitude de medição 1mm a 80m ","un",1,1215.05,"un x mês",{"$f":"((CPU_Instrumentos!F36*CPU_Instrumentos!$C$67))/'MC - VALORES ADICIONAIS'!$B$170","v":40.501666666666665},"ok"]
["2.9",null,"Medidor de resistência de aterramento e resistividade do solo (Faixa de medição de 0,02Ω a 300KΩ; Alcance de até 2 K Ω) com 02 pinças ","un",1,23298.54,"un x mês",{"$f":"((CPU_Instrumentos!F37*CPU_Instrumentos!$C$67))/'MC - VALORES ADICIONAIS'!$B$170","v":776.61800000000005}]
["2.10",null,"Medidor de vazão portátil tipo Clamp-on ","un",1,13260,"un x mês",{"$f":"((CPU_Instrumentos!F38*CPU_Instrumentos!$C$67))/'MC - VALORES ADICIONAIS'!$B$170","v":442},"ok"]
["2.11",null,"Megôhmetro digital de 15 kV, alcance de até 1 TΩ, Interface USB, IP54 ","un",2,15550,"un x mês",{"$f":"((CPU_Instrumentos!F39*CPU_Instrumentos!$C$67))/'MC - VALORES ADICIONAIS'!$B$170","v":518.33333333333337},"ok"]
["2.12",null,"Multímetro digital, tensão DC/AC 50,000 mV a 1000V, 0,4% (True/RMS), frequencia 99,999Hz a 999,99KHz  \"FLUKE-87-V\" com pontas prova TWIST GUARD","kg",13,5170.78,"un x mês",{"$f":"((CPU_Instrumentos!F40*CPU_Instrumentos!$C$67))/'MC - VALORES ADICIONAIS'!$B$170","v":172.35933333333332},"ok"]
["2.13",null,"Multímetro digital para teste de equipotencialização (medições de baixas resistências), 100V, 10A, 0,1 Ω a 50 Ω ","un",13,1955,"un x mês",{"$f":"((CPU_Instrumentos!F41*CPU_Instrumentos!$C$67))/'MC - VALORES ADICIONAIS'!$B$170","v":65.166666666666671}]
["2.14","Banco de preços (NºPregão:42022 / UASG:784810, MINISTÉRIO DA DEFESA\nCOMANDO DA MARINHA\nCentro de Intendencia da Marinha em Belem - Pregão Eletrônico, 03/2022)","Osciloscópio portátil com frequência de trabalho de 100Mhz, LCD Colorido 7”,  CAT II 600V ","un",1,2395,"un x mês",{"$f":"((CPU_Instrumentos!F42*CPU_Instrumentos!$C$67))/'MC - VALORES ADICIONAIS'!$B$170","v":79.833333333333329}]
["2.15",null,"Power Meter (Medidor Potência Fibra Óptica) potência 1310 nm, 1490 nm e 1550 nm  + Caneta Laser 10w ","un",2,166.05,"un x mês",{"$f":"((CPU_Instrumentos!F43*CPU_Instrumentos!$C$67))/'MC - VALORES ADICIONAIS'!$B$170","v":5.5350000000000001}]
["2.16","Banco de preços (NºPregão:7982021 / UASG:925373, GOVERNO DO ESTADO DE RONDONIA\nSuperintendência Estadual de Compras e Licitações - Pregão Eletrônico, 01/2022)","Termômetro mira laser escala de -30ºC a 500ºc ","un",13,383.59,"un x mês",{"$f":"((CPU_Instrumentos!F44*CPU_Instrumentos!$C$67))/'MC - VALORES ADICIONAIS'!$B$170","v":12.786333333333333}]
["2.17","Banco de preços (NºPregão:22022 / UASG:156654, HOSPITAL DAS CLÍNICAS DA UNIVERSIDADE FEDERAL DE UBERLÂNDIA - Pregão Eletrônico, 01/2022)","Termovisor -20ºC a 350ºC, com camera de 5 megapixels, visor LCD de 3,5 polegadas ","un",3,7083.97,"un x mês",{"$f":"((CPU_Instrumentos!F45*CPU_Instrumentos!$C$67))/'MC - VALORES ADICIONAIS'!$B$170","v":236.13233333333335}]
["2.18",null,"Testador de cabos RJ45 / 11, frequencia 200kHz, display LCD 3 ½ digitos, 600V ","un",2,1493.71,"un x mês",{"$f":"((CPU_Instrumentos!F46*CPU_Instrumentos!$C$67))/'MC - VALORES ADICIONAIS'!$B$170","v":49.790333333333336}]
["2.19",null,"Verificador elétrico de tensão 1000V, sem contato com cabo (mod. T6-1000 Fluke ou similar) ","un",13,2239.8200000000002,"un x mês",{"$f":"((CPU_Instrumentos!F47*CPU_Instrumentos!$C$67))/'MC - VALORES ADICIONAIS'!$B$170","v":74.660666666666671}]
["3.",null,"INSTRUMENTOS - CIVIL"]
["3.1","H019701007/EMBASA","GPS Geodésico portátil com visor 65K de cores legível sob luz solar, à prova d'água, geocaching informatizado e recurso de mapeamento ampliados.","un",1,4000,"un x mês",{"$f":"((CPU_Instrumentos!F49*CPU_Instrumentos!$C$67))/'MC - VALORES ADICIONAIS'!$B$170","v":133.33333333333334}]
["3.2","Banco de preços - NºPregão:12021 / UASG:154849 - 01/2022 (MINISTÉRIO DA EDUCAÇÃO\nSecretaria Executiva\nSubsecretaria de Planejamento e Orçamento\nInstituto Federal de Educação, Ciência e Tecnologia de Pernambuco\n/Campus Cabo de Santo Agostinho)","Estação Total com leitura direta de 1 segundo e precisão de 2\". Prumo óptico na alidade. Interface com principais softwares do mercado, à prova d'água e poeira conforme norma internacional: IEC529. Com kit completo, inclusive tripé com pernas extensíveis.","un",1,19885,"un x mês",{"$f":"((CPU_Instrumentos!F50*CPU_Instrumentos!$C$67))/'MC - VALORES ADICIONAIS'!$B$170","v":662.83333333333337}]
["3.3",null,"Nível automático com precisão de ± 1,0 mm/km duplo de nivelamento, aumento de imagem 32 vezes, limbo horizontal com escala de 1º, abertura da objetiva 45 mm, foco mínimo 1,60 m. Com tripé e mira.","un",1,1819.15,"un x mês",{"$f":"((CPU_Instrumentos!F51*CPU_Instrumentos!$C$67))/'MC - VALORES ADICIONAIS'!$B$170","v":60.638333333333343}]
[]
["Observações"]
[]
[" art. 305 do RIR/1999 esclarece que:\n\n\"Art. 305. Poderá ser computada, como custo ou encargo, em cada período de apuração, a importância correspondente à diminuição do valor dos bens do ativo resultante do desgaste pelo uso, ação da natureza e obsolescência normal (Lei nº 4.506, de 1964, art. 57).\""]
[]
[]
[]
[]
[" Instrução Normativa da Secretaria da Receita Federal (SRF)"]
["Da","Depreciação","Da = (VN - VR) / N"]
["VN","Valor Novo"]
["VR","Valor Residual"]
["N","Vída útil (anos)"]
[]
["DADOS - Instrumentos",null,null,"CONSIDERAÇÕES"]
["Depreciação anual (%)",null,0.4]
["Vida últil (anos)",null,2.5]
[]
["1. Valor unitário final = (Depreciação anual) / (Tempo de contrato)"]
["2. A vida útil adotada, leva em consideração o uso serevero dos itens listados, visto que são utilizados em canteiros de obras e frequentemente são deslocados entre canteiros e postos de serviço em campo."]
["3. Adotou-se tempo de contrato igual a 12 meses"]
[]
[]
["OBSERVAÇÃO: "]
["TABELAS DE REFERÊNCIA"]
["Banco de Preços"]
["EMBASA 01/2022"]

{"sheet":"CPU_MANUTENCAO_CANTEIRO","index":31,"n_rows":106,"n_cols":11,"rows_kept":106,"cut":false,"hidden":false,"merged":[[0,2,0,6],[1,2,1,6],[2,2,2,6],[4,0,5,6],[7,0,7,6],[14,2,14,6],[71,0,71,5],[85,0,85,6],[12,2,12,6],[10,5,10,6],[10,0,11,0],[10,1,11,1],[10,2,11,2],[10,3,11,3],[10,4,11,4],[73,2,73,6],[80,0,80,5],[88,2,88,4],[88,5,88,6],[82,0,82,5],[86,2,86,4],[86,5,86,6],[87,2,87,4],[87,5,87,6],[89,2,89,4],[90,0,90,4],[90,5,90,6],[89,5,89,6],[94,0,94,4],[99,0,99,6],[97,0,97,6],[93,5,93,6],[94,5,94,6],[95,0,96,4],[95,5,95,6],[96,5,96,6]]}
[null,null,"Ministério do Desenvolvimento Regional  - MDR"]
[null,null,"Companhia de Desenvolvimento dos Vales do São Francisco e do Parnaíba"]
[null,null,"Gerência de Operação do PISF - Centro de Controle e Operação (AD / GOI / CCO)"]
[]
[{"$f":"Instrumentos!A5","v":"TERMO DE REFERÊNCIA PARA CONTRATAÇÃO DOS RECURSOS NECESSÁRIOS À OPERAÇÃO E MANUTENÇÃO DAS INFRAESTRUTURAS DO EIXO LESTE DO PISF - PROJETO DE INTEGRAÇÃO DO SÃO FRANCISCO COM AS BACIAS HIDROGRÁFICAS DO NORDESTE SETENTRIONAL"}]
[]
[]
["MANUTENÇÃO DE CANTEIRO - ESCRITÓRIO"]
[]
[]
["ITEM","CÓDIGO","DESCRIÇÃO","UNIDADE","QUANTIDADE","VALOR (R$)"]
[{"$nulls":5},"UNITARIO","TOTAL"]
[null,null,{"$f":"A8","v":"MANUTENÇÃO DE CANTEIRO - ESCRITÓRIO"}]
[]
["1.",null,"MATERIAL DE CONSUMO - ESCRITÓRIO"]
["1.1",null,"Açúcar ","kg",94,5.13,{"$f":"ROUND(E16*F16,2)","v":482.22},{"$f":"ROUND(E16*3/4,0)","v":71}]
["1.2",null,"Água Mineral (20 l) ","un",467,17.5,8172.5,{"$f":"ROUND(E17*3/4,0)","v":350}]
["1.3",null,"Água Sanitária 1000 ml ","un",39,7.23,281.97000000000003,29]
["1.4",null,"Alcool Comum 90º GL","l",39,19.39,756.21,29]
["1.5",null,"Bobina papel para ploter A0 ","un",2,112.88,225.76,2]
["1.6",null,"Café torrado e moído ","un",117,19.88,2325.96,88]
["1.7",null,"Caneta esfereográfica Azul ","un",47,1.37,64.39,35]
["1.8",null,"Capa para encadernação Azul ","un",94,1.05,98.7,71]
["1.9",null,"Capa para encadernação Transparente ","un",187,0.96,179.52,140]
["1.10","E200300240/EMBASA","Cartucho colorido para impressora ","un",187,105.24,19679.88,140]
["1.11","3117/ORSE","Cartucho preto para impressora ","un",32,80.41,2573.12,24]
["1.12",null,"Classificador elástico ","un",24,2.97,71.28,18]
["1.13",null,"Clips nº 02 (caixa com 100 unidades)","cx",21,3.99,83.79,16]
["1.14",null,"Clips nº 04 (caixa com 100 unidades)","cx",21,2.99,62.79,16]
["1.15",null,"Clips nº 06 (caixa com 100 unidades)","cx",21,13.47,282.87,16]
["1.16",null,"Clips nº 08 (caixa com 100 unidades)","cx",21,25.2,529.20000000000005,16]
["1.17","D00065/SEDOP","Cola branca PVA","kg",4,20.77,83.08,3]
["1.18","2856/AGETOP CIVIL","Copo descartável 200 ml  (pacote c/ 50 und)","un",77,{"$f":"5.97/3","v":1.99},153.22999999999999,58]
["1.19",null,"Copo descartável 50 ml  (pacote c/ 50 und)","un",77,1.39,107.03,58]
["1.20",null,"Corretivo à base d'agua 18 ml ","un",35,4.32,151.19999999999999,26]
["1.21","00044330/SINAPI","Desinfetante  5L","un",197,{"$f":"5*7.45","v":37.25},7338.25,148]
["1.22","D240000010/EMBASA","Detergente 5L","l",41,{"$f":"5*1.58","v":7.9},323.89999999999998,31]
["1.23","31.42.75/SUDECAP","DVD Regravável ","un",245,{"$f":"49.77/50","v":0.99540000000000006},243.87,184]
["1.24",null,"Envelope de papel tamanho A3","un",98,1.31,128.38,74]
["1.25",null,"Envelope de papel tamanho A4","un",245,0.43,105.35,184]
["1.26",null,"Envelope de papel tamanho A5 - 200 x 280 mm","un",245,0.59,144.55000000000001,184]
["1.27",null,"Espiral 7mm ","un",78,23.63,1843.14,59]
["1.28",null,"Espiral 9mm ","un",78,11.7,912.6,59]
["1.29",null,"Esponja de prato ","un",78,1.96,152.88,59]
["1.30","F099800054/EMBASA","Estilete 18mm","un",8,15.38,123.04,6]
["1.31",null,"Fita adesiva 48/100","un",32,9.86,315.52,24]
["1.32",null,"Fita adesiva transparente ","un",32,7.26,232.32,24]
["1.33","011173/SBC","Fita crepe branca 45 x 50m ","un",16,11.8,188.8,12]
["1.34","J040001151/EMBASA","Flanela ","un",12,1.33,15.96,9]
["1.35","005189/SBC","Grampeador grande de mesa P/40F","un",47,106.22,4992.34,35]
["1.36","005187/SBC","Grampo 26/6 ","un",10,19.899999999999999,199,8]
["1.37",null,"Grampo tipo trilho ","un",5,13.53,67.650000000000006,4]
["1.38",null,"Lápis grafite ","un",56,1.6,89.6,42]
["1.39",null,"Livro de ata com 100 páginas numeradas ","un",14,15.24,213.36,11]
["1.40",null,"Marca texto ","un",59,2.8,165.2,44]
["1.41",null,"Pacote de lã de aço 60 g ","un",24,2.7,64.8,18]
["1.42",null,"Pano de chão ","un",32,2.5,80,24]
["1.43",null,"Pano de prato ","un",10,4.63,46.3,8]
["1.44","J049722508/EMBASA","Papel A4-resma de 500 folhas","un",39,27.1,1056.9000000000001,29]
["1.45","2854/AGETOP CIVIL","Papel higiênico","un",357,6.82,2434.7399999999998,268]
["1.46","F039722481/EMBASA","Papel Toalha ","un",98,2.4,235.2,74]
["1.47",null,"Pasta arquivo de A a Z Ofício","un",78,16.64,1297.92,59]
["1.48",null,"Pasta suspensa ","un",78,4.1399999999999997,322.92,59]
["1.49",null,"Perfurador de papel 2 furos até 30 fls","un",16,48.23,771.68,12]
["1.50",null,"Régua 30cm Acrílico Cristal","un",16,3.3,52.8,12]
["1.51","00038401/SINAPI","Rodo de borracha ","un",21,14.58,306.18,16]
["1.52","1997/ORSE","Sabão em pó 500g ","un",32,{"$f":"9.39/2","v":4.6950000000000003},150.24,24]
["1.53","2862/AGETOP CIVIL","Sabonetes líquido ","l",197,3.98,784.06,148]
["1.54",null,"Tinta para carimbo ","un",4,5.6,22.4,3]
["1.55","00038400/SINAPI","Vassoura ","un",21,20.41,428.61,16]
[]
["TOTAL - MATERIAL DE CONSUMO (6 MESES) - ESCRITÓRIO - (R$)",{"$nulls":5},{"$f":"SUBTOTAL(9,G15:G71)/2","v":31107.58}]
[]
["2.",null,"OUTRAS DESPESAS DE MANUTENÇÃO",{"$nulls":6},12,{"$f":"'ORCAMENTO_CONSOLIDADO (2)'!$K$1","v":6}]
["2.1","Média dos últimos meses de consumo histórico","Internet - banda larga - adequação - CANTEIRO LOTE 09 - FLORESTA/PE","mês",{"$f":"K75","v":6},1699,{"$f":"ROUND(E75*F75,2)","v":10194},null,12,{"$f":"I75/$J$74","v":1},{"$f":"J75*$K$74","v":6}]
["2.2",{"$f":"B75","v":"Média dos últimos meses de consumo histórico"},"Energia Elétrica - dispêndio mensal - ocupação plena adicional - CANTEIRO LOTE 09 - FLORESTA/PE","mês",{"$f":"K76","v":6},5250.8,31504.799999999999,null,12,{"$f":"I76/$J$74","v":1},{"$f":"J76*$K$74","v":6}]
["2.3",{"$f":"B76","v":"Média dos últimos meses de consumo histórico"},"Internet - banda larga - adequação - SERTÂNIA/PE","mês",{"$f":"K77","v":6},1699,10194,null,12,1,6]
["2.4",{"$f":"B77","v":"Média dos últimos meses de consumo histórico"},"Energia Elétrica - dispêndio mensal - ocupação plena adicional - SERTÂNIA/PE","mês",6,11741.61,70449.66,null,12,1,6]
["2.5",{"$f":"B78","v":"Média dos últimos meses de consumo histórico"},"Água - dispêndio mensal","mês",{"$f":"K79","v":6},1000,6000,null,12,1,6]
[]
[{"$f":"\"TOTAL - \"&C74&\" - (R$):\"","v":"TOTAL - OUTRAS DESPESAS DE MANUTENÇÃO - (R$):"},{"$nulls":5},{"$f":"SUBTOTAL(9,G74:G80)","v":128342.46}]
[]
[{"$f":"\"TOTAL - \"&C13&\" - (R$):\"","v":"TOTAL - MANUTENÇÃO DE CANTEIRO - ESCRITÓRIO - (R$):"},{"$nulls":5},{"$f":"SUBTOTAL(9,G13:G82)","v":190557.62}]
[]
[]
[{"$f":"\"COMPOSIÇÃO MENSAL - \"&A$8","v":"COMPOSIÇÃO MENSAL - MANUTENÇÃO DE CANTEIRO - ESCRITÓRIO"}]
["ITEM",null,"DESCRIÇÃO",null,null,"VALOR"]
[1,null,{"$f":"\"TOTAL - \"&C15&\" - (R$)\"","v":"TOTAL - MATERIAL DE CONSUMO - ESCRITÓRIO - (R$)"},null,null,{"$f":"G72","v":31107.58}]
[2,null,{"$f":"\"TOTAL - \"&C74&\" - (R$)\"","v":"TOTAL - OUTRAS DESPESAS DE MANUTENÇÃO - (R$)"},null,null,{"$f":"G81","v":128342.46}]
[4,null,"PRAZO PREVISTO PARA EXECUÇÃO CONTRATUAL - (MÊS)",null,null,6]
[{"$f":"\"TAXA MÉDIA - \"&A8&\" -  (R$ / MÊS):\"","v":"TAXA MÉDIA - MANUTENÇÃO DE CANTEIRO - ESCRITÓRIO -  (R$ / MÊS):"},{"$nulls":4},{"$f":"ROUND((F88+F89)/(F90),2)","v":26575.01}]
[]
[]
["NOME DO INFORMANTE:",{"$nulls":4},"QUALIFICAÇÃO:"]
[]
["ASSINATURA:",{"$nulls":4},"DATA:"]
[]
["OBSERVAÇÃO: Os valores unitários referentes ao item 2 \"Outras Despesas de Manutenção\" foi encontrado usando a média dos últimos dispêndios mensais pagos."]
[]
["TABELAS DE REFERÊNCIA"]
["SINAPI 04/2022"]
["ORSE 03/2022"]
["SEDOP 05/2022"]
["EMBASA 01/2022"]
["SUDECAP 02/2022"]
["AGETOP CIVIL 04/2022"]

{"sheet":"Sobressalentes ","index":32,"n_rows":117,"n_cols":13,"rows_kept":117,"cut":false,"hidden":false,"merged":[[100,5,100,6],[7,0,7,6],[60,0,60,5],[10,0,11,0],[10,1,11,1],[10,2,11,2],[10,3,11,3],[10,4,11,4],[99,2,99,4],[99,5,99,6],[92,0,92,5],[10,5,10,6],[0,2,0,6],[1,2,1,6],[2,2,2,6],[4,0,5,6],[102,0,102,4],[102,5,102,6],[94,0,94,5],[96,0,96,6],[97,2,97,4],[97,5,97,6],[98,2,98,4],[98,5,98,6],[101,2,101,4],[101,5,101,6],[78,0,78,5],[100,2,100,4],[108,0,108,4],[108,5,108,6],[109,0,109,6],[110,0,110,6],[105,0,105,4],[105,5,105,6],[106,0,106,4],[106,5,106,6],[107,0,107,4],[107,5,107,6]]}
[null,null,"Ministério do Desenvolvimento Regional  - MDR"]
[null,null,"Companhia de Desenvolvimento dos Vales do São Francisco e do Parnaíba"]
[null,null,"Gerência de Operação do PISF - Centro de Controle e Operação (AD / GOI / CCO)"]
[]
[{"$f":"Equipamentos!A5","v":"TERMO DE REFERÊNCIA PARA CONTRATAÇÃO DOS RECURSOS NECESSÁRIOS À OPERAÇÃO E MANUTENÇÃO DAS INFRAESTRUTURAS DO EIXO LESTE DO PISF - PROJETO DE INTEGRAÇÃO DO SÃO FRANCISCO COM AS BACIAS HIDROGRÁFICAS DO NORDESTE SETENTRIONAL"}]
[]
[]
["AQUISIÇÃO DE PEÇAS SOBRESSALENTES PISF - EIXOS LESTE"]
[]
[]
["ITEM","CÓDIGO","DESCRIÇÃO","UNIDADE","QUANTIDADE","VALOR (R$)"]
[{"$nulls":5},"UNITARIO","TOTAL"]
[null,null,{"$f":"A8","v":"AQUISIÇÃO DE PEÇAS SOBRESSALENTES PISF - EIXOS LESTE"}]
["1.",null,"SOBRESSALENTES - MECÂNICA"]
["1.1",null,"Barra Roscada M-16 _ plicação: Vedação das juntas Dresser. Especificação: Aço inox A304","mt",80,191.26,{"$f":"TRUNC(E15*F15,2)","v":15300.8},{"$nulls":5},{"$f":"IF(G15<10000,\"X\",\"\")","v":""}]
["1.2",null,"Borracha de vedação _ Especificação: Vedante trapezidal 50x25x20x6 - EPDM Shore A70","mt",50,22.89,1144.5,{"$nulls":5},{"$f":"IF(G16<10000,\"X\",\"\")","v":"X"}]
["1.3",null,"Borracha Neoprene 5mm _ Especificação: 2,5m x 20m (Junta de válvulas)","mtr",20,695.77,13915.4,{"$nulls":5},""]
["1.4",null,"Cavalete porta escova (mola)","pç",10,278.16000000000003,2781.6,{"$nulls":5},"X"]
["1.5",null,"Escova de aterramento do eixo _ Dimensões 10x25x40mm (AxLxC) - (Ref.: J12 item WEG 10169828) (Metal Grafite)","pç",12,358.63,4303.5600000000004,{"$nulls":5},"X"]
["1.6",null,"Escova para o motor 6,9kV _ Escova Carvão J12  dimen.32x25x64mm (Ref. Felca FCE-100A)","pç",96,354.03,33986.879999999997,{"$nulls":5},""]
["1.7",null,"Filtro de ar do motor (entrada de ar) EBV-1, 2, 3 _  Especificação: Filtro de ar 345x925x25mm.Modelo Aeroglass FMT-C","pç",16,174.63,2794.08,{"$nulls":5},"X"]
["1.8",null,"Filtro de ar do motor (entrada de ar) EBV-5 _  Especificação: Filtro de ar 670x280x25mm.Modelo Aeroglass FMT-C","pç",16,105.38,1686.08,{"$nulls":5},"X"]
["1.9",null,"Filtro de ar do motor (entrada de ar) EBV-6 _  Especificação: Filtro de ar 750x225x25mm.Modelo Aeroglass FMT-C","pç",16,71.33,1141.28,{"$nulls":5},"X"]
["1.10",null,"Filtro de ar para caixa coletora (porta escovas) _ Especificação: Filtro de ar 330x185x50mm.Modelo Aeroglass PD-U GALV","pç",36,67.33,2423.88,{"$nulls":5},"X"]
["1.11",null,"Filtro de ar para caixa coletora (porta escovas) _ Especificação: Filtro de ar 450x400x50mm.Modelo Aeroglass PD-U GALV","pç",24,90.29,2166.96,{"$nulls":5},"X"]
["1.12",null,"Gaxeta grafitada ¾” Quadrada.","mt",60,48.74,2924.4,{"$nulls":5},"X"]
["1.13",null,"Gaxeta grafitada 1” Quadrada","mt",396,41.81,16556.759999999998,{"$nulls":5},""]
["1.14",null,"Óleo lubrificante ISO VG-46","lt",200,30.58,6116,{"$nulls":5},"X"]
["1.15",null,"Óleo lubrificante ISO VG-68","lt",1400,20.48,28672,{"$nulls":5},""]
["1.16",null,"O'ring Ø10 - Especificação: O'ring Ø10 x 370 - Shore 70A SBR","mt",40,196.67,7866.8,{"$nulls":5},"X"]
["1.17",null,"O'ring Ø8 - Especificação: O'ring Ø8 x 370 - Shore 70A SBR","mt",20,105.33,2106.6,{"$nulls":5},"X"]
["1.18","421/COMPESA","Pòrca M-16 _ Especificação: Aço inox A304","pç",240,11.93,2863.2,{"$nulls":5},"X"]
["1.19",null,"PT 100 _ Especificação: Modelo T 01628 531166","pç",12,{"$f":"F34","v":3861.75},46341,{"$nulls":5},""]
["1.20",null,"PT 100 _ Especificação: Modelo TR10-D CC22 2RØ11QD","pç",16,3861.75,61788,{"$nulls":5},""]
["1.21",null,"Sensor de fluxo _ Especificação: Modelo FC10B02","pç",24,1059.9000000000001,25437.599999999999,"ok",{"$nulls":4},""]
["1.22",null,"Sensor de nível do óleo mancal -  Especificação: Modelo HNS 3228-5-0410-000","pç",12,745.85,8950.2000000000007,{"$nulls":5},"X"]
["1.23",null,"Sensor de nível do óleo mancal - Especificação: Modelo VB400-12GM+V1","pç",12,745.85,8950.2000000000007,{"$nulls":5},"X"]
["1.24",null,"Sensor de vibração (acelerômetro) - Especificação: Modelo ST5484E-152-412-00 (Metrix)","pç",12,7200.99,86411.88,"ok",{"$nulls":4},""]
["1.25",null,"Termômetro - Especificação: Modelo BIE-IN 114 69M 100MM 0/150 C XGV XNH CD1 XN6 (ASHCROFT WILLY)","pç",12,671.9,8062.8,{"$nulls":5},"X"]
["1.26","11586/SETOP","Tubo em aço galvanizado - Especificação: Tubo A/C galvanizado Ø 2\" SCH 40","mt",72,45.33,3263.76,{"$nulls":5},"X"]
[{"$f":"\"TOTAL - \"&C14&\" - (R$):\"","v":"TOTAL - SOBRESSALENTES - MECÂNICA - (R$):"},{"$nulls":5},{"$f":"SUBTOTAL(9,G15:G40)","v":397956.22000000003},{"$nulls":5},""]
[{"$nulls":12},"X"]
["2.",null,"SOBRESSALENTES - ELÉTRICA",{"$nulls":9},"X"]
["2.1",null,"CARREGADOR RETIFICADOR MODULAR 380Vca/ 125Vcc, 5x20A. ESPECIFICAÇÃO TECNICA: PISF-000-92000. 1635-DEF-2810-60-08-071-R00","pç",2,25520.62,{"$f":"TRUNC(E44*F44,2)","v":51041.24},"ok",1,null,null,null,""]
["2.2",null,"CARREGADOR  RETIFICADOR  MODULAR  380Vca/  125Vcc,  2x25A,  CONFORME  ESPECIFICAÇÃO  TÉCNICA  nº 1600‐EST‐2811‐ 60‐08‐003  (ET  PARA  CARREGADOR  RETIFICADOR MODULAR) DESENHO DE FABRICAÇÃO: 1637‐DEF‐2819‐60‐08‐012-R02","pç",{"$f":"I45-J45","v":4},{"$f":"F44","v":25520.62},102082.48,null,4,null,null,null,""]
["2.3",null,"Contator Tripolar de Barra 300A, 1NF + 2N, 125VCC (CV1-BH2H1HKD22)","pç",2,11806.24,23612.48,null,2,null,null,null,""]
["2.4",null,"Mufla, terminal, 6,9/10kV, monofásica, uso interno, cabo condutor cobre/alumínio, isolamento sólido, material termocontrátil.","pç",6,293.33,1759.98,null,6,null,null,null,"X"]
["2.5",null,"RETIFICADOR FSE 380VCA/125VCC 10,8KVA/8,44KW 18,2A/60A (uma unidade será substituida por completo para a retirada servir de sobressalente)","pç",1,41732.31,{"$f":"TRUNC(E48*F48,2)","v":41732.31},null,1,null,null,null,{"$f":"IF(G48<10000,\"X\",\"\")","v":""}]
["2.6",null,"SENSOR DE TEMPERATURA PT100 IOPE","pç",12,539.66999999999996,6476.04,null,12,null,null,null,"X"]
["2.7",null,"SENSOR DE VIBRAÇÃO METRIX Modelo ST5484E-152-412-00","pç",12,{"$f":"F38","v":7200.99},86411.88,"ok",12,null,null,null,""]
["2.8",null,"Terminação contrátil à frio para cabos de 120mm²,  15kV, Fab. Prysmian","pç",13,349.24,4540.12,null,13,null,null,null,"X"]
["2.9",null,"Terminação contrátil à frio para cabos de 240mm²,  15kV, Fab. Prysmian","pç",13,448,5824,null,13,null,null,null,"X"]
["2.10",null,"Terminação contrátil à frio para cabos de 400mm²,  15kV, Fab. Prysmian","pç",7,729.37,5105.59,null,7,null,null,null,"X"]
["2.11",null,"Terminação contrátil à frio para cabos de 70mm²,  15kV, Fab. Prysmian","pç",13,301.74,3922.62,null,13,null,null,null,"X"]
["2.12",null,"Terminação contrátil à frio para cabos de 95mm²,  15kV, Fab. Prysmian","pç",13,301.74,3922.62,null,13,null,null,null,"X"]
["2.13","001425/SBC","Terminal à compressão dois furos e duas compressões para cabos de 120mm². Cod.637400, Fab. Magnet","pç",7,7.91,55.37,null,7,null,null,null,"X"]
["2.14",null,"Terminal à compressão dois furos e duas compressões para cabos de 400mm². Cod.637900, Fab. Magnet","pç",7,207.26,1450.82,null,7,null,null,null,"X"]
["2.15","008331/SBC","Terminal à compressão dois furos e duas compressões para cabos de 95mm². Cod.637303, Fab. Magnet","pç",13,5.63,73.19,null,13,null,null,null,"X"]
["2.16",null,"Terminal à compressão um furo e uma compressão para cabos de 120mm². Cod.631103, Fab. Magnet","pç",7,14.33,100.31,null,7,null,null,null,"X"]
["2.17",null,"Terminal à compressão um furo e uma compressão para cabos de 70mm². Cod.631000, Fab. Magnet","pç",13,8.92,115.96,null,13,null,null,null,"X"]
[{"$f":"\"TOTAL - \"&C43&\" - (R$):\"","v":"TOTAL - SOBRESSALENTES - ELÉTRICA - (R$):"},{"$nulls":5},{"$f":"SUBTOTAL(9,G43:G60)","v":338227.01000000007}]
[]
[]
["3.",null,"Peças para reposições nas manutenções preventivas e corretivas dos condicionadores de ar"]
["3.1",null,"Vareta de solda foscoper 2,5 mm com banho","un.",20,5.52,{"$f":"TRUNC(E65*F65,2)","v":110.4}]
["3.2",null,"gás inflamável para maçarico portátil","kg",2,60.28,120.56]
["3.3",null,"placa universal de 30.000 BTUs","un.",5,280.38,1401.9]
["3.4",null,"placa universal de 18.000 BTUs","un.",5,95.66,{"$f":"TRUNC(E68*F68,2)","v":478.3}]
["3.5",null,"placa universal de 12.000 BTUs","un.",5,95.66,478.3]
["3.6",null,"Capacitor duplo de 30 HF 440 Vac","un.",10,14.07,140.69999999999999]
["3.7",null,"Capacitor duplo de 35 HF 440 Vac","un.",24,17.61,422.64]
["3.8",null,"Capacitor  duplo de 40 HF 440 Vac","un.",46,19.87,914.02]
["3.9",null,"Capacitor duplo de 50 HF","un.",40,22.85,914]
["3.10","12440/ORSE","Gás refrigerante R-22a","kg",27.2,36.700000000000003,998.24]
["3.11",null,"Gás refrigerante R-410a","kg",22.6,123.57,2792.68]
["3.12",null,"Motor de ventilador de condensadora redonda (Midea) de 30.000 BTUs","un.",10,604.59,6045.9]
["3.13",null,"Motor de ventilador de condensadora redonda (Midea) de 18.000 BTUs","un.",10,517.09,5170.8999999999996]
["3.14",null,"Motor de ventilador de condensadora redonda (Midea) de 12.000 BTUs","un.",10,576.66999999999996,5766.7]
[{"$f":"\"TOTAL - \"&C64&\" - (R$):\"","v":"TOTAL - Peças para reposições nas manutenções preventivas e corretivas dos condicionadores de ar - (R$):"},{"$nulls":5},{"$f":"SUBTOTAL(9,G65:G78)","v":25755.24}]
[]
["4.",null,"PEÇAS PARA MANUTENÇÃO GERADOR - MECÂNICA"]
["4.1",null,"FILTRO ÓLEO COMB PERKINS/MWM D3152/T4236/P4001/410/410T/D6 - PN 423651E / RC-253-A","pç",6,39.58,{"$f":"TRUNC(E82*F82,2)","v":237.48}]
["4.2",null,"Filtro de óleo lub perkins 404D-22G - pn 140517050\nMarca: PERKINS","pç",6,44.04,264.24]
["4.3",null,"Arruela do bujão do carter perkins 1104 - pn 2415715eMarca: PERKIN","pç",6,7.46,44.76]
["4.4",null,"Filtro de óleo comb perkins 1104a/1104c - pn 4816636Marca: PERKINS","pç",5,117.68,588.4]
["4.5",null,"Solenoide de parada bomba perkins 404D-22G - pn U85206452Marca: PERKINS","pç",3,402.05,1206.1500000000001]
["4.6",null,"Correia alter/vent perkins 1104C-44TAG2 - pn 2614B653Marca: PERKINS","pç",1,78.98,78.98]
["4.7",null,"BOMBA D'ÁGUA","pç",2,1371.83,2743.66]
["4.8",null,"VALVULA TERMOSTÁTICA","pç",2,256.68,513.36]
["4.9",null,"BOMBA ELÉTRICA+FILTRO","pç",2,1093.98,2187.96]
["4.10",null,"BICOS INJETORES","pç",2,5581.58,11163.16]
["4.11",null,"CABEÇOTE E RECUPERAÇÃO","pç",2,4165.18,8330.36]
[{"$f":"\"TOTAL - \"&C81&\" - (R$):\"","v":"TOTAL - PEÇAS PARA MANUTENÇÃO GERADOR - MECÂNICA - (R$):"},{"$nulls":5},{"$f":"SUBTOTAL(9,G82:G92)","v":27358.510000000002}]
[]
[{"$f":"\"TOTAL - \"&C13&\" - (R$):\"","v":"TOTAL - AQUISIÇÃO DE PEÇAS SOBRESSALENTES PISF - EIXOS LESTE - (R$):"},{"$nulls":5},{"$f":"SUBTOTAL(9,G15:G93)","v":789296.9800000001}]
[]
[{"$f":"\"RESUMO - \"&A$8","v":"RESUMO - AQUISIÇÃO DE PEÇAS SOBRESSALENTES PISF - EIXOS LESTE"}]
["ITEM",null,"DESCRIÇÃO",null,null,"VALOR TOTAL (R$)"]
["01",null,{"$f":"C14","v":"SOBRESSALENTES - MECÂNICA"},null,null,{"$f":"G41","v":397956.22000000003}]
["02",null,{"$f":"C43","v":"SOBRESSALENTES - ELÉTRICA"},null,null,{"$f":"G61","v":338227.01000000007}]
["03",null,{"$f":"C64","v":"Peças para reposições nas manutenções preventivas e corretivas dos condicionadores de ar"},null,null,{"$f":"G79","v":25755.24}]
["04",null,{"$f":"C81","v":"PEÇAS PARA MANUTENÇÃO GERADOR - MECÂNICA"},null,null,{"$f":"G93","v":27358.510000000002}]
[{"$f":"\"TOTAL GERAL - \"&A97&\" -  (R$):\"","v":"TOTAL GERAL - RESUMO - AQUISIÇÃO DE PEÇAS SOBRESSALENTES PISF - EIXOS LESTE -  (R$):"},{"$nulls":4},{"$f":"SUM(F99:G102)","v":789296.9800000001}]
[]
[]
["NOME DO INFORMANTE:",{"$nulls":4},"QUALIFICAÇÃO:"]
[]
["ASSINATURA:",{"$nulls":4},"DATA:"]
[]
["OBSERVAÇÃO:"]
["TABELAS DE REFERÊNCIA"]
["SINAPI 04/2022"]
["ORSE 03/2022"]
["SBC 07/2022"]
["EMBASA 01/2022"]
["SETOP 03/2022"]
["COMPESA 01/2022"]

{"sheet":"Serviços Especializados","index":33,"n_rows":41,"n_cols":8,"rows_kept":41,"cut":false,"hidden":false,"merged":[[35,0,35,4],[35,5,35,6],[36,0,36,6],[37,0,37,6],[32,0,32,4],[32,5,32,6],[33,0,33,4],[33,5,33,6],[34,0,34,4],[34,5,34,6],[22,0,22,5],[24,0,24,5],[28,5,28,6],[29,0,29,4],[29,5,29,6],[26,0,26,6],[27,2,27,4],[27,5,27,6],[28,2,28,4],[10,5,10,6],[0,2,0,6],[1,2,1,6],[2,2,2,6],[4,0,5,6],[7,0,7,6],[10,0,11,0],[10,1,11,1],[10,2,11,2],[10,3,11,3],[10,4,11,4]]}
[null,null,"Ministério do Desenvolvimento Regional  - MDR"]
[null,null,"Companhia de Desenvolvimento dos Vales do São Francisco e do Parnaíba"]
[null,null,"Gerência de Operação do PISF - Centro de Controle e Operação (AD / GOI / CCO)"]
[]
[{"$f":"Equipamentos!A5","v":"TERMO DE REFERÊNCIA PARA CONTRATAÇÃO DOS RECURSOS NECESSÁRIOS À OPERAÇÃO E MANUTENÇÃO DAS INFRAESTRUTURAS DO EIXO LESTE DO PISF - PROJETO DE INTEGRAÇÃO DO SÃO FRANCISCO COM AS BACIAS HIDROGRÁFICAS DO NORDESTE SETENTRIONAL"}]
[]
[]
["SERVIÇOS ESPECIALIZADOS (EIXO LESTE)"]
[]
[]
["ITEM","CÓDIGO","DESCRIÇÃO","UNIDADE","QUANTIDADE","VALOR (R$)"]
[{"$nulls":5},"UNITARIO","TOTAL"]
[null,null,{"$f":"A8","v":"SERVIÇOS ESPECIALIZADOS (EIXO LESTE)"}]
[]
["1.",null,"Serviços de recarga de extintores de incêndio (EB / SE / Canteiros)"]
["1.1","2.04.39/FDE","Recarga Extintor AP 10 L BC","Unid.",8,45,{"$f":"TRUNC(E16*F16,2)","v":360},"ok"]
["1.2","05554/EMOP","Recarga Extintor CO2 06 Kg BC","Unid.",47,68,3196,"ok"]
["1.3","07066/EMOP","Recarga Extintor PQS 04 Kg BC","Unid.",13,35,455,"ok"]
["1.4","05563/EMOP","Recarga Extintor PQS 06 Kg BC","Unid.",28,40,1120,"ok"]
["1.5","Banco de preços -  MINISTÉRIO DA DEFESA\nCOMANDO DA MARINHA\nCentro de Intendencia da Marinha em Salvador (NºPregão:132022 / UASG:782802 - 07/2022)","Recarga Extintor PQS 08 Kg BC","Unid.",2,59.25,118.5,"ok"]
["1.6","Banco de preços -  MINISTÉRIO DA DEFESA\nCOMANDO DA MARINHA\nCentro de Intendencia da Marinha em Salvador (NºPregão:132022 / UASG:782802 - 07/2022)","Recarga Extintor PQS 12 Kg BC","Unid.",50,70,3500,"ok"]
["1.7","Banco de preços - MINISTÉRIO DA DEFESA\nComando da Aeronáutica\nBASE AÉREA DE ANAPOLIS (NºPregão:672021 / UASG:120624 - 10/2021)","Recarga Extintor PQS 50 Kg BC","Unid.",36,352,12672,"ok"]
[{"$f":"\"TOTAL - \"&C15&\" - (R$):\"","v":"TOTAL - Serviços de recarga de extintores de incêndio (EB / SE / Canteiros) - (R$):"},{"$nulls":5},{"$f":"SUBTOTAL(9,G16:G22)","v":21421.5}]
[]
[{"$f":"\"TOTAL - \"&C13&\" - (R$):\"","v":"TOTAL - SERVIÇOS ESPECIALIZADOS (EIXO LESTE) - (R$):"},{"$nulls":5},{"$f":"SUBTOTAL(9,G14:G24)","v":21421.5}]
[]
[{"$f":"\"RESUMO - \"&A$8","v":"RESUMO - SERVIÇOS ESPECIALIZADOS (EIXO LESTE)"}]
["ITEM",null,"DESCRIÇÃO",null,null,"VALOR TOTAL (R$)"]
["01",null,{"$f":"C15","v":"Serviços de recarga de extintores de incêndio (EB / SE / Canteiros)"},null,null,{"$f":"G23","v":21421.5}]
[{"$f":"\"TOTAL GERAL - \"&A27&\" -  (R$):\"","v":"TOTAL GERAL - RESUMO - SERVIÇOS ESPECIALIZADOS (EIXO LESTE) -  (R$):"},{"$nulls":4},{"$f":"SUM(F29:G29)","v":21421.5}]
[]
[]
["NOME DO INFORMANTE:",{"$nulls":4},"QUALIFICAÇÃO:"]
[]
["ASSINATURA:",{"$nulls":4},"DATA:"]
[]
["OBSERVAÇÃO:"]
["TABELAS DE REFERÊNCIA"]
["Banco de Preços"]
["EMOP 04/2022"]
["FDE 04/2022"]

{"sheet":"SERVIÇOS ADICIONAIS","index":34,"n_rows":100,"n_cols":11,"rows_kept":100,"cut":false,"hidden":false,"merged":[[10,5,10,6],[12,2,12,6],[17,0,17,5],[23,0,23,5],[10,0,11,0],[10,1,11,1],[10,2,11,2],[10,3,11,3],[10,4,11,4],[21,0,21,5],[0,2,0,6],[1,2,1,6],[2,2,2,6],[4,0,5,6],[8,0,8,6],[25,0,25,6],[27,2,27,4],[27,5,27,6],[29,0,29,4],[29,5,29,6],[26,2,26,4],[26,5,26,6],[28,2,28,4],[28,5,28,6],[32,0,32,4],[32,5,32,6],[53,0,53,2],[33,0,33,4],[33,5,33,6],[34,0,34,4],[34,5,34,6],[35,0,35,4],[35,5,35,6],[38,0,41,5],[43,0,43,5],[44,2,47,5],[49,0,49,2],[49,3,49,5],[99,3,99,5],[57,0,57,6],[95,3,96,3],[95,4,96,4],[95,5,96,5],[95,6,96,6]]}
[null,null,"Ministério do Desenvolvimento Regional  - MDR"]
[null,null,"Companhia de Desenvolvimento dos Vales do São Francisco e do Parnaíba"]
[null,null,"Gerência de Operação do PISF - Centro de Controle e Operação (AD / GOI / CCO)"]
[]
[{"$f":"[1]ORCAMENTO_RESUMO!A5","v":"TERMO DE REFERÊNCIA PARA CONTRATAÇÃO DOS RECURSOS NECESSÁRIOS À OPERAÇÃO E MANUTENÇÃO DAS INFRAESTRUTURAS DO EIXO LESTE DO PISF - PROJETO DE INTEGRAÇÃO DO SÃO FRANCISCO COM AS BACIAS HIDROGRÁFICAS DO NORDESTE SETENTRIONAL"}]
[]
["Referência","05/2022 - SEDOP (PA)"]
[null,"03/2021 - SEINFRA (CE)"]
["SERVIÇOS ADICIONAIS"]
[]
["ITEM","CÓDIGO","DESCRIÇÃO","UNIDADE","QUANTIDADE","VALOR (R$)"]
[{"$nulls":5},"UNITARIO","TOTAL"]
[null,null,"SERVIÇOS ADICIONAIS"]
[]
["1.",null,"FORNECIMENTO DE ÁGUA POTÁVEL PARA CANTEIRO",{"$nulls":6},12,{"$f":"'ORCAMENTO_CONSOLIDADO (2)'!$K$1","v":6}]
["1.1",{"$f":"B55","v":"I8949/SEINFRA"},{"$f":"C55","v":"Estação de tratamento de água"},"un x mês",{"$f":"K16","v":12},{"$f":"E55","v":995.84333333333336},{"$f":"ROUND(E16*F16,2)","v":11950.12},null,24,{"$f":"I16/$J$15","v":2},{"$f":"J16*$K$15","v":12}]
["1.2",{"$f":"B56","v":"220497/SEDOP"},{"$f":"C56","v":"Poço Tubular"},"un x mês",{"$f":"K17","v":12},{"$f":"E56","v":230.47183333333336},{"$f":"ROUND(E17*F17,2)","v":2765.66},null,24,{"$f":"I17/$J$15","v":2},{"$f":"J17*$K$15","v":12}]
["TOTAL - ESTAÇÃO DE TRATAMENTO DE ÁGUA - (R$):",{"$nulls":5},{"$f":"SUBTOTAL(9,G15:G17)","v":14715.78}]
[]
["2.",null,"ANÁLISES DE EFLUENTES"]
["2.1","COT - AQA","Análise de Efluentes - Conama nº 357 e Resolução ANA nº 85/18 ","un x mês",{"$f":"K21","v":6},7962.67,{"$f":"ROUND(E21*F21,2)","v":47776.02},null,12,1,6]
["TOTAL - ESTAÇÃO DE TRATAMENTO DE ÁGUA - (R$):",{"$nulls":5},{"$f":"SUBTOTAL(9,G20:G21)","v":47776.02}]
[]
["TOTAL - SERVIÇOS ADICIONAIS - (R$):",{"$nulls":5},{"$f":"SUBTOTAL(9,G15:G22)","v":62491.799999999996}]
[]
["RESUMO - SERVIÇOS ADICIONAIS"]
["ITEM",null,"DESCRIÇÃO",null,null,"VALOR TOTAL (R$)"]
["01",null,{"$f":"C15","v":"FORNECIMENTO DE ÁGUA POTÁVEL PARA CANTEIRO"},null,null,{"$f":"G18","v":14715.78}]
["02",null,{"$f":"C20","v":"ANÁLISES DE EFLUENTES"},null,null,{"$f":"G22","v":47776.02}]
["TOTAL GERAL - RESUMO - SERVIÇOS ADICIONAIS -  (R$):",{"$nulls":4},{"$f":"SUBTOTAL(9,F28:G29)","v":62491.799999999996}]
[]
[]
["NOME DO INFORMANTE:",{"$nulls":4},"QUALIFICAÇÃO:"]
[]
["ASSINATURA:",{"$nulls":4},"DATA:"]
[]
["Observações"]
[]
[" art. 305 do RIR/1999 esclarece que:\n\n\"Art. 305. Poderá ser computada, como custo ou encargo, em cada período de apuração, a importância correspondente à diminuição do valor dos bens do ativo resultante do desgaste pelo uso, ação da natureza e obsolescência normal (Lei nº 4.506, de 1964, art. 57).\""]
[]
[]
[]
[]
[" Instrução Normativa da Secretaria da Receita Federal (SRF)"]
["Da","Depreciação","Da = (VN - VR) / N"]
["VN","Valor Novo"]
["VR","Valor Residual"]
["N","Vída útil (anos)"]
[]
["DADOS - ETA e Poço",null,null,"CONSIDERAÇÕES"]
["Depreciação anual (%)",null,0.1]
["Vida últil (anos)",null,10]
[]
["DESCRIÇÃO",null,null,"Valor de aquisição (R$)","Valor com depreciação (R$)"]
["und","I8949/SEINFRA","Estação de tratamento de água",{"$f":"SUM(G98:G99)","v":119501.2},{"$f":"C51*D55/12","v":995.84333333333336}]
["und","220497/SEDOP","Poço Tubular",27656.62,{"$f":"C51*D56/12","v":230.47183333333336}]
["1. Valor unitário final = (Depreciação anual) / (Tempo de contrato)"]
["2. Adotou-se tempo de contrato igual a 12 meses"]
[]
[]
[null,"Poço Tubular","Código - 220497/SEDOP - 05/2022"]
{"$rows_empty":33}
[null,"Estação de Tratamento de Água  - Código I8949 e I7995/ SEINFRA "]
[null,"ITEM","DESCRIÇÃO","UND","QUANTID","CÓDIGO","UNITÁRIO"]
[null,1,"COMPOSIÇÃO - ESTAÇÃO DE TRATAMENTO DE ÁGUA"]
[null,"1.1","Filtro de fluxo descendente fabricado em fibra de vidro completo com tampa, barrilete, escada e material filtrante, com Ø 2,50m, com capacidade para tratar uma vazão de 42,04 m³ com uma taxa de filtração de 51,39 m³/m³ x d, constituido por leito filtrante, camada suporte, flanges e barrilete imediato e dispositivo piezometrico","un",1,"SEINFRA-I8949",96742.87]
[null,"1.2","Kit de armazenamento preparação e dosagem de soluções químicas constituido por reservatório em fibra de vidro com volume útil de 500l, misturador pneumatico e bomba dosadora com vazão até 40 l/h.","un",1,"SEINFRA-I7995",22758.33]
[null,null,"VALORES PUBLICADOS EM 31/03/2021","TOTAL - ESTAÇÃO DE TRATAMENTO DE ÁGUA - (R$):",null,null,{"$f":"SUM(G98:G99)","v":119501.2}]

{"sheet":"Custos Administração","index":35,"n_rows":32,"n_cols":4,"rows_kept":32,"cut":false,"hidden":false,"merged":[[24,0,24,1],[27,0,27,1],[28,0,28,1],[34,0,34,2],[11,1,11,2],[29,0,29,1],[30,0,30,1],[31,0,31,2],[32,0,32,2],[33,0,33,2],[15,0,15,1],[18,0,18,2],[0,1,0,2],[1,1,1,2],[2,1,2,2],[4,0,5,2],[7,0,7,2]]}
[null,"Ministério do Desenvolvimento Regional  - MDR"]
[null,"Companhia de Desenvolvimento dos Vales do São Francisco e do Parnaíba"]
[null,"Gerência de Operação do PISF - Centro de Controle e Operação (AD / GOI / CCO)"]
[]
[{"$f":"ORCAMENTO_RESUMO!A5","v":"TERMO DE REFERÊNCIA PARA CONTRATAÇÃO DOS RECURSOS NECESSÁRIOS À OPERAÇÃO E MANUTENÇÃO DAS INFRAESTRUTURAS DO EIXO LESTE DO PISF - PROJETO DE INTEGRAÇÃO DO SÃO FRANCISCO COM AS BACIAS HIDROGRÁFICAS DO NORDESTE SETENTRIONAL"}]
[]
[]
["CUSTOS ADMINISTRAÇÃO - DETALHAMENTO"]
[]
[]
["ITEM","DESCRIÇÃO","%"]
["1.","CUSTO DE ADMINISTRAÇÃO"]
["1.1","Custos da equipe da administração central da empresa contratada ( diretoria, pessoal técnico de apoio e pessoal administrativo não diretamente vinculado à prestação dos serviços)",0.03]
["1.2","Outras despesas que afetam o custo de produção como treinamento, biblioteca, programa de qualidade, auditoria interna e externa",2.5000000000000001E-3]
["1.3","Despesas com aluguéis, água, energia, comunicação, manutenção e transporte não diretamente relacionados com o custo direto dos serviços",2E-3]
[{"$f":"\"Total - \"&B12&\" - (R$):\"","v":"Total - CUSTO DE ADMINISTRAÇÃO - (R$):"},null,{"$f":"SUBTOTAL(9,C12:C15)","v":3.4500000000000003E-2},"ok"]
[]
[]
[{"$f":"\"RESUMO - \"&A$8","v":"RESUMO - CUSTOS ADMINISTRAÇÃO - DETALHAMENTO"}]
["ITEM","DESCRIÇÃO","% TOTAL"]
[1,{"$f":"B12","v":"CUSTO DE ADMINISTRAÇÃO"},{"$f":"C16","v":3.4500000000000003E-2},"ok"]
[2,"Seguros e Garantias",5.7000000000000002E-3,0.8]
[3,"Riscos (MATRIZ DE RISCO)",0.01]
[4,"Despesas Financeiras",9.1000000000000004E-3,1.23]
[{"$f":"\"TOTAL GERAL - \"&A$8&\" - (R$):\"","v":"TOTAL GERAL - CUSTOS ADMINISTRAÇÃO - DETALHAMENTO - (R$):"},null,{"$f":"SUM(C21:C24)","v":5.9300000000000005E-2}]
[]
[]
["NOME DO INFORMANTE:",null,"QUALIFICAÇÃO:"]
[]
["ASSINATURA:",null,"DATA:"]
[]
["OBSERVAÇAO:"]

{"sheet":"CPU_MATRIZ DE RISCO","index":36,"n_rows":28,"n_cols":8,"rows_kept":28,"cut":false,"hidden":true,"merged":[[22,0,22,4],[17,1,17,4],[18,1,18,4],[19,0,19,4],[11,1,11,2],[13,0,13,5],[0,1,0,5],[1,1,1,5],[2,1,2,5],[15,1,15,5],[16,1,16,4],[10,1,10,2],[9,1,9,5],[7,0,7,5],[4,0,5,5],[24,0,24,4],[23,0,23,4],[25,0,25,4],[26,0,26,5],[27,0,32,5]]}
[null,"Ministério do Desenvolvimento Regional  - MDR"]
[null,"Companhia de Desenvolvimento dos Vales do São Francisco e do Parnaíba"]
[null,"Gerência de Operação do PISF - Centro de Controle e Operação (AD / GOI / CCO)"]
[]
[{"$f":"ORCAMENTO_RESUMO!A5","v":"TERMO DE REFERÊNCIA PARA CONTRATAÇÃO DOS RECURSOS NECESSÁRIOS À OPERAÇÃO E MANUTENÇÃO DAS INFRAESTRUTURAS DO EIXO LESTE DO PISF - PROJETO DE INTEGRAÇÃO DO SÃO FRANCISCO COM AS BACIAS HIDROGRÁFICAS DO NORDESTE SETENTRIONAL"}]
[]
[]
["DETALHAMENTO - MATRIZ DE RISCO"]
[]
["ITEM","DESCRIÇÃO"]
["1.","DISCRIMINAÇÃO DE VALORES ADOTADOS",null,"VALOR BASE (OUTUBRO DE 2019)","REAJUSTE IGP-M, FGV, DEZEMBRO DE 2021 (1,4851)","VALOR ADOTADO (R$)","out/19-dez/21",{"$f":"(1100.998-741.333)/741.333","v":0.48515984044956867}]
["1.1","xxx",null,205163545.59,{"$f":"D12*(1+H11)","v":304700658.63451225},300000000]
["1.2","Valor deste objeto:",null,null,null,{"$f":"'ORCAMENTO_CONSOLIDADO (2)'!G7","v":25092288.883999988},null,"'ORCAMENTO_CONSOLIDADO (2)'!G7"]
[]
[]
["ITEM","DESCRIÇÃO"]
["1.","RISCO TOTAL ( [A]/[B] )",null,null,null,"VALOR"]
["1.1","VALOR DE [A]  - Índice de risco (0,35%)"]
["1.2","VALOR DE [B]",null,null,null,{"$f":"F13","v":25092288.883999988}]
[{"$f":"\"Total - \"&B17&\" - (%):\"","v":"Total - RISCO TOTAL ( [A]/[B] ) - (%):"},{"$nulls":4},{"$f":"F18/F19","v":0}]
[]
[]
["NOME DO INFORMANTE:",{"$nulls":4},"QUALIFICAÇÃO:"]
[]
["ASSINATURA:",{"$nulls":4},"DATA:"]
[]
["OBSERVAÇAO:"]
["A matriz de risco considera uma base ampla de obras e serviços que necessitam ser executados, concluídos ou reparados:\nEsta base foi levantada pelo MDR e licitada pelo MDR e licitada com planilha orçamentária no valor de R$ 205.163.545,59 (base: outubro de 2019). A licitação foi fracassada e estes serviços não foram executados até o momento, gerando necessidades da realização de paliativos para manter o sistema do PISF – Eixo Leste funcionando. \nDessa forma, a MATRIZ DE RISCO considera que a empresa vencedora da licitação conviverá com esse problema até que o MDR reedite a licitação e execute os referidos serviços nela contidos. De maneira que a empresa contratada para Operação, Manutenção, Reforma e Melhoria do PISF – Eixo Leste, terá que executar alguns serviços imprevisíveis que acabaram sendo necessários para dar continuidade ao serviço de fornecimento de água do PISF – EIXO LESTE. \n"]

{"sheet":"Despesas Fiscais","index":37,"n_rows":50,"n_cols":4,"rows_kept":50,"cut":false,"hidden":false,"merged":[[49,0,51,3],[52,0,52,3],[36,0,36,1],[28,0,28,3],[29,0,30,3],[31,0,32,3],[33,0,34,3],[35,0,35,3],[37,0,38,3],[39,0,40,3],[41,0,43,3],[45,0,47,3],[27,0,27,1],[26,2,26,3],[27,2,27,3],[21,0,21,1],[19,2,19,3],[20,2,20,3],[21,2,21,3],[11,1,11,3],[15,0,15,1],[26,0,26,1],[18,0,18,3],[25,2,25,3],[25,0,25,1],[4,0,5,3],[7,0,7,3],[0,1,0,3],[1,1,1,3],[2,1,2,3]]}
[null,"Ministério do Desenvolvimento Regional  - MDR"]
[null,"Companhia de Desenvolvimento dos Vales do São Francisco e do Parnaíba"]
[null,"Gerência de Operação do PISF - Centro de Controle e Operação (AD / GOI / CCO)"]
[]
[{"$f":"'Custos Administração'!A5","v":"TERMO DE REFERÊNCIA PARA CONTRATAÇÃO DOS RECURSOS NECESSÁRIOS À OPERAÇÃO E MANUTENÇÃO DAS INFRAESTRUTURAS DO EIXO LESTE DO PISF - PROJETO DE INTEGRAÇÃO DO SÃO FRANCISCO COM AS BACIAS HIDROGRÁFICAS DO NORDESTE SETENTRIONAL"}]
[]
[]
["DESPESAS FISCAIS - DETALHAMENTO"]
[]
[]
["ITEM","DESCRIÇÃO","DF %","DF' %"]
["1.","DESPESAS FISCAIS"]
["1.1","ISS",0.05,{"$f":"ROUND((1/(1-$C$16))*C13,4)","v":5.4699999999999999E-2}]
["1.2","PIS",6.4999999999999997E-3,{"$f":"ROUND((1/(1-$C$16))*C14,4)","v":7.1000000000000004E-3}]
["1.3","COFINS",0.03,{"$f":"ROUND((1/(1-$C$16))*C15,4)","v":3.2800000000000003E-2}]
[{"$f":"\"TOTAL - \"&B12&\" - (R$):\"","v":"TOTAL - DESPESAS FISCAIS - (R$):"},null,{"$f":"SUM(C13:C15)","v":8.6499999999999994E-2},{"$f":"SUM(D13:D15)","v":9.4600000000000004E-2}]
[]
[]
[{"$f":"\"RESUMO - \"&A$8","v":"RESUMO - DESPESAS FISCAIS - DETALHAMENTO"}]
["ITEM","DESCRIÇÃO","% TOTAL"]
[1,{"$f":"B12","v":"DESPESAS FISCAIS"},{"$f":"D16","v":9.4600000000000004E-2}]
[{"$f":"\"TOTAL GERAL - \"&A$8&\" - (R$):\"","v":"TOTAL GERAL - DESPESAS FISCAIS - DETALHAMENTO - (R$):"},null,{"$f":"SUM(C21:C21)","v":9.4600000000000004E-2}]
[]
[]
["NOME DO INFORMANTE:",null,"QUALIFICAÇÃO:"]
[]
["ASSINATURA:",null,"DATA:"]
[]
["OBSERVAÇAO:"]
["1 - DISCRIMINAR OS TRIBUTOS QUE INCIDEM SOBRE OS CUSTOS DA PRESTAÇÃO DOS SERVIÇOS"]
[]
["2 - DF = INDICAR O % DE CADA TRIBUTO E A SOMA DOS MESMOS (ex: ISS 5% + PIS 0,65% + COFINS 3,00% = 8,65%)]"]
[]
["3 - AS DESPESAS FISCAIS (DF) INCIDEM SOBRE O TOTAL DA FATURA E NÃO SOBRE OS CUSTOS INCORRIDOS, DEVENDO SER CALCULADO O DF' APLICANDO-SE A SEGUINTE FÓRMULA:"]
[]
["     DF' = { [ 1 / ( 1 - DF) ] - 1 } x 100"]
["     DF' = { [ 1 / ( 1 - 0,0865 ) ] - 1 } x 100                        DF'=",null,9.4600000000000004E-2]
["     DF' = 0,0946 ou  9,46%.  APLICAR O %  P/ CALCULAR AS DESPESAS FISCAIS"]
[]
[]
[]
["A Secretaria de Controle Interno do STF, por meio da Nota Técnica 3/2009 - SCI (Evidência 8), exige que as empresas eventualmente tributadas pelo regime de incidência não-cumulativa apresentem, nas licitações de contratações de serviços, os percentuais cotados para o PIS e a COFINS de acordo com o aproveitamento de créditos tributários dos últimos dozes meses, conforme transcrição a seguir:"]
[]
[]
[]
["1. Por essa razão, caso se tenha utilizado, na definição do percentual máximo de BDI para o regime de incidência não-cumulativa, os percentuais máximos de 7,60% para a COFINS e de 1,65% para o PIS, a Secretaria de Controle Interno entende que a empresa não deve cotar esses percentuais máximos, mas aqueles que representem a média das alíquotas efetivamente recolhidas nos últimos doze meses."]
[]
[]
[]
["2. Assim, as empresas sujeitas ao regime de tributação de incidência não-cumulativa devem apresentar o Demonstrativo de Apuração de Contribuições Sociais - DACON utilizado para elaborar a declaração de que os percentuais de PIS c de COFINS cotados correspondem à média dos recolhimentos dos últimos doze meses."]